{"text_format":"3","workbook":"xlsx","n_sheets":5,"sheets":["RESUMEN","PACC","Informacion ","UNSPSC","ProcedureTemplate"],"not_rendered":{"images":3,"macros":1,"defined_names":50,"comments":2},"read":"whole","date_system":"1900"}

{"sheet":"RESUMEN","index":0,"n_rows":39,"n_cols":3,"rows_kept":39,"merged":[[5,1,5,2],[14,1,14,2],[20,1,20,2],[24,1,24,2]]}
[]
[]
[]
[]
[]
[null,"DATOS DE CABECERA PACC"]
[null,"MONTO ESTIMADO TOTAL",{"$f":"PACC!B10","v":{"v":1507742035.47205,"d":"RD$1,507,742,035.47"}}]
[null,"CANTIDAD DE PROCESOS REGISTRADOS",{"$f":"PACC!B9","v":66}]
[null,"CAPÍTULO ",{"$f":"IF(PACC!E6=\"\",\"\",PACC!E6)","v":"0206"}]
[null,"SUB CAPÍTULO",{"$f":"IF(PACC!E7=\"\",\"\",PACC!E7)","v":"01"}]
[null,"UNIDAD EJECUTORA",{"$f":"IF(PACC!E8=\"\",\"\",PACC!E8)","v":"0004"}]
[null,"UNIDAD DE COMPRA ",{"$f":"IF(PACC!E9=\"\",\"\",PACC!E9)","v":"Instituto Nacional de Educacion Fisica"}]
[null,"AÑO FISCAL ",{"$f":"IF(PACC!E11=\"\",\"\",PACC!E11)","v":2023}]
[null,"FECHA APROBACIÓN",{"$f":"IF(PACC!E12=\"\",\"\",PACC!E12)","v":"2023-01-02"}]
[null,"MONTOS ESTIMADOS SEGÚN OBJETO DE CONTRATACIÓN"]
[null,"BIENES",{"$f":"SUMIF(ObjetoContratacionOculto,\"=\"&Bienes,TotalEstColumnValue)","v":{"v":359299500.00205004,"d":"RD$359,299,500.00"}}]
[null,"OBRAS",{"$f":"SUMIF(ObjetoContratacionOculto,\"=\"&Obras,TotalEstColumnValue)","v":{"v":390664489.52,"d":"RD$390,664,489.52"}}]
[null,"SERVICIOS",{"$f":"SUMIF(ObjetoContratacionOculto,\"=\"&Servicios,TotalEstColumnValue)","v":{"v":757778045.95,"d":"RD$757,778,045.95"}}]
[null,"SERVICIOS: CONSULTORÍA",{"$f":"SUMIF(ObjetoContratacionOculto,\"=\"&ServiciosConsultoria,TotalEstColumnValue)","v":0}]
[null,"SERVICIOS: CONSULTORÍA BASADA EN LA CALIDAD DE LOS SERVICIOS",{"$f":"SUMIF(ObjetoContratacionOculto,\"=\"&ConsultoriaServicios,TotalEstColumnValue)","v":0}]
[null,"MONTOS ESTIMADOS SEGÚN CLASIFICACIÓN MIPYME"]
[null,"MIPYME",{"$f":"SUMIF(MIPYMEOculto,\"=\"&MIPYMESí,TotalEstColumnValue)","v":{"v":882750825.07205,"d":"RD$882,750,825.07"}}]
[null,"MIPYME MUJER",{"$f":"SUMIF(MIPYMEOculto,\"=\"&MIPYMEMujer,TotalEstColumnValue)","v":{"v":5100000,"d":"RD$5,100,000.00"}}]
[null,"NO MIPYME",{"$f":"SUMIF(MIPYMEOculto,\"=\"&MIPYMENo,TotalEstColumnValue)","v":{"v":619891210.4,"d":"RD$619,891,210.40"}}]
[null,"MONTOS ESTIMADOS SEGÚN TIPO DE PROCEDIMIENTO"]
[null,"COMPRAS POR DEBAJO DEL UMBRAL",{"$f":"SUMIF(ProcedimientoOculto,\"=\"&ModCU,TotalEstColumnValue)","v":{"v":18026000,"d":"RD$18,026,000.00"}}]
[null,"COMPRA MENOR",{"$f":"SUMIF(ProcedimientoOculto,\"=\"&ModCM,TotalEstColumnValue)","v":0}]
[null,"COMPARACIÓN DE PRECIOS",{"$f":"SUMIF(ProcedimientoOculto,\"=\"&ModCP,TotalEstColumnValue)","v":{"v":582081535.47,"d":"RD$582,081,535.47"}}]
[null,"LICITACIÓN PÚBLICA",{"$f":"SUMIF(ProcedimientoOculto,\"=\"&ModLP,TotalEstColumnValue)","v":{"v":907634500.0020499,"d":"RD$907,634,500.00"}}]
[null,"LICITACIÓN PÚBLICA INTERNACIONAL",{"$f":"SUMIF(ProcedimientoOculto,\"=\"&ModLI,TotalEstColumnValue)","v":0}]
[null,"LICITACIÓN RESTRINGIDA",{"$f":"SUMIF(ProcedimientoOculto,\"=\"&ModLR,TotalEstColumnValue)","v":0}]
[null,"SORTEO DE OBRAS",{"$f":"SUMIF(ProcedimientoOculto,\"=\"&ModSO,TotalEstColumnValue)","v":0}]
[null,"EXCEPCIÓN - BIENES O SERVICIOS CON EXCLUSIVIDAD ",{"$f":"SUMIF(ProcedimientoOculto,\"=\"&ModEBienes,TotalEstColumnValue)","v":0}]
[null,"EXCEPCIÓN - CONSTRUCCIÓN, INSTALACIÓN O ADQUISICIÓN DE OFICINAS PARA EL SERVICIO EXTERIOR",{"$f":"SUMIF(ProcedimientoOculto,\"=\"&ModEConstruccion,TotalEstColumnValue)","v":0}]
[null,"EXCEPCIÓN - CONTRATACIÓN DE PUBLICIDAD A TRAVÉS DE MEDIOS DE COMUNICACIÓN SOCIAL",{"$f":"SUMIF(ProcedimientoOculto,\"=\"&ModEPublicidad,TotalEstColumnValue)","v":0}]
[null,"EXCEPCIÓN - OBRAS CIENTÍFICAS, TÉCNICAS, ARTÍSTICAS, O RESTAURACIÓN  DE MONUMENTOS HISTÓRICOS",{"$f":"SUMIF(ProcedimientoOculto,\"=\"&ModEObras,TotalEstColumnValue)","v":0}]
[null,"EXCEPCIÓN - PROVEEDOR ÚNICO",{"$f":"SUMIF(ProcedimientoOculto,\"=\"&ModEProveedor,TotalEstColumnValue)","v":0}]
[null,"EXCEPCIÓN - RESCISIÓN DE CONTRATOS CUYA TERMINACIÓN NO EXCEDA EL 40% DEL MONTO TOTAL DEL PROYECTO, OBRA O SERVICIO",{"$f":"SUMIF(ProcedimientoOculto,\"=\"&ModE40,TotalEstColumnValue)","v":0}]
[null,"EXCEPCIÓN - RESOLUCIÓN 15-08 SOBRE COMPRA Y CONTRATACIÓN DE PASAJE AÉREO, COMBUSTIBLE Y REPARACIÓN DE VEHÍCULOS DE MOTOR",{"$f":"SUMIF(ProcedimientoOculto,\"=\"&ModE1508,TotalEstColumnValue)","v":0}]

{"sheet":"PACC","index":1,"n_rows":827,"n_cols":10,"rows_kept":827,"merged":[[0,0,3,0],[1,1,1,4],[2,1,2,4],[5,4,5,5],[6,4,6,5],[7,4,7,5],[8,4,8,5],[9,4,9,5],[10,4,10,5],[11,4,11,5],[16,0,19,0],[16,3,19,3],[28,0,31,0],[28,3,31,3],[41,0,44,0],[41,3,44,3],[52,0,55,0],[52,3,55,3],[63,0,66,0],[63,3,66,3],[74,0,77,0],[74,3,77,3],[88,0,91,0],[88,3,91,3],[99,0,102,0],[99,3,102,3],[112,0,115,0],[112,3,115,3],[126,0,129,0],[126,3,129,3],[137,0,140,0],[137,3,140,3],[150,0,153,0],[150,3,153,3],[163,0,166,0],[163,3,166,3],[174,0,177,0],[174,3,177,3],[185,0,188,0],[185,3,188,3],[197,0,200,0],[197,3,200,3],[212,0,215,0],[212,3,215,3],[225,0,228,0],[225,3,228,3],[241,0,244,0],[241,3,244,3],[256,0,259,0],[256,3,259,3],[270,0,273,0],[270,3,273,3],[283,0,286,0],[283,3,286,3],[296,0,299,0],[296,3,299,3],[310,0,313,0],[310,3,313,3],[324,0,327,0],[324,3,327,3],[338,0,341,0],[338,3,341,3],[353,0,356,0],[353,3,356,3],[364,0,367,0],[364,3,367,3],[382,0,385,0],[382,3,385,3],[399,0,402,0],[399,3,402,3],[410,0,413,0],[410,3,413,3],[421,0,424,0],[421,3,424,3],[432,0,435,0],[432,3,435,3],[443,0,446,0],[443,3,446,3],[454,0,457,0],[454,3,457,3],[465,0,468,0],[465,3,468,3],[476,0,479,0],[476,3,479,3],[487,0,490,0],[487,3,490,3],[498,0,501,0],[498,3,501,3],[509,0,512,0],[509,3,512,3],[520,0,523,0],[520,3,523,3],[531,0,534,0],[531,3,534,3],[542,0,545,0],[542,3,545,3],[558,0,561,0],[558,3,561,3],[569,0,572,0],[569,3,572,3],[580,0,583,0],[580,3,583,3],[591,0,594,0],[591,3,594,3],[602,0,605,0],[602,3,605,3],[613,0,616,0],[613,3,616,3],[624,0,627,0],[624,3,627,3],[635,0,638,0],[635,3,638,3],[646,0,649,0],[646,3,649,3],[657,0,660,0],[657,3,660,3],[669,0,672,0],[669,3,672,3],[680,0,683,0],[680,3,683,3],[691,0,694,0],[691,3,694,3],[702,0,705,0],[702,3,705,3],[713,0,716,0],[713,3,716,3],[724,0,727,0],[724,3,727,3],[735,0,738,0],[735,3,738,3],[746,0,749,0],[746,3,749,3],[765,0,768,0],[765,3,768,3],[784,0,787,0],[784,3,787,3],[796,0,799,0],[796,3,799,3],[808,0,811,0],[808,3,811,3],[819,0,822,0],[819,3,822,3]]}
[]
[null,"PLAN ANUAL DE COMPRAS Y CONTRATACIONES \n"]
[null,{"$f":"\"AÑO \"&E11","v":"AÑO 2023"}]
[]
[]
["SNCC.F.069",null,null,"Capítulo ","0206"]
["Version: 1.0.0",null,null,"Sub Capítulo","01"]
[{"$nulls":3},"Unidad Ejecutora","0004"]
["Cantidad Procesos Registrados",{"$f":"COUNTIFS(TotalEstColumnName,\"=\"&TotalEstLabel,TotalEstColumnValue,\">0\")","v":66},null,"Unidad de Compra ","Instituto Nacional de Educacion Fisica"]
["Monto Estimado Total",{"$f":"SUMIF(TotalEstColumnName,\"=\"&TotalEstLabel,TotalEstColumnValue)","v":{"v":1507742035.47205,"d":"RD$1,507,742,035.47"}},null,"Código de la Unidad de Compra","000875"]
[{"$nulls":3},"Año Fiscal ",2023]
[{"$nulls":3},"Fecha Aprobación","2023-01-02"]
[]
[]
["NOMBRE O REFERENCIA DE CONTRATACIÓN","FINALIDAD DE LA CONTRATACIÓN","OBJETO DE CONTRATACIÓN","PROCEDIMIENTO DE SELECCIÓN","DESTINADO A MIPYMES","CÓDIGO SNIP"]
["Mantenimiento de Infraestructura deportiva en los centros educativos de las 18 regiones","Cumplir  la planificación","Obras","Comparacion de Precios","Sí",""]
["FECHA DE NECESSIDAD","FECHA INICIO PROCESO DE COMPRA","2023-02-05","LUGAR DE EJECUCIÓN / ENTREGA","Región","OZAMA O METROPOLITANA"]
[null,"TRIMESTRE",{"$f":"IF(C17=\"\",\"\",IF(AND(MONTH(C17)>=1,MONTH(C17)<=3),1,IF(AND(MONTH(C17)>=4,MONTH(C17)<=6),2,IF(AND(MONTH(C17)>=7,MONTH(C17)<=9),3,4))))","v":1},null,"Provincia","Distrito Nacional"]
[null,"FECHA PREVISTA ADJUDICACIÓN","2023-03-05",null,"Municipio","Distrito Nacional"]
[null,"TRIMESTRE",{"$f":"IF(C19=\"\",\"\",IF(AND(MONTH(C19)>=1,MONTH(C19)<=3),1,IF(AND(MONTH(C19)>=4,MONTH(C19)<=6),2,IF(AND(MONTH(C19)>=7,MONTH(C19)<=9),3,4))))","v":1},null,"Distrito Municipal"]
[]
["CÓDIGO CATÁLOGO","ARTÍCULO","UNIDAD DE MEDIDA","CANTIDAD TOTAL ESTIMADA","PRECIO UNITARIO ESTIMADO","MONTO TOTAL ESTIMADO"]
[30222301,{"$f":"IFERROR(INDEX(UNSPSCDes,MATCH(INDIRECT(ADDRESS(ROW(),COLUMN()-1,4)),UNSPSCCode,0)),IF(INDIRECT(ADDRESS(ROW(),COLUMN()-1,4))=\"60121001\",\"Pinturas\",\"\"))","v":"Escuelas"},{"$f":"IFERROR(VLOOKUP(\"UD\",'Informacion '!P:Q,2,FALSE),\"\")","v":"Unidad"},444,{"v":313063.0630630631,"d":"RD$313,063.06"},{"$f":"INDIRECT(ADDRESS(ROW(),COLUMN()-2,4))*INDIRECT(ADDRESS(ROW(),COLUMN()-1,4))","v":{"v":139000000,"d":"RD$139,000,000.00"}}]
[30222701,{"$f":"IFERROR(INDEX(UNSPSCDes,MATCH(INDIRECT(ADDRESS(ROW(),COLUMN()-1,4)),UNSPSCCode,0)),IF(INDIRECT(ADDRESS(ROW(),COLUMN()-1,4))=\"60121001\",\"Pinturas\",\"\"))","v":"Oficinas"},{"$f":"IFERROR(VLOOKUP(\"UD\",'Informacion '!P:Q,2,FALSE),\"\")","v":"Unidad"},1,{"v":15000000,"d":"RD$15,000,000.00"},{"$f":"INDIRECT(ADDRESS(ROW(),COLUMN()-2,4))*INDIRECT(ADDRESS(ROW(),COLUMN()-1,4))","v":{"v":15000000,"d":"RD$15,000,000.00"}}]
[{"$nulls":4},"TOTAL COMPRA ESTIMADA",{"$f":"SUM(Table4[MONTO TOTAL ESTIMADO])","v":{"v":154000000,"d":"RD$154,000,000.00"}},null,{"$f":"C16","v":"Obras"},{"$f":"E16","v":"Sí"},{"$f":"D16","v":"Comparacion de Precios"}]
[]
["NOMBRE O REFERENCIA DE CONTRATACIÓN","FINALIDAD DE LA CONTRATACIÓN","OBJETO DE CONTRATACIÓN","PROCEDIMIENTO DE SELECCIÓN","DESTINADO A MIPYMES","CÓDIGO SNIP"]
["Mantenimiento de Infraestructura deportiva en los centros educativos de las 18 regiones","Cumplir  la planificación","Obras","Comparacion de Precios","Sí",""]
["FECHA DE NECESSIDAD","FECHA INICIO PROCESO DE COMPRA","2023-04-15","LUGAR DE EJECUCIÓN / ENTREGA","Región","OZAMA O METROPOLITANA"]
[null,"TRIMESTRE",{"$f":"IF(C29=\"\",\"\",IF(AND(MONTH(C29)>=1,MONTH(C29)<=3),1,IF(AND(MONTH(C29)>=4,MONTH(C29)<=6),2,IF(AND(MONTH(C29)>=7,MONTH(C29)<=9),3,4))))","v":2},null,"Provincia","Distrito Nacional"]
[null,"FECHA PREVISTA ADJUDICACIÓN","2023-05-20",null,"Municipio","Distrito Nacional"]
[null,"TRIMESTRE",{"$f":"IF(C31=\"\",\"\",IF(AND(MONTH(C31)>=1,MONTH(C31)<=3),1,IF(AND(MONTH(C31)>=4,MONTH(C31)<=6),2,IF(AND(MONTH(C31)>=7,MONTH(C31)<=9),3,4))))","v":2},null,"Distrito Municipal"]
[]
["CÓDIGO CATÁLOGO","ARTÍCULO","UNIDAD DE MEDIDA","CANTIDAD TOTAL ESTIMADA","PRECIO UNITARIO ESTIMADO","MONTO TOTAL ESTIMADO"]
[30222301,{"$f":"IFERROR(INDEX(UNSPSCDes,MATCH(INDIRECT(ADDRESS(ROW(),COLUMN()-1,4)),UNSPSCCode,0)),IF(INDIRECT(ADDRESS(ROW(),COLUMN()-1,4))=\"60121001\",\"Pinturas\",\"\"))","v":"Escuelas"},{"$f":"IFERROR(VLOOKUP(\"UD\",'Informacion '!P:Q,2,FALSE),\"\")","v":"Unidad"},52,{"v":313063.06,"d":"RD$313,063.06"},{"$f":"INDIRECT(ADDRESS(ROW(),COLUMN()-2,4))*INDIRECT(ADDRESS(ROW(),COLUMN()-1,4))","v":{"v":16279279.12,"d":"RD$16,279,279.12"}}]
[30222701,{"$f":"IFERROR(INDEX(UNSPSCDes,MATCH(INDIRECT(ADDRESS(ROW(),COLUMN()-1,4)),UNSPSCCode,0)),IF(INDIRECT(ADDRESS(ROW(),COLUMN()-1,4))=\"60121001\",\"Pinturas\",\"\"))","v":"Oficinas"},{"$f":"IFERROR(VLOOKUP(\"UD\",'Informacion '!P:Q,2,FALSE),\"\")","v":"Unidad"},1,{"v":80000000,"d":"RD$80,000,000.00"},{"$f":"INDIRECT(ADDRESS(ROW(),COLUMN()-2,4))*INDIRECT(ADDRESS(ROW(),COLUMN()-1,4))","v":{"v":80000000,"d":"RD$80,000,000.00"}}]
[30222301,{"$f":"IFERROR(INDEX(UNSPSCDes,MATCH(INDIRECT(ADDRESS(ROW(),COLUMN()-1,4)),UNSPSCCode,0)),IF(INDIRECT(ADDRESS(ROW(),COLUMN()-1,4))=\"60121001\",\"Pinturas\",\"\"))","v":"Escuelas"},{"$f":"IFERROR(VLOOKUP(\"UD\",'Informacion '!P:Q,2,FALSE),\"\")","v":"Unidad"},1,{"v":20000000,"d":"RD$20,000,000.00"},{"$f":"INDIRECT(ADDRESS(ROW(),COLUMN()-2,4))*INDIRECT(ADDRESS(ROW(),COLUMN()-1,4))","v":{"v":20000000,"d":"RD$20,000,000.00"}}]
[{"$nulls":4},"TOTAL COMPRA ESTIMADA",{"$f":"SUM(Table5[MONTO TOTAL ESTIMADO])","v":{"v":116279279.12,"d":"RD$116,279,279.12"}},null,{"$f":"C28","v":"Obras"},{"$f":"E28","v":"Sí"},{"$f":"D28","v":"Comparacion de Precios"}]
[]
["NOMBRE O REFERENCIA DE CONTRATACIÓN","FINALIDAD DE LA CONTRATACIÓN","OBJETO DE CONTRATACIÓN","PROCEDIMIENTO DE SELECCIÓN","DESTINADO A MIPYMES","CÓDIGO SNIP"]
["Creacion de Centro de Iniciacion Deportiva Para La Concentracion de Estudiantes","Ejecutar lo planificado","Obras","Comparacion de Precios","No",""]
["FECHA DE NECESSIDAD","FECHA INICIO PROCESO DE COMPRA","2023-07-20","LUGAR DE EJECUCIÓN / ENTREGA","Región","OZAMA O METROPOLITANA"]
[null,"TRIMESTRE",{"$f":"IF(C42=\"\",\"\",IF(AND(MONTH(C42)>=1,MONTH(C42)<=3),1,IF(AND(MONTH(C42)>=4,MONTH(C42)<=6),2,IF(AND(MONTH(C42)>=7,MONTH(C42)<=9),3,4))))","v":3},null,"Provincia","Distrito Nacional"]
[null,"FECHA PREVISTA ADJUDICACIÓN","2023-08-25",null,"Municipio","Distrito Nacional"]
[null,"TRIMESTRE",{"$f":"IF(C44=\"\",\"\",IF(AND(MONTH(C44)>=1,MONTH(C44)<=3),1,IF(AND(MONTH(C44)>=4,MONTH(C44)<=6),2,IF(AND(MONTH(C44)>=7,MONTH(C44)<=9),3,4))))","v":3},null,"Distrito Municipal"]
[]
["CÓDIGO CATÁLOGO","ARTÍCULO","UNIDAD DE MEDIDA","CANTIDAD TOTAL ESTIMADA","PRECIO UNITARIO ESTIMADO","MONTO TOTAL ESTIMADO"]
[30222301,{"$f":"IFERROR(INDEX(UNSPSCDes,MATCH(INDIRECT(ADDRESS(ROW(),COLUMN()-1,4)),UNSPSCCode,0)),IF(INDIRECT(ADDRESS(ROW(),COLUMN()-1,4))=\"82121503\",\"Impresión digital\",\"\"))","v":"Escuelas"},{"$f":"IFERROR(VLOOKUP(\"UD\",'Informacion '!P:Q,2,FALSE),\"\")","v":"Unidad"},1,{"v":120385210.4,"d":"RD$120,385,210.40"},{"$f":"INDIRECT(ADDRESS(ROW(),COLUMN()-2,4))*INDIRECT(ADDRESS(ROW(),COLUMN()-1,4))","v":{"v":120385210.4,"d":"RD$120,385,210.40"}}]
[{"$nulls":4},"TOTAL COMPRA ESTIMADA",{"$f":"SUM(Table6[MONTO TOTAL ESTIMADO])","v":{"v":120385210.4,"d":"RD$120,385,210.40"}},null,{"$f":"C41","v":"Obras"},{"$f":"E41","v":"No"},{"$f":"D41","v":"Comparacion de Precios"}]
[]
["NOMBRE O REFERENCIA DE CONTRATACIÓN","FINALIDAD DE LA CONTRATACIÓN","OBJETO DE CONTRATACIÓN","PROCEDIMIENTO DE SELECCIÓN","DESTINADO A MIPYMES","CÓDIGO SNIP"]
["Entrega de Kit para los docentes de educacion fisica en las 18 Regionales","Ejecutar lo planificado","Bienes","Licitacion Publica","Sí",""]
["FECHA DE NECESSIDAD","FECHA INICIO PROCESO DE COMPRA","2023-02-05","LUGAR DE EJECUCIÓN / ENTREGA","Región","OZAMA O METROPOLITANA"]
[null,"TRIMESTRE",{"$f":"IF(C53=\"\",\"\",IF(AND(MONTH(C53)>=1,MONTH(C53)<=3),1,IF(AND(MONTH(C53)>=4,MONTH(C53)<=6),2,IF(AND(MONTH(C53)>=7,MONTH(C53)<=9),3,4))))","v":1},null,"Provincia","Distrito Nacional"]
[null,"FECHA PREVISTA ADJUDICACIÓN","2023-03-05",null,"Municipio","Distrito Nacional"]
[null,"TRIMESTRE",{"$f":"IF(C55=\"\",\"\",IF(AND(MONTH(C55)>=1,MONTH(C55)<=3),1,IF(AND(MONTH(C55)>=4,MONTH(C55)<=6),2,IF(AND(MONTH(C55)>=7,MONTH(C55)<=9),3,4))))","v":1},null,"Distrito Municipal"]
[]
["CÓDIGO CATÁLOGO","ARTÍCULO","UNIDAD DE MEDIDA","CANTIDAD TOTAL ESTIMADA","PRECIO UNITARIO ESTIMADO","MONTO TOTAL ESTIMADO"]
[53101602,{"$f":"IFERROR(INDEX(UNSPSCDes,MATCH(INDIRECT(ADDRESS(ROW(),COLUMN()-1,4)),UNSPSCCode,0)),IF(INDIRECT(ADDRESS(ROW(),COLUMN()-1,4))=\"53102301\",\"Camisetas interiores\",\"\"))","v":"Camisas para hombre"},{"$f":"IFERROR(VLOOKUP(\"UD\",'Informacion '!P:Q,2,FALSE),\"\")","v":"Unidad"},4100,{"v":1707.3170731707316,"d":"RD$1,707.32"},{"$f":"INDIRECT(ADDRESS(ROW(),COLUMN()-2,4))*INDIRECT(ADDRESS(ROW(),COLUMN()-1,4))","v":{"v":7000000,"d":"RD$7,000,000.00"}}]
[{"$nulls":4},"TOTAL COMPRA ESTIMADA",{"$f":"SUM(Table7[MONTO TOTAL ESTIMADO])","v":{"v":7000000,"d":"RD$7,000,000.00"}},null,{"$f":"C52","v":"Bienes"},{"$f":"E52","v":"Sí"},{"$f":"D52","v":"Licitacion Publica"}]
[]
["NOMBRE O REFERENCIA DE CONTRATACIÓN","FINALIDAD DE LA CONTRATACIÓN","OBJETO DE CONTRATACIÓN","PROCEDIMIENTO DE SELECCIÓN","DESTINADO A MIPYMES","CÓDIGO SNIP"]
["Realizacion de acompañamiento a los docentes de educacion fisica de los niveles primarios y secundarios en 18 regionales","Ejecutar lo planificado","Bienes","Licitacion Publica","Sí",""]
["FECHA DE NECESSIDAD","FECHA INICIO PROCESO DE COMPRA","2023-02-05","LUGAR DE EJECUCIÓN / ENTREGA","Región","OZAMA O METROPOLITANA"]
[null,"TRIMESTRE",{"$f":"IF(C64=\"\",\"\",IF(AND(MONTH(C64)>=1,MONTH(C64)<=3),1,IF(AND(MONTH(C64)>=4,MONTH(C64)<=6),2,IF(AND(MONTH(C64)>=7,MONTH(C64)<=9),3,4))))","v":1},null,"Provincia","Distrito Nacional"]
[null,"FECHA PREVISTA ADJUDICACIÓN","2023-03-05",null,"Municipio","Distrito Nacional"]
[null,"TRIMESTRE",{"$f":"IF(C66=\"\",\"\",IF(AND(MONTH(C66)>=1,MONTH(C66)<=3),1,IF(AND(MONTH(C66)>=4,MONTH(C66)<=6),2,IF(AND(MONTH(C66)>=7,MONTH(C66)<=9),3,4))))","v":1},null,"Distrito Municipal"]
[]
["CÓDIGO CATÁLOGO","ARTÍCULO","UNIDAD DE MEDIDA","CANTIDAD TOTAL ESTIMADA","PRECIO UNITARIO ESTIMADO","MONTO TOTAL ESTIMADO"]
[53101602,{"$f":"IFERROR(INDEX(UNSPSCDes,MATCH(INDIRECT(ADDRESS(ROW(),COLUMN()-1,4)),UNSPSCCode,0)),IF(INDIRECT(ADDRESS(ROW(),COLUMN()-1,4))=\"53102301\",\"Camisetas interiores\",\"\"))","v":"Camisas para hombre"},{"$f":"IFERROR(VLOOKUP(\"UD\",'Informacion '!P:Q,2,FALSE),\"\")","v":"Unidad"},3055,{"v":1707.20131,"d":"RD$1,707.20"},{"$f":"INDIRECT(ADDRESS(ROW(),COLUMN()-2,4))*INDIRECT(ADDRESS(ROW(),COLUMN()-1,4))","v":{"v":5215500.002049999,"d":"RD$5,215,500.00"}}]
[{"$nulls":4},"TOTAL COMPRA ESTIMADA",{"$f":"SUM(Table8[MONTO TOTAL ESTIMADO])","v":{"v":5215500.002049999,"d":"RD$5,215,500.00"}},null,{"$f":"C63","v":"Bienes"},{"$f":"E63","v":"Sí"},{"$f":"D63","v":"Licitacion Publica"}]
[]
["NOMBRE O REFERENCIA DE CONTRATACIÓN","FINALIDAD DE LA CONTRATACIÓN","OBJETO DE CONTRATACIÓN","PROCEDIMIENTO DE SELECCIÓN","DESTINADO A MIPYMES","CÓDIGO SNIP"]
["Realización de eventos para la entrega de medalla al merito magistral de educación física","Ejecutar lo planificado","Servicios","Comparacion de Precios","Sí",""]
["FECHA DE NECESSIDAD","FECHA INICIO PROCESO DE COMPRA","2023-03-05","LUGAR DE EJECUCIÓN / ENTREGA","Región","OZAMA O METROPOLITANA"]
[null,"TRIMESTRE",{"$f":"IF(C75=\"\",\"\",IF(AND(MONTH(C75)>=1,MONTH(C75)<=3),1,IF(AND(MONTH(C75)>=4,MONTH(C75)<=6),2,IF(AND(MONTH(C75)>=7,MONTH(C75)<=9),3,4))))","v":1},null,"Provincia","Distrito Nacional"]
[null,"FECHA PREVISTA ADJUDICACIÓN","2023-04-20",null,"Municipio","Distrito Nacional"]
[null,"TRIMESTRE",{"$f":"IF(C77=\"\",\"\",IF(AND(MONTH(C77)>=1,MONTH(C77)<=3),1,IF(AND(MONTH(C77)>=4,MONTH(C77)<=6),2,IF(AND(MONTH(C77)>=7,MONTH(C77)<=9),3,4))))","v":2},null,"Distrito Municipal"]
[]
["CÓDIGO CATÁLOGO","ARTÍCULO","UNIDAD DE MEDIDA","CANTIDAD TOTAL ESTIMADA","PRECIO UNITARIO ESTIMADO","MONTO TOTAL ESTIMADO"]
["80141607",{"$f":"IFERROR(INDEX(UNSPSCDes,MATCH(INDIRECT(ADDRESS(ROW(),COLUMN()-1,4)),UNSPSCCode,0)),IF(INDIRECT(ADDRESS(ROW(),COLUMN()-1,4))=\"80141607\",\"Gestión de eventos\",\"\"))","v":"Gestión de eventos"},{"$f":"IFERROR(VLOOKUP(\"UD\",'Informacion '!P:Q,2,FALSE),\"\")","v":"Unidad"},3,{"v":1622034.65,"d":"RD$1,622,034.65"},{"$f":"INDIRECT(ADDRESS(ROW(),COLUMN()-2,4))*INDIRECT(ADDRESS(ROW(),COLUMN()-1,4))","v":{"v":4866103.949999999,"d":"RD$4,866,103.95"}}]
[31162506,{"$f":"IFERROR(INDEX(UNSPSCDes,MATCH(INDIRECT(ADDRESS(ROW(),COLUMN()-1,4)),UNSPSCCode,0)),IF(INDIRECT(ADDRESS(ROW(),COLUMN()-1,4))=\"49101704\",\"Placas\",\"\"))","v":"Soporte de pared"},{"$f":"IFERROR(VLOOKUP(\"UD\",'Informacion '!P:Q,2,FALSE),\"\")","v":"Unidad"},5,{"v":35000,"d":"RD$35,000.00"},{"$f":"INDIRECT(ADDRESS(ROW(),COLUMN()-2,4))*INDIRECT(ADDRESS(ROW(),COLUMN()-1,4))","v":{"v":175000,"d":"RD$175,000.00"}}]
[31162506,{"$f":"IFERROR(INDEX(UNSPSCDes,MATCH(INDIRECT(ADDRESS(ROW(),COLUMN()-1,4)),UNSPSCCode,0)),IF(INDIRECT(ADDRESS(ROW(),COLUMN()-1,4))=\"49101701\",\"Medallas\",\"\"))","v":"Soporte de pared"},{"$f":"IFERROR(VLOOKUP(\"UD\",'Informacion '!P:Q,2,FALSE),\"\")","v":"Unidad"},18,{"v":3500,"d":"RD$3,500.00"},{"$f":"INDIRECT(ADDRESS(ROW(),COLUMN()-2,4))*INDIRECT(ADDRESS(ROW(),COLUMN()-1,4))","v":{"v":63000,"d":"RD$63,000.00"}}]
["55101515",{"$f":"IFERROR(INDEX(UNSPSCDes,MATCH(INDIRECT(ADDRESS(ROW(),COLUMN()-1,4)),UNSPSCCode,0)),IF(INDIRECT(ADDRESS(ROW(),COLUMN()-1,4))=\"55101515\",\"Material promocional o reportes anuales\",\"\"))","v":"Material promocional o reportes anuales"},{"$f":"IFERROR(VLOOKUP(\"UD\",'Informacion '!P:Q,2,FALSE),\"\")","v":"Unidad"},1,{"v":75000,"d":"RD$75,000.00"},{"$f":"INDIRECT(ADDRESS(ROW(),COLUMN()-2,4))*INDIRECT(ADDRESS(ROW(),COLUMN()-1,4))","v":{"v":75000,"d":"RD$75,000.00"}}]
[{"$nulls":4},"TOTAL COMPRA ESTIMADA",{"$f":"SUM(Table9[MONTO TOTAL ESTIMADO])","v":{"v":5179103.949999999,"d":"RD$5,179,103.95"}},null,{"$f":"C74","v":"Servicios"},{"$f":"E74","v":"Sí"},{"$f":"D74","v":"Comparacion de Precios"}]
[]
["NOMBRE O REFERENCIA DE CONTRATACIÓN","FINALIDAD DE LA CONTRATACIÓN","OBJETO DE CONTRATACIÓN","PROCEDIMIENTO DE SELECCIÓN","DESTINADO A MIPYMES","CÓDIGO SNIP"]
["Congreso Internacional de Gerencia Deportiva","Ejecutar lo planificado","Servicios","Comparacion de Precios","Sí",""]
["FECHA DE NECESSIDAD","FECHA INICIO PROCESO DE COMPRA","2023-03-25","LUGAR DE EJECUCIÓN / ENTREGA","Región","OZAMA O METROPOLITANA"]
[null,"TRIMESTRE",{"$f":"IF(C89=\"\",\"\",IF(AND(MONTH(C89)>=1,MONTH(C89)<=3),1,IF(AND(MONTH(C89)>=4,MONTH(C89)<=6),2,IF(AND(MONTH(C89)>=7,MONTH(C89)<=9),3,4))))","v":1},null,"Provincia","Distrito Nacional"]
[null,"FECHA PREVISTA ADJUDICACIÓN","2023-04-20",null,"Municipio","Distrito Nacional"]
[null,"TRIMESTRE",{"$f":"IF(C91=\"\",\"\",IF(AND(MONTH(C91)>=1,MONTH(C91)<=3),1,IF(AND(MONTH(C91)>=4,MONTH(C91)<=6),2,IF(AND(MONTH(C91)>=7,MONTH(C91)<=9),3,4))))","v":2},null,"Distrito Municipal"]
[]
["CÓDIGO CATÁLOGO","ARTÍCULO","UNIDAD DE MEDIDA","CANTIDAD TOTAL ESTIMADA","PRECIO UNITARIO ESTIMADO","MONTO TOTAL ESTIMADO"]
[80141607,{"$f":"IFERROR(INDEX(UNSPSCDes,MATCH(INDIRECT(ADDRESS(ROW(),COLUMN()-1,4)),UNSPSCCode,0)),IF(INDIRECT(ADDRESS(ROW(),COLUMN()-1,4))=\"78111808\",\"Alquiler de vehículos\",\"\"))","v":"Gestión de eventos"},{"$f":"IFERROR(VLOOKUP(\"UD\",'Informacion '!P:Q,2,FALSE),\"\")","v":"Unidad"},1,{"v":3115300,"d":"RD$3,115,300.00"},{"$f":"INDIRECT(ADDRESS(ROW(),COLUMN()-2,4))*INDIRECT(ADDRESS(ROW(),COLUMN()-1,4))","v":{"v":3115300,"d":"RD$3,115,300.00"}}]
[{"$nulls":4},"TOTAL COMPRA ESTIMADA",{"$f":"SUM(Table10[MONTO TOTAL ESTIMADO])","v":{"v":3115300,"d":"RD$3,115,300.00"}},null,{"$f":"C88","v":"Servicios"},{"$f":"E88","v":"Sí"},{"$f":"D88","v":"Comparacion de Precios"}]
[]
["NOMBRE O REFERENCIA DE CONTRATACIÓN","FINALIDAD DE LA CONTRATACIÓN","OBJETO DE CONTRATACIÓN","PROCEDIMIENTO DE SELECCIÓN","DESTINADO A MIPYMES","CÓDIGO SNIP"]
["Congreso FIEP","Ejecutar lo planificado","Servicios","Comparacion de Precios","Sí",""]
["FECHA DE NECESSIDAD","FECHA INICIO PROCESO DE COMPRA","2023-04-20","LUGAR DE EJECUCIÓN / ENTREGA","Región","OZAMA O METROPOLITANA"]
[null,"TRIMESTRE",{"$f":"IF(C100=\"\",\"\",IF(AND(MONTH(C100)>=1,MONTH(C100)<=3),1,IF(AND(MONTH(C100)>=4,MONTH(C100)<=6),2,IF(AND(MONTH(C100)>=7,MONTH(C100)<=9),3,4))))","v":2},null,"Provincia","Distrito Nacional"]
[null,"FECHA PREVISTA ADJUDICACIÓN","2023-05-25",null,"Municipio","Distrito Nacional"]
[null,"TRIMESTRE",{"$f":"IF(C102=\"\",\"\",IF(AND(MONTH(C102)>=1,MONTH(C102)<=3),1,IF(AND(MONTH(C102)>=4,MONTH(C102)<=6),2,IF(AND(MONTH(C102)>=7,MONTH(C102)<=9),3,4))))","v":2},null,"Distrito Municipal"]
[]
["CÓDIGO CATÁLOGO","ARTÍCULO","UNIDAD DE MEDIDA","CANTIDAD TOTAL ESTIMADA","PRECIO UNITARIO ESTIMADO","MONTO TOTAL ESTIMADO"]
[80141607,{"$f":"IFERROR(INDEX(UNSPSCDes,MATCH(INDIRECT(ADDRESS(ROW(),COLUMN()-1,4)),UNSPSCCode,0)),IF(INDIRECT(ADDRESS(ROW(),COLUMN()-1,4))=\"86101710\",\"Servicios de formación pedagógica\",\"\"))","v":"Gestión de eventos"},{"$f":"IFERROR(VLOOKUP(\"UD\",'Informacion '!P:Q,2,FALSE),\"\")","v":"Unidad"},1,{"v":3500000,"d":"RD$3,500,000.00"},{"$f":"INDIRECT(ADDRESS(ROW(),COLUMN()-2,4))*INDIRECT(ADDRESS(ROW(),COLUMN()-1,4))","v":{"v":3500000,"d":"RD$3,500,000.00"}}]
[82121503,{"$f":"IFERROR(INDEX(UNSPSCDes,MATCH(INDIRECT(ADDRESS(ROW(),COLUMN()-1,4)),UNSPSCCode,0)),IF(INDIRECT(ADDRESS(ROW(),COLUMN()-1,4))=\"86101710\",\"Servicios de formación pedagógica\",\"\"))","v":"Impresión digital"},{"$f":"IFERROR(VLOOKUP(\"UD\",'Informacion '!P:Q,2,FALSE),\"\")","v":"Unidad"},1,{"v":500000,"d":"RD$500,000.00"},{"$f":"INDIRECT(ADDRESS(ROW(),COLUMN()-2,4))*INDIRECT(ADDRESS(ROW(),COLUMN()-1,4))","v":{"v":500000,"d":"RD$500,000.00"}}]
[90111503,{"$f":"IFERROR(INDEX(UNSPSCDes,MATCH(INDIRECT(ADDRESS(ROW(),COLUMN()-1,4)),UNSPSCCode,0)),IF(INDIRECT(ADDRESS(ROW(),COLUMN()-1,4))=\"86101710\",\"Servicios de formación pedagógica\",\"\"))","v":"Hospedajes de cama y desayuno"},{"$f":"IFERROR(VLOOKUP(\"UD\",'Informacion '!P:Q,2,FALSE),\"\")","v":"Unidad"},1,{"v":3500000,"d":"RD$3,500,000.00"},{"$f":"INDIRECT(ADDRESS(ROW(),COLUMN()-2,4))*INDIRECT(ADDRESS(ROW(),COLUMN()-1,4))","v":{"v":3500000,"d":"RD$3,500,000.00"}}]
[{"$nulls":4},"TOTAL COMPRA ESTIMADA",{"$f":"SUM(Table11[MONTO TOTAL ESTIMADO])","v":{"v":7500000,"d":"RD$7,500,000.00"}},null,{"$f":"C99","v":"Servicios"},{"$f":"E99","v":"Sí"},{"$f":"D99","v":"Comparacion de Precios"}]
[]
["NOMBRE O REFERENCIA DE CONTRATACIÓN","FINALIDAD DE LA CONTRATACIÓN","OBJETO DE CONTRATACIÓN","PROCEDIMIENTO DE SELECCIÓN","DESTINADO A MIPYMES","CÓDIGO SNIP"]
["Concurso de Clases de Calidad de Educacion Fisica","Ejecutar lo planificado","Servicios","Comparacion de Precios","Sí",""]
["FECHA DE NECESSIDAD","FECHA INICIO PROCESO DE COMPRA","2023-02-05","LUGAR DE EJECUCIÓN / ENTREGA","Región","OZAMA O METROPOLITANA"]
[null,"TRIMESTRE",{"$f":"IF(C113=\"\",\"\",IF(AND(MONTH(C113)>=1,MONTH(C113)<=3),1,IF(AND(MONTH(C113)>=4,MONTH(C113)<=6),2,IF(AND(MONTH(C113)>=7,MONTH(C113)<=9),3,4))))","v":1},null,"Provincia","Distrito Nacional"]
[null,"FECHA PREVISTA ADJUDICACIÓN","2023-02-28",null,"Municipio","Distrito Nacional"]
[null,"TRIMESTRE",{"$f":"IF(C115=\"\",\"\",IF(AND(MONTH(C115)>=1,MONTH(C115)<=3),1,IF(AND(MONTH(C115)>=4,MONTH(C115)<=6),2,IF(AND(MONTH(C115)>=7,MONTH(C115)<=9),3,4))))","v":1},null,"Distrito Municipal"]
[]
["CÓDIGO CATÁLOGO","ARTÍCULO","UNIDAD DE MEDIDA","CANTIDAD TOTAL ESTIMADA","PRECIO UNITARIO ESTIMADO","MONTO TOTAL ESTIMADO"]
[80141607,{"$f":"IFERROR(INDEX(UNSPSCDes,MATCH(INDIRECT(ADDRESS(ROW(),COLUMN()-1,4)),UNSPSCCode,0)),IF(INDIRECT(ADDRESS(ROW(),COLUMN()-1,4))=\"86101710\",\"Servicios de formación pedagógica\",\"\"))","v":"Gestión de eventos"},{"$f":"IFERROR(VLOOKUP(\"UD\",'Informacion '!P:Q,2,FALSE),\"\")","v":"Unidad"},1,{"v":3500000,"d":"RD$3,500,000.00"},{"$f":"INDIRECT(ADDRESS(ROW(),COLUMN()-2,4))*INDIRECT(ADDRESS(ROW(),COLUMN()-1,4))","v":{"v":3500000,"d":"RD$3,500,000.00"}}]
[31162506,{"$f":"IFERROR(INDEX(UNSPSCDes,MATCH(INDIRECT(ADDRESS(ROW(),COLUMN()-1,4)),UNSPSCCode,0)),IF(INDIRECT(ADDRESS(ROW(),COLUMN()-1,4))=\"86101710\",\"Servicios de formación pedagógica\",\"\"))","v":"Soporte de pared"},{"$f":"IFERROR(VLOOKUP(\"UD\",'Informacion '!P:Q,2,FALSE),\"\")","v":"Unidad"},1,{"v":1500000,"d":"RD$1,500,000.00"},{"$f":"INDIRECT(ADDRESS(ROW(),COLUMN()-2,4))*INDIRECT(ADDRESS(ROW(),COLUMN()-1,4))","v":{"v":1500000,"d":"RD$1,500,000.00"}}]
[49211803,{"$f":"IFERROR(INDEX(UNSPSCDes,MATCH(INDIRECT(ADDRESS(ROW(),COLUMN()-1,4)),UNSPSCCode,0)),IF(INDIRECT(ADDRESS(ROW(),COLUMN()-1,4))=\"86101710\",\"Servicios de formación pedagógica\",\"\"))","v":"Equipos de orientación"},{"$f":"IFERROR(VLOOKUP(\"UD\",'Informacion '!P:Q,2,FALSE),\"\")","v":"Unidad"},1,{"v":2196000,"d":"RD$2,196,000.00"},{"$f":"INDIRECT(ADDRESS(ROW(),COLUMN()-2,4))*INDIRECT(ADDRESS(ROW(),COLUMN()-1,4))","v":{"v":2196000,"d":"RD$2,196,000.00"}}]
[90111503,{"$f":"IFERROR(INDEX(UNSPSCDes,MATCH(INDIRECT(ADDRESS(ROW(),COLUMN()-1,4)),UNSPSCCode,0)),IF(INDIRECT(ADDRESS(ROW(),COLUMN()-1,4))=\"86101710\",\"Servicios de formación pedagógica\",\"\"))","v":"Hospedajes de cama y desayuno"},{"$f":"IFERROR(VLOOKUP(\"UD\",'Informacion '!P:Q,2,FALSE),\"\")","v":"Unidad"},1,{"v":1000000,"d":"RD$1,000,000.00"},{"$f":"INDIRECT(ADDRESS(ROW(),COLUMN()-2,4))*INDIRECT(ADDRESS(ROW(),COLUMN()-1,4))","v":{"v":1000000,"d":"RD$1,000,000.00"}}]
[{"$nulls":4},"TOTAL COMPRA ESTIMADA",{"$f":"SUM(Table12[MONTO TOTAL ESTIMADO])","v":{"v":8196000,"d":"RD$8,196,000.00"}},null,{"$f":"C112","v":"Servicios"},{"$f":"E112","v":"Sí"},{"$f":"D112","v":"Comparacion de Precios"}]
[]
["NOMBRE O REFERENCIA DE CONTRATACIÓN","FINALIDAD DE LA CONTRATACIÓN","OBJETO DE CONTRATACIÓN","PROCEDIMIENTO DE SELECCIÓN","DESTINADO A MIPYMES","CÓDIGO SNIP"]
["Actualizacion Docentes, Capacitaciones y Talleres En: Desfile Escolar , Deporte Escolar,Juegos Pre-Deportiv, Clubes Escolares,Centro de Iniciación Deportiva","Ejecutar lo planificado","Servicios","Comparacion de Precios","Sí",""]
["FECHA DE NECESSIDAD","FECHA INICIO PROCESO DE COMPRA","2023-02-05","LUGAR DE EJECUCIÓN / ENTREGA","Región","OZAMA O METROPOLITANA"]
[null,"TRIMESTRE",{"$f":"IF(C127=\"\",\"\",IF(AND(MONTH(C127)>=1,MONTH(C127)<=3),1,IF(AND(MONTH(C127)>=4,MONTH(C127)<=6),2,IF(AND(MONTH(C127)>=7,MONTH(C127)<=9),3,4))))","v":1},null,"Provincia","Distrito Nacional"]
[null,"FECHA PREVISTA ADJUDICACIÓN","2023-02-28",null,"Municipio","Distrito Nacional"]
[null,"TRIMESTRE",{"$f":"IF(C129=\"\",\"\",IF(AND(MONTH(C129)>=1,MONTH(C129)<=3),1,IF(AND(MONTH(C129)>=4,MONTH(C129)<=6),2,IF(AND(MONTH(C129)>=7,MONTH(C129)<=9),3,4))))","v":1},null,"Distrito Municipal"]
[]
["CÓDIGO CATÁLOGO","ARTÍCULO","UNIDAD DE MEDIDA","CANTIDAD TOTAL ESTIMADA","PRECIO UNITARIO ESTIMADO","MONTO TOTAL ESTIMADO"]
["86101710",{"$f":"IFERROR(INDEX(UNSPSCDes,MATCH(INDIRECT(ADDRESS(ROW(),COLUMN()-1,4)),UNSPSCCode,0)),IF(INDIRECT(ADDRESS(ROW(),COLUMN()-1,4))=\"86101710\",\"Servicios de formación pedagógica\",\"\"))","v":"Servicios de formación pedagógica"},{"$f":"IFERROR(VLOOKUP(\"UD\",'Informacion '!P:Q,2,FALSE),\"\")","v":"Unidad"},2,{"v":1500000,"d":"RD$1,500,000.00"},{"$f":"INDIRECT(ADDRESS(ROW(),COLUMN()-2,4))*INDIRECT(ADDRESS(ROW(),COLUMN()-1,4))","v":{"v":3000000,"d":"RD$3,000,000.00"}}]
[{"$nulls":4},"TOTAL COMPRA ESTIMADA",{"$f":"SUM(Table13[MONTO TOTAL ESTIMADO])","v":{"v":3000000,"d":"RD$3,000,000.00"}},null,{"$f":"C126","v":"Servicios"},{"$f":"E126","v":"Sí"},{"$f":"D126","v":"Comparacion de Precios"}]
[]
["NOMBRE O REFERENCIA DE CONTRATACIÓN","FINALIDAD DE LA CONTRATACIÓN","OBJETO DE CONTRATACIÓN","PROCEDIMIENTO DE SELECCIÓN","DESTINADO A MIPYMES","CÓDIGO SNIP"]
["Normativa Nacional para la valoración de la aptitud física","Ejecutar lo planificado","Servicios","Comparacion de Precios","Sí",""]
["FECHA DE NECESSIDAD","FECHA INICIO PROCESO DE COMPRA","2023-02-05","LUGAR DE EJECUCIÓN / ENTREGA","Región","OZAMA O METROPOLITANA"]
[null,"TRIMESTRE",{"$f":"IF(C138=\"\",\"\",IF(AND(MONTH(C138)>=1,MONTH(C138)<=3),1,IF(AND(MONTH(C138)>=4,MONTH(C138)<=6),2,IF(AND(MONTH(C138)>=7,MONTH(C138)<=9),3,4))))","v":1},null,"Provincia","Distrito Nacional"]
[null,"FECHA PREVISTA ADJUDICACIÓN","2023-02-28",null,"Municipio","Distrito Nacional"]
[null,"TRIMESTRE",{"$f":"IF(C140=\"\",\"\",IF(AND(MONTH(C140)>=1,MONTH(C140)<=3),1,IF(AND(MONTH(C140)>=4,MONTH(C140)<=6),2,IF(AND(MONTH(C140)>=7,MONTH(C140)<=9),3,4))))","v":1},null,"Distrito Municipal"]
[]
["CÓDIGO CATÁLOGO","ARTÍCULO","UNIDAD DE MEDIDA","CANTIDAD TOTAL ESTIMADA","PRECIO UNITARIO ESTIMADO","MONTO TOTAL ESTIMADO"]
["90101603",{"$f":"IFERROR(INDEX(UNSPSCDes,MATCH(INDIRECT(ADDRESS(ROW(),COLUMN()-1,4)),UNSPSCCode,0)),IF(INDIRECT(ADDRESS(ROW(),COLUMN()-1,4))=\"90101603\",\"Servicios de cáterin\",\"\"))","v":"Servicios de cáterin"},{"$f":"IFERROR(VLOOKUP(\"UD\",'Informacion '!P:Q,2,FALSE),\"\")","v":"Unidad"},2700,{"v":940,"d":"RD$940.00"},{"$f":"INDIRECT(ADDRESS(ROW(),COLUMN()-2,4))*INDIRECT(ADDRESS(ROW(),COLUMN()-1,4))","v":{"v":2538000,"d":"RD$2,538,000.00"}}]
[78111808,{"$f":"IFERROR(INDEX(UNSPSCDes,MATCH(INDIRECT(ADDRESS(ROW(),COLUMN()-1,4)),UNSPSCCode,0)),IF(INDIRECT(ADDRESS(ROW(),COLUMN()-1,4))=\"90101603\",\"Servicios de cáterin\",\"\"))","v":"Alquiler de vehículos"},{"$f":"IFERROR(VLOOKUP(\"UD\",'Informacion '!P:Q,2,FALSE),\"\")","v":"Unidad"},10,{"v":55000,"d":"RD$55,000.00"},{"$f":"INDIRECT(ADDRESS(ROW(),COLUMN()-2,4))*INDIRECT(ADDRESS(ROW(),COLUMN()-1,4))","v":{"v":550000,"d":"RD$550,000.00"}}]
[53101602,{"$f":"IFERROR(INDEX(UNSPSCDes,MATCH(INDIRECT(ADDRESS(ROW(),COLUMN()-1,4)),UNSPSCCode,0)),IF(INDIRECT(ADDRESS(ROW(),COLUMN()-1,4))=\"90101603\",\"Servicios de cáterin\",\"\"))","v":"Camisas para hombre"},{"$f":"IFERROR(VLOOKUP(\"UD\",'Informacion '!P:Q,2,FALSE),\"\")","v":"Unidad"},{"$f":"5900+400","v":6300},{"v":600,"d":"RD$600.00"},{"$f":"INDIRECT(ADDRESS(ROW(),COLUMN()-2,4))*INDIRECT(ADDRESS(ROW(),COLUMN()-1,4))","v":{"v":3780000,"d":"RD$3,780,000.00"}}]
[{"$nulls":4},"TOTAL COMPRA ESTIMADA",{"$f":"SUM(Table14[MONTO TOTAL ESTIMADO])","v":{"v":6868000,"d":"RD$6,868,000.00"}},null,{"$f":"C137","v":"Servicios"},{"$f":"E137","v":"Sí"},{"$f":"D137","v":"Comparacion de Precios"}]
[]
["NOMBRE O REFERENCIA DE CONTRATACIÓN","FINALIDAD DE LA CONTRATACIÓN","OBJETO DE CONTRATACIÓN","PROCEDIMIENTO DE SELECCIÓN","DESTINADO A MIPYMES","CÓDIGO SNIP"]
["Campamento de Verano","Ejecutar lo planificado","Servicios","Comparacion de Precios","Sí",""]
["FECHA DE NECESSIDAD","FECHA INICIO PROCESO DE COMPRA","2023-04-20","LUGAR DE EJECUCIÓN / ENTREGA","Región","OZAMA O METROPOLITANA"]
[null,"TRIMESTRE",{"$f":"IF(C151=\"\",\"\",IF(AND(MONTH(C151)>=1,MONTH(C151)<=3),1,IF(AND(MONTH(C151)>=4,MONTH(C151)<=6),2,IF(AND(MONTH(C151)>=7,MONTH(C151)<=9),3,4))))","v":2},null,"Provincia","Distrito Nacional"]
[null,"FECHA PREVISTA ADJUDICACIÓN","2023-05-25",null,"Municipio","Distrito Nacional"]
[null,"TRIMESTRE",{"$f":"IF(C153=\"\",\"\",IF(AND(MONTH(C153)>=1,MONTH(C153)<=3),1,IF(AND(MONTH(C153)>=4,MONTH(C153)<=6),2,IF(AND(MONTH(C153)>=7,MONTH(C153)<=9),3,4))))","v":2},null,"Distrito Municipal"]
[]
["CÓDIGO CATÁLOGO","ARTÍCULO","UNIDAD DE MEDIDA","CANTIDAD TOTAL ESTIMADA","PRECIO UNITARIO ESTIMADO","MONTO TOTAL ESTIMADO"]
[90101603,{"$f":"IFERROR(INDEX(UNSPSCDes,MATCH(INDIRECT(ADDRESS(ROW(),COLUMN()-1,4)),UNSPSCCode,0)),IF(INDIRECT(ADDRESS(ROW(),COLUMN()-1,4))=\"80161507\",\"Servicios audiovisuales\",\"\"))","v":"Servicios de cáterin"},{"$f":"IFERROR(VLOOKUP(\"UD\",'Informacion '!P:Q,2,FALSE),\"\")","v":"Unidad"},5536,{"v":1700,"d":"RD$1,700.00"},{"$f":"INDIRECT(ADDRESS(ROW(),COLUMN()-2,4))*INDIRECT(ADDRESS(ROW(),COLUMN()-1,4))","v":{"v":9411200,"d":"RD$9,411,200.00"}}]
[78111808,{"$f":"IFERROR(INDEX(UNSPSCDes,MATCH(INDIRECT(ADDRESS(ROW(),COLUMN()-1,4)),UNSPSCCode,0)),IF(INDIRECT(ADDRESS(ROW(),COLUMN()-1,4))=\"80161507\",\"Servicios audiovisuales\",\"\"))","v":"Alquiler de vehículos"},{"$f":"IFERROR(VLOOKUP(\"UD\",'Informacion '!P:Q,2,FALSE),\"\")","v":"Unidad"},1,{"v":3575600,"d":"RD$3,575,600.00"},{"$f":"INDIRECT(ADDRESS(ROW(),COLUMN()-2,4))*INDIRECT(ADDRESS(ROW(),COLUMN()-1,4))","v":{"v":3575600,"d":"RD$3,575,600.00"}}]
[53101602,{"$f":"IFERROR(INDEX(UNSPSCDes,MATCH(INDIRECT(ADDRESS(ROW(),COLUMN()-1,4)),UNSPSCCode,0)),IF(INDIRECT(ADDRESS(ROW(),COLUMN()-1,4))=\"80161507\",\"Servicios audiovisuales\",\"\"))","v":"Camisas para hombre"},{"$f":"IFERROR(VLOOKUP(\"UD\",'Informacion '!P:Q,2,FALSE),\"\")","v":"Unidad"},6710,{"v":600,"d":"RD$600.00"},{"$f":"INDIRECT(ADDRESS(ROW(),COLUMN()-2,4))*INDIRECT(ADDRESS(ROW(),COLUMN()-1,4))","v":{"v":4026000,"d":"RD$4,026,000.00"}}]
[{"$nulls":4},"TOTAL COMPRA ESTIMADA",{"$f":"SUM(Table15[MONTO TOTAL ESTIMADO])","v":{"v":17012800,"d":"RD$17,012,800.00"}},null,{"$f":"C150","v":"Servicios"},{"$f":"E150","v":"Sí"},{"$f":"D150","v":"Comparacion de Precios"}]
[]
["NOMBRE O REFERENCIA DE CONTRATACIÓN","FINALIDAD DE LA CONTRATACIÓN","OBJETO DE CONTRATACIÓN","PROCEDIMIENTO DE SELECCIÓN","DESTINADO A MIPYMES","CÓDIGO SNIP"]
["Gestion de Riesgos y Primeros Auxilios","Ejecutar lo planificado","Servicios","Comparacion de Precios","Sí",""]
["FECHA DE NECESSIDAD","FECHA INICIO PROCESO DE COMPRA","2023-04-20","LUGAR DE EJECUCIÓN / ENTREGA","Región","OZAMA O METROPOLITANA"]
[null,"TRIMESTRE",{"$f":"IF(C164=\"\",\"\",IF(AND(MONTH(C164)>=1,MONTH(C164)<=3),1,IF(AND(MONTH(C164)>=4,MONTH(C164)<=6),2,IF(AND(MONTH(C164)>=7,MONTH(C164)<=9),3,4))))","v":2},null,"Provincia","Distrito Nacional"]
[null,"FECHA PREVISTA ADJUDICACIÓN","2023-05-25",null,"Municipio","Distrito Nacional"]
[null,"TRIMESTRE",{"$f":"IF(C166=\"\",\"\",IF(AND(MONTH(C166)>=1,MONTH(C166)<=3),1,IF(AND(MONTH(C166)>=4,MONTH(C166)<=6),2,IF(AND(MONTH(C166)>=7,MONTH(C166)<=9),3,4))))","v":2},null,"Distrito Municipal"]
[]
["CÓDIGO CATÁLOGO","ARTÍCULO","UNIDAD DE MEDIDA","CANTIDAD TOTAL ESTIMADA","PRECIO UNITARIO ESTIMADO","MONTO TOTAL ESTIMADO"]
[86101710,{"$f":"IFERROR(INDEX(UNSPSCDes,MATCH(INDIRECT(ADDRESS(ROW(),COLUMN()-1,4)),UNSPSCCode,0)),IF(INDIRECT(ADDRESS(ROW(),COLUMN()-1,4))=\"78111808\",\"Alquiler de vehículos\",\"\"))","v":"Servicios de formación pedagógica"},{"$f":"IFERROR(VLOOKUP(\"UD\",'Informacion '!P:Q,2,FALSE),\"\")","v":"Unidad"},4600,{"v":1086.9565217391305,"d":"RD$1,086.96"},{"$f":"INDIRECT(ADDRESS(ROW(),COLUMN()-2,4))*INDIRECT(ADDRESS(ROW(),COLUMN()-1,4))","v":{"v":5000000,"d":"RD$5,000,000.00"}}]
[{"$nulls":4},"TOTAL COMPRA ESTIMADA",{"$f":"SUM(Table16[MONTO TOTAL ESTIMADO])","v":{"v":5000000,"d":"RD$5,000,000.00"}},null,{"$f":"C163","v":"Servicios"},{"$f":"E163","v":"Sí"},{"$f":"D163","v":"Comparacion de Precios"}]
[]
["NOMBRE O REFERENCIA DE CONTRATACIÓN","FINALIDAD DE LA CONTRATACIÓN","OBJETO DE CONTRATACIÓN","PROCEDIMIENTO DE SELECCIÓN","DESTINADO A MIPYMES","CÓDIGO SNIP"]
["Programa Mi Escuela En Forma","Ejecutar lo planificado","Servicios","Comparacion de Precios","Sí",""]
["FECHA DE NECESSIDAD","FECHA INICIO PROCESO DE COMPRA","2023-02-05","LUGAR DE EJECUCIÓN / ENTREGA","Región","OZAMA O METROPOLITANA"]
[null,"TRIMESTRE",{"$f":"IF(C175=\"\",\"\",IF(AND(MONTH(C175)>=1,MONTH(C175)<=3),1,IF(AND(MONTH(C175)>=4,MONTH(C175)<=6),2,IF(AND(MONTH(C175)>=7,MONTH(C175)<=9),3,4))))","v":1},null,"Provincia","Distrito Nacional"]
[null,"FECHA PREVISTA ADJUDICACIÓN","2023-03-02",null,"Municipio","Distrito Nacional"]
[null,"TRIMESTRE",{"$f":"IF(C177=\"\",\"\",IF(AND(MONTH(C177)>=1,MONTH(C177)<=3),1,IF(AND(MONTH(C177)>=4,MONTH(C177)<=6),2,IF(AND(MONTH(C177)>=7,MONTH(C177)<=9),3,4))))","v":1},null,"Distrito Municipal"]
[]
["CÓDIGO CATÁLOGO","ARTÍCULO","UNIDAD DE MEDIDA","CANTIDAD TOTAL ESTIMADA","PRECIO UNITARIO ESTIMADO","MONTO TOTAL ESTIMADO"]
[53101602,{"$f":"IFERROR(INDEX(UNSPSCDes,MATCH(INDIRECT(ADDRESS(ROW(),COLUMN()-1,4)),UNSPSCCode,0)),IF(INDIRECT(ADDRESS(ROW(),COLUMN()-1,4))=\"90101603\",\"Servicios de cáterin\",\"\"))","v":"Camisas para hombre"},{"$f":"IFERROR(VLOOKUP(\"UD\",'Informacion '!P:Q,2,FALSE),\"\")","v":"Unidad"},4600,{"v":600,"d":"RD$600.00"},{"$f":"INDIRECT(ADDRESS(ROW(),COLUMN()-2,4))*INDIRECT(ADDRESS(ROW(),COLUMN()-1,4))","v":{"v":2760000,"d":"RD$2,760,000.00"}}]
[{"$nulls":4},"TOTAL COMPRA ESTIMADA",{"$f":"SUM(Table17[MONTO TOTAL ESTIMADO])","v":{"v":2760000,"d":"RD$2,760,000.00"}},null,{"$f":"C174","v":"Servicios"},{"$f":"E174","v":"Sí"},{"$f":"D174","v":"Comparacion de Precios"}]
[]
["NOMBRE O REFERENCIA DE CONTRATACIÓN","FINALIDAD DE LA CONTRATACIÓN","OBJETO DE CONTRATACIÓN","PROCEDIMIENTO DE SELECCIÓN","DESTINADO A MIPYMES","CÓDIGO SNIP"]
["Desfile Escolar","Ejecutar lo planificado","Servicios","Comparacion de Precios","Sí",""]
["FECHA DE NECESSIDAD","FECHA INICIO PROCESO DE COMPRA","2023-02-05","LUGAR DE EJECUCIÓN / ENTREGA","Región","OZAMA O METROPOLITANA"]
[null,"TRIMESTRE",{"$f":"IF(C186=\"\",\"\",IF(AND(MONTH(C186)>=1,MONTH(C186)<=3),1,IF(AND(MONTH(C186)>=4,MONTH(C186)<=6),2,IF(AND(MONTH(C186)>=7,MONTH(C186)<=9),3,4))))","v":1},null,"Provincia","Distrito Nacional"]
[null,"FECHA PREVISTA ADJUDICACIÓN","2023-03-02",null,"Municipio","Distrito Nacional"]
[null,"TRIMESTRE",{"$f":"IF(C188=\"\",\"\",IF(AND(MONTH(C188)>=1,MONTH(C188)<=3),1,IF(AND(MONTH(C188)>=4,MONTH(C188)<=6),2,IF(AND(MONTH(C188)>=7,MONTH(C188)<=9),3,4))))","v":1},null,"Distrito Municipal"]
[]
["CÓDIGO CATÁLOGO","ARTÍCULO","UNIDAD DE MEDIDA","CANTIDAD TOTAL ESTIMADA","PRECIO UNITARIO ESTIMADO","MONTO TOTAL ESTIMADO"]
[78111808,{"$f":"IFERROR(INDEX(UNSPSCDes,MATCH(INDIRECT(ADDRESS(ROW(),COLUMN()-1,4)),UNSPSCCode,0)),IF(INDIRECT(ADDRESS(ROW(),COLUMN()-1,4))=\"80141607\",\"Gestión de eventos\",\"\"))","v":"Alquiler de vehículos"},{"$f":"IFERROR(VLOOKUP(\"UD\",'Informacion '!P:Q,2,FALSE),\"\")","v":"Unidad"},1,{"v":2013000,"d":"RD$2,013,000.00"},{"$f":"INDIRECT(ADDRESS(ROW(),COLUMN()-2,4))*INDIRECT(ADDRESS(ROW(),COLUMN()-1,4))","v":{"v":2013000,"d":"RD$2,013,000.00"}}]
[90101603,{"$f":"IFERROR(INDEX(UNSPSCDes,MATCH(INDIRECT(ADDRESS(ROW(),COLUMN()-1,4)),UNSPSCCode,0)),IF(INDIRECT(ADDRESS(ROW(),COLUMN()-1,4))=\"80141607\",\"Gestión de eventos\",\"\"))","v":"Servicios de cáterin"},{"$f":"IFERROR(VLOOKUP(\"UD\",'Informacion '!P:Q,2,FALSE),\"\")","v":"Unidad"},1,{"$f":"1310890+976000","v":{"v":2286890,"d":"RD$2,286,890.00"}},{"$f":"INDIRECT(ADDRESS(ROW(),COLUMN()-2,4))*INDIRECT(ADDRESS(ROW(),COLUMN()-1,4))","v":{"v":2286890,"d":"RD$2,286,890.00"}}]
[{"$nulls":4},"TOTAL COMPRA ESTIMADA",{"$f":"SUM(Table18[MONTO TOTAL ESTIMADO])","v":{"v":4299890,"d":"RD$4,299,890.00"}},null,{"$f":"C185","v":"Servicios"},{"$f":"E185","v":"Sí"},{"$f":"D185","v":"Comparacion de Precios"}]
[]
["NOMBRE O REFERENCIA DE CONTRATACIÓN","FINALIDAD DE LA CONTRATACIÓN","OBJETO DE CONTRATACIÓN","PROCEDIMIENTO DE SELECCIÓN","DESTINADO A MIPYMES","CÓDIGO SNIP"]
["Festival de Gimnasia Escolar","Ejecutar lo planificado","Servicios","Comparacion de Precios","Sí",""]
["FECHA DE NECESSIDAD","FECHA INICIO PROCESO DE COMPRA","2023-04-20","LUGAR DE EJECUCIÓN / ENTREGA","Región","OZAMA O METROPOLITANA"]
[null,"TRIMESTRE",{"$f":"IF(C198=\"\",\"\",IF(AND(MONTH(C198)>=1,MONTH(C198)<=3),1,IF(AND(MONTH(C198)>=4,MONTH(C198)<=6),2,IF(AND(MONTH(C198)>=7,MONTH(C198)<=9),3,4))))","v":2},null,"Provincia","Distrito Nacional"]
[null,"FECHA PREVISTA ADJUDICACIÓN","2023-05-26",null,"Municipio","Distrito Nacional"]
[null,"TRIMESTRE",{"$f":"IF(C200=\"\",\"\",IF(AND(MONTH(C200)>=1,MONTH(C200)<=3),1,IF(AND(MONTH(C200)>=4,MONTH(C200)<=6),2,IF(AND(MONTH(C200)>=7,MONTH(C200)<=9),3,4))))","v":2},null,"Distrito Municipal"]
[]
["CÓDIGO CATÁLOGO","ARTÍCULO","UNIDAD DE MEDIDA","CANTIDAD TOTAL ESTIMADA","PRECIO UNITARIO ESTIMADO","MONTO TOTAL ESTIMADO"]
["82121503",{"$f":"IFERROR(INDEX(UNSPSCDes,MATCH(INDIRECT(ADDRESS(ROW(),COLUMN()-1,4)),UNSPSCCode,0)),IF(INDIRECT(ADDRESS(ROW(),COLUMN()-1,4))=\"82121503\",\"Impresión digital\",\"\"))","v":"Impresión digital"},{"$f":"IFERROR(VLOOKUP(\"UD\",'Informacion '!P:Q,2,FALSE),\"\")","v":"Unidad"},1000,{"v":536,"d":"RD$536.00"},{"$f":"INDIRECT(ADDRESS(ROW(),COLUMN()-2,4))*INDIRECT(ADDRESS(ROW(),COLUMN()-1,4))","v":{"v":536000,"d":"RD$536,000.00"}}]
[90101603,{"$f":"IFERROR(INDEX(UNSPSCDes,MATCH(INDIRECT(ADDRESS(ROW(),COLUMN()-1,4)),UNSPSCCode,0)),IF(INDIRECT(ADDRESS(ROW(),COLUMN()-1,4))=\"82121503\",\"Impresión digital\",\"\"))","v":"Servicios de cáterin"},{"$f":"IFERROR(VLOOKUP(\"UD\",'Informacion '!P:Q,2,FALSE),\"\")","v":"Unidad"},900,{"v":1700,"d":"RD$1,700.00"},{"$f":"INDIRECT(ADDRESS(ROW(),COLUMN()-2,4))*INDIRECT(ADDRESS(ROW(),COLUMN()-1,4))","v":{"v":1530000,"d":"RD$1,530,000.00"}}]
[90111503,{"$f":"IFERROR(INDEX(UNSPSCDes,MATCH(INDIRECT(ADDRESS(ROW(),COLUMN()-1,4)),UNSPSCCode,0)),IF(INDIRECT(ADDRESS(ROW(),COLUMN()-1,4))=\"82121503\",\"Impresión digital\",\"\"))","v":"Hospedajes de cama y desayuno"},{"$f":"IFERROR(VLOOKUP(\"UD\",'Informacion '!P:Q,2,FALSE),\"\")","v":"Unidad"},828,{"v":4000,"d":"RD$4,000.00"},{"$f":"INDIRECT(ADDRESS(ROW(),COLUMN()-2,4))*INDIRECT(ADDRESS(ROW(),COLUMN()-1,4))","v":{"v":3312000,"d":"RD$3,312,000.00"}}]
[78111808,{"$f":"IFERROR(INDEX(UNSPSCDes,MATCH(INDIRECT(ADDRESS(ROW(),COLUMN()-1,4)),UNSPSCCode,0)),IF(INDIRECT(ADDRESS(ROW(),COLUMN()-1,4))=\"82121503\",\"Impresión digital\",\"\"))","v":"Alquiler de vehículos"},{"$f":"IFERROR(VLOOKUP(\"UD\",'Informacion '!P:Q,2,FALSE),\"\")","v":"Unidad"},828,{"v":1000,"d":"RD$1,000.00"},{"$f":"INDIRECT(ADDRESS(ROW(),COLUMN()-2,4))*INDIRECT(ADDRESS(ROW(),COLUMN()-1,4))","v":{"v":828000,"d":"RD$828,000.00"}}]
[53101602,{"$f":"IFERROR(INDEX(UNSPSCDes,MATCH(INDIRECT(ADDRESS(ROW(),COLUMN()-1,4)),UNSPSCCode,0)),IF(INDIRECT(ADDRESS(ROW(),COLUMN()-1,4))=\"82121503\",\"Impresión digital\",\"\"))","v":"Camisas para hombre"},{"$f":"IFERROR(VLOOKUP(\"UD\",'Informacion '!P:Q,2,FALSE),\"\")","v":"Unidad"},828,{"v":1500,"d":"RD$1,500.00"},{"$f":"INDIRECT(ADDRESS(ROW(),COLUMN()-2,4))*INDIRECT(ADDRESS(ROW(),COLUMN()-1,4))","v":{"v":1242000,"d":"RD$1,242,000.00"}}]
[{"$nulls":4},"TOTAL COMPRA ESTIMADA",{"$f":"SUM(Table19[MONTO TOTAL ESTIMADO])","v":{"v":7448000,"d":"RD$7,448,000.00"}},null,{"$f":"C197","v":"Servicios"},{"$f":"E197","v":"Sí"},{"$f":"D197","v":"Comparacion de Precios"}]
[]
["NOMBRE O REFERENCIA DE CONTRATACIÓN","FINALIDAD DE LA CONTRATACIÓN","OBJETO DE CONTRATACIÓN","PROCEDIMIENTO DE SELECCIÓN","DESTINADO A MIPYMES","CÓDIGO SNIP"]
["Campamento Recreativo Ecologico","Ejecutar lo planificado","Servicios","Comparacion de Precios","Sí",""]
["FECHA DE NECESSIDAD","FECHA INICIO PROCESO DE COMPRA","2023-04-20","LUGAR DE EJECUCIÓN / ENTREGA","Región","OZAMA O METROPOLITANA"]
[null,"TRIMESTRE",{"$f":"IF(C213=\"\",\"\",IF(AND(MONTH(C213)>=1,MONTH(C213)<=3),1,IF(AND(MONTH(C213)>=4,MONTH(C213)<=6),2,IF(AND(MONTH(C213)>=7,MONTH(C213)<=9),3,4))))","v":2},null,"Provincia","Distrito Nacional"]
[null,"FECHA PREVISTA ADJUDICACIÓN","2023-05-26",null,"Municipio","Distrito Nacional"]
[null,"TRIMESTRE",{"$f":"IF(C215=\"\",\"\",IF(AND(MONTH(C215)>=1,MONTH(C215)<=3),1,IF(AND(MONTH(C215)>=4,MONTH(C215)<=6),2,IF(AND(MONTH(C215)>=7,MONTH(C215)<=9),3,4))))","v":2},null,"Distrito Municipal"]
[]
["CÓDIGO CATÁLOGO","ARTÍCULO","UNIDAD DE MEDIDA","CANTIDAD TOTAL ESTIMADA","PRECIO UNITARIO ESTIMADO","MONTO TOTAL ESTIMADO"]
[78111808,{"$f":"IFERROR(INDEX(UNSPSCDes,MATCH(INDIRECT(ADDRESS(ROW(),COLUMN()-1,4)),UNSPSCCode,0)),IF(INDIRECT(ADDRESS(ROW(),COLUMN()-1,4))=\"90131501\",\"Actuaciones u obras teatrales\",\"\"))","v":"Alquiler de vehículos"},{"$f":"IFERROR(VLOOKUP(\"UD\",'Informacion '!P:Q,2,FALSE),\"\")","v":"Unidad"},20,{"v":65000,"d":"RD$65,000.00"},{"$f":"INDIRECT(ADDRESS(ROW(),COLUMN()-2,4))*INDIRECT(ADDRESS(ROW(),COLUMN()-1,4))","v":{"v":1300000,"d":"RD$1,300,000.00"}}]
[90101603,{"$f":"IFERROR(INDEX(UNSPSCDes,MATCH(INDIRECT(ADDRESS(ROW(),COLUMN()-1,4)),UNSPSCCode,0)),IF(INDIRECT(ADDRESS(ROW(),COLUMN()-1,4))=\"90131501\",\"Actuaciones u obras teatrales\",\"\"))","v":"Servicios de cáterin"},{"$f":"IFERROR(VLOOKUP(\"UD\",'Informacion '!P:Q,2,FALSE),\"\")","v":"Unidad"},2000,{"v":600,"d":"RD$600.00"},{"$f":"INDIRECT(ADDRESS(ROW(),COLUMN()-2,4))*INDIRECT(ADDRESS(ROW(),COLUMN()-1,4))","v":{"v":1200000,"d":"RD$1,200,000.00"}}]
[53101602,{"$f":"IFERROR(INDEX(UNSPSCDes,MATCH(INDIRECT(ADDRESS(ROW(),COLUMN()-1,4)),UNSPSCCode,0)),IF(INDIRECT(ADDRESS(ROW(),COLUMN()-1,4))=\"90131501\",\"Actuaciones u obras teatrales\",\"\"))","v":"Camisas para hombre"},{"$f":"IFERROR(VLOOKUP(\"UD\",'Informacion '!P:Q,2,FALSE),\"\")","v":"Unidad"},2000,{"v":1700,"d":"RD$1,700.00"},{"$f":"INDIRECT(ADDRESS(ROW(),COLUMN()-2,4))*INDIRECT(ADDRESS(ROW(),COLUMN()-1,4))","v":{"v":3400000,"d":"RD$3,400,000.00"}}]
[{"$nulls":4},"TOTAL COMPRA ESTIMADA",{"$f":"SUM(Table20[MONTO TOTAL ESTIMADO])","v":{"v":5900000,"d":"RD$5,900,000.00"}},null,{"$f":"C212","v":"Servicios"},{"$f":"E212","v":"Sí"},{"$f":"D212","v":"Comparacion de Precios"}]
[]
["NOMBRE O REFERENCIA DE CONTRATACIÓN","FINALIDAD DE LA CONTRATACIÓN","OBJETO DE CONTRATACIÓN","PROCEDIMIENTO DE SELECCIÓN","DESTINADO A MIPYMES","CÓDIGO SNIP"]
["Liga Intercolegiar Ajedrez,Baloncesto, Futbol y Voleibol","Ejecutar lo planificado","Servicios","Licitacion Publica","Sí",""]
["FECHA DE NECESSIDAD","FECHA INICIO PROCESO DE COMPRA","2023-04-20","LUGAR DE EJECUCIÓN / ENTREGA","Región","OZAMA O METROPOLITANA"]
[null,"TRIMESTRE",{"$f":"IF(C226=\"\",\"\",IF(AND(MONTH(C226)>=1,MONTH(C226)<=3),1,IF(AND(MONTH(C226)>=4,MONTH(C226)<=6),2,IF(AND(MONTH(C226)>=7,MONTH(C226)<=9),3,4))))","v":2},null,"Provincia","Distrito Nacional"]
[null,"FECHA PREVISTA ADJUDICACIÓN","2023-05-26",null,"Municipio","Distrito Nacional"]
[null,"TRIMESTRE",{"$f":"IF(C228=\"\",\"\",IF(AND(MONTH(C228)>=1,MONTH(C228)<=3),1,IF(AND(MONTH(C228)>=4,MONTH(C228)<=6),2,IF(AND(MONTH(C228)>=7,MONTH(C228)<=9),3,4))))","v":2},null,"Distrito Municipal"]
[]
["CÓDIGO CATÁLOGO","ARTÍCULO","UNIDAD DE MEDIDA","CANTIDAD TOTAL ESTIMADA","PRECIO UNITARIO ESTIMADO","MONTO TOTAL ESTIMADO"]
["78111808",{"$f":"IFERROR(INDEX(UNSPSCDes,MATCH(INDIRECT(ADDRESS(ROW(),COLUMN()-1,4)),UNSPSCCode,0)),IF(INDIRECT(ADDRESS(ROW(),COLUMN()-1,4))=\"78111808\",\"Alquiler de vehículos\",\"\"))","v":"Alquiler de vehículos"},{"$f":"IFERROR(VLOOKUP(\"UD\",'Informacion '!P:Q,2,FALSE),\"\")","v":"Unidad"},50,{"v":65000,"d":"RD$65,000.00"},{"$f":"INDIRECT(ADDRESS(ROW(),COLUMN()-2,4))*INDIRECT(ADDRESS(ROW(),COLUMN()-1,4))","v":{"v":3250000,"d":"RD$3,250,000.00"}}]
[82121503,"Impresión digital",{"$f":"IFERROR(VLOOKUP(\"UD\",'Informacion '!P:Q,2,FALSE),\"\")","v":"Unidad"},200,{"v":3500,"d":"RD$3,500.00"},{"v":700000,"d":"RD$700,000.00"}]
[90101603,"Servicios de cáterin",{"$f":"IFERROR(VLOOKUP(\"UD\",'Informacion '!P:Q,2,FALSE),\"\")","v":"Unidad"},4000,{"v":1700,"d":"RD$1,700.00"},{"v":6800000,"d":"RD$6,800,000.00"}]
[90111503,"Hospedajes de cama y desayuno",{"$f":"IFERROR(VLOOKUP(\"UD\",'Informacion '!P:Q,2,FALSE),\"\")","v":"Unidad"},800,{"v":4000,"d":"RD$4,000.00"},{"v":3200000,"d":"RD$3,200,000.00"}]
[53101602,"Camisas para hombre",{"$f":"IFERROR(VLOOKUP(\"UD\",'Informacion '!P:Q,2,FALSE),\"\")","v":"Unidad"},2000,{"v":600,"d":"RD$600.00"},{"v":1200000,"d":"RD$1,200,000.00"}]
[49161507,"Bases de beisbol",{"$f":"IFERROR(VLOOKUP(\"UD\",'Informacion '!P:Q,2,FALSE),\"\")","v":"Unidad"},2100,{"v":2500,"d":"RD$2,500.00"},{"v":5250000,"d":"RD$5,250,000.00"}]
[{"$nulls":4},"TOTAL COMPRA ESTIMADA",{"$f":"SUM(Table21[MONTO TOTAL ESTIMADO])","v":{"v":20400000,"d":"RD$20,400,000.00"}},null,{"$f":"C225","v":"Servicios"},{"$f":"E225","v":"Sí"},{"$f":"D225","v":"Licitacion Publica"}]
[]
["NOMBRE O REFERENCIA DE CONTRATACIÓN","FINALIDAD DE LA CONTRATACIÓN","OBJETO DE CONTRATACIÓN","PROCEDIMIENTO DE SELECCIÓN","DESTINADO A MIPYMES","CÓDIGO SNIP"]
["Festival Recreativo","Ejecutar lo planificado","Servicios","Licitacion Publica","Sí",""]
["FECHA DE NECESSIDAD","FECHA INICIO PROCESO DE COMPRA","2023-02-05","LUGAR DE EJECUCIÓN / ENTREGA","Región","OZAMA O METROPOLITANA"]
[null,"TRIMESTRE",{"$f":"IF(C242=\"\",\"\",IF(AND(MONTH(C242)>=1,MONTH(C242)<=3),1,IF(AND(MONTH(C242)>=4,MONTH(C242)<=6),2,IF(AND(MONTH(C242)>=7,MONTH(C242)<=9),3,4))))","v":1},null,"Provincia","Distrito Nacional"]
[null,"FECHA PREVISTA ADJUDICACIÓN","2023-03-06",null,"Municipio","Distrito Nacional"]
[null,"TRIMESTRE",{"$f":"IF(C244=\"\",\"\",IF(AND(MONTH(C244)>=1,MONTH(C244)<=3),1,IF(AND(MONTH(C244)>=4,MONTH(C244)<=6),2,IF(AND(MONTH(C244)>=7,MONTH(C244)<=9),3,4))))","v":1},null,"Distrito Municipal"]
[]
["CÓDIGO CATÁLOGO","ARTÍCULO","UNIDAD DE MEDIDA","CANTIDAD TOTAL ESTIMADA","PRECIO UNITARIO ESTIMADO","MONTO TOTAL ESTIMADO"]
[90101603,{"$f":"IFERROR(INDEX(UNSPSCDes,MATCH(INDIRECT(ADDRESS(ROW(),COLUMN()-1,4)),UNSPSCCode,0)),IF(INDIRECT(ADDRESS(ROW(),COLUMN()-1,4))=\"80141607\",\"Gestión de eventos\",\"\"))","v":"Servicios de cáterin"},{"$f":"IFERROR(VLOOKUP(\"UD\",'Informacion '!P:Q,2,FALSE),\"\")","v":"Unidad"},1500,{"v":1700,"d":"RD$1,700.00"},{"$f":"INDIRECT(ADDRESS(ROW(),COLUMN()-2,4))*INDIRECT(ADDRESS(ROW(),COLUMN()-1,4))","v":{"v":2550000,"d":"RD$2,550,000.00"}}]
[78111808,{"$f":"IFERROR(INDEX(UNSPSCDes,MATCH(INDIRECT(ADDRESS(ROW(),COLUMN()-1,4)),UNSPSCCode,0)),IF(INDIRECT(ADDRESS(ROW(),COLUMN()-1,4))=\"80141607\",\"Gestión de eventos\",\"\"))","v":"Alquiler de vehículos"},{"$f":"IFERROR(VLOOKUP(\"UD\",'Informacion '!P:Q,2,FALSE),\"\")","v":"Unidad"},5,{"v":65000,"d":"RD$65,000.00"},{"$f":"INDIRECT(ADDRESS(ROW(),COLUMN()-2,4))*INDIRECT(ADDRESS(ROW(),COLUMN()-1,4))","v":{"v":325000,"d":"RD$325,000.00"}}]
[53101602,{"$f":"IFERROR(INDEX(UNSPSCDes,MATCH(INDIRECT(ADDRESS(ROW(),COLUMN()-1,4)),UNSPSCCode,0)),IF(INDIRECT(ADDRESS(ROW(),COLUMN()-1,4))=\"80141607\",\"Gestión de eventos\",\"\"))","v":"Camisas para hombre"},{"$f":"IFERROR(VLOOKUP(\"UD\",'Informacion '!P:Q,2,FALSE),\"\")","v":"Unidad"},2000,{"v":850,"d":"RD$850.00"},{"$f":"INDIRECT(ADDRESS(ROW(),COLUMN()-2,4))*INDIRECT(ADDRESS(ROW(),COLUMN()-1,4))","v":{"v":1700000,"d":"RD$1,700,000.00"}}]
[49161507,{"$f":"IFERROR(INDEX(UNSPSCDes,MATCH(INDIRECT(ADDRESS(ROW(),COLUMN()-1,4)),UNSPSCCode,0)),IF(INDIRECT(ADDRESS(ROW(),COLUMN()-1,4))=\"80141607\",\"Gestión de eventos\",\"\"))","v":"Bases de beisbol"},{"$f":"IFERROR(VLOOKUP(\"UD\",'Informacion '!P:Q,2,FALSE),\"\")","v":"Unidad"},1000,{"v":3500,"d":"RD$3,500.00"},{"$f":"INDIRECT(ADDRESS(ROW(),COLUMN()-2,4))*INDIRECT(ADDRESS(ROW(),COLUMN()-1,4))","v":{"v":3500000,"d":"RD$3,500,000.00"}}]
["78111808",{"$f":"IFERROR(INDEX(UNSPSCDes,MATCH(INDIRECT(ADDRESS(ROW(),COLUMN()-1,4)),UNSPSCCode,0)),IF(INDIRECT(ADDRESS(ROW(),COLUMN()-1,4))=\"80141607\",\"Gestión de eventos\",\"\"))","v":""},{"$f":"IFERROR(VLOOKUP(\"UD\",'Informacion '!P:Q,2,FALSE),\"\")","v":"Unidad"},null,null,{"$f":"INDIRECT(ADDRESS(ROW(),COLUMN()-2,4))*INDIRECT(ADDRESS(ROW(),COLUMN()-1,4))","v":0}]
[{"$nulls":4},"TOTAL COMPRA ESTIMADA",{"$f":"SUM(Table22[MONTO TOTAL ESTIMADO])","v":{"v":8075000,"d":"RD$8,075,000.00"}},null,{"$f":"C241","v":"Servicios"},{"$f":"E241","v":"Sí"},{"$f":"D241","v":"Licitacion Publica"}]
[]
["NOMBRE O REFERENCIA DE CONTRATACIÓN","FINALIDAD DE LA CONTRATACIÓN","OBJETO DE CONTRATACIÓN","PROCEDIMIENTO DE SELECCIÓN","DESTINADO A MIPYMES","CÓDIGO SNIP"]
["Festival de Deporte Adaptado","Ejecutar lo planificado","Servicios","Comparacion de Precios","Sí",""]
["FECHA DE NECESSIDAD","FECHA INICIO PROCESO DE COMPRA","2023-04-20","LUGAR DE EJECUCIÓN / ENTREGA","Región","OZAMA O METROPOLITANA"]
[null,"TRIMESTRE",{"$f":"IF(C257=\"\",\"\",IF(AND(MONTH(C257)>=1,MONTH(C257)<=3),1,IF(AND(MONTH(C257)>=4,MONTH(C257)<=6),2,IF(AND(MONTH(C257)>=7,MONTH(C257)<=9),3,4))))","v":2},null,"Provincia","Distrito Nacional"]
[null,"FECHA PREVISTA ADJUDICACIÓN","2023-05-26",null,"Municipio","Distrito Nacional"]
[null,"TRIMESTRE",{"$f":"IF(C259=\"\",\"\",IF(AND(MONTH(C259)>=1,MONTH(C259)<=3),1,IF(AND(MONTH(C259)>=4,MONTH(C259)<=6),2,IF(AND(MONTH(C259)>=7,MONTH(C259)<=9),3,4))))","v":2},null,"Distrito Municipal"]
[]
["CÓDIGO CATÁLOGO","ARTÍCULO","UNIDAD DE MEDIDA","CANTIDAD TOTAL ESTIMADA","PRECIO UNITARIO ESTIMADO","MONTO TOTAL ESTIMADO"]
[90101603,{"$f":"IFERROR(INDEX(UNSPSCDes,MATCH(INDIRECT(ADDRESS(ROW(),COLUMN()-1,4)),UNSPSCCode,0)),IF(INDIRECT(ADDRESS(ROW(),COLUMN()-1,4))=\"90101603\",\"Servicios de cáterin\",\"\"))","v":"Servicios de cáterin"},{"$f":"IFERROR(VLOOKUP(\"UD\",'Informacion '!P:Q,2,FALSE),\"\")","v":"Unidad"},1500,{"v":1700,"d":"RD$1,700.00"},{"$f":"INDIRECT(ADDRESS(ROW(),COLUMN()-2,4))*INDIRECT(ADDRESS(ROW(),COLUMN()-1,4))","v":{"v":2550000,"d":"RD$2,550,000.00"}}]
[78111808,{"$f":"IFERROR(INDEX(UNSPSCDes,MATCH(INDIRECT(ADDRESS(ROW(),COLUMN()-1,4)),UNSPSCCode,0)),IF(INDIRECT(ADDRESS(ROW(),COLUMN()-1,4))=\"90101603\",\"Servicios de cáterin\",\"\"))","v":"Alquiler de vehículos"},{"$f":"IFERROR(VLOOKUP(\"UD\",'Informacion '!P:Q,2,FALSE),\"\")","v":"Unidad"},5,{"v":65000,"d":"RD$65,000.00"},{"$f":"INDIRECT(ADDRESS(ROW(),COLUMN()-2,4))*INDIRECT(ADDRESS(ROW(),COLUMN()-1,4))","v":{"v":325000,"d":"RD$325,000.00"}}]
[53101602,{"$f":"IFERROR(INDEX(UNSPSCDes,MATCH(INDIRECT(ADDRESS(ROW(),COLUMN()-1,4)),UNSPSCCode,0)),IF(INDIRECT(ADDRESS(ROW(),COLUMN()-1,4))=\"90101603\",\"Servicios de cáterin\",\"\"))","v":"Camisas para hombre"},{"$f":"IFERROR(VLOOKUP(\"UD\",'Informacion '!P:Q,2,FALSE),\"\")","v":"Unidad"},1200,{"v":850,"d":"RD$850.00"},{"$f":"INDIRECT(ADDRESS(ROW(),COLUMN()-2,4))*INDIRECT(ADDRESS(ROW(),COLUMN()-1,4))","v":{"v":1020000,"d":"RD$1,020,000.00"}}]
[49161507,{"$f":"IFERROR(INDEX(UNSPSCDes,MATCH(INDIRECT(ADDRESS(ROW(),COLUMN()-1,4)),UNSPSCCode,0)),IF(INDIRECT(ADDRESS(ROW(),COLUMN()-1,4))=\"90101603\",\"Servicios de cáterin\",\"\"))","v":"Bases de beisbol"},{"$f":"IFERROR(VLOOKUP(\"UD\",'Informacion '!P:Q,2,FALSE),\"\")","v":"Unidad"},300,{"v":3500,"d":"RD$3,500.00"},{"$f":"INDIRECT(ADDRESS(ROW(),COLUMN()-2,4))*INDIRECT(ADDRESS(ROW(),COLUMN()-1,4))","v":{"v":1050000,"d":"RD$1,050,000.00"}}]
[{"$nulls":4},"TOTAL COMPRA ESTIMADA",{"$f":"SUM(Table23[MONTO TOTAL ESTIMADO])","v":{"v":4945000,"d":"RD$4,945,000.00"}},null,{"$f":"C256","v":"Servicios"},{"$f":"E256","v":"Sí"},{"$f":"D256","v":"Comparacion de Precios"}]
[]
["NOMBRE O REFERENCIA DE CONTRATACIÓN","FINALIDAD DE LA CONTRATACIÓN","OBJETO DE CONTRATACIÓN","PROCEDIMIENTO DE SELECCIÓN","DESTINADO A MIPYMES","CÓDIGO SNIP"]
["Festival Escolar de Tenis de Mesa","Ejecutar lo planificado","Servicios","Comparacion de Precios","Sí",""]
["FECHA DE NECESSIDAD","FECHA INICIO PROCESO DE COMPRA","2023-02-05","LUGAR DE EJECUCIÓN / ENTREGA","Región","OZAMA O METROPOLITANA"]
[null,"TRIMESTRE",{"$f":"IF(C271=\"\",\"\",IF(AND(MONTH(C271)>=1,MONTH(C271)<=3),1,IF(AND(MONTH(C271)>=4,MONTH(C271)<=6),2,IF(AND(MONTH(C271)>=7,MONTH(C271)<=9),3,4))))","v":1},null,"Provincia","Distrito Nacional"]
[null,"FECHA PREVISTA ADJUDICACIÓN","2023-03-07",null,"Municipio","Distrito Nacional"]
[null,"TRIMESTRE",{"$f":"IF(C273=\"\",\"\",IF(AND(MONTH(C273)>=1,MONTH(C273)<=3),1,IF(AND(MONTH(C273)>=4,MONTH(C273)<=6),2,IF(AND(MONTH(C273)>=7,MONTH(C273)<=9),3,4))))","v":1},null,"Distrito Municipal"]
[]
["CÓDIGO CATÁLOGO","ARTÍCULO","UNIDAD DE MEDIDA","CANTIDAD TOTAL ESTIMADA","PRECIO UNITARIO ESTIMADO","MONTO TOTAL ESTIMADO"]
[90101603,{"$f":"IFERROR(INDEX(UNSPSCDes,MATCH(INDIRECT(ADDRESS(ROW(),COLUMN()-1,4)),UNSPSCCode,0)),IF(INDIRECT(ADDRESS(ROW(),COLUMN()-1,4))=\"78111803\",\"Servicios de buses contratados\",\"\"))","v":"Servicios de cáterin"},{"$f":"IFERROR(VLOOKUP(\"UD\",'Informacion '!P:Q,2,FALSE),\"\")","v":"Unidad"},1000,{"v":1700,"d":"RD$1,700.00"},{"$f":"INDIRECT(ADDRESS(ROW(),COLUMN()-2,4))*INDIRECT(ADDRESS(ROW(),COLUMN()-1,4))","v":{"v":1700000,"d":"RD$1,700,000.00"}}]
[53101602,{"$f":"IFERROR(INDEX(UNSPSCDes,MATCH(INDIRECT(ADDRESS(ROW(),COLUMN()-1,4)),UNSPSCCode,0)),IF(INDIRECT(ADDRESS(ROW(),COLUMN()-1,4))=\"78111803\",\"Servicios de buses contratados\",\"\"))","v":"Camisas para hombre"},{"$f":"IFERROR(VLOOKUP(\"UD\",'Informacion '!P:Q,2,FALSE),\"\")","v":"Unidad"},500,{"v":850,"d":"RD$850.00"},{"$f":"INDIRECT(ADDRESS(ROW(),COLUMN()-2,4))*INDIRECT(ADDRESS(ROW(),COLUMN()-1,4))","v":{"v":425000,"d":"RD$425,000.00"}}]
[49161507,{"$f":"IFERROR(INDEX(UNSPSCDes,MATCH(INDIRECT(ADDRESS(ROW(),COLUMN()-1,4)),UNSPSCCode,0)),IF(INDIRECT(ADDRESS(ROW(),COLUMN()-1,4))=\"78111803\",\"Servicios de buses contratados\",\"\"))","v":"Bases de beisbol"},{"$f":"IFERROR(VLOOKUP(\"UD\",'Informacion '!P:Q,2,FALSE),\"\")","v":"Unidad"},200,{"v":3500,"d":"RD$3,500.00"},{"$f":"INDIRECT(ADDRESS(ROW(),COLUMN()-2,4))*INDIRECT(ADDRESS(ROW(),COLUMN()-1,4))","v":{"v":700000,"d":"RD$700,000.00"}}]
[{"$nulls":4},"TOTAL COMPRA ESTIMADA",{"$f":"SUM(Table24[MONTO TOTAL ESTIMADO])","v":{"v":2825000,"d":"RD$2,825,000.00"}},null,{"$f":"C270","v":"Servicios"},{"$f":"E270","v":"Sí"},{"$f":"D270","v":"Comparacion de Precios"}]
[]
["NOMBRE O REFERENCIA DE CONTRATACIÓN","FINALIDAD DE LA CONTRATACIÓN","OBJETO DE CONTRATACIÓN","PROCEDIMIENTO DE SELECCIÓN","DESTINADO A MIPYMES","CÓDIGO SNIP"]
["Festival Escolar de Futbol","Ejecutar lo planificado","Servicios","Comparacion de Precios","Sí",""]
["FECHA DE NECESSIDAD","FECHA INICIO PROCESO DE COMPRA","2023-02-05","LUGAR DE EJECUCIÓN / ENTREGA","Región","OZAMA O METROPOLITANA"]
[null,"TRIMESTRE",{"$f":"IF(C284=\"\",\"\",IF(AND(MONTH(C284)>=1,MONTH(C284)<=3),1,IF(AND(MONTH(C284)>=4,MONTH(C284)<=6),2,IF(AND(MONTH(C284)>=7,MONTH(C284)<=9),3,4))))","v":1},null,"Provincia","Distrito Nacional"]
[null,"FECHA PREVISTA ADJUDICACIÓN","2023-03-07",null,"Municipio","Distrito Nacional"]
[null,"TRIMESTRE",{"$f":"IF(C286=\"\",\"\",IF(AND(MONTH(C286)>=1,MONTH(C286)<=3),1,IF(AND(MONTH(C286)>=4,MONTH(C286)<=6),2,IF(AND(MONTH(C286)>=7,MONTH(C286)<=9),3,4))))","v":1},null,"Distrito Municipal"]
[]
["CÓDIGO CATÁLOGO","ARTÍCULO","UNIDAD DE MEDIDA","CANTIDAD TOTAL ESTIMADA","PRECIO UNITARIO ESTIMADO","MONTO TOTAL ESTIMADO"]
[90101603,{"$f":"IFERROR(INDEX(UNSPSCDes,MATCH(INDIRECT(ADDRESS(ROW(),COLUMN()-1,4)),UNSPSCCode,0)),IF(INDIRECT(ADDRESS(ROW(),COLUMN()-1,4))=\"80141607\",\"Gestión de eventos\",\"\"))","v":"Servicios de cáterin"},{"$f":"IFERROR(VLOOKUP(\"UD\",'Informacion '!P:Q,2,FALSE),\"\")","v":"Unidad"},1000,{"v":1700,"d":"RD$1,700.00"},{"$f":"INDIRECT(ADDRESS(ROW(),COLUMN()-2,4))*INDIRECT(ADDRESS(ROW(),COLUMN()-1,4))","v":{"v":1700000,"d":"RD$1,700,000.00"}}]
[53101602,{"$f":"IFERROR(INDEX(UNSPSCDes,MATCH(INDIRECT(ADDRESS(ROW(),COLUMN()-1,4)),UNSPSCCode,0)),IF(INDIRECT(ADDRESS(ROW(),COLUMN()-1,4))=\"80141607\",\"Gestión de eventos\",\"\"))","v":"Camisas para hombre"},{"$f":"IFERROR(VLOOKUP(\"UD\",'Informacion '!P:Q,2,FALSE),\"\")","v":"Unidad"},600,{"v":850,"d":"RD$850.00"},{"$f":"INDIRECT(ADDRESS(ROW(),COLUMN()-2,4))*INDIRECT(ADDRESS(ROW(),COLUMN()-1,4))","v":{"v":510000,"d":"RD$510,000.00"}}]
[49161507,{"$f":"IFERROR(INDEX(UNSPSCDes,MATCH(INDIRECT(ADDRESS(ROW(),COLUMN()-1,4)),UNSPSCCode,0)),IF(INDIRECT(ADDRESS(ROW(),COLUMN()-1,4))=\"80141607\",\"Gestión de eventos\",\"\"))","v":"Bases de beisbol"},{"$f":"IFERROR(VLOOKUP(\"UD\",'Informacion '!P:Q,2,FALSE),\"\")","v":"Unidad"},700,{"v":3500,"d":"RD$3,500.00"},{"$f":"INDIRECT(ADDRESS(ROW(),COLUMN()-2,4))*INDIRECT(ADDRESS(ROW(),COLUMN()-1,4))","v":{"v":2450000,"d":"RD$2,450,000.00"}}]
[{"$nulls":4},"TOTAL COMPRA ESTIMADA",{"$f":"SUM(Table25[MONTO TOTAL ESTIMADO])","v":{"v":4660000,"d":"RD$4,660,000.00"}},null,{"$f":"C283","v":"Servicios"},{"$f":"E283","v":"Sí"},{"$f":"D283","v":"Comparacion de Precios"}]
[]
["NOMBRE O REFERENCIA DE CONTRATACIÓN","FINALIDAD DE LA CONTRATACIÓN","OBJETO DE CONTRATACIÓN","PROCEDIMIENTO DE SELECCIÓN","DESTINADO A MIPYMES","CÓDIGO SNIP"]
["Festival Escolar de Basket 3x3","Ejecutar lo planificado","Servicios","Comparacion de Precios","Sí",""]
["FECHA DE NECESSIDAD","FECHA INICIO PROCESO DE COMPRA","2023-04-20","LUGAR DE EJECUCIÓN / ENTREGA","Región","OZAMA O METROPOLITANA"]
[null,"TRIMESTRE",{"$f":"IF(C297=\"\",\"\",IF(AND(MONTH(C297)>=1,MONTH(C297)<=3),1,IF(AND(MONTH(C297)>=4,MONTH(C297)<=6),2,IF(AND(MONTH(C297)>=7,MONTH(C297)<=9),3,4))))","v":2},null,"Provincia","Distrito Nacional"]
[null,"FECHA PREVISTA ADJUDICACIÓN","2023-05-26",null,"Municipio","Distrito Nacional"]
[null,"TRIMESTRE",{"$f":"IF(C299=\"\",\"\",IF(AND(MONTH(C299)>=1,MONTH(C299)<=3),1,IF(AND(MONTH(C299)>=4,MONTH(C299)<=6),2,IF(AND(MONTH(C299)>=7,MONTH(C299)<=9),3,4))))","v":2},null,"Distrito Municipal"]
[]
["CÓDIGO CATÁLOGO","ARTÍCULO","UNIDAD DE MEDIDA","CANTIDAD TOTAL ESTIMADA","PRECIO UNITARIO ESTIMADO","MONTO TOTAL ESTIMADO"]
[90101603,{"$f":"IFERROR(INDEX(UNSPSCDes,MATCH(INDIRECT(ADDRESS(ROW(),COLUMN()-1,4)),UNSPSCCode,0)),IF(INDIRECT(ADDRESS(ROW(),COLUMN()-1,4))=\"80141607\",\"Gestión de eventos\",\"\"))","v":"Servicios de cáterin"},{"$f":"IFERROR(VLOOKUP(\"UD\",'Informacion '!P:Q,2,FALSE),\"\")","v":"Unidad"},1500,{"v":1700,"d":"RD$1,700.00"},{"$f":"INDIRECT(ADDRESS(ROW(),COLUMN()-2,4))*INDIRECT(ADDRESS(ROW(),COLUMN()-1,4))","v":{"v":2550000,"d":"RD$2,550,000.00"}}]
[78111808,{"$f":"IFERROR(INDEX(UNSPSCDes,MATCH(INDIRECT(ADDRESS(ROW(),COLUMN()-1,4)),UNSPSCCode,0)),IF(INDIRECT(ADDRESS(ROW(),COLUMN()-1,4))=\"80141607\",\"Gestión de eventos\",\"\"))","v":"Alquiler de vehículos"},{"$f":"IFERROR(VLOOKUP(\"UD\",'Informacion '!P:Q,2,FALSE),\"\")","v":"Unidad"},5,{"v":65000,"d":"RD$65,000.00"},{"$f":"INDIRECT(ADDRESS(ROW(),COLUMN()-2,4))*INDIRECT(ADDRESS(ROW(),COLUMN()-1,4))","v":{"v":325000,"d":"RD$325,000.00"}}]
[53101602,{"$f":"IFERROR(INDEX(UNSPSCDes,MATCH(INDIRECT(ADDRESS(ROW(),COLUMN()-1,4)),UNSPSCCode,0)),IF(INDIRECT(ADDRESS(ROW(),COLUMN()-1,4))=\"80141607\",\"Gestión de eventos\",\"\"))","v":"Camisas para hombre"},{"$f":"IFERROR(VLOOKUP(\"UD\",'Informacion '!P:Q,2,FALSE),\"\")","v":"Unidad"},1500,{"v":850,"d":"RD$850.00"},{"$f":"INDIRECT(ADDRESS(ROW(),COLUMN()-2,4))*INDIRECT(ADDRESS(ROW(),COLUMN()-1,4))","v":{"v":1275000,"d":"RD$1,275,000.00"}}]
[49161507,{"$f":"IFERROR(INDEX(UNSPSCDes,MATCH(INDIRECT(ADDRESS(ROW(),COLUMN()-1,4)),UNSPSCCode,0)),IF(INDIRECT(ADDRESS(ROW(),COLUMN()-1,4))=\"80141607\",\"Gestión de eventos\",\"\"))","v":"Bases de beisbol"},{"$f":"IFERROR(VLOOKUP(\"UD\",'Informacion '!P:Q,2,FALSE),\"\")","v":"Unidad"},300,{"v":3500,"d":"RD$3,500.00"},{"$f":"INDIRECT(ADDRESS(ROW(),COLUMN()-2,4))*INDIRECT(ADDRESS(ROW(),COLUMN()-1,4))","v":{"v":1050000,"d":"RD$1,050,000.00"}}]
[{"$nulls":4},"TOTAL COMPRA ESTIMADA",{"$f":"SUM(Table26[MONTO TOTAL ESTIMADO])","v":{"v":5200000,"d":"RD$5,200,000.00"}},null,{"$f":"C296","v":"Servicios"},{"$f":"E296","v":"Sí"},{"$f":"D296","v":"Comparacion de Precios"}]
[]
["NOMBRE O REFERENCIA DE CONTRATACIÓN","FINALIDAD DE LA CONTRATACIÓN","OBJETO DE CONTRATACIÓN","PROCEDIMIENTO DE SELECCIÓN","DESTINADO A MIPYMES","CÓDIGO SNIP"]
["Liga de Baloncesto Colegial","Ejecutar lo planificado","Servicios","Comparacion de Precios","Sí",""]
["FECHA DE NECESSIDAD","FECHA INICIO PROCESO DE COMPRA","2023-02-05","LUGAR DE EJECUCIÓN / ENTREGA","Región","OZAMA O METROPOLITANA"]
[null,"TRIMESTRE",{"$f":"IF(C311=\"\",\"\",IF(AND(MONTH(C311)>=1,MONTH(C311)<=3),1,IF(AND(MONTH(C311)>=4,MONTH(C311)<=6),2,IF(AND(MONTH(C311)>=7,MONTH(C311)<=9),3,4))))","v":1},null,"Provincia","Distrito Nacional"]
[null,"FECHA PREVISTA ADJUDICACIÓN","2023-03-07",null,"Municipio","Distrito Nacional"]
[null,"TRIMESTRE",{"$f":"IF(C313=\"\",\"\",IF(AND(MONTH(C313)>=1,MONTH(C313)<=3),1,IF(AND(MONTH(C313)>=4,MONTH(C313)<=6),2,IF(AND(MONTH(C313)>=7,MONTH(C313)<=9),3,4))))","v":1},null,"Distrito Municipal"]
[]
["CÓDIGO CATÁLOGO","ARTÍCULO","UNIDAD DE MEDIDA","CANTIDAD TOTAL ESTIMADA","PRECIO UNITARIO ESTIMADO","MONTO TOTAL ESTIMADO"]
[90101603,{"$f":"IFERROR(INDEX(UNSPSCDes,MATCH(INDIRECT(ADDRESS(ROW(),COLUMN()-1,4)),UNSPSCCode,0)),IF(INDIRECT(ADDRESS(ROW(),COLUMN()-1,4))=\"55101515\",\"Material promocional o reportes anuales\",\"\"))","v":"Servicios de cáterin"},{"$f":"IFERROR(VLOOKUP(\"UD\",'Informacion '!P:Q,2,FALSE),\"\")","v":"Unidad"},1500,{"v":1700,"d":"RD$1,700.00"},{"$f":"INDIRECT(ADDRESS(ROW(),COLUMN()-2,4))*INDIRECT(ADDRESS(ROW(),COLUMN()-1,4))","v":{"v":2550000,"d":"RD$2,550,000.00"}}]
[78111808,{"$f":"IFERROR(INDEX(UNSPSCDes,MATCH(INDIRECT(ADDRESS(ROW(),COLUMN()-1,4)),UNSPSCCode,0)),IF(INDIRECT(ADDRESS(ROW(),COLUMN()-1,4))=\"55101515\",\"Material promocional o reportes anuales\",\"\"))","v":"Alquiler de vehículos"},{"$f":"IFERROR(VLOOKUP(\"UD\",'Informacion '!P:Q,2,FALSE),\"\")","v":"Unidad"},5,{"v":65000,"d":"RD$65,000.00"},{"$f":"INDIRECT(ADDRESS(ROW(),COLUMN()-2,4))*INDIRECT(ADDRESS(ROW(),COLUMN()-1,4))","v":{"v":325000,"d":"RD$325,000.00"}}]
[53101602,{"$f":"IFERROR(INDEX(UNSPSCDes,MATCH(INDIRECT(ADDRESS(ROW(),COLUMN()-1,4)),UNSPSCCode,0)),IF(INDIRECT(ADDRESS(ROW(),COLUMN()-1,4))=\"55101515\",\"Material promocional o reportes anuales\",\"\"))","v":"Camisas para hombre"},{"$f":"IFERROR(VLOOKUP(\"UD\",'Informacion '!P:Q,2,FALSE),\"\")","v":"Unidad"},1500,{"v":850,"d":"RD$850.00"},{"$f":"INDIRECT(ADDRESS(ROW(),COLUMN()-2,4))*INDIRECT(ADDRESS(ROW(),COLUMN()-1,4))","v":{"v":1275000,"d":"RD$1,275,000.00"}}]
[49161507,{"$f":"IFERROR(INDEX(UNSPSCDes,MATCH(INDIRECT(ADDRESS(ROW(),COLUMN()-1,4)),UNSPSCCode,0)),IF(INDIRECT(ADDRESS(ROW(),COLUMN()-1,4))=\"55101515\",\"Material promocional o reportes anuales\",\"\"))","v":"Bases de beisbol"},{"$f":"IFERROR(VLOOKUP(\"UD\",'Informacion '!P:Q,2,FALSE),\"\")","v":"Unidad"},400,{"v":3500,"d":"RD$3,500.00"},{"$f":"INDIRECT(ADDRESS(ROW(),COLUMN()-2,4))*INDIRECT(ADDRESS(ROW(),COLUMN()-1,4))","v":{"v":1400000,"d":"RD$1,400,000.00"}}]
[{"$nulls":4},"TOTAL COMPRA ESTIMADA",{"$f":"SUM(Table27[MONTO TOTAL ESTIMADO])","v":{"v":5550000,"d":"RD$5,550,000.00"}},null,{"$f":"C310","v":"Servicios"},{"$f":"E310","v":"Sí"},{"$f":"D310","v":"Comparacion de Precios"}]
[]
["NOMBRE O REFERENCIA DE CONTRATACIÓN","FINALIDAD DE LA CONTRATACIÓN","OBJETO DE CONTRATACIÓN","PROCEDIMIENTO DE SELECCIÓN","DESTINADO A MIPYMES","CÓDIGO SNIP"]
["Rally de BaseBall","Ejecutar lo planificado","Servicios","Comparacion de Precios","Sí",""]
["FECHA DE NECESSIDAD","FECHA INICIO PROCESO DE COMPRA","2023-02-05","LUGAR DE EJECUCIÓN / ENTREGA","Región","OZAMA O METROPOLITANA"]
[null,"TRIMESTRE",{"$f":"IF(C325=\"\",\"\",IF(AND(MONTH(C325)>=1,MONTH(C325)<=3),1,IF(AND(MONTH(C325)>=4,MONTH(C325)<=6),2,IF(AND(MONTH(C325)>=7,MONTH(C325)<=9),3,4))))","v":1},null,"Provincia","Distrito Nacional"]
[null,"FECHA PREVISTA ADJUDICACIÓN","2023-03-15",null,"Municipio","Distrito Nacional"]
[null,"TRIMESTRE",{"$f":"IF(C327=\"\",\"\",IF(AND(MONTH(C327)>=1,MONTH(C327)<=3),1,IF(AND(MONTH(C327)>=4,MONTH(C327)<=6),2,IF(AND(MONTH(C327)>=7,MONTH(C327)<=9),3,4))))","v":1},null,"Distrito Municipal"]
[]
["CÓDIGO CATÁLOGO","ARTÍCULO","UNIDAD DE MEDIDA","CANTIDAD TOTAL ESTIMADA","PRECIO UNITARIO ESTIMADO","MONTO TOTAL ESTIMADO"]
[90101603,{"$f":"IFERROR(INDEX(UNSPSCDes,MATCH(INDIRECT(ADDRESS(ROW(),COLUMN()-1,4)),UNSPSCCode,0)),IF(INDIRECT(ADDRESS(ROW(),COLUMN()-1,4))=\"80111701\",\"Servicios de contratación de personal\",\"\"))","v":"Servicios de cáterin"},{"$f":"IFERROR(VLOOKUP(\"UD\",'Informacion '!P:Q,2,FALSE),\"\")","v":"Unidad"},1500,{"v":1700,"d":"RD$1,700.00"},{"$f":"INDIRECT(ADDRESS(ROW(),COLUMN()-2,4))*INDIRECT(ADDRESS(ROW(),COLUMN()-1,4))","v":{"v":2550000,"d":"RD$2,550,000.00"}}]
[78111808,{"$f":"IFERROR(INDEX(UNSPSCDes,MATCH(INDIRECT(ADDRESS(ROW(),COLUMN()-1,4)),UNSPSCCode,0)),IF(INDIRECT(ADDRESS(ROW(),COLUMN()-1,4))=\"80111701\",\"Servicios de contratación de personal\",\"\"))","v":"Alquiler de vehículos"},{"$f":"IFERROR(VLOOKUP(\"UD\",'Informacion '!P:Q,2,FALSE),\"\")","v":"Unidad"},8,{"v":65000,"d":"RD$65,000.00"},{"$f":"INDIRECT(ADDRESS(ROW(),COLUMN()-2,4))*INDIRECT(ADDRESS(ROW(),COLUMN()-1,4))","v":{"v":520000,"d":"RD$520,000.00"}}]
[53101602,{"$f":"IFERROR(INDEX(UNSPSCDes,MATCH(INDIRECT(ADDRESS(ROW(),COLUMN()-1,4)),UNSPSCCode,0)),IF(INDIRECT(ADDRESS(ROW(),COLUMN()-1,4))=\"80111701\",\"Servicios de contratación de personal\",\"\"))","v":"Camisas para hombre"},{"$f":"IFERROR(VLOOKUP(\"UD\",'Informacion '!P:Q,2,FALSE),\"\")","v":"Unidad"},1500,{"v":850,"d":"RD$850.00"},{"$f":"INDIRECT(ADDRESS(ROW(),COLUMN()-2,4))*INDIRECT(ADDRESS(ROW(),COLUMN()-1,4))","v":{"v":1275000,"d":"RD$1,275,000.00"}}]
[49161507,{"$f":"IFERROR(INDEX(UNSPSCDes,MATCH(INDIRECT(ADDRESS(ROW(),COLUMN()-1,4)),UNSPSCCode,0)),IF(INDIRECT(ADDRESS(ROW(),COLUMN()-1,4))=\"80111701\",\"Servicios de contratación de personal\",\"\"))","v":"Bases de beisbol"},{"$f":"IFERROR(VLOOKUP(\"UD\",'Informacion '!P:Q,2,FALSE),\"\")","v":"Unidad"},600,{"v":3500,"d":"RD$3,500.00"},{"$f":"INDIRECT(ADDRESS(ROW(),COLUMN()-2,4))*INDIRECT(ADDRESS(ROW(),COLUMN()-1,4))","v":{"v":2100000,"d":"RD$2,100,000.00"}}]
[{"$nulls":4},"TOTAL COMPRA ESTIMADA",{"$f":"SUM(Table28[MONTO TOTAL ESTIMADO])","v":{"v":6445000,"d":"RD$6,445,000.00"}},null,{"$f":"C324","v":"Servicios"},{"$f":"E324","v":"Sí"},{"$f":"D324","v":"Comparacion de Precios"}]
[]
["NOMBRE O REFERENCIA DE CONTRATACIÓN","FINALIDAD DE LA CONTRATACIÓN","OBJETO DE CONTRATACIÓN","PROCEDIMIENTO DE SELECCIÓN","DESTINADO A MIPYMES","CÓDIGO SNIP"]
["Torneo de Atletismo Escolar","Ejecutar lo Planificado","Servicios","Comparacion de Precios","Sí",""]
["FECHA DE NECESSIDAD","FECHA INICIO PROCESO DE COMPRA","2023-04-20","LUGAR DE EJECUCIÓN / ENTREGA","Región","OZAMA O METROPOLITANA"]
[null,"TRIMESTRE",{"$f":"IF(C339=\"\",\"\",IF(AND(MONTH(C339)>=1,MONTH(C339)<=3),1,IF(AND(MONTH(C339)>=4,MONTH(C339)<=6),2,IF(AND(MONTH(C339)>=7,MONTH(C339)<=9),3,4))))","v":2},null,"Provincia","Distrito Nacional"]
[null,"FECHA PREVISTA ADJUDICACIÓN","2023-05-26",null,"Municipio","Distrito Nacional"]
[null,"TRIMESTRE",{"$f":"IF(C341=\"\",\"\",IF(AND(MONTH(C341)>=1,MONTH(C341)<=3),1,IF(AND(MONTH(C341)>=4,MONTH(C341)<=6),2,IF(AND(MONTH(C341)>=7,MONTH(C341)<=9),3,4))))","v":2},null,"Distrito Municipal"]
[]
["CÓDIGO CATÁLOGO","ARTÍCULO","UNIDAD DE MEDIDA","CANTIDAD TOTAL ESTIMADA","PRECIO UNITARIO ESTIMADO","MONTO TOTAL ESTIMADO"]
[90101603,{"$f":"IFERROR(INDEX(UNSPSCDes,MATCH(INDIRECT(ADDRESS(ROW(),COLUMN()-1,4)),UNSPSCCode,0)),IF(INDIRECT(ADDRESS(ROW(),COLUMN()-1,4))=\"80161507\",\"Servicios audiovisuales\",\"\"))","v":"Servicios de cáterin"},{"$f":"IFERROR(VLOOKUP(\"UD\",'Informacion '!P:Q,2,FALSE),\"\")","v":"Unidad"},1500,{"v":1700,"d":"RD$1,700.00"},{"$f":"INDIRECT(ADDRESS(ROW(),COLUMN()-2,4))*INDIRECT(ADDRESS(ROW(),COLUMN()-1,4))","v":{"v":2550000,"d":"RD$2,550,000.00"}}]
[78111808,{"$f":"IFERROR(INDEX(UNSPSCDes,MATCH(INDIRECT(ADDRESS(ROW(),COLUMN()-1,4)),UNSPSCCode,0)),IF(INDIRECT(ADDRESS(ROW(),COLUMN()-1,4))=\"80161507\",\"Servicios audiovisuales\",\"\"))","v":"Alquiler de vehículos"},{"$f":"IFERROR(VLOOKUP(\"UD\",'Informacion '!P:Q,2,FALSE),\"\")","v":"Unidad"},15,{"v":65000,"d":"RD$65,000.00"},{"$f":"INDIRECT(ADDRESS(ROW(),COLUMN()-2,4))*INDIRECT(ADDRESS(ROW(),COLUMN()-1,4))","v":{"v":975000,"d":"RD$975,000.00"}}]
[53101602,{"$f":"IFERROR(INDEX(UNSPSCDes,MATCH(INDIRECT(ADDRESS(ROW(),COLUMN()-1,4)),UNSPSCCode,0)),IF(INDIRECT(ADDRESS(ROW(),COLUMN()-1,4))=\"80161507\",\"Servicios audiovisuales\",\"\"))","v":"Camisas para hombre"},{"$f":"IFERROR(VLOOKUP(\"UD\",'Informacion '!P:Q,2,FALSE),\"\")","v":"Unidad"},2000,{"v":850,"d":"RD$850.00"},{"$f":"INDIRECT(ADDRESS(ROW(),COLUMN()-2,4))*INDIRECT(ADDRESS(ROW(),COLUMN()-1,4))","v":{"v":1700000,"d":"RD$1,700,000.00"}}]
[49161507,{"$f":"IFERROR(INDEX(UNSPSCDes,MATCH(INDIRECT(ADDRESS(ROW(),COLUMN()-1,4)),UNSPSCCode,0)),IF(INDIRECT(ADDRESS(ROW(),COLUMN()-1,4))=\"80161507\",\"Servicios audiovisuales\",\"\"))","v":"Bases de beisbol"},{"$f":"IFERROR(VLOOKUP(\"UD\",'Informacion '!P:Q,2,FALSE),\"\")","v":"Unidad"},700,{"v":3500,"d":"RD$3,500.00"},{"$f":"INDIRECT(ADDRESS(ROW(),COLUMN()-2,4))*INDIRECT(ADDRESS(ROW(),COLUMN()-1,4))","v":{"v":2450000,"d":"RD$2,450,000.00"}}]
[80141607,{"$f":"IFERROR(INDEX(UNSPSCDes,MATCH(INDIRECT(ADDRESS(ROW(),COLUMN()-1,4)),UNSPSCCode,0)),IF(INDIRECT(ADDRESS(ROW(),COLUMN()-1,4))=\"80161507\",\"Servicios audiovisuales\",\"\"))","v":"Gestión de eventos"},{"$f":"IFERROR(VLOOKUP(\"UD\",'Informacion '!P:Q,2,FALSE),\"\")","v":"Unidad"},1,{"v":1425000,"d":"RD$1,425,000.00"},{"$f":"INDIRECT(ADDRESS(ROW(),COLUMN()-2,4))*INDIRECT(ADDRESS(ROW(),COLUMN()-1,4))","v":{"v":1425000,"d":"RD$1,425,000.00"}}]
[{"$nulls":4},"TOTAL COMPRA ESTIMADA",{"$f":"SUM(Table29[MONTO TOTAL ESTIMADO])","v":{"v":9100000,"d":"RD$9,100,000.00"}},null,{"$f":"C338","v":"Servicios"},{"$f":"E338","v":"Sí"},{"$f":"D338","v":"Comparacion de Precios"}]
[]
["NOMBRE O REFERENCIA DE CONTRATACIÓN","FINALIDAD DE LA CONTRATACIÓN","OBJETO DE CONTRATACIÓN","PROCEDIMIENTO DE SELECCIÓN","DESTINADO A MIPYMES","CÓDIGO SNIP"]
["Simponcio CIDE","Ejecutar lo Planificado","Servicios","Compras por debajo del Umbral","No",""]
["FECHA DE NECESSIDAD","FECHA INICIO PROCESO DE COMPRA","2023-04-20","LUGAR DE EJECUCIÓN / ENTREGA","Región","OZAMA O METROPOLITANA"]
[null,"TRIMESTRE",{"$f":"IF(C354=\"\",\"\",IF(AND(MONTH(C354)>=1,MONTH(C354)<=3),1,IF(AND(MONTH(C354)>=4,MONTH(C354)<=6),2,IF(AND(MONTH(C354)>=7,MONTH(C354)<=9),3,4))))","v":2},null,"Provincia","Distrito Nacional"]
[null,"FECHA PREVISTA ADJUDICACIÓN","2023-05-26",null,"Municipio","Distrito Nacional"]
[null,"TRIMESTRE",{"$f":"IF(C356=\"\",\"\",IF(AND(MONTH(C356)>=1,MONTH(C356)<=3),1,IF(AND(MONTH(C356)>=4,MONTH(C356)<=6),2,IF(AND(MONTH(C356)>=7,MONTH(C356)<=9),3,4))))","v":2},null,"Distrito Municipal"]
[]
["CÓDIGO CATÁLOGO","ARTÍCULO","UNIDAD DE MEDIDA","CANTIDAD TOTAL ESTIMADA","PRECIO UNITARIO ESTIMADO","MONTO TOTAL ESTIMADO"]
[80141607,{"$f":"IFERROR(INDEX(UNSPSCDes,MATCH(INDIRECT(ADDRESS(ROW(),COLUMN()-1,4)),UNSPSCCode,0)),IF(INDIRECT(ADDRESS(ROW(),COLUMN()-1,4))=\"82121503\",\"Impresión digital\",\"\"))","v":"Gestión de eventos"},{"$f":"IFERROR(VLOOKUP(\"UD\",'Informacion '!P:Q,2,FALSE),\"\")","v":"Unidad"},1,{"v":686000,"d":"RD$686,000.00"},{"$f":"INDIRECT(ADDRESS(ROW(),COLUMN()-2,4))*INDIRECT(ADDRESS(ROW(),COLUMN()-1,4))","v":{"v":686000,"d":"RD$686,000.00"}}]
[{"$nulls":4},"TOTAL COMPRA ESTIMADA",{"$f":"SUM(Table30[MONTO TOTAL ESTIMADO])","v":{"v":686000,"d":"RD$686,000.00"}},null,{"$f":"C353","v":"Servicios"},{"$f":"E353","v":"No"},{"$f":"D353","v":"Compras por debajo del Umbral"}]
[]
["NOMBRE O REFERENCIA DE CONTRATACIÓN","FINALIDAD DE LA CONTRATACIÓN","OBJETO DE CONTRATACIÓN","PROCEDIMIENTO DE SELECCIÓN","DESTINADO A MIPYMES","CÓDIGO SNIP"]
["Juegos Deportivos Escolares Nacionales","Ejecutar lo Planificado","Servicios","Licitacion Publica","No",""]
["FECHA DE NECESSIDAD","FECHA INICIO PROCESO DE COMPRA","2023-07-06","LUGAR DE EJECUCIÓN / ENTREGA","Región","OZAMA O METROPOLITANA"]
[null,"TRIMESTRE",{"$f":"IF(C365=\"\",\"\",IF(AND(MONTH(C365)>=1,MONTH(C365)<=3),1,IF(AND(MONTH(C365)>=4,MONTH(C365)<=6),2,IF(AND(MONTH(C365)>=7,MONTH(C365)<=9),3,4))))","v":3},null,"Provincia","Distrito Nacional"]
[null,"FECHA PREVISTA ADJUDICACIÓN","2023-09-26",null,"Municipio","Distrito Nacional"]
[null,"TRIMESTRE",{"$f":"IF(C367=\"\",\"\",IF(AND(MONTH(C367)>=1,MONTH(C367)<=3),1,IF(AND(MONTH(C367)>=4,MONTH(C367)<=6),2,IF(AND(MONTH(C367)>=7,MONTH(C367)<=9),3,4))))","v":3},null,"Distrito Municipal"]
[]
["CÓDIGO CATÁLOGO","ARTÍCULO","UNIDAD DE MEDIDA","CANTIDAD TOTAL ESTIMADA","PRECIO UNITARIO ESTIMADO","MONTO TOTAL ESTIMADO"]
[80141607,{"$f":"IFERROR(INDEX(UNSPSCDes,MATCH(INDIRECT(ADDRESS(ROW(),COLUMN()-1,4)),UNSPSCCode,0)),IF(INDIRECT(ADDRESS(ROW(),COLUMN()-1,4))=\"78111808\",\"Alquiler de vehículos\",\"\"))","v":"Gestión de eventos"},{"$f":"IFERROR(VLOOKUP(\"UD\",'Informacion '!P:Q,2,FALSE),\"\")","v":"Unidad"},2,{"v":10000000,"d":"RD$10,000,000.00"},{"$f":"INDIRECT(ADDRESS(ROW(),COLUMN()-2,4))*INDIRECT(ADDRESS(ROW(),COLUMN()-1,4))","v":{"v":20000000,"d":"RD$20,000,000.00"}}]
[90101603,"Servicios de cáterin",{"$f":"IFERROR(VLOOKUP(\"UD\",'Informacion '!P:Q,2,FALSE),\"\")","v":"Unidad"},8000,{"v":1700,"d":"RD$1,700.00"},{"v":13600000,"d":"RD$13,600,000.00"}]
[78111808,"Alquiler de vehículos",{"$f":"IFERROR(VLOOKUP(\"UD\",'Informacion '!P:Q,2,FALSE),\"\")","v":"Unidad"},800,{"v":65000,"d":"RD$65,000.00"},{"v":52000000,"d":"RD$52,000,000.00"}]
[53101602,"Camisas para hombre",{"$f":"IFERROR(VLOOKUP(\"UD\",'Informacion '!P:Q,2,FALSE),\"\")","v":"Unidad"},8000,{"v":850,"d":"RD$850.00"},{"v":6800000,"d":"RD$6,800,000.00"}]
[49161507,"Bases de beisbol",{"$f":"IFERROR(VLOOKUP(\"UD\",'Informacion '!P:Q,2,FALSE),\"\")","v":"Unidad"},8000,{"v":3500,"d":"RD$3,500.00"},{"v":28000000,"d":"RD$28,000,000.00"}]
[53111903,"Calzado atlético para niño",{"$f":"IFERROR(VLOOKUP(\"UD\",'Informacion '!P:Q,2,FALSE),\"\")","v":"Unidad"},8000,{"v":5500,"d":"RD$5,500.00"},{"v":44000000,"d":"RD$44,000,000.00"}]
[90111503,"Hospedajes de cama y desayuno",{"$f":"IFERROR(VLOOKUP(\"UD\",'Informacion '!P:Q,2,FALSE),\"\")","v":"Unidad"},2,{"v":15000000,"d":"RD$15,000,000.00"},{"v":30000000,"d":"RD$30,000,000.00"}]
[82101504,"Publicidad en periódicos",{"$f":"IFERROR(VLOOKUP(\"UD\",'Informacion '!P:Q,2,FALSE),\"\")","v":"Unidad"},1,{"v":10000000,"d":"RD$10,000,000.00"},{"v":10000000,"d":"RD$10,000,000.00"}]
[{"$nulls":4},"TOTAL COMPRA ESTIMADA",{"$f":"SUM(Table31[MONTO TOTAL ESTIMADO])","v":{"v":204400000,"d":"RD$204,400,000.00"}},null,{"$f":"C364","v":"Servicios"},{"$f":"E364","v":"No"},{"$f":"D364","v":"Licitacion Publica"}]
[]
["NOMBRE O REFERENCIA DE CONTRATACIÓN","FINALIDAD DE LA CONTRATACIÓN","OBJETO DE CONTRATACIÓN","PROCEDIMIENTO DE SELECCIÓN","DESTINADO A MIPYMES","CÓDIGO SNIP"]
["Juegos Deportivos Escolares Nacionales","Ejecutar lo Planificado","Servicios","Licitacion Publica","Sí",""]
["FECHA DE NECESSIDAD","FECHA INICIO PROCESO DE COMPRA","2023-04-20","LUGAR DE EJECUCIÓN / ENTREGA","Región","OZAMA O METROPOLITANA"]
[null,"TRIMESTRE",{"$f":"IF(C383=\"\",\"\",IF(AND(MONTH(C383)>=1,MONTH(C383)<=3),1,IF(AND(MONTH(C383)>=4,MONTH(C383)<=6),2,IF(AND(MONTH(C383)>=7,MONTH(C383)<=9),3,4))))","v":2},null,"Provincia","Distrito Nacional"]
[null,"FECHA PREVISTA ADJUDICACIÓN","2023-05-26",null,"Municipio","Distrito Nacional"]
[null,"TRIMESTRE",{"$f":"IF(C385=\"\",\"\",IF(AND(MONTH(C385)>=1,MONTH(C385)<=3),1,IF(AND(MONTH(C385)>=4,MONTH(C385)<=6),2,IF(AND(MONTH(C385)>=7,MONTH(C385)<=9),3,4))))","v":2},null,"Distrito Municipal"]
[]
["CÓDIGO CATÁLOGO","ARTÍCULO","UNIDAD DE MEDIDA","CANTIDAD TOTAL ESTIMADA","PRECIO UNITARIO ESTIMADO","MONTO TOTAL ESTIMADO"]
[80141607,{"$f":"IFERROR(INDEX(UNSPSCDes,MATCH(INDIRECT(ADDRESS(ROW(),COLUMN()-1,4)),UNSPSCCode,0)),IF(INDIRECT(ADDRESS(ROW(),COLUMN()-1,4))=\"80141607\",\"Gestión de eventos\",\"\"))","v":"Gestión de eventos"},{"$f":"IFERROR(VLOOKUP(\"UD\",'Informacion '!P:Q,2,FALSE),\"\")","v":"Unidad"},2,{"v":10000000,"d":"RD$10,000,000.00"},{"$f":"INDIRECT(ADDRESS(ROW(),COLUMN()-2,4))*INDIRECT(ADDRESS(ROW(),COLUMN()-1,4))","v":{"v":20000000,"d":"RD$20,000,000.00"}}]
[90101603,"Servicios de cáterin",{"$f":"IFERROR(VLOOKUP(\"UD\",'Informacion '!P:Q,2,FALSE),\"\")","v":"Unidad"},8000,{"v":1700,"d":"RD$1,700.00"},{"v":13600000,"d":"RD$13,600,000.00"}]
[78111808,"Alquiler de vehículos",{"$f":"IFERROR(VLOOKUP(\"UD\",'Informacion '!P:Q,2,FALSE),\"\")","v":"Unidad"},800,{"v":65000,"d":"RD$65,000.00"},{"v":52000000,"d":"RD$52,000,000.00"}]
[53101602,"Camisas para hombre",{"$f":"IFERROR(VLOOKUP(\"UD\",'Informacion '!P:Q,2,FALSE),\"\")","v":"Unidad"},8000,{"v":850,"d":"RD$850.00"},{"v":6800000,"d":"RD$6,800,000.00"}]
[49161507,"Bases de beisbol",{"$f":"IFERROR(VLOOKUP(\"UD\",'Informacion '!P:Q,2,FALSE),\"\")","v":"Unidad"},8000,{"v":3500,"d":"RD$3,500.00"},{"v":28000000,"d":"RD$28,000,000.00"}]
[53111903,"Calzado atlético para niño",{"$f":"IFERROR(VLOOKUP(\"UD\",'Informacion '!P:Q,2,FALSE),\"\")","v":"Unidad"},8000,{"v":5500,"d":"RD$5,500.00"},{"v":44000000,"d":"RD$44,000,000.00"}]
[90111503,"Hospedajes de cama y desayuno",{"$f":"IFERROR(VLOOKUP(\"UD\",'Informacion '!P:Q,2,FALSE),\"\")","v":"Unidad"},2,{"v":15000000,"d":"RD$15,000,000.00"},{"v":30000000,"d":"RD$30,000,000.00"}]
[{"$nulls":4},"TOTAL COMPRA ESTIMADA",{"$f":"SUM(Table32[MONTO TOTAL ESTIMADO])","v":{"v":194400000,"d":"RD$194,400,000.00"}},null,{"$f":"C382","v":"Servicios"},{"$f":"E382","v":"Sí"},{"$f":"D382","v":"Licitacion Publica"}]
[]
["NOMBRE O REFERENCIA DE CONTRATACIÓN","FINALIDAD DE LA CONTRATACIÓN","OBJETO DE CONTRATACIÓN","PROCEDIMIENTO DE SELECCIÓN","DESTINADO A MIPYMES","CÓDIGO SNIP"]
["Eventos Primer Trimestre 2023","Ejecutar lo Planificado","Servicios","Comparacion de Precios","Sí",""]
["FECHA DE NECESSIDAD","FECHA INICIO PROCESO DE COMPRA","2023-02-05","LUGAR DE EJECUCIÓN / ENTREGA","Región","OZAMA O METROPOLITANA"]
[null,"TRIMESTRE",{"$f":"IF(C400=\"\",\"\",IF(AND(MONTH(C400)>=1,MONTH(C400)<=3),1,IF(AND(MONTH(C400)>=4,MONTH(C400)<=6),2,IF(AND(MONTH(C400)>=7,MONTH(C400)<=9),3,4))))","v":1},null,"Provincia","Distrito Nacional"]
[null,"FECHA PREVISTA ADJUDICACIÓN","2023-03-07",null,"Municipio","Distrito Nacional"]
[null,"TRIMESTRE",{"$f":"IF(C402=\"\",\"\",IF(AND(MONTH(C402)>=1,MONTH(C402)<=3),1,IF(AND(MONTH(C402)>=4,MONTH(C402)<=6),2,IF(AND(MONTH(C402)>=7,MONTH(C402)<=9),3,4))))","v":1},null,"Distrito Municipal"]
[]
["CÓDIGO CATÁLOGO","ARTÍCULO","UNIDAD DE MEDIDA","CANTIDAD TOTAL ESTIMADA","PRECIO UNITARIO ESTIMADO","MONTO TOTAL ESTIMADO"]
[80141607,{"$f":"IFERROR(INDEX(UNSPSCDes,MATCH(INDIRECT(ADDRESS(ROW(),COLUMN()-1,4)),UNSPSCCode,0)),IF(INDIRECT(ADDRESS(ROW(),COLUMN()-1,4))=\"90101603\",\"Servicios de cáterin\",\"\"))","v":"Gestión de eventos"},{"$f":"IFERROR(VLOOKUP(\"UD\",'Informacion '!P:Q,2,FALSE),\"\")","v":"Unidad"},1,{"v":5100000,"d":"RD$5,100,000.00"},{"$f":"INDIRECT(ADDRESS(ROW(),COLUMN()-2,4))*INDIRECT(ADDRESS(ROW(),COLUMN()-1,4))","v":{"v":5100000,"d":"RD$5,100,000.00"}}]
[{"$nulls":4},"TOTAL COMPRA ESTIMADA",{"$f":"SUM(Table34[MONTO TOTAL ESTIMADO])","v":{"v":5100000,"d":"RD$5,100,000.00"}},null,{"$f":"C399","v":"Servicios"},{"$f":"E399","v":"Sí"},{"$f":"D399","v":"Comparacion de Precios"}]
[]
["NOMBRE O REFERENCIA DE CONTRATACIÓN","FINALIDAD DE LA CONTRATACIÓN","OBJETO DE CONTRATACIÓN","PROCEDIMIENTO DE SELECCIÓN","DESTINADO A MIPYMES","CÓDIGO SNIP"]
["Eventos Primer Trimestre 2023","Ejecutar lo Planificado","Servicios","Comparacion de Precios","MIPYME Mujeres",""]
["FECHA DE NECESSIDAD","FECHA INICIO PROCESO DE COMPRA","2023-02-10","LUGAR DE EJECUCIÓN / ENTREGA","Región","OZAMA O METROPOLITANA"]
[null,"TRIMESTRE",{"$f":"IF(C411=\"\",\"\",IF(AND(MONTH(C411)>=1,MONTH(C411)<=3),1,IF(AND(MONTH(C411)>=4,MONTH(C411)<=6),2,IF(AND(MONTH(C411)>=7,MONTH(C411)<=9),3,4))))","v":1},null,"Provincia","Distrito Nacional"]
[null,"FECHA PREVISTA ADJUDICACIÓN","2023-03-17",null,"Municipio","Distrito Nacional"]
[null,"TRIMESTRE",{"$f":"IF(C413=\"\",\"\",IF(AND(MONTH(C413)>=1,MONTH(C413)<=3),1,IF(AND(MONTH(C413)>=4,MONTH(C413)<=6),2,IF(AND(MONTH(C413)>=7,MONTH(C413)<=9),3,4))))","v":1},null,"Distrito Municipal"]
[]
["CÓDIGO CATÁLOGO","ARTÍCULO","UNIDAD DE MEDIDA","CANTIDAD TOTAL ESTIMADA","PRECIO UNITARIO ESTIMADO","MONTO TOTAL ESTIMADO"]
[80141607,{"$f":"IFERROR(INDEX(UNSPSCDes,MATCH(INDIRECT(ADDRESS(ROW(),COLUMN()-1,4)),UNSPSCCode,0)),IF(INDIRECT(ADDRESS(ROW(),COLUMN()-1,4))=\"78111803\",\"Servicios de buses contratados\",\"\"))","v":"Gestión de eventos"},{"$f":"IFERROR(VLOOKUP(\"UD\",'Informacion '!P:Q,2,FALSE),\"\")","v":"Unidad"},1,{"v":5100000,"d":"RD$5,100,000.00"},{"$f":"INDIRECT(ADDRESS(ROW(),COLUMN()-2,4))*INDIRECT(ADDRESS(ROW(),COLUMN()-1,4))","v":{"v":5100000,"d":"RD$5,100,000.00"}}]
[{"$nulls":4},"TOTAL COMPRA ESTIMADA",{"$f":"SUM(Table35[MONTO TOTAL ESTIMADO])","v":{"v":5100000,"d":"RD$5,100,000.00"}},null,{"$f":"C410","v":"Servicios"},{"$f":"E410","v":"MIPYME Mujeres"},{"$f":"D410","v":"Comparacion de Precios"}]
[]
["NOMBRE O REFERENCIA DE CONTRATACIÓN","FINALIDAD DE LA CONTRATACIÓN","OBJETO DE CONTRATACIÓN","PROCEDIMIENTO DE SELECCIÓN","DESTINADO A MIPYMES","CÓDIGO SNIP"]
["Publicidad Primer Trimestre 2023","Ejecutar lo Planificado","Servicios","Comparacion de Precios","Sí",""]
["FECHA DE NECESSIDAD","FECHA INICIO PROCESO DE COMPRA","2023-02-10","LUGAR DE EJECUCIÓN / ENTREGA","Región","OZAMA O METROPOLITANA"]
[null,"TRIMESTRE",{"$f":"IF(C422=\"\",\"\",IF(AND(MONTH(C422)>=1,MONTH(C422)<=3),1,IF(AND(MONTH(C422)>=4,MONTH(C422)<=6),2,IF(AND(MONTH(C422)>=7,MONTH(C422)<=9),3,4))))","v":1},null,"Provincia","Distrito Nacional"]
[null,"FECHA PREVISTA ADJUDICACIÓN","2023-03-17",null,"Municipio","Distrito Nacional"]
[null,"TRIMESTRE",{"$f":"IF(C424=\"\",\"\",IF(AND(MONTH(C424)>=1,MONTH(C424)<=3),1,IF(AND(MONTH(C424)>=4,MONTH(C424)<=6),2,IF(AND(MONTH(C424)>=7,MONTH(C424)<=9),3,4))))","v":1},null,"Distrito Municipal"]
[]
["CÓDIGO CATÁLOGO","ARTÍCULO","UNIDAD DE MEDIDA","CANTIDAD TOTAL ESTIMADA","PRECIO UNITARIO ESTIMADO","MONTO TOTAL ESTIMADO"]
[82101504,{"$f":"IFERROR(INDEX(UNSPSCDes,MATCH(INDIRECT(ADDRESS(ROW(),COLUMN()-1,4)),UNSPSCCode,0)),IF(INDIRECT(ADDRESS(ROW(),COLUMN()-1,4))=\"80141607\",\"Gestión de eventos\",\"\"))","v":"Publicidad en periódicos"},{"$f":"IFERROR(VLOOKUP(\"UD\",'Informacion '!P:Q,2,FALSE),\"\")","v":"Unidad"},1,{"v":5136952,"d":"RD$5,136,952.00"},{"$f":"INDIRECT(ADDRESS(ROW(),COLUMN()-2,4))*INDIRECT(ADDRESS(ROW(),COLUMN()-1,4))","v":{"v":5136952,"d":"RD$5,136,952.00"}}]
[{"$nulls":4},"TOTAL COMPRA ESTIMADA",{"$f":"SUM(Table36[MONTO TOTAL ESTIMADO])","v":{"v":5136952,"d":"RD$5,136,952.00"}},null,{"$f":"C421","v":"Servicios"},{"$f":"E421","v":"Sí"},{"$f":"D421","v":"Comparacion de Precios"}]
[]
["NOMBRE O REFERENCIA DE CONTRATACIÓN","FINALIDAD DE LA CONTRATACIÓN","OBJETO DE CONTRATACIÓN","PROCEDIMIENTO DE SELECCIÓN","DESTINADO A MIPYMES","CÓDIGO SNIP"]
["Publicidad Segundo Trimestre 2023","Ejecutar lo Planificado","Servicios","Compras por debajo del Umbral","No",""]
["FECHA DE NECESSIDAD","FECHA INICIO PROCESO DE COMPRA","2023-04-05","LUGAR DE EJECUCIÓN / ENTREGA","Región","OZAMA O METROPOLITANA"]
[null,"TRIMESTRE",{"$f":"IF(C433=\"\",\"\",IF(AND(MONTH(C433)>=1,MONTH(C433)<=3),1,IF(AND(MONTH(C433)>=4,MONTH(C433)<=6),2,IF(AND(MONTH(C433)>=7,MONTH(C433)<=9),3,4))))","v":2},null,"Provincia","Distrito Nacional"]
[null,"FECHA PREVISTA ADJUDICACIÓN","2023-05-15",null,"Municipio","Distrito Nacional"]
[null,"TRIMESTRE",{"$f":"IF(C435=\"\",\"\",IF(AND(MONTH(C435)>=1,MONTH(C435)<=3),1,IF(AND(MONTH(C435)>=4,MONTH(C435)<=6),2,IF(AND(MONTH(C435)>=7,MONTH(C435)<=9),3,4))))","v":2},null,"Distrito Municipal"]
[]
["CÓDIGO CATÁLOGO","ARTÍCULO","UNIDAD DE MEDIDA","CANTIDAD TOTAL ESTIMADA","PRECIO UNITARIO ESTIMADO","MONTO TOTAL ESTIMADO"]
[82101504,{"$f":"IFERROR(INDEX(UNSPSCDes,MATCH(INDIRECT(ADDRESS(ROW(),COLUMN()-1,4)),UNSPSCCode,0)),IF(INDIRECT(ADDRESS(ROW(),COLUMN()-1,4))=\"78111803\",\"Servicios de buses contratados\",\"\"))","v":"Publicidad en periódicos"},{"$f":"IFERROR(VLOOKUP(\"UD\",'Informacion '!P:Q,2,FALSE),\"\")","v":"Unidad"},1,{"v":5100000,"d":"RD$5,100,000.00"},{"$f":"INDIRECT(ADDRESS(ROW(),COLUMN()-2,4))*INDIRECT(ADDRESS(ROW(),COLUMN()-1,4))","v":{"v":5100000,"d":"RD$5,100,000.00"}}]
[{"$nulls":4},"TOTAL COMPRA ESTIMADA",{"$f":"SUM(Table37[MONTO TOTAL ESTIMADO])","v":{"v":5100000,"d":"RD$5,100,000.00"}},null,{"$f":"C432","v":"Servicios"},{"$f":"E432","v":"No"},{"$f":"D432","v":"Compras por debajo del Umbral"}]
[]
["NOMBRE O REFERENCIA DE CONTRATACIÓN","FINALIDAD DE LA CONTRATACIÓN","OBJETO DE CONTRATACIÓN","PROCEDIMIENTO DE SELECCIÓN","DESTINADO A MIPYMES","CÓDIGO SNIP"]
["Publicidad Tercer Trimestre 2023","Ejecutar lo Planificado","Servicios","Comparacion de Precios","Sí",""]
["FECHA DE NECESSIDAD","FECHA INICIO PROCESO DE COMPRA","2023-07-11","LUGAR DE EJECUCIÓN / ENTREGA","Región","OZAMA O METROPOLITANA"]
[null,"TRIMESTRE",{"$f":"IF(C444=\"\",\"\",IF(AND(MONTH(C444)>=1,MONTH(C444)<=3),1,IF(AND(MONTH(C444)>=4,MONTH(C444)<=6),2,IF(AND(MONTH(C444)>=7,MONTH(C444)<=9),3,4))))","v":3},null,"Provincia","Distrito Nacional"]
[null,"FECHA PREVISTA ADJUDICACIÓN","2023-08-21",null,"Municipio","Distrito Nacional"]
[null,"TRIMESTRE",{"$f":"IF(C446=\"\",\"\",IF(AND(MONTH(C446)>=1,MONTH(C446)<=3),1,IF(AND(MONTH(C446)>=4,MONTH(C446)<=6),2,IF(AND(MONTH(C446)>=7,MONTH(C446)<=9),3,4))))","v":3},null,"Distrito Municipal"]
[]
["CÓDIGO CATÁLOGO","ARTÍCULO","UNIDAD DE MEDIDA","CANTIDAD TOTAL ESTIMADA","PRECIO UNITARIO ESTIMADO","MONTO TOTAL ESTIMADO"]
[82101504,{"$f":"IFERROR(INDEX(UNSPSCDes,MATCH(INDIRECT(ADDRESS(ROW(),COLUMN()-1,4)),UNSPSCCode,0)),IF(INDIRECT(ADDRESS(ROW(),COLUMN()-1,4))=\"90101603\",\"Servicios de cáterin\",\"\"))","v":"Publicidad en periódicos"},{"$f":"IFERROR(VLOOKUP(\"UD\",'Informacion '!P:Q,2,FALSE),\"\")","v":"Unidad"},1,{"v":5100000,"d":"RD$5,100,000.00"},{"$f":"INDIRECT(ADDRESS(ROW(),COLUMN()-2,4))*INDIRECT(ADDRESS(ROW(),COLUMN()-1,4))","v":{"v":5100000,"d":"RD$5,100,000.00"}}]
[{"$nulls":4},"TOTAL COMPRA ESTIMADA",{"$f":"SUM(Table38[MONTO TOTAL ESTIMADO])","v":{"v":5100000,"d":"RD$5,100,000.00"}},null,{"$f":"C443","v":"Servicios"},{"$f":"E443","v":"Sí"},{"$f":"D443","v":"Comparacion de Precios"}]
[]
["NOMBRE O REFERENCIA DE CONTRATACIÓN","FINALIDAD DE LA CONTRATACIÓN","OBJETO DE CONTRATACIÓN","PROCEDIMIENTO DE SELECCIÓN","DESTINADO A MIPYMES","CÓDIGO SNIP"]
["Publicidad Cuarto Trimestre 2023","Ejecutar lo Planificado","Servicios","Comparacion de Precios","Sí",""]
["FECHA DE NECESSIDAD","FECHA INICIO PROCESO DE COMPRA","2023-10-08","LUGAR DE EJECUCIÓN / ENTREGA","Región","OZAMA O METROPOLITANA"]
[null,"TRIMESTRE",{"$f":"IF(C455=\"\",\"\",IF(AND(MONTH(C455)>=1,MONTH(C455)<=3),1,IF(AND(MONTH(C455)>=4,MONTH(C455)<=6),2,IF(AND(MONTH(C455)>=7,MONTH(C455)<=9),3,4))))","v":4},null,"Provincia","Distrito Nacional"]
[null,"FECHA PREVISTA ADJUDICACIÓN","2023-11-18",null,"Municipio","Distrito Nacional"]
[null,"TRIMESTRE",{"$f":"IF(C457=\"\",\"\",IF(AND(MONTH(C457)>=1,MONTH(C457)<=3),1,IF(AND(MONTH(C457)>=4,MONTH(C457)<=6),2,IF(AND(MONTH(C457)>=7,MONTH(C457)<=9),3,4))))","v":4},null,"Distrito Municipal"]
[]
["CÓDIGO CATÁLOGO","ARTÍCULO","UNIDAD DE MEDIDA","CANTIDAD TOTAL ESTIMADA","PRECIO UNITARIO ESTIMADO","MONTO TOTAL ESTIMADO"]
[82101504,{"$f":"IFERROR(INDEX(UNSPSCDes,MATCH(INDIRECT(ADDRESS(ROW(),COLUMN()-1,4)),UNSPSCCode,0)),IF(INDIRECT(ADDRESS(ROW(),COLUMN()-1,4))=\"80141607\",\"Gestión de eventos\",\"\"))","v":"Publicidad en periódicos"},{"$f":"IFERROR(VLOOKUP(\"UD\",'Informacion '!P:Q,2,FALSE),\"\")","v":"Unidad"},1,{"v":5100000,"d":"RD$5,100,000.00"},{"$f":"INDIRECT(ADDRESS(ROW(),COLUMN()-2,4))*INDIRECT(ADDRESS(ROW(),COLUMN()-1,4))","v":{"v":5100000,"d":"RD$5,100,000.00"}}]
[{"$nulls":4},"TOTAL COMPRA ESTIMADA",{"$f":"SUM(Table39[MONTO TOTAL ESTIMADO])","v":{"v":5100000,"d":"RD$5,100,000.00"}},null,{"$f":"C454","v":"Servicios"},{"$f":"E454","v":"Sí"},{"$f":"D454","v":"Comparacion de Precios"}]
[]
["NOMBRE O REFERENCIA DE CONTRATACIÓN","FINALIDAD DE LA CONTRATACIÓN","OBJETO DE CONTRATACIÓN","PROCEDIMIENTO DE SELECCIÓN","DESTINADO A MIPYMES","CÓDIGO SNIP"]
["Eventos Segundo Trimestre 2023","Ejecutar lo Planificado","Servicios","Licitacion Publica","Sí",""]
["FECHA DE NECESSIDAD","FECHA INICIO PROCESO DE COMPRA","2023-04-08","LUGAR DE EJECUCIÓN / ENTREGA","Región","OZAMA O METROPOLITANA"]
[null,"TRIMESTRE",{"$f":"IF(C466=\"\",\"\",IF(AND(MONTH(C466)>=1,MONTH(C466)<=3),1,IF(AND(MONTH(C466)>=4,MONTH(C466)<=6),2,IF(AND(MONTH(C466)>=7,MONTH(C466)<=9),3,4))))","v":2},null,"Provincia","Distrito Nacional"]
[null,"FECHA PREVISTA ADJUDICACIÓN","2023-07-28",null,"Municipio","Distrito Nacional"]
[null,"TRIMESTRE",{"$f":"IF(C468=\"\",\"\",IF(AND(MONTH(C468)>=1,MONTH(C468)<=3),1,IF(AND(MONTH(C468)>=4,MONTH(C468)<=6),2,IF(AND(MONTH(C468)>=7,MONTH(C468)<=9),3,4))))","v":3},null,"Distrito Municipal"]
[]
["CÓDIGO CATÁLOGO","ARTÍCULO","UNIDAD DE MEDIDA","CANTIDAD TOTAL ESTIMADA","PRECIO UNITARIO ESTIMADO","MONTO TOTAL ESTIMADO"]
[80141607,{"$f":"IFERROR(INDEX(UNSPSCDes,MATCH(INDIRECT(ADDRESS(ROW(),COLUMN()-1,4)),UNSPSCCode,0)),IF(INDIRECT(ADDRESS(ROW(),COLUMN()-1,4))=\"53103001\",\"Camisetas (t-shirts)\",\"\"))","v":"Gestión de eventos"},{"$f":"IFERROR(VLOOKUP(\"UD\",'Informacion '!P:Q,2,FALSE),\"\")","v":"Unidad"},1,{"v":150000000,"d":"RD$150,000,000.00"},{"$f":"INDIRECT(ADDRESS(ROW(),COLUMN()-2,4))*INDIRECT(ADDRESS(ROW(),COLUMN()-1,4))","v":{"v":150000000,"d":"RD$150,000,000.00"}}]
[{"$nulls":4},"TOTAL COMPRA ESTIMADA",{"$f":"SUM(Table40[MONTO TOTAL ESTIMADO])","v":{"v":150000000,"d":"RD$150,000,000.00"}},null,{"$f":"C465","v":"Servicios"},{"$f":"E465","v":"Sí"},{"$f":"D465","v":"Licitacion Publica"}]
[]
["NOMBRE O REFERENCIA DE CONTRATACIÓN","FINALIDAD DE LA CONTRATACIÓN","OBJETO DE CONTRATACIÓN","PROCEDIMIENTO DE SELECCIÓN","DESTINADO A MIPYMES","CÓDIGO SNIP"]
["Eventos 4to. Trimestre Trimestre 2023","Ejecutar lo Planificado","Servicios","Comparacion de Precios","Sí",""]
["FECHA DE NECESSIDAD","FECHA INICIO PROCESO DE COMPRA","2023-10-08","LUGAR DE EJECUCIÓN / ENTREGA","Región","OZAMA O METROPOLITANA"]
[null,"TRIMESTRE",{"$f":"IF(C477=\"\",\"\",IF(AND(MONTH(C477)>=1,MONTH(C477)<=3),1,IF(AND(MONTH(C477)>=4,MONTH(C477)<=6),2,IF(AND(MONTH(C477)>=7,MONTH(C477)<=9),3,4))))","v":4},null,"Provincia","Distrito Nacional"]
[null,"FECHA PREVISTA ADJUDICACIÓN","2023-11-10",null,"Municipio","Distrito Nacional"]
[null,"TRIMESTRE",{"$f":"IF(C479=\"\",\"\",IF(AND(MONTH(C479)>=1,MONTH(C479)<=3),1,IF(AND(MONTH(C479)>=4,MONTH(C479)<=6),2,IF(AND(MONTH(C479)>=7,MONTH(C479)<=9),3,4))))","v":4},null,"Distrito Municipal"]
[]
["CÓDIGO CATÁLOGO","ARTÍCULO","UNIDAD DE MEDIDA","CANTIDAD TOTAL ESTIMADA","PRECIO UNITARIO ESTIMADO","MONTO TOTAL ESTIMADO"]
[80141607,{"$f":"IFERROR(INDEX(UNSPSCDes,MATCH(INDIRECT(ADDRESS(ROW(),COLUMN()-1,4)),UNSPSCCode,0)),IF(INDIRECT(ADDRESS(ROW(),COLUMN()-1,4))=\"78111808\",\"Alquiler de vehículos\",\"\"))","v":"Gestión de eventos"},{"$f":"IFERROR(VLOOKUP(\"UD\",'Informacion '!P:Q,2,FALSE),\"\")","v":"Unidad"},1,{"v":5150000,"d":"RD$5,150,000.00"},{"$f":"INDIRECT(ADDRESS(ROW(),COLUMN()-2,4))*INDIRECT(ADDRESS(ROW(),COLUMN()-1,4))","v":{"v":5150000,"d":"RD$5,150,000.00"}}]
[{"$nulls":4},"TOTAL COMPRA ESTIMADA",{"$f":"SUM(Table41[MONTO TOTAL ESTIMADO])","v":{"v":5150000,"d":"RD$5,150,000.00"}},null,{"$f":"C476","v":"Servicios"},{"$f":"E476","v":"Sí"},{"$f":"D476","v":"Comparacion de Precios"}]
[]
["NOMBRE O REFERENCIA DE CONTRATACIÓN","FINALIDAD DE LA CONTRATACIÓN","OBJETO DE CONTRATACIÓN","PROCEDIMIENTO DE SELECCIÓN","DESTINADO A MIPYMES","CÓDIGO SNIP"]
["Cartering Primer Trimestre 2023","Ejecutar lo Planificado","Servicios","Comparacion de Precios","Sí",""]
["FECHA DE NECESSIDAD","FECHA INICIO PROCESO DE COMPRA","2023-02-10","LUGAR DE EJECUCIÓN / ENTREGA","Región","OZAMA O METROPOLITANA"]
[null,"TRIMESTRE",{"$f":"IF(C488=\"\",\"\",IF(AND(MONTH(C488)>=1,MONTH(C488)<=3),1,IF(AND(MONTH(C488)>=4,MONTH(C488)<=6),2,IF(AND(MONTH(C488)>=7,MONTH(C488)<=9),3,4))))","v":1},null,"Provincia","Distrito Nacional"]
[null,"FECHA PREVISTA ADJUDICACIÓN","2023-03-18",null,"Municipio","Distrito Nacional"]
[null,"TRIMESTRE",{"$f":"IF(C490=\"\",\"\",IF(AND(MONTH(C490)>=1,MONTH(C490)<=3),1,IF(AND(MONTH(C490)>=4,MONTH(C490)<=6),2,IF(AND(MONTH(C490)>=7,MONTH(C490)<=9),3,4))))","v":1},null,"Distrito Municipal"]
[]
["CÓDIGO CATÁLOGO","ARTÍCULO","UNIDAD DE MEDIDA","CANTIDAD TOTAL ESTIMADA","PRECIO UNITARIO ESTIMADO","MONTO TOTAL ESTIMADO"]
[90101603,{"$f":"IFERROR(INDEX(UNSPSCDes,MATCH(INDIRECT(ADDRESS(ROW(),COLUMN()-1,4)),UNSPSCCode,0)),IF(INDIRECT(ADDRESS(ROW(),COLUMN()-1,4))=\"82121503\",\"Impresión digital\",\"\"))","v":"Servicios de cáterin"},{"$f":"IFERROR(VLOOKUP(\"UD\",'Informacion '!P:Q,2,FALSE),\"\")","v":"Unidad"},1,{"v":5100000,"d":"RD$5,100,000.00"},{"$f":"INDIRECT(ADDRESS(ROW(),COLUMN()-2,4))*INDIRECT(ADDRESS(ROW(),COLUMN()-1,4))","v":{"v":5100000,"d":"RD$5,100,000.00"}}]
[{"$nulls":4},"TOTAL COMPRA ESTIMADA",{"$f":"SUM(Table42[MONTO TOTAL ESTIMADO])","v":{"v":5100000,"d":"RD$5,100,000.00"}},null,{"$f":"C487","v":"Servicios"},{"$f":"E487","v":"Sí"},{"$f":"D487","v":"Comparacion de Precios"}]
[]
["NOMBRE O REFERENCIA DE CONTRATACIÓN","FINALIDAD DE LA CONTRATACIÓN","OBJETO DE CONTRATACIÓN","PROCEDIMIENTO DE SELECCIÓN","DESTINADO A MIPYMES","CÓDIGO SNIP"]
["Cartering 2do. Trimestre 2023","Ejecutar lo Planificado","Servicios","Comparacion de Precios","Sí",""]
["FECHA DE NECESSIDAD","FECHA INICIO PROCESO DE COMPRA","2023-04-10","LUGAR DE EJECUCIÓN / ENTREGA","Región","OZAMA O METROPOLITANA"]
[null,"TRIMESTRE",{"$f":"IF(C499=\"\",\"\",IF(AND(MONTH(C499)>=1,MONTH(C499)<=3),1,IF(AND(MONTH(C499)>=4,MONTH(C499)<=6),2,IF(AND(MONTH(C499)>=7,MONTH(C499)<=9),3,4))))","v":2},null,"Provincia","Distrito Nacional"]
[null,"FECHA PREVISTA ADJUDICACIÓN","2023-05-21",null,"Municipio","Distrito Nacional"]
[null,"TRIMESTRE",{"$f":"IF(C501=\"\",\"\",IF(AND(MONTH(C501)>=1,MONTH(C501)<=3),1,IF(AND(MONTH(C501)>=4,MONTH(C501)<=6),2,IF(AND(MONTH(C501)>=7,MONTH(C501)<=9),3,4))))","v":2},null,"Distrito Municipal"]
[]
["CÓDIGO CATÁLOGO","ARTÍCULO","UNIDAD DE MEDIDA","CANTIDAD TOTAL ESTIMADA","PRECIO UNITARIO ESTIMADO","MONTO TOTAL ESTIMADO"]
[90101603,{"$f":"IFERROR(INDEX(UNSPSCDes,MATCH(INDIRECT(ADDRESS(ROW(),COLUMN()-1,4)),UNSPSCCode,0)),IF(INDIRECT(ADDRESS(ROW(),COLUMN()-1,4))=\"56111507\",\"Paquetes de muebles para personal modulares\",\"\"))","v":"Servicios de cáterin"},{"$f":"IFERROR(VLOOKUP(\"UD\",'Informacion '!P:Q,2,FALSE),\"\")","v":"Unidad"},1,{"v":5115000,"d":"RD$5,115,000.00"},{"$f":"INDIRECT(ADDRESS(ROW(),COLUMN()-2,4))*INDIRECT(ADDRESS(ROW(),COLUMN()-1,4))","v":{"v":5115000,"d":"RD$5,115,000.00"}}]
[{"$nulls":4},"TOTAL COMPRA ESTIMADA",{"$f":"SUM(Table43[MONTO TOTAL ESTIMADO])","v":{"v":5115000,"d":"RD$5,115,000.00"}},null,{"$f":"C498","v":"Servicios"},{"$f":"E498","v":"Sí"},{"$f":"D498","v":"Comparacion de Precios"}]
[]
["NOMBRE O REFERENCIA DE CONTRATACIÓN","FINALIDAD DE LA CONTRATACIÓN","OBJETO DE CONTRATACIÓN","PROCEDIMIENTO DE SELECCIÓN","DESTINADO A MIPYMES","CÓDIGO SNIP"]
["Cartering 3er. Trimestre 2023","Ejecutar lo Planificado","Servicios","Comparacion de Precios","No",""]
["FECHA DE NECESSIDAD","FECHA INICIO PROCESO DE COMPRA","2023-07-21","LUGAR DE EJECUCIÓN / ENTREGA","Región","OZAMA O METROPOLITANA"]
[null,"TRIMESTRE",{"$f":"IF(C510=\"\",\"\",IF(AND(MONTH(C510)>=1,MONTH(C510)<=3),1,IF(AND(MONTH(C510)>=4,MONTH(C510)<=6),2,IF(AND(MONTH(C510)>=7,MONTH(C510)<=9),3,4))))","v":3},null,"Provincia","Distrito Nacional"]
[null,"FECHA PREVISTA ADJUDICACIÓN","2023-08-27",null,"Municipio","Distrito Nacional"]
[null,"TRIMESTRE",{"$f":"IF(C512=\"\",\"\",IF(AND(MONTH(C512)>=1,MONTH(C512)<=3),1,IF(AND(MONTH(C512)>=4,MONTH(C512)<=6),2,IF(AND(MONTH(C512)>=7,MONTH(C512)<=9),3,4))))","v":3},null,"Distrito Municipal"]
[]
["CÓDIGO CATÁLOGO","ARTÍCULO","UNIDAD DE MEDIDA","CANTIDAD TOTAL ESTIMADA","PRECIO UNITARIO ESTIMADO","MONTO TOTAL ESTIMADO"]
[90101603,{"$f":"IFERROR(INDEX(UNSPSCDes,MATCH(INDIRECT(ADDRESS(ROW(),COLUMN()-1,4)),UNSPSCCode,0)),IF(INDIRECT(ADDRESS(ROW(),COLUMN()-1,4))=\"14111506\",\"Papel para impresión de computadores\",\"\"))","v":"Servicios de cáterin"},{"$f":"IFERROR(VLOOKUP(\"UD\",'Informacion '!P:Q,2,FALSE),\"\")","v":"Unidad"},1,{"v":5000000,"d":"RD$5,000,000.00"},{"$f":"INDIRECT(ADDRESS(ROW(),COLUMN()-2,4))*INDIRECT(ADDRESS(ROW(),COLUMN()-1,4))","v":{"v":5000000,"d":"RD$5,000,000.00"}}]
[{"$nulls":4},"TOTAL COMPRA ESTIMADA",{"$f":"SUM(Table44[MONTO TOTAL ESTIMADO])","v":{"v":5000000,"d":"RD$5,000,000.00"}},null,{"$f":"C509","v":"Servicios"},{"$f":"E509","v":"No"},{"$f":"D509","v":"Comparacion de Precios"}]
[]
["NOMBRE O REFERENCIA DE CONTRATACIÓN","FINALIDAD DE LA CONTRATACIÓN","OBJETO DE CONTRATACIÓN","PROCEDIMIENTO DE SELECCIÓN","DESTINADO A MIPYMES","CÓDIGO SNIP"]
["Cartering 4to. Trimestre 2023","Ejecutar lo Planificado","Servicios","Comparacion de Precios","Sí",""]
["FECHA DE NECESSIDAD","FECHA INICIO PROCESO DE COMPRA","2023-10-15","LUGAR DE EJECUCIÓN / ENTREGA","Región","OZAMA O METROPOLITANA"]
[null,"TRIMESTRE",{"$f":"IF(C521=\"\",\"\",IF(AND(MONTH(C521)>=1,MONTH(C521)<=3),1,IF(AND(MONTH(C521)>=4,MONTH(C521)<=6),2,IF(AND(MONTH(C521)>=7,MONTH(C521)<=9),3,4))))","v":4},null,"Provincia","Distrito Nacional"]
[null,"FECHA PREVISTA ADJUDICACIÓN","2023-11-25",null,"Municipio","Distrito Nacional"]
[null,"TRIMESTRE",{"$f":"IF(C523=\"\",\"\",IF(AND(MONTH(C523)>=1,MONTH(C523)<=3),1,IF(AND(MONTH(C523)>=4,MONTH(C523)<=6),2,IF(AND(MONTH(C523)>=7,MONTH(C523)<=9),3,4))))","v":4},null,"Distrito Municipal"]
[]
["CÓDIGO CATÁLOGO","ARTÍCULO","UNIDAD DE MEDIDA","CANTIDAD TOTAL ESTIMADA","PRECIO UNITARIO ESTIMADO","MONTO TOTAL ESTIMADO"]
["90101603",{"$f":"IFERROR(INDEX(UNSPSCDes,MATCH(INDIRECT(ADDRESS(ROW(),COLUMN()-1,4)),UNSPSCCode,0)),IF(INDIRECT(ADDRESS(ROW(),COLUMN()-1,4))=\"90101603\",\"Servicios de cáterin\",\"\"))","v":"Servicios de cáterin"},{"$f":"IFERROR(VLOOKUP(\"UD\",'Informacion '!P:Q,2,FALSE),\"\")","v":"Unidad"},1,{"v":5111000,"d":"RD$5,111,000.00"},{"$f":"INDIRECT(ADDRESS(ROW(),COLUMN()-2,4))*INDIRECT(ADDRESS(ROW(),COLUMN()-1,4))","v":{"v":5111000,"d":"RD$5,111,000.00"}}]
[{"$nulls":4},"TOTAL COMPRA ESTIMADA",{"$f":"SUM(Table45[MONTO TOTAL ESTIMADO])","v":{"v":5111000,"d":"RD$5,111,000.00"}},null,{"$f":"C520","v":"Servicios"},{"$f":"E520","v":"Sí"},{"$f":"D520","v":"Comparacion de Precios"}]
[]
["NOMBRE O REFERENCIA DE CONTRATACIÓN","FINALIDAD DE LA CONTRATACIÓN","OBJETO DE CONTRATACIÓN","PROCEDIMIENTO DE SELECCIÓN","DESTINADO A MIPYMES","CÓDIGO SNIP"]
["Utileria para los Juegos Nacionales Escolares 2023","Ejecutar lo Planificado","Bienes","Licitacion Publica","No",""]
["FECHA DE NECESSIDAD","FECHA INICIO PROCESO DE COMPRA","2023-05-15","LUGAR DE EJECUCIÓN / ENTREGA","Región","OZAMA O METROPOLITANA"]
[null,"TRIMESTRE",{"$f":"IF(C532=\"\",\"\",IF(AND(MONTH(C532)>=1,MONTH(C532)<=3),1,IF(AND(MONTH(C532)>=4,MONTH(C532)<=6),2,IF(AND(MONTH(C532)>=7,MONTH(C532)<=9),3,4))))","v":2},null,"Provincia","Distrito Nacional"]
[null,"FECHA PREVISTA ADJUDICACIÓN","2023-08-20",null,"Municipio","Distrito Nacional"]
[null,"TRIMESTRE",{"$f":"IF(C534=\"\",\"\",IF(AND(MONTH(C534)>=1,MONTH(C534)<=3),1,IF(AND(MONTH(C534)>=4,MONTH(C534)<=6),2,IF(AND(MONTH(C534)>=7,MONTH(C534)<=9),3,4))))","v":3},null,"Distrito Municipal"]
[]
["CÓDIGO CATÁLOGO","ARTÍCULO","UNIDAD DE MEDIDA","CANTIDAD TOTAL ESTIMADA","PRECIO UNITARIO ESTIMADO","MONTO TOTAL ESTIMADO"]
[49161603,{"$f":"IFERROR(INDEX(UNSPSCDes,MATCH(INDIRECT(ADDRESS(ROW(),COLUMN()-1,4)),UNSPSCCode,0)),IF(INDIRECT(ADDRESS(ROW(),COLUMN()-1,4))=\"80111701\",\"Servicios de contratación de personal\",\"\"))","v":"Pelotas de básquetbol"},{"$f":"IFERROR(VLOOKUP(\"UD\",'Informacion '!P:Q,2,FALSE),\"\")","v":"Unidad"},1,{"v":150000000,"d":"RD$150,000,000.00"},{"$f":"INDIRECT(ADDRESS(ROW(),COLUMN()-2,4))*INDIRECT(ADDRESS(ROW(),COLUMN()-1,4))","v":{"v":150000000,"d":"RD$150,000,000.00"}}]
[{"$nulls":4},"TOTAL COMPRA ESTIMADA",{"$f":"SUM(Table46[MONTO TOTAL ESTIMADO])","v":{"v":150000000,"d":"RD$150,000,000.00"}},null,{"$f":"C531","v":"Bienes"},{"$f":"E531","v":"No"},{"$f":"D531","v":"Licitacion Publica"}]
[]
["NOMBRE O REFERENCIA DE CONTRATACIÓN","FINALIDAD DE LA CONTRATACIÓN","OBJETO DE CONTRATACIÓN","PROCEDIMIENTO DE SELECCIÓN","DESTINADO A MIPYMES","CÓDIGO SNIP"]
["Equipamiento de Clubes Escolares, CIDE y Utilerias para las actividades recreactivas y desportes escolar","Ejecutar lo Planificado","Bienes","Licitacion Publica","No",""]
["FECHA DE NECESSIDAD","FECHA INICIO PROCESO DE COMPRA","2023-02-10","LUGAR DE EJECUCIÓN / ENTREGA","Región","OZAMA O METROPOLITANA"]
[null,"TRIMESTRE",{"$f":"IF(C543=\"\",\"\",IF(AND(MONTH(C543)>=1,MONTH(C543)<=3),1,IF(AND(MONTH(C543)>=4,MONTH(C543)<=6),2,IF(AND(MONTH(C543)>=7,MONTH(C543)<=9),3,4))))","v":1},null,"Provincia","Distrito Nacional"]
[null,"FECHA PREVISTA ADJUDICACIÓN","2023-05-20",null,"Municipio","Distrito Nacional"]
[null,"TRIMESTRE",{"$f":"IF(C545=\"\",\"\",IF(AND(MONTH(C545)>=1,MONTH(C545)<=3),1,IF(AND(MONTH(C545)>=4,MONTH(C545)<=6),2,IF(AND(MONTH(C545)>=7,MONTH(C545)<=9),3,4))))","v":2},null,"Distrito Municipal"]
[]
["CÓDIGO CATÁLOGO","ARTÍCULO","UNIDAD DE MEDIDA","CANTIDAD TOTAL ESTIMADA","PRECIO UNITARIO ESTIMADO","MONTO TOTAL ESTIMADO"]
["49161608",{"$f":"IFERROR(INDEX(UNSPSCDes,MATCH(INDIRECT(ADDRESS(ROW(),COLUMN()-1,4)),UNSPSCCode,0)),IF(INDIRECT(ADDRESS(ROW(),COLUMN()-1,4))=\"49161608\",\"Balones de voleibol\",\"\"))","v":"Balones de voleibol"},{"$f":"IFERROR(VLOOKUP(\"UD\",'Informacion '!P:Q,2,FALSE),\"\")","v":"Unidad"},5000,{"v":3500,"d":"RD$3,500.00"},{"$f":"INDIRECT(ADDRESS(ROW(),COLUMN()-2,4))*INDIRECT(ADDRESS(ROW(),COLUMN()-1,4))","v":{"v":17500000,"d":"RD$17,500,000.00"}}]
["49161603",{"$f":"IFERROR(INDEX(UNSPSCDes,MATCH(INDIRECT(ADDRESS(ROW(),COLUMN()-1,4)),UNSPSCCode,0)),IF(INDIRECT(ADDRESS(ROW(),COLUMN()-1,4))=\"49161603\",\"Pelotas de básquetbol\",\"\"))","v":"Pelotas de básquetbol"},{"$f":"IFERROR(VLOOKUP(\"UD\",'Informacion '!P:Q,2,FALSE),\"\")","v":"Unidad"},4000,{"v":4500,"d":"RD$4,500.00"},{"v":18000000,"d":"RD$18,000,000.00"}]
["49161504",{"$f":"IFERROR(INDEX(UNSPSCDes,MATCH(INDIRECT(ADDRESS(ROW(),COLUMN()-1,4)),UNSPSCCode,0)),IF(INDIRECT(ADDRESS(ROW(),COLUMN()-1,4))=\"49161504\",\"Balones de futbol\",\"\"))","v":"Balones de futbol"},{"$f":"IFERROR(VLOOKUP(\"UD\",'Informacion '!P:Q,2,FALSE),\"\")","v":"Unidad"},3300,{"v":3500,"d":"RD$3,500.00"},{"v":11550000,"d":"RD$11,550,000.00"}]
["49161507",{"$f":"IFERROR(INDEX(UNSPSCDes,MATCH(INDIRECT(ADDRESS(ROW(),COLUMN()-1,4)),UNSPSCCode,0)),IF(INDIRECT(ADDRESS(ROW(),COLUMN()-1,4))=\"49161507\",\"Bases de beisbol\",\"\"))","v":"Bases de beisbol"},{"$f":"IFERROR(VLOOKUP(\"UD\",'Informacion '!P:Q,2,FALSE),\"\")","v":"Unidad"},3100,{"v":4500,"d":"RD$4,500.00"},{"v":13950000,"d":"RD$13,950,000.00"}]
["49221507",{"$f":"IFERROR(INDEX(UNSPSCDes,MATCH(INDIRECT(ADDRESS(ROW(),COLUMN()-1,4)),UNSPSCCode,0)),IF(INDIRECT(ADDRESS(ROW(),COLUMN()-1,4))=\"49221507\",\"Tableros de basquetbol\",\"\"))","v":"Tableros de basquetbol"},{"$f":"IFERROR(VLOOKUP(\"UD\",'Informacion '!P:Q,2,FALSE),\"\")","v":"Unidad"},3000,{"v":5500,"d":"RD$5,500.00"},{"v":16500000,"d":"RD$16,500,000.00"}]
["49161505",{"$f":"IFERROR(INDEX(UNSPSCDes,MATCH(INDIRECT(ADDRESS(ROW(),COLUMN()-1,4)),UNSPSCCode,0)),IF(INDIRECT(ADDRESS(ROW(),COLUMN()-1,4))=\"49161505\",\"Balones de soccer\",\"\"))","v":"Balones de soccer"},{"$f":"IFERROR(VLOOKUP(\"UD\",'Informacion '!P:Q,2,FALSE),\"\")","v":"Unidad"},3000,{"v":5500,"d":"RD$5,500.00"},{"v":16500000,"d":"RD$16,500,000.00"}]
[{"$nulls":4},"TOTAL COMPRA ESTIMADA",{"$f":"SUM(Table47[MONTO TOTAL ESTIMADO])","v":{"v":94000000,"d":"RD$94,000,000.00"}},null,{"$f":"C542","v":"Bienes"},{"$f":"E542","v":"No"},{"$f":"D542","v":"Licitacion Publica"}]
[]
["NOMBRE O REFERENCIA DE CONTRATACIÓN","FINALIDAD DE LA CONTRATACIÓN","OBJETO DE CONTRATACIÓN","PROCEDIMIENTO DE SELECCIÓN","DESTINADO A MIPYMES","CÓDIGO SNIP"]
["Impresión de Banners 1er. Trimestre 2023","Ejecutar lo Planificado","Servicios","Compras por debajo del Umbral","Sí",""]
["FECHA DE NECESSIDAD","FECHA INICIO PROCESO DE COMPRA","2023-02-10","LUGAR DE EJECUCIÓN / ENTREGA","Región","OZAMA O METROPOLITANA"]
[null,"TRIMESTRE",{"$f":"IF(C559=\"\",\"\",IF(AND(MONTH(C559)>=1,MONTH(C559)<=3),1,IF(AND(MONTH(C559)>=4,MONTH(C559)<=6),2,IF(AND(MONTH(C559)>=7,MONTH(C559)<=9),3,4))))","v":1},null,"Provincia","Distrito Nacional"]
[null,"FECHA PREVISTA ADJUDICACIÓN","2023-02-28",null,"Municipio","Distrito Nacional"]
[null,"TRIMESTRE",{"$f":"IF(C561=\"\",\"\",IF(AND(MONTH(C561)>=1,MONTH(C561)<=3),1,IF(AND(MONTH(C561)>=4,MONTH(C561)<=6),2,IF(AND(MONTH(C561)>=7,MONTH(C561)<=9),3,4))))","v":1},null,"Distrito Municipal"]
[]
["CÓDIGO CATÁLOGO","ARTÍCULO","UNIDAD DE MEDIDA","CANTIDAD TOTAL ESTIMADA","PRECIO UNITARIO ESTIMADO","MONTO TOTAL ESTIMADO"]
[82141507,{"$f":"IFERROR(INDEX(UNSPSCDes,MATCH(INDIRECT(ADDRESS(ROW(),COLUMN()-1,4)),UNSPSCCode,0)),IF(INDIRECT(ADDRESS(ROW(),COLUMN()-1,4))=\"49161608\",\"Balones de voleibol\",\"\"))","v":"Servicios de diseño de serigrafía"},{"$f":"IFERROR(VLOOKUP(\"UD\",'Informacion '!P:Q,2,FALSE),\"\")","v":"Unidad"},1,{"v":1500000,"d":"RD$1,500,000.00"},{"$f":"INDIRECT(ADDRESS(ROW(),COLUMN()-2,4))*INDIRECT(ADDRESS(ROW(),COLUMN()-1,4))","v":{"v":1500000,"d":"RD$1,500,000.00"}}]
[{"$nulls":4},"TOTAL COMPRA ESTIMADA",{"$f":"SUM(Table48[MONTO TOTAL ESTIMADO])","v":{"v":1500000,"d":"RD$1,500,000.00"}},null,{"$f":"C558","v":"Servicios"},{"$f":"E558","v":"Sí"},{"$f":"D558","v":"Compras por debajo del Umbral"}]
[]
["NOMBRE O REFERENCIA DE CONTRATACIÓN","FINALIDAD DE LA CONTRATACIÓN","OBJETO DE CONTRATACIÓN","PROCEDIMIENTO DE SELECCIÓN","DESTINADO A MIPYMES","CÓDIGO SNIP"]
["Impresión de Banners 2do. Trimestre 2023","Ejecutar lo Planificado","Servicios","Compras por debajo del Umbral","Sí",""]
["FECHA DE NECESSIDAD","FECHA INICIO PROCESO DE COMPRA","2023-04-02","LUGAR DE EJECUCIÓN / ENTREGA","Región","OZAMA O METROPOLITANA"]
[null,"TRIMESTRE",{"$f":"IF(C570=\"\",\"\",IF(AND(MONTH(C570)>=1,MONTH(C570)<=3),1,IF(AND(MONTH(C570)>=4,MONTH(C570)<=6),2,IF(AND(MONTH(C570)>=7,MONTH(C570)<=9),3,4))))","v":2},null,"Provincia","Distrito Nacional"]
[null,"FECHA PREVISTA ADJUDICACIÓN","2023-04-25",null,"Municipio","Distrito Nacional"]
[null,"TRIMESTRE",{"$f":"IF(C572=\"\",\"\",IF(AND(MONTH(C572)>=1,MONTH(C572)<=3),1,IF(AND(MONTH(C572)>=4,MONTH(C572)<=6),2,IF(AND(MONTH(C572)>=7,MONTH(C572)<=9),3,4))))","v":2},null,"Distrito Municipal"]
[]
["CÓDIGO CATÁLOGO","ARTÍCULO","UNIDAD DE MEDIDA","CANTIDAD TOTAL ESTIMADA","PRECIO UNITARIO ESTIMADO","MONTO TOTAL ESTIMADO"]
[82141507,{"$f":"IFERROR(INDEX(UNSPSCDes,MATCH(INDIRECT(ADDRESS(ROW(),COLUMN()-1,4)),UNSPSCCode,0)),IF(INDIRECT(ADDRESS(ROW(),COLUMN()-1,4))=\"49101704\",\"Placas\",\"\"))","v":"Servicios de diseño de serigrafía"},{"$f":"IFERROR(VLOOKUP(\"UD\",'Informacion '!P:Q,2,FALSE),\"\")","v":"Unidad"},1,{"v":1500000,"d":"RD$1,500,000.00"},{"$f":"INDIRECT(ADDRESS(ROW(),COLUMN()-2,4))*INDIRECT(ADDRESS(ROW(),COLUMN()-1,4))","v":{"v":1500000,"d":"RD$1,500,000.00"}}]
[{"$nulls":4},"TOTAL COMPRA ESTIMADA",{"$f":"SUM(Table49[MONTO TOTAL ESTIMADO])","v":{"v":1500000,"d":"RD$1,500,000.00"}},null,{"$f":"C569","v":"Servicios"},{"$f":"E569","v":"Sí"},{"$f":"D569","v":"Compras por debajo del Umbral"}]
[]
["NOMBRE O REFERENCIA DE CONTRATACIÓN","FINALIDAD DE LA CONTRATACIÓN","OBJETO DE CONTRATACIÓN","PROCEDIMIENTO DE SELECCIÓN","DESTINADO A MIPYMES","CÓDIGO SNIP"]
["Impresión de Banners 3ro. Trimestre 2023","Ejecutar lo Planificado","Servicios","Compras por debajo del Umbral","Sí",""]
["FECHA DE NECESSIDAD","FECHA INICIO PROCESO DE COMPRA","2023-07-02","LUGAR DE EJECUCIÓN / ENTREGA","Región","OZAMA O METROPOLITANA"]
[null,"TRIMESTRE",{"$f":"IF(C581=\"\",\"\",IF(AND(MONTH(C581)>=1,MONTH(C581)<=3),1,IF(AND(MONTH(C581)>=4,MONTH(C581)<=6),2,IF(AND(MONTH(C581)>=7,MONTH(C581)<=9),3,4))))","v":3},null,"Provincia","Distrito Nacional"]
[null,"FECHA PREVISTA ADJUDICACIÓN","2023-07-25",null,"Municipio","Distrito Nacional"]
[null,"TRIMESTRE",{"$f":"IF(C583=\"\",\"\",IF(AND(MONTH(C583)>=1,MONTH(C583)<=3),1,IF(AND(MONTH(C583)>=4,MONTH(C583)<=6),2,IF(AND(MONTH(C583)>=7,MONTH(C583)<=9),3,4))))","v":3},null,"Distrito Municipal"]
[]
["CÓDIGO CATÁLOGO","ARTÍCULO","UNIDAD DE MEDIDA","CANTIDAD TOTAL ESTIMADA","PRECIO UNITARIO ESTIMADO","MONTO TOTAL ESTIMADO"]
[82141507,{"$f":"IFERROR(INDEX(UNSPSCDes,MATCH(INDIRECT(ADDRESS(ROW(),COLUMN()-1,4)),UNSPSCCode,0)),IF(INDIRECT(ADDRESS(ROW(),COLUMN()-1,4))=\"53103001\",\"Camisetas (t-shirts)\",\"\"))","v":"Servicios de diseño de serigrafía"},{"$f":"IFERROR(VLOOKUP(\"UD\",'Informacion '!P:Q,2,FALSE),\"\")","v":"Unidad"},1,{"v":1500000,"d":"RD$1,500,000.00"},{"$f":"INDIRECT(ADDRESS(ROW(),COLUMN()-2,4))*INDIRECT(ADDRESS(ROW(),COLUMN()-1,4))","v":{"v":1500000,"d":"RD$1,500,000.00"}}]
[{"$nulls":4},"TOTAL COMPRA ESTIMADA",{"$f":"SUM(Table50[MONTO TOTAL ESTIMADO])","v":{"v":1500000,"d":"RD$1,500,000.00"}},null,{"$f":"C580","v":"Servicios"},{"$f":"E580","v":"Sí"},{"$f":"D580","v":"Compras por debajo del Umbral"}]
[]
["NOMBRE O REFERENCIA DE CONTRATACIÓN","FINALIDAD DE LA CONTRATACIÓN","OBJETO DE CONTRATACIÓN","PROCEDIMIENTO DE SELECCIÓN","DESTINADO A MIPYMES","CÓDIGO SNIP"]
["Adquisicion de Combustible para el uso de la institucion y los servidores de esta","Ejecutar lo Planificado","Bienes","Comparacion de Precios","Sí",""]
["FECHA DE NECESSIDAD","FECHA INICIO PROCESO DE COMPRA","2023-02-10","LUGAR DE EJECUCIÓN / ENTREGA","Región","OZAMA O METROPOLITANA"]
[null,"TRIMESTRE",{"$f":"IF(C592=\"\",\"\",IF(AND(MONTH(C592)>=1,MONTH(C592)<=3),1,IF(AND(MONTH(C592)>=4,MONTH(C592)<=6),2,IF(AND(MONTH(C592)>=7,MONTH(C592)<=9),3,4))))","v":1},null,"Provincia","Distrito Nacional"]
[null,"FECHA PREVISTA ADJUDICACIÓN","2023-03-21",null,"Municipio","Distrito Nacional"]
[null,"TRIMESTRE",{"$f":"IF(C594=\"\",\"\",IF(AND(MONTH(C594)>=1,MONTH(C594)<=3),1,IF(AND(MONTH(C594)>=4,MONTH(C594)<=6),2,IF(AND(MONTH(C594)>=7,MONTH(C594)<=9),3,4))))","v":1},null,"Distrito Municipal"]
[]
["CÓDIGO CATÁLOGO","ARTÍCULO","UNIDAD DE MEDIDA","CANTIDAD TOTAL ESTIMADA","PRECIO UNITARIO ESTIMADO","MONTO TOTAL ESTIMADO"]
["15101505",{"$f":"IFERROR(INDEX(UNSPSCDes,MATCH(INDIRECT(ADDRESS(ROW(),COLUMN()-1,4)),UNSPSCCode,0)),IF(INDIRECT(ADDRESS(ROW(),COLUMN()-1,4))=\"15101505\",\"Combustible diesel\",\"\"))","v":"Combustible diesel"},{"$f":"IFERROR(VLOOKUP(\"UD\",'Informacion '!P:Q,2,FALSE),\"\")","v":"Unidad"},1,{"v":3000000,"d":"RD$3,000,000.00"},{"$f":"INDIRECT(ADDRESS(ROW(),COLUMN()-2,4))*INDIRECT(ADDRESS(ROW(),COLUMN()-1,4))","v":{"v":3000000,"d":"RD$3,000,000.00"}}]
[{"$nulls":4},"TOTAL COMPRA ESTIMADA",{"$f":"SUM(Table51[MONTO TOTAL ESTIMADO])","v":{"v":3000000,"d":"RD$3,000,000.00"}},null,{"$f":"C591","v":"Bienes"},{"$f":"E591","v":"Sí"},{"$f":"D591","v":"Comparacion de Precios"}]
[]
["NOMBRE O REFERENCIA DE CONTRATACIÓN","FINALIDAD DE LA CONTRATACIÓN","OBJETO DE CONTRATACIÓN","PROCEDIMIENTO DE SELECCIÓN","DESTINADO A MIPYMES","CÓDIGO SNIP"]
["Adquisicion de Combustible para el uso de la institucion y los servidores de esta","Ejecutar lo Planificado","Bienes","Comparacion de Precios","Sí",""]
["FECHA DE NECESSIDAD","FECHA INICIO PROCESO DE COMPRA","2023-04-02","LUGAR DE EJECUCIÓN / ENTREGA","Región","OZAMA O METROPOLITANA"]
[null,"TRIMESTRE",{"$f":"IF(C603=\"\",\"\",IF(AND(MONTH(C603)>=1,MONTH(C603)<=3),1,IF(AND(MONTH(C603)>=4,MONTH(C603)<=6),2,IF(AND(MONTH(C603)>=7,MONTH(C603)<=9),3,4))))","v":2},null,"Provincia","Distrito Nacional"]
[null,"FECHA PREVISTA ADJUDICACIÓN","2023-05-25",null,"Municipio","Distrito Nacional"]
[null,"TRIMESTRE",{"$f":"IF(C605=\"\",\"\",IF(AND(MONTH(C605)>=1,MONTH(C605)<=3),1,IF(AND(MONTH(C605)>=4,MONTH(C605)<=6),2,IF(AND(MONTH(C605)>=7,MONTH(C605)<=9),3,4))))","v":2},null,"Distrito Municipal"]
[]
["CÓDIGO CATÁLOGO","ARTÍCULO","UNIDAD DE MEDIDA","CANTIDAD TOTAL ESTIMADA","PRECIO UNITARIO ESTIMADO","MONTO TOTAL ESTIMADO"]
["15101505",{"$f":"IFERROR(INDEX(UNSPSCDes,MATCH(INDIRECT(ADDRESS(ROW(),COLUMN()-1,4)),UNSPSCCode,0)),IF(INDIRECT(ADDRESS(ROW(),COLUMN()-1,4))=\"15101505\",\"Combustible diesel\",\"\"))","v":"Combustible diesel"},{"$f":"IFERROR(VLOOKUP(\"UD\",'Informacion '!P:Q,2,FALSE),\"\")","v":"Unidad"},1,{"v":3000000,"d":"RD$3,000,000.00"},{"$f":"INDIRECT(ADDRESS(ROW(),COLUMN()-2,4))*INDIRECT(ADDRESS(ROW(),COLUMN()-1,4))","v":{"v":3000000,"d":"RD$3,000,000.00"}}]
[{"$nulls":4},"TOTAL COMPRA ESTIMADA",{"$f":"SUM(Table52[MONTO TOTAL ESTIMADO])","v":{"v":3000000,"d":"RD$3,000,000.00"}},null,{"$f":"C602","v":"Bienes"},{"$f":"E602","v":"Sí"},{"$f":"D602","v":"Comparacion de Precios"}]
[]
["NOMBRE O REFERENCIA DE CONTRATACIÓN","FINALIDAD DE LA CONTRATACIÓN","OBJETO DE CONTRATACIÓN","PROCEDIMIENTO DE SELECCIÓN","DESTINADO A MIPYMES","CÓDIGO SNIP"]
["Adquisicion de Combustible para el uso de la institucion y los servidores de esta","Ejecutar lo Planificado","Bienes","Comparacion de Precios","Sí",""]
["FECHA DE NECESSIDAD","FECHA INICIO PROCESO DE COMPRA","2023-07-02","LUGAR DE EJECUCIÓN / ENTREGA","Región","OZAMA O METROPOLITANA"]
[null,"TRIMESTRE",{"$f":"IF(C614=\"\",\"\",IF(AND(MONTH(C614)>=1,MONTH(C614)<=3),1,IF(AND(MONTH(C614)>=4,MONTH(C614)<=6),2,IF(AND(MONTH(C614)>=7,MONTH(C614)<=9),3,4))))","v":3},null,"Provincia","Distrito Nacional"]
[null,"FECHA PREVISTA ADJUDICACIÓN","2023-07-25",null,"Municipio","Distrito Nacional"]
[null,"TRIMESTRE",{"$f":"IF(C616=\"\",\"\",IF(AND(MONTH(C616)>=1,MONTH(C616)<=3),1,IF(AND(MONTH(C616)>=4,MONTH(C616)<=6),2,IF(AND(MONTH(C616)>=7,MONTH(C616)<=9),3,4))))","v":3},null,"Distrito Municipal"]
[]
["CÓDIGO CATÁLOGO","ARTÍCULO","UNIDAD DE MEDIDA","CANTIDAD TOTAL ESTIMADA","PRECIO UNITARIO ESTIMADO","MONTO TOTAL ESTIMADO"]
["15101505",{"$f":"IFERROR(INDEX(UNSPSCDes,MATCH(INDIRECT(ADDRESS(ROW(),COLUMN()-1,4)),UNSPSCCode,0)),IF(INDIRECT(ADDRESS(ROW(),COLUMN()-1,4))=\"15101505\",\"Combustible diesel\",\"\"))","v":"Combustible diesel"},{"$f":"IFERROR(VLOOKUP(\"UD\",'Informacion '!P:Q,2,FALSE),\"\")","v":"Unidad"},1,{"v":3000000,"d":"RD$3,000,000.00"},{"$f":"INDIRECT(ADDRESS(ROW(),COLUMN()-2,4))*INDIRECT(ADDRESS(ROW(),COLUMN()-1,4))","v":{"v":3000000,"d":"RD$3,000,000.00"}}]
[{"$nulls":4},"TOTAL COMPRA ESTIMADA",{"$f":"SUM(Table53[MONTO TOTAL ESTIMADO])","v":{"v":3000000,"d":"RD$3,000,000.00"}},null,{"$f":"C613","v":"Bienes"},{"$f":"E613","v":"Sí"},{"$f":"D613","v":"Comparacion de Precios"}]
[]
["NOMBRE O REFERENCIA DE CONTRATACIÓN","FINALIDAD DE LA CONTRATACIÓN","OBJETO DE CONTRATACIÓN","PROCEDIMIENTO DE SELECCIÓN","DESTINADO A MIPYMES","CÓDIGO SNIP"]
["Adquisicion de Combustible para el uso de la institucion y los servidores de esta","Ejecutar lo Planificado","Bienes","Comparacion de Precios","Sí",""]
["FECHA DE NECESSIDAD","FECHA INICIO PROCESO DE COMPRA","2023-10-15","LUGAR DE EJECUCIÓN / ENTREGA","Región","OZAMA O METROPOLITANA"]
[null,"TRIMESTRE",{"$f":"IF(C625=\"\",\"\",IF(AND(MONTH(C625)>=1,MONTH(C625)<=3),1,IF(AND(MONTH(C625)>=4,MONTH(C625)<=6),2,IF(AND(MONTH(C625)>=7,MONTH(C625)<=9),3,4))))","v":4},null,"Provincia","Distrito Nacional"]
[null,"FECHA PREVISTA ADJUDICACIÓN","2023-11-26",null,"Municipio","Distrito Nacional"]
[null,"TRIMESTRE",{"$f":"IF(C627=\"\",\"\",IF(AND(MONTH(C627)>=1,MONTH(C627)<=3),1,IF(AND(MONTH(C627)>=4,MONTH(C627)<=6),2,IF(AND(MONTH(C627)>=7,MONTH(C627)<=9),3,4))))","v":4},null,"Distrito Municipal"]
[]
["CÓDIGO CATÁLOGO","ARTÍCULO","UNIDAD DE MEDIDA","CANTIDAD TOTAL ESTIMADA","PRECIO UNITARIO ESTIMADO","MONTO TOTAL ESTIMADO"]
["15101505",{"$f":"IFERROR(INDEX(UNSPSCDes,MATCH(INDIRECT(ADDRESS(ROW(),COLUMN()-1,4)),UNSPSCCode,0)),IF(INDIRECT(ADDRESS(ROW(),COLUMN()-1,4))=\"15101505\",\"Combustible diesel\",\"\"))","v":"Combustible diesel"},{"$f":"IFERROR(VLOOKUP(\"UD\",'Informacion '!P:Q,2,FALSE),\"\")","v":"Unidad"},1,{"v":3000000,"d":"RD$3,000,000.00"},{"$f":"INDIRECT(ADDRESS(ROW(),COLUMN()-2,4))*INDIRECT(ADDRESS(ROW(),COLUMN()-1,4))","v":{"v":3000000,"d":"RD$3,000,000.00"}}]
[{"$nulls":4},"TOTAL COMPRA ESTIMADA",{"$f":"SUM(Table54[MONTO TOTAL ESTIMADO])","v":{"v":3000000,"d":"RD$3,000,000.00"}},null,{"$f":"C624","v":"Bienes"},{"$f":"E624","v":"Sí"},{"$f":"D624","v":"Comparacion de Precios"}]
[]
["NOMBRE O REFERENCIA DE CONTRATACIÓN","FINALIDAD DE LA CONTRATACIÓN","OBJETO DE CONTRATACIÓN","PROCEDIMIENTO DE SELECCIÓN","DESTINADO A MIPYMES","CÓDIGO SNIP"]
["Adquisicion de equipos tecnologicos para el uso de la Institucion","Ejecutar lo Planificado","Bienes","Comparacion de Precios","Sí",""]
["FECHA DE NECESSIDAD","FECHA INICIO PROCESO DE COMPRA","2023-02-10","LUGAR DE EJECUCIÓN / ENTREGA","Región","OZAMA O METROPOLITANA"]
[null,"TRIMESTRE",{"$f":"IF(C636=\"\",\"\",IF(AND(MONTH(C636)>=1,MONTH(C636)<=3),1,IF(AND(MONTH(C636)>=4,MONTH(C636)<=6),2,IF(AND(MONTH(C636)>=7,MONTH(C636)<=9),3,4))))","v":1},null,"Provincia","Distrito Nacional"]
[null,"FECHA PREVISTA ADJUDICACIÓN","2023-03-21",null,"Municipio","Distrito Nacional"]
[null,"TRIMESTRE",{"$f":"IF(C638=\"\",\"\",IF(AND(MONTH(C638)>=1,MONTH(C638)<=3),1,IF(AND(MONTH(C638)>=4,MONTH(C638)<=6),2,IF(AND(MONTH(C638)>=7,MONTH(C638)<=9),3,4))))","v":1},null,"Distrito Municipal"]
[]
["CÓDIGO CATÁLOGO","ARTÍCULO","UNIDAD DE MEDIDA","CANTIDAD TOTAL ESTIMADA","PRECIO UNITARIO ESTIMADO","MONTO TOTAL ESTIMADO"]
["43211507",{"$f":"IFERROR(INDEX(UNSPSCDes,MATCH(INDIRECT(ADDRESS(ROW(),COLUMN()-1,4)),UNSPSCCode,0)),IF(INDIRECT(ADDRESS(ROW(),COLUMN()-1,4))=\"43211507\",\"Computadores de escritorio\",\"\"))","v":"Computadores de escritorio"},{"$f":"IFERROR(VLOOKUP(\"UD\",'Informacion '!P:Q,2,FALSE),\"\")","v":"Unidad"},1,{"v":5100000,"d":"RD$5,100,000.00"},{"$f":"INDIRECT(ADDRESS(ROW(),COLUMN()-2,4))*INDIRECT(ADDRESS(ROW(),COLUMN()-1,4))","v":{"v":5100000,"d":"RD$5,100,000.00"}}]
[{"$nulls":4},"TOTAL COMPRA ESTIMADA",{"$f":"SUM(Table55[MONTO TOTAL ESTIMADO])","v":{"v":5100000,"d":"RD$5,100,000.00"}},null,{"$f":"C635","v":"Bienes"},{"$f":"E635","v":"Sí"},{"$f":"D635","v":"Comparacion de Precios"}]
[]
["NOMBRE O REFERENCIA DE CONTRATACIÓN","FINALIDAD DE LA CONTRATACIÓN","OBJETO DE CONTRATACIÓN","PROCEDIMIENTO DE SELECCIÓN","DESTINADO A MIPYMES","CÓDIGO SNIP"]
["Adquisicion de muebles, estanteria y archivos para el uso de la Institucion","Ejecutar lo Planificado","Bienes","Comparacion de Precios","Sí",""]
["FECHA DE NECESSIDAD","FECHA INICIO PROCESO DE COMPRA","2023-02-10","LUGAR DE EJECUCIÓN / ENTREGA","Región","OZAMA O METROPOLITANA"]
[null,"TRIMESTRE",{"$f":"IF(C647=\"\",\"\",IF(AND(MONTH(C647)>=1,MONTH(C647)<=3),1,IF(AND(MONTH(C647)>=4,MONTH(C647)<=6),2,IF(AND(MONTH(C647)>=7,MONTH(C647)<=9),3,4))))","v":1},null,"Provincia","Distrito Nacional"]
[null,"FECHA PREVISTA ADJUDICACIÓN","2023-03-21",null,"Municipio","Distrito Nacional"]
[null,"TRIMESTRE",{"$f":"IF(C649=\"\",\"\",IF(AND(MONTH(C649)>=1,MONTH(C649)<=3),1,IF(AND(MONTH(C649)>=4,MONTH(C649)<=6),2,IF(AND(MONTH(C649)>=7,MONTH(C649)<=9),3,4))))","v":1},null,"Distrito Municipal"]
[]
["CÓDIGO CATÁLOGO","ARTÍCULO","UNIDAD DE MEDIDA","CANTIDAD TOTAL ESTIMADA","PRECIO UNITARIO ESTIMADO","MONTO TOTAL ESTIMADO"]
["56111507",{"$f":"IFERROR(INDEX(UNSPSCDes,MATCH(INDIRECT(ADDRESS(ROW(),COLUMN()-1,4)),UNSPSCCode,0)),IF(INDIRECT(ADDRESS(ROW(),COLUMN()-1,4))=\"56111507\",\"Paquetes de muebles para personal modulares\",\"\"))","v":"Paquetes de muebles para personal modulares"},{"$f":"IFERROR(VLOOKUP(\"UD\",'Informacion '!P:Q,2,FALSE),\"\")","v":"Unidad"},1,{"v":5100000,"d":"RD$5,100,000.00"},{"$f":"INDIRECT(ADDRESS(ROW(),COLUMN()-2,4))*INDIRECT(ADDRESS(ROW(),COLUMN()-1,4))","v":{"v":5100000,"d":"RD$5,100,000.00"}}]
[{"$nulls":4},"TOTAL COMPRA ESTIMADA",{"$f":"SUM(Table56[MONTO TOTAL ESTIMADO])","v":{"v":5100000,"d":"RD$5,100,000.00"}},null,{"$f":"C646","v":"Bienes"},{"$f":"E646","v":"Sí"},{"$f":"D646","v":"Comparacion de Precios"}]
[]
["NOMBRE O REFERENCIA DE CONTRATACIÓN","FINALIDAD DE LA CONTRATACIÓN","OBJETO DE CONTRATACIÓN","PROCEDIMIENTO DE SELECCIÓN","DESTINADO A MIPYMES","CÓDIGO SNIP"]
["Adquisicion de Camara fotografica, Video,  Equipos y Aparatos Audiovisuales para el uso de la Institucion","Ejecutar lo Planificado","Bienes","Comparacion de Precios","Sí",""]
["FECHA DE NECESSIDAD","FECHA INICIO PROCESO DE COMPRA","2023-02-10","LUGAR DE EJECUCIÓN / ENTREGA","Región","OZAMA O METROPOLITANA"]
[null,"TRIMESTRE",{"$f":"IF(C658=\"\",\"\",IF(AND(MONTH(C658)>=1,MONTH(C658)<=3),1,IF(AND(MONTH(C658)>=4,MONTH(C658)<=6),2,IF(AND(MONTH(C658)>=7,MONTH(C658)<=9),3,4))))","v":1},null,"Provincia","Distrito Nacional"]
[null,"FECHA PREVISTA ADJUDICACIÓN","2023-03-21",null,"Municipio","Distrito Nacional"]
[null,"TRIMESTRE",{"$f":"IF(C660=\"\",\"\",IF(AND(MONTH(C660)>=1,MONTH(C660)<=3),1,IF(AND(MONTH(C660)>=4,MONTH(C660)<=6),2,IF(AND(MONTH(C660)>=7,MONTH(C660)<=9),3,4))))","v":1},null,"Distrito Municipal"]
[]
["CÓDIGO CATÁLOGO","ARTÍCULO","UNIDAD DE MEDIDA","CANTIDAD TOTAL ESTIMADA","PRECIO UNITARIO ESTIMADO","MONTO TOTAL ESTIMADO"]
["45111608",{"$f":"IFERROR(INDEX(UNSPSCDes,MATCH(INDIRECT(ADDRESS(ROW(),COLUMN()-1,4)),UNSPSCCode,0)),IF(INDIRECT(ADDRESS(ROW(),COLUMN()-1,4))=\"45111608\",\"Proyectores de películas\",\"\"))","v":"Proyectores de películas"},{"$f":"IFERROR(VLOOKUP(\"UD\",'Informacion '!P:Q,2,FALSE),\"\")","v":"Unidad"},1,{"v":1600000,"d":"RD$1,600,000.00"},{"$f":"INDIRECT(ADDRESS(ROW(),COLUMN()-2,4))*INDIRECT(ADDRESS(ROW(),COLUMN()-1,4))","v":{"v":1600000,"d":"RD$1,600,000.00"}}]
["45121504",{"$f":"IFERROR(INDEX(UNSPSCDes,MATCH(INDIRECT(ADDRESS(ROW(),COLUMN()-1,4)),UNSPSCCode,0)),IF(INDIRECT(ADDRESS(ROW(),COLUMN()-1,4))=\"45121504\",\"Cámaras digitales\",\"\"))","v":"Cámaras digitales"},{"$f":"IFERROR(VLOOKUP(\"UD\",'Informacion '!P:Q,2,FALSE),\"\")","v":"Unidad"},1,{"v":1600000,"d":"RD$1,600,000.00"},{"$f":"INDIRECT(ADDRESS(ROW(),COLUMN()-2,4))*INDIRECT(ADDRESS(ROW(),COLUMN()-1,4))","v":{"v":1600000,"d":"RD$1,600,000.00"}}]
[{"$nulls":4},"TOTAL COMPRA ESTIMADA",{"$f":"SUM(Table57[MONTO TOTAL ESTIMADO])","v":{"v":3200000,"d":"RD$3,200,000.00"}},null,{"$f":"C657","v":"Bienes"},{"$f":"E657","v":"Sí"},{"$f":"D657","v":"Comparacion de Precios"}]
[]
["NOMBRE O REFERENCIA DE CONTRATACIÓN","FINALIDAD DE LA CONTRATACIÓN","OBJETO DE CONTRATACIÓN","PROCEDIMIENTO DE SELECCIÓN","DESTINADO A MIPYMES","CÓDIGO SNIP"]
["Adquisicion de Aires acondicionados para el uso de la Institucion","Ejecutar lo Planificado","Bienes","Compras por debajo del Umbral","Sí",""]
["FECHA DE NECESSIDAD","FECHA INICIO PROCESO DE COMPRA","2023-04-02","LUGAR DE EJECUCIÓN / ENTREGA","Región","OZAMA O METROPOLITANA"]
[null,"TRIMESTRE",{"$f":"IF(C670=\"\",\"\",IF(AND(MONTH(C670)>=1,MONTH(C670)<=3),1,IF(AND(MONTH(C670)>=4,MONTH(C670)<=6),2,IF(AND(MONTH(C670)>=7,MONTH(C670)<=9),3,4))))","v":2},null,"Provincia","Distrito Nacional"]
[null,"FECHA PREVISTA ADJUDICACIÓN","2023-05-22",null,"Municipio","Distrito Nacional"]
[null,"TRIMESTRE",{"$f":"IF(C672=\"\",\"\",IF(AND(MONTH(C672)>=1,MONTH(C672)<=3),1,IF(AND(MONTH(C672)>=4,MONTH(C672)<=6),2,IF(AND(MONTH(C672)>=7,MONTH(C672)<=9),3,4))))","v":2},null,"Distrito Municipal"]
[]
["CÓDIGO CATÁLOGO","ARTÍCULO","UNIDAD DE MEDIDA","CANTIDAD TOTAL ESTIMADA","PRECIO UNITARIO ESTIMADO","MONTO TOTAL ESTIMADO"]
["40101701",{"$f":"IFERROR(INDEX(UNSPSCDes,MATCH(INDIRECT(ADDRESS(ROW(),COLUMN()-1,4)),UNSPSCCode,0)),IF(INDIRECT(ADDRESS(ROW(),COLUMN()-1,4))=\"40101701\",\"Aires acondicionados\",\"\"))","v":"Aires acondicionados"},{"$f":"IFERROR(VLOOKUP(\"UD\",'Informacion '!P:Q,2,FALSE),\"\")","v":"Unidad"},1,{"v":300000,"d":"RD$300,000.00"},{"$f":"INDIRECT(ADDRESS(ROW(),COLUMN()-2,4))*INDIRECT(ADDRESS(ROW(),COLUMN()-1,4))","v":{"v":300000,"d":"RD$300,000.00"}}]
[{"$nulls":4},"TOTAL COMPRA ESTIMADA",{"$f":"SUM(Table58[MONTO TOTAL ESTIMADO])","v":{"v":300000,"d":"RD$300,000.00"}},null,{"$f":"C669","v":"Bienes"},{"$f":"E669","v":"Sí"},{"$f":"D669","v":"Compras por debajo del Umbral"}]
[]
["NOMBRE O REFERENCIA DE CONTRATACIÓN","FINALIDAD DE LA CONTRATACIÓN","OBJETO DE CONTRATACIÓN","PROCEDIMIENTO DE SELECCIÓN","DESTINADO A MIPYMES","CÓDIGO SNIP"]
["Servicio de Mantenimiento y Reparacion de Vehiculos de Motor que garanticen el funcionamiento de estos.","Ejecutar lo Planificado","Servicios","Compras por debajo del Umbral","Sí",""]
["FECHA DE NECESSIDAD","FECHA INICIO PROCESO DE COMPRA","2023-02-10","LUGAR DE EJECUCIÓN / ENTREGA","Región","OZAMA O METROPOLITANA"]
[null,"TRIMESTRE",{"$f":"IF(C681=\"\",\"\",IF(AND(MONTH(C681)>=1,MONTH(C681)<=3),1,IF(AND(MONTH(C681)>=4,MONTH(C681)<=6),2,IF(AND(MONTH(C681)>=7,MONTH(C681)<=9),3,4))))","v":1},null,"Provincia","Distrito Nacional"]
[null,"FECHA PREVISTA ADJUDICACIÓN","2023-03-21",null,"Municipio","Distrito Nacional"]
[null,"TRIMESTRE",{"$f":"IF(C683=\"\",\"\",IF(AND(MONTH(C683)>=1,MONTH(C683)<=3),1,IF(AND(MONTH(C683)>=4,MONTH(C683)<=6),2,IF(AND(MONTH(C683)>=7,MONTH(C683)<=9),3,4))))","v":1},null,"Distrito Municipal"]
[]
["CÓDIGO CATÁLOGO","ARTÍCULO","UNIDAD DE MEDIDA","CANTIDAD TOTAL ESTIMADA","PRECIO UNITARIO ESTIMADO","MONTO TOTAL ESTIMADO"]
["78180103",{"$f":"IFERROR(INDEX(UNSPSCDes,MATCH(INDIRECT(ADDRESS(ROW(),COLUMN()-1,4)),UNSPSCCode,0)),IF(INDIRECT(ADDRESS(ROW(),COLUMN()-1,4))=\"78180103\",\"Servicios de cambio de fluidos de aceite o de la transmisión\",\"\"))","v":"Servicios de cambio de fluidos de aceite o de la transmisión"},{"$f":"IFERROR(VLOOKUP(\"UD\",'Informacion '!P:Q,2,FALSE),\"\")","v":"Unidad"},1,{"v":1200000,"d":"RD$1,200,000.00"},{"$f":"INDIRECT(ADDRESS(ROW(),COLUMN()-2,4))*INDIRECT(ADDRESS(ROW(),COLUMN()-1,4))","v":{"v":1200000,"d":"RD$1,200,000.00"}}]
[{"$nulls":4},"TOTAL COMPRA ESTIMADA",{"$f":"SUM(Table60[MONTO TOTAL ESTIMADO])","v":{"v":1200000,"d":"RD$1,200,000.00"}},null,{"$f":"C680","v":"Servicios"},{"$f":"E680","v":"Sí"},{"$f":"D680","v":"Compras por debajo del Umbral"}]
[]
["NOMBRE O REFERENCIA DE CONTRATACIÓN","FINALIDAD DE LA CONTRATACIÓN","OBJETO DE CONTRATACIÓN","PROCEDIMIENTO DE SELECCIÓN","DESTINADO A MIPYMES","CÓDIGO SNIP"]
["Servicio de Mantenimiento y Reparacion de Vehiculos de Motor que garanticen el funcionamiento de estos.","Ejecutar lo Planificado","Servicios","Compras por debajo del Umbral","Sí",""]
["FECHA DE NECESSIDAD","FECHA INICIO PROCESO DE COMPRA","2023-04-02","LUGAR DE EJECUCIÓN / ENTREGA","Región","OZAMA O METROPOLITANA"]
[null,"TRIMESTRE",{"$f":"IF(C692=\"\",\"\",IF(AND(MONTH(C692)>=1,MONTH(C692)<=3),1,IF(AND(MONTH(C692)>=4,MONTH(C692)<=6),2,IF(AND(MONTH(C692)>=7,MONTH(C692)<=9),3,4))))","v":2},null,"Provincia","Distrito Nacional"]
[null,"FECHA PREVISTA ADJUDICACIÓN","2023-05-22",null,"Municipio","Distrito Nacional"]
[null,"TRIMESTRE",{"$f":"IF(C694=\"\",\"\",IF(AND(MONTH(C694)>=1,MONTH(C694)<=3),1,IF(AND(MONTH(C694)>=4,MONTH(C694)<=6),2,IF(AND(MONTH(C694)>=7,MONTH(C694)<=9),3,4))))","v":2},null,"Distrito Municipal"]
[]
["CÓDIGO CATÁLOGO","ARTÍCULO","UNIDAD DE MEDIDA","CANTIDAD TOTAL ESTIMADA","PRECIO UNITARIO ESTIMADO","MONTO TOTAL ESTIMADO"]
["78180103",{"$f":"IFERROR(INDEX(UNSPSCDes,MATCH(INDIRECT(ADDRESS(ROW(),COLUMN()-1,4)),UNSPSCCode,0)),IF(INDIRECT(ADDRESS(ROW(),COLUMN()-1,4))=\"78180103\",\"Servicios de cambio de fluidos de aceite o de la transmisión\",\"\"))","v":"Servicios de cambio de fluidos de aceite o de la transmisión"},{"$f":"IFERROR(VLOOKUP(\"UD\",'Informacion '!P:Q,2,FALSE),\"\")","v":"Unidad"},1,{"v":1200000,"d":"RD$1,200,000.00"},{"$f":"INDIRECT(ADDRESS(ROW(),COLUMN()-2,4))*INDIRECT(ADDRESS(ROW(),COLUMN()-1,4))","v":{"v":1200000,"d":"RD$1,200,000.00"}}]
[{"$nulls":4},"TOTAL COMPRA ESTIMADA",{"$f":"SUM(Table61[MONTO TOTAL ESTIMADO])","v":{"v":1200000,"d":"RD$1,200,000.00"}},null,{"$f":"C691","v":"Servicios"},{"$f":"E691","v":"Sí"},{"$f":"D691","v":"Compras por debajo del Umbral"}]
[]
["NOMBRE O REFERENCIA DE CONTRATACIÓN","FINALIDAD DE LA CONTRATACIÓN","OBJETO DE CONTRATACIÓN","PROCEDIMIENTO DE SELECCIÓN","DESTINADO A MIPYMES","CÓDIGO SNIP"]
["Servicio de Mantenimiento y Reparacion de Vehiculos de Motor que garanticen el funcionamiento de estos.","Ejecutar lo Planificado","Servicios","Compras por debajo del Umbral","Sí",""]
["FECHA DE NECESSIDAD","FECHA INICIO PROCESO DE COMPRA","2023-07-02","LUGAR DE EJECUCIÓN / ENTREGA","Región","OZAMA O METROPOLITANA"]
[null,"TRIMESTRE",{"$f":"IF(C703=\"\",\"\",IF(AND(MONTH(C703)>=1,MONTH(C703)<=3),1,IF(AND(MONTH(C703)>=4,MONTH(C703)<=6),2,IF(AND(MONTH(C703)>=7,MONTH(C703)<=9),3,4))))","v":3},null,"Provincia","Distrito Nacional"]
[null,"FECHA PREVISTA ADJUDICACIÓN","2023-08-05",null,"Municipio","Distrito Nacional"]
[null,"TRIMESTRE",{"$f":"IF(C705=\"\",\"\",IF(AND(MONTH(C705)>=1,MONTH(C705)<=3),1,IF(AND(MONTH(C705)>=4,MONTH(C705)<=6),2,IF(AND(MONTH(C705)>=7,MONTH(C705)<=9),3,4))))","v":3},null,"Distrito Municipal"]
[]
["CÓDIGO CATÁLOGO","ARTÍCULO","UNIDAD DE MEDIDA","CANTIDAD TOTAL ESTIMADA","PRECIO UNITARIO ESTIMADO","MONTO TOTAL ESTIMADO"]
["78180103",{"$f":"IFERROR(INDEX(UNSPSCDes,MATCH(INDIRECT(ADDRESS(ROW(),COLUMN()-1,4)),UNSPSCCode,0)),IF(INDIRECT(ADDRESS(ROW(),COLUMN()-1,4))=\"78180103\",\"Servicios de cambio de fluidos de aceite o de la transmisión\",\"\"))","v":"Servicios de cambio de fluidos de aceite o de la transmisión"},{"$f":"IFERROR(VLOOKUP(\"UD\",'Informacion '!P:Q,2,FALSE),\"\")","v":"Unidad"},1,{"v":1200000,"d":"RD$1,200,000.00"},{"$f":"INDIRECT(ADDRESS(ROW(),COLUMN()-2,4))*INDIRECT(ADDRESS(ROW(),COLUMN()-1,4))","v":{"v":1200000,"d":"RD$1,200,000.00"}}]
[{"$nulls":4},"TOTAL COMPRA ESTIMADA",{"$f":"SUM(Table62[MONTO TOTAL ESTIMADO])","v":{"v":1200000,"d":"RD$1,200,000.00"}},null,{"$f":"C702","v":"Servicios"},{"$f":"E702","v":"Sí"},{"$f":"D702","v":"Compras por debajo del Umbral"}]
[]
["NOMBRE O REFERENCIA DE CONTRATACIÓN","FINALIDAD DE LA CONTRATACIÓN","OBJETO DE CONTRATACIÓN","PROCEDIMIENTO DE SELECCIÓN","DESTINADO A MIPYMES","CÓDIGO SNIP"]
["Servicio de Mantenimiento y Reparacion de Vehiculos de Motor que garanticen el funcionamiento de estos.","Ejecutar lo Planificado","Servicios","Compras por debajo del Umbral","Sí",""]
["FECHA DE NECESSIDAD","FECHA INICIO PROCESO DE COMPRA","2023-10-15","LUGAR DE EJECUCIÓN / ENTREGA","Región","OZAMA O METROPOLITANA"]
[null,"TRIMESTRE",{"$f":"IF(C714=\"\",\"\",IF(AND(MONTH(C714)>=1,MONTH(C714)<=3),1,IF(AND(MONTH(C714)>=4,MONTH(C714)<=6),2,IF(AND(MONTH(C714)>=7,MONTH(C714)<=9),3,4))))","v":4},null,"Provincia","Distrito Nacional"]
[null,"FECHA PREVISTA ADJUDICACIÓN","2023-11-06",null,"Municipio","Distrito Nacional"]
[null,"TRIMESTRE",{"$f":"IF(C716=\"\",\"\",IF(AND(MONTH(C716)>=1,MONTH(C716)<=3),1,IF(AND(MONTH(C716)>=4,MONTH(C716)<=6),2,IF(AND(MONTH(C716)>=7,MONTH(C716)<=9),3,4))))","v":4},null,"Distrito Municipal"]
[]
["CÓDIGO CATÁLOGO","ARTÍCULO","UNIDAD DE MEDIDA","CANTIDAD TOTAL ESTIMADA","PRECIO UNITARIO ESTIMADO","MONTO TOTAL ESTIMADO"]
["78180103",{"$f":"IFERROR(INDEX(UNSPSCDes,MATCH(INDIRECT(ADDRESS(ROW(),COLUMN()-1,4)),UNSPSCCode,0)),IF(INDIRECT(ADDRESS(ROW(),COLUMN()-1,4))=\"78180103\",\"Servicios de cambio de fluidos de aceite o de la transmisión\",\"\"))","v":"Servicios de cambio de fluidos de aceite o de la transmisión"},{"$f":"IFERROR(VLOOKUP(\"UD\",'Informacion '!P:Q,2,FALSE),\"\")","v":"Unidad"},1,{"v":600000,"d":"RD$600,000.00"},{"$f":"INDIRECT(ADDRESS(ROW(),COLUMN()-2,4))*INDIRECT(ADDRESS(ROW(),COLUMN()-1,4))","v":{"v":600000,"d":"RD$600,000.00"}}]
[{"$nulls":4},"TOTAL COMPRA ESTIMADA",{"$f":"SUM(Table63[MONTO TOTAL ESTIMADO])","v":{"v":600000,"d":"RD$600,000.00"}},null,{"$f":"C713","v":"Servicios"},{"$f":"E713","v":"Sí"},{"$f":"D713","v":"Compras por debajo del Umbral"}]
[]
["NOMBRE O REFERENCIA DE CONTRATACIÓN","FINALIDAD DE LA CONTRATACIÓN","OBJETO DE CONTRATACIÓN","PROCEDIMIENTO DE SELECCIÓN","DESTINADO A MIPYMES","CÓDIGO SNIP"]
["Adquisicion de Material Gastable y Mantenimiento de Oficina","Ejecutar lo Planificado","Bienes","Compras por debajo del Umbral","Sí",""]
["FECHA DE NECESSIDAD","FECHA INICIO PROCESO DE COMPRA","2023-04-02","LUGAR DE EJECUCIÓN / ENTREGA","Región","OZAMA O METROPOLITANA"]
[null,"TRIMESTRE",{"$f":"IF(C725=\"\",\"\",IF(AND(MONTH(C725)>=1,MONTH(C725)<=3),1,IF(AND(MONTH(C725)>=4,MONTH(C725)<=6),2,IF(AND(MONTH(C725)>=7,MONTH(C725)<=9),3,4))))","v":2},null,"Provincia","Distrito Nacional"]
[null,"FECHA PREVISTA ADJUDICACIÓN","2023-04-20",null,"Municipio","Distrito Nacional"]
[null,"TRIMESTRE",{"$f":"IF(C727=\"\",\"\",IF(AND(MONTH(C727)>=1,MONTH(C727)<=3),1,IF(AND(MONTH(C727)>=4,MONTH(C727)<=6),2,IF(AND(MONTH(C727)>=7,MONTH(C727)<=9),3,4))))","v":2},null,"Distrito Municipal"]
[]
["CÓDIGO CATÁLOGO","ARTÍCULO","UNIDAD DE MEDIDA","CANTIDAD TOTAL ESTIMADA","PRECIO UNITARIO ESTIMADO","MONTO TOTAL ESTIMADO"]
["44103103",{"$f":"IFERROR(INDEX(UNSPSCDes,MATCH(INDIRECT(ADDRESS(ROW(),COLUMN()-1,4)),UNSPSCCode,0)),IF(INDIRECT(ADDRESS(ROW(),COLUMN()-1,4))=\"44103103\",\"Tóner para impresoras o fax\",\"\"))","v":"Tóner para impresoras o fax"},{"$f":"IFERROR(VLOOKUP(\"UD\",'Informacion '!P:Q,2,FALSE),\"\")","v":"Unidad"},1,{"v":825000,"d":"RD$825,000.00"},{"$f":"INDIRECT(ADDRESS(ROW(),COLUMN()-2,4))*INDIRECT(ADDRESS(ROW(),COLUMN()-1,4))","v":{"v":825000,"d":"RD$825,000.00"}}]
[{"$nulls":4},"TOTAL COMPRA ESTIMADA",{"$f":"SUM(Table64[MONTO TOTAL ESTIMADO])","v":{"v":825000,"d":"RD$825,000.00"}},null,{"$f":"C724","v":"Bienes"},{"$f":"E724","v":"Sí"},{"$f":"D724","v":"Compras por debajo del Umbral"}]
[]
["NOMBRE O REFERENCIA DE CONTRATACIÓN","FINALIDAD DE LA CONTRATACIÓN","OBJETO DE CONTRATACIÓN","PROCEDIMIENTO DE SELECCIÓN","DESTINADO A MIPYMES","CÓDIGO SNIP"]
["Adquisicion de Material Gastable y Mantenimiento de Oficina","Ejecutar lo Planificado","Bienes","Compras por debajo del Umbral","Sí",""]
["FECHA DE NECESSIDAD","FECHA INICIO PROCESO DE COMPRA","2023-10-15","LUGAR DE EJECUCIÓN / ENTREGA","Región","OZAMA O METROPOLITANA"]
[null,"TRIMESTRE",{"$f":"IF(C736=\"\",\"\",IF(AND(MONTH(C736)>=1,MONTH(C736)<=3),1,IF(AND(MONTH(C736)>=4,MONTH(C736)<=6),2,IF(AND(MONTH(C736)>=7,MONTH(C736)<=9),3,4))))","v":4},null,"Provincia","Distrito Nacional"]
[null,"FECHA PREVISTA ADJUDICACIÓN","2023-10-28",null,"Municipio","Distrito Nacional"]
[null,"TRIMESTRE",{"$f":"IF(C738=\"\",\"\",IF(AND(MONTH(C738)>=1,MONTH(C738)<=3),1,IF(AND(MONTH(C738)>=4,MONTH(C738)<=6),2,IF(AND(MONTH(C738)>=7,MONTH(C738)<=9),3,4))))","v":4},null,"Distrito Municipal"]
[]
["CÓDIGO CATÁLOGO","ARTÍCULO","UNIDAD DE MEDIDA","CANTIDAD TOTAL ESTIMADA","PRECIO UNITARIO ESTIMADO","MONTO TOTAL ESTIMADO"]
["44103103",{"$f":"IFERROR(INDEX(UNSPSCDes,MATCH(INDIRECT(ADDRESS(ROW(),COLUMN()-1,4)),UNSPSCCode,0)),IF(INDIRECT(ADDRESS(ROW(),COLUMN()-1,4))=\"44103103\",\"Tóner para impresoras o fax\",\"\"))","v":"Tóner para impresoras o fax"},{"$f":"IFERROR(VLOOKUP(\"UD\",'Informacion '!P:Q,2,FALSE),\"\")","v":"Unidad"},1,{"v":825000,"d":"RD$825,000.00"},{"$f":"INDIRECT(ADDRESS(ROW(),COLUMN()-2,4))*INDIRECT(ADDRESS(ROW(),COLUMN()-1,4))","v":{"v":825000,"d":"RD$825,000.00"}}]
[{"$nulls":4},"TOTAL COMPRA ESTIMADA",{"$f":"SUM(Table65[MONTO TOTAL ESTIMADO])","v":{"v":825000,"d":"RD$825,000.00"}},null,{"$f":"C735","v":"Bienes"},{"$f":"E735","v":"Sí"},{"$f":"D735","v":"Compras por debajo del Umbral"}]
[]
["NOMBRE O REFERENCIA DE CONTRATACIÓN","FINALIDAD DE LA CONTRATACIÓN","OBJETO DE CONTRATACIÓN","PROCEDIMIENTO DE SELECCIÓN","DESTINADO A MIPYMES","CÓDIGO SNIP"]
["Adquisicion de Material Gastable de Oficina","Ejecutar lo Planificado","Bienes","Compras por debajo del Umbral","Sí",""]
["FECHA DE NECESSIDAD","FECHA INICIO PROCESO DE COMPRA","2023-02-10","LUGAR DE EJECUCIÓN / ENTREGA","Región","OZAMA O METROPOLITANA"]
[null,"TRIMESTRE",{"$f":"IF(C747=\"\",\"\",IF(AND(MONTH(C747)>=1,MONTH(C747)<=3),1,IF(AND(MONTH(C747)>=4,MONTH(C747)<=6),2,IF(AND(MONTH(C747)>=7,MONTH(C747)<=9),3,4))))","v":1},null,"Provincia","Distrito Nacional"]
[null,"FECHA PREVISTA ADJUDICACIÓN","2023-02-28",null,"Municipio","Distrito Nacional"]
[null,"TRIMESTRE",{"$f":"IF(C749=\"\",\"\",IF(AND(MONTH(C749)>=1,MONTH(C749)<=3),1,IF(AND(MONTH(C749)>=4,MONTH(C749)<=6),2,IF(AND(MONTH(C749)>=7,MONTH(C749)<=9),3,4))))","v":1},null,"Distrito Municipal"]
[]
["CÓDIGO CATÁLOGO","ARTÍCULO","UNIDAD DE MEDIDA","CANTIDAD TOTAL ESTIMADA","PRECIO UNITARIO ESTIMADO","MONTO TOTAL ESTIMADO"]
["44121615",{"$f":"IFERROR(INDEX(UNSPSCDes,MATCH(INDIRECT(ADDRESS(ROW(),COLUMN()-1,4)),UNSPSCCode,0)),IF(INDIRECT(ADDRESS(ROW(),COLUMN()-1,4))=\"44121615\",\"Grapadoras\",\"\"))","v":"Grapadoras"},{"$f":"IFERROR(VLOOKUP(\"UD\",'Informacion '!P:Q,2,FALSE),\"\")","v":"Unidad"},50,{"v":500,"d":"RD$500.00"},{"$f":"INDIRECT(ADDRESS(ROW(),COLUMN()-2,4))*INDIRECT(ADDRESS(ROW(),COLUMN()-1,4))","v":{"v":25000,"d":"RD$25,000.00"}}]
["31162404",{"$f":"IFERROR(INDEX(UNSPSCDes,MATCH(INDIRECT(ADDRESS(ROW(),COLUMN()-1,4)),UNSPSCCode,0)),IF(INDIRECT(ADDRESS(ROW(),COLUMN()-1,4))=\"31162404\",\"Grapas\",\"\"))","v":"Grapas"},{"$f":"IFERROR(VLOOKUP(\"UD\",'Informacion '!P:Q,2,FALSE),\"\")","v":"Unidad"},500,{"v":50,"d":"RD$50.00"},{"v":25000,"d":"RD$25,000.00"}]
["60121526",{"$f":"IFERROR(INDEX(UNSPSCDes,MATCH(INDIRECT(ADDRESS(ROW(),COLUMN()-1,4)),UNSPSCCode,0)),IF(INDIRECT(ADDRESS(ROW(),COLUMN()-1,4))=\"60121526\",\"Bolígrafos para caligrafía\",\"\"))","v":"Bolígrafos para caligrafía"},{"$f":"IFERROR(VLOOKUP(\"UD\",'Informacion '!P:Q,2,FALSE),\"\")","v":"Unidad"},75,{"v":600,"d":"RD$600.00"},{"v":45000,"d":"RD$45,000.00"}]
["44121706",{"$f":"IFERROR(INDEX(UNSPSCDes,MATCH(INDIRECT(ADDRESS(ROW(),COLUMN()-1,4)),UNSPSCCode,0)),IF(INDIRECT(ADDRESS(ROW(),COLUMN()-1,4))=\"44121706\",\"Lápices de madera\",\"\"))","v":"Lápices de madera"},{"$f":"IFERROR(VLOOKUP(\"UD\",'Informacion '!P:Q,2,FALSE),\"\")","v":"Unidad"},150,{"v":600,"d":"RD$600.00"},{"v":90000,"d":"RD$90,000.00"}]
["14111526",{"$f":"IFERROR(INDEX(UNSPSCDes,MATCH(INDIRECT(ADDRESS(ROW(),COLUMN()-1,4)),UNSPSCCode,0)),IF(INDIRECT(ADDRESS(ROW(),COLUMN()-1,4))=\"14111526\",\"Papel libretas o libros de mensajes telefónicos\",\"\"))","v":"Papel libretas o libros de mensajes telefónicos"},{"$f":"IFERROR(VLOOKUP(\"UD\",'Informacion '!P:Q,2,FALSE),\"\")","v":"Unidad"},100,{"v":100,"d":"RD$100.00"},{"v":10000,"d":"RD$10,000.00"}]
["44122101",{"$f":"IFERROR(INDEX(UNSPSCDes,MATCH(INDIRECT(ADDRESS(ROW(),COLUMN()-1,4)),UNSPSCCode,0)),IF(INDIRECT(ADDRESS(ROW(),COLUMN()-1,4))=\"44122101\",\"Cauchos\",\"\"))","v":"Cauchos"},{"$f":"IFERROR(VLOOKUP(\"UD\",'Informacion '!P:Q,2,FALSE),\"\")","v":"Unidad"},100,{"v":100,"d":"RD$100.00"},{"v":10000,"d":"RD$10,000.00"}]
["44122011",{"$f":"IFERROR(INDEX(UNSPSCDes,MATCH(INDIRECT(ADDRESS(ROW(),COLUMN()-1,4)),UNSPSCCode,0)),IF(INDIRECT(ADDRESS(ROW(),COLUMN()-1,4))=\"44122011\",\"Folders\",\"\"))","v":"Folders"},{"$f":"IFERROR(VLOOKUP(\"UD\",'Informacion '!P:Q,2,FALSE),\"\")","v":"Unidad"},500,{"v":500,"d":"RD$500.00"},{"v":250000,"d":"RD$250,000.00"}]
["44121708",{"$f":"IFERROR(INDEX(UNSPSCDes,MATCH(INDIRECT(ADDRESS(ROW(),COLUMN()-1,4)),UNSPSCCode,0)),IF(INDIRECT(ADDRESS(ROW(),COLUMN()-1,4))=\"44121708\",\"Marcadores\",\"\"))","v":"Marcadores"},{"$f":"IFERROR(VLOOKUP(\"UD\",'Informacion '!P:Q,2,FALSE),\"\")","v":"Unidad"},600,{"v":50,"d":"RD$50.00"},{"v":30000,"d":"RD$30,000.00"}]
["14111507",{"$f":"IFERROR(INDEX(UNSPSCDes,MATCH(INDIRECT(ADDRESS(ROW(),COLUMN()-1,4)),UNSPSCCode,0)),IF(INDIRECT(ADDRESS(ROW(),COLUMN()-1,4))=\"14111507\",\"Papel para impresora o fotocopiadora\",\"\"))","v":"Papel para impresora o fotocopiadora"},{"$f":"IFERROR(VLOOKUP(\"UD\",'Informacion '!P:Q,2,FALSE),\"\")","v":"Unidad"},1000,{"v":150,"d":"RD$150.00"},{"v":150000,"d":"RD$150,000.00"}]
[{"$nulls":4},"TOTAL COMPRA ESTIMADA",{"$f":"SUM(Table66[MONTO TOTAL ESTIMADO])","v":{"v":635000,"d":"RD$635,000.00"}},null,{"$f":"C746","v":"Bienes"},{"$f":"E746","v":"Sí"},{"$f":"D746","v":"Compras por debajo del Umbral"}]
[]
["NOMBRE O REFERENCIA DE CONTRATACIÓN","FINALIDAD DE LA CONTRATACIÓN","OBJETO DE CONTRATACIÓN","PROCEDIMIENTO DE SELECCIÓN","DESTINADO A MIPYMES","CÓDIGO SNIP"]
["Adquisicion de Material Gastable de Oficina","Ejecutar lo Planificado","Bienes","Compras por debajo del Umbral","Sí",""]
["FECHA DE NECESSIDAD","FECHA INICIO PROCESO DE COMPRA","2023-10-15","LUGAR DE EJECUCIÓN / ENTREGA","Región","OZAMA O METROPOLITANA"]
[null,"TRIMESTRE",{"$f":"IF(C766=\"\",\"\",IF(AND(MONTH(C766)>=1,MONTH(C766)<=3),1,IF(AND(MONTH(C766)>=4,MONTH(C766)<=6),2,IF(AND(MONTH(C766)>=7,MONTH(C766)<=9),3,4))))","v":4},null,"Provincia","Distrito Nacional"]
[null,"FECHA PREVISTA ADJUDICACIÓN","2023-10-27",null,"Municipio","Distrito Nacional"]
[null,"TRIMESTRE",{"$f":"IF(C768=\"\",\"\",IF(AND(MONTH(C768)>=1,MONTH(C768)<=3),1,IF(AND(MONTH(C768)>=4,MONTH(C768)<=6),2,IF(AND(MONTH(C768)>=7,MONTH(C768)<=9),3,4))))","v":4},null,"Distrito Municipal"]
[]
["CÓDIGO CATÁLOGO","ARTÍCULO","UNIDAD DE MEDIDA","CANTIDAD TOTAL ESTIMADA","PRECIO UNITARIO ESTIMADO","MONTO TOTAL ESTIMADO"]
["44121615",{"$f":"IFERROR(INDEX(UNSPSCDes,MATCH(INDIRECT(ADDRESS(ROW(),COLUMN()-1,4)),UNSPSCCode,0)),IF(INDIRECT(ADDRESS(ROW(),COLUMN()-1,4))=\"44121615\",\"Grapadoras\",\"\"))","v":"Grapadoras"},{"$f":"IFERROR(VLOOKUP(\"UD\",'Informacion '!P:Q,2,FALSE),\"\")","v":"Unidad"},50,{"v":500,"d":"RD$500.00"},{"$f":"INDIRECT(ADDRESS(ROW(),COLUMN()-2,4))*INDIRECT(ADDRESS(ROW(),COLUMN()-1,4))","v":{"v":25000,"d":"RD$25,000.00"}}]
["31162404",{"$f":"IFERROR(INDEX(UNSPSCDes,MATCH(INDIRECT(ADDRESS(ROW(),COLUMN()-1,4)),UNSPSCCode,0)),IF(INDIRECT(ADDRESS(ROW(),COLUMN()-1,4))=\"31162404\",\"Grapas\",\"\"))","v":"Grapas"},{"$f":"IFERROR(VLOOKUP(\"UD\",'Informacion '!P:Q,2,FALSE),\"\")","v":"Unidad"},500,{"v":50,"d":"RD$50.00"},{"v":25000,"d":"RD$25,000.00"}]
["60121526",{"$f":"IFERROR(INDEX(UNSPSCDes,MATCH(INDIRECT(ADDRESS(ROW(),COLUMN()-1,4)),UNSPSCCode,0)),IF(INDIRECT(ADDRESS(ROW(),COLUMN()-1,4))=\"60121526\",\"Bolígrafos para caligrafía\",\"\"))","v":"Bolígrafos para caligrafía"},{"$f":"IFERROR(VLOOKUP(\"UD\",'Informacion '!P:Q,2,FALSE),\"\")","v":"Unidad"},75,{"v":600,"d":"RD$600.00"},{"v":45000,"d":"RD$45,000.00"}]
["44121706",{"$f":"IFERROR(INDEX(UNSPSCDes,MATCH(INDIRECT(ADDRESS(ROW(),COLUMN()-1,4)),UNSPSCCode,0)),IF(INDIRECT(ADDRESS(ROW(),COLUMN()-1,4))=\"44121706\",\"Lápices de madera\",\"\"))","v":"Lápices de madera"},{"$f":"IFERROR(VLOOKUP(\"UD\",'Informacion '!P:Q,2,FALSE),\"\")","v":"Unidad"},150,{"v":600,"d":"RD$600.00"},{"v":90000,"d":"RD$90,000.00"}]
["14111526",{"$f":"IFERROR(INDEX(UNSPSCDes,MATCH(INDIRECT(ADDRESS(ROW(),COLUMN()-1,4)),UNSPSCCode,0)),IF(INDIRECT(ADDRESS(ROW(),COLUMN()-1,4))=\"14111526\",\"Papel libretas o libros de mensajes telefónicos\",\"\"))","v":"Papel libretas o libros de mensajes telefónicos"},{"$f":"IFERROR(VLOOKUP(\"UD\",'Informacion '!P:Q,2,FALSE),\"\")","v":"Unidad"},100,{"v":100,"d":"RD$100.00"},{"v":10000,"d":"RD$10,000.00"}]
["44122101",{"$f":"IFERROR(INDEX(UNSPSCDes,MATCH(INDIRECT(ADDRESS(ROW(),COLUMN()-1,4)),UNSPSCCode,0)),IF(INDIRECT(ADDRESS(ROW(),COLUMN()-1,4))=\"44122101\",\"Cauchos\",\"\"))","v":"Cauchos"},{"$f":"IFERROR(VLOOKUP(\"UD\",'Informacion '!P:Q,2,FALSE),\"\")","v":"Unidad"},100,{"v":100,"d":"RD$100.00"},{"v":10000,"d":"RD$10,000.00"}]
["44122011",{"$f":"IFERROR(INDEX(UNSPSCDes,MATCH(INDIRECT(ADDRESS(ROW(),COLUMN()-1,4)),UNSPSCCode,0)),IF(INDIRECT(ADDRESS(ROW(),COLUMN()-1,4))=\"44122011\",\"Folders\",\"\"))","v":"Folders"},{"$f":"IFERROR(VLOOKUP(\"UD\",'Informacion '!P:Q,2,FALSE),\"\")","v":"Unidad"},500,{"v":500,"d":"RD$500.00"},{"v":250000,"d":"RD$250,000.00"}]
["44121708",{"$f":"IFERROR(INDEX(UNSPSCDes,MATCH(INDIRECT(ADDRESS(ROW(),COLUMN()-1,4)),UNSPSCCode,0)),IF(INDIRECT(ADDRESS(ROW(),COLUMN()-1,4))=\"44121708\",\"Marcadores\",\"\"))","v":"Marcadores"},{"$f":"IFERROR(VLOOKUP(\"UD\",'Informacion '!P:Q,2,FALSE),\"\")","v":"Unidad"},600,{"v":50,"d":"RD$50.00"},{"v":30000,"d":"RD$30,000.00"}]
["14111507",{"$f":"IFERROR(INDEX(UNSPSCDes,MATCH(INDIRECT(ADDRESS(ROW(),COLUMN()-1,4)),UNSPSCCode,0)),IF(INDIRECT(ADDRESS(ROW(),COLUMN()-1,4))=\"14111507\",\"Papel para impresora o fotocopiadora\",\"\"))","v":"Papel para impresora o fotocopiadora"},{"$f":"IFERROR(VLOOKUP(\"UD\",'Informacion '!P:Q,2,FALSE),\"\")","v":"Unidad"},1000,{"v":150,"d":"RD$150.00"},{"v":150000,"d":"RD$150,000.00"}]
[{"$nulls":4},"TOTAL COMPRA ESTIMADA",{"$f":"SUM(Table67[MONTO TOTAL ESTIMADO])","v":{"v":635000,"d":"RD$635,000.00"}},null,{"$f":"C765","v":"Bienes"},{"$f":"E765","v":"Sí"},{"$f":"D765","v":"Compras por debajo del Umbral"}]
[]
["NOMBRE O REFERENCIA DE CONTRATACIÓN","FINALIDAD DE LA CONTRATACIÓN","OBJETO DE CONTRATACIÓN","PROCEDIMIENTO DE SELECCIÓN","DESTINADO A MIPYMES","CÓDIGO SNIP"]
["Adquisicion Articulo para el manteniemiento de Oficina","Ejecutar lo Planificado","Bienes","Compras por debajo del Umbral","No",""]
["FECHA DE NECESSIDAD","FECHA INICIO PROCESO DE COMPRA","2023-02-10","LUGAR DE EJECUCIÓN / ENTREGA","Región","OZAMA O METROPOLITANA"]
[null,"TRIMESTRE",{"$f":"IF(C785=\"\",\"\",IF(AND(MONTH(C785)>=1,MONTH(C785)<=3),1,IF(AND(MONTH(C785)>=4,MONTH(C785)<=6),2,IF(AND(MONTH(C785)>=7,MONTH(C785)<=9),3,4))))","v":1},null,"Provincia","Distrito Nacional"]
[null,"FECHA PREVISTA ADJUDICACIÓN","2023-02-28",null,"Municipio","Distrito Nacional"]
[null,"TRIMESTRE",{"$f":"IF(C787=\"\",\"\",IF(AND(MONTH(C787)>=1,MONTH(C787)<=3),1,IF(AND(MONTH(C787)>=4,MONTH(C787)<=6),2,IF(AND(MONTH(C787)>=7,MONTH(C787)<=9),3,4))))","v":1},null,"Distrito Municipal"]
[]
["CÓDIGO CATÁLOGO","ARTÍCULO","UNIDAD DE MEDIDA","CANTIDAD TOTAL ESTIMADA","PRECIO UNITARIO ESTIMADO","MONTO TOTAL ESTIMADO"]
["47131803",{"$f":"IFERROR(INDEX(UNSPSCDes,MATCH(INDIRECT(ADDRESS(ROW(),COLUMN()-1,4)),UNSPSCCode,0)),IF(INDIRECT(ADDRESS(ROW(),COLUMN()-1,4))=\"47131803\",\"Desinfectantes para uso doméstico\",\"\"))","v":"Desinfectantes para uso doméstico"},{"$f":"IFERROR(VLOOKUP(\"UD\",'Informacion '!P:Q,2,FALSE),\"\")","v":"Unidad"},1500,{"v":100,"d":"RD$100.00"},{"$f":"INDIRECT(ADDRESS(ROW(),COLUMN()-2,4))*INDIRECT(ADDRESS(ROW(),COLUMN()-1,4))","v":{"v":150000,"d":"RD$150,000.00"}}]
["47131807",{"$f":"IFERROR(INDEX(UNSPSCDes,MATCH(INDIRECT(ADDRESS(ROW(),COLUMN()-1,4)),UNSPSCCode,0)),IF(INDIRECT(ADDRESS(ROW(),COLUMN()-1,4))=\"47131807\",\"Blanqueadores\",\"\"))","v":"Blanqueadores"},{"$f":"IFERROR(VLOOKUP(\"UD\",'Informacion '!P:Q,2,FALSE),\"\")","v":"Unidad"},100,{"v":100,"d":"RD$100.00"},{"$f":"INDIRECT(ADDRESS(ROW(),COLUMN()-2,4))*INDIRECT(ADDRESS(ROW(),COLUMN()-1,4))","v":{"v":10000,"d":"RD$10,000.00"}}]
[{"$nulls":4},"TOTAL COMPRA ESTIMADA",{"$f":"SUM(Table68[MONTO TOTAL ESTIMADO])","v":{"v":160000,"d":"RD$160,000.00"}},null,{"$f":"C784","v":"Bienes"},{"$f":"E784","v":"No"},{"$f":"D784","v":"Compras por debajo del Umbral"}]
[]
["NOMBRE O REFERENCIA DE CONTRATACIÓN","FINALIDAD DE LA CONTRATACIÓN","OBJETO DE CONTRATACIÓN","PROCEDIMIENTO DE SELECCIÓN","DESTINADO A MIPYMES","CÓDIGO SNIP"]
["Adquisicion Articulo para el manteniemiento de Oficina","Ejecutar lo Planificado","Bienes","Compras por debajo del Umbral","No",""]
["FECHA DE NECESSIDAD","FECHA INICIO PROCESO DE COMPRA","2023-10-15","LUGAR DE EJECUCIÓN / ENTREGA","Región","OZAMA O METROPOLITANA"]
[null,"TRIMESTRE",{"$f":"IF(C797=\"\",\"\",IF(AND(MONTH(C797)>=1,MONTH(C797)<=3),1,IF(AND(MONTH(C797)>=4,MONTH(C797)<=6),2,IF(AND(MONTH(C797)>=7,MONTH(C797)<=9),3,4))))","v":4},null,"Provincia","Distrito Nacional"]
[null,"FECHA PREVISTA ADJUDICACIÓN","2023-10-28",null,"Municipio","Distrito Nacional"]
[null,"TRIMESTRE",{"$f":"IF(C799=\"\",\"\",IF(AND(MONTH(C799)>=1,MONTH(C799)<=3),1,IF(AND(MONTH(C799)>=4,MONTH(C799)<=6),2,IF(AND(MONTH(C799)>=7,MONTH(C799)<=9),3,4))))","v":4},null,"Distrito Municipal"]
[]
["CÓDIGO CATÁLOGO","ARTÍCULO","UNIDAD DE MEDIDA","CANTIDAD TOTAL ESTIMADA","PRECIO UNITARIO ESTIMADO","MONTO TOTAL ESTIMADO"]
["47131803",{"$f":"IFERROR(INDEX(UNSPSCDes,MATCH(INDIRECT(ADDRESS(ROW(),COLUMN()-1,4)),UNSPSCCode,0)),IF(INDIRECT(ADDRESS(ROW(),COLUMN()-1,4))=\"47131803\",\"Desinfectantes para uso doméstico\",\"\"))","v":"Desinfectantes para uso doméstico"},{"$f":"IFERROR(VLOOKUP(\"UD\",'Informacion '!P:Q,2,FALSE),\"\")","v":"Unidad"},1500,{"v":100,"d":"RD$100.00"},{"$f":"INDIRECT(ADDRESS(ROW(),COLUMN()-2,4))*INDIRECT(ADDRESS(ROW(),COLUMN()-1,4))","v":{"v":150000,"d":"RD$150,000.00"}}]
["47131807",{"$f":"IFERROR(INDEX(UNSPSCDes,MATCH(INDIRECT(ADDRESS(ROW(),COLUMN()-1,4)),UNSPSCCode,0)),IF(INDIRECT(ADDRESS(ROW(),COLUMN()-1,4))=\"47131807\",\"Blanqueadores\",\"\"))","v":"Blanqueadores"},{"$f":"IFERROR(VLOOKUP(\"UD\",'Informacion '!P:Q,2,FALSE),\"\")","v":"Unidad"},100,{"v":100,"d":"RD$100.00"},{"$f":"INDIRECT(ADDRESS(ROW(),COLUMN()-2,4))*INDIRECT(ADDRESS(ROW(),COLUMN()-1,4))","v":{"v":10000,"d":"RD$10,000.00"}}]
[{"$nulls":4},"TOTAL COMPRA ESTIMADA",{"$f":"SUM(Table69[MONTO TOTAL ESTIMADO])","v":{"v":160000,"d":"RD$160,000.00"}},null,{"$f":"C796","v":"Bienes"},{"$f":"E796","v":"No"},{"$f":"D796","v":"Compras por debajo del Umbral"}]
[]
["NOMBRE O REFERENCIA DE CONTRATACIÓN","FINALIDAD DE LA CONTRATACIÓN","OBJETO DE CONTRATACIÓN","PROCEDIMIENTO DE SELECCIÓN","DESTINADO A MIPYMES","CÓDIGO SNIP"]
["Compra de Vehiculos para usos del personal en las atividades de la institucion","Ejecutar lo Planificado","Bienes","Licitacion Publica","Sí",""]
["FECHA DE NECESSIDAD","FECHA INICIO PROCESO DE COMPRA","2023-04-02","LUGAR DE EJECUCIÓN / ENTREGA","Región","OZAMA O METROPOLITANA"]
[null,"TRIMESTRE",{"$f":"IF(C809=\"\",\"\",IF(AND(MONTH(C809)>=1,MONTH(C809)<=3),1,IF(AND(MONTH(C809)>=4,MONTH(C809)<=6),2,IF(AND(MONTH(C809)>=7,MONTH(C809)<=9),3,4))))","v":2},null,"Provincia","Distrito Nacional"]
[null,"FECHA PREVISTA ADJUDICACIÓN","2023-07-20",null,"Municipio","Distrito Nacional"]
[null,"TRIMESTRE",{"$f":"IF(C811=\"\",\"\",IF(AND(MONTH(C811)>=1,MONTH(C811)<=3),1,IF(AND(MONTH(C811)>=4,MONTH(C811)<=6),2,IF(AND(MONTH(C811)>=7,MONTH(C811)<=9),3,4))))","v":3},null,"Distrito Municipal"]
[]
["CÓDIGO CATÁLOGO","ARTÍCULO","UNIDAD DE MEDIDA","CANTIDAD TOTAL ESTIMADA","PRECIO UNITARIO ESTIMADO","MONTO TOTAL ESTIMADO"]
[20102301,{"$f":"IFERROR(INDEX(UNSPSCDes,MATCH(INDIRECT(ADDRESS(ROW(),COLUMN()-1,4)),UNSPSCCode,0)),IF(INDIRECT(ADDRESS(ROW(),COLUMN()-1,4))=\"80111701\",\"Servicios de contratación de personal\",\"\"))","v":"Transporte de personal"},{"$f":"IFERROR(VLOOKUP(\"UD\",'Informacion '!P:Q,2,FALSE),\"\")","v":"Unidad"},1,{"v":34144000,"d":"RD$34,144,000.00"},{"$f":"INDIRECT(ADDRESS(ROW(),COLUMN()-2,4))*INDIRECT(ADDRESS(ROW(),COLUMN()-1,4))","v":{"v":34144000,"d":"RD$34,144,000.00"}}]
[{"$nulls":4},"TOTAL COMPRA ESTIMADA",{"$f":"SUM(Table71[MONTO TOTAL ESTIMADO])","v":{"v":34144000,"d":"RD$34,144,000.00"}},null,{"$f":"C808","v":"Bienes"},{"$f":"E808","v":"Sí"},{"$f":"D808","v":"Licitacion Publica"}]
[]
["NOMBRE O REFERENCIA DE CONTRATACIÓN","FINALIDAD DE LA CONTRATACIÓN","OBJETO DE CONTRATACIÓN","PROCEDIMIENTO DE SELECCIÓN","DESTINADO A MIPYMES","CÓDIGO SNIP"]
["Uniformes","Ejecutar lo Planificado","Bienes","Licitacion Publica","No"]
["FECHA DE NECESSIDAD","FECHA INICIO PROCESO DE COMPRA","2023-02-10","LUGAR DE EJECUCIÓN / ENTREGA","Región","OZAMA O METROPOLITANA"]
[null,"TRIMESTRE",{"$f":"IF(C820=\"\",\"\",IF(AND(MONTH(C820)>=1,MONTH(C820)<=3),1,IF(AND(MONTH(C820)>=4,MONTH(C820)<=6),2,IF(AND(MONTH(C820)>=7,MONTH(C820)<=9),3,4))))","v":1},null,"Provincia","Distrito Nacional"]
[null,"FECHA PREVISTA ADJUDICACIÓN","2023-05-25",null,"Municipio","Distrito Nacional"]
[null,"TRIMESTRE",{"$f":"IF(C822=\"\",\"\",IF(AND(MONTH(C822)>=1,MONTH(C822)<=3),1,IF(AND(MONTH(C822)>=4,MONTH(C822)<=6),2,IF(AND(MONTH(C822)>=7,MONTH(C822)<=9),3,4))))","v":2},null,"Distrito Municipal"]
[]
["CÓDIGO CATÁLOGO","ARTÍCULO","UNIDAD DE MEDIDA","CANTIDAD TOTAL ESTIMADA","PRECIO UNITARIO ESTIMADO","MONTO TOTAL ESTIMADO"]
[53101602,{"$f":"IFERROR(INDEX(UNSPSCDes,MATCH(INDIRECT(ADDRESS(ROW(),COLUMN()-1,4)),UNSPSCCode,0)),\"\")","v":"Camisas para hombre"},{"$f":"IFERROR(VLOOKUP(\"UD\",'Informacion '!P:Q,2,FALSE),\"\")","v":"Unidad"},1,{"v":40000000,"d":"RD$40,000,000.00"},{"$f":"INDIRECT(ADDRESS(ROW(),COLUMN()-2,4))*INDIRECT(ADDRESS(ROW(),COLUMN()-1,4))","v":{"v":40000000,"d":"RD$40,000,000.00"}}]
[{"$nulls":4},"TOTAL COMPRA ESTIMADA",{"$f":"SUM(Table33[MONTO TOTAL ESTIMADO])","v":{"v":40000000,"d":"RD$40,000,000.00"}},null,{"$f":"C819","v":"Bienes"},{"$f":"E819","v":"No"},{"$f":"D819","v":"Licitacion Publica"}]

{"sheet":"Informacion ","index":2,"n_rows":387,"n_cols":21,"rows_kept":387,"hidden":true}
["REGIONES","PROVINCIAS",null,"MUNICIPIOS",null,null,"DISTRITOS MUNICIPALES"]
["REGION","REGION","PROVINCIA","REGION","PROVINCIA","MUNICIPIO","REGION","PROVINCIA","MUNICIPIO","DISTRITO MUNICIPAL",null,"Procedimientos",null,"Destinado a MIPYME?",null,"Un","Desc.",null,"Objeto de Contratación ",null,"Etiquetas necesarias"]
["CIBAO NORTE","CIBAO NORTE","Santiago","CIBAO NORTE","Santiago","Santiago de los Caballeros","CIBAO NORDESTE","Duarte","Arenoso","Arenoso",null,"Comparacion de Precios",null,"Sí",null,"CAJ","Caja",null,"Bienes",null,"TOTAL COMPRA ESTIMADA"]
["CIBAO SUR","CIBAO NORTE","Puerto Plata","CIBAO NORTE","Santiago","Sabana Iglesia","CIBAO NORDESTE","Duarte","Arenoso","El Aguacate",null,"Compras Menores",null,"MIPYME Mujeres",null,"CM","Centímetro",null,"Servicios"]
["CIBAO NORDESTE","CIBAO NORTE","Espaillat","CIBAO NORTE","Santiago","Villa Bisonó (Navarrete)","CIBAO NORDESTE","Duarte","Arenoso","Las Coles",null,"Compras por debajo del Umbral",null,"No",null,"CM2","Centímetro Cuadrado",null,"Servicios: Consultorías"]
["CIBAO NOROESTE","CIBAO SUR","Concepción de La Vega","CIBAO NORTE","Santiago","Jánico","CIBAO NORDESTE","Duarte","Castillo","Castillo",null,"Excepción - Bienes o servicios con exclusividad",{"$nulls":3},"CT","Ciento",null,"Servicios: Consultoría basada en la calidad de los servicios"]
["VALDESIA","CIBAO SUR","Monseñor Nouel","CIBAO NORTE","Santiago","Licey al Medio","CIBAO NORDESTE","Duarte","Hostos","Hostos",null,"Excepción - Construcción, instalación o adquisición de oficinas para el servicio exterior",{"$nulls":3},"DEC","Decena",null,"Obras"]
["ENRIQUILLO","CIBAO SUR","Sánchez Ramírez","CIBAO NORTE","Santiago","San José de las Matas","CIBAO NORDESTE","Duarte","Hostos","Sabana Grande de Hostos",null,"Excepción - Contratación de publicidad a través de medios de comunicación social",{"$nulls":3},"DM","Decímetro"]
["EL VALLE","CIBAO NORDESTE","Duarte","CIBAO NORTE","Santiago","Tamboril","CIBAO NORDESTE","Duarte","Las Guáranas","Las Guáranas",null,"Excepción - Obras científicas, técnicas, artísticas, o restauración  de monumentos históricos",{"$nulls":3},"DÍA","Día"]
["YUMA","CIBAO NORDESTE","Hermanas Mirabal","CIBAO NORTE","Santiago","Villa González","CIBAO NORDESTE","Duarte","Pimentel","Pimentel",null,"Excepción - Proveedor Único",{"$nulls":3},"DOC","Docena"]
["HIGUAMO","CIBAO NORDESTE","María Trinidad Sánchez","CIBAO NORTE","Santiago","Puñal","CIBAO NORDESTE","Duarte","San Fco. de Macorís","Cenoví",null,"Excepción - Rescisión de contratos cuya terminación no exceda el 40% del monto total del proyecto, obra o servicio",{"$nulls":3},"GAL","Galón"]
["OZAMA O METROPOLITANA","CIBAO NORDESTE","Samaná","CIBAO NORTE","Puerto Plata","San Felipe de Puerto Plata","CIBAO NORDESTE","Duarte","San Fco. de Macorís","Don Antonio Guzmán Fernández",null,"Excepción - Resolución 15-08 sobre compra y contratación de pasaje aéreo, combustible y reparación de vehículos de motor",{"$nulls":3},"G","Gramo"]
[null,"CIBAO NOROESTE","Valverde","CIBAO NORTE","Puerto Plata","Altamira","CIBAO NORDESTE","Duarte","San Fco. de Macorís","Jaya",null,"Licitacion Publica",{"$nulls":3},"H","Hora"]
[null,"CIBAO NOROESTE","Santiago Rodriguez","CIBAO NORTE","Puerto Plata","Guananico","CIBAO NORDESTE","Duarte","San Fco. de Macorís","La Peña",null,"Licitacion Publica Internacional",{"$nulls":3},"H/H","Hora Hombre"]
[null,"CIBAO NOROESTE","Montecristi","CIBAO NORTE","Puerto Plata","Imbert","CIBAO NORDESTE","Duarte","San Fco. de Macorís","San Fco. de Macorís",null,"Licitacion Restringida",{"$nulls":3},"KG","Kilogramo"]
[null,"CIBAO NOROESTE","Dajabón","CIBAO NORTE","Puerto Plata","Los Hidalgos","CIBAO NORDESTE","Duarte","Villa Riva","Agua Santa del Yuna",null,"Sorteo de Obras",{"$nulls":3},"KM","Kilómetro"]
[null,"VALDESIA","San Cristóbal","CIBAO NORTE","Puerto Plata","Luperón","CIBAO NORDESTE","Duarte","Villa Riva","Barraquito",null,"Subasta Inversa",{"$nulls":3},"KM2","Kilómetro cuadrado"]
[null,"VALDESIA","Peravia","CIBAO NORTE","Puerto Plata","Sosúa","CIBAO NORDESTE","Duarte","Villa Riva","Cristo Rey de Guaraguao",{"$nulls":5},"LB","Libra "]
[null,"VALDESIA","San José de Ocoa","CIBAO NORTE","Puerto Plata","Villa Isabela","CIBAO NORDESTE","Duarte","Villa Riva","Las Táranas",{"$nulls":5},"L","Litro"]
[null,"VALDESIA","Azua","CIBAO NORTE","Puerto Plata","Villa Montellano","CIBAO NORDESTE","Duarte","Villa Riva","Villa Riva",{"$nulls":5},"MES","Mes"]
[null,"ENRIQUILLO","Barahona","CIBAO NORTE","Espaillat","Moca","CIBAO NORDESTE","Hermanas Mirabal","Salcedo","Jamao Afuera",{"$nulls":5},"M","Metro"]
[null,"ENRIQUILLO","Bahoruco","CIBAO NORTE","Espaillat","Cayetano Germosén","CIBAO NORDESTE","Hermanas Mirabal","Salcedo","Salcedo",{"$nulls":5},"M2","Metro cuadrado"]
[null,"ENRIQUILLO","Pedernales","CIBAO NORTE","Espaillat","Gaspar Hernández","CIBAO NORDESTE","Hermanas Mirabal","Tenares","Blanco",{"$nulls":5},"M3","Metro cúbico"]
[null,"ENRIQUILLO","Independencia","CIBAO NORTE","Espaillat","Jamao al Norte","CIBAO NORDESTE","Hermanas Mirabal","Tenares","Tenares",{"$nulls":5},"MG","Miligramo"]
[null,"EL VALLE","San Juan","CIBAO SUR","Concepción de La Vega","La Vega","CIBAO NORDESTE","Hermanas Mirabal","Villa Tapia","Villa Tapia",{"$nulls":5},"MM","Milímetro"]
[null,"EL VALLE","Elías Piña","CIBAO SUR","Concepción de La Vega","Constanza","CIBAO NORDESTE","María Trinidad Sánchez","Cabrera","Arroyo Salado",{"$nulls":5},"MI","Milla"]
[null,"YUMA","La Romana","CIBAO SUR","Concepción de La Vega","Jarabacoa","CIBAO NORDESTE","María Trinidad Sánchez","Cabrera","Cabrera",{"$nulls":5},"MIL","Millar"]
[null,"YUMA","La Altagracia","CIBAO SUR","Concepción de La Vega","Jima Abajo","CIBAO NORDESTE","María Trinidad Sánchez","Cabrera","La Entrada",{"$nulls":5},"OZ","Onza"]
[null,"YUMA","El Seibo","CIBAO SUR","Monseñor Nouel","Bonao","CIBAO NORDESTE","María Trinidad Sánchez","El Factor","El Factor",{"$nulls":5},"PAQ","Paquete"]
[null,"HIGUAMO","San Pedro de Macorís","CIBAO SUR","Monseñor Nouel","Maimón","CIBAO NORDESTE","María Trinidad Sánchez","El Factor","El Pozo",{"$nulls":5},"FT","Pie"]
[null,"HIGUAMO","Hato Mayor","CIBAO SUR","Monseñor Nouel","Piedra Blanca","CIBAO NORDESTE","María Trinidad Sánchez","Nagua","Arroyo al Medio",{"$nulls":5},"FT2","Pie cuadrado"]
[null,"HIGUAMO","Monte Plata","CIBAO SUR","Sánchez Ramírez","Cotuí","CIBAO NORDESTE","María Trinidad Sánchez","Nagua","Las Gordas",{"$nulls":5},"FT3","Pie cúbico"]
[null,"OZAMA O METROPOLITANA","Distrito Nacional","CIBAO SUR","Sánchez Ramírez","Cevicos","CIBAO NORDESTE","María Trinidad Sánchez","Nagua","Nagua",{"$nulls":5},"IN","Pulgada"]
[null,"OZAMA O METROPOLITANA","Santo Domingo","CIBAO SUR","Sánchez Ramírez","Fantino","CIBAO NORDESTE","María Trinidad Sánchez","Nagua","San José de Matanzas",{"$nulls":5},"PULG","Pulgada"]
[{"$nulls":3},"CIBAO SUR","Sánchez Ramírez","La Mata","CIBAO NORDESTE","María Trinidad Sánchez","Río San Juan","Río San Juan",{"$nulls":5},"IN2","Pulgada cuadrada"]
[{"$nulls":3},"CIBAO NORDESTE","Duarte","San Fco. de Macorís","CIBAO NORDESTE","Samaná","Las Terrenas","Las Terrenas",{"$nulls":5},"500UD","Quinientas unidades"]
[{"$nulls":3},"CIBAO NORDESTE","Duarte","Arenoso","CIBAO NORDESTE","Samaná","Sánchez","Sánchez",{"$nulls":5},"Q","Quintal"]
[{"$nulls":3},"CIBAO NORDESTE","Duarte","Castillo","CIBAO NORDESTE","Samaná","Santa Bárbara de Samaná","Arroyo Barril",{"$nulls":5},"RESMA","Resma"]
[{"$nulls":3},"CIBAO NORDESTE","Duarte","Hostos","CIBAO NORDESTE","Samaná","Santa Bárbara de Samaná","El Limón",{"$nulls":5},"SEM","Semana"]
[{"$nulls":3},"CIBAO NORDESTE","Duarte","Pimentel","CIBAO NORDESTE","Samaná","Santa Bárbara de Samaná","Las Galeras",{"$nulls":5},"TON","Tonelada"]
[{"$nulls":3},"CIBAO NORDESTE","Duarte","Villa Riva","CIBAO NORDESTE","Samaná","Santa Bárbara de Samaná","Santa Bárbara de Samaná",{"$nulls":5},"UD","Unidad"]
[{"$nulls":3},"CIBAO NORDESTE","Duarte","Las Guáranas","CIBAO NOROESTE","Dajabón","Dajabón","Cañongo",{"$nulls":5},"YD","Yarda"]
[{"$nulls":3},"CIBAO NORDESTE","Hermanas Mirabal","Salcedo","CIBAO NOROESTE","Dajabón","Dajabón","Dajabón",{"$nulls":5},"YD2","Yarda cuadrada"]
[{"$nulls":3},"CIBAO NORDESTE","Hermanas Mirabal","Tenares","CIBAO NOROESTE","Dajabón","El Pino","El Pino"]
[{"$nulls":3},"CIBAO NORDESTE","Hermanas Mirabal","Villa Tapia","CIBAO NOROESTE","Dajabón","El Pino","Manuel Bueno"]
[{"$nulls":3},"CIBAO NORDESTE","María Trinidad Sánchez","Nagua","CIBAO NOROESTE","Dajabón","Loma de Cabrera","Capotillo"]
[{"$nulls":3},"CIBAO NORDESTE","María Trinidad Sánchez","Cabrera","CIBAO NOROESTE","Dajabón","Loma de Cabrera","Loma de Cabrera"]
[{"$nulls":3},"CIBAO NORDESTE","María Trinidad Sánchez","El Factor","CIBAO NOROESTE","Dajabón","Loma de Cabrera","Santiago de la Cruz"]
[{"$nulls":3},"CIBAO NORDESTE","María Trinidad Sánchez","Río San Juan","CIBAO NOROESTE","Dajabón","Partido","Partido"]
[{"$nulls":3},"CIBAO NORDESTE","Samaná","Santa Bárbara de Samaná","CIBAO NOROESTE","Dajabón","Restauración","Restauración"]
[{"$nulls":3},"CIBAO NORDESTE","Samaná","Sánchez","CIBAO NOROESTE","Montecristi","Castañuelas","Castañuelas"]
[{"$nulls":3},"CIBAO NORDESTE","Samaná","Las Terrenas","CIBAO NOROESTE","Montecristi","Castañuelas","Palo Verde"]
[{"$nulls":3},"CIBAO NOROESTE","Valverde","Santa Cruz de Mao","CIBAO NOROESTE","Montecristi","Guayubín","Cana Chapetón"]
[{"$nulls":3},"CIBAO NOROESTE","Valverde","Esperanza","CIBAO NOROESTE","Montecristi","Guayubín","Guayubín"]
[{"$nulls":3},"CIBAO NOROESTE","Valverde","Laguna Salada","CIBAO NOROESTE","Montecristi","Guayubín","Hatillo Palma"]
[{"$nulls":3},"CIBAO NOROESTE","Santiago Rodriguez","San Ignacio de Sabaneta","CIBAO NOROESTE","Montecristi","Guayubín","Villa Elisa"]
[{"$nulls":3},"CIBAO NOROESTE","Santiago Rodriguez","Villa los Almácigos","CIBAO NOROESTE","Montecristi","Las Matas de Santa Cruz","Las Matas de Santa Cruz"]
[{"$nulls":3},"CIBAO NOROESTE","Santiago Rodriguez","Monción","CIBAO NOROESTE","Montecristi","Pepillo Salcedo","Pepillo Salcedo"]
[{"$nulls":3},"CIBAO NOROESTE","Montecristi","San Fernando de Montecristi","CIBAO NOROESTE","Montecristi","San Fernando de Montecristi","San Fernando de Montecristi"]
[{"$nulls":3},"CIBAO NOROESTE","Montecristi","Castañuelas","CIBAO NOROESTE","Montecristi","Villa Vásquez","Villa Vásquez"]
[{"$nulls":3},"CIBAO NOROESTE","Montecristi","Guayubín","CIBAO NOROESTE","Santiago Rodriguez","Monción","Monción"]
[{"$nulls":3},"CIBAO NOROESTE","Montecristi","Las Matas de Santa Cruz","CIBAO NOROESTE","Santiago Rodriguez","San Ignacio de Sabaneta","San Ignacio de Sabaneta"]
[{"$nulls":3},"CIBAO NOROESTE","Montecristi","Pepillo Salcedo","CIBAO NOROESTE","Santiago Rodriguez","Villa los Almácigos","Villa los Almácigos"]
[{"$nulls":3},"CIBAO NOROESTE","Montecristi","Villa Vásquez","CIBAO NOROESTE","Valverde","Esperanza","Boca de Mao"]
[{"$nulls":3},"CIBAO NOROESTE","Dajabón","Dajabón","CIBAO NOROESTE","Valverde","Esperanza","Esperanza"]
[{"$nulls":3},"CIBAO NOROESTE","Dajabón","Loma de Cabrera","CIBAO NOROESTE","Valverde","Esperanza","Jicomé"]
[{"$nulls":3},"CIBAO NOROESTE","Dajabón","Restauración","CIBAO NOROESTE","Valverde","Esperanza","Maizal"]
[{"$nulls":3},"CIBAO NOROESTE","Dajabón","Partido","CIBAO NOROESTE","Valverde","Esperanza","Paradero"]
[{"$nulls":3},"CIBAO NOROESTE","Dajabón","El Pino","CIBAO NOROESTE","Valverde","Laguna Salada","Cruce de Guayacanes"]
[{"$nulls":3},"VALDESIA","San Cristóbal","San Cristóbal","CIBAO NOROESTE","Valverde","Laguna Salada","Jaibón (Laguna Salada)"]
[{"$nulls":3},"VALDESIA","San Cristóbal","Bajos de Haina","CIBAO NOROESTE","Valverde","Laguna Salada","La Caya"]
[{"$nulls":3},"VALDESIA","San Cristóbal","Los Cacaos","CIBAO NOROESTE","Valverde","Laguna Salada","Laguna Salada"]
[{"$nulls":3},"VALDESIA","San Cristóbal","Cambita Garabitos","CIBAO NOROESTE","Valverde","Santa Cruz de Mao","Ámina"]
[{"$nulls":3},"VALDESIA","San Cristóbal","San Gregorio de Nigua","CIBAO NOROESTE","Valverde","Santa Cruz de Mao","Guatapanal"]
[{"$nulls":3},"VALDESIA","San Cristóbal","Sabana Grande de Palenque","CIBAO NOROESTE","Valverde","Santa Cruz de Mao","Jaibón (Pueblo Nuevo)"]
[{"$nulls":3},"VALDESIA","San Cristóbal","Yaguate","CIBAO NOROESTE","Valverde","Santa Cruz de Mao","Santa Cruz de Mao"]
[{"$nulls":3},"VALDESIA","San Cristóbal","Villa Altagracia","CIBAO NORTE","Espaillat","Cayetano Germosén","Cayetano Germosén"]
[{"$nulls":3},"VALDESIA","Peravia","Baní","CIBAO NORTE","Espaillat","Gaspar Hernández","Gaspar Hernández"]
[{"$nulls":3},"VALDESIA","Peravia","Nizao","CIBAO NORTE","Espaillat","Gaspar Hernández","Joba Arriba"]
[{"$nulls":3},"VALDESIA","San José de Ocoa","San José de Ocoa","CIBAO NORTE","Espaillat","Gaspar Hernández","Veragua"]
[{"$nulls":3},"VALDESIA","San José de Ocoa","Sabana Larga","CIBAO NORTE","Espaillat","Gaspar Hernández","Villa Magante"]
[{"$nulls":3},"VALDESIA","San José de Ocoa","Rancho Arriba","CIBAO NORTE","Espaillat","Jamao al Norte","Jamao al Norte"]
[{"$nulls":3},"VALDESIA","Azua","Azua de Compostela","CIBAO NORTE","Espaillat","Moca","Canca la Reina"]
[{"$nulls":3},"VALDESIA","Azua","Guayabal","CIBAO NORTE","Espaillat","Moca","El Higuerito"]
[{"$nulls":3},"VALDESIA","Azua","Las Charcas","CIBAO NORTE","Espaillat","Moca","José Contreras"]
[{"$nulls":3},"VALDESIA","Azua","Las Yayas de Viajama","CIBAO NORTE","Espaillat","Moca","Juan López"]
[{"$nulls":3},"VALDESIA","Azua","Padre Las Casas","CIBAO NORTE","Espaillat","Moca","La Ortega"]
[{"$nulls":3},"VALDESIA","Azua","Peralta","CIBAO NORTE","Espaillat","Moca","Las Lagunas Abajo"]
[{"$nulls":3},"VALDESIA","Azua","Sabana Yegua","CIBAO NORTE","Espaillat","Moca","Moca"]
[{"$nulls":3},"VALDESIA","Azua","Tábara Arriba","CIBAO NORTE","Espaillat","Moca","Monte de la Jagua"]
[{"$nulls":3},"VALDESIA","Azua","Estebanía","CIBAO NORTE","Espaillat","Moca","San Víctor"]
[{"$nulls":3},"VALDESIA","Azua","Pueblo Viejo","CIBAO NORTE","Puerto Plata","Altamira","Altamira"]
[{"$nulls":3},"ENRIQUILLO","Barahona","Santa Cruz de Barahona","CIBAO NORTE","Puerto Plata","Altamira","Río Grande"]
[{"$nulls":3},"ENRIQUILLO","Barahona","Cabral","CIBAO NORTE","Puerto Plata","Guananico","Guananico"]
[{"$nulls":3},"ENRIQUILLO","Barahona","Enriquillo","CIBAO NORTE","Puerto Plata","Imbert","Imbert"]
[{"$nulls":3},"ENRIQUILLO","Barahona","Las Salinas","CIBAO NORTE","Puerto Plata","Los Hidalgos","Los Hidalgos"]
[{"$nulls":3},"ENRIQUILLO","Barahona","Paraíso","CIBAO NORTE","Puerto Plata","Los Hidalgos","Navas"]
[{"$nulls":3},"ENRIQUILLO","Barahona","Polo","CIBAO NORTE","Puerto Plata","Luperón","Belloso"]
[{"$nulls":3},"ENRIQUILLO","Barahona","Vicente Noble","CIBAO NORTE","Puerto Plata","Luperón","El Estrecho de Luperón Omar Bross"]
[{"$nulls":3},"ENRIQUILLO","Barahona","El Peñón","CIBAO NORTE","Puerto Plata","Luperón","La Isabela"]
[{"$nulls":3},"ENRIQUILLO","Barahona","Fundación","CIBAO NORTE","Puerto Plata","Luperón","Luperón"]
[{"$nulls":3},"ENRIQUILLO","Barahona","La Ciénaga","CIBAO NORTE","Puerto Plata","San Felipe de Puerto Plata","Maimón"]
[{"$nulls":3},"ENRIQUILLO","Barahona","Jaquimeyes","CIBAO NORTE","Puerto Plata","San Felipe de Puerto Plata","San Felipe de Puerto Plata"]
[{"$nulls":3},"ENRIQUILLO","Bahoruco","Neyba","CIBAO NORTE","Puerto Plata","San Felipe de Puerto Plata","Yásica Arriba"]
[{"$nulls":3},"ENRIQUILLO","Bahoruco","Galván","CIBAO NORTE","Puerto Plata","Sosúa","Cabarete"]
[{"$nulls":3},"ENRIQUILLO","Bahoruco","Los Ríos","CIBAO NORTE","Puerto Plata","Sosúa","Sabaneta de Yásica"]
[{"$nulls":3},"ENRIQUILLO","Bahoruco","Tamayo","CIBAO NORTE","Puerto Plata","Sosúa","Sosúa"]
[{"$nulls":3},"ENRIQUILLO","Bahoruco","Villa Jaragua","CIBAO NORTE","Puerto Plata","Villa Isabela","Estero Hondo"]
[{"$nulls":3},"ENRIQUILLO","Pedernales","Pedernales","CIBAO NORTE","Puerto Plata","Villa Isabela","Gualete"]
[{"$nulls":3},"ENRIQUILLO","Pedernales","Oviedo","CIBAO NORTE","Puerto Plata","Villa Isabela","La Jaiba"]
[{"$nulls":3},"ENRIQUILLO","Independencia","Jimaní","CIBAO NORTE","Puerto Plata","Villa Isabela","Villa Isabela"]
[{"$nulls":3},"ENRIQUILLO","Independencia","Duvergé","CIBAO NORTE","Puerto Plata","Villa Montellano","Villa Montellano"]
[{"$nulls":3},"ENRIQUILLO","Independencia","La Descubierta","CIBAO NORTE","Santiago","Jánico","El Caimito"]
[{"$nulls":3},"ENRIQUILLO","Independencia","Mella","CIBAO NORTE","Santiago","Jánico","Jánico"]
[{"$nulls":3},"ENRIQUILLO","Independencia","Postrer Río","CIBAO NORTE","Santiago","Jánico","Juncalito"]
[{"$nulls":3},"ENRIQUILLO","Independencia","Cristóbal","CIBAO NORTE","Santiago","Licey al Medio","Las Palomas"]
[{"$nulls":3},"EL VALLE","San Juan","San Juan de la Maguana","CIBAO NORTE","Santiago","Licey al Medio","Licey al Medio"]
[{"$nulls":3},"EL VALLE","San Juan","Bohechio","CIBAO NORTE","Santiago","Puñal","Canabacoa"]
[{"$nulls":3},"EL VALLE","San Juan","El Cercado","CIBAO NORTE","Santiago","Puñal","Guayabal"]
[{"$nulls":3},"EL VALLE","San Juan","Juan de Herrera","CIBAO NORTE","Santiago","Puñal","Puñal"]
[{"$nulls":3},"EL VALLE","San Juan","Las Matas de Farfán","CIBAO NORTE","Santiago","Sabana Iglesia","Sabana Iglesia"]
[{"$nulls":3},"EL VALLE","San Juan","Vallejuelo","CIBAO NORTE","Santiago","San José de las Matas","El Rubio"]
[{"$nulls":3},"EL VALLE","Elías Piña","Comendador","CIBAO NORTE","Santiago","San José de las Matas","La Cuesta"]
[{"$nulls":3},"EL VALLE","Elías Piña","Bánica","CIBAO NORTE","Santiago","San José de las Matas","Las Placetas"]
[{"$nulls":3},"EL VALLE","Elías Piña","El Llano","CIBAO NORTE","Santiago","San José de las Matas","San José de las Matas"]
[{"$nulls":3},"EL VALLE","Elías Piña","Hondo Valle","CIBAO NORTE","Santiago","Santiago de los Caballeros","Baitoa"]
[{"$nulls":3},"EL VALLE","Elías Piña","Pedro Santana","CIBAO NORTE","Santiago","Santiago de los Caballeros","Hato del Yaque"]
[{"$nulls":3},"EL VALLE","Elías Piña","Juan Santiago","CIBAO NORTE","Santiago","Santiago de los Caballeros","La Canela"]
[{"$nulls":3},"YUMA","La Romana","La Romana","CIBAO NORTE","Santiago","Santiago de los Caballeros","Pedro García"]
[{"$nulls":3},"YUMA","La Romana","Guaymate","CIBAO NORTE","Santiago","Santiago de los Caballeros","San Francisco de Jacagua"]
[{"$nulls":3},"YUMA","La Romana","Villa Hermosa","CIBAO NORTE","Santiago","Santiago de los Caballeros","Santiago de los Caballeros"]
[{"$nulls":3},"YUMA","La Altagracia","Salvaléon de Higüey","CIBAO NORTE","Santiago","Tamboril","Canca la Piedra"]
[{"$nulls":3},"YUMA","La Altagracia","San Rafael del Yuma","CIBAO NORTE","Santiago","Tamboril","Tamboril"]
[{"$nulls":3},"YUMA","El Seibo","Santa Cruz del Seibo","CIBAO NORTE","Santiago","Villa Bisonó (Navarrete)","Villa Bisonó (Navarrete)"]
[{"$nulls":3},"YUMA","El Seibo","Miches","CIBAO NORTE","Santiago","Villa González","El Limón"]
[{"$nulls":3},"HIGUAMO","San Pedro de Macorís","San Pedro de Macorís","CIBAO NORTE","Santiago","Villa González","Palmar Arriba"]
[{"$nulls":3},"HIGUAMO","San Pedro de Macorís","San José de los Llanos","CIBAO NORTE","Santiago","Villa González","Villa González"]
[{"$nulls":3},"HIGUAMO","San Pedro de Macorís","Ramón Santana","CIBAO SUR","Concepción de La Vega","Constanza","Constanza"]
[{"$nulls":3},"HIGUAMO","San Pedro de Macorís","Consuelo","CIBAO SUR","Concepción de La Vega","Constanza","La Sabina"]
[{"$nulls":3},"HIGUAMO","San Pedro de Macorís","Quisqueya","CIBAO SUR","Concepción de La Vega","Constanza","Tireo Arriba"]
[{"$nulls":3},"HIGUAMO","San Pedro de Macorís","Guayacanes","CIBAO SUR","Concepción de La Vega","Jarabacoa","Buena Vista"]
[{"$nulls":3},"HIGUAMO","Hato Mayor","Hato Mayor del Rey","CIBAO SUR","Concepción de La Vega","Jarabacoa","Jarabacoa"]
[{"$nulls":3},"HIGUAMO","Hato Mayor","Sabana de la Mar","CIBAO SUR","Concepción de La Vega","Jarabacoa","Manabao"]
[{"$nulls":3},"HIGUAMO","Hato Mayor","El Valle","CIBAO SUR","Concepción de La Vega","Jima Abajo","Jima Abajo"]
[{"$nulls":3},"HIGUAMO","Monte Plata","Monte Plata","CIBAO SUR","Concepción de La Vega","Jima Abajo","Rincón"]
[{"$nulls":3},"HIGUAMO","Monte Plata","Bayaguana","CIBAO SUR","Concepción de La Vega","La Vega","El Ranchito"]
[{"$nulls":3},"HIGUAMO","Monte Plata","Sabana Grande de Boyá","CIBAO SUR","Concepción de La Vega","La Vega","La Vega"]
[{"$nulls":3},"HIGUAMO","Monte Plata","Yamasá","CIBAO SUR","Concepción de La Vega","La Vega","Río Verde Arriba"]
[{"$nulls":3},"HIGUAMO","Monte Plata","Peralvillo","CIBAO SUR","Monseñor Nouel","Bonao","Arroyo Toro Masipedro"]
[{"$nulls":3},"OZAMA O METROPOLITANA","Distrito Nacional","Distrito Nacional","CIBAO SUR","Monseñor Nouel","Bonao","Bonao"]
[{"$nulls":3},"OZAMA O METROPOLITANA","Santo Domingo","Santo Domingo Este","CIBAO SUR","Monseñor Nouel","Bonao","Jayaco"]
[{"$nulls":3},"OZAMA O METROPOLITANA","Santo Domingo","Santo Domingo Oeste","CIBAO SUR","Monseñor Nouel","Bonao","Juma Bejucal"]
[{"$nulls":3},"OZAMA O METROPOLITANA","Santo Domingo","Santo Domingo Norte","CIBAO SUR","Monseñor Nouel","Bonao","La Salvia- Los Quemados"]
[{"$nulls":3},"OZAMA O METROPOLITANA","Santo Domingo","Boca Chica","CIBAO SUR","Monseñor Nouel","Bonao","Sabana del Puerto"]
[{"$nulls":3},"OZAMA O METROPOLITANA","Santo Domingo","Guerra","CIBAO SUR","Monseñor Nouel","Maimón","Maimón"]
[{"$nulls":3},"OZAMA O METROPOLITANA","Santo Domingo","Los Alcarrizos","CIBAO SUR","Monseñor Nouel","Piedra Blanca","Juan Adrián"]
[{"$nulls":3},"OZAMA O METROPOLITANA","Santo Domingo","Pedro Brand","CIBAO SUR","Monseñor Nouel","Piedra Blanca","Piedra Blanca"]
[{"$nulls":6},"CIBAO SUR","Monseñor Nouel","Piedra Blanca","Villa de Sonador"]
[{"$nulls":6},"CIBAO SUR","Sánchez Ramírez","Cevicos","Cevicos"]
[{"$nulls":6},"CIBAO SUR","Sánchez Ramírez","Cevicos","La Cueva"]
[{"$nulls":6},"CIBAO SUR","Sánchez Ramírez","Cotuí","Caballero"]
[{"$nulls":6},"CIBAO SUR","Sánchez Ramírez","Cotuí","Comedero Arriba"]
[{"$nulls":6},"CIBAO SUR","Sánchez Ramírez","Cotuí","Cotuí"]
[{"$nulls":6},"CIBAO SUR","Sánchez Ramírez","Cotuí","Platanal"]
[{"$nulls":6},"CIBAO SUR","Sánchez Ramírez","Cotuí","Quita Sueño"]
[{"$nulls":6},"CIBAO SUR","Sánchez Ramírez","Fantino","Fantino"]
[{"$nulls":6},"CIBAO SUR","Sánchez Ramírez","La Mata","Angelina"]
[{"$nulls":6},"CIBAO SUR","Sánchez Ramírez","La Mata","Hernando Alonso"]
[{"$nulls":6},"CIBAO SUR","Sánchez Ramírez","La Mata","La Bija"]
[{"$nulls":6},"CIBAO SUR","Sánchez Ramírez","La Mata","La Mata"]
[{"$nulls":6},"EL VALLE","Elías Piña","Bánica","Bánica"]
[{"$nulls":6},"EL VALLE","Elías Piña","Bánica","Sabana Cruz"]
[{"$nulls":6},"EL VALLE","Elías Piña","Bánica","Sabana Higüero"]
[{"$nulls":6},"EL VALLE","Elías Piña","Comendador","Comendador"]
[{"$nulls":6},"EL VALLE","Elías Piña","Comendador","Guayabo"]
[{"$nulls":6},"EL VALLE","Elías Piña","Comendador","Sabana Larga"]
[{"$nulls":6},"EL VALLE","Elías Piña","El Llano","El Llano"]
[{"$nulls":6},"EL VALLE","Elías Piña","El Llano","Guanito"]
[{"$nulls":6},"EL VALLE","Elías Piña","Hondo Valle","Hondo Valle"]
[{"$nulls":6},"EL VALLE","Elías Piña","Hondo Valle","Rancho de la Guardia"]
[{"$nulls":6},"EL VALLE","Elías Piña","Juan Santiago","Juan Santiago"]
[{"$nulls":6},"EL VALLE","Elías Piña","Pedro Santana","Pedro Santana"]
[{"$nulls":6},"EL VALLE","Elías Piña","Pedro Santana","Río Limpio"]
[{"$nulls":6},"EL VALLE","San Juan","Bohechio","Arroyo Cano"]
[{"$nulls":6},"EL VALLE","San Juan","Bohechio","Bohechio"]
[{"$nulls":6},"EL VALLE","San Juan","Bohechio","El Yaque"]
[{"$nulls":6},"EL VALLE","San Juan","El Cercado","Batista"]
[{"$nulls":6},"EL VALLE","San Juan","El Cercado","El Cercado"]
[{"$nulls":6},"EL VALLE","San Juan","El Cercado","Nuevo Brasil"]
[{"$nulls":6},"EL VALLE","San Juan","Juan de Herrera","Jínova"]
[{"$nulls":6},"EL VALLE","San Juan","Juan de Herrera","Juan de Herrera"]
[{"$nulls":6},"EL VALLE","San Juan","Las Matas de Farfán","Carrera de Yeguas"]
[{"$nulls":6},"EL VALLE","San Juan","Las Matas de Farfán","Las Matas de Farfán"]
[{"$nulls":6},"EL VALLE","San Juan","Las Matas de Farfán","Matayaya"]
[{"$nulls":6},"EL VALLE","San Juan","San Juan de la Maguana","El Rosario"]
[{"$nulls":6},"EL VALLE","San Juan","San Juan de la Maguana","Guanito"]
[{"$nulls":6},"EL VALLE","San Juan","San Juan de la Maguana","Hato del Padre"]
[{"$nulls":6},"EL VALLE","San Juan","San Juan de la Maguana","La Jagua"]
[{"$nulls":6},"EL VALLE","San Juan","San Juan de la Maguana","Las Charcas de María Nova"]
[{"$nulls":6},"EL VALLE","San Juan","San Juan de la Maguana","Las Maguanas, Hato Nuevo"]
[{"$nulls":6},"EL VALLE","San Juan","San Juan de la Maguana","Las Zanjas"]
[{"$nulls":6},"EL VALLE","San Juan","San Juan de la Maguana","Pedro Corto"]
[{"$nulls":6},"EL VALLE","San Juan","San Juan de la Maguana","Sabana Alta"]
[{"$nulls":6},"EL VALLE","San Juan","San Juan de la Maguana","Sabaneta"]
[{"$nulls":6},"EL VALLE","San Juan","San Juan de la Maguana","San Juan de la Maguana"]
[{"$nulls":6},"EL VALLE","San Juan","Vallejuelo","Jorgillo"]
[{"$nulls":6},"EL VALLE","San Juan","Vallejuelo","Vallejuelo"]
[{"$nulls":6},"ENRIQUILLO","Bahoruco","Galván","El Salado"]
[{"$nulls":6},"ENRIQUILLO","Bahoruco","Galván","Galván"]
[{"$nulls":6},"ENRIQUILLO","Bahoruco","Los Ríos","Las Clavellinas"]
[{"$nulls":6},"ENRIQUILLO","Bahoruco","Los Ríos","Los Ríos"]
[{"$nulls":6},"ENRIQUILLO","Bahoruco","Neyba","El Palmar"]
[{"$nulls":6},"ENRIQUILLO","Bahoruco","Neyba","Neyba"]
[{"$nulls":6},"ENRIQUILLO","Bahoruco","Tamayo","Cabeza de Toro"]
[{"$nulls":6},"ENRIQUILLO","Bahoruco","Tamayo","Mena"]
[{"$nulls":6},"ENRIQUILLO","Bahoruco","Tamayo","Monserrat"]
[{"$nulls":6},"ENRIQUILLO","Bahoruco","Tamayo","Santa Bárbara El 06"]
[{"$nulls":6},"ENRIQUILLO","Bahoruco","Tamayo","Santana"]
[{"$nulls":6},"ENRIQUILLO","Bahoruco","Tamayo","Tamayo"]
[{"$nulls":6},"ENRIQUILLO","Bahoruco","Tamayo","Uvilla"]
[{"$nulls":6},"ENRIQUILLO","Bahoruco","Villa Jaragua","Villa Jaragua"]
[{"$nulls":6},"ENRIQUILLO","Barahona","Cabral","Cabral"]
[{"$nulls":6},"ENRIQUILLO","Barahona","El Peñón","El Peñón"]
[{"$nulls":6},"ENRIQUILLO","Barahona","Enriquillo","Arroyo Dulce"]
[{"$nulls":6},"ENRIQUILLO","Barahona","Enriquillo","Enriquillo"]
[{"$nulls":6},"ENRIQUILLO","Barahona","Fundación","Fundación"]
[{"$nulls":6},"ENRIQUILLO","Barahona","Fundación","Pescadería"]
[{"$nulls":6},"ENRIQUILLO","Barahona","Jaquimeyes","Jaquimeyes"]
[{"$nulls":6},"ENRIQUILLO","Barahona","Jaquimeyes","Palo Alto"]
[{"$nulls":6},"ENRIQUILLO","Barahona","La Ciénaga","Bahoruco"]
[{"$nulls":6},"ENRIQUILLO","Barahona","La Ciénaga","La Ciénaga"]
[{"$nulls":6},"ENRIQUILLO","Barahona","Las Salinas","Las Salinas"]
[{"$nulls":6},"ENRIQUILLO","Barahona","Paraíso","Los Patos"]
[{"$nulls":6},"ENRIQUILLO","Barahona","Paraíso","Paraíso"]
[{"$nulls":6},"ENRIQUILLO","Barahona","Polo","Polo"]
[{"$nulls":6},"ENRIQUILLO","Barahona","Santa Cruz de Barahona","El Cachón"]
[{"$nulls":6},"ENRIQUILLO","Barahona","Santa Cruz de Barahona","La Guázara"]
[{"$nulls":6},"ENRIQUILLO","Barahona","Santa Cruz de Barahona","Santa Cruz de Barahona"]
[{"$nulls":6},"ENRIQUILLO","Barahona","Santa Cruz de Barahona","Villa Central"]
[{"$nulls":6},"ENRIQUILLO","Barahona","Vicente Noble","Canoa"]
[{"$nulls":6},"ENRIQUILLO","Barahona","Vicente Noble","Fondo Negro"]
[{"$nulls":6},"ENRIQUILLO","Barahona","Vicente Noble","Quita Coraza"]
[{"$nulls":6},"ENRIQUILLO","Barahona","Vicente Noble","Vicente Noble"]
[{"$nulls":6},"ENRIQUILLO","Independencia","Cristóbal","Batey 08"]
[{"$nulls":6},"ENRIQUILLO","Independencia","Cristóbal","Cristóbal"]
[{"$nulls":6},"ENRIQUILLO","Independencia","Cristóbal","La Colonia"]
[{"$nulls":6},"ENRIQUILLO","Independencia","Duvergé","Duvergé"]
[{"$nulls":6},"ENRIQUILLO","Independencia","Duvergé","Vengan a ver"]
[{"$nulls":6},"ENRIQUILLO","Independencia","Jimaní","Boca de Cachón"]
[{"$nulls":6},"ENRIQUILLO","Independencia","Jimaní","El Limón"]
[{"$nulls":6},"ENRIQUILLO","Independencia","Jimaní","Jimaní"]
[{"$nulls":6},"ENRIQUILLO","Independencia","La Descubierta","La Descubierta"]
[{"$nulls":6},"ENRIQUILLO","Independencia","Mella","Mella"]
[{"$nulls":6},"ENRIQUILLO","Independencia","Postrer Río","Guayabal"]
[{"$nulls":6},"ENRIQUILLO","Independencia","Postrer Río","Postrer Río"]
[{"$nulls":6},"ENRIQUILLO","Pedernales","Oviedo","Juancho"]
[{"$nulls":6},"ENRIQUILLO","Pedernales","Oviedo","Oviedo"]
[{"$nulls":6},"ENRIQUILLO","Pedernales","Pedernales","José Fco. Peña Gómez"]
[{"$nulls":6},"ENRIQUILLO","Pedernales","Pedernales","Pedernales"]
[{"$nulls":6},"HIGUAMO","Hato Mayor","El Valle","El Valle"]
[{"$nulls":6},"HIGUAMO","Hato Mayor","Hato Mayor del Rey","Guayabo Dulce"]
[{"$nulls":6},"HIGUAMO","Hato Mayor","Hato Mayor del Rey","Hato Mayor del Rey"]
[{"$nulls":6},"HIGUAMO","Hato Mayor","Hato Mayor del Rey","Mata Palacio"]
[{"$nulls":6},"HIGUAMO","Hato Mayor","Hato Mayor del Rey","Yerba Buena"]
[{"$nulls":6},"HIGUAMO","Hato Mayor","Sabana de la Mar","Las Cañitas, Elupina Cordero"]
[{"$nulls":6},"HIGUAMO","Hato Mayor","Sabana de la Mar","Sabana de la Mar"]
[{"$nulls":6},"HIGUAMO","Monte Plata","Bayaguana","Bayaguana"]
[{"$nulls":6},"HIGUAMO","Monte Plata","Monte Plata","Boyá"]
[{"$nulls":6},"HIGUAMO","Monte Plata","Monte Plata","Chirino"]
[{"$nulls":6},"HIGUAMO","Monte Plata","Monte Plata","Don Juan"]
[{"$nulls":6},"HIGUAMO","Monte Plata","Monte Plata","Monte Plata"]
[{"$nulls":6},"HIGUAMO","Monte Plata","Peralvillo","Peralvillo"]
[{"$nulls":6},"HIGUAMO","Monte Plata","Sabana Grande de Boyá","Gonzalo"]
[{"$nulls":6},"HIGUAMO","Monte Plata","Sabana Grande de Boyá","Majagual"]
[{"$nulls":6},"HIGUAMO","Monte Plata","Sabana Grande de Boyá","Sabana Grande de Boyá"]
[{"$nulls":6},"HIGUAMO","Monte Plata","Yamasá","Los Botados"]
[{"$nulls":6},"HIGUAMO","Monte Plata","Yamasá","Mamá Tingó"]
[{"$nulls":6},"HIGUAMO","Monte Plata","Yamasá","Yamasá"]
[{"$nulls":6},"HIGUAMO","San Pedro de Macorís","Consuelo","Consuelo"]
[{"$nulls":6},"HIGUAMO","San Pedro de Macorís","Guayacanes","Guayacanes"]
[{"$nulls":6},"HIGUAMO","San Pedro de Macorís","Quisqueya","Quisqueya"]
[{"$nulls":6},"HIGUAMO","San Pedro de Macorís","Ramón Santana","Ramón Santana"]
[{"$nulls":6},"HIGUAMO","San Pedro de Macorís","San José de los Llanos","El Puerto"]
[{"$nulls":6},"HIGUAMO","San Pedro de Macorís","San José de los Llanos","Gautier"]
[{"$nulls":6},"HIGUAMO","San Pedro de Macorís","San José de los Llanos","San José de los Llanos"]
[{"$nulls":6},"HIGUAMO","San Pedro de Macorís","San Pedro de Macorís","San Pedro de Macorís"]
[{"$nulls":6},"OZAMA O METROPOLITANA","Distrito Nacional","Distrito Nacional","Distrito Nacional"]
[{"$nulls":6},"OZAMA O METROPOLITANA","Santo Domingo","Boca Chica","Boca Chica"]
[{"$nulls":6},"OZAMA O METROPOLITANA","Santo Domingo","Boca Chica","La Caleta"]
[{"$nulls":6},"OZAMA O METROPOLITANA","Santo Domingo","Guerra","Guerra"]
[{"$nulls":6},"OZAMA O METROPOLITANA","Santo Domingo","Guerra","Hato Viejo"]
[{"$nulls":6},"OZAMA O METROPOLITANA","Santo Domingo","Los Alcarrizos","Los Alcarrizos"]
[{"$nulls":6},"OZAMA O METROPOLITANA","Santo Domingo","Los Alcarrizos","Palmarejo-Villa Linda"]
[{"$nulls":6},"OZAMA O METROPOLITANA","Santo Domingo","Los Alcarrizos","Pantoja"]
[{"$nulls":6},"OZAMA O METROPOLITANA","Santo Domingo","Pedro Brand","La Cuaba"]
[{"$nulls":6},"OZAMA O METROPOLITANA","Santo Domingo","Pedro Brand","La Guáyiga"]
[{"$nulls":6},"OZAMA O METROPOLITANA","Santo Domingo","Pedro Brand","Pedro Brand"]
[{"$nulls":6},"OZAMA O METROPOLITANA","Santo Domingo","Santo Domingo Este","San Luis"]
[{"$nulls":6},"OZAMA O METROPOLITANA","Santo Domingo","Santo Domingo Este","Santo Domingo Este"]
[{"$nulls":6},"OZAMA O METROPOLITANA","Santo Domingo","Santo Domingo Norte","La Victoria"]
[{"$nulls":6},"OZAMA O METROPOLITANA","Santo Domingo","Santo Domingo Norte","Santo Domingo Norte"]
[{"$nulls":6},"OZAMA O METROPOLITANA","Santo Domingo","Santo Domingo Oeste","Santo Domingo Oeste"]
[{"$nulls":6},"VALDESIA","Azua","Azua de Compostela","Azua de Compostela"]
[{"$nulls":6},"VALDESIA","Azua","Azua de Compostela","Barreras"]
[{"$nulls":6},"VALDESIA","Azua","Azua de Compostela","Barro Arriba"]
[{"$nulls":6},"VALDESIA","Azua","Azua de Compostela","Clavellina"]
[{"$nulls":6},"VALDESIA","Azua","Azua de Compostela","Doña Emma Balaguer viuda Vallejo"]
[{"$nulls":6},"VALDESIA","Azua","Azua de Compostela","Las Barías-La Estancia"]
[{"$nulls":6},"VALDESIA","Azua","Azua de Compostela","Las Lomas"]
[{"$nulls":6},"VALDESIA","Azua","Azua de Compostela","Los Jovillos"]
[{"$nulls":6},"VALDESIA","Azua","Azua de Compostela","Puerto Viejo"]
[{"$nulls":6},"VALDESIA","Azua","Estebanía","Estebanía"]
[{"$nulls":6},"VALDESIA","Azua","Guayabal","Guayabal"]
[{"$nulls":6},"VALDESIA","Azua","Las Charcas","Las Charcas"]
[{"$nulls":6},"VALDESIA","Azua","Las Charcas","Palmar de Ocoa"]
[{"$nulls":6},"VALDESIA","Azua","Las Yayas de Viajama","Hato Nuevo Cortés"]
[{"$nulls":6},"VALDESIA","Azua","Las Yayas de Viajama","Las Yayas de Viajama"]
[{"$nulls":6},"VALDESIA","Azua","Las Yayas de Viajama","Villarpando"]
[{"$nulls":6},"VALDESIA","Azua","Padre Las Casas","La Siembra"]
[{"$nulls":6},"VALDESIA","Azua","Padre Las Casas","Las Lagunas"]
[{"$nulls":6},"VALDESIA","Azua","Padre Las Casas","Los Fríos"]
[{"$nulls":6},"VALDESIA","Azua","Padre Las Casas","Monte Bonito"]
[{"$nulls":6},"VALDESIA","Azua","Padre Las Casas","Padre Las Casas"]
[{"$nulls":6},"VALDESIA","Azua","Peralta","Peralta"]
[{"$nulls":6},"VALDESIA","Azua","Pueblo Viejo","El Rosario"]
[{"$nulls":6},"VALDESIA","Azua","Pueblo Viejo","Pueblo Viejo"]
[{"$nulls":6},"VALDESIA","Azua","Sabana Yegua","Ganadero"]
[{"$nulls":6},"VALDESIA","Azua","Sabana Yegua","Proyecto 2-C"]
[{"$nulls":6},"VALDESIA","Azua","Sabana Yegua","Proyecto 4"]
[{"$nulls":6},"VALDESIA","Azua","Sabana Yegua","Sabana Yegua"]
[{"$nulls":6},"VALDESIA","Azua","Tábara Arriba","Amiama Gómez"]
[{"$nulls":6},"VALDESIA","Azua","Tábara Arriba","Los Toros"]
[{"$nulls":6},"VALDESIA","Azua","Tábara Arriba","Tábara Abajo"]
[{"$nulls":6},"VALDESIA","Azua","Tábara Arriba","Tábara Arriba"]
[{"$nulls":6},"VALDESIA","Peravia","Baní","Baní"]
[{"$nulls":6},"VALDESIA","Peravia","Baní","Catalina"]
[{"$nulls":6},"VALDESIA","Peravia","Baní","El Carretón"]
[{"$nulls":6},"VALDESIA","Peravia","Baní","El Limonal"]
[{"$nulls":6},"VALDESIA","Peravia","Baní","Las Barías"]
[{"$nulls":6},"VALDESIA","Peravia","Baní","Matanzas"]
[{"$nulls":6},"VALDESIA","Peravia","Baní","Paya"]
[{"$nulls":6},"VALDESIA","Peravia","Baní","Sabana Buey"]
[{"$nulls":6},"VALDESIA","Peravia","Baní","Villa Fundación"]
[{"$nulls":6},"VALDESIA","Peravia","Baní","Villa Sombrero"]
[{"$nulls":6},"VALDESIA","Peravia","Nizao","Nizao"]
[{"$nulls":6},"VALDESIA","Peravia","Nizao","Pizarrete"]
[{"$nulls":6},"VALDESIA","Peravia","Nizao","Santana"]
[{"$nulls":6},"VALDESIA","San Cristóbal","Bajos de Haina","Bajos de Haina"]
[{"$nulls":6},"VALDESIA","San Cristóbal","Bajos de Haina","El Carril"]
[{"$nulls":6},"VALDESIA","San Cristóbal","Cambita Garabitos","Cambita el Pueblecito"]
[{"$nulls":6},"VALDESIA","San Cristóbal","Cambita Garabitos","Cambita Garabitos"]
[{"$nulls":6},"VALDESIA","San Cristóbal","Los Cacaos","Los Cacaos"]
[{"$nulls":6},"VALDESIA","San Cristóbal","Sabana Grande de Palenque","Sabana Grande de Palenque"]
[{"$nulls":6},"VALDESIA","San Cristóbal","San Cristóbal","Hato Damas"]
[{"$nulls":6},"VALDESIA","San Cristóbal","San Cristóbal","San Cristóbal"]
[{"$nulls":6},"VALDESIA","San Cristóbal","San Gregorio de Nigua","San Gregorio de Nigua"]
[{"$nulls":6},"VALDESIA","San Cristóbal","Villa Altagracia","La Cuchilla"]
[{"$nulls":6},"VALDESIA","San Cristóbal","Villa Altagracia","Medina"]
[{"$nulls":6},"VALDESIA","San Cristóbal","Villa Altagracia","San José del Puerto"]
[{"$nulls":6},"VALDESIA","San Cristóbal","Villa Altagracia","Villa Altagracia"]
[{"$nulls":6},"VALDESIA","San Cristóbal","Yaguate","Yaguate"]
[{"$nulls":6},"VALDESIA","San José de Ocoa","Rancho Arriba","Rancho Arriba"]
[{"$nulls":6},"VALDESIA","San José de Ocoa","Sabana Larga","Sabana Larga"]
[{"$nulls":6},"VALDESIA","San José de Ocoa","San José de Ocoa","El Pinar"]
[{"$nulls":6},"VALDESIA","San José de Ocoa","San José de Ocoa","La Ciénaga"]
[{"$nulls":6},"VALDESIA","San José de Ocoa","San José de Ocoa","Naranjal"]
[{"$nulls":6},"VALDESIA","San José de Ocoa","San José de Ocoa","Nizao Las Auyamas"]
[{"$nulls":6},"VALDESIA","San José de Ocoa","San José de Ocoa","San José de Ocoa"]
[{"$nulls":6},"YUMA","El Seibo","Miches","El Cedro (Jobero)"]
[{"$nulls":6},"YUMA","El Seibo","Miches","Gina"]
[{"$nulls":6},"YUMA","El Seibo","Miches","Miches"]
[{"$nulls":6},"YUMA","El Seibo","Santa Cruz del Seibo","San Francisco Vicentillo"]
[{"$nulls":6},"YUMA","El Seibo","Santa Cruz del Seibo","Santa Cruz del Seibo"]
[{"$nulls":6},"YUMA","El Seibo","Santa Cruz del Seibo","Santa Lucía"]
[{"$nulls":6},"YUMA","El Seibo","Santa Cruz del Seibo","Villa de Pedro Sánchez"]
[{"$nulls":6},"YUMA","La Altagracia","Salvaléon de Higüey","La Otra Banda"]
[{"$nulls":6},"YUMA","La Altagracia","Salvaléon de Higüey","Laguna Nisibón"]
[{"$nulls":6},"YUMA","La Altagracia","Salvaléon de Higüey","Salvaléon de Higüey"]
[{"$nulls":6},"YUMA","La Altagracia","Salvaléon de Higüey","Verón Punta Cana"]
[{"$nulls":6},"YUMA","La Altagracia","San Rafael del Yuma","Bayahíbe"]
[{"$nulls":6},"YUMA","La Altagracia","San Rafael del Yuma","Boca de Yuma"]
[{"$nulls":6},"YUMA","La Altagracia","San Rafael del Yuma","San Rafael del Yuma"]
[{"$nulls":6},"YUMA","La Romana","Guaymate","Guaymate"]
[{"$nulls":6},"YUMA","La Romana","La Romana","Caleta"]
[{"$nulls":6},"YUMA","La Romana","La Romana","La Romana"]
[{"$nulls":6},"YUMA","La Romana","Villa Hermosa","Cumayasa"]
[{"$nulls":6},"YUMA","La Romana","Villa Hermosa","Villa Hermosa"]

{"sheet":"UNSPSC","index":3,"n_rows":18298,"n_cols":2,"rows_kept":18298}
[10101501,"Gatos"]
[10101502,"Perros"]
[10101504,"Visón"]
[10101505,"Ratas"]
[10101506,"Caballos"]
[10101507,"Ovejas"]
[10101508,"Cabras"]
[10101509,"Asnos"]
[10101510,"Ratones"]
[10101511,"Cerdos"]
[10101512,"Conejos"]
[10101513,"Cobayas o conejillos de indias"]
[10101514,"Primates"]
[10101515,"Armadillos"]
[10101516,"Ganado vacuno"]
[10101517,"Camellos"]
[10101601,"Pollos vivos"]
[10101602,"Patos vivos"]
[10101603,"Pavos vivos"]
[10101604,"Gansos vivos"]
[10101605,"Faisanes vivos"]
[10101701,"Salmón vivos"]
[10101702,"Trucha viva"]
[10101703,"Tilapia viva"]
[10101704,"Carpa viva"]
[10101705,"Anguilas vivas"]
[10101801,"Camarón vivo"]
[10101802,"Almejas vivas"]
[10101803,"Mejillones vivos"]
[10101804,"Ostras vivas"]
[10101805,"Cangrejos vivos"]
[10101806,"Abulones vivos"]
[10101807,"Pulpo vivo"]
[10101808,"Calamar vivo"]
[10101901,"Mariposas"]
[10101902,"Escarabajos"]
[10101903,"Abejas"]
[10101904,"Gusanos de seda"]
[10102001,"Elefantes"]
[10102002,"Zorros vivos"]
[10111301,"Juguetes para mascotas"]
[10111302,"Productos para el aseo y cuidado de mascotas"]
[10111303,"Equipo para el manejo de desperdicios de las mascotas"]
[10111304,"Tazones o equipo para alimentación de mascotas"]
[10111305,"Tratamientos medicados para mascotas"]
[10111306,"Kits para el entrenamiento de mascotas domésticas"]
[10111307,"Cobijas para mascotas"]
[10121501,"Salvado de trigo puro"]
[10121502,"Avena para forraje"]
[10121503,"Maíz para forraje"]
[10121504,"Sorgo para forraje"]
[10121505,"Heno"]
[10121506,"Tortas oleaginosas"]
[10121601,"Alimento vivo para aves"]
[10121602,"Alpiste"]
[10121603,"Pasa bocas o comida recreacional para aves"]
[10121604,"Alimento avícola"]
[10121701,"Salmuera fresca o congelada"]
[10121702,"Alimento granulado para peces"]
[10121703,"Alimento en hojuelas para peces"]
[10121801,"Comida seca para perros"]
[10121802,"Comida húmeda para perros"]
[10121803,"Leche para perros o gatos"]
[10121804,"Comida seca para gatos"]
[10121805,"Comida húmeda para gatos"]
[10121806,"Pasa bocas o comida recreacional para gatos o perros"]
[10121901,"Comida granulada para roedores"]
[10122001,"Comida granulada para reptiles"]
[10122002,"Comida húmeda para reptiles"]
[10122003,"Comida viva para reptiles"]
[10122101,"Comida para cerdos"]
[10122102,"Comida para visones"]
[10122103,"Comida para monos"]
[10131506,"Establos para ganado"]
[10131507,"Casas para mascotas domesticadas"]
[10131508,"Camas para mascotas"]
[10131601,"Jaulas o sus accesorios"]
[10131602,"Perreras"]
[10131603,"Equipaje para el transporte de animales"]
[10131604,"Correas para perros"]
[10131701,"Terrarios"]
[10131702,"Acuarios"]
[10141501,"Sillas de montar"]
[10141502,"Fustas y látigos"]
[10141503,"Herraduras para caballo"]
[10141504,"Herraduras para mula"]
[10141601,"Bridas"]
[10141602,"Yugos"]
[10141603,"Bocados para caballos"]
[10141604,"Riendas"]
[10141605,"Estribos"]
[10141606,"Correas o traíllas"]
[10141607,"Arneses de cuello para animales"]
[10141608,"Arneses o sus accesorios"]
[10141609,"Sujetadores"]
[10141610,"Bozales"]
[10141611,"Soportes para correas"]
[10151501,"Semillas o plántulas de fríjol"]
[10151502,"Semillas o plántulas de zanahoria"]
[10151503,"Semillas o plántulas de apio"]
[10151504,"Semillas o plántulas de chiles"]
[10151505,"Semillas o plántulas de calabacín"]
[10151506,"Semillas o plántulas de alverja"]
[10151507,"Semillas o plántulas de pepino cohombro"]
[10151508,"Semillas o plántulas de berenjena"]
[10151509,"Semillas o plántulas de endivias"]
[10151510,"Semillas o plántulas de ajo"]
[10151511,"Semillas o plántulas de puerro"]
[10151512,"Semillas o plántulas de lechuga"]
[10151513,"Semillas o plántulas de maíz"]
[10151514,"Semillas o plántulas de melón"]
[10151515,"Semillas o plántulas cebolla"]
[10151516,"Semillas o plántulas de soya"]
[10151517,"Semillas o plántulas de espinaca"]
[10151518,"Semillas o plántulas de tomate"]
[10151519,"Semillas o plántulas de nabo"]
[10151520,"Semillas o plántulas de acelga"]
[10151521,"Semillas o plántulas de pimiento morrón"]
[10151522,"Semillas o plántulas de remolacha"]
[10151523,"Semillas o plántulas de coliflor"]
[10151524,"Semillas o plántulas de perejil"]
[10151525,"Semillas o plántulas de brócoli"]
[10151526,"Semillas o plántulas de repollo"]
[10151527,"Semillas o plántulas de papa"]
[10151528,"Semillas o plántulas de batata"]
[10151529,"Semillas o plántulas de calabaza"]
[10151530,"Semillas o plántulas de rábano"]
[10151531,"Semillas o plántulas de repollitos de bruselas"]
[10151532,"Semillas o plántulas de ahuyama"]
[10151533,"Semillas o plántulas de okra"]
[10151534,"Semillas o plántulas de melón cantalupo"]
[10151535,"Semillas o plántulas de maní"]
[10151601,"Semillas de trigo"]
[10151602,"Semillas de canola"]
[10151603,"Semillas de cebada"]
[10151604,"Semillas de mijo"]
[10151605,"Semillas de avena"]
[10151606,"Semillas de ajonjolí"]
[10151607,"Semillas de linaza"]
[10151608,"Semillas de aceite de ricino"]
[10151609,"Semillas de maíz"]
[10151610,"Semillas de centeno"]
[10151611,"Semillas de sorgo"]
[10151701,"Semillas o plántulas de arroz"]
[10151702,"Semillas o plántulas de trébol"]
[10151703,"Semillas o plántulas de alfalfa"]
[10151704,"Semillas o plántulas de pasto"]
[10151705,"Semillas o plántulas de veza (gachas / guija)"]
[10151706,"Semillas o plántulas de guar"]
[10151801,"Semillas o plántulas de pimienta"]
[10151802,"Semillas o plántulas de vainilla"]
[10151803,"Semillas o plántulas de canela"]
[10151804,"Semillas o plántulas de clavo de olor"]
[10151805,"Semillas o plántulas de cilantro"]
[10151806,"Semillas o plántulas de jengibre"]
[10151807,"Semillas o plántulas de azafrán"]
[10151808,"Semillas o plántulas de tomillo"]
[10151809,"Semillas o plántulas de curry"]
[10151810,"Semillas o plántulas de mostaza"]
[10151811,"Semillas o plántulas de ginseng"]
[10151901,"Semillas, bulbos, plántulas o esquejes de tulipán"]
[10151902,"Semillas, plántulas o esquejes de rosa"]
[10151903,"Semillas, bulbos, plántulas o esquejes de narciso"]
[10151904,"Semillas de girasol"]
[10151905,"Bulbos o tallos de jacinto"]
[10151906,"Bulbos de lirio"]
[10151907,"Semillas o plántulas de veza"]
[10152001,"Semillas o esquejes de árboles frutales"]
[10152002,"Semillas o esquejes de coníferas"]
[10152003,"Semillas o esquejes de árboles de frutos secos"]
[10152101,"Extracción de los residuos de semilla de babool"]
[10152102,"Residuos de semilla de colza"]
[10152103,"Residuo de semillas de linaza"]
[10152104,"Torta de neem"]
[10152201,"Semillas o plántulas de algodón"]
[10152202,"Semillas o plántulas de lino"]
[10161501,"Aceitunos"]
[10161502,"Cafetos"]
[10161503,"Cacaoteros"]
[10161504,"Manzanos"]
[10161505,"Peros"]
[10161506,"Naranjos"]
[10161507,"Rododendros"]
[10161508,"Plantas de te"]
[10161509,"Coníferas"]
[10161510,"Abetos rojos (píceas)"]
[10161511,"Pinos"]
[10161512,"Abetos"]
[10161513,"Palmeras"]
[10161601,"Rosales"]
[10161602,"Poinsettias"]
[10161603,"Orquídeas"]
[10161604,"Azaleas"]
[10161605,"Cactos"]
[10161701,"Gladiolos cortados"]
[10161702,"Azucenas cortadas"]
[10161703,"Claveles cortados"]
[10161704,"Tulipanes cortados"]
[10161705,"Rosas cortadas"]
[10161707,"Arreglo de flores cortadas"]
[10161801,"Helechos"]
[10161802,"Hiedras"]
[10161803,"Filodendros"]
[10161804,"Líquenes"]
[10161901,"Vainas secas"]
[10161902,"Follaje seco"]
[10161903,"Helechos secos"]
[10161904,"Flores secas"]
[10161905,"Ramas y tallos secos"]
[10161906,"Penachos de gramíneas secos"]
[10161907,"Flores secas prensadas"]
[10161908,"Pétalos secos"]
[10171501,"Estiércol o guano"]
[10171502,"Hormonas para plantas"]
[10171503,"Harina de pescado"]
[10171504,"Abono"]
[10171601,"Fertilizante nitrogenado"]
[10171602,"Fertilizante de potasio"]
[10171603,"Fertilizante de fósforo"]
[10171604,"Fertilizante de sulfuro"]
[10171605,"Mezclas de nitrógeno – fósforo – potasio – npk"]
[10171701,"Matamalezas"]
[10171702,"Fungicidas"]
[10191506,"Mata – roedores"]
[10191507,"Repelentes de aves"]
[10191508,"Protectores contra termitas"]
[10191509,"Insecticidas"]
[10191701,"Trampas para control animal"]
[10191703,"Trampas para el control de insectos voladores"]
[10191704,"Matamoscas"]
[10191705,"Lazos"]
[10191706,"Cepos"]
[11101501,"Mica"]
[11101502,"Lija o esmeril"]
[11101503,"Cuarzo"]
[11101504,"Pirita"]
[11101505,"Azufre o sulfuro"]
[11101506,"Tiza"]
[11101507,"Grafito"]
[11101508,"Dolomita"]
[11101509,"Magnesita"]
[11101510,"Asbesto (amianto)"]
[11101511,"Calcio"]
[11101512,"Borato"]
[11101513,"Criolita"]
[11101514,"Feldespato"]
[11101515,"Leucita"]
[11101516,"Nefelita"]
[11101517,"Esteatita"]
[11101518,"Talco"]
[11101519,"Diamante en bruto"]
[11101520,"Granates"]
[11101521,"Carburo de silicio"]
[11101522,"Carbón activado"]
[11101523,"Mulita"]
[11101524,"Fluorita"]
[11101525,"Kieserita"]
[11101526,"Carnalita"]
[11101527,"Sílice de diatomeas"]
[11101601,"Mineral de hierro"]
[11101602,"Mineral de titanio"]
[11101603,"Mineral de uranio"]
[11101604,"Mineral de cobre"]
[11101605,"Mineral de aluminio"]
[11101606,"Mineral de níquel"]
[11101607,"Mineral de plata"]
[11101608,"Mineral de plomo"]
[11101609,"Mineral de zinc"]
[11101610,"Mineral de estaño"]
[11101611,"Mineral de manganeso"]
[11101612,"Mineral de cromo"]
[11101613,"Mineral de tungsteno o wolframio"]
[11101614,"Mineral de molibdeno"]
[11101615,"Mineral de cobalto"]
[11101616,"Mineral de oro"]
[11101617,"Mineral de tántalo"]
[11101618,"Mineral de platino"]
[11101619,"Mineral de vermiculita"]
[11101620,"Mineral de torio"]
[11101621,"Mineral de cianita"]
[11101622,"Mineral de antimonio"]
[11101623,"Mineral de zirconio"]
[11101701,"Escoria o ceniza"]
[11101702,"Grafito natural"]
[11101703,"Titanio"]
[11101704,"Acero"]
[11101705,"Aluminio"]
[11101706,"Níquel"]
[11101707,"Magnesio"]
[11101708,"Bismuto"]
[11101709,"Antimonio"]
[11101710,"Cadmio"]
[11101711,"Aleación no ferrosa"]
[11101712,"Aleación ferrosa"]
[11101713,"Hierro"]
[11101714,"Plomo"]
[11101715,"Cobre"]
[11101716,"Estaño"]
[11101717,"Indio"]
[11101718,"Paladio"]
[11101719,"Zinc"]
[11101801,"Oro"]
[11101802,"Plata"]
[11101803,"Platino"]
[11111501,"Tierra"]
[11111502,"Material de relleno"]
[11111503,"Capa vegetal"]
[11111601,"Yeso"]
[11111602,"Travertino"]
[11111603,"Alabastro"]
[11111604,"Granito"]
[11111605,"Mármol"]
[11111606,"Pizarra"]
[11111607,"Arenisca"]
[11111608,"Caliza"]
[11111609,"Basalto"]
[11111610,"Piedra pómez"]
[11111611,"Gravilla"]
[11111701,"Arena de sílice"]
[11111801,"Terracota"]
[11111802,"Arcilla refractaria"]
[11111803,"Caolín u otras arcillas caolínicas"]
[11111804,"Bentonita"]
[11111805,"Andalucita"]
[11111806,"Mullita"]
[11111807,"Chamota"]
[11111808,"Arcilla común"]
[11111809,"Arcilla de bola"]
[11111810,"Tierra de fuller"]
[11121502,"Resina"]
[11121503,"Laca"]
[11121603,"Troncos"]
[11121604,"Madera blanda"]
[11121605,"Ratán"]
[11121606,"Corcho"]
[11121607,"Pulpa de madera"]
[11121608,"Bambú"]
[11121609,"Contrachapado"]
[11121610,"Maderas duras"]
[11121611,"Tablero de partículas"]
[11121612,"Médula de madera"]
[11121701,"Aserrín"]
[11121702,"Astillas de madera"]
[11121703,"Musgo de turba"]
[11121705,"Corteza"]
[11121706,"Composta de madera"]
[11121707,"Viruta de madera"]
[11121708,"Harina de madera"]
[11121709,"Bálsamos"]
[11121710,"Brea de madera"]
[11121801,"Cáñamo"]
[11121802,"Algodón"]
[11121803,"Lino"]
[11121804,"Yute"]
[11121805,"Sisal"]
[11121806,"Fibra de coco"]
[11121807,"Fibras de abacá"]
[11121808,"Ramio"]
[11121809,"Paja"]
[11121810,"Mijo común o ixtle o piasava"]
[11121901,"Raíz de regaliz"]
[11131501,"Plumas"]
[11131502,"Pieles"]
[11131503,"Pelo animal"]
[11131504,"Cueros"]
[11131505,"Mohair sin procesar"]
[11131506,"Lana sin procesar"]
[11131507,"Gamuza"]
[11131508,"Cuero de grano completo"]
[11131601,"Marfil"]
[11131602,"Semen"]
[11131603,"Excreciones"]
[11131604,"Huevas de pescado"]
[11131605,"Huesos"]
[11131606,"Cuernos de animales"]
[11131607,"Embriones"]
[11131608,"Artículos de concha"]
[11141601,"Desecho o desperdicio textil"]
[11141602,"Desecho o desperdicio plástico"]
[11141603,"Desechos de aceite"]
[11141604,"Desechos de papel"]
[11141605,"Desecho o desperdicios de vidrio"]
[11141606,"Desecho o desperdicios de madera"]
[11141607,"Desecho o desperdicios de caucho"]
[11141608,"Desecho o desperdicios peligrosos"]
[11141609,"Composición de cuero"]
[11141610,"Desecho o desperdicios de cuero"]
[11141701,"Desecho o desperdicios de alimentos"]
[11141702,"Desecho o desperdicios de tabaco"]
[11151501,"Fibras de acetato"]
[11151502,"Fibras de nylon"]
[11151503,"Fibras de poliéster"]
[11151504,"Fibras de acrílico"]
[11151505,"Fibras de viscosas"]
[11151506,"Fibras de rayón"]
[11151507,"Fibras de algodón"]
[11151508,"Fibras de lana"]
[11151509,"Fibras de seda"]
[11151510,"Fibras vegetales"]
[11151511,"Fibras de polipropileno"]
[11151512,"Fibras de vidrio"]
[11151513,"Fibras cerámicas"]
[11151514,"Fibras de polímero de aramida"]
[11151515,"Fibras de asbesto"]
[11151601,"Hebra de algodón"]
[11151602,"Hebra de seda"]
[11151603,"Hebra de poliéster"]
[11151604,"Hebra de poliamida"]
[11151605,"Hebra de bismaleimida"]
[11151606,"Hebra de fibra de vidrio"]
[11151607,"Hebra de grafito"]
[11151608,"Hebra de nylon"]
[11151609,"Hebra de resina impregnada"]
[11151610,"Hebra de caucho o látex"]
[11151611,"Hebra de spandex"]
[11151612,"Hebra de asbesto"]
[11151701,"Hilado de lana"]
[11151702,"Hilado de algodón"]
[11151703,"Hilado de poliéster"]
[11151704,"Hilado de acrílico"]
[11151705,"Hilado de seda"]
[11151706,"Hilado de ramie"]
[11151708,"Hilado de pelo animal"]
[11151709,"Hilado de sintético"]
[11151710,"Hilado de yute"]
[11151711,"Hilado de fibra de coco"]
[11151712,"Hilado de papel"]
[11151713,"Hilado de cáñamo"]
[11151714,"Hilado de vidrio"]
[11151715,"Hilado de lino"]
[11161501,"Textiles de seda de tejido simple"]
[11161502,"Textiles de seda de tejido  jacquard"]
[11161503,"Textiles de lana"]
[11161504,"Textiles de tejido de pana"]
[11161601,"Tejidos de lana en tafetán"]
[11161602,"Tejidos de lana urdidos a la jacquard"]
[11161603,"Tejidos de lana de punto"]
[11161604,"Tejidos de lana de ligamento de sarga"]
[11161701,"Textiles de algodón de tejido simple"]
[11161702,"Textiles de algodón de tejido de pana"]
[11161703,"Tela de algodón oxford"]
[11161704,"Textiles de algodón tejido"]
[11161705,"Textiles de terciopelo de algodón"]
[11161801,"Textil sintético de tejido sintético"]
[11161802,"Textil sintético de tejido jacquard"]
[11161803,"Textil sintético de tejido dobby"]
[11161804,"Textil sintético tejido"]
[11161805,"Textil sintético de terciopelo"]
[11162001,"Textil de fibra vegetal tejida distinta de algodón simple"]
[11162002,"Textil de fibra vegetal tejida distinta de algodón"]
[11162003,"Tela de arpillera o cáñamo o yute"]
[11162101,"Tela o textil de queso"]
[11162102,"Tela o textil de bismaleimida"]
[11162104,"Tela o textil de grafito"]
[11162105,"Tela o textil de vidrio"]
[11162107,"Tela de resina impregnada"]
[11162108,"Tela malla de alambre"]
[11162109,"Encaje"]
[11162110,"Malla red"]
[11162111,"Malla"]
[11162112,"Telas revestidas"]
[11162113,"Telas para tapicería"]
[11162114,"Telas o cintas de velcro"]
[11162115,"Trenza elástica"]
[11162116,"Tela de fique o estopa"]
[11162117,"Tela de caucho"]
[11162118,"Tela de hilado de papel"]
[11162119,"Tela de calcado"]
[11162120,"Tela de cernido"]
[11162121,"Artículos de pasamanería y ornamentales"]
[11162122,"Tela de sujeción"]
[11162123,"Tela de cinta"]
[11162124,"Tela de fieltro"]
[11162125,"Tela de correas"]
[11162126,"Tela acolchada"]
[11162127,"Tela de camuflaje"]
[11162128,"Tela de paracaídas"]
[11162129,"Tela marquisette"]
[11162130,"Tela dosel"]
[11162131,"Tela para ribeteado"]
[11162201,"Telas no tejidas ligadas térmicamente"]
[11162202,"Telas no tejidas hidroentrelazadas"]
[11162301,"Cuero de gamuza"]
[11162302,"Cuero de cabra"]
[11162303,"Cuero de oveja"]
[11162304,"Cuero acharolado"]
[11162305,"Cuero de vaca"]
[11162306,"Cuero de cerdo"]
[11162307,"Cuero sintético o de imitación"]
[11162308,"Cuero de búfalo"]
[11162309,"Cuero de reptil"]
[11162310,"Cuero de caballo"]
[11162311,"Cuero de becerro"]
[11171501,"Acero e24-2 o a37-2"]
[11171601,"Aleación de acero inoxidable 304"]
[11171602,"Aleación de acero inoxidable 304i"]
[11171603,"Aleación de acero inoxidable 316"]
[11171701,"Acero de alta velocidad z90wdcv6542 o m2"]
[11171702,"Acero de alta velocidad z90wdkcv65542 or m35"]
[11171801,"Súper aleación inconel 600"]
[11171901,"Súper aleación ta6v"]
[11172001,"Aleación de aluminio 7178"]
[11172101,"Aleación pigmalión ú 846"]
[11181501,"Óxido de molibdeno"]
[11191501,"Sólidos de níquel"]
[11191502,"Sólidos de acero básico"]
[11191503,"Sólidos de aleación ferrosa"]
[11191504,"Sólidos de aleación no ferrosa"]
[11191505,"Sólidos de súper aleación"]
[11191601,"Chatarra de níquel"]
[11191602,"Chatarra de acero básico"]
[11191603,"Chatarra de aleación ferrosa"]
[11191604,"Chatarra de aleación no ferrosa"]
[11191605,"Chatarra de súper aleación"]
[11191606,"Destrozos automovilísticos para chatarra o desecho"]
[11191701,"Torneados (virutas) de níquel"]
[11191702,"Torneados (virutas) de bronce"]
[12131501,"Dinamita"]
[12131502,"Cartuchos explosivos"]
[12131503,"Explosivos propelentes"]
[12131504,"Cargas explosivas"]
[12131505,"Explosivos plásticos"]
[12131506,"Explosivos aluminizados"]
[12131507,"Explosivos de nitrato de amonio"]
[12131508,"Explosivos de polvo de nitroglicerina"]
[12131601,"Fuegos artificiales"]
[12131602,"Señales de niebla"]
[12131603,"Cohetes de lluvia"]
[12131604,"Antorchas"]
[12131605,"Materiales pirotécnicos para el teatro o la televisión"]
[12131701,"Estopines"]
[12131702,"Detonadores"]
[12131703,"Mechas explosivas"]
[12131704,"Iniciadores explosivos"]
[12131705,"Fulminantes explosivos"]
[12131706,"Fósforos"]
[12131707,"Encendedores"]
[12131708,"Caja detonadora"]
[12131801,"Propelente en polvo"]
[12131802,"Propelente sólido"]
[12131803,"Propelente de pistola"]
[12131804,"Propelente de alta energía"]
[12131805,"Propelente en gel"]
[12131806,"Propelente híbridos"]
[12141501,"Berilio be"]
[12141502,"Magnesio mg"]
[12141503,"Calcio ca"]
[12141504,"Estroncio sr"]
[12141505,"Bario ba"]
[12141506,"Radio ra"]
[12141601,"Cerio ce"]
[12141602,"Disprosio dy"]
[12141603,"Erbio er"]
[12141604,"Europio eu"]
[12141605,"Gadolinio gd"]
[12141606,"Holmio ho"]
[12141607,"Lantano la"]
[12141608,"Lutecio lu"]
[12141609,"Neodimio nd"]
[12141610,"Praseodimio pr"]
[12141611,"Promecio pm"]
[12141612,"Samario sm"]
[12141613,"Escandio sc"]
[12141614,"Terbio tb"]
[12141615,"Tulio tm"]
[12141616,"Iterbio yb"]
[12141617,"Itrio y"]
[12141701,"Actinio ac"]
[12141702,"Aluminio al"]
[12141703,"Americio am"]
[12141704,"Antimonio sb"]
[12141705,"Berkelio bk"]
[12141706,"Bismuto bi"]
[12141707,"Cadmio ca"]
[12141708,"Californio cf"]
[12141709,"Cromo cr"]
[12141710,"Cobalto co"]
[12141711,"Cobre cu"]
[12141712,"Curio cm"]
[12141713,"Einstenio es"]
[12141714,"Fermio fm"]
[12141715,"Galio ga"]
[12141716,"Germanio ge"]
[12141717,"Oro au"]
[12141718,"Hafnio hf"]
[12141719,"Indio in"]
[12141720,"Iridio ir"]
[12141721,"Hierro fe"]
[12141722,"Lawrencio lr"]
[12141723,"Plomo pb"]
[12141724,"Manganeso mn"]
[12141725,"Mendelevio md"]
[12141726,"Mercurio hg"]
[12141727,"Molibdeno mo"]
[12141728,"Neptunio np"]
[12141729,"Níquel ni"]
[12141730,"Niobio nb"]
[12141731,"Nobelio no"]
[12141732,"Osmio os"]
[12141733,"Paladio pd"]
[12141734,"Platino pyt"]
[12141735,"Plutonio pu"]
[12141736,"Protactinio pa"]
[12141737,"Renio re"]
[12141738,"Rodio rh"]
[12141739,"Rutenio ru"]
[12141740,"Plata ag"]
[12141741,"Tántalo ta"]
[12141742,"Tecnecio te"]
[12141743,"Talio tl"]
[12141744,"Torio th"]
[12141745,"Estaño sn"]
[12141746,"Titanio ti"]
[12141747,"Tungsteno w"]
[12141748,"Uranio u"]
[12141749,"Vanadio v"]
[12141750,"Zinc zn"]
[12141751,"Zirconio zr"]
[12141752,"Bohrio bh"]
[12141753,"Dubnio db"]
[12141754,"Hassio hs"]
[12141755,"Rutherfordio rf"]
[12141756,"Seaborgio sg"]
[12141757,"Ununnilium uum"]
[12141758,"Unununium uuu"]
[12141759,"Ununbium uub"]
[12141760,"Polonio po"]
[12141801,"Cesio cs"]
[12141802,"Francio fm"]
[12141803,"Litio li"]
[12141804,"Potasio k"]
[12141805,"Rubidio rb"]
[12141806,"Sodio na"]
[12141901,"Cloro cl"]
[12141902,"Hidrógeno h"]
[12141903,"Nitrógeno n"]
[12141904,"Oxígeno o"]
[12141905,"Flúor f"]
[12141906,"Arsénico as"]
[12141907,"Boro b"]
[12141908,"Carbono c"]
[12141909,"Fósforo p"]
[12141910,"Selenio se"]
[12141911,"Silicona si"]
[12141912,"Azufre s"]
[12141913,"Telurio te"]
[12141914,"Astato at"]
[12141915,"Bromo br"]
[12141916,"Yodo i"]
[12142001,"Gas xenón xe"]
[12142002,"Gas radón rn"]
[12142003,"Gas criptón kr"]
[12142004,"Gas argón ar"]
[12142005,"Gas helio he"]
[12142006,"Gas neón ne"]
[12142101,"Gases compuestos de hidrógeno"]
[12142102,"Gases compuestos clorados"]
[12142103,"Amoniaco"]
[12142104,"Gas dióxido de carbono"]
[12142105,"Aire industrial"]
[12142106,"Mezclas de gas inerte"]
[12142201,"Disolvente deuterado"]
[12142202,"Agua pesada"]
[12142203,"Fuentes alfa"]
[12142204,"Fuentes beta"]
[12142205,"Fuentes de cobalto"]
[12142206,"Fuentes gamma"]
[12142207,"Fuentes radio – isótopo"]
[12142208,"Fuentes de calibración"]
[12161501,"Etiquetas de afinidad"]
[12161502,"Agentes de entrecruzamiento"]
[12161503,"Kits de reactivos"]
[12161504,"Reactivos sulfhidrilo"]
[12161505,"Agentes de intercalación"]
[12161506,"Agentes de desvío"]
[12161507,"Reactivo cupferrón"]
[12161601,"Catalizadores ácidos"]
[12161602,"Catalizadores de combustión"]
[12161603,"Catalizadores a la medida"]
[12161604,"Catalizadores de ruptura"]
[12161701,"Mezclas de anfólito"]
[12161702,"Soluciones reguladoras de bicarbonato"]
[12161703,"Otras soluciones reguladoras"]
[12161704,"Soluciones reguladoras ácidas"]
[12161705,"Soluciones reguladoras básicas"]
[12161706,"Soluciones reguladoras neutrales"]
[12161801,"Geles"]
[12161802,"Suspensiones"]
[12161803,"Aerosoles"]
[12161804,"Emulsiones"]
[12161805,"Agentes gelificantes naturales"]
[12161806,"Agentes gelificantes sintéticos"]
[12161807,"Estabilizadores de gel"]
[12161808,"Agentes de suspensión"]
[12161901,"Agentes anti – espuma"]
[12161902,"Surfactantes detergentes"]
[12161903,"Agentes de espuma"]
[12161904,"Agentes de dispersión"]
[12161905,"Enjuagues"]
[12161906,"Agentes de humectación"]
[12161907,"Aditivos de inundación de agua"]
[12162002,"Poliméricos"]
[12162003,"Aceites agrícolas"]
[12162004,"Sulfonamidas"]
[12162005,"Glutaratos"]
[12162101,"Retardantes brominados"]
[12162201,"Ácido ascórbico"]
[12162202,"Beta caroteno"]
[12162203,"Butilhidroxianisol"]
[12162204,"Butilado hidroxitolueno"]
[12162205,"Citrato de calcio"]
[12162206,"Cantaxantina"]
[12162207,"Melatonina"]
[12162208,"Ácido nordihidroguaiarético"]
[12162209,"Galato de propilo"]
[12162210,"Silibinina"]
[12162211,"Dióxido de azufre"]
[12162212,"Ubicquinona o coenzima q10"]
[12162301,"Agentes de curado transmitidos por el agua"]
[12162302,"Aceleradores de cemento"]
[12162303,"Retardantes de cemento"]
[12162401,"Rompedores de polímero ácido"]
[12162402,"Rompedores de polímero orgánico"]
[12162501,"Rompedores de emulsión agua en aceite"]
[12162502,"Rompedores de emulsión aceite en agua"]
[12162503,"Ayudas de flotación"]
[12162601,"Estabilizadores de arcilla inorgánica"]
[12162602,"Estabilizadores de arcilla orgánica"]
[12162701,"Aditivos de pérdida de fluido de polímeros modificados"]
[12162702,"Aditivos de pérdida de fluido de polímeros naturales"]
[12162801,"Reductores de fricción aniónico"]
[12162802,"Reductores de fricción catódica"]
[12162901,"Agentes de control de asfaltenos de parafina tipo solvente"]
[12162902,"Agentes de control de asfaltenos de parafina modificados cristal"]
[12162903,"Agentes de control de asfaltenos de parafina tipo dispersante"]
[12163001,"Agentes de limpieza de lodo"]
[12163101,"Aditivos anti – lodos"]
[12163201,"Aditivos de migración anti gas"]
[12163301,"Agentes de expansión de cemento"]
[12163401,"Extensores de cemento"]
[12163501,"Sellantes de cemento"]
[12163601,"Inhibidores de corrosión en la producción de petróleo"]
[12163602,"Inhibidores de corrosión en la producción de gas"]
[12163701,"Controladores de hidrato de gas"]
[12163801,"Eliminadores de sulfuro de hidrógeno"]
[12163802,"Eliminadores de oxígeno"]
[12163901,"Inhibidores de incrustaciones"]
[12163902,"Removedores o convertidores de incrustaciones"]
[12164001,"Microbicidas registrados"]
[12164101,"Aditivos in situ"]
[12164102,"Aditivos ácidos"]
[12164201,"Inhibidores anti – corrosión"]
[12164301,"Aditivos de control de hierro"]
[12164401,"Aditivos no emulsificantes"]
[12164501,"Preservativos de alimentos"]
[12164502,"sabores o extractos"]
[12164503,"Aditivos de fragancia"]
[12164504,"Endulzantes"]
[12171501,"Colorantes fluorescentes"]
[12171502,"Colorantes ftaleínicos"]
[12171503,"Colorantes rosanilina"]
[12171504,"Colorantes fdc seguros para alimentos o cosméticos"]
[12171505,"Lacado"]
[12171506,"Colorantes naturales"]
[12171602,"Óxidos metálicos inorgánicos"]
[12171603,"Negro carbono"]
[12171604,"Dióxido de titanio"]
[12171605,"Pigmentos orgánicos"]
[12171701,"Concentrado de color de polímero"]
[12171702,"Dispersiones de pigmento"]
[12171703,"Tintas"]
[12181501,"Ceras sintéticas"]
[12181502,"Ceras naturales"]
[12181503,"Parafinas"]
[12181504,"Petrolatos"]
[12181601,"Aceites sintéticos"]
[12181602,"Aceites naturales"]
[12191501,"Disolventes aromáticos"]
[12191502,"Disolventes alifáticos"]
[12191503,"Fenoles o sus sustitutos y derivados"]
[12191504,"Alcanos cíclicos"]
[12191601,"Solventes de alcohol"]
[12191602,"Solventes activos"]
[12352001,"Alcanos"]
[12352002,"Alquenos"]
[12352003,"Alquinos"]
[12352005,"Compuestos aromáticos o heterocíclicos"]
[12352101,"Compuestos halogenados orgánicos"]
[12352102,"Compuestos orgánicos nitro o nitroso"]
[12352103,"Compuestos órgano – metálicos"]
[12352104,"Alcoholes o sus sustitutos"]
[12352105,"Alcoholes tio (mercaptanos)"]
[12352106,"Ácidos orgánicos o sus sustitutos"]
[12352107,"Sales orgánicas o sus sustitutos"]
[12352108,"Esteres o sus sustitutos"]
[12352111,"Amidas o imidas"]
[12352112,"Esteres o sus sustitutos"]
[12352113,"Tioéteres"]
[12352114,"Aldehídos o sus sustitutos"]
[12352115,"Cetonas o quinonas o sus sustitutos"]
[12352116,"Amines o imines o sus sustitutos"]
[12352117,"Cianuros o isocianuros"]
[12352118,"Cianatos o isocianatos o tiocianatos o isotiocianatos"]
[12352119,"Óxidos orgánicos"]
[12352120,"Peróxidos orgánicos"]
[12352121,"Hidróxidos orgánicos"]
[12352123,"Ureidos o purinas o sus derivados"]
[12352124,"Azo compuestos o sus sustitutos"]
[12352125,"Azidas o azinas"]
[12352126,"Oximas"]
[12352127,"Hidracinas o hidracidas o sus sustitutos"]
[12352128,"Fosfinas"]
[12352129,"Amidinas o imidinas"]
[12352130,"Intermedios de acrilato o metacrilato"]
[12352201,"Carbohidratos o sus derivados"]
[12352202,"Proteínas"]
[12352203,"Anticuerpos"]
[12352204,"Enzimas"]
[12352205,"Nutrientes"]
[12352206,"Tejidos"]
[12352207,"Cultivos y fluidos"]
[12352208,"Ácido nucleico"]
[12352209,"Aminoácidos o sus derivados"]
[12352210,"Alcaloides"]
[12352211,"Grasas o lípidos"]
[12352212,"Terpenoides"]
[12352301,"Ácidos inorgánicos"]
[12352302,"Sales metálicas inorgánicas"]
[12352303,"Óxidos inorgánicos"]
[12352304,"Peróxidos inorgánicos"]
[12352305,"Hidróxidos inorgánicos"]
[12352306,"Hídridos inorgánicos"]
[12352307,"Halidos ácidos o sus sustitutos"]
[12352308,"Silicatos"]
[12352309,"Sílice"]
[12352310,"Siliconas"]
[12352311,"Alúmina y otros compuestos de aluminio"]
[12352312,"Permanganato de potasio"]
[12352401,"Mezclas químicas orgánicas"]
[12352402,"Mezclas químicas inorgánicas"]
[12352501,"Formaldehidos"]
[12352502,"Glutarales"]
[12352503,"Taninos"]
[13101501,"Caucho látex"]
[13101502,"Caucho crepe"]
[13101503,"Caucho hoja ahumada"]
[13101504,"Caucho espuma natural"]
[13101505,"Caucho bloque o borona"]
[13101601,"Caucho vulcanizado"]
[13101602,"Caucho clorado"]
[13101603,"Caucho clorhidrato"]
[13101604,"Caucho ciclizado"]
[13101605,"Caucho isomerizado"]
[13101606,"Caucho termoplástico"]
[13101607,"Compuesto de caucho"]
[13101701,"Butadieno acilonitrilo nbr"]
[13101702,"Nitrilo altamente saturado nhbr"]
[13101703,"Fluorocarbono fcm"]
[13101704,"Propileno etileno epe"]
[13101705,"Butadieno estireno"]
[13101706,"Clorpreno cr"]
[13101707,"Isopreno isobutileno iir / xiir"]
[13101708,"Silicona vmq y pmq y pvmq"]
[13101709,"Fluorosilicona fvmq"]
[13101710,"Poliacrilato acm"]
[13101711,"Etileno acrílico aem"]
[13101712,"Polietileno clorosulfonatado csm"]
[13101713,"Cloropolietileno cm"]
[13101714,"Epicloridrina"]
[13101715,"Polisopreno natural nr"]
[13101716,"Polisopreno sintético ir"]
[13101717,"Poliéster uretano au"]
[13101718,"Poliéster uretano eu"]
[13101719,"Polibutadieno br"]
[13101720,"Poli éter bloque amida peba"]
[13101721,"Estireno bloque copolímero tes"]
[13101722,"Copoliester"]
[13101723,"Termoplástico"]
[13101724,"Poliolefínico"]
[13101902,"Fenólico pf"]
[13101903,"Poliéster no saturado up"]
[13101904,"Urea uf"]
[13101905,"Melamina mf"]
[13101906,"Poliuretano termoestable pur"]
[13102001,"Acrilonitrilo butadieno estireno abs"]
[13102002,"Aleaciones de acrilonitrilo butadieno estireno abs"]
[13102003,"Polímero acetal"]
[13102005,"Acrilonitrilo estireno acrílico asa"]
[13102006,"Aleaciones de acrilonitrilo estireno acrílico asa"]
[13102008,"Fluoropolímeros ptfe"]
[13102009,"Etileno vinil acetato (EVA)"]
[13102010,"Polímero cristal líquido lcp"]
[13102011,"Nylons poliamida pa"]
[13102012,"Polibutileno tereftalato (PBT)"]
[13102013,"Policarbonato pc"]
[13102014,"Polietereterquetona peek"]
[13102015,"Polieterimida (PEI)"]
[13102016,"Polietersulfona pes"]
[13102017,"Polietileno de baja densidad hdpe"]
[13102018,"Polietileno de alta densidad ldpe"]
[13102019,"Polietileno de media densidad mdpe"]
[13102020,"Polietileno tereftalato pet"]
[13102021,"Polimida pi"]
[13102022,"Polipropileno pp"]
[13102023,"Poliftalamida (PPA)"]
[13102024,"Óxido de polifenileno ppo"]
[13102025,"Sulfuro de polifenileno pps"]
[13102026,"Poliestireno (icopor) ps"]
[13102027,"Poliestireno de alto impacto hips"]
[13102028,"Polisulfona psu"]
[13102029,"Poliuretano termoplástico rígido rptu"]
[13102030,"Cloruro de polivinilo pvc"]
[13102031,"Éter de polifenilene ppe"]
[13111001,"Epoxi"]
[13111002,"Resina fenólica"]
[13111003,"Resina polester no saturada"]
[13111004,"Resina estireno butadieno acrilonitrilo"]
[13111005,"Resina acrílica estireno acrilonitrilo"]
[13111006,"Resina aleación acrílica estireno acrilonitrilo"]
[13111007,"Resina fliuoropolímero"]
[13111008,"Resina acetato vinilo etileno"]
[13111009,"Resina polímero cristal líquido"]
[13111010,"Nylon"]
[13111011,"Tetralftalato polibutileno"]
[13111012,"Resina de policarbonato"]
[13111013,"Resina polietereterquetona"]
[13111014,"Resina polieterimida"]
[13111015,"Resina polietersulfona"]
[13111016,"Polietileno"]
[13111017,"Resina terftalato polietileno"]
[13111018,"Resina polimida"]
[13111019,"Resina polipropileno"]
[13111020,"Resina poliftalamida"]
[13111021,"Óxido de polietileno"]
[13111022,"Resina sulfuro de polifenilene"]
[13111023,"Resina de poliestireno"]
[13111024,"Resina de polisulfona"]
[13111025,"Resina de cloruro de polivinilo"]
[13111026,"Resina de acrilonitrilo de estireno"]
[13111027,"Formaldehído de urea"]
[13111028,"Alquido"]
[13111029,"Formaldehído de melamina"]
[13111030,"Poliacetal"]
[13111031,"Poliamida"]
[13111032,"Grupo alilo"]
[13111033,"Ácido acrílico de etileno"]
[13111034,"Compuesto cloruro de polivinilo"]
[13111035,"Solución de vinilo"]
[13111036,"Fenoxi"]
[13111037,"Resina compuesta"]
[13111038,"Pirolidina polivinilo"]
[13111039,"Tereftalato de polietileno o glicol modificado"]
[13111040,"Fijador de hidrocarburo"]
[13111041,"Mezclas de policarbonato"]
[13111042,"Alcohol polivinilo"]
[13111043,"Butiral polivinilo"]
[13111044,"Compuesto de moldeo de poliéster"]
[13111045,"Acetato de polivinilo"]
[13111046,"Éter de polivinilo"]
[13111047,"Polivinilo formal"]
[13111048,"Acrílico de estireno"]
[13111049,"Polímeros de propileno de etileno"]
[13111050,"Óxido de polipropileno"]
[13111051,"Éter de polipropileno"]
[13111052,"Sulfona de polipropileno"]
[13111053,"Polimetilacrilato"]
[13111054,"Anhídrido maléico de estireno"]
[13111055,"Poliestireno sindiotáctico"]
[13111056,"Cloruro de polivinilo clorado"]
[13111057,"Poliéster termoplástico"]
[13111058,"Resinas de indeno"]
[13111059,"Resinas plásticas"]
[13111060,"Resinas de petróleo"]
[13111061,"Resinas de poliuretano"]
[13111062,"Resinas de polieter"]
[13111063,"Resinas recicladas"]
[13111064,"Resinas acrílicas"]
[13111065,"Resinas celulosas"]
[13111066,"Resinas de polipropileno"]
[13111101,"Rosina de madera"]
[13111102,"Rosina de goma"]
[13111103,"Rosina aceite de pino"]
[13111201,"Películas de polietileno"]
[13111202,"Películas de poliuretano"]
[13111203,"Películas de acetato"]
[13111204,"Películas de acrílico"]
[13111205,"Películas coextruídas"]
[13111206,"Películas de fluoropolímero"]
[13111207,"Películas metalizadas"]
[13111208,"Películas de nylon"]
[13111209,"Películas de policarbonato"]
[13111210,"Películas de poliéster"]
[13111211,"Películas de polipropileno"]
[13111212,"Polipropileno orientado axialmente"]
[13111213,"Películas de poliamida"]
[13111214,"Películas de poliestireno"]
[13111215,"Películas de cloruro de polivinilo flexible"]
[13111216,"Películas de cloruro de polivinilo rígido"]
[13111217,"Películas de alcohol vinilo etileno"]
[13111218,"Películas de cloruro de polivinilo"]
[13111219,"Películas de alcohol polivinilo"]
[13111220,"Películas de recubiertas de silicona"]
[13111301,"Espumas de poliolefina"]
[13111302,"Espumas de poli éter"]
[13111303,"Espumas de silicona"]
[13111304,"Espumas de terpolímero propileno etileno"]
[13111305,"Espumas de neopreno"]
[13111306,"Espumas de cloruro de polivinilo"]
[13111307,"Espumas de caucho"]
[13111308,"Espumas de poliestireno"]
[14101501,"Pulpa de papel"]
[14111501,"Papel cebolla"]
[14111502,"Papel vitela"]
[14111503,"Papel pergamino"]
[14111504,"Papel en formas continuas"]
[14111505,"Papel mimeógrafo"]
[14111506,"Papel para impresión de computadores"]
[14111507,"Papel para impresora o fotocopiadora"]
[14111508,"Papel para fax"]
[14111509,"Papel membreteado"]
[14111510,"Papel para plotter"]
[14111511,"Papel de escritura"]
[14111512,"Papel para gráficos"]
[14111513,"Papel de libro"]
[14111514,"Blocs o cuadernos de papel"]
[14111515,"Papel para sumadora o máquina registradora"]
[14111516,"Repuestos de papel para cuaderno"]
[14111518,"Tarjetas de índice"]
[14111519,"Papeles cartulina"]
[14111520,"Papel secante"]
[14111523,"Papel calcante"]
[14111524,"Papel folio"]
[14111525,"Papel multipropósito"]
[14111526,"Papel libretas o libros de mensajes telefónicos"]
[14111527,"Papel autocopiante"]
[14111528,"Papel magnético"]
[14111529,"Rollos de télex"]
[14111530,"Papel de notas autoadhesivas"]
[14111531,"Papel libros o cuadernos para bitácoras"]
[14111532,"Papel kits de papeles surtidos"]
[14111533,"Papel cuadernillos o formularios de exámenes"]
[14111534,"Papeles para notación musical o manuscritos"]
[14111535,"Papeles para telégrafo"]
[14111536,"Tarjetas de préstamo de bibliotecas"]
[14111537,"Etiquetas de papel"]
[14111601,"Papel o bolsas o cajas de regalo"]
[14111604,"Tarjetas de presentación"]
[14111605,"Tarjetas postales, de saludo o de notas"]
[14111606,"Papel para artes o artesanías"]
[14111607,"Tableros para afiches"]
[14111608,"Certificados de regalo"]
[14111609,"Papel de cubierta"]
[14111610,"Papel de construcción"]
[14111611,"Tarjetas de invitación o de anuncio"]
[14111613,"Papel de pancartas"]
[14111614,"Papel o tejidos de álbum"]
[14111615,"Papeles de afiche"]
[14111616,"Papeles para forrar"]
[14111701,"Pañuelos faciales"]
[14111702,"Cubiertos de asientos de sanitario"]
[14111703,"Toallas de papel"]
[14111704,"Papel higiénico"]
[14111705,"Servilletas de papel"]
[14111706,"Manteles de papel"]
[14111801,"Boletas o rollos de boletería"]
[14111802,"Recibos o libros de recibos"]
[14111803,"Comprobantes"]
[14111804,"Facturas o libros de facturas"]
[14111805,"Cheques o chequeras"]
[14111806,"Formularios o cuestionarios de negocios"]
[14111807,"Libros comerciales para múltiples usos"]
[14111808,"Formatos contables o libros de contabilidad"]
[14111809,"Formas o libros de conocimientos de embarque"]
[14111810,"Formatos o libros de personal"]
[14111811,"Formatos o libros de ventas"]
[14111812,"Formatos o libros de inventarios"]
[14111813,"Formatos o libros de correspondencia"]
[14111814,"Formatos o libros de impuestos"]
[14111815,"Tarjetas de identificación"]
[14111816,"Tarjetas de huellas digitales de solicitante"]
[14111817,"Formato de verificación de depósito"]
[14121501,"Cartón blanqueado"]
[14121502,"Cartón no blanqueado"]
[14121503,"Cartón"]
[14121504,"Papel de empaque"]
[14121505,"Material de fibra"]
[14121601,"Papel crepé sin blanquear"]
[14121602,"Papel crepé semi blanqueado"]
[14121603,"Pañuelos de papel resistentes a la humedad"]
[14121604,"Pañuelos de papel libres de ácido"]
[14121605,"Pañuelos de papel kraft"]
[14121701,"Papeles adheridos con película"]
[14121702,"Papeles cilindro o papel pesado multi – capas"]
[14121801,"Papeles recubiertos de arcilla"]
[14121802,"Papeles recubiertos de polietileno"]
[14121803,"Papeles recubiertos de poliéster"]
[14121804,"Papeles recubiertos de silicona"]
[14121805,"Papeles recubiertos tratados con látex"]
[14121806,"Papel de parafinado"]
[14121807,"Papel mantequilla"]
[14121808,"Papel para congelador"]
[14121809,"Papel de enmascarar"]
[14121810,"Papeles carbón"]
[14121811,"Papeles de copiado sensibilizados"]
[14121812,"Papel de fotografía"]
[14121901,"Papel periódico estándar"]
[14121902,"Papel periódico de colores"]
[14121903,"Papel periódico de alto brillo"]
[14121904,"Papel offset"]
[14121905,"Papeles tímpano"]
[14122101,"Papel kraft súper calandrado"]
[14122102,"Papel kraft terminado o satinado en máquina"]
[14122103,"Papel no recubierto no tratado"]
[14122104,"Papel crepé no tratado"]
[14122105,"Papel crepé tratado con látex"]
[14122106,"Papel no recubierto tratado con látex"]
[14122201,"Papel para germinación de semillas"]
[15101502,"Kerosene"]
[15101503,"Nafta"]
[15101504,"Combustible de aviación"]
[15101505,"Combustible diesel"]
[15101506,"Gasolina"]
[15101507,"Benceno"]
[15101508,"Petróleo crudo"]
[15101509,"Combustible marítimo"]
[15101510,"Condensado"]
[15101601,"Carbón sub – bituminosos o débil"]
[15101602,"Lignito"]
[15101603,"Turba"]
[15101604,"Coque"]
[15101605,"Carbón de leña o vegetal"]
[15101606,"Combustibles de alcohol gelatinoso"]
[15101607,"Hexaminas"]
[15101608,"Trioxanos"]
[15101701,"Fuel oil de calefacción # 2"]
[15101702,"Fuel oils pesados residuales # 4 ó # 6"]
[15111501,"Propano"]
[15111502,"Metano"]
[15111503,"Propileno"]
[15111504,"Etileno"]
[15111505,"Butano"]
[15111506,"Acetileno"]
[15111507,"Gas de agua o gas productor"]
[15111508,"Gas de carbón"]
[15111509,"Gas metilacetileno propadieno mapp"]
[15111510,"Gas licuado de petróleo"]
[15111701,"Espesantes de combustible"]
[15111702,"Inhibidores de hielo para sistemas de combustibles"]
[15121501,"Aceite motor"]
[15121502,"Aceite de corte"]
[15121503,"Aceite de engranajes"]
[15121504,"Aceite hidráulico"]
[15121505,"Aceite de transformador o aislador"]
[15121508,"Aceite de transmisión"]
[15121509,"Aceite de frenos"]
[15121510,"Anti – excoriación"]
[15121511,"Pastas de ensamble"]
[15121512,"Anti adhesivos"]
[15121513,"Lubricantes de grafito"]
[15121514,"Lubricantes espray"]
[15121515,"Compuestos anti – adherentes o anti – manchas"]
[15121516,"Eliminador de fugas"]
[15121517,"Jabones lubricantes"]
[15121518,"Fluidos de amortiguación"]
[15121519,"Aceites de lubricación de relojes"]
[15121520,"Lubricantes de propósito general"]
[15121521,"Aceites para lubricación de bombas"]
[15121522,"Aceites para lubricación de armas"]
[15121523,"Fluidos para preparación de lentes"]
[15121524,"Aceites de templado"]
[15121525,"Aceite atemperante"]
[15121526,"Lubricantes para equipo de procesamiento de alimentos"]
[15121527,"Aceite de turbina"]
[15121801,"Repelente de humedad"]
[15121802,"Lubricante anti – corrosión"]
[15121803,"Removedor de óxido"]
[15121804,"Preparación contra óxido"]
[15121805,"Pastas anti – soldado"]
[15121806,"Aceites penetrantes"]
[15121901,"Grasa de silicona"]
[15121902,"Grasa"]
[15121903,"Grasa fluoropolímero"]
[15121904,"Grasa de lana"]
[15131502,"Uranio empobrecido"]
[15131503,"Uranio enriquecido"]
[15131504,"Iridio"]
[15131505,"Plutonio enriquecido"]
[15131506,"Plutonio empobrecido"]
[15131601,"Barra de combustible nuclear"]
[20101501,"Equipo de minería continua"]
[20101502,"Cizallas de pared alta"]
[20101503,"Cortadores de carbón"]
[20101504,"Cortadores de roca"]
[20101601,"Pantallas"]
[20101602,"Alimentadores"]
[20101603,"Pantalla de hoyo de desagüe"]
[20101701,"Trituradores de roca"]
[20101702,"Trituradores de rollo"]
[20101703,"Trituradores de cono"]
[20101704,"Trituradores giratorios"]
[20101705,"Trituradores de impacto"]
[20101706,"Trituradores de mandíbula"]
[20101707,"Plantas de trituración"]
[20101708,"Molino de varilla"]
[20101709,"Molino de bola"]
[20101710,"Maquinaria de pulverización"]
[20101711,"Rompedores de roca"]
[20101712,"Moledores de roca"]
[20101713,"Moledoras de ciclón o vórtex"]
[20101714,"Placas de mandíbula"]
[20101801,"Apernador de cable"]
[20101802,"Apernador de tijera"]
[20101803,"Apernador de boom"]
[20101804,"Equipo para aplicar concreto lanzado o shotcrete"]
[20101805,"Repuestos o accesorios de sistema mecanizado de soporte en tierra"]
[20101901,"Sistema blockholer o taladro y cargue"]
[20101902,"Sistemas de impacto repetitivo"]
[20101903,"Repuestos o accesorios de sistema secundario de ruptura de roca"]
[20102001,"Taladros de barreno profundo en el hoyo ith o abajo del hoyo dth"]
[20102002,"Taladros de barreo profundo de martillo superior"]
[20102003,"Jumbos neumáticos para perforación de pozos"]
[20102004,"Jumbos hidráulicos para perforación de pozos"]
[20102005,"Jumbos neumáticos de desarrollo horizontal"]
[20102006,"Jumbos hidráulicos de desarrollo horizontal"]
[20102007,"Taladros de núcleo"]
[20102008,"Repuestos o accesorios de sistema de exploración o desarrollo"]
[20102101,"Taladros de roca neumáticos"]
[20102102,"Taladros de roca hidráulicos"]
[20102103,"Taladros de roca manuales"]
[20102104,"Repuestos y accesorios de taladros de roca"]
[20102201,"Maquinaria para cargar nitrato de amonio y fuel oil - anfo"]
[20102202,"Maquinaria para cargar emulsión"]
[20102203,"Repuestos y accesorios para maquinaria de cargue de explosivos"]
[20102301,"Transporte de personal"]
[20102302,"Vehículos grúa"]
[20102303,"Cama bajas para el transporte de material"]
[20102304,"Transportadores de carga a granel"]
[20102305,"Vehículos utilitarios"]
[20102306,"Vehículos de plataforma elevable o elevadores de tijera"]
[20102307,"Repuestos o accesorios de vehículo de servicio minero subterráneo"]
[20111504,"Equipos para perforar pozos de agua"]
[20111505,"Equipo para la exploración de uranio"]
[20111601,"Maquinaria de sondeo o de perforación"]
[20111602,"Maquinaria de ensamble en fondo de pozo"]
[20111603,"Martillos perforadores"]
[20111604,"Taladro sobre orugas"]
[20111606,"Vibradores neumáticos"]
[20111607,"Maquinaria para hacer túneles"]
[20111608,"Martillos de poder"]
[20111609,"Taladro de platina"]
[20111610,"Maquinaria de inspección de alcantarillas"]
[20111611,"Taladros giratorios"]
[20111612,"Taladros de perforación de pozos"]
[20111613,"Taladros de barreno profundo"]
[20111614,"Brocas industriales"]
[20111615,"Perforadora de avance"]
[20111616,"Torre de perforación"]
[20111617,"Carros de perforación"]
[20111618,"Caña de pecar de fondo de pozo"]
[20111619,"Cono de perforación de pozos"]
[20111701,"Instrumentos audiovisuales para inspección de pozos"]
[20111702,"Tapones o anclajes de tubos"]
[20111703,"Recubrimientos de perforación"]
[20111704,"Pantallas de perforación"]
[20111705,"Puntos de pozo"]
[20111706,"Cuñas de perforación"]
[20111707,"Adaptadores de herramientas de perforación"]
[20111708,"Columnas de perforación"]
[20111709,"Herramientas o kits de accesorios para perforar pozos"]
[20121001,"Unidades de mezcla acidificante"]
[20121002,"Sensores de densidad acidificante"]
[20121003,"Unidades de bombeo acidificante"]
[20121004,"Unidades acidificantes"]
[20121005,"Tubería de aire acidificante"]
[20121006,"Inyectores de bola acidificantes"]
[20121007,"Equipo de ácido líquido a granel"]
[20121008,"Cajas de gota acidificante"]
[20121009,"Medidores de acidificación"]
[20121010,"Cajas de unión de acidificación"]
[20121011,"Sensores de presión de acidificación"]
[20121012,"Tubería de proceso acidificante"]
[20121013,"Uniones estrechas de acidificación"]
[20121014,"Pivotes de acidificación"]
[20121015,"Hierros de tratamiento de acidificación"]
[20121016,"Protectores de árboles de acidificación"]
[20121101,"Unidades de mezclado"]
[20121102,"Tapones de puente"]
[20121103,"Equipo de cemento líquido a granel"]
[20121104,"Equipo de material de cemento a granel"]
[20121105,"Sensores de densidad del cemento"]
[20121106,"Unidades de flotación de cemento a granel"]
[20121107,"Herramientas de flotación de cemento"]
[20121108,"Tapones limpiadores de equipo de flotación de cemento"]
[20121109,"Unidades de bombeo de cemento"]
[20121110,"Retenedores de cemento"]
[20121111,"Centralizadores"]
[20121112,"Acoples de pestillo expreso"]
[20121113,"Collares de flotación"]
[20121114,"Zapatas de flotación"]
[20121115,"Herramientas para cementación de campos petroleros"]
[20121116,"Tapones recuperables de cementación"]
[20121117,"Eslingas de seguridad"]
[20121118,"Cabezales de cemento bajo el mar"]
[20121119,"Cabezales de cemento en superficie"]
[20121201,"Equipo de fractura líquida a granel"]
[20121202,"Equipo de fractura a granel usando unidades de soporte"]
[20121203,"Unidades de control de fracturación"]
[20121204,"Sensores de densidad de fracturación"]
[20121205,"Unidades múltiples de fracturación"]
[20121206,"Equipo de transporte de fracturación usando unidades de soporte"]
[20121207,"Unidades de bombeo de fracturación"]
[20121208,"Unidades de mezclado de lechada fracturación"]
[20121209,"Unidades de mezcla de gel"]
[20121210,"Misiles de fracturación"]
[20121211,"Monitores de integridad de bombeo"]
[20121212,"Tapones de servicio de fracturación"]
[20121213,"Unidades de estimulación de bombeo"]
[20121301,"Tapones obturadores"]
[20121302,"Flotadores"]
[20121303,"Sistemas frac pack"]
[20121304,"Sistemas paquete de gravilla"]
[20121305,"Zapatas guía"]
[20121306,"Boquillas de acometida"]
[20121307,"Acoples de conformación"]
[20121308,"Rebosamientos de tuberías de producción"]
[20121309,"Obturadores de control de arena"]
[20121310,"Equipo de granel líquido para control de arena"]
[20121311,"Equipo que usa unidades de soporte para control de arena a granel"]
[20121312,"Sensores de densidad de control de arena"]
[20121313,"Unidades múltiples de control de arena"]
[20121314,"Equipo de transporte de arena usando unidades de soporte"]
[20121315,"Unidades control de bombeo de arena"]
[20121316,"Pantallas de control de arena"]
[20121317,"Unidades de mezclado de lechada control de arena"]
[20121318,"Detectores de arena"]
[20121319,"Localizadores de ensamble de sello"]
[20121320,"Uniones de cizalla"]
[20121321,"Herramientas de levantamiento de manga"]
[20121322,"Mangas deslizantes"]
[20121323,"Cuerdas de velocidad"]
[20121401,"Subs de atrapado de bola"]
[20121402,"Uniones de voladura"]
[20121403,"Boquillas de voladura"]
[20121404,"Tapón calibrador de cierre"]
[20121405,"Dispositivos de circulación de producción"]
[20121406,"Equipo de prueba de culminación"]
[20121407,"Protectores de línea de control"]
[20121408,"Herramientas de deflexión"]
[20121409,"Uniones de expansión de culminación"]
[20121410,"Acoples de flujo"]
[20121411,"Equipo de elevación de gas"]
[20121412,"Herramientas de estabilización de colgador"]
[20121413,"Bombas hidráulicas de culminación"]
[20121414,"Herramientas hidráulicas de curado"]
[20121415,"Sistemas de inyección"]
[20121416,"Boquillas de estabilización"]
[20121417,"Colgadores de línea"]
[20121418,"Herramientas de halar tapones"]
[20121419,"Herramientas de correr tapones"]
[20121420,"Tapones de producción"]
[20121421,"Equipos de bombeo a través de la línea de flujo"]
[20121422,"Uniones de seguridad de culminación"]
[20121423,"Ensambles de sello de culminación"]
[20121424,"Sello hoyo u hoyo pulido"]
[20121425,"Mandriles de bolsillos laterales"]
[20121427,"Válvulas de seguridad sub – superficie"]
[20121428,"Uniones de desplazamiento"]
[20121429,"Anclajes de tubería"]
[20121430,"Ensamblajes de flujo paralelo"]
[20121501,"Preventor de reventones"]
[20121502,"Controles del preventor de reventones"]
[20121503,"Raspadores de revestimiento"]
[20121504,"Collar de perforación"]
[20121505,"Equipo de núcleos"]
[20121506,"Protectores de rosca de tubería de perforación"]
[20121507,"Uniones de herramientas de tubería de perforación"]
[20121508,"Tubo de perforación"]
[20121509,"Anillos de calibre"]
[20121510,"Abridores de hoyos"]
[20121511,"Escariadores de hoyos"]
[20121512,"Tarros de pesca"]
[20121513,"Amortiguadores de fondo de pozo"]
[20121514,"Subs de perforación"]
[20121515,"Estabilizadores de fondo de pozo"]
[20121516,"Propulsores"]
[20121601,"Brocas de cortadora fija"]
[20121602,"Brocas de diamante natural"]
[20121603,"Brocas de boquilla"]
[20121604,"Brocas pdc"]
[20121605,"Brocas cónicas de rodillo de botón de inserción"]
[20121606,"Brocas de rodillo de diente de acero"]
[20121607,"Brocas de núcleo"]
[20121701,"Bumper subs"]
[20121702,"Parches de revestimiento"]
[20121703,"Impulsores de tarro"]
[20121704,"Subs de chatarra"]
[20121705,"Molinos o zapatas de quemado"]
[20121706,"Rebosamientos"]
[20121707,"Lanzas de pesca en campo petrolero"]
[20121708,"Herramientas de pesca no especificada"]
[20121801,"Herramientas de geo - dirección"]
[20121802,"Motores de lodo"]
[20121803,"Herramientas dirigibles giratorias"]
[20121804,"Sistemas de control de superficie de perforación direccional"]
[20121805,"Herramientas de perforación direccional de hoyo derecho"]
[20121901,"Herramientas acústicas"]
[20121902,"Instrumentos de control de perforación o lodo"]
[20121903,"Herramientas de medición de desempeño de perforación"]
[20121904,"Equipo de medición de flujo"]
[20121905,"Herramientas de resonancia magnética nuclear"]
[20121906,"Herramientas nucleares"]
[20121907,"Equipos de registro de producción"]
[20121908,"Herramientas de resistividad"]
[20121909,"Sistemas de levantamiento"]
[20121910,"Sistemas de telemetría"]
[20121911,"Herramientas ultrasónicas"]
[20121912,"Equipo de presión de registro de fondo de pozo"]
[20121913,"Equipo de prueba de registro de fondo de pozo"]
[20121914,"Unidades de registro de pozo"]
[20122001,"Barra de desplazamiento"]
[20122002,"Mangas de desplazamiento"]
[20122003,"Conejo de desplazamiento"]
[20122004,"Accesorios de prueba"]
[20122005,"Boquillas de prueba"]
[20122006,"Tapones de prueba"]
[20122101,"Pistolas de cápsulas"]
[20122102,"Pistolas de revestimiento"]
[20122103,"Cabezas de despliegue"]
[20122104,"Explosivos de perforación"]
[20122105,"Cabezas de disparo"]
[20122106,"Adaptadores de pistola"]
[20122107,"Pistola de disparo de alta densidad"]
[20122108,"Tapones bull de perforación"]
[20122109,"Herramientas de poner tapones"]
[20122110,"Equipo de posicionamiento de perforación"]
[20122111,"Pistolas festoneadas"]
[20122112,"Subs en tándem"]
[20122113,"Accesorios de pistola de perforación de tubos completa"]
[20122114,"Pistola de perforación de tubos completa"]
[20122115,"Subs ventilación bajo balance"]
[20122201,"Booms de bengalas"]
[20122202,"Quemadores de bengalas"]
[20122203,"Herramientas de prueba de hoyo"]
[20122204,"Colector del choke"]
[20122205,"Colector de desviación"]
[20122206,"Canastas de flowhead"]
[20122207,"Pivote de flowhead"]
[20122208,"Flowheads"]
[20122209,"Herramientas de formación de cierre"]
[20122210,"Bengalas de gas"]
[20122211,"Analizadores de gas de lodos"]
[20122212,"Muestreadores de petróleo"]
[20122213,"Separadores de pruebas de pozo"]
[20122214,"Tubería de superficie de pruebas de pozo"]
[20122215,"Tanques de compensación"]
[20122216,"Herramientas de prueba de fondo de pozo"]
[20122301,"Cabezas de adaptador de cable de recuperación"]
[20122302,"Retardo de envío del cable de recuperación"]
[20122303,"Guías de campana de cable de recuperación"]
[20122304,"Cajas ciegas de cable de recuperación"]
[20122305,"Equipo de presión de fondo de hoyo de cable de recuperación"]
[20122306,"Herramientas de calibración de cable de recuperación"]
[20122307,"Volcado de cemento de rescate de equipos cable de recuperación"]
[20122308,"Cortadores químicos de cable de recuperación"]
[20122309,"Centralizadores de cadena de herramientas de almeja de cable de recuperación"]
[20122310,"Centralizadores de cable de acero de almeja de cable de recuperación"]
[20122311,"Localizadores de collar de cable de recuperación"]
[20122312,"Colectores de cable de recuperación"]
[20122313,"Herramientas de colisión de cable de recuperación"]
[20122314,"Cruces de cable de recuperación"]
[20122315,"Equipo de medición de profundidad de cable de recuperación"]
[20122316,"Frasco dewar de cable de recuperación"]
[20122317,"Herramientas del dipmeter de cable de recuperación"]
[20122318,"Herramientas direccionales de cable de recuperación"]
[20122319,"Herramientas de vaya con el diablo de cable de recuperación"]
[20122320,"Abridores de hoyos de cable de recuperación"]
[20122321,"Cortadores jet de cable de recuperación"]
[20122322,"Disparos de desperdicios de cable de recuperación"]
[20122323,"Herramientas de kickover de cable de recuperación"]
[20122324,"Uniones de nudillos de cable de recuperación"]
[20122325,"Bloques de impresión de cable de recuperación"]
[20122326,"Mandriles de ubicación de cable de recuperación"]
[20122327,"Mandriles de bloqueo de cable de recuperación"]
[20122328,"Lubricadores de cable de recuperación"]
[20122329,"Achicadores mecánicos de cable de recuperación"]
[20122330,"Plugback mecánico de cable de recuperación"]
[20122331,"Otras herramientas de cable de recuperación"]
[20122332,"Raspadores de parafina de cable de recuperación"]
[20122333,"Enchufe de línea de cable de recuperación"]
[20122334,"Tenazas para halar o correr el cable de recuperación"]
[20122335,"Herramientas para cortar el cable de recuperación"]
[20122336,"Roldanas o bloques de piso de la cable de recuperación"]
[20122338,"Accesorios de herramientas para halar el cable de recuperación"]
[20122339,"Herramientas para halar el cable de recuperación"]
[20122340,"Herramientas para correr el cable de recuperación"]
[20122341,"Unidades de cable de recuperación"]
[20122342,"Alambre del cable de recuperación"]
[20122343,"Herramientas sónicas del cable de recuperación"]
[20122344,"Barras espaciadoras del cable de recuperación"]
[20122345,"Terminales de prensado del cable de recuperación"]
[20122346,"Dispositivos de tensión del cable de recuperación"]
[20122347,"Tapones de tubos de cable de recuperación"]
[20122348,"Herramientas ultrasónicas cable de recuperación"]
[20122349,"Agarres del cable de recuperación"]
[20122350,"Tarros del cable de recuperación"]
[20122351,"Raspadores del cable de recuperación"]
[20122352,"Lanza del cable de recuperación"]
[20122353,"Tallos del cable de recuperación"]
[20122354,"Válvulas del cable de recuperación"]
[20122356,"Preventores del cable de recuperación"]
[20122357,"Aceleradores de tarro del cable de recuperación"]
[20122401,"Dispositivo golpeador de cable"]
[20122402,"Evaporadores de producción de campo de petróleo"]
[20122403,"Probadores hipot"]
[20122404,"Maquinas de vueltas de campo de petróleo"]
[20122405,"Elevadores finales de motor"]
[20122406,"Probadores dieléctricos de aceite"]
[20122407,"Unidades de llenado al vacío de aceite"]
[20122408,"Enderezadores de eje de producción de campo petrolero"]
[20122409,"Bobina de producción de campo de petróleo"]
[20122410,"Analizadores de vibración"]
[20122501,"Herramientas de arenadora"]
[20122502,"Unidades de camión grúa de tubería flexible"]
[20122503,"Unidades de tubería flexible"]
[20122504,"Paquetes de manguera de tubería flexible"]
[20122505,"Sistemas inflables de tubería flexible"]
[20122506,"Cabezales de inyector de tubería flexible"]
[20122507,"Equipo de elevación de tubería flexible"]
[20122508,"Casas de operadores"]
[20122509,"Fuentes de poder de tubería flexible"]
[20122510,"Rollos de tubería flexible"]
[20122511,"Carretes de embobinar tubería flexible"]
[20122512,"Guías de tubería"]
[20122513,"Enganches de boca de pozo"]
[20122514,"Estructuras de soporte de boca de pozo"]
[20122515,"Tubería flexible de campo petrolero"]
[20122601,"Sensores análogos sísmicos"]
[20122602,"Arreglos sísmicos"]
[20122603,"Aves de cable de serpentina sísmica"]
[20122604,"Tanqueros de taladro sísmico"]
[20122605,"Geófonos sísmicos"]
[20122606,"Sistemas de gravedad sísmicos"]
[20122607,"Sistemas de malacate de cañón sísmico"]
[20122608,"Hidrofonos sísmicos"]
[20122609,"Fuentes de impulso sísmicos"]
[20122610,"Cables serpentinas marinos sísmicos"]
[20122611,"Cables del fondo del océano sísmico"]
[20122612,"Sistemas magnéticos sísmicos"]
[20122613,"Equipo de posicionar sísmico"]
[20122614,"Arietes sísmicos"]
[20122615,"Receptores sísmicos"]
[20122616,"Sistemas de refracción sísmicos"]
[20122617,"Controladores de fuente sísmicos"]
[20122618,"Dispositivos de bobinar sísmicos"]
[20122619,"Bloques de remolque sísmicos"]
[20122620,"Puntos de remolque sísmicos"]
[20122621,"Vibradores sísmicos"]
[20122622,"Sistemas de grabar sísmicos"]
[20122623,"Sistemas de procesamiento de datos sísmicos"]
[20122701,"Revestimiento para campo petrolero"]
[20122702,"Acoples para campo petrolero"]
[20122703,"Tubería corta para campo petrolero"]
[20122704,"Tubería para campo petrolero"]
[20122705,"Recubrimiento de tubería para campo petrolero"]
[20122706,"Revestimiento de conductor"]
[20122707,"Equipo para operar el revestimiento para conductor"]
[20122708,"Cruces de la tubería de perforación"]
[20122709,"Protectores de rosca para campo petrolero"]
[20122801,"Agitadores de lodos"]
[20122802,"Depósitos de lodos"]
[20122803,"Equipo de aire para perforaciones"]
[20122804,"Taladros en barcazas"]
[20122806,"Desviadores de fluido"]
[20122807,"Aparejos de maniobras"]
[20122808,"Equipo para lecho de perforación"]
[20122809,"Pivotes de perforación"]
[20122810,"Barco – taladro de perforación"]
[20122811,"Elevadores de taladro de perforación"]
[20122812,"Estribos del taladro de perforación"]
[20122813,"Unidades de reacondicionamiento hidráulico"]
[20122814,"Sistemas de gatos para mover el taladro de perforación"]
[20122815,"Taladro de perforación marina movido con gatos"]
[20122816,"Bujes kelly"]
[20122817,"Válvulas kelly"]
[20122818,"Escobillas kelly"]
[20122819,"Kellys"]
[20122820,"Taladro de perforación en tierra"]
[20122821,"Equipo de limpieza de lodo"]
[20122822,"Múltiples para lodo"]
[20122823,"Mezcladoras de lodo"]
[20122824,"Equipo para manejo de tubería"]
[20122825,"Plataforma de taladro de perforación"]
[20122826,"Pivote de energía o transmisión superior"]
[20122827,"Patines para taladro"]
[20122828,"Elevadores del taladro de perforación"]
[20122829,"Mesas giratorias de taladro de perforación"]
[20122830,"Plataformas auto – elevadoras para el reacondicionamiento"]
[20122831,"Taladros de perforación semi – sumergibles"]
[20122832,"Deslizadores del lecho de perforación"]
[20122833,"Tenazas de reposición"]
[20122834,"Llave doble automática"]
[20122835,"Equipo viajero"]
[20122836,"Barcos de reacondicionamiento"]
[20122837,"Taladros de reacondicionamiento"]
[20122838,"Separadores de lodo (lutita)"]
[20122839,"Desgasificadores de lodo"]
[20122840,"Bloques de corona"]
[20122841,"Bloques móviles"]
[20122842,"Desarenadores de lodo"]
[20122843,"Separadores de granos finos de lodo"]
[20122901,"Conductos de registrar datos de superficie"]
[20122902,"Sensores de registrar datos de superficie"]
[20122903,"Unidades de registrar datos de superficie"]
[20123001,"Revestimiento multilateral"]
[20123002,"Uniones multilaterales"]
[20123003,"Tapones multilaterales"]
[20131001,"Agentes de control de filtración"]
[20131002,"Espaciadores de fluido"]
[20131003,"Agentes de circulación perdida"]
[20131004,"Lodos con base de petróleo"]
[20131005,"Aumentadores de la rata de penetración"]
[20131006,"Fluidos centradores"]
[20131007,"Lodos con base sintética"]
[20131008,"Agentes para adelgazar el lodo"]
[20131009,"Lodos con base en agua"]
[20131010,"Agentes para engruesar el lodo"]
[20131101,"Apuntaladores cerámicos"]
[20131102,"Arenas de fracturación"]
[20131103,"Apuntaladores cerámicos cubiertos de resina"]
[20131104,"Arenas de fracturación cubiertas de resina"]
[20131105,"Bauxitas sinterizadas cubierta de resina"]
[20131106,"Bauxitas sinterizadas"]
[20131201,"Salmueras divalentes"]
[20131202,"Salmueras monovalentes"]
[20131301,"Cemento a granel de pozo petrolero"]
[20131302,"Pozo petrolero cemento tipo i clase a"]
[20131303,"Pozo petrolero cemento tipo ii clase b"]
[20131304,"Pozo petrolero cemento clase c"]
[20131305,"Pozo petrolero cemento clase g"]
[20131306,"Pozo petrolero cemento clase h"]
[20131307,"Cemento liviano de pozo petrolero"]
[20131308,"Pozo petrolero cemento estándar fino tipo iii"]
[20141001,"Actuadores de boca de pozo"]
[20141002,"Bombas de balancín de boca de pozo"]
[20141003,"Líneas de flujo de boca de pozo"]
[20141004,"Válvulas de compuerta de boca de pozo"]
[20141005,"Reguladores de producción de boca de pozo"]
[20141006,"Accesorios de boca de pozo o flujo debajo de la superficie de boca de pozo"]
[20141007,"Accesorios de boca de pozo o flujo de superficie de boca de pozo"]
[20141008,"Válvulas de seguridad de la superficie de boca de pozo"]
[20141011,"Adaptador de cabeza de tubería"]
[20141012,"Revestimiento del cabezal de la carcasa"]
[20141013,"Carrete del cabezal de la tubería"]
[20141014,"Carrete del cabezal del revestimiento"]
[20141015,"Conexiones en t o en cruz de la boca de pozo"]
[20141101,"Sistemas de inyección de parafina"]
[20141201,"Equipo de desarenar producción"]
[20141301,"Bombas de chorro de fondo de pozo"]
[20141401,"Topes de tubería"]
[20141501,"Bombas eléctricas de fondo de pozo"]
[20141601,"Bombas neumáticas de exportación"]
[20141701,"Plataformas fijas de producción costa afuera"]
[20141702,"Plataformas flotantes de producción costa afuera"]
[20141703,"Plataformas flotantes de almacenamiento costa afuera"]
[20141704,"Plataformas flotantes de brazo de tensión de producción costa afuera"]
[20141705,"Plataformas flotantes de brazo de tensión de almacenamiento costa afuera"]
[20141801,"Contadores de la turbina de gas de producción del pozo"]
[20141901,"Equipo de tratamiento de gas para producción del pozo"]
[20142001,"Regeneradores de glicol de pozo petrolero"]
[20142101,"Tratadores de calentadores de aceite para pozo"]
[20142201,"Calentadores de línea eléctrica"]
[20142301,"Patines de inyección neumática de metanol"]
[20142401,"Equipo para producción submarina de boca de pozo"]
[20142402,"Tuberías submarinas umbilicales o flexibles"]
[20142403,"Sistema múltiple de distribución de producción submarina"]
[20142404,"Sistema de bombeo y separación anular vertical"]
[20142405,"Cruz de producción y componente submarino"]
[20142501,"Centrífugas de petróleo del agua del campo petrolífero"]
[20142601,"Sistemas inalámbricos de control de producción"]
[20142701,"Gatos de la varilla de bombeo"]
[20142702,"Bombas de barra"]
[20142703,"Bombas de barra mecánica"]
[20142801,"Separadores de agua petróleo"]
[20142901,"Tanques almacenadores de petróleo"]
[20143001,"Vástagos de succión de aleación de acero"]
[20143002,"Varillas cortas"]
[21101501,"Arados"]
[21101502,"Pulverizadores"]
[21101503,"Cultivadoras"]
[21101504,"Desmalezadoras"]
[21101505,"Máquinas desyerbadoras"]
[21101506,"Máquinas aplanadoras o niveladoras"]
[21101507,"Rodillos agrícolas"]
[21101508,"Rodillos para prados o terrenos deportivos"]
[21101509,"Máquina para drenaje de zanjas"]
[21101510,"Cañerías o tuberías de riego"]
[21101511,"Chorros de riego"]
[21101512,"Gastos generales de riego"]
[21101513,"Discos"]
[21101514,"Arados de subsuelo"]
[21101516,"Sembradoras"]
[21101601,"Plantadoras"]
[21101602,"Transplantadoras"]
[21101603,"Sembradoras de grano"]
[21101604,"Sembradoras de semillas"]
[21101605,"Equipo para tratamiento de semillas"]
[21101606,"Excavadoras de agujeros"]
[21101607,"Remolque de sembradora"]
[21101701,"Cortadoras de pasto"]
[21101702,"Máquina segadora de heno"]
[21101703,"Cosechadoras"]
[21101704,"Cosechadoras “trilladoras” o mixtas"]
[21101705,"Trilladoras"]
[21101706,"Separadores de cultivos"]
[21101707,"Piezas de cosechadora o accesorios"]
[21101708,"Piezas de segadora o accesorios"]
[21101801,"Rociadores"]
[21101802,"Guarda polvos"]
[21101803,"Aspersores de agua"]
[21101804,"Dispersores o distribuidores de fertilizante"]
[21101805,"Generadores de niebla o neblina"]
[21101806,"Compostadores"]
[21101807,"Equipo y suministros para polinización"]
[21101808,"Equipo para protección contra las heladas"]
[21101901,"Ordeñadoras"]
[21101902,"Equipo para cría de ganado"]
[21101903,"Incubadoras o polleras para aves de corral"]
[21101904,"Mezcladoras de forraje"]
[21101905,"Equipo para identificación de ganado"]
[21101906,"Equipo de inspección o recolección de huevos"]
[21101907,"Máquinas para abrevar animales"]
[21101908,"Tanques refrigeradores de leche"]
[21101909,"Equipo para el esquilar o peluquear de animales"]
[21102001,"Máquinas limpiadoras de semillas, grano o legumbres secas"]
[21102002,"Máquinas seleccionadoras de semillas, grano o legumbres secas"]
[21102003,"Clasificadoras de semillas, grano o legumbres secas"]
[21102004,"Equipo para limpieza y descascarillado de arroz"]
[21102005,"Molino para trituración"]
[21102006,"Molinos de martillo"]
[21102101,"Máquinas agrícolas de briqueta"]
[21102201,"Descortezadoras"]
[21102202,"Equipo de explotación forestal"]
[21102203,"Equipo de reforestación"]
[21102204,"Sierras para silvicultura"]
[21102205,"Deslizadores forestales"]
[21102206,"Barrenos para aumento forestal"]
[21102207,"Hipsómetro para silvicultura"]
[21102301,"Equipo de riego para invernadero"]
[21102302,"Materas para invernadero"]
[21102303,"Equipo de ventilación para invernadero"]
[21102304,"Equipo aislante para invernadero"]
[21102401,"Equipo para apicultura"]
[21102402,"Equipo para gusanos de seda"]
[21102403,"Equipo para la cría de mariposas"]
[21102404,"Equipo para la cría de escarabajos"]
[21111501,"Anzuelos para pesca comercial"]
[21111502,"Carretes para pesca comercial"]
[21111503,"Aparejos para pesca comercial"]
[21111504,"Redes para pesca comercial"]
[21111506,"Flotadores para pesca comercial"]
[21111507,"Plomos o pesos comerciales"]
[21111508,"Transportadores de redes de pesca"]
[21111601,"Equipo para piscicultura marina"]
[21111602,"Suministros para piscicultura"]
[22101501,"Cargadores frontales"]
[22101502,"Niveladoras"]
[22101504,"Piloteadoras"]
[22101505,"Aplanadoras"]
[22101507,"Bateadoras"]
[22101508,"Máquinas para abrir zanjas"]
[22101509,"Retroexcavadoras"]
[22101511,"Compactadores"]
[22101513,"Dragalíneas"]
[22101514,"Dragas"]
[22101516,"Excavadoras de fosos"]
[22101518,"Raspadores elevadores"]
[22101519,"Máquina giratoria con cazoleta de rastrillos abiertas"]
[22101520,"Máquina giratoria con rastrillos elevadores"]
[22101521,"Rastrilladora arrastrada"]
[22101522,"Buldóceres de orugas"]
[22101523,"Buldóceres de ruedas"]
[22101524,"Excavadoras móviles"]
[22101525,"Excavadoras de ruedas"]
[22101526,"Excavadoras de orugas"]
[22101527,"Transportes integrados de carga"]
[22101528,"Cargadores de ruedas"]
[22101529,"Cargadores sobre patines con dirección"]
[22101530,"Raspadores abiertos"]
[22101531,"Cañones para quitar nieve"]
[22101532,"Cargadores de orugas"]
[22101533,"Arrancadoras de troncos"]
[22101534,"Excavadoras de campaña"]
[22101602,"Equipo de apisonamiento"]
[22101603,"Ensanchadores de carreteras"]
[22101604,"Placas vibradoras"]
[22101605,"Acabadoras de asfalto"]
[22101606,"Esparcidoras de gravilla"]
[22101607,"Pavimentadoras"]
[22101608,"Aplanadoras en frío"]
[22101609,"Mezcladoras de material de pavimentación"]
[22101610,"Distribuidoras de agregados"]
[22101611,"Distribuidoras de material bituminoso"]
[22101612,"Escarificadoras de carreteras"]
[22101613,"Aplanadoras calentadoras de la superficie de la carretera"]
[22101614,"Revestimientos de pavimento de concreto"]
[22101615,"Trituradoras de pavimento"]
[22101616,"Máquinas para hacer andenes"]
[22101617,"Máquinas de relleno"]
[22101618,"Equipos de preparación de superficies de rodamiento o mecanismos para su colocación"]
[22101619,"Máquinas pulidoras"]
[22101620,"Máquinas de limpieza o acabado de juntas"]
[22101701,"Palas excavadoras"]
[22101702,"Palas mecánicas para el de movimiento de tierra o sus piezas o accesorios"]
[22101703,"Cuchillas o dientes u otros filos cortantes"]
[22101704,"Escarificadores"]
[22101705,"Orugas: eslabones o zapatas o sus piezas"]
[22101706,"Cucharas de pala"]
[22101707,"Cables de retención"]
[22101708,"Extractores"]
[22101709,"Cucharones bivalvos"]
[22101710,"Remolques quitanieves"]
[22101711,"Herramientas de trituración de pavimento o accesorios"]
[22101712,"Herramientas de piloteadoras o sus piezas o accesorios"]
[22101713,"Brazo de retroexcavadora o secciones del brazo"]
[22101714,"Kits de reparación o piezas de apisonadora"]
[22101715,"Plantas o alimentadoras de dosificación"]
[22101716,"Kits de conversión de maquinaria de construcción"]
[22101717,"Vertederas de movimiento de tierra"]
[22101718,"Sistemas de control de aplanadora"]
[22101719,"Portaherramientas de corredera transversal de aplanadora"]
[22101720,"Zapatas perfiladoras de zanjadora"]
[22101801,"Manlift o elevador de personal"]
[22101802,"Elevador de plataforma"]
[22101803,"Elevador de boom articulado"]
[22101804,"Elevador de boom telescópico"]
[22101901,"Mezcladoras o plantas de concreto"]
[22101902,"Mezcladoras de argamasa, pañete o mortero"]
[22101903,"Mezcladoras de grada giratoria"]
[22101904,"Máquinas de curado"]
[22101905,"Distribuidoras de concreto"]
[22101906,"Equipo de apuntalamiento"]
[22101907,"Puntales de zanja"]
[22102001,"Kits de equipo de demolición"]
[23101501,"Caladoras"]
[23101502,"Taladros"]
[23101503,"Brochadoras"]
[23101504,"Máquinas dobladoras"]
[23101505,"Maquinas abre huecos"]
[23101506,"Esmeriladoras"]
[23101507,"Troqueladoras"]
[23101508,"Cortadoras"]
[23101509,"Lijadoras"]
[23101510,"Pulidoras"]
[23101511,"Máquinas para tornear"]
[23101512,"Sierras mecánicas"]
[23101513,"Fresadoras"]
[23101514,"Cepilladoras"]
[23101515,"Máquinas para grabar"]
[23101516,"Máquina de martillar con la peña de cuentas de vidrio"]
[23101517,"Máquinas de sanblasteado"]
[23101518,"Máquina de picar con chorro de perdigones"]
[23101519,"Robots"]
[23101520,"Máquinas Ram de electro descarga"]
[23101521,"Máquina de descarga de electrodo de cátodo de alambre"]
[23101522,"Rompevirutas"]
[23111501,"Equipo de hidroprocesamiento de destilado"]
[23111502,"Máquina para destilación de crudo"]
[23111503,"Equipo de ruptura catalítica"]
[23111504,"Equipo de hidro - ruptura"]
[23111505,"Maquinaria de isomerización"]
[23111506,"Máquina coquizadora"]
[23111507,"Maquinaria para recuperación de gas"]
[23111601,"Hidrotratador de nafta"]
[23111602,"Hidrotratador de destilado"]
[23111603,"Hidrotratador de alimentación catalítica"]
[23111604,"Hidrotratador de lubricantes"]
[23111605,"Hidrotratador de gasolina"]
[23111606,"Hidrotratador de aceite residual"]
[23121501,"Maquinaria para bordados"]
[23121502,"Maquinaria para afelpado"]
[23121503,"Devanadoras o encarretadoras"]
[23121504,"Máquinas de Torción"]
[23121505,"Máquina para pegar puntadas"]
[23121506,"Tejedoras"]
[23121507,"Urdidoras"]
[23121508,"Máquinas de acabados"]
[23121509,"Husos"]
[23121510,"Máquinas para hacer encaje"]
[23121601,"Máquinas para forrar botones"]
[23121602,"Máquinas para coser botones"]
[23121603,"Máquinas de hacer ojales"]
[23121604,"Máquinas cortadoras de tela"]
[23121605,"Máquinas para rellenar cojines"]
[23121606,"Máquinas plegadoras o rebobinadoras"]
[23121607,"Máquinas blanqueadoras"]
[23121608,"Máquinas para doblar telas o paños"]
[23121609,"Máquinas bobinadoras o desenrolladoras"]
[23121610,"Máquinas para teñir"]
[23121611,"Máquinas cortadoras o festoneadoras"]
[23121612,"Agujas para máquina de cose"]
[23121613,"Máquinas para procesar seda"]
[23121614,"Máquinas de coser"]
[23121615,"Mesas para cortar telas"]
[23131501,"Compuestos abrasivos"]
[23131502,"Ruedas de fieltro"]
[23131503,"Ruedas de esmerilado"]
[23131504,"Compuestos para brillado"]
[23131505,"Cabezas de pulir"]
[23131506,"Ruedas para pulir"]
[23131507,"Tela para lijar"]
[23131508,"Tambores para lijar"]
[23131509,"Cilindros o brilladoras"]
[23131510,"Suministros o medios de cilindro"]
[23131511,"Pivotes de agua"]
[23131512,"Bandejas de agua"]
[23131513,"Bloques para lijar"]
[23131514,"Piedras montadas"]
[23131515,"Rectificadora de piedra de moler"]
[23131601,"Accesorios para hacer facetas o pulir caras"]
[23131602,"Máquinas para hacer facetas o pulir caras"]
[23131603,"Pulidoras para hacer facetas o pulir caras"]
[23131604,"Sierras para hacer facetas o pulir caras"]
[23131701,"Accesorios para hacer cabuchones"]
[23131702,"Cinturones para hacer cabuchones"]
[23131703,"Discos para hacer cabuchones"]
[23131704,"Máquinas para hacer cabuchones"]
[23141601,"Máquinas para descarnar cuero"]
[23141602,"Máquinas para curtir cuero"]
[23141603,"Máquinas para teñir cuero"]
[23141604,"Máquinas para desengrasar cuero"]
[23141605,"Prensadoras de cuero"]
[23141701,"Máquinas cortadoras de cuero"]
[23141702,"Máquinas ribeteadoras de cuero"]
[23141703,"Máquinas clavadoras de cuero"]
[23141704,"Equipo para talabartería"]
[23151501,"Máquinas de moldeo por soplado"]
[23151502,"Máquinas revestidoras"]
[23151503,"Extrusoras"]
[23151504,"Máquinas de moldeo por inyección"]
[23151506,"Prensas de caucho o plástico"]
[23151507,"Máquinas termo modeladoras"]
[23151508,"Máquinas para moldear al vacío"]
[23151509,"Vulcanizadoras"]
[23151510,"Maquinaria para cortar plástico"]
[23151511,"Maquinaria para triturar plástico"]
[23151512,"Molinos de caucho o plástico"]
[23151513,"Moldes de extrusión de caucho o plástico"]
[23151514,"Moldes de inyección para plástico"]
[23151515,"Moldes de termoformar"]
[23151516,"Pasadores del eyector"]
[23151601,"Sopladores o secadores"]
[23151602,"Trituradoras"]
[23151603,"Máquinas de soldadura por fusión o de estirado de vidrio"]
[23151604,"Esmeriladoras p pulidoras"]
[23151606,"Máquinas moldeadoras de cemento o cerámica o vidrio o similar"]
[23151607,"Prensas"]
[23151608,"Tamices"]
[23151701,"Máquinas para pulir lentes"]
[23151702,"Equipo de medición de lentes"]
[23151703,"Equipo de esmerilado de lentes"]
[23151704,"Equipos de ensayo de lentes"]
[23151705,"Equipo para recubrir el vacío óptico"]
[23151801,"Equipo para llenado de ampolletas"]
[23151802,"Colocadores de tapas, insertadores de algodón o aplicadores de sellos de seguridad"]
[23151803,"Máquinas encapsuladoras"]
[23151804,"Reactores, fermentadores o digestores"]
[23151805,"Máquinas dosificadoras de barrena para llenado o cerrado hermético"]
[23151806,"Filtros o ultrafiltros farmacéuticos"]
[23151807,"Secadores por congelación o liofilizadores"]
[23151808,"Granuladores"]
[23151809,"Máquinas farmacéuticas de tamizado"]
[23151810,"Máquinas de procesado o llenado estéril o aséptico"]
[23151811,"Máquinas para hacer ensayos de tabletas o cápsulas"]
[23151812,"Contadores de tabletas"]
[23151813,"Máquinas de hacer tabletas"]
[23151814,"Equipo de producción de vacunas"]
[23151816,"Columnas de cromatografía"]
[23151817,"Medios de cromatografía"]
[23151818,"Dispositivos de prueba de esterilidad"]
[23151819,"Comprobadores de integridad de los filtros"]
[23151820,"Manómetro"]
[23151821,"Adaptador de cartucho filtro"]
[23151822,"Adaptadores o conectores o accesorios para soportes de filtros farmacéuticos"]
[23151823,"Radiofármaco de diagnóstico"]
[23151901,"Cortadores"]
[23151902,"Rajadores"]
[23151903,"Máquinas de lavado o para sacar el agua"]
[23151904,"Rebobinadoras"]
[23151905,"Máquinas para hacer pulpa de madera"]
[23151906,"Calandrias para hacer papel o cartón"]
[23152001,"Tratadores de corona"]
[23152002,"Tratadores por llama"]
[23152101,"Pantallas o piezas o equipo vibratorios de separación"]
[23152102,"Pantallas o piezas o equipo estacionario de separación"]
[23152103,"Pantallas o piezas o equipo de clasificación neumática"]
[23152104,"Equipo o piezas y pantallas de separación centrífuga"]
[23152201,"Mesas rotatorias"]
[23152202,"Bancos de apilado"]
[23152203,"Bancos de pruebas de componentes o motores"]
[23152204,"Resguardo de la máquina"]
[23152205,"Mesas de sierra de banda"]
[23152206,"Protección de barrera"]
[23152901,"Maquinaria de envolver"]
[23152902,"Maquinaria de formar, rellenar o sellar"]
[23152903,"Empacadora al vacío"]
[23152904,"Tolvas para empacar"]
[23152905,"Máquinas para el formado de cartón"]
[23152906,"Maquinas para encintar"]
[23153001,"Plantilla de medición"]
[23153002,"Plantilla de guía"]
[23153003,"Plantilla maestro"]
[23153004,"Plantilla de aguja"]
[23153005,"Plantilla de eje"]
[23153006,"Plantilla de chequeo"]
[23153007,"Plantilla de instalación"]
[23153008,"Plantilla de cámara"]
[23153009,"Plantilla de captación"]
[23153010,"Plantilla de eliminación"]
[23153011,"Plantilla de boquilla"]
[23153012,"Plantilla de deslizamiento"]
[23153013,"Plantilla de centrado"]
[23153014,"Plantilla de inspección"]
[23153015,"Plantilla de alimentador"]
[23153016,"Plantilla de embrague"]
[23153017,"Plantilla de alineación"]
[23153018,"Plantilla de posicionamiento"]
[23153019,"Placa elevadora"]
[23153020,"Guía de cinta"]
[23153021,"Mordaza de alimentación de cinta"]
[23153022,"Alimentador mecánico"]
[23153023,"Arnés del alimentador"]
[23153024,"Mordaza de alimentación"]
[23153025,"Agarrador mecánico"]
[23153026,"Mordaza de soporte"]
[23153027,"Conjunto de mordaza"]
[23153028,"Mordaza estacionaria"]
[23153029,"Bloque de plantilla"]
[23153030,"Guías de desplazamiento lineal"]
[23153031,"Plantillas de medición"]
[23153032,"Plantilla de anillo"]
[23153033,"Placa de garganta"]
[23153034,"Rieles de máquina"]
[23153035,"Placa"]
[23153036,"Placas de cerrojo"]
[23153037,"Conjunto de rodillos de alimentación"]
[23153101,"Tope de paso"]
[23153102,"Limitador de papel"]
[23153103,"Almohadilla de topa"]
[23153129,"Limpiador de la vía de máquina"]
[23153130,"Soportes de máquina o aisladores de vibración"]
[23153131,"Placas o barras o cintas de desgaste"]
[23153132,"Deflectores de polvo"]
[23153133,"Diente de rueda de cadena"]
[23153134,"Rodillos de avance o de arrastre"]
[23153135,"Cubiertas de rodillos de avance"]
[23153136,"Conductores de aserrín"]
[23153137,"Cubiertas guardapolvos de máquina"]
[23153138,"Cabezales de corte o desbastado"]
[23153139,"Camas guía"]
[23153140,"Brazos articulados"]
[23153201,"Robots de pintura"]
[23153202,"Robots para levantar o poner"]
[23153203,"Robots de sellado adhesivo"]
[23153204,"Robots de soldadura"]
[23153301,"Taladradoras"]
[23153302,"Fresadora para escariador"]
[23153303,"Brocas o herramientas de moldeado"]
[23153305,"Machos de roscar o matrices de trefilar"]
[23153306,"Brocha de corte"]
[23153307,"Herramientas de tallar"]
[23153308,"Portaherramientas o monturas de herramienta graduables"]
[23153309,"Insertos graduables para herramientas de corte"]
[23153310,"Desbarbadores rotatorios"]
[23153311,"Servicios de trituración secundaria, regeneración o revestimiento para herramientas de corte"]
[23153312,"Herramientas de avellanado o escariado"]
[23153313,"Cuchillas o conjuntos de cuchillas de maquinaria"]
[23153401,"Sistemas de aplicación de pegante o adhesivo"]
[23153402,"Accesorios de ensamblaje"]
[23153403,"Ensamblaje especializado"]
[23153404,"Sistemas de ensamblaje para vehículos de chasis (vo)"]
[23153405,"Ensamblaje de componentes ilimitados"]
[23153406,"Líneas completas de tren motor"]
[23153407,"Dispositivo de montaje de superficies"]
[23153408,"Prueba de llenado"]
[23153409,"Multihusillo fijo de corredera roscada"]
[23153410,"Patines de carrocería"]
[23153411,"Inflado de montaje de llantas"]
[23153412,"Cizalla de guillotina"]
[23153413,"Aplicación de recepción (pu) de inserción de vidrio"]
[23153414,"Brazos articulados de movimiento giratorio"]
[23153415,"Acoplamiento automático del chasis"]
[23153416,"Componentes flexibles"]
[23153417,"Maquinas diversas para ensamble"]
[23153501,"Sistemas de aplicación de pintura"]
[23153502,"Caseta para reparación de pintura"]
[23153503,"Hornos de sistemas de pintura"]
[23153504,"Ingeniería o disposición de la planta de pintura"]
[23153505,"Sistema de pintura llave en mano"]
[23153506,"Sistema de pintura de fosfato o “e coat”"]
[23153507,"Taller de pintura variado"]
[23153508,"Sistemas diversos de pintura"]
[23161501,"Fuelles de fundición"]
[23161502,"Quemadores de fundición"]
[23161503,"Horno de secado del núcleo"]
[23161504,"Prensas de forja"]
[23161506,"Crisoles de fundición"]
[23161507,"Convertidores para fundición"]
[23161508,"Prensa para forja con matriz abierta"]
[23161509,"Máquinas de estampación de forjado"]
[23161510,"Máquinas fundidoras"]
[23161511,"Cilindros de forjar"]
[23161512,"Máquinas de forja radial"]
[23161513,"Prensas de moldeo en frío"]
[23161514,"Prensas de dimensionamiento o grabado en relieve"]
[23161515,"Máquinas de forja de extremos"]
[23161601,"Fuelles de fundición"]
[23161602,"Arcillas de fundición"]
[23161603,"Frascos de fundición"]
[23161605,"Cucharas de fundición"]
[23161606,"Troqueles de fundición"]
[23161607,"Arena de fundición"]
[23161608,"Palas de fundición"]
[23171501,"Aerosoles antisalpicaduras"]
[23171502,"Varillas de soldadura o soldadura con latón a gas"]
[23171504,"Sopletes"]
[23171505,"Polvo de hierro"]
[23171506,"Fluido de soldadura"]
[23171507,"Soldadores o pistolas para sueldas"]
[23171508,"Máquinas de soldar"]
[23171509,"Soldadura"]
[23171510,"Alambre soldador"]
[23171511,"Herramientas de soldadura"]
[23171512,"Varillas soldadoras"]
[23171513,"Rectificadores de soldadura"]
[23171514,"Generadores para soldadura"]
[23171515,"Electrodos para soldar"]
[23171517,"Sopletes"]
[23171518,"Maquinaria para soldadura de plasma"]
[23171519,"Maquinaria de soldadura de tungsteno a gas inerte (TIG)"]
[23171520,"Maquinaria de soldadura por ultrasonido"]
[23171521,"Maquinaria de soldadura por láser"]
[23171522,"Fundentes para soldar"]
[23171523,"Palos indicadores de temperatura"]
[23171524,"Anillos para soldar en fuerte"]
[23171525,"Aditivos soldantes"]
[23171526,"Aditivos desoldantes"]
[23171527,"Trencilla desoldante"]
[23171528,"Pantallas o cortinas para soldar"]
[23171529,"La soldadura o el kit"]
[23171530,"Estaciones de soldado, desoldado o mixtas"]
[23171531,"Pistola de desoldado"]
[23171532,"Bomba de desoldado"]
[23171533,"Fundentes de soldadura"]
[23171534,"Fundentes de soldadura fuerte"]
[23171535,"Puntas de corte o soldadura"]
[23171536,"Portaelectrodos"]
[23171537,"Limas limpiadoras de punta de soldadura o soldadura fuerte"]
[23171538,"Reacondicionadores de punta de soldadura o accesorios"]
[23171539,"Cuchillas de acondicionamiento de punta de soldadura"]
[23171540,"Maquinaria de soldadura al arco en atmósfera de gas inerte con electrodo consumible (MIG)"]
[23171541,"Aparato de corte o de soldadura fuerte o de soldadura por llama de gas"]
[23171602,"Cortadores de barras o varillas"]
[23171603,"Cortadores de cañerías o tubos"]
[23171604,"Cortadores de alambres o cables"]
[23171605,"Equipo para desbarbar"]
[23171606,"Tornos"]
[23171607,"Herramientas y troqueles para tornos"]
[23171608,"Herramientas de corte con láser"]
[23171609,"Brocas americanas"]
[23171610,"Escariadores"]
[23171611,"Contrataladros"]
[23171612,"Cortadores rotatorios de metales"]
[23171613,"Fresas"]
[23171614,"Limadores de engranajes"]
[23171615,"Cortadores de virutas"]
[23171616,"Equipo de mecanizado por chorro abrasivo"]
[23171617,"Herramientas de escariado"]
[23171618,"Insertos Indexables"]
[23171619,"Herramientas de perforación"]
[23171620,"Mandriles"]
[23171621,"Herramientas de inserción"]
[23171622,"Prensas de taller"]
[23171623,"Terminadoras"]
[23171701,"Máquinas de curvar tangentes"]
[23171702,"Máquinas de curvar laterales"]
[23171703,"Maquinaria de doblado de tubos"]
[23171704,"Mandriles para doblar tuberías"]
[23171705,"Codos de troquel"]
[23171706,"Máquina de moldeado continuo"]
[23171707,"Acabadores de terminales de tubos"]
[23171708,"Aterrajadoras"]
[23171801,"Moldes para estampar y formar"]
[23171802,"Moldes para matrizar"]
[23171803,"Moldes de estiramiento de metal por presión"]
[23171804,"Troqueles de cortar o labrar"]
[23171805,"Troqueles rotativos"]
[23171806,"Troqueles de acero de medida"]
[23171901,"Artefactos de Retención"]
[23171902,"Dispositivos de inspección o medición"]
[23171903,"Artefactos de útiles fabricados"]
[23171904,"Herramientas de fundición"]
[23171905,"Herramientas de Forjar"]
[23171906,"Herramientas de Montaje o Desmontaje"]
[23172001,"Rebabas"]
[23172002,"Relieve de forma"]
[23172003,"Máquina de roscar machos"]
[23172005,"Fábrica de máquina de acabar"]
[23172006,"Estampadores o troqueles para metal"]
[23172007,"Filos de sierra de banda para cortar metal"]
[23172008,"Filos de sierra circular para cortar metal"]
[23172009,"Insertos de carburo"]
[23172010,"Insertos cerámicos"]
[23172011,"Insertos de acero"]
[23172012,"Insertos de diamantes"]
[23172013,"Roscando molinos"]
[23172014,"Roscadoras o fileteadoras"]
[23172015,"Aterrajadoras"]
[23181501,"Maquinaria de llenado"]
[23181502,"Maquinaria de molido"]
[23181504,"Maquinaria de tamizado"]
[23181505,"Maquinaria para deshidratación"]
[23181506,"Maquinaria de lavado"]
[23181507,"Maquinaria de triturado"]
[23181508,"Máquinas blanqueadoras"]
[23181509,"Maquinaria de clasificación"]
[23181510,"Atadoras de carne"]
[23181511,"Conformadora"]
[23181512,"Enfriadora"]
[23181513,"Preespolvoreadora"]
[23181601,"Maquinaria para cortar en cubos"]
[23181602,"Máquina tajadora"]
[23181603,"Máquina picadora"]
[23181604,"Máquina cortadora"]
[23181605,"Máquina ralladora"]
[23181606,"Máquina peladora"]
[23181701,"Máquina para ahumar"]
[23181702,"Maquinaria para asar"]
[23181703,"Maquinaria para cocinar"]
[23181704,"Máquina para cocinar al vapor"]
[23181801,"Equipo y suministros para elaboración de café"]
[23181802,"Maquinaria para elaboración de zumos"]
[23181803,"Máquinas para hacer hielo"]
[23181804,"Máquinas para hacer helados"]
[23191001,"Mezcladora cambiadora"]
[23191002,"Mezcladora de cuchilla helicoidal"]
[23191003,"Mezcladora con doble brazo amasador"]
[23191004,"Mezcladoras intensivas"]
[23191005,"Mezcladoras de rodillo"]
[23191101,"Mezcladora de tornillo sencillo"]
[23191102,"Mezcladora de tornillo doble"]
[23191201,"Rastrillos de mezcladora"]
[23191202,"Cuchillas de mezcladora"]
[23201001,"Columnas de placa"]
[23201002,"Columnas cargadas"]
[23201003,"Contacto de líquido disperso"]
[23201004,"Columna de pared mojada"]
[23201005,"Columnas de burbuja"]
[23201101,"Recipiente absorbente"]
[23201102,"Recipiente absorbente a presión ambiental"]
[23201201,"Secadores atomizadores"]
[23201202,"Secadores de aire"]
[23211001,"Colocadores de chips"]
[23211002,"Maquinaria suministradora de pegamento"]
[23211101,"Sistemas de procesamiento de semiconductores"]
[23221001,"Sistema de descarga de jaulas"]
[23221002,"Lavador de jaulas"]
[23221101,"Aturdidor"]
[23221201,"Cortador de aves"]
[23231001,"Portaherramientas"]
[23231002,"Herramienta de carburo"]
[23231101,"Rueda de sierra de cinta"]
[23231102,"Guía de sierra"]
[23231201,"Espaciador de sierra"]
[23231202,"Eje de sierra"]
[23231301,"Rodillo alimentador"]
[23231302,"Rodillo de sujeción"]
[23231401,"Guía de alineación de la madera"]
[23231402,"Sierra cero"]
[23231501,"Barras portasierra"]
[23231502,"Eslinga de contenedor"]
[23231601,"Soporte de reborde"]
[23231602,"Rodillo de terminación"]
[23231701,"Deflector"]
[23231801,"Fijador de cuchilla"]
[23231901,"Lecho base"]
[23231902,"Placa trasera"]
[23231903,"Guía refrigerada por agua"]
[23232001,"Porta cuchillas"]
[23232101,"Soporte guía ajustable"]
[23232201,"Boquilla de pegamento"]
[24101501,"Carretas"]
[24101502,"Vehículos de transporte a grane"]
[24101503,"Vehículo dolly"]
[24101504,"Carretones de mano o accesorios"]
[24101505,"Camiones de pallets"]
[24101506,"Carretas de empujar"]
[24101507,"Carretillas"]
[24101508,"Plataformas rodantes"]
[24101509,"Vagones"]
[24101510,"Contenedor de basura plástico"]
[24101511,"Trolleys de estante"]
[24101512,"Bugies eléctricos"]
[24101601,"Ascensores"]
[24101602,"Montacargas"]
[24101603,"Elevadores forklift"]
[24101604,"Elevadores"]
[24101605,"Equipo de carga"]
[24101606,"Apiladoras"]
[24101608,"Malacates o güinches"]
[24101609,"Inclinadores"]
[24101610,"Manipuladores"]
[24101611,"Eslingas"]
[24101612,"Gatos"]
[24101613,"Bloques o poleas"]
[24101614,"Sacos de aire para cargar"]
[24101615,"Rampas de carga"]
[24101616,"Dispositivo debajo de gancho"]
[24101617,"Elevador de tijera"]
[24101618,"Instalador de tuberías"]
[24101619,"Puentes grúas"]
[24101620,"Camión grúas"]
[24101621,"Grúas todo terreno"]
[24101622,"Grúas para terrenos difíciles"]
[24101623,"Torre grúas"]
[24101624,"Grúas hidráulicas sobre camión"]
[24101625,"Camión grúas convencionales"]
[24101626,"Escaleras mecánicas o cintas rodantes"]
[24101627,"Troleys de viga"]
[24101628,"Horquillas ajustables"]
[24101629,"Accesorios o suministros de elevador forklift o transportador vertical"]
[24101630,"Grúas de taller"]
[24101631,"Tazas de succión"]
[24101632,"Izajes laterales"]
[24101633,"Tambores de elevación"]
[24101634,"Sacos de cadena"]
[24101701,"Rodillo transportador"]
[24101702,"Transbordadores a bolas"]
[24101703,"Acumuladoras de rocas"]
[24101704,"Alimentadores para banda transportadora"]
[24101705,"Tornillo de banda transportadora"]
[24101706,"Troles o vagonetas y accesorios"]
[24101707,"Banda transportadora sobre rieles"]
[24101708,"Banda transportadora extensible"]
[24101709,"Transportador de rodillos"]
[24101710,"Paradas de paquetes"]
[24101711,"Tornamesas"]
[24101712,"Bandas transportadoras"]
[24101713,"Aparato de cangilones"]
[24101714,"Bandas transportadoras aéreas"]
[24101715,"Sistema de bandas transportadoras"]
[24101716,"Poleas de banda transportadora"]
[24101717,"Rodillos de banda transportadora"]
[24101718,"Sujeciones de la banda transportadora"]
[24101719,"Cepillos de la banda transportadora"]
[24101721,"Cubierta de trolley"]
[24101722,"Banda transportadora de cadena"]
[24101723,"Rodillos o tambores motorizados"]
[24101724,"Bastidores de banda transportadora"]
[24101725,"Articulaciones o eslabones de banda transportadora"]
[24101726,"Revestimiento de la banda transportadora"]
[24101727,"Banda transportadora vibratoria"]
[24101728,"Soportes de la banda transportadora"]
[24101801,"Niveladores para muelles"]
[24101802,"Retenedoras para muelles"]
[24101803,"Rampas para muelles"]
[24101804,"Puertas de cintas"]
[24101805,"Parachoques para muelles"]
[24101806,"Escaleras para muelles"]
[24101807,"Planchas para muelles"]
[24101808,"Cuñas para ruedas"]
[24101809,"Carriles de muelle o accesorios"]
[24101901,"Abridores de canecas"]
[24101902,"Agarradores para canecas"]
[24101903,"Elevadores de canecas"]
[24101904,"Soportes para canecas"]
[24101905,"Cubierta de derrames"]
[24101906,"Recuperadores de canecas"]
[24101907,"Soportes de contención de derrames"]
[24102001,"Sistemas de estanterías para equipo electrónico montado sobre estantes"]
[24102002,"Manipuladores para recipientes"]
[24102004,"Estanterías para almacenaje"]
[24102005,"Sistemas automatizados de almacenaje o recuperación"]
[24102006,"Bancos de trabajo"]
[24102007,"Carretes de almacenamiento de estantes"]
[24102008,"Soportes de carretes portátiles"]
[24102101,"Equipo para manejo de carga"]
[24102102,"Carrusel de bodegaje"]
[24102103,"Encajadoras de bodegaje"]
[24102104,"Despaletizadoras"]
[24102105,"Paletizadoras"]
[24102106,"Equipo de retractilado industrial"]
[24102107,"Maquinaria para encartonar"]
[24102108,"Compactadores de empaque"]
[24102109,"Ganchos para sacos"]
[24102201,"Dispensadores de película elástica"]
[24102202,"Dispensadores de cinta para sellar cajas"]
[24102203,"Herramientas o equipos para sellar bolsas"]
[24102204,"Dispensador de zunchos"]
[24102208,"Infladores de aire"]
[24111501,"Bolsas de lona"]
[24111502,"Bolsas de papel"]
[24111503,"Bolsas plásticas"]
[24111505,"Contendedores de granel intermedios flexibles"]
[24111506,"Redes o bolsas de lavandería"]
[24111507,"Bolsas de herramientas"]
[24111508,"Bolsas de carpa"]
[24111509,"Bolsas de agua"]
[24111801,"Reservorios"]
[24111802,"Tanques o cilindros de aire o gas"]
[24111803,"Tanques de almacenamiento"]
[24111804,"Tanques de calibración"]
[24111805,"Tanques de productos químicos"]
[24111806,"Tanques de inmersión"]
[24111807,"Tanques de expansión"]
[24111808,"Tanques de almacenaje de combustible"]
[24111809,"Tanques de procesamiento"]
[24111810,"Tanques de almacenamiento de agua"]
[24111811,"Bombonas"]
[24111812,"Pileta de contención"]
[24111813,"Tanques de lavado"]
[24112003,"Tolvas no metálicas"]
[24112004,"Tolvas metálicas"]
[24112005,"Canastas metálicas"]
[24112006,"Canastas no metálicas"]
[24112101,"Toneles"]
[24112102,"Barriles"]
[24112108,"Tambores metálicos"]
[24112109,"Tambores no metálicos"]
[24112110,"Contenedores intermedios a granel"]
[24112111,"Estabilizador"]
[24112112,"Tapa de tambor"]
[24112204,"Cubos metálicos"]
[24112205,"Cubos no metálicos"]
[24112206,"Bidones metálicos para líquido inflamable"]
[24112207,"Bidones no metálicos para líquido inflamable"]
[24112208,"Conjunto pulverizador"]
[24112209,"Contenedor de paredes rectas"]
[24112401,"Cofres, cajas o armarios para herramientas"]
[24112402,"Armarios para materiales peligrosos"]
[24112403,"Cinturón para herramientas"]
[24112404,"Caja"]
[24112405,"Armarios"]
[24112406,"Compartimentos de caja o estantería"]
[24112407,"Buzones"]
[24112408,"Cajas antiestática"]
[24112409,"Tapas para cajas"]
[24112501,"Cartones acanalados ranurados"]
[24112502,"Cajas de transporte cortadas con troquel de una sola pieza"]
[24112503,"Cartones acanalados de transporte cortados con troquel con tapas separadas"]
[24112504,"Cajas moldeadas"]
[24112505,"Formas de cartón corrugado"]
[24112601,"Jarras"]
[24112602,"Frascos"]
[24121502,"Sacos o bolsas para empacar"]
[24121503,"Cajas para empacar"]
[24121504,"Empaques cardados"]
[24121506,"Cajas conductivas"]
[24121507,"Cajas instaladas rígidas"]
[24121508,"Cartones de huevos"]
[24121509,"Bandejas para empacar"]
[24121801,"Latas de aerosol"]
[24121802,"Latas de pintura o barniz"]
[24121803,"Latas de bebida"]
[24121804,"Latas de comida"]
[24121805,"Latas de acero"]
[24121806,"Latas de aluminio"]
[24121807,"Recipientes de plástico"]
[24122001,"Botellas para apretar"]
[24122002,"Botellas de plástico"]
[24122003,"Botellas de cristal"]
[24122004,"Tapones o tapas"]
[24122005,"Botellas de aplicador"]
[24122006,"Aplicador"]
[24131501,"Refrigerador y congelador combinado"]
[24131502,"Refrigeradores de nitrógeno líquido"]
[24131503,"Cuartos fríos"]
[24131504,"Contenedores refrigerados"]
[24131505,"Buques refrigerados"]
[24131506,"Tanques refrigerados"]
[24131601,"Congeladores horizontales"]
[24131602,"Congeladores verticales"]
[24131603,"Congeladores a bajas temperaturas"]
[24131604,"Equipo de secado por congelación"]
[24131605,"Cuartos fríos"]
[24131606,"Congeladores de placa"]
[24131607,"Congeladores de golpe de frío"]
[24131901,"Máquinas para hacer cubos de hielo"]
[24131902,"Máquinas para hacer bloques de hielo"]
[24141501,"Película elástica para envoltura"]
[24141502,"Láminas elásticas de embalaje"]
[24141504,"Sellos de seguridad a prueba de manipulación"]
[24141506,"Encerados"]
[24141507,"Película anti-estática para empacar"]
[24141508,"Soporte angular de cartón"]
[24141509,"Cuerda de goma,"]
[24141510,"Protectores de cables"]
[24141511,"Amarres de carga"]
[24141512,"Absorbentes de empaquetado"]
[24141513,"Empaques blíster"]
[24141514,"Películas para empacar"]
[24141515,"Red de protección"]
[24141601,"Empaque de burbujas"]
[24141602,"Materiales de termoformado"]
[24141603,"Amortiguación"]
[24141604,"Relleno"]
[24141605,"Materiales de empaque rellenos de aire"]
[24141606,"Bolitas de poliestireno"]
[24141607,"Separadores de cartón"]
[24141608,"Protecciones externas"]
[24141701,"Tubos o núcleos de papel"]
[24141702,"Tapones de extremidad tubo o núcleo"]
[24141703,"Piezas de papel"]
[24141704,"Instrucciones o insertos impresos"]
[24141705,"Tubos plegables"]
[24141706,"Carrete"]
[24141707,"Carretel"]
[24141708,"Asas de paquetes"]
[24141709,"Tubos o tapones de cápsulas"]
[25101501,"Minibuses"]
[25101502,"Autobuses"]
[25101503,"Carros"]
[25101504,"Station wagons"]
[25101505,"Minivans o vans"]
[25101506,"Limosinas"]
[25101507,"Camiones ligeros o vehículos utilitarios deportivos"]
[25101508,"Carro deportivo"]
[25101601,"Volquetas"]
[25101602,"Remolques"]
[25101604,"Camiones de reparto"]
[25101609,"Camiones de manipulación de sedimento y aguas residuales"]
[25101610,"Carrotanques"]
[25101611,"Camiones de carga"]
[25101701,"Camiones de bomberos y de rescate"]
[25101702,"Carros policiales"]
[25101703,"Ambulancias"]
[25101801,"Motocicletas"]
[25101802,"Scooters"]
[25101803,"Velomotores"]
[25101901,"Tractores agrícolas"]
[25101902,"Casas rodantes"]
[25101903,"Trineos motorizados o motos de nieve"]
[25101904,"Carritos de golf"]
[25101905,"Vehículos todoterreno de ruedas o de tracción"]
[25101906,"Karts"]
[25101907,"Remolques de camping o caravanas"]
[25101908,"Cuatrimoto"]
[25102001,"Tanques"]
[25102002,"Carros de combate acorazados"]
[25102003,"Artillería motorizada"]
[25102101,"Tractores delanteros de cabina baja"]
[25102102,"Tractomulas de nariz alargada con cama"]
[25102103,"Tractomulas de nariz alargada sin cama"]
[25102104,"Tractomulas con cabina encima del motor con cama"]
[25102105,"Tractomulas con cabina encima del motor sin cama"]
[25102106,"Cabezote"]
[25111501,"Barcos pesqueros"]
[25111502,"Botes de pesca"]
[25111503,"Buques de carga o de contenedores"]
[25111504,"Embarcación para dragados"]
[25111505,"Buques cisterna"]
[25111506,"Remolcadores"]
[25111507,"Barcazas"]
[25111508,"Transbordadores de pasajeros o vehículos"]
[25111509,"Buques de cruceros"]
[25111510,"Naves de salvamento"]
[25111511,"Barco de tripulación de gas o petróleo"]
[25111512,"Barco de trabajo de gas o petróleo"]
[25111513,"Barco para sísmica"]
[25111601,"Lanchas o balsas salvavidas"]
[25111602,"Nave para apagar incendios"]
[25111603,"Buques o botes de rescate"]
[25111701,"Submarinos"]
[25111702,"Portaviones"]
[25111703,"Barcos de munición"]
[25111704,"Barcos de asalto anfibio"]
[25111705,"Muelles anfibios de transporte"]
[25111706,"Buques anfibios de comando"]
[25111707,"Buques de comando"]
[25111708,"Buques de guerra"]
[25111709,"Destructores"]
[25111710,"Buques de desembarco"]
[25111711,"Buques de apoyo de combate rápido"]
[25111712,"Fragatas"]
[25111713,"Buques petroleros de escuadra"]
[25111714,"Embarcación de desembarque de uso general"]
[25111715,"Embarcación mecanizada o de uso general"]
[25111716,"Buques buscaminas"]
[25111717,"Buques dragaminas"]
[25111718,"Embarcaciones de patrulla costera"]
[25111719,"Buques nodriza para submarinos"]
[25111720,"Botes para desembarco de tanques"]
[25111721,"Embarcaciones de desembarque aerodeslizadas"]
[25111801,"Embarcaciones a vela de recreo"]
[25111802,"Lanchas de recreo a motor"]
[25111803,"Lanchas de recreo a remo"]
[25111804,"Canoas o kayaks"]
[25111805,"Artefactos a motor de uso personal"]
[25111806,"Balsas"]
[25111807,"Lanchas pequeñas"]
[25111808,"Yates"]
[25111901,"Sistemas de comunicaciones de embarcaciones marítimas"]
[25111902,"Hélices marítimas"]
[25111903,"Velas"]
[25111904,"Remos"]
[25111905,"Sistemas balísticos de la marina"]
[25111906,"Cuñas de ancla"]
[25111907,"Cables de ancla"]
[25111908,"Recuperadores de ancla"]
[25111909,"Rodillos de ancla"]
[25111910,"Rampas de embarcaciones"]
[25111911,"Bicheros"]
[25111912,"Recogedores de botavaras"]
[25111913,"Escotillas de cubierta"]
[25111914,"Argollas de amarre"]
[25111915,"Escaleras de muelle"]
[25111916,"Señales de teñido de emergencia"]
[25111917,"Alabantes"]
[25111918,"Sistemas de recogido de velas"]
[25111919,"Protectores de la quilla"]
[25111920,"Defensas"]
[25111921,"Cuellos de ganso marinos"]
[25111922,"Cabos de amarre"]
[25111923,"Bloqueos de remos"]
[25111924,"Reflectores de radar"]
[25111925,"Timones"]
[25111926,"Refuerzos de velas"]
[25111927,"Botavaras"]
[25111928,"Fundas de velas"]
[25111929,"Sacas"]
[25111930,"Palos de espinaquer"]
[25111931,"Plataformas de popa"]
[25111932,"Cortavientos"]
[25111933,"Relojes de mareas"]
[25111934,"Cañas de timones"]
[25111935,"Berlingas"]
[25121501,"Locomotoras diesel de carga"]
[25121502,"Locomotoras eléctricas de carga"]
[25121503,"Locomotoras diesel de pasajeros"]
[25121504,"Locomotoras eléctricas de pasajeros"]
[25121601,"Vagones de carga"]
[25121602,"Vagones cisterna"]
[25121603,"Vagones de pasajeros"]
[25121604,"Vagones tolva o góndolas"]
[25121605,"Tranvías"]
[25121701,"Sistemas de cambiavías"]
[25121702,"Traviesas"]
[25121703,"Vías férreas"]
[25121704,"Eclisas"]
[25121705,"Enganches de rieles"]
[25121706,"Aparatos de tracción"]
[25121707,"Conjuntos de bogie"]
[25131501,"Aeronave agrícola de ala fija"]
[25131502,"Avión de carga de hélice"]
[25131503,"Hidroaviones"]
[25131504,"Avión de hélice comercial de pasajeros"]
[25131505,"Avión jet de carga"]
[25131506,"Avión jet de pasajeros"]
[25131507,"Avión de hélice privado o de negocios"]
[25131508,"Jet privado o de negocios"]
[25131601,"Helicópteros de pasajeros"]
[25131602,"Helicópteros de carga"]
[25131603,"Helicópteros agrícolas"]
[25131604,"Helicópteros médicos o de rescate"]
[25131701,"Avión bombardero"]
[25131702,"Avión cazabombardero"]
[25131703,"Avión de caza"]
[25131704,"Avión de ataque"]
[25131705,"Aviones no tripulados objetivo o de reconocimiento"]
[25131706,"Hidroaviones militares"]
[25131707,"Aeronave de reconocimiento o vigilancia"]
[25131708,"Avión antisubmarino"]
[25131709,"Avión de transporte militar"]
[25131801,"Dirigibles"]
[25131902,"Helicópteros de transporte militar"]
[25131903,"Helicópteros de ataque"]
[25131904,"Helicópteros de reconocimiento"]
[25131905,"Helicópteros antisubmarinos"]
[25131906,"Aeronave de alas giratorias basculantes"]
[25132001,"Aerodeslizadores"]
[25132002,"Globos aerostáticos"]
[25132003,"Planeadores"]
[25132004,"Parapente"]
[25132005,"Aviones ultralivianos"]
[25151501,"Nave espacial tripulada"]
[25151502,"Estructuras de naves espaciales"]
[25151701,"Satélites de comunicación"]
[25151702,"Satélites meteorológicos"]
[25151703,"Satélites militares"]
[25151704,"Satélites científicos o de investigación"]
[25151705,"Satélites de navegación"]
[25151706,"Satélites geoestacionarios"]
[25151707,"Satélites de órbita cercana a la tierra"]
[25151708,"Satélites de órbita sincronizada con el sol"]
[25151709,"Satélites geo – sincronizados"]
[25161501,"Bicicletas de turismo"]
[25161502,"Monociclos"]
[25161503,"Triciclos"]
[25161504,"Bicicletas tándem"]
[25161505,"Bicicletas de montaña"]
[25161506,"Bicicletas de carreras"]
[25161507,"Bicicletas"]
[25161508,"Bicicletas reclinadas"]
[25161509,"Bicicletas para niños"]
[25171502,"limpiaparabrisas para automóviles"]
[25171503,"Limpiaparabrisas para locomotoras"]
[25171504,"Limpiaparabrisas marítimos"]
[25171505,"Limpiaparabrisas de camión"]
[25171506,"Bomba de lava parabrisas"]
[25171507,"Cuchillas limpiadoras"]
[25171602,"Sistemas de desescarchado y antiniebla para automóviles"]
[25171603,"Sistemas de desescarchado y antiniebla para trenes"]
[25171702,"Sistemas de frenado para automóviles"]
[25171703,"Sistemas de frenado para trenes"]
[25171704,"Chutes de arrastre"]
[25171705,"Rotores"]
[25171706,"Calibrador de frenaje"]
[25171707,"Freno de tambor"]
[25171708,"Freno de disco"]
[25171709,"Freno enfriado con líquido"]
[25171710,"Cilindros principales"]
[25171711,"Cilindros esclavos"]
[25171712,"Zapatas de freno de tambor"]
[25171713,"Almohadillas de discos de freno"]
[25171714,"Tambor de freno"]
[25171715,"Rotores de frenos de disco"]
[25171716,"Líneas de freno"]
[25171717,"Pistones de freno"]
[25171718,"Kits de reparación de frenos"]
[25171719,"Refuerzos de frenado"]
[25171901,"Rines o ruedas para automóviles"]
[25171902,"Ruedas para trenes"]
[25171903,"Rines o ruedas para camiones"]
[25171905,"Válvulas de neumáticos"]
[25172001,"Sistemas de suspensión para automóviles"]
[25172002,"Sistemas de suspensión para camiones"]
[25172003,"Amortiguadores para camiones"]
[25172004,"Amortiguadores para automóviles"]
[25172005,"Sistemas de suspensión para trenes"]
[25172007,"Puntales"]
[25172009,"Buje de automóvil"]
[25172010,"Barra anti -  ladeo"]
[25172011,"Amortiguadores de choque"]
[25172101,"Airbags"]
[25172104,"Cinturones de seguridad"]
[25172105,"Sistemas para evitar choques"]
[25172106,"Sistemas sensores de impacto"]
[25172108,"Apoyacabezas"]
[25172109,"Latas de propulsor de airbags"]
[25172110,"Pito de vehículo"]
[25172111,"Sistema remoto de bloqueo"]
[25172112,"Sistemas de control de la estabilidad del vehículo"]
[25172113,"Sistemas de control de la tracción del vehículo"]
[25172114,"Bloqueadores de ruedas"]
[25172201,"Puertas de automotores desmontables"]
[25172203,"Puertas de automotores"]
[25172204,"Puertas de persiana para camiones"]
[25172205,"Compuertas inferiores o puertas elevadoras"]
[25172301,"Parabrisas para automotores"]
[25172303,"Ventanas para automotores"]
[25172404,"Sistemas de almacenaje de combustible híbrido"]
[25172405,"Sistemas de inyección de combustible"]
[25172406,"Tanques de combustible"]
[25172407,"Elementos respiraderos"]
[25172408,"Tapas de aceite o combustible"]
[25172502,"Neumático para llantas de automóviles"]
[25172503,"Llantas para camiones pesados"]
[25172504,"Llantas para automóviles o camionetas"]
[25172505,"Llantas de bicicleta"]
[25172506,"Neumáticos de bicicleta"]
[25172507,"Cordón de llanta"]
[25172508,"Labrado de llanta"]
[25172601,"Acabados para automotores"]
[25172602,"Guardabarros"]
[25172603,"Parachoques para automotores"]
[25172604,"Espejos retrovisores"]
[25172605,"Parrillas de vehículos"]
[25172606,"Capós de vehículos"]
[25172607,"Paneles laterales de vehículos"]
[25172608,"Tableros"]
[25172702,"Sistemas de control medioambiental espacial"]
[25172703,"Sistemas de control medioambiental marítimo"]
[25172704,"Sistema control temperatura vehículo"]
[25172802,"Sistemas hidráulicos para automotores"]
[25172803,"Sistemas hidráulicos marítimos"]
[25172901,"Iluminación exterior para automóviles"]
[25172903,"Iluminación exterior para vagones de tren"]
[25172904,"Iluminación exterior para buques o barcos"]
[25172905,"Sistema para lavar o limpiar la farola delantera"]
[25172906,"Reflectores"]
[25172907,"Luz frontal del vehículo"]
[25173001,"Iluminación interior para automóviles"]
[25173003,"Iluminación interior para vagones de tren"]
[25173004,"Iluminación interior para buques o barcos"]
[25173005,"Ensamblajes de iluminación de las placas"]
[25173107,"Sistemas de posicionamiento global de vehículos"]
[25173108,"Sistemas de navegación vehicular"]
[25173303,"Sistemas de computador"]
[25173304,"Sistemas electrónicos de ignición"]
[25173701,"Convertidores catalíticos"]
[25173702,"Silenciadores de exhosto o resonadores"]
[25173703,"Colector de escape"]
[25173704,"Adaptadores de silenciadores"]
[25173705,"Amortiguadores de chispas"]
[25173801,"Ejes de manejo"]
[25173802,"Ejes no de manejo"]
[25173803,"Carcasas de eje"]
[25173804,"Husillos de giro de eje"]
[25173805,"Diferenciales"]
[25173806,"Juntas de velocidad constante"]
[25173807,"Ejes de cardán"]
[25173808,"Equipo de reparar ejes"]
[25173809,"Buje de eje"]
[25173810,"Juntas de cardán"]
[25173811,"Ejes de tracción"]
[25173812,"Transmisiones manuales"]
[25173813,"Transmisiones automáticas"]
[25173815,"Cables de embrague"]
[25173816,"Componentes hidráulicos de embrague"]
[25173817,"Cadenas de los engranajes conductores"]
[25173901,"Ignición"]
[25174001,"Ventilador"]
[25174002,"Radiadores de motor"]
[25174003,"Tapas de radiador"]
[25174004,"Refrigerante de motor"]
[25174101,"Salida de emergencia de vehículos"]
[25174102,"Techos permanentes convertibles"]
[25174103,"Techos duros desmontables"]
[25174104,"Techos blandos desmontables"]
[25174105,"Sistemas de rejillas de techo"]
[25174106,"Sunroofs o techos corredizos"]
[25174107,"Deflectores de viento"]
[25174201,"Sacos de dirección"]
[25174202,"Suspensión de dirección"]
[25174203,"Junta de bola"]
[25174204,"Sistema de dirección hidráulica"]
[25174205,"Bielas"]
[25174206,"Contramanivela"]
[25174207,"Varillas de dirección"]
[25174208,"Eje de bloqueo"]
[25174209,"Piñones"]
[25174210,"Cable de afinamiento de dirección hidráulica"]
[25174211,"Timones o volantes"]
[25174212,"Ensambles de columna de dirección"]
[25174213,"Ensambles de cilindro de dirección"]
[25174401,"Biseles"]
[25174402,"Consolas"]
[25174403,"Paneles de puerta"]
[25174404,"Tapizado del techo"]
[25174405,"Grupos de instrumentos"]
[25174406,"Paneles de instrumentos"]
[25174407,"Pedales"]
[25174408,"Puntos para energía o para encendedores"]
[25174409,"Visores de sol"]
[25174410,"Componentes y sistemas de sonido del vehículo"]
[25174601,"Fundas de asientos"]
[25174602,"Cojinería de asientos"]
[25174603,"Marcos de asientos"]
[25174701,"Pedales de bicicleta"]
[25181601,"Chasis para automóviles"]
[25181602,"Chasis para camiones"]
[25181603,"Bastidores de motos"]
[25181701,"Tráiler para contenedores"]
[25181702,"Tráiler cama alta"]
[25181703,"Remolques para ganado"]
[25181704,"Remolques carrotanque sin temperatura controlada"]
[25181705,"Remolques carrotanque con temperatura controlada"]
[25181706,"Remolques contenedor con temperatura controlada"]
[25181707,"Remolques para transporte de automóviles (niñeras)"]
[25181708,"Enganches de remolque"]
[25181709,"Pala cargadora"]
[25181710,"Placas de matrícula de tráiler"]
[25181711,"Remolque de motonieve"]
[25181712,"Remolque de motocicleta"]
[25181713,"Remolque de botes"]
[25191501,"Sistemas de entrenamiento de apoyo terrestre"]
[25191502,"Sistemas de ensayo o mantenimiento de apoyo terrestre"]
[25191503,"Sistemas integrados de información de mantenimiento"]
[25191504,"Simuladores de vuelo para aviones"]
[25191505,"Medios de carga y descarga para aviones"]
[25191506,"Equipo para recargar combustible de aviones"]
[25191507,"Equipo para deshielo de aviones"]
[25191508,"Pasarela telescópica para aviones"]
[25191509,"Tractores remolcadores para aviones"]
[25191510,"Unidades de potencia para pista aérea"]
[25191511,"Equipo de lavabos para aeronaves"]
[25191512,"Escalerillas transportables o rodantes"]
[25191513,"Kit de mantenimiento de vehículo de soporte en tierra"]
[25191514,"Barra de remolque de avión"]
[25191601,"Simuladores de vuelo de naves espaciales"]
[25191602,"Sistemas de suministro de carga para naves espaciales"]
[25191603,"Vehículos de lanzamiento líquido"]
[25191604,"Vehículos de lanzamiento sólido"]
[25191605,"Módulos de servicio para naves espaciales"]
[25191701,"Equipos de balanceo de llantas"]
[25191702,"Equipos de alineación de llantas"]
[25191703,"Máquinas para cambiar llantas"]
[25191704,"Pedestales de vehículo o motor"]
[25201501,"Spoilers de avión"]
[25201502,"Aletas de avión"]
[25201503,"Estabilizadores horizontales de avión"]
[25201504,"Aletas canard de avión"]
[25201505,"Listones de avión"]
[25201506,"Flaps o transmisión de flaps de avión"]
[25201507,"Timones de avión"]
[25201508,"Elevadores de avión"]
[25201509,"Alerones de avión"]
[25201510,"Propulsores de avión"]
[25201511,"Alas de avión"]
[25201512,"Fuselajes de avión"]
[25201513,"Cúpulas protectoras de la antena de avión"]
[25201514,"Rotores de avión"]
[25201515,"Ventilador de elevación de avión"]
[25201516,"Escudetes de avión"]
[25201517,"Muebles de avión"]
[25201518,"Dobladores de avión"]
[25201519,"Nervaduras de avión"]
[25201520,"Largueros de avión"]
[25201601,"Sistemas de control digital del altitud del avión"]
[25201602,"Faros de navegación de avión"]
[25201603,"Sistemas de seguimiento de aire a tierra"]
[25201604,"Sistemas de guía aeronáutica"]
[25201605,"Controles de volante de avión"]
[25201606,"Sistemas de control de la altitud del nave espacial"]
[25201701,"Sistemas de comunicación del avión"]
[25201702,"Registradores de datos de vuelo"]
[25201703,"Contramedidas de avión"]
[25201704,"Sistemas de codificación o de decodificación"]
[25201705,"Sistemas de telemetría de aeronaves"]
[25201706,"Electrónica de interfaz del avión"]
[25201707,"Giroscopio del avión"]
[25201708,"Cámaras de avión"]
[25201709,"Sondas o sensores de avión"]
[25201710,"Guías de onda del avión"]
[25201801,"Sistemas de computadores de vuelo"]
[25201802,"Módulos de comando de naves especiales"]
[25201901,"Sistemas de control o extinción de incendios en aeronaves"]
[25201902,"Sistemas de escape o eyección de aeronaves"]
[25201903,"Sistemas de advertencia del avión"]
[25201904,"Paracaídas"]
[25202001,"Células solares de la nave espacial"]
[25202002,"Formaciones solares de la nave espacial"]
[25202003,"Unidades de la fuente de alimentación de avión"]
[25202004,"Sistemas de grupo electrógeno de pista (apu)"]
[25202101,"Indicadores de la cabina aeroespacial"]
[25202102,"Medidores de la cabina aeroespacial"]
[25202103,"Paneles de despliegue aeroespacial de la cabina"]
[25202104,"Paneles de interruptores aeroespaciales de la cabina"]
[25202105,"Presentación visual de cabeza levantada (hud)"]
[25202201,"Sistemas de frenar del avión"]
[25202202,"Rampas de arrastre de avión"]
[25202203,"Ruedas de avión"]
[25202204,"Montajes del tren de aterrizaje"]
[25202205,"Llantas de avión"]
[25202206,"Controles anti – deslizamiento de avión"]
[25202301,"Cinturones de seguridad del avión"]
[25202302,"Arneses de seguridad del avión"]
[25202401,"Tanques interiores de combustible del avión"]
[25202402,"Depósitos desechables de combustible del avión"]
[25202403,"Tanques de propelente del avión"]
[25202404,"Sistemas híbridos de almacenaje de combustible de avión"]
[25202405,"Sistemas de manejo de combustible del avión"]
[25202406,"Post – impulsores"]
[25202501,"Sistemas hidráulicos de avión"]
[25202502,"Iluminación exterior de avión"]
[25202503,"Iluminación interior de avión"]
[25202504,"Limpiaparabrisas de avión"]
[25202505,"Sistemas de descongelación o sistemas de desempañar a bordo de avión"]
[25202506,"Puertas de avión"]
[25202507,"Ventanas de avión"]
[25202508,"Parabrisas de avión"]
[25202509,"Montajes de choque del avión"]
[25202510,"Conjuntos de anillo colector del avión"]
[25202601,"Controladores ambientales del avión"]
[25202602,"Reguladores ambientales del avión"]
[25202603,"Turbinas para enfriar el avión"]
[25202604,"Ventiladores para enfriar el avión"]
[25202605,"Intercambiadores de calor del avión"]
[25202606,"Separadores del agua del avión"]
[25202607,"Equipo del oxígeno del avión"]
[25202701,"Acumuladores hidráulicos del avión"]
[25202702,"Acumuladores neumáticos del avión"]
[26101501,"Motores hidráulicos"]
[26101502,"Motores neumáticos"]
[26101503,"Motores a gas"]
[26101504,"Motores diesel"]
[26101505,"Motores de vapor"]
[26101506,"Motores de turbina"]
[26101507,"Motores de turbina con hélice"]
[26101508,"Motores térmicos"]
[26101509,"Motores hidroeléctricos"]
[26101510,"Máquinas rotativas"]
[26101511,"Motores de turbina hidráulica"]
[26101512,"Motores turbohélice"]
[26101513,"Kit de reparación de motores"]
[26101601,"Motores de inducción"]
[26101602,"Motores de corriente alterna (CA)"]
[26101603,"Motores de corriente continua (CC)"]
[26101604,"Motores de corriente alterna (CA) o corriente continua (CC)"]
[26101605,"Dinamotores"]
[26101606,"Servomotores"]
[26101607,"Motores de par de torsión"]
[26101608,"Motores de cohetes de propulsante líquido"]
[26101609,"Motores sincrónicos"]
[26101610,"Motores de cohete con propulsión sólida"]
[26101611,"Motores monofásicos"]
[26101612,"Motores multifásicos"]
[26101613,"Motores hidráulicos"]
[26101614,"Motores escalonados"]
[26101615,"Alternadores"]
[26101616,"Motor neumático"]
[26101701,"Quemadores para aeronaves"]
[26101702,"Compresores de motor de avión"]
[26101703,"Difusores de motor de avión"]
[26101704,"Monturas de motor"]
[26101705,"Gatos de tornillo de los ejes motores del avión"]
[26101706,"Unidades de transmisión del avión"]
[26101707,"Ejes compensadores"]
[26101708,"Seguidores de la leva"]
[26101709,"Elevadores de árbol de levas"]
[26101710,"Carburadores"]
[26101711,"Bielas"]
[26101712,"Válvulas de ventilación del cárter"]
[26101713,"Culata de cilindro"]
[26101715,"Tapas de motor"]
[26101716,"Forjas del motor"]
[26101717,"Calentadores de motor"]
[26101718,"Sistemas de ignición de motor"]
[26101719,"Súper cargadores"]
[26101720,"Turbocargador"]
[26101721,"Poleas del motor"]
[26101723,"Lata de vapor de combustible"]
[26101724,"Tapón brillante"]
[26101725,"Medidores de varilla de aceite"]
[26101726,"Coladores de aceite"]
[26101727,"Anillo de pistón"]
[26101728,"Tubos de varilla de empuje"]
[26101729,"Bolas de brazo oscilante"]
[26101730,"Ejes de brazo oscilante"]
[26101731,"Brazos oscilantes"]
[26101732,"Bujía de encendido"]
[26101733,"Chorro de carburador"]
[26101734,"Diafragmas de carburador"]
[26101735,"Batea de aceite"]
[26101736,"Pistones"]
[26101737,"Cadena de distribución"]
[26101738,"Múltiples de entrada"]
[26101740,"Inyectores de combustible"]
[26101741,"Manguitos de motor"]
[26101742,"Distribuidores de inyección de combustible"]
[26101743,"Válvulas de motor"]
[26101747,"Varas de empuje"]
[26101748,"Volante de inercia del motor"]
[26101749,"Cigüeñal"]
[26101750,"Válvula de estrangulación"]
[26101751,"Controles electrónicos de motor"]
[26101754,"Asiento de válvula del motor"]
[26101755,"Guía de válvula"]
[26101756,"Adaptadores del carburador"]
[26101757,"Accesorios de las bujías"]
[26101758,"Ajustadores del balancín"]
[26101759,"Adaptadores del motor de arranque"]
[26101760,"Vástagos del estárter"]
[26101761,"Tapones del árbol de levas"]
[26101762,"Varillaje de los componentes del motor"]
[26101763,"Tapones del anticongelante"]
[26101764,"Revestimiento de los cilindros"]
[26101765,"Amortiguadores de vibración"]
[26101766,"Reguladores"]
[26101801,"Escobillas del motor"]
[26101802,"Armaduras"]
[26101803,"Rotores o estatores"]
[26101805,"Kits de reparación del motor"]
[26101806,"Adaptadores de soporte de motor"]
[26101807,"Bobinas de motor"]
[26101808,"Monturas o soportes de motor"]
[26101809,"Freno de motor"]
[26101903,"Árbol de distribución"]
[26101904,"Boquilla de inyección de combustible"]
[26101905,"Bloque de cilindros"]
[26111501,"Conmutadores"]
[26111503,"Dispositivos de velocidad regulables"]
[26111504,"Correas de la transmisión"]
[26111505,"Cadenas de la transmisión"]
[26111506,"Aparatos de movimiento rectilíneo"]
[26111508,"Despegues de energía"]
[26111509,"Culatas de transmisión"]
[26111510,"Árboles de transmisión"]
[26111512,"Ejes"]
[26111513,"Cadenas transmisoras de potencia"]
[26111514,"Uniones de charnela"]
[26111515,"Servo controlador"]
[26111516,"Transmisión escalonada o transmisión stepper o graduador escalonado"]
[26111517,"Portaengranajes"]
[26111518,"Puntal tensor"]
[26111519,"Convertidores de torque"]
[26111520,"Muñones"]
[26111521,"Cabeza del impulsor"]
[26111522,"Conjunto del impulsor"]
[26111523,"Topes de retención"]
[26111524,"Unidades de engranajes"]
[26111525,"Transmisiones de tambor"]
[26111526,"Motores de engranajes"]
[26111527,"Sistemas de control de movimiento integrados"]
[26111528,"Transmisiones hidrostáticas"]
[26111529,"Transmisiones hidrocinéticas"]
[26111530,"Leva de transmisión"]
[26111531,"Manguitos de la transmisión"]
[26111532,"Soportes o conjuntos del eje"]
[26111533,"Tensores de cadena"]
[26111534,"Cubos de la transmisión"]
[26111535,"Tornillos esféricos o conjuntos de tornillos esféricos"]
[26111601,"Generadores diesel"]
[26111602,"Generadores hidroeléctricos"]
[26111603,"Generadores eólicos"]
[26111604,"Generadores a gas"]
[26111605,"Generadores térmicos"]
[26111606,"Generadores hidráulicos"]
[26111607,"Generadores solares"]
[26111608,"Generadores de vapor"]
[26111701,"Baterías recargables"]
[26111702,"Pilas alcalinas"]
[26111703,"Baterías para vehículos"]
[26111704,"Cargadores de baterías"]
[26111705,"Pilas secas"]
[26111706,"Pilas electrónicas"]
[26111707,"Baterías de plomo-ácido"]
[26111708,"Baterías de ferroníquel"]
[26111709,"Baterías de níquel-cadmio"]
[26111710,"Bloques de pilas específicas para productos"]
[26111711,"Baterías de litio"]
[26111712,"Baterías de níquel- hidrógeno"]
[26111713,"Baterías térmicas"]
[26111714,"Zinc aire"]
[26111715,"Batería de carbono zinc"]
[26111716,"Batería de oxido de mercurio"]
[26111717,"Baterías del manganeso"]
[26111718,"Baterías de óxido de plata"]
[26111719,"Probadores de baterías"]
[26111720,"Soportes de batería"]
[26111721,"Baterías de níquel-hidruro metálico"]
[26111722,"Adaptador de batería o accesorios"]
[26111723,"Puertas, tapas o estantes de baterías"]
[26111724,"Kits de herramientas para baterías"]
[26111725,"Baterías de níquel-cloruro de sodio"]
[26111801,"Correas en v"]
[26111802,"Correas de distribución de engranaje"]
[26111803,"Correas redondas"]
[26111804,"Correas planas"]
[26111805,"Tensores de correa"]
[26111806,"Poleas de transmisión"]
[26111807,"Polea de distribución"]
[26111808,"Trantorque"]
[26111809,"Defensas de correa"]
[26111810,"Bridas de la polea de distribución"]
[26111901,"Embragues de placa"]
[26111902,"Embragues de diafragma"]
[26111903,"Embrague centrífugo"]
[26111904,"Embrague semi centrífugo"]
[26111905,"Embrague de rueda libre"]
[26111907,"Acoplamiento de fluido"]
[26111908,"Embragues de leva"]
[26111909,"Embragues eléctricos"]
[26111910,"Embragues hidráulicos"]
[26112001,"Placa de presión"]
[26112002,"Placa impulsada"]
[26112003,"Placas de embrague"]
[26112004,"Kits de reparación del embrague"]
[26112101,"Sistemas de frenos neumáticos o de aire"]
[26112102,"Sistemas de frenos hidráulicos"]
[26112103,"Sistemas de frenos mecánicos"]
[26112104,"Conjuntos de embrague de frenado"]
[26112105,"Sistemas de frenado eléctrico"]
[26121501,"Alambre calentador"]
[26121505,"Alambre para artefactos"]
[26121507,"Alambre para radio o televisión"]
[26121508,"Alambre para automoción o aviación"]
[26121509,"Alambre para imanes"]
[26121510,"Alambre de trole"]
[26121514,"Alambre subterráneo"]
[26121515,"Alambre de silicio-amianto (sa)"]
[26121517,"Hilo de cobre"]
[26121519,"Alambre de aluminio revestido de cobre"]
[26121520,"Alambre de cobre-acero"]
[26121521,"Alambre de bronce"]
[26121522,"Alambre pelado"]
[26121523,"Alambre forrado pero no aislado"]
[26121524,"Alambre aislado o forrado"]
[26121532,"Alambre para interconexiones"]
[26121533,"Alambre de kaptan"]
[26121534,"Alambre de poliamida"]
[26121536,"Cordón de extensión"]
[26121538,"Conjunto de cable"]
[26121539,"Cables para cableado"]
[26121540,"Cable galvanizado"]
[26121541,"Conductores de bus"]
[26121601,"Cable de calentamiento"]
[26121602,"Cable submarino"]
[26121603,"Cable de mando"]
[26121604,"Cable para señales"]
[26121605,"Cable para automoción o aviación"]
[26121606,"Cable coaxial"]
[26121607,"Cable de fibra óptica"]
[26121608,"Cable aéreo"]
[26121609,"Cable de redes"]
[26121610,"Cable de bronce"]
[26121611,"Cable desnudo"]
[26121612,"Cable forrado pero no aislado"]
[26121613,"Cable aislado o forrado"]
[26121614,"Cable de construcción"]
[26121615,"Cable para ser enterrado de forma directa"]
[26121616,"Cable de telecomunicaciones"]
[26121617,"Cable triaxial"]
[26121618,"Cable de poliqueno reticulado"]
[26121619,"Cable de floropolímero"]
[26121620,"Cable para interconexiones"]
[26121621,"Cable de kaptan"]
[26121622,"Cable de poliamida"]
[26121623,"Cable de radiofrecuencia (rf)"]
[26121624,"Cable plano o de cinta"]
[26121628,"Cables blindados"]
[26121629,"Cable de alimentación"]
[26121630,"Accesorios de cable"]
[26121631,"Cable coaxial exterior de planta"]
[26121632,"Cable de comunicaciones exterior de planta"]
[26121633,"Cable de telecomunicaciones exterior de planta"]
[26121634,"Cable de cobre"]
[26121635,"Rollos de cable"]
[26121636,"Cables de alimentación"]
[26121637,"Cable de fibra óptica de exterior"]
[26121701,"Cableado preformado de panel"]
[26121702,"Cableado preformado troncal"]
[26121703,"Cableado preformado de comunicación"]
[26121704,"Arnés de alambrado especial"]
[26121705,"Conjunto de cable de fibra óptica"]
[26131501,"Centrales eléctricas de diesel"]
[26131502,"Centrales eléctricas geotérmicas"]
[26131503,"Centrales hidroeléctricas"]
[26131504,"Centrales de gas"]
[26131505,"Centrales de energía  marina"]
[26131506,"Centrales de energía a petróleo"]
[26131507,"Centrales de energía solar"]
[26131508,"Centrales termoeléctricas"]
[26131509,"Central de energía eólica"]
[26131510,"Central térmica"]
[26131601,"Pantallas de agua móviles"]
[26131602,"Travesaños corredizos"]
[26131603,"Rejillas de agua"]
[26131604,"Filtros fijos"]
[26131605,"Estructuras de toma"]
[26131606,"Chimenea de acero"]
[26131607,"Chimenea de concreto"]
[26131608,"Chimeneas de ventilación o antorchas"]
[26131609,"Chimeneas de admisión"]
[26131610,"Chimeneas de derivación"]
[26131611,"Secciones de silenciador"]
[26131612,"Conductos de salida de escape"]
[26131613,"Juntas de dilatación de conductos de escape"]
[26131614,"Amortiguadores de cierre de la chimenea"]
[26131615,"Amortiguadores de desviación de escape"]
[26131616,"Amortiguadores de aislamiento de escape"]
[26131701,"Detectores de gases inflamables o peligrosos para generadores"]
[26131702,"Detectores de llama de sistemas de combustión de turbina de gas"]
[26131801,"Paneles de control eléctrico para generadores"]
[26131802,"Paneles de control de compresores"]
[26131803,"Paneles de protección o control de generadores"]
[26131804,"Paneles de control de turbina de gas"]
[26131805,"Centros de control de motor de baja tensión"]
[26131806,"Paneles de corriente alterna (CA) y corriente continua (CC) de baja tensión"]
[26131807,"Paneles de control de turbinas de vapor"]
[26131808,"Conmutadores de control de carga de subestación"]
[26131809,"Conmutadores de tensión pequeña"]
[26131810,"Conmutadores de tensión media"]
[26131811,"Reactores de limitación de intensidad"]
[26131812,"Conmutadores con aislamiento de gas"]
[26131813,"Conmutadores de desconexión de estaciones de maniobra"]
[26131814,"Disipador de sobretensiones de estaciones de maniobra"]
[26141601,"Combustible para conjunto subcrítico"]
[26141602,"Componentes para conjunto subcrítico"]
[26141603,"Moderador para conjunto subcrítico"]
[26141701,"Dosímetros de cámara de ionización"]
[26141702,"Dosímetros"]
[26141703,"Sistemas de dosimetría de patrón secundario"]
[26141704,"Dosímetros fantasma"]
[26141801,"Equipo teledirigido para recintos radiactivos"]
[26141802,"Aparato de visión teledirigido para recintos radiactivos"]
[26141803,"Puertas de blindaje para recintos radiactivos"]
[26141804,"Toma muestras para recintos radiactivos"]
[26141805,"Material de elaboración de muestras para recintos radiactivos"]
[26141806,"Herramientas especiales para recintos radiactivos"]
[26141807,"Ventanas de vidrio de plomo para recintos radiactivos"]
[26141808,"Sistemas de descontaminación para recintos radiactivos"]
[26141809,"Aparatos de penetración para recintos radiactivos"]
[26141901,"Sistemas nucleónicos industriales de medida de polvo en el aire"]
[26141902,"Sistemas nucleónicos industriales de medida de la densidad"]
[26141904,"Indicadores de nivel de líquido nucleónico industrial"]
[26141905,"Sistemas de medida de masa nucleónica industrial por unidad de mineral"]
[26141906,"Sistemas de medida de la humedad industrial nucleónica"]
[26141907,"Sistemas de medida el espesor industrial nucleónico"]
[26141908,"Sistemas de medida del flujo industrial nucleónico"]
[26141909,"Separadores de isótopos"]
[26141910,"Instalaciones de producción de isótopos"]
[26141911,"Medidores de actividad del calibrador de isótopos"]
[26142001,"Fuentes de irradiación gamma"]
[26142002,"Sistemas de imanes"]
[26142003,"Unidades electrónicas nucleares nim"]
[26142004,"Irradiadores de neutrones"]
[26142005,"Cápsulas para ensayos de irradiación"]
[26142006,"Sistema de transferencia de muestras de irradiación"]
[26142007,"Generadores de neutrones"]
[26142101,"Recipientes de irradiación de especímenes para reactores nucleares"]
[26142106,"Sistemas de varilla de mando para reactores nucleares"]
[26142108,"Instrumentación de flujo de neutrones incorporada al núcleo para reactores nucleares"]
[26142117,"Instrumentación de terremotos para reactores nucleares"]
[26142201,"Tubos con revestimiento para combustible nuclear"]
[26142202,"Sistemas de detección de fallo de elementos para reactores nucleares"]
[26142302,"Blindajes de plomo"]
[26142303,"Distintivo de película"]
[26142304,"Equipo radiográfico"]
[26142306,"Recipientes blindados contra la radiación"]
[26142307,"Cámaras de plomo para protección contra la radiación"]
[26142308,"Ladrillos de plomo para protección contra la radiación"]
[26142310,"Cajas selladas con guantes para protección contra la radiación"]
[26142311,"Ventanas para blindaje contra la radiación"]
[26142312,"Plomo para blindaje contra la radiación"]
[26142401,"Compactadores o incineradores para el tratamiento de residuos radiactivos"]
[26142402,"Absorbentes de radiaciones nucleares"]
[26142403,"Evaporadores, concentradores o secadores de energía atómica"]
[26142404,"Sistemas de inter - bloqueo de las puertas"]
[26142405,"Sistemas de dosificación de residuos radiactivos"]
[26142406,"Sistemas de solidificación de residuos radiactivos"]
[26142407,"Sistemas de eliminación de residuos radiactivos"]
[26142408,"Instalaciones para el tratamiento de residuos radiactivos"]
[27111501,"Hojas de cuchillo"]
[27111502,"Navajas de afeitar"]
[27111503,"Cuchillos de diversas aplicaciones"]
[27111504,"Navajas de bolsillo"]
[27111505,"Sets para manicure"]
[27111506,"Cizallas"]
[27111507,"Cortadores de metal"]
[27111508,"Sierras"]
[27111509,"Barrenas"]
[27111510,"Herramientas para desforrar"]
[27111511,"Cortadores de alambres"]
[27111512,"Cortadores de pernos"]
[27111513,"Cortadores de manguera"]
[27111514,"Cortadores de vidrio"]
[27111515,"Taladro de mano"]
[27111516,"Alicates de perforación"]
[27111517,"Dispensadores o juegos de hojas de cuchilla"]
[27111518,"Herramienta para engastar y doblar alambre"]
[27111519,"Tijeras para estaño"]
[27111520,"Rompetuercas"]
[27111521,"Recortadoras de chapa de uña vibratoria"]
[27111601,"Mazas de hierro"]
[27111602,"Martillos"]
[27111603,"Yunques"]
[27111604,"Hachas de mano"]
[27111605,"Picas"]
[27111607,"Herramientas de recalcar"]
[27111608,"Enderezadores manuales de cables"]
[27111609,"Enderezadores eléctricos de cables"]
[27111701,"Destornilladores"]
[27111702,"Llaves para tuercas"]
[27111703,"Juegos de enchufes"]
[27111704,"Enchufes"]
[27111705,"Llaves de tuercas de boca cerrada"]
[27111706,"Llave de tuercas de boca abierta"]
[27111707,"Llaves ajustables"]
[27111708,"Llaves para tubos"]
[27111709,"Extractor de tornillos"]
[27111710,"Llaves allen"]
[27111711,"Trinquetes"]
[27111712,"Extractores"]
[27111713,"Llaves de combinación"]
[27111714,"Llaves de especialidad"]
[27111715,"Llaves de torsión"]
[27111716,"Llave torx"]
[27111717,"Extractores de tubería"]
[27111718,"Extractores de grifo"]
[27111720,"Llave manual en t para grifos"]
[27111721,"Manivelas"]
[27111722,"Troqueleras"]
[27111723,"Llaves de tubo"]
[27111724,"Llaves de gancho"]
[27111725,"Llaves tubulares de desplazamiento"]
[27111726,"Llaves de tuercas"]
[27111727,"Llaves macho con mango en t"]
[27111801,"Cintas métricas"]
[27111802,"Escalas"]
[27111803,"Escuadras"]
[27111804,"Plomadas"]
[27111806,"Calibrador de clavos"]
[27111807,"Bordes rectos"]
[27111809,"Biseles"]
[27111810,"Buscadores de pernos"]
[27111901,"Cortafríos"]
[27111902,"Limas"]
[27111903,"Cepillos de carpintero"]
[27111904,"Raspa"]
[27111905,"Esmeriladoras"]
[27111906,"Cinceles de madera"]
[27111907,"Cepillos de alambre"]
[27111908,"Piedras o herramientas o equipos de afilar"]
[27111909,"Espátulas"]
[27111910,"Buriles"]
[27111911,"Formones"]
[27112001,"Machetes"]
[27112002,"Azadones"]
[27112003,"Rastrillos"]
[27112004,"Palas"]
[27112005,"Hachas"]
[27112006,"Guadañas"]
[27112007,"Tijeras de podar"]
[27112008,"Azadas"]
[27112009,"Raspadores"]
[27112010,"Horquilla de jardín"]
[27112011,"Mangos de herramientas"]
[27112012,"Criba jardinera"]
[27112013,"Excavadora de hoyos para postes"]
[27112014,"Cortadora de pasto"]
[27112015,"Escarificador de prados"]
[27112016,"Tijeras para setos"]
[27112017,"Barras de cavar o barretones"]
[27112101,"Dobladores de tubos"]
[27112102,"Tornillos de banco"]
[27112103,"Pinza de mano"]
[27112104,"Tenazas"]
[27112105,"Pinzas"]
[27112106,"Alicates de guardalínea"]
[27112107,"Alicates boquianchos ajustables"]
[27112108,"Alicates de punta de aguja"]
[27112109,"Herramientas magnéticas"]
[27112110,"Pinzas de anillo de retención"]
[27112111,"Alicates de lagarto"]
[27112112,"Tenazas de ranura y lengüeta"]
[27112113,"Alicates de articulación movible o de ranura"]
[27112114,"Pinzas de corte diagonal"]
[27112115,"Pinzas de cerrado"]
[27112116,"Pinzas de cerca"]
[27112117,"Tenazas de corte final"]
[27112119,"Cambiador de bombilla de luz"]
[27112120,"Grapas c"]
[27112121,"Grapa de ángulo"]
[27112122,"Alicates de hoja metálica"]
[27112123,"Prensa de mesa"]
[27112124,"Tensionadores"]
[27112125,"Alicates de punta redonda"]
[27112126,"Alicates planos"]
[27112127,"Llaves de cinta"]
[27112128,"Alicates de punta curvada"]
[27112129,"Abrazaderas de mango redondo"]
[27112130,"Abrazaderas de tres garras"]
[27112131,"Abrazadera para la apertura de mandíbula"]
[27112132,"Abrazaderas de fijación"]
[27112133,"Abrazaderas con mango en t"]
[27112134,"Alicates de punta larga"]
[27112201,"Palustres"]
[27112202,"Palustres o llanas de madera"]
[27112203,"Bordeadoras"]
[27112205,"Vibradores de concreto"]
[27112301,"Hierro de marcar"]
[27112302,"Punzones o alwznas"]
[27112303,"Punzón de trazar"]
[27112304,"Líneas de marcar con tiza"]
[27112305,"Marcadores o soportes de metal"]
[27112306,"Sellos de metal"]
[27112401,"Pistolas de grapas"]
[27112402,"Ribeteadoras"]
[27112403,"Colocadores de abrazaderas"]
[27112404,"Herramientas para poner anclajes"]
[27112405,"Calentadores de pernos"]
[27112406,"Pistolas de etiquetado"]
[27112407,"Desprendedor de etiqueta de seguridad"]
[27112501,"Herramientas curvatubos"]
[27112502,"Palancas"]
[27112503,"Dobladoras de tubos"]
[27112504,"Cuñas"]
[27112505,"Ganchos para empaquetaduras"]
[27112506,"Manchas de impresión"]
[27112601,"Espátulas para enmasillar"]
[27112602,"Herramientas de calafateado"]
[27112701,"Fuelles eléctricos"]
[27112702,"Pulidoras eléctricas"]
[27112703,"Taladradoras eléctricas"]
[27112704,"Amoladora eléctricas"]
[27112705,"Martillos de demolición"]
[27112706,"Cepillos eléctricos"]
[27112707,"Cuchillas eléctricas"]
[27112708,"Lijadoras eléctricas"]
[27112709,"Sierras eléctricas"]
[27112710,"Pistolas de tornillos eléctricas"]
[27112711,"Pistolas de grapas eléctricas"]
[27112712,"Ribeteadoras eléctricas"]
[27112713,"Aprietatuercas neumático de percusión"]
[27112714,"Pistolas de calafateo eléctricas"]
[27112715,"Martillos cinceladores eléctricos"]
[27112716,"Pistolas de clavos eléctricas"]
[27112717,"Pistolas de calor"]
[27112718,"Grabadores"]
[27112719,"Pistolas para engomar"]
[27112720,"Herramientas de par de torsión"]
[27112721,"Juntador de capas de material"]
[27112801,"Brocas"]
[27112802,"Hojas de sierra"]
[27112803,"Fresadoras con mango"]
[27112804,"Troqueles o punzones de estampar"]
[27112805,"Troqueles de roscado"]
[27112806,"Machos de roscado"]
[27112807,"Cuñas"]
[27112808,"Anillos metálicos"]
[27112809,"Portaherramientas"]
[27112810,"Equipos para reparar roscas"]
[27112811,"Árboles"]
[27112812,"Avellanadores"]
[27112813,"Vara de extensión"]
[27112814,"Brocas de destornillador"]
[27112815,"Brocas para poner tuercas"]
[27112818,"Sombreretes o revestimientos de prensas de tornillo"]
[27112819,"Cuchillas de corte para encuadernación"]
[27112820,"Troqueles de herramienta engarzadora de lengüetas"]
[27112821,"Brocas de buriladora"]
[27112822,"Adaptadores de cubo"]
[27112823,"Cadenas de corte"]
[27112824,"Portabrocas"]
[27112825,"Juegos de plantillas de herramienta"]
[27112826,"Caladora"]
[27112901,"Pistolas de grasa"]
[27112902,"Chimeneas industriales"]
[27112903,"Rociador manual"]
[27112904,"Pistola de resina"]
[27112905,"Lata de aceite"]
[27112906,"Pistolas de calafateado"]
[27112907,"Separadores de difusión"]
[27112908,"Pistola de aceite"]
[27113001,"Cepillos de aruñar"]
[27113002,"Cepillos de tubo"]
[27113003,"Cepillos de aplicar"]
[27113004,"Cepillos de extensor"]
[27113101,"Cinta guía"]
[27113102,"Tirador de fusible"]
[27113103,"Buril"]
[27113201,"Conjuntos generales de herramientas"]
[27113202,"Kit de herramientas para ajustar rodamiento"]
[27113203,"Kit de herramienta para computadores"]
[27113204,"Kits de electricista"]
[27121501,"Suspensiones a presión retornables"]
[27121502,"Bastidores de prensa hidráulica"]
[27121503,"Columnas de prensa hidráulica"]
[27121601,"Pistones de cilindro"]
[27121602,"Cilindros hidráulicos"]
[27121603,"Vástagos de pistón de cilindro hidráulico"]
[27121604,"Kits de reparación de cilindro hidráulico o sus componentes"]
[27121605,"Cuerpos de cilindro hidráulico"]
[27121606,"Soportes de montaje para cilindros hidráulicos"]
[27121701,"Conectores hidráulicos rápidos"]
[27121702,"Injertos o injertos dobles hidráulicos"]
[27121703,"Férulas"]
[27121704,"Uniones hidráulicas"]
[27121705,"Codos hidráulicos o de compresión"]
[27121706,"Tuercas de férula"]
[27121707,"Conectores de pliegue"]
[27126101,"Elevadores de tapas de registro"]
[27126102,"Acumuladores hidráulicos"]
[27131501,"Llaves de impacto neumático"]
[27131502,"Pistola de aire comprimido"]
[27131504,"Martillo neumático"]
[27131505,"Taladro neumático"]
[27131506,"Clavadora de clavos neumática"]
[27131507,"Máquinas de lijado neumáticas"]
[27131508,"Motores neumáticos"]
[27131509,"Acumuladores neumáticos"]
[27131510,"Depósitos de acumulador"]
[27131511,"Rectificadoras neumáticas"]
[27131512,"Destornillador neumático"]
[27131601,"Múltiples de aire"]
[27131603,"Reguladores de aire"]
[27131604,"Lubricadores neumáticos"]
[27131605,"Cortina de aire"]
[27131608,"Conos o almohadillas de vacío"]
[27131609,"Silenciadores neumáticos"]
[27131610,"Kits de reparación del engrasador o el regulador"]
[27131613,"Acoplamiento neumático"]
[27131614,"Adaptadores neumáticos"]
[27131701,"Cilindros neumáticos"]
[27131702,"Accesorios de vástago de cilindro neumático"]
[27131703,"Pistones de cilindro neumático"]
[27131704,"Vástagos de pistón de cilindro neumático"]
[27131705,"Cuerpo de cilindro neumático"]
[27131706,"Capacetes de cilindro neumático"]
[27131707,"Kits de reparación de cilindro neumático o sus componentes"]
[27131708,"Soportes de montaje para cilindros neumáticos"]
[27131709,"Anillos amortiguadores de cilindro neumático"]
[27141001,"Herramientas de recorte o moldeo"]
[27141101,"Extractor del volante"]
[30101501,"Ángulos de aleación ferrosa"]
[30101502,"Ángulos de aleación no ferrosa"]
[30101503,"Ángulos de hierro"]
[30101504,"Ángulos de acero"]
[30101505,"Ángulos de acero inoxidable"]
[30101506,"Ángulos de aluminio"]
[30101507,"Ángulos de magnesio"]
[30101508,"Ángulos de titanio"]
[30101509,"Ángulos de cobre"]
[30101510,"Ángulos de latón"]
[30101511,"Ángulos de bronce"]
[30101512,"Ángulos de zinc"]
[30101513,"Ángulos de estaño"]
[30101514,"Ángulos de plomo"]
[30101515,"Ángulos de plástico"]
[30101516,"Ángulos de caucho"]
[30101517,"Ángulos de metales preciosos"]
[30101601,"Barras de aleación ferrosa"]
[30101602,"Barras de aleación no ferrosa"]
[30101603,"Barras de hierro"]
[30101604,"Barras de acero"]
[30101605,"Barras de acero inoxidable"]
[30101606,"Barras de aluminio"]
[30101607,"Barras de magnesio"]
[30101608,"Barras de titanio"]
[30101609,"Barras de cobre"]
[30101610,"Barras de latón"]
[30101611,"Barras de bronce"]
[30101612,"Barras de cinc"]
[30101613,"Barras de estaño"]
[30101614,"Barras de plomo"]
[30101615,"Barras de plástico"]
[30101616,"Barras de metal precioso"]
[30101617,"Barras de madera"]
[30101618,"Barras de caucho"]
[30101701,"Vigas de aleación ferrosa"]
[30101702,"Vigas de aleación no ferrosa"]
[30101703,"Vigas de hierro"]
[30101704,"Vigas de acero"]
[30101705,"Vigas de acero inoxidable"]
[30101706,"Vigas de aluminio"]
[30101707,"Vigas de magnesio"]
[30101708,"Vigas de titanio"]
[30101709,"Vigas de cobre"]
[30101710,"Vigas de latón"]
[30101711,"Vigas de bronce"]
[30101712,"Vigas de zinc"]
[30101713,"Vigas de estaño"]
[30101714,"Vigas de plomo"]
[30101715,"Vigas de plástico"]
[30101716,"Vigas de caucho"]
[30101717,"Vigas de concreto"]
[30101718,"Vigas de metales preciosos"]
[30101801,"Conductos de aleación ferrosa"]
[30101802,"Conductos de aleación no ferrosa"]
[30101803,"Conductos de hierro"]
[30101804,"Conductos de acero"]
[30101805,"Conductos de acero inoxidable"]
[30101806,"Conductos de aluminio"]
[30101807,"Conductos de magnesio"]
[30101808,"Conductos de titanio"]
[30101809,"Conductos de cobre"]
[30101810,"Conductos de latón"]
[30101811,"Conductos de bronce"]
[30101812,"Conductos de zinc"]
[30101813,"Conductos de estaño"]
[30101814,"Conductos de plomo"]
[30101815,"Conductos de plástico"]
[30101816,"Conductos de caucho"]
[30101817,"Conductos de metales preciosos"]
[30101901,"Bobina de aleación ferrosa"]
[30101902,"Bobina de aleación no ferrosa"]
[30101903,"Bobina de hierro"]
[30101904,"Bobina de acero"]
[30101905,"Bobina de acero inoxidable"]
[30101906,"Bobina de aluminio"]
[30101907,"Bobina de magnesio"]
[30101908,"Bobina de titanio"]
[30101909,"Bobina de cobre"]
[30101910,"Bobina de latón"]
[30101911,"Bobina de bronce"]
[30101912,"Bobina de cinc"]
[30101913,"Bobina de estaño"]
[30101914,"Bobina de plomo"]
[30101915,"Bobina de plástico"]
[30101916,"Bobina de metales preciosos"]
[30101918,"Acero perforado"]
[30101919,"Acero estampado en relieve"]
[30101920,"Aduja de fibra comprimida"]
[30101921,"Aduja de fibra y goma"]
[30101922,"Aduja de grafito"]
[30101923,"Bobina de chapa de aluminio"]
[30102001,"Lámina de aleación ferrosa"]
[30102002,"Lámina de aleación no ferrosa"]
[30102003,"Lámina de hierro"]
[30102004,"Lámina de acero"]
[30102005,"Lámina de acero inoxidable"]
[30102006,"Lámina de aluminio"]
[30102007,"Lámina de magnesio"]
[30102008,"Lámina de titanio"]
[30102009,"Lámina de cobre"]
[30102010,"Lámina de latón"]
[30102011,"Lámina de bronce"]
[30102012,"Lámina de zinc"]
[30102013,"Lámina de estaño"]
[30102014,"Lámina de plomo"]
[30102015,"Lámina de plástico"]
[30102201,"Placa de aleación ferrosa"]
[30102202,"Placa de aleación no ferrosa"]
[30102203,"Placa de hierro"]
[30102204,"Placa de acero"]
[30102205,"Placa de acero inoxidable"]
[30102206,"Placa de aluminio"]
[30102207,"Placa de magnesio"]
[30102208,"Placa de titanio"]
[30102209,"Placa de cobre"]
[30102210,"Placa de latón"]
[30102211,"Placa de bronce"]
[30102212,"Placa de zinc"]
[30102213,"Placa de estaño"]
[30102214,"Placa de plomo"]
[30102215,"Placa de plástico"]
[30102216,"Placa de caucho"]
[30102217,"Placa de concreto"]
[30102218,"Placa de metales preciosos"]
[30102220,"Placa de níquel"]
[30102301,"Perfiles de aleación ferrosa"]
[30102302,"Perfiles de aleación no ferrosa"]
[30102303,"Perfiles de hierro"]
[30102304,"Perfiles de acero"]
[30102305,"Perfiles de acero inoxidable"]
[30102306,"Perfiles de aluminio"]
[30102307,"Perfiles de magnesio"]
[30102308,"Perfiles de titanio"]
[30102309,"Perfiles de cobre"]
[30102310,"Perfiles de latón"]
[30102311,"Perfiles de bronce"]
[30102312,"Perfiles de zinc"]
[30102313,"Perfiles de estaño"]
[30102314,"Perfiles de plomo"]
[30102315,"Perfiles de plástico"]
[30102316,"Perfiles de caucho"]
[30102401,"Varillas de aleación ferrosa"]
[30102402,"Varillas de aleación no ferrosa"]
[30102403,"Varillas de hierro"]
[30102404,"Varillas de acero"]
[30102405,"Varillas de acero inoxidable"]
[30102406,"Varillas de aluminio"]
[30102407,"Varillas de magnesio"]
[30102408,"Varillas de titanio"]
[30102409,"Varillas de cobre"]
[30102410,"Varillas de latón"]
[30102411,"Varillas de bronce"]
[30102412,"Varillas de zinc"]
[30102413,"Varillas de estaño"]
[30102414,"Varillas de plomo"]
[30102415,"Varillas de plástico"]
[30102416,"Varillas de caucho"]
[30102417,"Varillas de níquel"]
[30102501,"Chapa de aleación ferrosa"]
[30102502,"Chapa de aleación no ferrosa"]
[30102503,"Chapa de hierro"]
[30102504,"Chapa de acero"]
[30102505,"Chapa de acero inoxidable"]
[30102506,"Chapa de aluminio"]
[30102507,"Chapa de magnesio"]
[30102508,"Chapa de titanio"]
[30102509,"Chapa de cobre"]
[30102510,"Chapa de latón"]
[30102511,"Chapa de bronce"]
[30102512,"Chapa de cinc"]
[30102513,"Chapa de estaño"]
[30102514,"Chapa de plomo"]
[30102515,"Chapa de plástico"]
[30102516,"Chapa de caucho"]
[30102517,"Chapa blindada"]
[30102518,"Chapa de aleación de berilio"]
[30102519,"Chapa de metal chapado"]
[30102520,"Chapa de níquel"]
[30102521,"Hoja de goma de espuma"]
[30102522,"Hoja de corcho y caucho"]
[30102523,"Hoja de fibra comprimida"]
[30102524,"Hoja de fibra comprimida con metal inserto"]
[30102525,"Hoja de fibra y goma"]
[30102526,"Láminas de asbesto"]
[30102601,"Banda de acero ferroso"]
[30102602,"Banda de acero no ferroso"]
[30102603,"Banda de hierro"]
[30102604,"Banda de acero"]
[30102605,"Banda de acero inoxidable"]
[30102606,"Banda de aluminio"]
[30102607,"Banda de magnesio"]
[30102608,"Banda de titanio"]
[30102609,"Banda de cobre"]
[30102610,"Banda de latón"]
[30102611,"Banda de bronce"]
[30102612,"Banda de cinc"]
[30102613,"Banda de estaño"]
[30102614,"Banda de plomo"]
[30102615,"Banda de plástico"]
[30102616,"Banda de caucho"]
[30102801,"Pilares de aluminio"]
[30102802,"Pilares de concreto"]
[30102803,"Pilares de acero"]
[30102901,"Postes de cemento o concreto"]
[30102903,"Postes de metal"]
[30102904,"Postes de madera"]
[30102905,"Postes de plástico"]
[30102906,"Postes de fibra de vidrio"]
[30103001,"Sistema de ejes de acero"]
[30103002,"Sistema de ejes de acero inoxidable"]
[30103101,"Rieles de acero"]
[30103102,"Rieles de aluminio"]
[30103103,"Rieles de metal"]
[30103201,"Rejilla de acero"]
[30103202,"Rejilla de acero inoxidable"]
[30103203,"Rejilla de aluminio"]
[30103204,"Rejilla de fibra de vidrio"]
[30103205,"Rejilla de hierro"]
[30103206,"Rejilla de plástico"]
[30103301,"Moldura de aluminio"]
[30103302,"Moldura de latón"]
[30103303,"Molduras de bronce"]
[30103304,"Molduras de cobre"]
[30103305,"Molduras de plomo"]
[30103306,"Molduras de cinc"]
[30103307,"Molduras de acero"]
[30103308,"Molduras de titanio"]
[30103309,"Molduras de magnesio"]
[30103310,"Molduras de metal precioso"]
[30103311,"Molduras de metales no ferrosos"]
[30103312,"Molduras de metales ferrosos"]
[30103313,"Molduras no metálicas"]
[30103401,"Lingotes de aluminio"]
[30103402,"Lingotes de latón"]
[30103403,"Lingotes de plomo"]
[30103404,"Lingotes de cinc"]
[30103405,"Lingotes de acero"]
[30103406,"Lingotes de magnesio"]
[30103407,"Lingotes de bronce"]
[30103408,"Lingotes de cobre"]
[30103409,"Lingotes de titanio"]
[30103410,"Lingotes de metal precioso"]
[30103411,"Lingotes de estiramiento por presión de aleación ferrosa"]
[30103412,"Lingotes de estiramiento por presión de aleación no ferrosa"]
[30103413,"Lingotes no metálicos"]
[30103501,"Núcleo de panal de aluminio"]
[30103502,"Núcleo de panal de magnesio"]
[30103503,"Núcleo de panal de espuma"]
[30103504,"Núcleo de panal de plástico"]
[30103505,"Núcleo de panal de madera"]
[30103506,"Núcleo de panal de metal ferroso"]
[30103507,"Núcleo de panal de bronce"]
[30103508,"Núcleo de panal de cobre"]
[30103509,"Núcleo de panal de acero"]
[30103510,"Núcleo de panal de plomo"]
[30103511,"Núcleo de panal de zinc"]
[30103512,"Núcleo de panal de titanio"]
[30103513,"Núcleo de panal de latón"]
[30103514,"Núcleo de panal de metal no ferroso"]
[30103515,"Núcleo de panal de metales preciosos"]
[30103601,"Vigas de madera"]
[30103602,"Vigas compuestas de madera"]
[30103603,"Madera para marcos"]
[30103604,"Revestimiento o láminas de madera"]
[30103605,"Tablones de madera"]
[30103606,"Armazones de madera"]
[30103607,"Viguetas de madera"]
[30103608,"Postes de madera o postes telefónicos"]
[30103701,"Trenza de acero inoxidable"]
[30111501,"Concreto aireado"]
[30111502,"Concreto conductor"]
[30111503,"Concreto aislante"]
[30111504,"Morteros"]
[30111601,"Cemento"]
[30111602,"Cal clorada"]
[30111603,"Cal hidráulica"]
[30111604,"Cal apagada"]
[30111605,"Cal magra"]
[30111606,"Lechada de cemento"]
[30111607,"Cal viva"]
[30111701,"Enlucido de yeso"]
[30121501,"Alquitrán de carbón hulla"]
[30121503,"Creosota"]
[30121601,"Asfalto"]
[30121602,"Brea"]
[30121603,"Gilsonita"]
[30121604,"Residuos de alquitrán o petróleo"]
[30121605,"Marcos de pozo con tapas del registro"]
[30131501,"Bloques de cemento"]
[30131502,"Bloques de concreto"]
[30131503,"Bloques de piedra"]
[30131504,"Bloques de cerámica"]
[30131601,"Ladrillos de cemento"]
[30131602,"Ladrillos de cerámica"]
[30131603,"Ladrillos de concreto"]
[30131604,"Ladrillos de piedra"]
[30131701,"Azulejos o baldosas de cemento"]
[30131702,"Losas o baldosas de piedra"]
[30131703,"Losas o baldosas de concreto"]
[30131704,"Losas o baldosas de cerámica"]
[30131705,"Lápidas"]
[30141501,"Burletes"]
[30141503,"Aislamiento de espuma"]
[30141505,"Revestimiento de aislamiento térmico"]
[30141508,"Aislamiento de fibra"]
[30141510,"Barrido de puerta"]
[30141511,"Película de ventana"]
[30141512,"Kits de aislamiento térmico"]
[30141513,"Ladrillos aislantes térmicos"]
[30141601,"Aislación acústica"]
[30141602,"Revestimiento de aislamiento no térmico"]
[30141603,"Escudos térmicas"]
[30151501,"Techado prearmado"]
[30151502,"Valles de techo"]
[30151503,"Textiles de techado"]
[30151504,"Cartones para techar"]
[30151505,"Membranas para techos"]
[30151506,"Tejas"]
[30151507,"Huelgos"]
[30151508,"Tejas de asfalto"]
[30151509,"Armazones"]
[30151510,"Tejados de pizarra"]
[30151601,"Plafones de tejado"]
[30151602,"Planchas de escurrimiento"]
[30151603,"Parada de grava"]
[30151604,"Brochas para techos"]
[30151605,"Drenajes de tejados"]
[30151606,"Ruedas de trapo para techos"]
[30151607,"Claraboyas de ventilación"]
[30151608,"Sofitos"]
[30151609,"Bordes de tejado"]
[30151610,"Escarificadores de tejado"]
[30151701,"Boquillas de bajantes"]
[30151702,"Dinteles para goteo"]
[30151703,"Canaletas"]
[30151704,"Bloques contra salpicaduras"]
[30151801,"Postigos"]
[30151802,"Recubrimiento"]
[30151803,"Empalmes de revestimiento de paredes"]
[30151804,"Chapas para esquinas"]
[30151805,"Estucado"]
[30151806,"Muros de bloque de vidrio"]
[30151901,"Toldos"]
[30151902,"Marquesinas"]
[30152001,"Cercado de metal"]
[30152002,"Cercado de madera"]
[30152003,"Vallado de fibrocemento"]
[30152101,"Acero de perdigones"]
[30161501,"Fibra prensada"]
[30161502,"Papel de colgadura"]
[30161503,"Drywall"]
[30161504,"Protectores de esquinas"]
[30161505,"Paneles o empanelado"]
[30161507,"Compuestos unión Albarrada"]
[30161508,"Rodillo de papel de colgadura"]
[30161509,"Tabla de yeso"]
[30161601,"Baldosines acústicos para techos"]
[30161602,"Paneles para techos"]
[30161603,"Encofrados"]
[30161604,"Sistemas de cielo raso"]
[30161701,"Alfombrado"]
[30161702,"Pisos de madera"]
[30161703,"Linóleo"]
[30161705,"Pisos de caucho"]
[30161706,"Pisos de baldosa o piedra"]
[30161707,"Pisos de vinilo"]
[30161708,"Alfombras de nudos"]
[30161709,"Alfombras de penachos"]
[30161710,"Pisos laminados"]
[30161711,"Alfombras para exteriores"]
[30161712,"Perfiles laminados para suelos"]
[30161713,"Almohadilla para alfombras"]
[30161714,"Suelo de corcho"]
[30161715,"Enrejados de madera"]
[30161716,"Separadores de azulejos"]
[30161717,"Pisos para accesos"]
[30161718,"Piso de acero antideslizante"]
[30161719,"Fieltro para alfombras"]
[30161801,"Armarios"]
[30161802,"Encimeras"]
[30161901,"Puertas de rejilla"]
[30161902,"Columnas"]
[30161903,"Paneles de madera"]
[30161904,"Cornisas"]
[30161905,"Cercos de puertas"]
[30161906,"Moldes"]
[30161907,"Escaleras"]
[30161908,"Piezas de escaleras"]
[30171501,"Puertas de cristal"]
[30171502,"Puertas de pantalla"]
[30171503,"Puertas rodantes"]
[30171504,"Puertas de madera"]
[30171505,"Puertas de metal"]
[30171506,"Contrapuertas"]
[30171507,"Marcos de puertas o quicios"]
[30171508,"Puertas corrediza empotrable"]
[30171509,"Puertas giratorias"]
[30171510,"Puertas automáticas"]
[30171511,"Puerta de vaivén"]
[30171512,"Abridores de puertas"]
[30171513,"Rodapiés"]
[30171514,"Cerradores de puertas"]
[30171604,"Ventanas de guillotina"]
[30171605,"Ventanas de apertura horizontal"]
[30171606,"Ventanas giratorias"]
[30171607,"Ventanas con hoja de desplazamiento horizontal"]
[30171608,"Ventanas basculantes o de montante"]
[30171609,"Ventanas fijas"]
[30171610,"Miradores"]
[30171611,"Ventana de miradores"]
[30171612,"Ventanas salientes"]
[30171613,"Paredes de vidrio"]
[30171614,"Pantallas de ventana"]
[30171615,"Ventanas francesas o puerta – ventanas"]
[30171701,"Adoquines"]
[30171703,"Vidrio biselado"]
[30171704,"Vidrio con plomo"]
[30171705,"Vidrio laminado"]
[30171706,"Vidrio templado"]
[30171707,"Vidrio de seguridad"]
[30171708,"Vidrio flotado"]
[30171709,"Vidrio con alambre incrustado"]
[30171801,"Claraboyas fijas"]
[30171802,"Claraboyas con ventilación"]
[30171803,"Claraboyas de tubo"]
[30171901,"Marcos para ventanas de guillotina"]
[30171902,"Marcos para ventanas de apertura horizontal"]
[30171903,"Marcos para ventanas giratorias"]
[30171904,"Marcos para ventanas con hojas de desplazamiento horizontal"]
[30171905,"Marcos para ventanas basculantes o de montante"]
[30171906,"Marcos para ventanas fijas"]
[30172001,"Puerta de barra sencilla"]
[30172002,"Puerta de doble barra"]
[30181501,"Tinas o bañeras"]
[30181502,"Bidés"]
[30181503,"Duchas"]
[30181504,"Lavamanos"]
[30181505,"Inodoros o excusados"]
[30181506,"Orinales"]
[30181507,"Cerramientos para bañeras o duchas"]
[30181508,"Divisiones de baños"]
[30181509,"Plato del jabón"]
[30181510,"servilletero"]
[30181511,"Inodoros o excusados"]
[30181512,"Asientos de inodoro"]
[30181513,"Tapas de inodoro"]
[30181514,"Tapa de tanque del inodoro"]
[30181515,"Tanque del inodoro"]
[30191501,"Escaleras"]
[30191502,"Andamios"]
[30191505,"Taburete escalonado"]
[30191601,"Barandas"]
[30191602,"Estabilizadores de andamiaje"]
[30191603,"Piso del andamiaje"]
[30201501,"Silos"]
[30201502,"Invernaderos"]
[30201601,"Casas"]
[30201602,"Casas móviles"]
[30201603,"Cabañas"]
[30201604,"garajes"]
[30201605,"Cenador"]
[30201606,"Cocinas domésticas"]
[30201701,"Oficinas en la fábrica"]
[30201702,"Cabinas de rociado"]
[30201703,"Cobertizos para almacenaje"]
[30201704,"Salas limpias"]
[30201705,"Garitas"]
[30201706,"Aseos portátiles"]
[30201707,"Almacenes"]
[30201708,"Auditorio"]
[30201710,"Cocinas de oficinas"]
[30201711,"Jardín de invierno"]
[30201712,"Cabina telefónica"]
[30201801,"Refugios"]
[30201802,"Tiendas de campaña para emergencias"]
[30201803,"Unidades para contenedores"]
[30201901,"Unidades médicas"]
[30201902,"Unidades de laboratorio"]
[30201903,"Unidades dentales"]
[30201904,"Unidades quirúrgicas"]
[30221001,"Paseos de Tiendas"]
[30221002,"Estructuras de aparcamiento"]
[30221003,"Cafetería"]
[30221004,"Edificios de tiendas"]
[30221005,"Centro comercial"]
[30221006,"Cantina"]
[30221007,"Teatro"]
[30221009,"Mercado"]
[30221010,"Zona de juegos infantiles"]
[30221011,"Zoo"]
[30221012,"Jardines"]
[30221013,"Parques"]
[30221014,"Servicios de recreo al lado del agua"]
[30222001,"Puentes de Acero"]
[30222002,"Dique Seco"]
[30222003,"Estación de autobuses"]
[30222004,"Garaje de autobuses"]
[30222005,"Edificio del área de servicios"]
[30222006,"Estación de tranvías"]
[30222007,"Depósito de trenes"]
[30222008,"Estación de metro"]
[30222009,"Edificio de la estación terminal"]
[30222010,"Depósito terminal"]
[30222011,"Coches de tranvías"]
[30222012,"Edificio del aeropuerto"]
[30222013,"Torre de control del aeropuerto"]
[30222014,"Campo de aterrizaje"]
[30222015,"Pista de rodadura"]
[30222016,"Aparcamiento"]
[30222017,"Muelle de embarque"]
[30222018,"Zona de acople con pasillos móviles"]
[30222019,"Embarcadero"]
[30222020,"Marina"]
[30222021,"Puerto deportivo"]
[30222022,"Rompeolas"]
[30222023,"Malecón"]
[30222024,"Edificio de la terminal del ferry"]
[30222025,"Terminal de carga rodante"]
[30222026,"Faro"]
[30222027,"Puente de carretera"]
[30222028,"Puente de ferrocarril"]
[30222029,"Puente para peatones"]
[30222030,"Viaducto para carretera"]
[30222031,"Viaducto para el tren"]
[30222032,"Paso subterráneo"]
[30222033,"Paso elevado"]
[30222034,"Túnel"]
[30222035,"Acueductos"]
[30222036,"Túnel para carretea"]
[30222037,"Túnel para ferrocarril"]
[30222038,"Túnel para peatones"]
[30222039,"Túnel para canal"]
[30222040,"Túnel para conducir un río"]
[30222041,"Túnel submarino"]
[30222042,"Autopista"]
[30222043,"Cruce de carreteras"]
[30222044,"Anillo de carretera"]
[30222045,"Carretera principal"]
[30222046,"Carretera secundaria"]
[30222047,"Carretera de acceso"]
[30222048,"Carretera bifurcada"]
[30222049,"Doble carril"]
[30222050,"Simple carril"]
[30222051,"Encuentro de carreteras"]
[30222052,"Paso de peatones"]
[30222053,"Paso elevado para peatones"]
[30222054,"Sendero de caminantes"]
[30222055,"Sendero de bicicletas"]
[30222056,"Puente para pasar un oleoducto"]
[30222057,"Oleoducto"]
[30222058,"Estación de bombeo"]
[30222059,"Estaciones de bombeo alcantarillado"]
[30222060,"Sumidero de alcantarilla"]
[30222061,"Terreno de aparcamiento"]
[30222063,"Area de servicios de carretera"]
[30222101,"Oficina de correos"]
[30222102,"Banco"]
[30222103,"Comisaría de policía"]
[30222104,"Palacio de justicia"]
[30222105,"Edificio de la cárcel"]
[30222106,"Estación de bomberos"]
[30222107,"Estación de ambulancias"]
[30222108,"Edificio para albergue de montaña"]
[30222109,"Estación de barcos de socorro"]
[30222110,"Edificio de los guardacostas"]
[30222111,"Estación de servicios de rescate"]
[30222112,"Centro cívico"]
[30222113,"Crematorio"]
[30222114,"Galería de arte"]
[30222115,"Monumentos prehistóricos"]
[30222116,"Oficina de admisión"]
[30222201,"Estación de radar"]
[30222202,"Subestación"]
[30222203,"Estación de energía nuclear"]
[30222204,"Depósito elevado de agua"]
[30222205,"Aljibes"]
[30222206,"Estación móvil de telefonía"]
[30222207,"Presa"]
[30222208,"Plataformas petroleras o de gas"]
[30222301,"Escuelas"]
[30222302,"Politécnico"]
[30222303,"Centro de formación profesional"]
[30222304,"Sala de conferencias"]
[30222305,"Biblioteca"]
[30222306,"Laboratorio de lenguas"]
[30222307,"Edificio para laboratorios"]
[30222308,"Estaciones meteorológicas"]
[30222309,"Servicios de investigación o medición"]
[30222401,"Clínica"]
[30222402,"Guardería infantil"]
[30222403,"Teatro operativo"]
[30222404,"Unidad de cuidados intensivos"]
[30222405,"Sala de diagnóstico radiológico"]
[30222406,"Sala de radiología"]
[30222407,"Sala de fluoroscopia"]
[30222408,"Sala de patología"]
[30222409,"Sala de cateterismo"]
[30222501,"Casas residenciales"]
[30222502,"Pisos"]
[30222503,"Orfanato"]
[30222504,"Centro de asistencia de día"]
[30222505,"Residencia de jubilados"]
[30222506,"Residencia de ancianos"]
[30222507,"Hotel"]
[30222601,"Estadio"]
[30222602,"Campo de deportes"]
[30222603,"Pista de carreras"]
[30222604,"Pabellón deportivo"]
[30222605,"Balneario"]
[30222606,"Gimnasio"]
[30222607,"Piscina de natación"]
[30222608,"Servicios de deportes acuáticos"]
[30222701,"Oficinas"]
[30222702,"Instalaciones de almacenamiento en frío"]
[30222703,"Mercancías de almacén"]
[30222801,"Granero"]
[30222802,"Vaquería"]
[30222803,"Canal de riego"]
[30222901,"Casamata militar"]
[30222902,"Refugio militar"]
[30222903,"Barracones"]
[30222904,"Comedor de oficiales"]
[30223001,"Capillas"]
[30223002,"Templos"]
[30223003,"Mezquitas"]
[31101501,"Piezas de aluminio fundidas a presión"]
[31101502,"Piezas de aleación ferrosa fundidas a presión"]
[31101503,"Piezas de hierro fundidas a presión"]
[31101504,"Piezas de aleación no ferrosa fundidas a presión"]
[31101505,"Piezas de acero inoxidable fundidas a presión"]
[31101506,"Piezas de acero fundidas a presión"]
[31101507,"Piezas de magnesio fundidas a presión"]
[31101508,"Piezas de cinc fundidas a presión"]
[31101509,"Piezas de estaño fundidas a presión"]
[31101510,"Piezas de titanio fundidas a presión"]
[31101511,"Piezas de berilio fundidas a presión"]
[31101512,"Piezas de metal precioso fundidas a presión"]
[31101513,"Piezas de cobre fundidas a presión"]
[31101514,"Piezas de plomo fundidas a presión"]
[31101515,"Piezas de latón fundidas a presión"]
[31101516,"Piezas de bronce fundidas a presión"]
[31101601,"Fundición en arena de aleación no ferrosa"]
[31101602,"Fundición en arena de aleación ferrosa"]
[31101603,"Fundición en arena de acero"]
[31101604,"Fundición en arena de acero inoxidable"]
[31101605,"Moldeos en arena de hierro"]
[31101606,"Fundición en arena de aluminio"]
[31101607,"Fundición en arena de magnesio"]
[31101608,"Fundición en arena de titanio"]
[31101609,"Fundición en arena de berilio"]
[31101610,"Fundición en arena de cobre"]
[31101611,"Fundición en arena de latón"]
[31101612,"Fundición en arena de bronce"]
[31101613,"Fundición en arena de zinc"]
[31101614,"Fundición en arena de estaño"]
[31101615,"Fundición en arena de plomo"]
[31101616,"Fundición en arena de metal precioso"]
[31101701,"Objetos de aleación no ferrosa fundidos en molde fijo"]
[31101702,"Objetos de aleación ferrosa fundidos en molde fijo"]
[31101703,"Objetos de acero fundidos en molde fijo"]
[31101704,"Objetos de acero inoxidable fundidos en molde fijo"]
[31101705,"Objetos de hierro fundidos en molde fijo"]
[31101706,"Objetos de aluminio fundidos en molde fijo"]
[31101707,"Objetos de magnesio fundidos en molde fijo"]
[31101708,"Objetos de titanio fundidos en molde fijo"]
[31101709,"Objetos de berilio fundidos en molde fijo"]
[31101710,"Objetos de cobre fundidos en molde fijo"]
[31101711,"Objetos de latón fundidos en molde fijo"]
[31101712,"Objetos de bronce fundidos en molde fijo"]
[31101713,"Objetos de zinc fundidos en molde fijo"]
[31101714,"Objetos de estaño fundidos en molde fijo"]
[31101715,"Objetos de plomo fundidos en molde fijo"]
[31101716,"Objetos de metal precioso fundidos en molde fijo"]
[31101801,"Objetos de aleación no ferrosa fundidos por moldeo en cáscara"]
[31101802,"Objetos de aleación ferrosa fundidos por moldeo en cáscara"]
[31101803,"Objetos de acero fundidos por moldeo en cáscara"]
[31101804,"Objetos de acero inoxidable fundidos por moldeo en cáscara"]
[31101805,"Piezas de hierro fundidas por moldeo en cáscara"]
[31101806,"Objetos de aluminio fundidos por moldeo en cáscara"]
[31101807,"Objetos de magnesio fundidos por moldeo en cáscara"]
[31101808,"Objetos de titanio fundidos por moldeo en cáscara"]
[31101809,"Objetos de berilio fundidos por moldeo en cáscara"]
[31101810,"Objetos de cobre fundidos por moldeo en cáscara"]
[31101811,"Objetos de latón fundidos por moldeo en cáscara"]
[31101812,"Objetos de bronce fundidos por moldeo en cáscara"]
[31101813,"Objetos de zinc fundidos por moldeo en cáscara"]
[31101814,"Objetos de estaño fundidos por moldeo en cáscara"]
[31101815,"Objetos de plomo fundidos por moldeo en cáscara"]
[31101816,"Objetos de metal precioso fundidos por moldeo en cáscara"]
[31101901,"Objetos de aleación no ferrosa fundidos a la cera perdida"]
[31101902,"Objetos de aleación ferrosa fundidos a la cera perdida"]
[31101903,"Objetos de acero fundidos a la cera perdida"]
[31101904,"Objetos de acero inoxidable fundidos a la cera perdida"]
[31101905,"Objetos de hierro fundidos a la cera perdida"]
[31101906,"Objetos de aluminio fundidos a la cera perdida"]
[31101907,"Objetos de magnesio fundidos a la cera perdida"]
[31101908,"Objetos de zinc fundidos a la cera perdida"]
[31101909,"Objetos de estaño fundidos a la cera perdida"]
[31101910,"Objetos de plomo fundidos a la cera perdida"]
[31101911,"Objetos de metal precioso fundidos a la cera perdida"]
[31101912,"Objetos de titanio fundidos a la cera perdida"]
[31102001,"Objetos de fundición centrífuga de aleación no ferrosa"]
[31102002,"Objetos de fundición centrífuga de aleación ferrosa"]
[31102003,"Objetos de fundición centrífuga de acero"]
[31102004,"Objetos de fundición centrífuga de acero inoxidable"]
[31102005,"Objetos de fundición centrífuga de hierro"]
[31102006,"Objetos de fundición centrífuga de aluminio"]
[31102007,"Objetos de fundición centrífuga de magnesio"]
[31102008,"Objetos de fundición centrífuga de titanio"]
[31102009,"Objetos de fundición centrífuga de berilio"]
[31102010,"Objetos de fundición centrífuga de cobre"]
[31102011,"Objetos de fundición centrífuga de latón"]
[31102012,"Objetos de fundición centrífuga de bronce"]
[31102013,"Objetos de fundición centrífuga de zinc"]
[31102014,"Objetos de fundición centrífuga de estaño"]
[31102015,"Objetos de fundición centrífuga de plomo"]
[31102016,"Objetos de fundición centrífuga de metal precioso"]
[31102101,"Objetos de aleación no ferrosa fundidos en molde cerámico"]
[31102102,"Objetos de aleación ferrosa fundidos en molde cerámico"]
[31102103,"Objetos de acero fundidos en molde cerámico"]
[31102104,"Objetos de acero inoxidable fundidos en molde cerámico"]
[31102105,"Objetos de hierro fundidos en molde cerámico"]
[31102106,"Objetos de aluminio fundidos en molde cerámico"]
[31102107,"Objetos de magnesio fundidos en molde cerámico"]
[31102108,"Objetos de titanio fundidos en molde cerámico"]
[31102109,"Objetos de berilio fundidos en molde cerámico"]
[31102110,"Objetos de cobre fundidos en molde cerámico"]
[31102111,"Objetos de latón fundidos en molde cerámico"]
[31102112,"Objetos de bronce fundidos en molde cerámico"]
[31102113,"Objetos de zinc fundidos en molde cerámico"]
[31102114,"Objetos de estaño fundidos en molde cerámico"]
[31102115,"Objetos de plomo fundidos en molde cerámico"]
[31102116,"Objetos de metal precioso fundidos en molde cerámico"]
[31102201,"Objetos de aleación no ferrosa fundidos en molde de grafito"]
[31102202,"Objetos de aleación ferrosa fundidos en molde de grafito"]
[31102203,"Objetos de acero fundidos en molde de grafito"]
[31102204,"Objetos de acero inoxidable fundidos en molde de grafito"]
[31102205,"Objetos de hierro fundidos en molde de grafito"]
[31102206,"Objetos de aluminio fundidos en molde de grafito"]
[31102207,"Objetos de magnesio fundidos en molde de grafito"]
[31102208,"Objetos de titanio fundidos en molde de grafito"]
[31102209,"Objetos de berilio fundidos en molde de grafito"]
[31102210,"Objetos de cobre fundidos en molde de grafito"]
[31102211,"Objetos de latón fundidos en molde de grafito"]
[31102212,"Objetos de bronce fundidos en molde de grafito"]
[31102213,"Objetos de zinc fundidos en molde de grafito"]
[31102214,"Objetos de estaño fundidos en molde de grafito"]
[31102215,"Objetos de plomo fundidos en molde de grafito"]
[31102216,"Objetos de metal precioso fundidos en molde de grafito"]
[31102301,"Objetos de aleación no ferrosa fundidos en molde de yeso"]
[31102302,"Objetos de aleación ferrosa fundidos en molde de yeso"]
[31102303,"Objetos de acero fundidos en molde de yeso"]
[31102304,"Objetos de acero inoxidable fundidos en molde de yeso"]
[31102305,"Objetos de hierro fundidos en molde de yeso"]
[31102306,"Objetos de aluminio fundidos en molde de yeso"]
[31102307,"Objetos de magnesio fundidos en molde de yeso"]
[31102308,"Objetos de titanio fundidos en molde de yeso"]
[31102309,"Objetos de berilio fundidos en molde de yeso"]
[31102310,"Objetos de cobre fundidos en molde de yeso"]
[31102311,"Objetos de latón fundidos en molde de yeso"]
[31102312,"Objetos de bronce fundidos en molde de yeso"]
[31102313,"Objetos de zinc fundidos en molde de yeso"]
[31102314,"Objetos de estaño fundidos en molde de yeso"]
[31102315,"Objetos de plomo fundidos en molde de yeso"]
[31102316,"Objetos de metal precioso fundidos en molde de yeso"]
[31102401,"Objetos de aleación no ferrosa fundidos por proceso en v"]
[31102402,"Objetos de aleación ferrosa fundidos por proceso en v"]
[31102403,"Objetos de acero fundidos por proceso en v"]
[31102404,"Objetos de acero inoxidable fundidos por proceso en v"]
[31102405,"Objetos de hierro fundidos por proceso en v"]
[31102406,"Objetos de aluminio fundidos por proceso en v"]
[31102407,"Objetos de magnesio fundidos por proceso en v"]
[31102408,"Objetos de titanio fundidos por proceso en v"]
[31102409,"Objetos de berilio fundidos por proceso en v"]
[31102410,"Objetos de cobre fundidos por proceso en v"]
[31102411,"Objetos de latón fundidos por proceso en v"]
[31102412,"Objetos de bronce fundidos por proceso en v"]
[31102413,"Objetos de zinc fundidos por proceso en v"]
[31102414,"Objetos de estaño fundidos por proceso en v"]
[31102415,"Objetos de plomo fundidos por proceso en v"]
[31102416,"Objetos de metal precioso fundidos por proceso en v"]
[31111501,"Extrusiones de perfiles de aluminio"]
[31111502,"Extrusiones de perfiles de berilio"]
[31111503,"Extrusiones de perfiles de latón"]
[31111504,"Extrusiones de perfiles de bronce"]
[31111505,"Extrusiones de perfiles de cobre"]
[31111506,"Extrusiones de perfiles de aleación ferrosa"]
[31111507,"Extrusiones de perfiles de plomo"]
[31111508,"Extrusiones de perfiles de magnesio"]
[31111509,"Extrusiones de perfiles de aleación no ferrosa"]
[31111510,"Extrusiones de perfiles de plástico"]
[31111511,"Extrusiones de perfiles de metal precioso"]
[31111512,"Extrusiones de perfiles de caucho"]
[31111513,"Extrusiones de perfiles de acero inoxidable"]
[31111514,"Extrusiones de perfiles de acero"]
[31111515,"Extrusiones de perfiles de estaño"]
[31111516,"Extrusiones de perfiles de titanio"]
[31111517,"Extrusiones de perfiles de zinc"]
[31111601,"Extrusiones por impacto de aluminio"]
[31111602,"Extrusiones por impacto de berilio"]
[31111603,"Extrusiones por impacto de latón"]
[31111604,"Extrusiones por impacto de bronce"]
[31111605,"Extrusiones por impacto de cobre"]
[31111606,"Extrusiones por impacto de aleación ferrosa"]
[31111607,"Extrusiones por impacto de plomo"]
[31111608,"Extrusiones por impacto de magnesio"]
[31111609,"Extrusiones por impacto de aleación no ferrosa"]
[31111610,"Extrusiones por impacto de plástico"]
[31111611,"Extrusiones por impacto de metal precioso"]
[31111612,"Extrusiones por impacto de caucho"]
[31111613,"Extrusiones por impacto de acero inoxidable"]
[31111614,"Extrusiones por impacto de acero"]
[31111615,"Extrusiones por impacto de estaño"]
[31111616,"Extrusiones por impacto de titanio"]
[31111617,"Extrusiones por impacto de zinc"]
[31111701,"Extrusiones en frío de aluminio"]
[31111702,"Extrusiones en frío de berilio"]
[31111703,"Extrusiones en frío de latón"]
[31111704,"Extrusiones en frío de bronce"]
[31111705,"Extrusiones en frío de cobre"]
[31111706,"Extrusiones en frío de aleación ferrosa"]
[31111707,"Extrusiones en frío de plomo"]
[31111708,"Extrusiones en frío de magnesio"]
[31111709,"Extrusiones en frío de aleación no ferrosa"]
[31111710,"Extrusiones en frío de plástico"]
[31111711,"Extrusiones en frío de metal precioso"]
[31111712,"Extrusiones en frío de caucho"]
[31111713,"Extrusiones en frío de acero inoxidable"]
[31111714,"Extrusiones en frío de acero"]
[31111715,"Extrusiones en frío de estaño"]
[31111716,"Extrusiones en frío de titanio"]
[31111717,"Extrusiones en frío de zinc"]
[31121001,"Objetos fundidos maquinados por proceso v de aleaciones no ferrosas"]
[31121002,"Objetos fundidos maquinados por proceso v de aleaciones ferrosas"]
[31121003,"Objetos fundidos maquinados por proceso v de acero"]
[31121004,"Objetos fundidos maquinados por proceso v de acero inoxidable"]
[31121005,"Objetos fundidos maquinados por proceso v de hierro"]
[31121006,"Objetos fundidos maquinados por proceso v de aluminio"]
[31121007,"Objetos fundidos maquinados por proceso v de magnesio"]
[31121008,"Objetos fundidos maquinados por proceso v de titanio"]
[31121009,"Objetos fundidos maquinados por proceso v de berilio"]
[31121010,"Objetos fundidos maquinados por proceso v de cobre"]
[31121011,"Objetos fundidos maquinados por proceso v de latón"]
[31121012,"Objetos fundidos maquinados por proceso v de bronce"]
[31121013,"Objetos fundidos maquinados por proceso v de zinc"]
[31121014,"Objetos fundidos maquinados por proceso v de estaño"]
[31121015,"Objetos fundidos maquinados por proceso v de plomo"]
[31121016,"Objetos fundidos maquinados por proceso v de metal precioso"]
[31121017,"Objetos fundidos maquinados por proceso v de compuestos"]
[31121018,"Objetos fundidos maquinados por proceso v de aleación de níquel"]
[31121019,"Objetos fundidos maquinados por proceso v no metálico"]
[31121101,"Objetos fundidos maquinados con troquel de aleaciones no ferrosas"]
[31121102,"Objetos fundidos maquinados con troquel de aleaciones ferrosas"]
[31121103,"Objetos fundidos maquinados con troquel de acero"]
[31121104,"Objetos fundidos maquinados con troquel de acero inoxidable"]
[31121105,"Objetos fundidos maquinados con troquel de hierro"]
[31121106,"Objetos fundidos maquinados con troquel de aluminio"]
[31121107,"Objetos fundidos maquinados con troquel de magnesio"]
[31121108,"Objetos fundidos maquinados con troquel de titanio"]
[31121109,"Objetos fundidos maquinados con troquel de berilio"]
[31121110,"Objetos fundidos maquinados con troquel de cobre"]
[31121111,"Objetos fundidos maquinados con troquel de latón"]
[31121112,"Objetos fundidos maquinados con troquel de bronce"]
[31121113,"Objetos fundidos maquinados con troquel de zinc"]
[31121114,"Objetos fundidos maquinados con troquel de estaño"]
[31121115,"Objetos fundidos maquinados con troquel de plomo"]
[31121116,"Objetos fundidos maquinados con troquel de metal precioso"]
[31121117,"Objetos fundidos maquinados con troquel de compuestos"]
[31121118,"Objetos fundidos maquinados con troquel de aleación de níquel"]
[31121119,"Objetos fundidos maquinados con troquel no metálico"]
[31121201,"Objetos maquinados de aleación no ferrosa fundidos en arena"]
[31121202,"Objetos maquinados de aleación ferrosa fundidos en arena"]
[31121203,"Objetos maquinados de acero fundidos en arena"]
[31121204,"Objetos maquinados de acero inoxidable fundidos en arena"]
[31121205,"Objetos maquinados de hierro fundidos en arena"]
[31121206,"Objetos maquinados de aluminio fundidos en arena"]
[31121207,"Objetos maquinados de magnesio fundidos en arena"]
[31121208,"Objetos maquinados de titanio fundidos en arena"]
[31121209,"Objetos maquinados de berilio fundidos en arena"]
[31121210,"Objetos maquinados de cobre fundidos en arena"]
[31121211,"Objetos maquinados de latón fundidos en arena"]
[31121212,"Objetos maquinados de bronce fundidos en arena"]
[31121213,"Objetos maquinados de cinc fundidos en arena"]
[31121214,"Objetos maquinados de estaño fundidos en arena"]
[31121215,"Objetos maquinados de plomo fundidos en arena"]
[31121216,"Objetos maquinados de metal precioso fundidos en arena"]
[31121217,"Objetos maquinados de compuestos fundidos en arena"]
[31121218,"Objetos maquinados de aleación de níquel fundidos en arena"]
[31121219,"Objetos maquinados no metálicos fundidos en arena"]
[31121301,"Objetos maquinados en molde permanente de aleación no ferrosa fundidos"]
[31121302,"Objetos maquinados en molde permanente de aleación ferrosa fundidos"]
[31121303,"Objetos maquinados en molde permanente de acero fundidos"]
[31121304,"Objetos maquinados en molde permanente de acero inoxidable fundidos"]
[31121305,"Objetos maquinados en molde permanente de hierro fundidos"]
[31121306,"Objetos maquinados en molde permanente de aluminio fundidos"]
[31121307,"Objetos maquinados en molde permanente de magnesio fundidos"]
[31121308,"Objetos maquinados en molde permanente de titanio fundidos"]
[31121309,"Objetos maquinados en molde permanente de berilio fundidos"]
[31121310,"Objetos maquinados en molde permanente de cobre fundidos"]
[31121311,"Objetos maquinados en molde permanente de latón fundidos"]
[31121312,"Objetos maquinados en molde permanente de bronce fundidos"]
[31121313,"Objetos maquinados en molde permanente de cinc fundidos"]
[31121314,"Objetos maquinados en molde permanente de estaño fundidos"]
[31121315,"Objetos maquinados en molde permanente de plomo fundidos"]
[31121316,"Objetos maquinados en molde permanente de metal precioso fundidos"]
[31121317,"Objetos maquinados en molde permanente de compuestos fundidos"]
[31121318,"Objetos maquinados en molde permanente de aleación de níquel fundidos"]
[31121319,"Objetos maquinados en molde permanente no metálicos fundidos"]
[31121401,"Objetos maquinados de aleación no ferrosa fundidos en molde de yeso"]
[31121402,"Objetos maquinados de aleación ferrosa fundidos en molde de yeso"]
[31121403,"Objetos maquinados de acero fundidos en molde de yeso"]
[31121404,"Objetos maquinados de acero inoxidable fundidos en molde de yeso"]
[31121405,"Objetos maquinados de hierro fundidos en molde de yeso"]
[31121406,"Objetos maquinados de aluminio fundidos en molde de yeso"]
[31121407,"Objetos maquinados de magnesio fundidos en molde de yeso"]
[31121408,"Objetos maquinados de titanio fundidos en molde de yeso"]
[31121409,"Objetos maquinados de berilio fundidos en molde de yeso"]
[31121410,"Objetos maquinados de cobre fundidos en molde de yeso"]
[31121411,"Objetos maquinados de latón fundidos en molde de yeso"]
[31121412,"Objetos maquinados de bronce fundidos en molde de yeso"]
[31121413,"Objetos maquinados de cinc fundidos en molde de yeso"]
[31121414,"Objetos maquinados de estaño fundidos en molde de yeso"]
[31121415,"Objetos maquinados de plomo fundidos en molde de yeso"]
[31121416,"Objetos maquinados de metal precioso fundidos en molde de yeso"]
[31121417,"Objetos maquinados de compuestos fundidos en molde de yeso"]
[31121418,"Objetos maquinados de aleación de níquel fundidos en molde de yeso"]
[31121419,"Objetos maquinados no metálicos fundidos en molde de yeso"]
[31121501,"Objetos maquinados de aleación no ferrosa fundidos en molde en concha"]
[31121502,"Objetos maquinados de aleación ferrosa fundidos en molde en concha"]
[31121503,"Objetos maquinados de acero fundidos en molde en concha"]
[31121504,"Objetos maquinados de acero inoxidable fundidos en molde en concha"]
[31121505,"Objetos maquinados de hierro fundidos en molde en concha"]
[31121506,"Objetos maquinados de aluminio fundidos en molde en concha"]
[31121507,"Objetos maquinados de magnesio fundidos en molde en concha"]
[31121508,"Objetos maquinados de titanio fundidos en molde en concha"]
[31121509,"Objetos maquinados de berilio fundidos en molde en concha"]
[31121510,"Objetos maquinados de cobre fundidos en molde en concha"]
[31121511,"Objetos maquinados de latón fundidos en molde en concha"]
[31121512,"Objetos maquinados de bronce fundidos en molde en concha"]
[31121513,"Objetos maquinados de cinc fundidos en molde en concha"]
[31121514,"Objetos maquinados de estaño fundidos en molde en concha"]
[31121515,"Objetos maquinados de plomo fundidos en molde en concha"]
[31121516,"Objetos maquinados de metal precioso fundidos en molde en concha"]
[31121517,"Objetos maquinados de compuestos fundidos en molde en concha"]
[31121518,"Objetos maquinados de aleación de níquel fundidos en molde en concha"]
[31121519,"Objetos maquinados no metálicos fundidos en molde en concha"]
[31121601,"Objetos maquinados de aleación no ferrosa fundidos a la cera perdida"]
[31121602,"Objetos maquinados de aleación ferrosa fundidos a la cera perdida"]
[31121603,"Objetos maquinados de acero fundidos a la cera perdida"]
[31121604,"Objetos maquinados de acero inoxidable fundidos a la cera perdida"]
[31121605,"Objetos maquinados de hierro fundidos a la cera perdida"]
[31121606,"Objetos maquinados de aluminio fundidos a la cera perdida"]
[31121607,"Objetos maquinados de magnesio fundidos a la cera perdida"]
[31121608,"Objetos maquinados de zinc fundidos a la cera perdida"]
[31121609,"Objetos maquinados de estaño fundidos a la cera perdida"]
[31121610,"Objetos maquinados de plomo fundidos a la cera perdida"]
[31121611,"Objetos maquinados de metales preciosos fundidos a la cera perdida"]
[31121612,"Objetos maquinados de titanio fundidos a la cera perdida"]
[31121613,"Objetos maquinados compuestos fundidos a la cera perdida"]
[31121614,"Objetos maquinados de aleación de níquel fundidos a la cera perdida"]
[31121615,"Objetos maquinados no metálicos fundidos a la cera perdida"]
[31121701,"Objetos maquinados centrifugados de aleación no ferrosa fundidos"]
[31121702,"Objetos maquinados centrifugados de aleación ferrosa fundidos"]
[31121703,"Objetos maquinados centrifugados de acero fundidos"]
[31121704,"Objetos maquinados centrifugados de acero inoxidable fundidos"]
[31121705,"Objetos maquinados centrifugados de hierro fundidos"]
[31121706,"Objetos maquinados centrifugados de aluminio fundidos"]
[31121707,"Objetos maquinados centrifugados de magnesio fundidos"]
[31121708,"Objetos maquinados centrifugados de titanio fundidos"]
[31121709,"Objetos maquinados centrifugados de berilio fundidos"]
[31121710,"Objetos maquinados centrifugados de cobre fundidos"]
[31121711,"Objetos maquinados centrifugados de latón fundidos"]
[31121712,"Objetos maquinados centrifugados de bronce fundidos"]
[31121713,"Objetos maquinados centrifugados de cinc fundidos"]
[31121714,"Objetos maquinados centrifugados de estaño fundidos"]
[31121715,"Objetos maquinados centrifugados de plomo fundidos"]
[31121716,"Objetos maquinados centrifugados de metal precioso fundidos"]
[31121717,"Objetos maquinados centrifugados de compuestos fundidos"]
[31121718,"Objetos maquinados centrifugados de aleación de níquel fundidos"]
[31121719,"Objetos maquinados centrifugados no metálicos fundidos"]
[31121801,"Objetos maquinados de aleación no ferrosa fundidos en molde cerámico"]
[31121802,"Objetos maquinados de aleación ferrosa fundidos en molde cerámico"]
[31121803,"Objetos maquinados de acero fundidos en molde cerámico"]
[31121804,"Objetos maquinados de acero inoxidable fundidos en molde cerámico"]
[31121805,"Objetos maquinados de hierro fundidos en molde cerámico"]
[31121806,"Objetos maquinados de aluminio fundidos en molde cerámico"]
[31121807,"Objetos maquinados de magnesio fundidos en molde cerámico"]
[31121808,"Objetos maquinados de titanio fundidos en molde cerámico"]
[31121809,"Objetos maquinados de berilio fundidos en molde cerámico"]
[31121810,"Objetos maquinados de cobre fundidos en molde cerámico"]
[31121811,"Objetos maquinados de latón fundidos en molde cerámico"]
[31121812,"Objetos maquinados de bronce fundidos en molde cerámico"]
[31121813,"Objetos maquinados de cinc fundidos en molde cerámico"]
[31121814,"Objetos maquinados de estaño fundidos en molde cerámico"]
[31121815,"Objetos maquinados de plomo fundidos en molde cerámico"]
[31121816,"Objetos maquinados de metal precioso fundidos en molde cerámico"]
[31121817,"Objetos maquinados de compuestos fundidos en molde cerámico"]
[31121818,"Objetos maquinados de aleación de níquel fundidos en molde cerámico"]
[31121819,"Objetos maquinados no metálicos fundidos en molde cerámico"]
[31121901,"Objetos maquinados de aleación no ferrosa fundidos en molde de grafito"]
[31121902,"Objetos maquinados de aleación ferrosa fundidos en molde de grafito"]
[31121903,"Objetos maquinados de acero fundidos en molde de grafito"]
[31121904,"Objetos maquinados de acero inoxidable fundidos en molde de grafito"]
[31121905,"Objetos maquinados de hierro fundidos en molde de grafito"]
[31121906,"Objetos maquinados de aluminio fundidos en molde de grafito"]
[31121907,"Objetos maquinados de magnesio fundidos en molde de grafito"]
[31121908,"Objetos maquinados de titanio fundidos en molde de grafito"]
[31121909,"Objetos maquinados de berilio fundidos en molde de grafito"]
[31121910,"Objetos maquinados de cobre fundidos en molde de grafito"]
[31121911,"Objetos maquinados de latón fundidos en molde de grafito"]
[31121912,"Objetos maquinados de bronce fundidos en molde de grafito"]
[31121913,"Objetos maquinados de cinc fundidos en molde de grafito"]
[31121914,"Objetos maquinados de estaño fundidos en molde de grafito"]
[31121915,"Objetos maquinados de plomo fundidos en molde de grafito"]
[31121916,"Objetos maquinados de metal precioso fundidos en molde de grafito"]
[31121917,"Objetos maquinados de compuestos fundidos en molde de grafito"]
[31121918,"Objetos maquinados de aleación de níquel fundidos en molde de grafito"]
[31121919,"Objetos maquinados no metálicos fundidos en molde de grafito"]
[31131501,"Forjaduras en estampa abierta de aleación no ferrosa"]
[31131502,"Forjaduras en estampa abierta de aleación ferrosa"]
[31131503,"Forjaduras en estampa abierta de acero"]
[31131504,"Forjaduras en estampa abierta de acero inoxidable"]
[31131505,"Forjaduras en estampa abierta de hierro"]
[31131506,"Forjaduras en estampa abierta de aluminio"]
[31131507,"Forjaduras en estampa abierta de magnesio"]
[31131508,"Forjaduras en estampa abierta de titanio"]
[31131509,"Forjaduras en estampa abierta de berilio"]
[31131510,"Forjaduras en estampa abierta de cobre"]
[31131511,"Forjaduras en estampa abierta de latón"]
[31131512,"Forjaduras en estampa abierta de bronce"]
[31131513,"Forjaduras en estampa abierta de cinc"]
[31131514,"Forjaduras en estampa abierta de estaño"]
[31131515,"Forjaduras en estampa abierta de plomo"]
[31131516,"Forjaduras en estampa abierta de metal precioso"]
[31131601,"Forjaduras en estampa cerrada de aleación no ferrosa"]
[31131602,"Forjaduras en estampa cerrada de aleación ferrosa"]
[31131603,"Forjaduras en estampa cerrada de acero"]
[31131604,"Forjaduras en estampa cerrada de acero inoxidable"]
[31131605,"Forjaduras en estampa cerrada de hierro"]
[31131606,"Forjaduras en estampa cerrada de aluminio"]
[31131607,"Forjaduras en estampa cerrada de magnesio"]
[31131608,"Forjaduras en estampa cerrada de titanio"]
[31131609,"Forjaduras en estampa cerrada de berilio"]
[31131610,"Forjaduras en estampa cerrada de cobre"]
[31131611,"Forjaduras en estampa cerrada de latón"]
[31131612,"Forjaduras en estampa cerrada de bronce"]
[31131613,"Forjaduras en estampa cerrada de cinc"]
[31131614,"Forjaduras en estampa cerrada de estaño"]
[31131615,"Forjaduras en estampa cerrada de plomo"]
[31131616,"Forjaduras en estampa cerrada de metal precioso"]
[31131701,"Forjaduras en estampa de impresión de aleación no ferrosa"]
[31131702,"Forjaduras en estampa de impresión de aleación ferrosa"]
[31131703,"Forjaduras en estampa de impresión de acero"]
[31131704,"Forjaduras en estampa de impresión de acero inoxidable"]
[31131705,"Forjaduras en estampa de impresión de hierro"]
[31131706,"Forjaduras en estampa de impresión de aluminio"]
[31131707,"Forjaduras en estampa de impresión de magnesio"]
[31131708,"Forjaduras en estampa de impresión de titanio"]
[31131709,"Forjaduras en estampa de impresión de berilio"]
[31131710,"Forjaduras en estampa de impresión de cobre"]
[31131711,"Forjaduras en estampa de impresión de latón"]
[31131712,"Forjaduras en estampa de impresión de bronce"]
[31131713,"Forjaduras en estampa de impresión de cinc"]
[31131714,"Forjaduras en estampa de impresión de estaño"]
[31131715,"Forjaduras en estampa de impresión de plomo"]
[31131716,"Forjaduras en estampa de impresión de metal precioso"]
[31131801,"Piezas de aleación no ferrosa forjadas a martinete"]
[31131802,"Piezas de cinc forjadas a martinete"]
[31131803,"Piezas de aleación ferrosa forjadas a martinete"]
[31131804,"Piezas de estaño forjadas a martinete"]
[31131805,"Piezas de plomo forjadas a martinete"]
[31131806,"Piezas de acero forjadas a martinete"]
[31131807,"Piezas de metal precioso forjadas a martinete"]
[31131808,"Piezas de acero inoxidable forjadas a martinete"]
[31131809,"Piezas de hierro forjadas a martinete"]
[31131810,"Piezas de aluminio forjadas a martinete"]
[31131811,"Piezas de magnesio forjadas a martinete"]
[31131812,"Piezas de titanio forjadas a martinete"]
[31131813,"Piezas de berilio forjadas a martinete"]
[31131814,"Piezas de cobre forjadas a martinete"]
[31131815,"Piezas de latón forjadas a martinete"]
[31131816,"Piezas de bronce forjadas a martinete"]
[31131817,"Forjado por golpe de troquel de acero en frío"]
[31131818,"Forjado por golpe de troquel de semi acabados"]
[31131901,"Forjaduras anulares laminadas de aluminio"]
[31131902,"Forjaduras anulares laminadas de berilio"]
[31131903,"Forjaduras anulares laminadas de latón"]
[31131904,"Forjaduras anulares laminadas de bronce"]
[31131905,"Forjaduras anulares laminadas de cobre"]
[31131906,"Forjaduras anulares laminadas de hierro"]
[31131907,"Forjaduras anulares laminadas de plomo"]
[31131908,"Forjaduras anulares laminadas de magnesio"]
[31131909,"Forjaduras anulares laminadas de metal precioso"]
[31131910,"Forjaduras anulares laminadas de acero inoxidable"]
[31131911,"Forjaduras anulares laminadas de estaño"]
[31131912,"Forjaduras anulares laminadas de titanio"]
[31131913,"Forjaduras anulares laminadas de cinc"]
[31131914,"Forjaduras anulares laminadas de aleación no ferrosa"]
[31131915,"Forjaduras anulares laminadas de aleación ferrosa"]
[31131916,"Forjaduras anulares laminadas de acero"]
[31132001,"Componentes de metal ferroso pulverizado"]
[31132002,"Partes de metal no ferroso pulverizado"]
[31141501,"Molduras por inyección de plástico"]
[31141502,"Molduras por inyección de caucho"]
[31141503,"Molduras por inyección de vidrio"]
[31141601,"Molduras al vacío de plástico"]
[31141602,"Molduras al vacío de caucho"]
[31141603,"Molduras al vacío de vidrio"]
[31141701,"Moldeados plásticos por inyección de aire"]
[31141702,"Moldeados de caucho por inyección de aire"]
[31141801,"Moldeados de inyección de reacción de plástico"]
[31141802,"Moldeados de inyección de reacción de caucho"]
[31151501,"Cuerda de algodón"]
[31151502,"Cuerda de poliéster"]
[31151503,"Cuerda de polipropileno"]
[31151504,"Cuerda de nylon"]
[31151505,"Cable de acero"]
[31151506,"Cuerda de cáñamo"]
[31151507,"Cuerda o pita"]
[31151508,"Cabuya"]
[31151509,"Cuerda de caucho"]
[31151601,"Cadenas de seguridad"]
[31151603,"Cadenas de rodillos"]
[31151604,"Cadenas resistentes de bobina"]
[31151605,"Cadenas de banda"]
[31151606,"Cadena \"jack\""]
[31151607,"Cadenas corrientes"]
[31151608,"Cadenas de bola"]
[31151609,"Eslabones de cadena"]
[31151702,"Cables de control no eléctrico"]
[31151703,"Cables elevadores"]
[31151704,"Cable-vías"]
[31151705,"Cable de acero no eléctrico"]
[31151706,"Cable de cobre no eléctrico"]
[31151707,"Cable de aluminio no eléctrico"]
[31151803,"Cuerda de acero para piano"]
[31151804,"Alambre de grapa"]
[31151901,"Correas de metal"]
[31151902,"Correas de cuero"]
[31151903,"Correas de fibra"]
[31151904,"Correas plásticas"]
[31151905,"Correas de caucho"]
[31152001,"Alambre de navaja"]
[31152002,"Alambre de púas"]
[31161501,"Tornillos de perno"]
[31161502,"Tornillos de anclaje"]
[31161503,"Clavo-tornillo"]
[31161504,"Tornillos de máquina"]
[31161505,"Tornillos de presión"]
[31161506,"Tornillos para lámina metálica"]
[31161507,"Tornillos roscadores"]
[31161508,"Tornillos de rosca para madera"]
[31161509,"Tornillos para drywall"]
[31161510,"Tornillo cautivo"]
[31161511,"Tornillos de apriete"]
[31161512,"Tornillos de rosca para laminados"]
[31161513,"Tornillos de cabeza perdida"]
[31161514,"Tornillos de soldadura"]
[31161516,"Tornillo de orejas"]
[31161517,"Tornillo de hombros"]
[31161518,"Tornillo de enchufe"]
[31161601,"Pernos de anclaje"]
[31161602,"Pernos ciegos"]
[31161603,"Pernos de carruaje"]
[31161604,"Pernos de horquilla"]
[31161605,"Pernos de cilindro"]
[31161606,"Cerrojos de puerta"]
[31161607,"Pernos de expansión"]
[31161608,"Tirafondos"]
[31161609,"Tornillo de fiador"]
[31161610,"Pernos de ojo"]
[31161611,"Pernos de sujeción"]
[31161612,"Pernos de espiga o de reborde"]
[31161613,"Pernos de tensión"]
[31161614,"Pernos estructurales"]
[31161616,"Pernos en u"]
[31161617,"Pernos de ala"]
[31161618,"Varilla roscada"]
[31161619,"Pernos prisioneros"]
[31161620,"Pernos de cabeza hexagonal"]
[31161621,"Pernos elevadores"]
[31161701,"Tuercas de anclaje"]
[31161702,"Tuercas de rodamiento"]
[31161703,"Tuercas ciegas"]
[31161704,"Tuercas de cañón"]
[31161705,"Tuerca tapa"]
[31161706,"Tuercas cautivas"]
[31161707,"Tuercas almenadas"]
[31161708,"Tuercas de canal"]
[31161709,"Tuercas sujetadoras"]
[31161710,"Tuercas de expansión"]
[31161711,"Tuercas de ojo"]
[31161712,"Tuercas de brida"]
[31161713,"Tuercas de manguera"]
[31161714,"Tuercas de inserción"]
[31161716,"Contratuercas"]
[31161717,"Tuercas de aletas"]
[31161718,"Tuercas de fiador"]
[31161719,"Tuercas giratorias"]
[31161720,"Tuercas limitadoras"]
[31161721,"Tuercas de resorte"]
[31161722,"Tuercas de unión"]
[31161723,"Tuercas de placa con rosca"]
[31161724,"Tuercas de prensa"]
[31161725,"Tuercas abrazaderas"]
[31161726,"Tuercas domo"]
[31161727,"Tuercas hexagonales"]
[31161728,"Tuercas de acople"]
[31161729,"Tuercas estriadas"]
[31161730,"Tuercas cuadradas"]
[31161731,"Tuercas soldables"]
[31161801,"Arandelas de seguridad"]
[31161802,"Arandelas achaflanadas"]
[31161803,"Arandelas de fijación"]
[31161804,"Arandelas curvas"]
[31161805,"Arandelas aislantes eléctricas"]
[31161806,"Arandelas de acabado"]
[31161807,"Arandelas planas"]
[31161808,"Arandelas abiertas"]
[31161809,"Arandelas reductoras"]
[31161810,"Arandelas de separación"]
[31161811,"Arandelas de resorte"]
[31161812,"Arandelas cuadradas"]
[31161813,"Arandelas giratorias"]
[31161814,"Arandelas de empuje"]
[31161815,"Arandelas de tope"]
[31161816,"Espaciadores y separadores"]
[31161817,"Arandelas cónicas"]
[31161818,"Arandelas de sellado"]
[31161819,"Juegos de arandelas"]
[31161820,"Arandelas en domo o esféricas"]
[31161901,"Muelles helicoidales"]
[31161902,"Muelles"]
[31161903,"Muelles espirales"]
[31161904,"Resortes de compresión"]
[31161905,"Resortes para estampas"]
[31161906,"Muelles de disco"]
[31161907,"Muelles de extensión"]
[31161908,"Muelles de torsión"]
[31162001,"Chinches"]
[31162002,"Clavos de sombrerete"]
[31162003,"Clavos de acabado"]
[31162004,"Clavos de mampostería"]
[31162005,"Clavos para tejados"]
[31162006,"Clavos de alambre"]
[31162007,"Clavos de tapicería"]
[31162008,"Pasadores de arrastre"]
[31162101,"Anclajes de concreto"]
[31162102,"Anclajes de cuña"]
[31162103,"Anclajes de pared"]
[31162104,"Anclajes de tornillo"]
[31162105,"Anclajes de resina"]
[31162106,"Anclaje de tubería"]
[31162107,"Anclajes de expansión de clavo"]
[31162108,"Anclajes de amarre"]
[31162201,"Remaches ciegos"]
[31162202,"Remaches de corona"]
[31162203,"Remaches de cabeza plana"]
[31162204,"Remaches completos"]
[31162205,"Remaches de trinquetes"]
[31162206,"Remaches de estañador"]
[31162207,"Remaches de compresión"]
[31162208,"Remaches de tonelero"]
[31162209,"Remaches de botón"]
[31162210,"Remaches articulados"]
[31162301,"Perfiles de montaje"]
[31162303,"Barras de montaje"]
[31162304,"Regletas de montaje"]
[31162305,"Abrazaderas de montaje"]
[31162306,"Soportes colgantes de montaje"]
[31162307,"Placas de montaje"]
[31162308,"Paneles de montaje"]
[31162309,"Estantes de montaje"]
[31162310,"Correas de montaje"]
[31162311,"Bujes de pared"]
[31162312,"Pasadores de montaje"]
[31162313,"Kits de montaje"]
[31162401,"Aros interiores"]
[31162402,"Cerraduras"]
[31162403,"Goznes o bisagras"]
[31162404,"Grapas"]
[31162405,"Tensores"]
[31162406,"Cierres para zunchado"]
[31162407,"Pestillo"]
[31162409,"Pasador de horquilla"]
[31162410,"Pasadores estriados"]
[31162411,"Anillos elásticos"]
[31162412,"Horquilla"]
[31162413,"Cierre de presión"]
[31162414,"Abrazadera"]
[31162415,"Uñeta"]
[31162416,"Pasadores de conexión o acoplamiento"]
[31162417,"Pasadores de alineación"]
[31162418,"Ataduras de torsión"]
[31162501,"Soportes para estanterías"]
[31162502,"Soportes en escuadra"]
[31162503,"Puntales"]
[31162504,"Soportes para accesorios eléctricos"]
[31162505,"Soportes de montaje magnético"]
[31162506,"Soporte de pared"]
[31162507,"Soportes de piñón"]
[31162601,"Ganchos giratorios"]
[31162602,"Ganchos de resorte"]
[31162603,"Ganchos en s"]
[31162604,"Ganchos de seguridad"]
[31162605,"Ganchos de suspensión"]
[31162606,"Ganchos en j"]
[31162607,"Ganchos de alambre para riostras"]
[31162608,"Ganchos de grúa"]
[31162609,"Ganchos de atornillar"]
[31162610,"Ganchos de tablero"]
[31162611,"Gancho de deslizamiento"]
[31162701,"Ruedas para muebles"]
[31162702,"Ruedas"]
[31162703,"Deslizadoras"]
[31162704,"Puntas de rodillo"]
[31162801,"Chapas o pomos"]
[31162802,"Insertos"]
[31162803,"Grilletes"]
[31162804,"Topes de puerta"]
[31162805,"Cable dedal"]
[31162806,"Cubiertas de tornillos"]
[31162807,"Palancas"]
[31162808,"Barras de pánico"]
[31162809,"Pasadores posicionadores"]
[31162810,"Empalmes o placas de unión"]
[31162811,"Collar del eje"]
[31162901,"Abrazaderas de espiga"]
[31162902,"Abrazaderas de resorte"]
[31162903,"Abrazaderas de tornillo"]
[31162904,"Abrazadera de cable metálico"]
[31162905,"Abrazadera para viga doble t"]
[31162906,"Abrazaderas de manguera o tubo"]
[31163001,"Acoples elastoméricos"]
[31163002,"Acoples por engranaje"]
[31163003,"Acoples metálicos"]
[31163004,"Acoples en miniatura"]
[31163005,"Manguitos de acoplamiento"]
[31163101,"Desconectores rápidos"]
[31163102,"Férula"]
[31163103,"Conector de remolque"]
[31163201,"Pasadores de resorte"]
[31163202,"Anillos de retención"]
[31163203,"Pasador de espiga"]
[31163204,"Pasador de horquilla"]
[31163205,"Pasadores de cono"]
[31163207,"Horquillas de eje o de disco"]
[31163208,"Bloquecillo"]
[31163209,"Soportes o retenes del rodamiento"]
[31163210,"Collares de retención"]
[31163211,"Grapas de retención"]
[31163212,"Pasadores roscados"]
[31163213,"Pasadores de pivote"]
[31163214,"Pasadores de deslizamiento"]
[31163215,"Pasadores estriados"]
[31163301,"Montante de dos extremos"]
[31171501,"Rodamientos embridados"]
[31171502,"Rodamientos radiales"]
[31171503,"Rodamientos de rueda"]
[31171504,"Rodamientos de balineras"]
[31171505,"Rodamientos de rodillos"]
[31171506,"Rodamientos lineales"]
[31171507,"Rodamientos de empuje"]
[31171508,"Rodamientos de cabeza de biela"]
[31171509,"Rodamientos de manguito interior"]
[31171510,"Rodamientos esféricos"]
[31171511,"Soportes de cojinetes"]
[31171512,"Rodamiento de agujas"]
[31171513,"Rodamientos colgaderos"]
[31171515,"Rodamientos simples"]
[31171516,"Rodamientos cónicos"]
[31171518,"Jaula de rodamiento"]
[31171519,"Carcasas o pedestales de rodamientos"]
[31171520,"Muñones de rodamientos"]
[31171521,"Bolas o rodillos de cojinete"]
[31171522,"Rodamientos magnéticos"]
[31171523,"Rodamientos neumáticos"]
[31171524,"Tapas de rodamientos"]
[31171525,"Revestimientos de rodamiento"]
[31171526,"Almohadillas de rodamiento"]
[31171527,"Conos de rodamiento"]
[31171528,"Rodamiento partido"]
[31171529,"Sombreretes de rodamiento"]
[31171603,"Bujes de taladro"]
[31171604,"Bujes pilotos"]
[31171605,"Bujes de eje"]
[31171606,"Bujes de brida"]
[31171704,"Engranajes de fricción"]
[31171706,"Engranajes cónicos"]
[31171707,"Engranajes rectos"]
[31171708,"Engranajes biselados"]
[31171709,"Engranajes cremallera"]
[31171710,"Engranajes piñón"]
[31171711,"Engranajes de anillo"]
[31171712,"Engranajes de tornillo sin fin"]
[31171713,"Engranajes laterales"]
[31171714,"Engranajes helicoidales"]
[31171801,"Ruedas dentadas"]
[31171802,"Ruedas motrices"]
[31171803,"Rueda voladora"]
[31171804,"Poleas"]
[31171805,"Cepillos de rueda"]
[31171806,"Ruedas de rodillos"]
[31171901,"Ruedas dentadas para cadena de rodillos"]
[31181501,"Juntas obturadoras plásticas"]
[31181502,"Juntas obturadoras de caucho"]
[31181503,"Juntas obturadoras de metal"]
[31181504,"Juntas obturadoras textiles"]
[31181505,"Juntas obturadoras de corcho"]
[31181506,"Juntas teóricas"]
[31181507,"Juntas de interferencia electromagnética (IEM)"]
[31181508,"Juntas bulonadas"]
[31181509,"Equipos de cubrejuntas"]
[31181510,"Juntas de silicona"]
[31181511,"Juntas líquidas"]
[31181512,"Juntas de fibra comprimida"]
[31181601,"Sellos de plástico"]
[31181602,"Sellos de caucho"]
[31181603,"Sellos metálicos"]
[31181604,"Sello mecánico"]
[31181605,"Sellos de diafragma"]
[31181606,"Juegos de sellos"]
[31181607,"Manguitos de mástil"]
[31181701,"Empaques"]
[31181702,"Prensaestopas"]
[31181703,"Deflectores de aceite"]
[31191501,"Papeles abrasivos"]
[31191502,"Pulidor"]
[31191504,"Telas abrasivas"]
[31191505,"Almohadillas abrasivas"]
[31191506,"Discos abrasivos"]
[31191507,"Cintas abrasivas"]
[31191508,"Polvo de diamante"]
[31191509,"Pulidores abrasivos"]
[31191510,"Piedras abrasivas"]
[31191511,"Virutas de acero"]
[31191512,"Chorro de balines o perdigones"]
[31191513,"Cuentas de vidrio"]
[31191514,"Medio amortiguador"]
[31191515,"Malla abrasiva"]
[31191516,"Rollos de cartucho abrasivo"]
[31191517,"Planchas de esmeril"]
[31191518,"Carburo de tungsteno"]
[31191519,"Tambores abrasivos"]
[31191601,"Ruedas abrasivas cúbicas de nitrato borozon"]
[31191602,"Ruedas abrasivas de diamante"]
[31191603,"Ruedas abrasivas de carburo de tungsteno"]
[31201501,"Cinta de ductos"]
[31201502,"Cinta aislante eléctrica"]
[31201503,"Cinta de enmascarar"]
[31201504,"Cinta para alfombras"]
[31201505,"Cinta doble faz"]
[31201506,"Cinta de bísmalemida"]
[31201507,"Cinta de fibra de vidrio"]
[31201508,"Cinta de grafito"]
[31201509,"Cinta de nylon"]
[31201510,"Cinta impregnada de resina"]
[31201511,"Cinta de malla metálica"]
[31201512,"Cinta transparente"]
[31201513,"Cintas antideslizantes de seguridad"]
[31201514,"Cinta de sellado de hilo de poli tetrafluoretileno (ptfe)"]
[31201515,"Cintas de papel"]
[31201516,"Cinta reflectiva"]
[31201517,"Cinta para empaquetar"]
[31201518,"Cinta conductora de electricidad"]
[31201519,"Cinta para reparar tubería o manguera"]
[31201520,"Cinta para marcar los pasillos"]
[31201521,"Cinta metálica"]
[31201522,"Cinta de transferencia adhesiva"]
[31201523,"Cinta de tela"]
[31201524,"Cinta para codificación de color"]
[31201525,"Cinta de vinilo"]
[31201526,"Cinta magnética"]
[31201527,"Cintas de espuma"]
[31201528,"Cinta de montaje"]
[31201601,"Adhesivos químicos"]
[31201602,"Pastas"]
[31201603,"Gomas"]
[31201604,"Cementos de caucho"]
[31201605,"Masillas"]
[31201606,"Calafateos"]
[31201607,"Aglomerante epoxy"]
[31201608,"Adhesivos de espuma"]
[31201609,"Adhesivos de termo impregnación"]
[31201610,"Pegamentos"]
[31201611,"Adhesivos de lámina"]
[31201612,"Selladores de rosca"]
[31201613,"Adhesivo reusable"]
[31201614,"Lacre"]
[31201615,"Activadores del adhesivo"]
[31201616,"Adhesivos líquidos"]
[31201617,"Cementos disolventes"]
[31211501,"Pinturas de esmalte"]
[31211502,"Pinturas de agua"]
[31211503,"Pinturas basadas en pigmentos"]
[31211504,"Pinturas de revestimiento"]
[31211505,"Pinturas de aceite"]
[31211506,"Pinturas de látex"]
[31211507,"Pinturas en aerosol"]
[31211508,"Pinturas acrílicas"]
[31211509,"Bases para esmalte"]
[31211510,"Bases de poliuretano"]
[31211511,"Bases de uretano"]
[31211512,"Bases de látex"]
[31211601,"Lechada de cal con cola para blanquear paredes"]
[31211602,"Lechada de cal con cola para blanquear paredes"]
[31211603,"Secantes de pintura"]
[31211604,"Diluyentes para pinturas"]
[31211605,"Agentes antideslizantes"]
[31211606,"Agentes niveladores"]
[31211701,"Vitrificados"]
[31211702,"Lustres"]
[31211703,"Lacas"]
[31211704,"Sellantes"]
[31211705,"Barniz de laca"]
[31211706,"Tinturas"]
[31211707,"Barnices"]
[31211708,"Recubrimiento de polvo"]
[31211801,"Removedores de pintura o barniz"]
[31211802,"Compuestos para arrancar pintura o barniz"]
[31211803,"Diluyentes para pinturas y barnices"]
[31211901,"Paños para herramientas"]
[31211902,"Herramientas para bordes"]
[31211903,"Equipo para protección"]
[31211904,"Brochas"]
[31211905,"Mezcladores de pintura"]
[31211906,"Rodillos de pintar"]
[31211908,"Pistolas de pintar"]
[31211909,"Bandejas de pintura"]
[31211910,"Guantes para pintar"]
[31211912,"Varillas telescópicas"]
[31211913,"Boquillas de pintura"]
[31211914,"Cepillos de aire"]
[31211915,"Coladores de pintura"]
[31211916,"Forradores de bandeja de pintura"]
[31211917,"Cubiertas para rodillos de pintura"]
[31221601,"Extractos inorgánicos para curtiembre"]
[31221602,"Extractos orgánicos de origen animal para curtiembre"]
[31221603,"Extractos orgánicos de origen vegetal para curtiembre"]
[31231101,"Aluminio en barra labrada"]
[31231102,"Berilio en barra labrada"]
[31231103,"Latón en barra labrada"]
[31231104,"Bronce en barra labrada"]
[31231105,"Cobre en barra labrada"]
[31231106,"Hierro en barra labrada"]
[31231107,"Plomo en barra labrada"]
[31231108,"Magnesio en barra labrada"]
[31231109,"Metal precioso en barra labrada"]
[31231110,"Acero inoxidable en barra labrada"]
[31231111,"Estaño en barra labrada"]
[31231112,"Titanio en barra labrada"]
[31231113,"Cinc en barra labrada"]
[31231114,"Aleación no ferrosa en barra labrada"]
[31231115,"Aleación ferrosa en barra labrada"]
[31231116,"Acero en barra labrada"]
[31231117,"Compuestos en barra labrada"]
[31231118,"Aleación de níquel en barra labrada"]
[31231119,"Material no metálico en barra labrada"]
[31231201,"Aluminio en placa labrada"]
[31231202,"Berilio en placa labrada"]
[31231203,"Latón en placa labrada"]
[31231204,"Bronce en placa labrada"]
[31231205,"Cobre en placa labrada"]
[31231206,"Hierro en placa labrada"]
[31231207,"Plomo en placa labrada"]
[31231208,"Magnesio en placa labrada"]
[31231209,"Metal precioso en placa labrada"]
[31231210,"Acero inoxidable en placa labrada"]
[31231211,"Estaño en placa labrada"]
[31231212,"Titanio en placa labrada"]
[31231213,"Cinc en placa labrada"]
[31231214,"Aleación no ferrosa en placa labrada"]
[31231215,"Aleación ferrosa en placa labrada"]
[31231216,"Acero en placa labrada"]
[31231217,"Compuestos en placa labrada"]
[31231218,"Aleación de níquel en placa labrada"]
[31231219,"Material no metálico en placa labrada"]
[31231301,"Tubería de aleación ferrosa"]
[31231302,"Tubería de cobre"]
[31231303,"Tubería de titanio"]
[31231304,"Tubería de magnesio"]
[31231305,"Tubería de estaño"]
[31231306,"Tubería de latón"]
[31231307,"Tubería de plomo"]
[31231308,"Tubería de bronce"]
[31231309,"Tubería de cinc"]
[31231310,"Tubería de acero"]
[31231311,"Tubería de hierro"]
[31231312,"Tubería de cemento"]
[31231313,"Tubería de plástico"]
[31231314,"Tubería de goma"]
[31231315,"Tubería de cristal"]
[31231316,"Tubería de piedra"]
[31231317,"Tubería de aleación no ferrosa"]
[31231318,"Tubería de aluminio"]
[31231319,"Tubería de acero inoxidable"]
[31231320,"Tubería de metal precioso"]
[31231321,"Tuberías de nailon"]
[31231401,"Platina de latón"]
[31231402,"Platina de acero"]
[31231403,"Platina de acero inoxidable"]
[31231404,"Platina de aluminio"]
[31231405,"Platina de cobre"]
[31241501,"Lentes"]
[31241502,"Prismas"]
[31241601,"Cristales de filtro"]
[31241602,"Discos de cristal"]
[31241603,"Vidrio moldeado"]
[31241604,"Cristales de prismas"]
[31241605,"Cristales de silicio"]
[31241606,"Cristales de germanio"]
[31241607,"Barras redondas"]
[31241608,"Barras cuadradas"]
[31241609,"Cristales indicadores de muestra"]
[31241610,"Blancos de material óptico infrarrojo"]
[31241701,"Espejos torneados con herramienta de diamante"]
[31241702,"Espejos metálicos"]
[31241703,"Espejos parabólicos"]
[31241704,"Espejos sin revestimiento"]
[31241705,"Espejos para láser"]
[31241801,"Filtros ópticos de banda ancha"]
[31241802,"Filtros de gradiente"]
[31241803,"Filtros infrarrojos"]
[31241804,"Filtros de láser"]
[31241805,"Filtros de banda estrecha"]
[31241806,"Filtros de película de plástico"]
[31241807,"Filtros visuales"]
[31241901,"Bóvedas de especialidad"]
[31241902,"Bóvedas torneadas con diamante"]
[31241903,"Bóvedas metálicas"]
[31241904,"Bóvedas de vidrio moldeado"]
[31241905,"Bóvedas moldeadas del policarbonato"]
[31241906,"Bóvedas reproducidas"]
[31241907,"Bóvedas formadas"]
[31241908,"Bóvedas frangibles"]
[31242001,"Ventana externa de láser o lentes"]
[31242002,"Ventanas de lentes infrarrojos o de láser"]
[31242003,"Ventana visual de láser o lentes"]
[31242101,"Monturas ópticas"]
[31242103,"Aberturas o ranuras ópticas"]
[31242104,"Soportes o carriles ópticos"]
[31242105,"Identificadores de fibra óptica"]
[31242106,"Recubrimientos ópticos"]
[31242201,"Divisores del haz óptico"]
[31242202,"Polarizadores"]
[31242203,"Despolarizadores"]
[31242204,"Difusores ópticos"]
[31242205,"Retardadores ópticos"]
[31242206,"Vidrios ópticamente planos"]
[31242207,"Montajes ópticos experimentales"]
[31242208,"Picadores ópticos"]
[31251501,"Activadores eléctricos"]
[31251502,"Activadores electrónicos"]
[31251503,"Activadores hidráulicos"]
[31251504,"Activadores neumáticos"]
[31251505,"Servoválvula"]
[31251506,"Activadores por engranajes"]
[31251507,"Activadores giratorios"]
[31251508,"Activadores fotoeléctricos"]
[31251509,"Activadores electromagnéticos"]
[31251510,"Solenoides"]
[31251511,"Activadores lineales"]
[31251601,"Efectores finales robóticos"]
[31261501,"Cubiertas y carcasas de plástico"]
[31261502,"Cubiertas y carcasas de metal"]
[31261503,"Cubiertas y carcasas de acero"]
[31261504,"Carcasas de cajas de cambios"]
[31261505,"Carcasas de embrague"]
[31261601,"Envoltorios o recubrimientos de plástico"]
[31261602,"Envoltorios o recubrimientos de metal"]
[31261603,"Envoltorios o recubrimientos de acero"]
[31261701,"Carcasa  insonorizante de máquina"]
[31261702,"Cerramiento insonorizante de conjunto de generador montado"]
[31261703,"Carcasa insonorizante de bomba"]
[31261704,"Carcasa insonorizante de admisión de aire"]
[31271601,"Piezas hechas en torno de roscar de metal"]
[31271602,"Piezas hechas en torno de roscar no metales"]
[31281502,"Componentes de aluminio estampados"]
[31281503,"Componentes de aleaciones ferrosas estampados"]
[31281504,"Componentes de hierro estampados"]
[31281505,"Componentes de aleaciones no ferrosas estampados"]
[31281506,"Componentes de acero inoxidable estampados"]
[31281507,"Componentes de acero al carbono estampados"]
[31281508,"Componentes de magnesio estampados"]
[31281509,"Componentes de zinc estampados"]
[31281510,"Componentes de estaño estampados"]
[31281511,"Componentes de titanio estampados"]
[31281512,"Componentes de berilio estampados"]
[31281513,"Componentes de metal precioso estampados"]
[31281514,"Componentes de cobre estampados"]
[31281515,"Componentes de plomo estampados"]
[31281516,"Componentes de latón estampados"]
[31281517,"Componentes de bronce estampados"]
[31281518,"Componentes compuestos estampados"]
[31281519,"Componentes de aleación de níquel estampados"]
[31281520,"Componentes no metálicos estampados"]
[31281521,"Estampados recubiertos"]
[31281701,"Componentes de metal soldado"]
[31281801,"Componentes de aluminio perforados"]
[31281802,"Componentes de aleación ferrosa perforados"]
[31281803,"Componentes de hierro perforados"]
[31281804,"Componentes de aleaciones no ferrosas perforados"]
[31281805,"Componentes de acero inoxidable perforados"]
[31281806,"Componentes de acero al carbono perforados"]
[31281807,"Componentes compuestos perforados"]
[31281808,"Componentes de aleación de níquel perforados"]
[31281809,"Componentes no metálicos perforados"]
[31281810,"Componentes de titanio perforados"]
[31281811,"Componentes de berilio perforados"]
[31281812,"Componentes de metal precioso perforados"]
[31281813,"Componentes de cobre perforados"]
[31281814,"Componentes de plomo perforados"]
[31281815,"Componentes de latón perforados"]
[31281816,"Componentes de bronce perforados"]
[31281817,"Componentes de magnesio perforados"]
[31281818,"Componentes de zinc perforados"]
[31281819,"Componentes de estaño perforados"]
[31281901,"Componentes de aluminio formados por estiramiento"]
[31281902,"Componentes de berilio formados por estiramiento"]
[31281903,"Componentes de latón formados por estiramiento"]
[31281904,"Componentes de bronce formados por estiramiento"]
[31281905,"Componentes compuestos formados por estiramiento"]
[31281906,"Componentes de cobre formados por estiramiento"]
[31281907,"Componentes de aleación ferrosa formados por estiramiento"]
[31281908,"Componentes de hierro formados por estiramiento"]
[31281909,"Componentes de plomo formados por estiramiento"]
[31281910,"Componentes de magnesio formados por estiramiento"]
[31281911,"Componentes de aleación de níquel formados por estiramiento"]
[31281912,"Componentes de aleación no ferrosa formados por estiramiento"]
[31281913,"Componentes no metálicos formados por estiramiento"]
[31281914,"Componentes de metal precioso formados por estiramiento"]
[31281915,"Componentes de acero inoxidable formados por estiramiento"]
[31281916,"Componentes de acero formados por estiramiento"]
[31281917,"Componentes de estaño formados por estiramiento"]
[31281918,"Componentes de titanio formados por estiramiento"]
[31281919,"Componentes de zinc formados por estiramiento"]
[31282001,"Componentes de aluminio hidroformados"]
[31282002,"Componentes de berilio hidroformados"]
[31282003,"Componentes de latón hidroformados"]
[31282004,"Componentes de bronce hidroformados"]
[31282005,"Componentes compuestos hidroformados"]
[31282006,"Componentes de cobre hidroformados"]
[31282007,"Componentes de aleación ferrosa hidroformados"]
[31282008,"Componentes de hierro hidroformados"]
[31282009,"Componentes de plomo hidroformados"]
[31282010,"Componentes de magnesio hidroformados"]
[31282011,"Componentes de aleación de níquel hidroformados"]
[31282012,"Componentes de aleación no ferrosa hidroformados"]
[31282013,"Componentes no metálicos hidroformados"]
[31282014,"Componentes de metal precioso hidroformados"]
[31282015,"Componentes de acero inoxidable hidroformados"]
[31282016,"Componentes de acero hidroformados"]
[31282017,"Componentes de estaño hidroformados"]
[31282018,"Componentes de titanio hidroformados"]
[31282019,"Componentes de zinc hidroformados"]
[31282101,"Componentes de aluminio formados en torno"]
[31282102,"Componentes de berilio formados en torno"]
[31282103,"Componentes de latón formados en torno"]
[31282104,"Componentes de bronce formados en torno"]
[31282105,"Componentes compuestos formados en torno"]
[31282106,"Componentes de cobre formados en torno"]
[31282107,"Componentes de aleación ferrosa formados en torno"]
[31282108,"Componentes de hierro formados en torno"]
[31282109,"Componentes de plomo formados en torno"]
[31282110,"Componentes de magnesio formados en torno"]
[31282111,"Componentes de aleación de níquel formados en torno"]
[31282112,"Componentes de aleación no ferrosa formados en torno"]
[31282113,"Componentes no metálicos formados en torno"]
[31282114,"Componentes de metal precioso formados en torno"]
[31282115,"Componentes de acero inoxidable formados en torno"]
[31282116,"Componentes de acero formados en torno"]
[31282117,"Componentes de estaño formados en torno"]
[31282118,"Componentes de titanio formados en torno"]
[31282119,"Componentes de zinc formados en torno"]
[31282201,"Componentes de aluminio formados enrollados"]
[31282202,"Componentes de berilio formados enrollados"]
[31282203,"Componentes de latón formados enrollados"]
[31282204,"Componentes de bronce formados enrollados"]
[31282205,"Componentes compuestos formados enrollados"]
[31282206,"Componentes de cobre formados enrollados"]
[31282207,"Componentes de aleación ferrosa formados enrollados"]
[31282208,"Componentes de hierro formados enrollados"]
[31282209,"Componentes de plomo formados enrollados"]
[31282210,"Componentes de magnesio formados enrollados"]
[31282211,"Componentes de aleación de níquel formados enrollados"]
[31282212,"Componentes de aleación no ferrosa formados enrollados"]
[31282213,"Componentes no metálicos formados enrollados"]
[31282214,"Componentes de metal precioso formados enrollados"]
[31282215,"Componentes de acero inoxidable formados enrollados"]
[31282216,"Componentes de acero formados enrollados"]
[31282217,"Componentes de estaño formados enrollados"]
[31282218,"Componentes de titanio formados enrollados"]
[31282219,"Componentes de zinc formados enrollados"]
[31282301,"Componentes de aluminio formados por estiramiento por presión"]
[31282302,"Componentes de berilio formados por estiramiento por presión"]
[31282303,"Componentes de latón formados por estiramiento por presión"]
[31282304,"Componentes de bronce formados por estiramiento por presión"]
[31282305,"Componentes compuestos formados por estiramiento por presión"]
[31282306,"Componentes de cobre formados por estiramiento por presión"]
[31282307,"Componentes de aleación ferrosa formados por estiramiento por presión"]
[31282308,"Componentes de hierro formados por estiramiento por presión"]
[31282309,"Componentes de plomo formados por estiramiento por presión"]
[31282310,"Componentes de magnesio formados por estiramiento por presión"]
[31282311,"Componentes de aleación de níquel formados por estiramiento por presión"]
[31282312,"Componentes de aleación no ferrosa formados por estiramiento por presión"]
[31282313,"Componentes no metálicos formados por estiramiento por presión"]
[31282314,"Componentes de metal precioso formados por estiramiento por presión"]
[31282315,"Componentes de acero inoxidable formados por estiramiento por presión"]
[31282316,"Componentes de acero formados por estiramiento por presión"]
[31282317,"Componentes de estaño formados por estiramiento por presión"]
[31282318,"Componentes de titanio formados por estiramiento por presión"]
[31282319,"Componentes de zinc formados por estiramiento por presión"]
[31282401,"Componentes de aluminio formados con explosivos"]
[31282402,"Componentes de berilio formados con explosivos"]
[31282403,"Componentes de latón formados con explosivos"]
[31282404,"Componentes de bronce formados con explosivos"]
[31282405,"Componentes compuestos formados con explosivos"]
[31282406,"Componentes de cobre formados con explosivos"]
[31282407,"Componentes de aleación ferrosa formados con explosivos"]
[31282408,"Componentes de hierro formados con explosivos"]
[31282409,"Componentes de plomo formados con explosivos"]
[31282410,"Componentes de magnesio formados con explosivos"]
[31282411,"Componentes de aleación de níquel formados con explosivos"]
[31282412,"Componentes de aleación no ferrosa formados con explosivos"]
[31282413,"Componentes no metálicos formados con explosivos"]
[31282414,"Componentes de metal precioso formados con explosivos"]
[31282415,"Componentes de acero inoxidable formados con explosivos"]
[31282416,"Componentes de acero formados con explosivos"]
[31282417,"Componentes de estaño formados con explosivos"]
[31282418,"Componentes de titanio formados con explosivos"]
[31282419,"Componentes de zinc formados con explosivos"]
[31291101,"Componentes de aluminio maquinados por extrusión hidrostática"]
[31291102,"Componentes de berilio maquinados por extrusión hidrostática"]
[31291103,"Componentes de latón maquinados por extrusión hidrostática"]
[31291104,"Componentes de bronce maquinados por extrusión hidrostática"]
[31291105,"Componentes de cobre maquinados por extrusión hidrostática"]
[31291106,"Componentes de aleación ferrosa maquinados por extrusión hidrostática"]
[31291107,"Componentes de plomo maquinados por extrusión hidrostática"]
[31291108,"Componentes de magnesio maquinados por extrusión hidrostática"]
[31291109,"Componentes de aleación no ferrosa maquinados por extrusión hidrostática"]
[31291110,"Componentes plásticos maquinados por extrusión hidrostática"]
[31291111,"Componentes de metal precioso maquinados por extrusión hidrostática"]
[31291112,"Componentes de caucho maquinados por extrusión hidrostática"]
[31291113,"Componentes de acero inoxidable maquinados por extrusión hidrostática"]
[31291114,"Componentes de acero maquinados por extrusión hidrostática"]
[31291115,"Componentes de estaño maquinados por extrusión hidrostática"]
[31291116,"Componentes de titanio maquinados por extrusión hidrostática"]
[31291117,"Componentes de zinc maquinados por extrusión hidrostática"]
[31291118,"Componentes compuestos maquinados por extrusión hidrostática"]
[31291119,"Componentes de aleación de níquel maquinados por extrusión hidrostática"]
[31291120,"Componentes no metálicos maquinados por extrusión hidrostática"]
[31291201,"Componentes de aluminio maquinados por extrusión de impacto"]
[31291202,"Componentes de berilio maquinados por extrusión de impacto"]
[31291203,"Componentes de latón maquinados por extrusión de impacto"]
[31291204,"Componentes de bronce maquinados por extrusión de impacto"]
[31291205,"Componentes de cobre maquinados por extrusión de impacto"]
[31291206,"Componentes de aleación ferrosa maquinados por extrusión de impacto"]
[31291207,"Componentes de plomo maquinados por extrusión de impacto"]
[31291208,"Componentes de magnesio maquinados por extrusión de impacto"]
[31291209,"Componentes de aleación no ferrosa maquinados por extrusión de impacto"]
[31291210,"Componentes plásticos maquinados por extrusión de impacto"]
[31291211,"Componentes de metal precioso maquinados por extrusión de impacto"]
[31291212,"Componentes de caucho maquinados por extrusión de impacto"]
[31291213,"Componentes de acero inoxidable maquinados por extrusión de impacto"]
[31291214,"Componentes de acero maquinados por extrusión de impacto"]
[31291215,"Componentes de estaño maquinados por extrusión de impacto"]
[31291216,"Componentes de titanio maquinados por extrusión de impacto"]
[31291217,"Componentes de zinc maquinados por extrusión de impacto"]
[31291218,"Componentes compuestos maquinados por extrusión de impacto"]
[31291219,"Componentes de aleación de níquel maquinados por extrusión de impacto"]
[31291220,"Componentes no metálicos maquinados por extrusión de impacto"]
[31291301,"Componentes de aluminio maquinados por extrusión en frío"]
[31291302,"Componentes de berilio maquinados por extrusión en frío"]
[31291303,"Componentes de latón maquinados por extrusión en frío"]
[31291304,"Componentes de bronce maquinados por extrusión en frío"]
[31291305,"Componentes de cobre maquinados por extrusión en frío"]
[31291306,"Componentes de aleación ferrosa maquinados por extrusión en frío"]
[31291307,"Componentes de plomo maquinados por extrusión en frío"]
[31291308,"Componentes de magnesio maquinados por extrusión en frío"]
[31291309,"Componentes de aleación no ferrosa maquinados por extrusión en frío"]
[31291310,"Componentes plásticos maquinados por extrusión en frío"]
[31291311,"Componentes de metal precioso maquinados por extrusión en frío"]
[31291312,"Componentes de caucho maquinados por extrusión en frío"]
[31291313,"Componentes de acero inoxidable maquinados por extrusión en frío"]
[31291314,"Componentes de acero maquinados por extrusión en frío"]
[31291315,"Componentes de estaño maquinados por extrusión en frío"]
[31291316,"Componentes de titanio maquinados por extrusión en frío"]
[31291317,"Componentes de zinc maquinados por extrusión en frío"]
[31291318,"Componentes compuestos maquinados por extrusión en frío"]
[31291319,"Componentes de aleación de níquel maquinados por extrusión en frío"]
[31291320,"Componentes no metálicos maquinados por extrusión en frío"]
[31291401,"Componentes de aluminio maquinados por extrusión en caliente"]
[31291402,"Componentes de berilio maquinados por extrusión en caliente"]
[31291403,"Componentes de latón maquinados por extrusión en caliente"]
[31291404,"Componentes de bronce maquinados por extrusión en caliente"]
[31291405,"Componentes de cobre maquinados por extrusión en caliente"]
[31291406,"Componentes de aleación ferrosa maquinados por extrusión en caliente"]
[31291407,"Componentes de plomo maquinados por extrusión en caliente"]
[31291408,"Componentes de magnesio maquinados por extrusión en caliente"]
[31291409,"Componentes de aleación no ferrosa maquinados por extrusión en caliente"]
[31291410,"Componentes plásticos maquinados por extrusión en caliente"]
[31291411,"Componentes de metal precioso maquinados por extrusión en caliente"]
[31291412,"Componentes de caucho maquinados por extrusión en caliente"]
[31291413,"Componentes de acero inoxidable maquinados por extrusión en caliente"]
[31291414,"Componentes de acero maquinados por extrusión en caliente"]
[31291415,"Componentes de estaño maquinados por extrusión en caliente"]
[31291416,"Componentes de titanio maquinados por extrusión en caliente"]
[31291417,"Componentes de zinc maquinados por extrusión en caliente"]
[31291418,"Componentes compuestos maquinados por extrusión en caliente"]
[31291419,"Componentes de aleación de níquel maquinados por extrusión en caliente"]
[31291420,"Componentes no metálicos maquinados por extrusión en caliente"]
[31301101,"Forjas de aleación no ferrosa maquinadas con troquel abierto"]
[31301102,"Forjas de aleación ferrosa maquinadas con troquel abierto"]
[31301103,"Forjas de acero maquinadas con troquel abierto"]
[31301104,"Forjas de acero inoxidable maquinadas con troquel abierto"]
[31301105,"Forjas de hierro maquinadas con troquel abierto"]
[31301106,"Forjas de aluminio maquinadas con troquel abierto"]
[31301107,"Forjas de magnesio maquinadas con troquel abierto"]
[31301108,"Forjas de titanio maquinadas con troquel abierto"]
[31301109,"Forjas de berilio maquinadas con troquel abierto"]
[31301110,"Forjas de cobre maquinadas con troquel abierto"]
[31301111,"Forjas de latón maquinadas con troquel abierto"]
[31301112,"Forjas de bronce maquinadas con troquel abierto"]
[31301113,"Forjas de zinc maquinadas con troquel abierto"]
[31301114,"Forjas de estaño maquinadas con troquel abierto"]
[31301115,"Forjas de plomo maquinadas con troquel abierto"]
[31301116,"Forjas de metales preciosos maquinadas con troquel abierto"]
[31301117,"Forjas compuestas maquinadas con troquel abierto"]
[31301118,"Forjas de aleación de níquel maquinadas con troquel abierto"]
[31301119,"Forjas no metálicas maquinadas con troquel abierto"]
[31301201,"Forjas de aleación no ferrosa maquinadas con troquel cerrado"]
[31301202,"Forjas de aleación ferrosa maquinadas con troquel cerrado"]
[31301203,"Forjas de acero maquinadas con troquel cerrado"]
[31301204,"Forjas de acero inoxidable maquinadas con troquel cerrado"]
[31301205,"Forjas de hierro maquinadas con troquel cerrado"]
[31301206,"Forjas de aluminio maquinadas con troquel cerrado"]
[31301207,"Forjas de magnesio maquinadas con troquel cerrado"]
[31301208,"Forjas de titanio maquinadas con troquel cerrado"]
[31301209,"Forjas de berilio maquinadas con troquel cerrado"]
[31301210,"Forjas de cobre maquinadas con troquel cerrado"]
[31301211,"Forjas de latón maquinadas con troquel cerrado"]
[31301212,"Forjas de bronce maquinadas con troquel cerrado"]
[31301213,"Forjas de zinc maquinadas con troquel cerrado"]
[31301214,"Forjas de estaño maquinadas con troquel cerrado"]
[31301215,"Forjas de plomo maquinadas con troquel cerrado"]
[31301216,"Forjas de metales preciosos maquinadas con troquel cerrado"]
[31301217,"Forjas compuestas maquinadas con troquel cerrado"]
[31301218,"Forjas de aleación de níquel maquinadas con troquel cerrado"]
[31301219,"Forjas no metálicas maquinadas con troquel cerrado"]
[31301301,"Forjas de aleación no ferrosa maquinadas con impresión por troquel"]
[31301302,"Forjas de aleación ferrosa maquinadas con impresión por troquel"]
[31301303,"Forjas de acero maquinadas con impresión por troquel"]
[31301304,"Forjas de acero inoxidable maquinadas con impresión por troquel"]
[31301305,"Forjas de hierro maquinadas con impresión por troquel"]
[31301306,"Forjas de aluminio maquinadas con impresión por troquel"]
[31301307,"Forjas de magnesio maquinadas con impresión por troquel"]
[31301308,"Forjas de titanio maquinadas con impresión por troquel"]
[31301309,"Forjas de berilio maquinadas con impresión por troquel"]
[31301310,"Forjas de cobre maquinadas con impresión por troquel"]
[31301311,"Forjas de latón maquinadas con impresión por troquel"]
[31301312,"Forjas de bronce maquinadas con impresión por troquel"]
[31301313,"Forjas de zinc maquinadas con impresión por troquel"]
[31301314,"Forjas de estaño maquinadas con impresión por troquel"]
[31301315,"Forjas de plomo maquinadas con impresión por troquel"]
[31301316,"Forjas de metales preciosos maquinadas con impresión por troquel"]
[31301317,"Forjas compuestas maquinadas con impresión por troquel"]
[31301318,"Forjas de aleación de níquel maquinadas con impresión por troquel"]
[31301319,"Forjas no metálicas maquinadas con impresión por troquel"]
[31301401,"Forjas de aleación no ferrosa maquinadas por reducción"]
[31301402,"Forjas de aleación ferrosa maquinadas por reducción"]
[31301403,"Forjas de acero maquinadas por reducción"]
[31301404,"Forjas de acero inoxidable maquinadas por reducción"]
[31301405,"Forjas de hierro maquinadas por reducción"]
[31301406,"Forjas de aluminio maquinadas por reducción"]
[31301407,"Forjas de magnesio maquinadas por reducción"]
[31301408,"Forjas de titanio maquinadas por reducción"]
[31301409,"Forjas de berilio maquinadas por reducción"]
[31301410,"Forjas de cobre maquinadas por reducción"]
[31301411,"Forjas de latón maquinadas por reducción"]
[31301412,"Forjas de bronce maquinadas por reducción"]
[31301413,"Forjas de zinc maquinadas por reducción"]
[31301414,"Forjas de estaño maquinadas por reducción"]
[31301415,"Forjas de plomo maquinadas por reducción"]
[31301416,"Forjas de metales preciosos maquinadas por reducción"]
[31301417,"Forjas compuestas maquinadas por reducción"]
[31301418,"Forjas de aleación de níquel maquinadas por reducción"]
[31301419,"Forjas no metálicas maquinadas por reducción"]
[31301501,"Forjas de aluminio maquinadas por anillo enrollado"]
[31301502,"Forjas de berilio maquinadas por anillo enrollado"]
[31301503,"Forjas de latón maquinadas por anillo enrollado"]
[31301504,"Forjas de bronce maquinadas por anillo enrollado"]
[31301505,"Forjas de cobre maquinadas por anillo enrollado"]
[31301506,"Forjas de hierro maquinadas por anillo enrollado"]
[31301507,"Forjas de plomo maquinadas por anillo enrollado"]
[31301508,"Forjas de magnesio maquinadas por anillo enrollado"]
[31301509,"Forjas de metal precioso maquinadas por anillo enrollado"]
[31301510,"Forjas de acero inoxidable maquinadas por anillo enrollado"]
[31301511,"Forjas de estaño maquinadas por anillo enrollado"]
[31301512,"Forjas de titanio maquinadas por anillo enrollado"]
[31301513,"Forjas de zinc maquinadas por anillo enrollado"]
[31301514,"Forjas de aleación no ferrosa maquinadas por anillo enrollado"]
[31301515,"Forjas de aleación ferrosa maquinadas por anillo enrollado"]
[31301516,"Forjas de acero maquinadas por anillo enrollado"]
[31301517,"Forjas compuestas maquinadas por anillo enrollado"]
[31301518,"Forjas de aleación de níquel maquinadas por anillo enrollado"]
[31301519,"Forjas no metálicos maquinadas por anillo enrollado"]
[31311101,"Ensambles de tubería soldada de solvente de aluminio"]
[31311102,"Ensambles de tubería soldada de solvente de acero de carbono"]
[31311103,"Ensambles de tubería soldada de solvente de aleación hast x"]
[31311104,"Ensambles de tubería soldada de solvente de inconel"]
[31311105,"Ensambles de tubería soldada de solvente de acero de aleación baja"]
[31311106,"Ensambles de tubería soldada de solvente no metálico"]
[31311109,"Ensambles de tubería soldada de solvente de acero inoxidable"]
[31311110,"Ensambles de tubería soldada de solvente de titanio"]
[31311111,"Ensambles de tubería soldada de solvente de aleación wasp"]
[31311112,"Ensambles de tubería soldada de solvente de cobre"]
[31311113,"Ensambles de tubería soldada de solvente de latón"]
[31311201,"Ensambles de tubería remachada de aluminio"]
[31311202,"Ensambles de tubería remachada de acero al carbono"]
[31311203,"Ensambles de tubería remachada de aleación hast x"]
[31311204,"Ensambles de tubería remachada de inconel"]
[31311205,"Ensambles de tubería remachada de acero de aleación baja"]
[31311206,"Ensambles de tubería remachada no metálica"]
[31311209,"Ensambles de tubería remachada de acero inoxidable"]
[31311210,"Ensambles de tubería remachada de titanio"]
[31311211,"Ensambles de tubería remachada de aleación wasp"]
[31311212,"Ensambles de tubería remachada de cobre"]
[31311213,"Ensambles de tubería remachada de latón"]
[31311301,"Ensambles de tubería atornillada de aluminio"]
[31311302,"Ensambles de tubería atornillada de acero al carbono"]
[31311303,"Ensambles de tubería atornillada de aleación hast x"]
[31311304,"Ensambles de tubería atornillada de inconel"]
[31311305,"Ensambles de tubería atornillada de acero de aleación baja"]
[31311306,"Ensambles de tubería atornillada no metálica"]
[31311309,"Ensambles de tubería atornillada de acero inoxidable"]
[31311310,"Ensambles de tubería atornillada de titanio"]
[31311311,"Ensambles de tubería atornillada de aleación wasp"]
[31311312,"Ensambles de tubería atornillada de cobre"]
[31311313,"Ensambles de tubería atornillada de latón"]
[31311401,"Ensambles de tubería soldada con ultra violeta de aluminio"]
[31311402,"Ensambles de tubería soldada con ultra violeta de acero al carbono"]
[31311403,"Ensambles de tubería soldada con ultra violeta de aleación hast x"]
[31311404,"Ensambles de tubería soldada con ultra violeta de inconel"]
[31311405,"Ensambles de tubería soldada con ultra violeta de acero de aleación baja"]
[31311406,"Ensambles de tubería soldada con ultra violeta no metálica"]
[31311409,"Ensambles de tubería soldada con ultra violeta de acero inoxidable"]
[31311410,"Ensambles de tubería soldada con ultra violeta de titanio"]
[31311411,"Ensambles de tubería soldada con ultra violeta de aleación wasp"]
[31311412,"Ensambles de tubería soldada con ultra violeta de cobre"]
[31311413,"Ensambles de tubería soldada con ultra violeta de latón"]
[31311501,"Ensambles de tubería con soldadura fuerte o débil de aluminio"]
[31311502,"Ensambles de tubería con soldadura fuerte o débil de acero al carbono"]
[31311503,"Ensambles de tubería con soldadura fuerte o débil de aleación hast x"]
[31311504,"Ensambles de tubería con soldadura fuerte o débil de inconel"]
[31311505,"Ensambles de tubería con soldadura fuerte o débil de acero de aleación baja"]
[31311506,"Ensambles de tubería con soldadura fuerte o débil no metálica"]
[31311509,"Ensambles de tubería con soldadura fuerte o débil de acero inoxidable"]
[31311510,"Ensambles de tubería con soldadura fuerte o débil de titanio"]
[31311511,"Ensambles de tubería con soldadura fuerte o débil de aleación wasp"]
[31311512,"Ensambles de tubería con soldadura fuerte o débil de cobre"]
[31311513,"Ensambles de tubería con soldadura fuerte o débil de latón"]
[31311601,"Ensambles de tubería con soldadura sónica de aluminio"]
[31311602,"Ensambles de tubería con soldadura sónica de acero al carbono"]
[31311603,"Ensambles de tubería con soldadura sónica de aleación hast x"]
[31311604,"Ensambles de tubería con soldadura sónica de inconel"]
[31311605,"Ensambles de tubería con soldadura sónica de acero de aleación baja"]
[31311606,"Ensambles de tubería con soldadura sónica no metálica"]
[31311609,"Ensambles de tubería con soldadura sónica de acero inoxidable"]
[31311610,"Ensambles de tubería con soldadura sónica de titanio"]
[31311611,"Ensambles de tubería con soldadura sónica de aleación wasp"]
[31311612,"Ensambles de tubería con soldadura sónica de cobre"]
[31311613,"Ensambles de tubería con soldadura sónica de latón"]
[31311701,"Ensambles de tubería pegada de aluminio"]
[31311702,"Ensambles de tubería pegada de acero al carbono"]
[31311703,"Ensambles de tubería pegada de aleación hast x"]
[31311704,"Ensambles de tubería pegada de inconel"]
[31311705,"Ensambles de tubería pegada de acero de aleación baja"]
[31311706,"Ensambles de tubería pegada no metálica"]
[31311709,"Ensambles de tubería pegada de acero inoxidable"]
[31311710,"Ensambles de tubería pegada de titanio"]
[31311711,"Ensambles de tubería pegada de aleación wasp"]
[31311712,"Ensambles de tubería pegada de cobre"]
[31311713,"Ensambles de tubería pegada de latón"]
[31321101,"Ensambles de barras pegadas de aluminio"]
[31321102,"Ensambles de barras pegadas de acero al carbono"]
[31321103,"Ensambles de barras pegadas de aleación hast x"]
[31321104,"Ensambles de barras pegadas de inconel"]
[31321105,"Ensambles de barras pegadas de acero de aleación baja"]
[31321106,"Ensambles de barras pegadas no metálica"]
[31321109,"Ensambles de barras pegadas de acero inoxidable"]
[31321110,"Ensambles de barras pegadas de titanio"]
[31321111,"Ensambles de barras pegadas de aleación wasp"]
[31321112,"Ensambles de barras pegadas de cobre"]
[31321113,"Ensambles de barras pegadas de latón"]
[31321201,"Ensambles de barras soldadas con solvente de aluminio"]
[31321202,"Ensambles de barras soldadas con solvente de acero al carbono"]
[31321203,"Ensambles de barras soldadas con solvente de aleación hast x"]
[31321204,"Ensambles de barras soldadas con solvente de inconel"]
[31321205,"Ensambles de barras soldadas con solvente de acero de aleación baja"]
[31321206,"Ensambles de barras soldadas con solvente no metálica"]
[31321209,"Ensambles de barras soldadas con solvente de acero inoxidable"]
[31321210,"Ensambles de barras soldadas con solvente de titanio"]
[31321211,"Ensambles de barras soldadas con solvente de aleación wasp"]
[31321212,"Ensambles de barras soldadas con solvente de cobre"]
[31321213,"Ensambles de barras soldadas con solvente de latón"]
[31321301,"Ensambles de barras remachadas de aluminio"]
[31321302,"Ensambles de barras remachadas de acero al carbono"]
[31321303,"Ensambles de barras remachadas de aleación hast x"]
[31321304,"Ensambles de barras remachadas de inconel"]
[31321305,"Ensambles de barras remachadas de acero de aleación baja"]
[31321306,"Ensambles de barras remachadas no metálica"]
[31321309,"Ensambles de barras remachadas de acero inoxidable"]
[31321310,"Ensambles de barras remachadas de titanio"]
[31321311,"Ensambles de barras remachadas de aleación wasp"]
[31321312,"Ensambles de barras remachadas de cobre"]
[31321313,"Ensambles de barras remachadas de latón"]
[31321401,"Ensambles de barras soldadas con soldadura fuerte o débil de aluminio"]
[31321402,"Ensambles de barras soldadas con soldadura fuerte o débil de acero al carbono"]
[31321403,"Ensambles de barras soldadas con soldadura fuerte o débil de aleación hast x"]
[31321404,"Ensambles de barras soldadas con soldadura fuerte o débil de inconel"]
[31321405,"Ensambles de barras soldadas con soldadura fuerte o débil de acero de aleación baja"]
[31321406,"Ensambles de barras soldadas con soldadura fuerte o débil no metálica"]
[31321409,"Ensambles de barras soldadas con soldadura fuerte o débil de acero inoxidable"]
[31321410,"Ensambles de barras soldadas con soldadura fuerte o débil de titanio"]
[31321411,"Ensambles de barras soldadas con soldadura fuerte o débil de aleación wasp"]
[31321412,"Ensambles de barras soldadas con soldadura fuerte o débil de cobre"]
[31321413,"Ensambles de barras soldadas con soldadura fuerte o débil de latón"]
[31321501,"Ensambles de barras soldadas con soldadura ultra violeta de aluminio"]
[31321502,"Ensambles de barras soldadas con soldadura ultra violeta de acero al carbono"]
[31321503,"Ensambles de barras soldadas con soldadura ultra violeta de aleación hast x"]
[31321504,"Ensambles de barras soldadas con soldadura ultra violeta de inconel"]
[31321505,"Ensambles de barras soldadas con soldadura ultra violeta de acero de aleación baja"]
[31321506,"Ensambles de barras soldadas con soldadura ultra violeta no metálica"]
[31321509,"Ensambles de barras soldadas con soldadura ultra violeta de acero inoxidable"]
[31321510,"Ensambles de barras soldadas con soldadura ultra violeta de titanio"]
[31321511,"Ensambles de barras soldadas con soldadura ultra violeta de aleación wasp"]
[31321512,"Ensambles de barras soldadas con soldadura ultra violeta de cobre"]
[31321513,"Ensambles de barras soldadas con soldadura ultra violeta de latón"]
[31321601,"Ensambles de barras soldadas con soldadura sónica de aluminio"]
[31321602,"Ensambles de barras soldadas con soldadura sónica de acero al carbono"]
[31321603,"Ensambles de barras soldadas con soldadura sónica de aleación hast x"]
[31321604,"Ensambles de barras soldadas con soldadura sónica de inconel"]
[31321605,"Ensambles de barras soldadas con soldadura sónica de acero de aleación baja"]
[31321606,"Ensambles de barras soldadas con soldadura sónica no metálica"]
[31321609,"Ensambles de barras soldadas con soldadura sónica de acero inoxidable"]
[31321610,"Ensambles de barras soldadas con soldadura sónica de titanio"]
[31321611,"Ensambles de barras soldadas con soldadura sónica de aleación wasp"]
[31321612,"Ensambles de barras soldadas con soldadura sónica de cobre"]
[31321613,"Ensambles de barras soldadas con soldadura sónica de latón"]
[31321701,"Ensambles de barras atornilladas de aluminio"]
[31321702,"Ensambles de barras atornilladas de acero al carbono"]
[31321703,"Ensambles de barras atornilladas de aleación hast x"]
[31321704,"Ensambles de barras atornilladas de inconel"]
[31321705,"Ensambles de barras atornilladas de acero de aleación baja"]
[31321706,"Ensambles de barras atornilladas no metálica"]
[31321709,"Ensambles de barras atornilladas de acero inoxidable"]
[31321710,"Ensambles de barras atornilladas de titanio"]
[31321711,"Ensambles de barras atornilladas de aleación wasp"]
[31321712,"Ensambles de barras atornilladas de cobre"]
[31321713,"Ensambles de barras atornilladas de latón"]
[31331101,"Ensambles estructurales pegados de aluminio"]
[31331102,"Ensambles estructurales pegados de acero al carbono"]
[31331103,"Ensambles estructurales pegados de aleación hast x"]
[31331104,"Ensambles estructurales pegados de inconel"]
[31331105,"Ensambles estructurales pegados de acero de aleación baja"]
[31331106,"Ensambles estructurales pegados no metálica"]
[31331109,"Ensambles estructurales pegados de acero inoxidable"]
[31331110,"Ensambles estructurales pegados de titanio"]
[31331111,"Ensambles estructurales pegados de aleación wasp"]
[31331112,"Ensambles estructurales pegados de cobre"]
[31331113,"Ensambles estructurales pegados de latón"]
[31331201,"Ensambles estructurales atornillados de aluminio"]
[31331202,"Ensambles estructurales atornillados de acero al carbono"]
[31331203,"Ensambles estructurales atornillados de aleación hast x"]
[31331204,"Ensambles estructurales atornillados de inconel"]
[31331205,"Ensambles estructurales atornillados de acero de aleación baja"]
[31331206,"Ensambles estructurales atornillados no metálica"]
[31331209,"Ensambles estructurales atornillados de acero inoxidable"]
[31331210,"Ensambles estructurales atornillados de titanio"]
[31331211,"Ensambles estructurales atornillados de aleación wasp"]
[31331212,"Ensambles estructurales atornillados de cobre"]
[31331213,"Ensambles estructurales atornillados de latón"]
[31331301,"Ensambles estructurales con soldadura sónica de aluminio"]
[31331302,"Ensambles estructurales con soldadura sónica de acero al carbono"]
[31331303,"Ensambles estructurales con soldadura sónica de aleación hast x"]
[31331304,"Ensambles estructurales con soldadura sónica de inconel"]
[31331305,"Ensambles estructurales con soldadura sónica de acero de aleación baja"]
[31331306,"Ensambles estructurales con soldadura sónica no metálica"]
[31331309,"Ensambles estructurales con soldadura sónica de acero inoxidable"]
[31331310,"Ensambles estructurales con soldadura sónica de titanio"]
[31331311,"Ensambles estructurales con soldadura sónica de aleación wasp"]
[31331312,"Ensambles estructurales con soldadura sónica de cobre"]
[31331313,"Ensambles estructurales con soldadura sónica de latón"]
[31331401,"Ensambles estructurales con soldadura ultra violeta de aluminio"]
[31331402,"Ensambles estructurales con soldadura ultra violeta de acero al carbono"]
[31331403,"Ensambles estructurales con soldadura ultra violeta de aleación hast x"]
[31331404,"Ensambles estructurales con soldadura ultra violeta de inconel"]
[31331405,"Ensambles estructurales con soldadura ultra violeta de acero de aleación baja"]
[31331406,"Ensambles estructurales con soldadura ultra violeta no metálica"]
[31331409,"Ensambles estructurales con soldadura ultra violeta de acero inoxidable"]
[31331410,"Ensambles estructurales con soldadura ultra violeta de titanio"]
[31331411,"Ensambles estructurales con soldadura ultra violeta de aleación wasp"]
[31331412,"Ensambles estructurales con soldadura ultra violeta de cobre"]
[31331413,"Ensambles estructurales con soldadura ultra violeta de latón"]
[31331501,"Ensambles estructurales con soldadura de solvente de aluminio"]
[31331502,"Ensambles estructurales con soldadura de solvente de acero al carbono"]
[31331503,"Ensambles estructurales con soldadura de solvente de aleación hast x"]
[31331504,"Ensambles estructurales con soldadura de solvente de inconel"]
[31331505,"Ensambles estructurales con soldadura de solvente de acero de aleación baja"]
[31331506,"Ensambles estructurales con soldadura de solvente no metálica"]
[31331509,"Ensambles estructurales con soldadura de solvente de acero inoxidable"]
[31331510,"Ensambles estructurales con soldadura de solvente de titanio"]
[31331511,"Ensambles estructurales con soldadura de solvente de aleación wasp"]
[31331512,"Ensambles estructurales con soldadura de solvente de cobre"]
[31331513,"Ensambles estructurales con soldadura de solvente de latón"]
[31331601,"Ensambles estructurales con soldadura de fuerte o débil de aluminio"]
[31331602,"Ensambles estructurales con soldadura de fuerte o débil de acero al carbono"]
[31331603,"Ensambles estructurales con soldadura de fuerte o débil de aleación hast x"]
[31331604,"Ensambles estructurales con soldadura de fuerte o débil de inconel"]
[31331605,"Ensambles estructurales con soldadura de fuerte o débil de acero de aleación baja"]
[31331606,"Ensambles estructurales con soldadura de fuerte o débil no metálica"]
[31331609,"Ensambles estructurales con soldadura de fuerte o débil de acero inoxidable"]
[31331610,"Ensambles estructurales con soldadura de fuerte o débil de titanio"]
[31331611,"Ensambles estructurales con soldadura de fuerte o débil de aleación wasp"]
[31331612,"Ensambles estructurales con soldadura de fuerte o débil de cobre"]
[31331613,"Ensambles estructurales con soldadura de fuerte o débil de latón"]
[31331701,"Ensambles estructurales remachados de aluminio"]
[31331702,"Ensambles estructurales remachados de acero al carbono"]
[31331703,"Ensambles estructurales remachados de aleación hast x"]
[31331704,"Ensambles estructurales remachados de inconel"]
[31331705,"Ensambles estructurales remachados de acero de aleación baja"]
[31331706,"Ensambles estructurales remachados no metálica"]
[31331709,"Ensambles estructurales remachados de acero inoxidable"]
[31331710,"Ensambles estructurales remachados de titanio"]
[31331711,"Ensambles estructurales remachados de aleación wasp"]
[31331712,"Ensambles estructurales remachados de cobre"]
[31331713,"Ensambles estructurales remachados de latón"]
[31341101,"Ensambles de láminas soldadas con soldadura fuerte o débil de aluminio"]
[31341102,"Ensambles de láminas soldadas con soldadura fuerte o débil de acero al carbono"]
[31341103,"Ensambles de láminas soldadas con soldadura fuerte o débil de aleación hast x"]
[31341104,"Ensambles de láminas soldadas con soldadura fuerte o débil de inconel"]
[31341105,"Ensambles de láminas soldadas con soldadura fuerte o débil de acero de aleación baja"]
[31341106,"Ensambles de láminas soldadas con soldadura fuerte o débil no metálica"]
[31341109,"Ensambles de láminas soldadas con soldadura fuerte o débil de acero inoxidable"]
[31341110,"Ensambles de láminas soldadas con soldadura fuerte o débil de titanio"]
[31341111,"Ensambles de láminas soldadas con soldadura fuerte o débil de aleación wasp"]
[31341112,"Ensambles de láminas soldadas con soldadura fuerte o débil de cobre"]
[31341113,"Ensambles de láminas soldadas con soldadura fuerte o débil de latón"]
[31341201,"Ensambles de láminas remachadas de aluminio"]
[31341202,"Ensambles de láminas remachadas de acero al carbono"]
[31341203,"Ensambles de láminas remachadas de aleación hast x"]
[31341204,"Ensambles de láminas remachadas de inconel"]
[31341205,"Ensambles de láminas remachadas de acero de aleación baja"]
[31341206,"Ensambles de láminas remachadas no metálica"]
[31341209,"Ensambles de láminas remachadas de acero inoxidable"]
[31341210,"Ensambles de láminas remachadas de titanio"]
[31341211,"Ensambles de láminas remachadas de aleación wasp"]
[31341212,"Ensambles de láminas remachadas de cobre"]
[31341213,"Ensambles de láminas remachadas de latón"]
[31341301,"Ensambles de láminas soldadas con soldadura ultra violeta de aluminio"]
[31341302,"Ensambles de láminas soldadas con soldadura ultra violeta de acero al carbono"]
[31341303,"Ensambles de láminas soldadas con soldadura ultra violeta de aleación hast x"]
[31341304,"Ensambles de láminas soldadas con soldadura ultra violeta de inconel"]
[31341305,"Ensambles de láminas soldadas con soldadura ultra violeta de acero de aleación baja"]
[31341306,"Ensambles de láminas soldadas con soldadura ultra violeta no metálica"]
[31341309,"Ensambles de láminas soldadas con soldadura ultra violeta de acero inoxidable"]
[31341310,"Ensambles de láminas soldadas con soldadura ultra violeta de titanio"]
[31341311,"Ensambles de láminas soldadas con soldadura ultra violeta de aleación wasp"]
[31341312,"Ensambles de láminas soldadas con soldadura ultra violeta de cobre"]
[31341313,"Ensambles de láminas soldadas con soldadura ultra violeta de latón"]
[31341401,"Ensambles de láminas soldadas con soldadura sónica de aluminio"]
[31341402,"Ensambles de láminas soldadas con soldadura sónica de acero al carbono"]
[31341403,"Ensambles de láminas soldadas con soldadura sónica de aleación hast x"]
[31341404,"Ensambles de láminas soldadas con soldadura sónica de inconel"]
[31341405,"Ensambles de láminas soldadas con soldadura sónica de acero de aleación baja"]
[31341406,"Ensambles de láminas soldadas con soldadura sónica no metálica"]
[31341409,"Ensambles de láminas soldadas con soldadura sónica de acero inoxidable"]
[31341410,"Ensambles de láminas soldadas con soldadura sónica de titanio"]
[31341411,"Ensambles de láminas soldadas con soldadura sónica de aleación wasp"]
[31341412,"Ensambles de láminas soldadas con soldadura sónica de cobre"]
[31341413,"Ensambles de láminas soldadas con soldadura sónica de latón"]
[31341501,"Ensambles de láminas soldadas con soldadura solvente de aluminio"]
[31341502,"Ensambles de láminas soldadas con soldadura solvente de acero al carbono"]
[31341503,"Ensambles de láminas soldadas con soldadura solvente de aleación hast x"]
[31341504,"Ensambles de láminas soldadas con soldadura solvente de inconel"]
[31341505,"Ensambles de láminas soldadas con soldadura solvente de acero de aleación baja"]
[31341506,"Ensambles de láminas soldadas con soldadura solvente no metálica"]
[31341509,"Ensambles de láminas soldadas con soldadura solvente de acero inoxidable"]
[31341510,"Ensambles de láminas soldadas con soldadura solvente de titanio"]
[31341511,"Ensambles de láminas soldadas con soldadura solvente de aleación wasp"]
[31341512,"Ensambles de láminas soldadas con soldadura solvente de cobre"]
[31341513,"Ensambles de láminas soldadas con soldadura solvente de latón"]
[31341601,"Ensambles de láminas pegadas de aluminio"]
[31341602,"Ensambles de láminas pegadas de acero al carbono"]
[31341603,"Ensambles de láminas pegadas de aleación hast x"]
[31341604,"Ensambles de láminas pegadas de inconel"]
[31341605,"Ensambles de láminas pegadas de acero de aleación baja"]
[31341606,"Ensambles de láminas pegadas no metálica"]
[31341609,"Ensambles de láminas pegadas de acero inoxidable"]
[31341610,"Ensambles de láminas pegadas de titanio"]
[31341611,"Ensambles de láminas pegadas de aleación wasp"]
[31341612,"Ensambles de láminas pegadas de cobre"]
[31341613,"Ensambles de láminas pegadas de latón"]
[31341701,"Ensambles de láminas atornilladas de aluminio"]
[31341702,"Ensambles de láminas atornilladas de acero al carbono"]
[31341703,"Ensambles de láminas atornilladas de aleación hast x"]
[31341704,"Ensambles de láminas atornilladas de inconel"]
[31341705,"Ensambles de láminas atornilladas de acero de aleación baja"]
[31341706,"Ensambles de láminas atornilladas no metálica"]
[31341709,"Ensambles de láminas atornilladas de acero inoxidable"]
[31341710,"Ensambles de láminas atornilladas de titanio"]
[31341711,"Ensambles de láminas atornilladas de aleación wasp"]
[31341712,"Ensambles de láminas atornilladas de cobre"]
[31341713,"Ensambles de láminas atornilladas de latón"]
[31351101,"Ensambles de tubos soldados con soldadura ultra violeta de aluminio"]
[31351102,"Ensambles de tubos soldados con soldadura ultra violeta de acero al carbono"]
[31351103,"Ensambles de tubos soldados con soldadura ultra violeta de aleación hast x"]
[31351104,"Ensambles de tubos soldados con soldadura ultra violeta de inconel"]
[31351105,"Ensambles de tubos soldados con soldadura ultra violeta de acero de aleación baja"]
[31351106,"Ensambles de tubos soldados con soldadura ultra violeta no metálica"]
[31351109,"Ensambles de tubos soldados con soldadura ultra violeta de acero inoxidable"]
[31351110,"Ensambles de tubos soldados con soldadura ultra violeta de titanio"]
[31351111,"Ensambles de tubos soldados con soldadura ultra violeta de aleación wasp"]
[31351112,"Ensambles de tubos soldados con soldadura ultra violeta de cobre"]
[31351113,"Ensambles de tubos soldados con soldadura ultra violeta de latón"]
[31351201,"Ensambles de tubos soldados con soldadura fuerte o débil de aluminio"]
[31351202,"Ensambles de tubos soldados con soldadura fuerte o débil de acero al carbono"]
[31351203,"Ensambles de tubos soldados con soldadura fuerte o débil de aleación hast x"]
[31351204,"Ensambles de tubos soldados con soldadura fuerte o débil de inconel"]
[31351205,"Ensambles de tubos soldados con soldadura fuerte o débil de acero de aleación baja"]
[31351206,"Ensambles de tubos soldados con soldadura fuerte o débil no metálica"]
[31351209,"Ensambles de tubos soldados con soldadura fuerte o débil de acero inoxidable"]
[31351210,"Ensambles de tubos soldados con soldadura fuerte o débil de titanio"]
[31351211,"Ensambles de tubos soldados con soldadura fuerte o débil de aleación wasp"]
[31351212,"Ensambles de tubos soldados con soldadura fuerte o débil de cobre"]
[31351213,"Ensambles de tubos soldados con soldadura fuerte o débil de latón"]
[31351301,"Ensambles de tubos remachados de aluminio"]
[31351302,"Ensambles de tubos remachados de acero al carbono"]
[31351303,"Ensambles de tubos remachados de aleación hast x"]
[31351304,"Ensambles de tubos remachados de inconel"]
[31351305,"Ensambles de tubos remachados de acero de aleación baja"]
[31351306,"Ensambles de tubos remachados no metálica"]
[31351309,"Ensambles de tubos remachados de acero inoxidable"]
[31351310,"Ensambles de tubos remachados de titanio"]
[31351311,"Ensambles de tubos remachados de aleación wasp"]
[31351312,"Ensambles de tubos remachados de cobre"]
[31351313,"Ensambles de tubos remachados de latón"]
[31351401,"Ensambles de tubos pegados de aluminio"]
[31351402,"Ensambles de tubos pegados de acero al carbono"]
[31351403,"Ensambles de tubos pegados de aleación hast x"]
[31351404,"Ensambles de tubos pegados de inconel"]
[31351405,"Ensambles de tubos pegados de acero de aleación baja"]
[31351406,"Ensambles de tubos pegados no metálica"]
[31351409,"Ensambles de tubos pegados de acero inoxidable"]
[31351410,"Ensambles de tubos pegados de titanio"]
[31351411,"Ensambles de tubos pegados de aleación wasp"]
[31351412,"Ensambles de tubos pegados de cobre"]
[31351413,"Ensambles de tubos pegados de latón"]
[31351501,"Ensambles de tubos atornillados de aluminio"]
[31351502,"Ensambles de tubos atornillados de acero al carbono"]
[31351503,"Ensambles de tubos atornillados de aleación hast x"]
[31351504,"Ensambles de tubos atornillados de inconel"]
[31351505,"Ensambles de tubos atornillados de acero de aleación baja"]
[31351506,"Ensambles de tubos atornillados no metálica"]
[31351509,"Ensambles de tubos atornillados de acero inoxidable"]
[31351510,"Ensambles de tubos atornillados de titanio"]
[31351511,"Ensambles de tubos atornillados de aleación wasp"]
[31351512,"Ensambles de tubos atornillados de cobre"]
[31351513,"Ensambles de tubos atornillados de latón"]
[31351601,"Ensambles de tubos soldados con disolvente de aluminio"]
[31351602,"Ensambles de tubos soldados con disolvente de acero al carbono"]
[31351603,"Ensambles de tubos soldados con disolvente de aleación hast x"]
[31351604,"Ensambles de tubos soldados con disolvente de inconel"]
[31351605,"Ensambles de tubos soldados con disolvente de acero de aleación baja"]
[31351606,"Ensambles de tubos soldados con disolvente no metálica"]
[31351609,"Ensambles de tubos soldados con disolvente de acero inoxidable"]
[31351610,"Ensambles de tubos soldados con disolvente de titanio"]
[31351611,"Ensambles de tubos soldados con disolvente de aleación wasp"]
[31351612,"Ensambles de tubos soldados con disolvente de cobre"]
[31351613,"Ensambles de tubos soldados con disolvente de latón"]
[31351701,"Ensambles de tubos soldados con soldadura sónica de aluminio"]
[31351702,"Ensambles de tubos soldados con soldadura sónica de acero al carbono"]
[31351703,"Ensambles de tubos soldados con soldadura sónica de aleación hast x"]
[31351704,"Ensambles de tubos soldados con soldadura sónica de inconel"]
[31351705,"Ensambles de tubos soldados con soldadura sónica de acero de aleación baja"]
[31351706,"Ensambles de tubos soldados con soldadura sónica no metálica"]
[31351709,"Ensambles de tubos soldados con soldadura sónica de acero inoxidable"]
[31351710,"Ensambles de tubos soldados con soldadura sónica de titanio"]
[31351711,"Ensambles de tubos soldados con soldadura sónica de aleación wasp"]
[31351712,"Ensambles de tubos soldados con soldadura sónica de cobre"]
[31351713,"Ensambles de tubos soldados con soldadura sónica de latón"]
[31361101,"Ensambles de placas soldadas de aluminio"]
[31361102,"Ensambles de placas soldadas de acero al carbono"]
[31361103,"Ensambles de placas soldadas de aleación hast x"]
[31361104,"Ensambles de placas soldadas de inconel"]
[31361105,"Ensambles de placas soldadas de acero de aleación baja"]
[31361106,"Ensambles de placas soldadas no metálica"]
[31361109,"Ensambles de placas soldadas de acero inoxidable"]
[31361110,"Ensambles de placas soldadas de titanio"]
[31361111,"Ensambles de placas soldadas de aleación wasp"]
[31361112,"Ensambles de placas soldadas de cobre"]
[31361113,"Ensambles de placas soldadas de latón"]
[31361201,"Ensambles de placas atornilladas de aluminio"]
[31361202,"Ensambles de placas atornilladas de acero al carbono"]
[31361203,"Ensambles de placas atornilladas de aleación hast x"]
[31361204,"Ensambles de placas atornilladas de inconel"]
[31361205,"Ensambles de placas atornilladas de acero de aleación baja"]
[31361206,"Ensambles de placas atornilladas no metálica"]
[31361209,"Ensambles de placas atornilladas de acero inoxidable"]
[31361210,"Ensambles de placas atornilladas de titanio"]
[31361211,"Ensambles de placas atornilladas de aleación wasp"]
[31361212,"Ensambles de placas atornilladas de cobre"]
[31361213,"Ensambles de placas atornilladas de latón"]
[31361301,"Ensambles de placas soldadas con solvente de aluminio"]
[31361302,"Ensambles de placas soldadas con solvente de acero al carbono"]
[31361303,"Ensambles de placas soldadas con solvente de aleación hast x"]
[31361304,"Ensambles de placas soldadas con solvente de inconel"]
[31361305,"Ensambles de placas soldadas con solvente de acero de aleación baja"]
[31361306,"Ensambles de placas soldadas con solvente no metálica"]
[31361309,"Ensambles de placas soldadas con solvente de acero inoxidable"]
[31361310,"Ensambles de placas soldadas con solvente de titanio"]
[31361311,"Ensambles de placas soldadas con solvente de aleación wasp"]
[31361312,"Ensambles de placas soldadas con solvente de cobre"]
[31361313,"Ensambles de placas soldadas con solvente de latón"]
[31361401,"Ensambles de placas soldadas con soldadura fuerte o débil de aluminio"]
[31361402,"Ensambles de placas soldadas con soldadura fuerte o débil de acero al carbono"]
[31361403,"Ensambles de placas soldadas con soldadura fuerte o débil de aleación hast x"]
[31361404,"Ensambles de placas soldadas con soldadura fuerte o débil de inconel"]
[31361405,"Ensambles de placas soldadas con soldadura fuerte o débil de acero de aleación baja"]
[31361406,"Ensambles de placas soldadas con soldadura fuerte o débil no metálica"]
[31361409,"Ensambles de placas soldadas con soldadura fuerte o débil de acero inoxidable"]
[31361410,"Ensambles de placas soldadas con soldadura fuerte o débil de titanio"]
[31361411,"Ensambles de placas soldadas con soldadura fuerte o débil de aleación wasp"]
[31361412,"Ensambles de placas soldadas con soldadura fuerte o débil de cobre"]
[31361413,"Ensambles de placas soldadas con soldadura fuerte o débil de latón"]
[31361501,"Ensambles de placas soldadas con soldadura ultra violeta de aluminio"]
[31361502,"Ensambles de placas soldadas con soldadura ultra violeta de acero al carbono"]
[31361503,"Ensambles de placas soldadas con soldadura ultra violeta de aleación hast x"]
[31361504,"Ensambles de placas soldadas con soldadura ultra violeta de inconel"]
[31361505,"Ensambles de placas soldadas con soldadura ultra violeta de acero de aleación baja"]
[31361506,"Ensambles de placas soldadas con soldadura ultra violeta no metálica"]
[31361509,"Ensambles de placas soldadas con soldadura ultra violeta de acero inoxidable"]
[31361510,"Ensambles de placas soldadas con soldadura ultra violeta de titanio"]
[31361511,"Ensambles de placas soldadas con soldadura ultra violeta de aleación wasp"]
[31361512,"Ensambles de placas soldadas con soldadura ultra violeta de cobre"]
[31361513,"Ensambles de placas soldadas con soldadura ultra violeta de latón"]
[31361601,"Ensambles de placas soldadas con soldadura sónica de aluminio"]
[31361602,"Ensambles de placas soldadas con soldadura sónica de acero al carbono"]
[31361603,"Ensambles de placas soldadas con soldadura sónica de aleación hast x"]
[31361604,"Ensambles de placas soldadas con soldadura sónica de inconel"]
[31361605,"Ensambles de placas soldadas con soldadura sónica de acero de aleación baja"]
[31361606,"Ensambles de placas soldadas con soldadura sónica no metálica"]
[31361609,"Ensambles de placas soldadas con soldadura sónica de acero inoxidable"]
[31361610,"Ensambles de placas soldadas con soldadura sónica de titanio"]
[31361611,"Ensambles de placas soldadas con soldadura sónica de aleación wasp"]
[31361612,"Ensambles de placas soldadas con soldadura sónica de cobre"]
[31361613,"Ensambles de placas soldadas con soldadura sónica de latón"]
[31361701,"Ensambles de placas remachadas de aluminio"]
[31361702,"Ensambles de placas remachadas de acero al carbono"]
[31361703,"Ensambles de placas remachadas de aleación hast x"]
[31361704,"Ensambles de placas remachadas de inconel"]
[31361705,"Ensambles de placas remachadas de acero de aleación baja"]
[31361706,"Ensambles de placas remachadas no metálica"]
[31361709,"Ensambles de placas remachadas de acero inoxidable"]
[31361710,"Ensambles de placas remachadas de titanio"]
[31361711,"Ensambles de placas remachadas de aleación wasp"]
[31361712,"Ensambles de placas remachadas de cobre"]
[31361713,"Ensambles de placas remachadas de latón"]
[31371001,"Paneles aislantes"]
[31371002,"Lana aislante"]
[31371003,"Sábanas refractarias"]
[31371101,"Ladrillo de mulita"]
[31371102,"Ladrillos de silimanita"]
[31371103,"Ladrillos resistentes al ácido"]
[31371104,"Ladrillos de sílice"]
[31371105,"Ladrillos de alta alúmina"]
[31371106,"Ladrillos de silicato de calcio"]
[31371107,"Ladrillos con formas"]
[31371201,"Moldeables densos"]
[31371202,"Moldeables de aislación"]
[31371203,"Moldeables bajos en cemento"]
[31371204,"Moldeables resistentes a ácidos o a álcalis"]
[31371205,"Moldeables resistentes a abrasión"]
[31371206,"Moldeables sic"]
[31371207,"Moldeables de auto flujo"]
[31371208,"Moldeable tabular alúmina"]
[31371209,"Moldeable resistente a la erosión"]
[31371301,"Bloques porosos"]
[31371302,"Boquillas de zircón"]
[31371401,"Tejas de sílice"]
[31381001,"Piedra de la veta"]
[31381002,"imanes Alnico"]
[31381003,"Imanes de ferrita"]
[31381004,"Imanes de neodimio"]
[31381005,"Imanes de samario cobalto"]
[32101502,"Montajes de circuitos impresos (pca)"]
[32101503,"Conjuntos de circuitos mixtos"]
[32101504,"Ensamblajes de circuitos montados en superficie"]
[32101505,"Ensamblajes de circuitos electro plateados"]
[32101506,"Tarjetas de circuito de doble cara"]
[32101507,"Tarjetas de tablero de conectores de circuitos"]
[32101508,"Tarjetas de circuito multi capa"]
[32101509,"Tarjetas de circuito de una cara"]
[32101510,"Tablero de cables impreso"]
[32101512,"Demoduladores"]
[32101513,"Conjuntos de circuitos de aplicaciones específicas"]
[32101514,"Amplificadores"]
[32101515,"Atenuadores"]
[32101516,"Circuladores"]
[32101517,"Acopladores"]
[32101518,"Líneas de retardo"]
[32101519,"Detectores"]
[32101520,"Cargas simuladas"]
[32101521,"Filtros de radiofrecuencia (rf)"]
[32101522,"Aisladores"]
[32101523,"Mezcladores"]
[32101524,"Variadores de fase"]
[32101525,"Multiplexores"]
[32101526,"Amplificadores de tubos de onda"]
[32101527,"Terminaciones"]
[32101528,"Moduladores"]
[32101601,"Memoria de acceso aleatorio (ram)"]
[32101602,"Memoria ram dinámica (dram)"]
[32101603,"Memoria ram estática (sram)"]
[32101604,"Memoria rom programable (prom)"]
[32101605,"Memoria rom programable borrable (eprom)"]
[32101606,"Memoria rom programable borrable eléctricamente (eeprom)"]
[32101607,"Circuitos integrados monolíticos de memoria (mmic)"]
[32101608,"Memoria de sólo lectura (rom)"]
[32101609,"Circuitos integrados de aplicaciones específicas (asic)"]
[32101611,"Lógica de matriz programable (pal)"]
[32101612,"Lógica de matriz de puertas (gal)"]
[32101613,"Lógica transistor-transistor (ttl)"]
[32101614,"Lógica de emisor acoplado (ecl)"]
[32101615,"Tecnología mos bipolar (bimos)"]
[32101616,"Tecnología cmos bipolar (bicmos)"]
[32101617,"Tarjetas inteligentes"]
[32101618,"Circuitos integrados ordenados hacia arriba"]
[32101619,"Circuitos integrados lineales"]
[32101620,"Circuitos integrados digitales"]
[32101621,"Memoria dram síncrona (sdram)"]
[32101622,"Memoria flash"]
[32101623,"Memoria rdram (rambus)"]
[32101624,"Memoria sgram"]
[32101625,"Circuitos integrados de accionamiento o control por motor"]
[32101626,"Microprocesadores"]
[32101627,"Osciladores de reloj"]
[32101628,"Microcontroladores"]
[32101629,"Amplificadores operacionales"]
[32101630,"Circuitos integrados de regulador de tensión"]
[32101631,"Circuitos integrados de comparador de tensión"]
[32101632,"Circuitos integrados de temporizador"]
[32101633,"Puertas lógicas"]
[32101634,"Circuitos basculantes"]
[32101635,"Registros de desplazamiento"]
[32101636,"Procesador de señal digital (dsp)"]
[32101637,"Procesadores de red"]
[32111501,"Diodos de microondas"]
[32111502,"Diodos zener"]
[32111503,"Diodos emisores de luz (led)"]
[32111504,"Diodos schottky"]
[32111505,"Diodos con efecto túnel"]
[32111506,"Diodos fotosensibles"]
[32111507,"Diodos de capacitancia variable"]
[32111508,"Diodos solares"]
[32111509,"Diodos de energía"]
[32111510,"Diodos de radiofrecuencia (rf)"]
[32111511,"Diodos de señal pequeña"]
[32111512,"Diodo láser"]
[32111601,"Transistores fotosensibles"]
[32111602,"Transistor de efecto de campo (fet)"]
[32111603,"Transistores mos de efecto de campo (mosfet)"]
[32111604,"Chips de transistor"]
[32111607,"Transistores bipolares de radiofrecuencia (rf) o darlington"]
[32111608,"Transistores uniempalme"]
[32111609,"Transistores bipolares de puerta aislada (igbt)"]
[32111610,"Transistores de efecto de campo de unión (jfet)"]
[32111611,"Transistores bipolares de unión (bjt)"]
[32111701,"Células fotovoltaicas"]
[32111702,"Tiristores"]
[32111703,"Diacs"]
[32111704,"Triacs"]
[32111705,"Aisladores acoplados ópticos"]
[32111706,"Osciladores a cristal"]
[32121501,"Capacitores fijos"]
[32121502,"Capacitores o varactores variables"]
[32121503,"Capacitores ajustables pre - ajustados"]
[32121504,"Redes de capacitores"]
[32121602,"Resistores fusibles"]
[32121603,"Resistores o varistores variables"]
[32121607,"Redes de resistores"]
[32121609,"Resistores fijos"]
[32121701,"Rectificadores"]
[32121702,"Inductores"]
[32121703,"Ferritas"]
[32121704,"Convertidores estáticos"]
[32121705,"Inversores"]
[32121706,"Redes r/c de resistores o capacitores"]
[32131001,"Piletas térmicas"]
[32131002,"Matrices de semiconductor"]
[32131003,"Pastillas de semiconductor"]
[32131005,"Paquetes de circuitos integrados"]
[32131006,"Soportes o zócalos de circuito integrado"]
[32131007,"Soportes de componentes discretos"]
[32131008,"Compuestos disipadores de calor"]
[32131009,"Aisladores para disipadores de calor"]
[32131010,"Tarjetas sencillas de circuitos impresos"]
[32131011,"Cubiertas de circuitos integrados"]
[32131012,"Objetivos de erosión superficial"]
[32141001,"Tubos de rayos catódicos"]
[32141002,"Klistrones"]
[32141003,"Magnetrones"]
[32141004,"Tubos de ondas progresivas"]
[32141005,"Tubos de disco sellado"]
[32141006,"Resnatrones"]
[32141007,"Tiratrones"]
[32141008,"Ignitrones"]
[32141009,"Tubos fotoeléctricos"]
[32141010,"Tubos fotomultiplicadores"]
[32141011,"Tubos receptores de televisión o cámara"]
[32141012,"Tubo de diodo"]
[32141013,"Tubo de tríodo"]
[32141014,"Tubos de tetrodo"]
[32141015,"Tubos de pentodo"]
[32141016,"Tubos múltiples"]
[32141101,"Cátodos o emisores"]
[32141102,"Elementos de ánodo"]
[32141103,"Elementos de rejilla"]
[32141104,"Elementos deflectores"]
[32141105,"Obturadores o fundas de tubo"]
[32141106,"Bases de tubo"]
[32141107,"Zócalos de tubo"]
[32141108,"Clavijas de electrodo"]
[32141109,"Portaelectrodos"]
[39101601,"Lámparas halógenas"]
[39101602,"Lámparas médicas"]
[39101603,"Lámparas solares"]
[39101604,"Lámparas de alcohol"]
[39101605,"Lámparas fluorescentes"]
[39101606,"Lámparas de arco"]
[39101608,"Luz asómbrica o scialytica de operación"]
[39101609,"Lámparas de escenario o estudio"]
[39101610,"Lámparas de filamento"]
[39101612,"Lámparas incandescentes"]
[39101613,"Lámparas infrarrojas"]
[39101614,"Lámparas de haluro- metálico"]
[39101615,"Lámparas de vapor de mercurio"]
[39101616,"Lámparas de rayos ultravioleta (uv)"]
[39101617,"Lámparas de sodio de alta presión hid"]
[39101618,"Lámparas de neón"]
[39101701,"Tubos fluorescentes"]
[39101801,"Filamento de lámpara"]
[39111501,"Artefactos fluorescentes"]
[39111503,"Dispositivos de pared"]
[39111504,"Sistemas de iluminación de escenario o estudio"]
[39111505,"Iluminación empotrada"]
[39111506,"Arañas de luces"]
[39111507,"Artefactos de escritorio"]
[39111508,"Alumbrado de pista"]
[39111509,"Lámparas de pie"]
[39111510,"Lámparas de mesa"]
[39111512,"Luces de banco de laboratorio"]
[39111513,"Iluminación solar interior"]
[39111514,"Luces de árboles"]
[39111515,"Artefactos para lámpara proyectada hacia abajo"]
[39111516,"Aparatos para alumbrado de tareas"]
[39111517,"Velas de Cera"]
[39111518,"Luz de mano o de extensión"]
[39111519,"Portavelas"]
[39111520,"Artefactos de alumbrado halógeno"]
[39111521,"Plafones"]
[39111603,"Alumbrado de la vía pública"]
[39111605,"Iluminación paisajística"]
[39111606,"Alumbrado submarino"]
[39111608,"Alumbrado de zonas residenciales"]
[39111609,"Linternas de queroseno, propano o butano"]
[39111702,"Lámparas portátiles"]
[39111703,"Luces de tormenta"]
[39111704,"Luces proyectantes"]
[39111705,"Barras fluorescentes o de iluminación"]
[39111706,"Luces de emergencia o estroboscópicas (licuadoras)"]
[39111801,"Balastos de lámparas"]
[39111802,"Cubiertas de lámpara"]
[39111803,"Enchufes de lámparas"]
[39111804,"Casquillos de lámparas"]
[39111806,"Cajas de iluminación"]
[39111808,"Parrillas"]
[39111809,"Filtros acondicionadores de luz"]
[39111810,"Interruptor de lámpara"]
[39111811,"Líneas férreas electrificadas"]
[39111812,"Pantallas de lámparas"]
[39111813,"Brazos de lámparas"]
[39111901,"Señalización fluorescente de emplazamientos peligrosos"]
[39111902,"Señalización incandescente de emplazamientos peligrosos"]
[39112001,"Torre de luz"]
[39112002,"Carro de iluminación"]
[39112003,"Stand de iluminación"]
[39121001,"Transformadores de distribución de potencia"]
[39121002,"Transformadores de suministro de potencia"]
[39121003,"Transformadores de instrumentos"]
[39121004,"Unidades de suministro de energía"]
[39121006,"Adaptadores o inversores de potencia"]
[39121007,"Conversores de frecuencia"]
[39121008,"Conversores de señales"]
[39121009,"Reguladores eléctricos o de potencia"]
[39121010,"Bobinas magnéticas"]
[39121011,"Fuentes ininterrumpibles de potencia"]
[39121012,"Estrangulador"]
[39121013,"Convertidores rotativos eléctricos"]
[39121014,"Bancos de capacitores"]
[39121015,"Reactores"]
[39121016,"Anillos colectores"]
[39121017,"Unidades de distribución de alimentación (pdus)"]
[39121018,"Barreras de seguridad intrínseca"]
[39121019,"Dispositivos de acoplamiento por inducción"]
[39121020,"Acondicionadores de señal"]
[39121101,"Centros de carga"]
[39121102,"Tomas o centros de medidores"]
[39121103,"Paneles"]
[39121104,"Centros de control de motor"]
[39121105,"Sistemas de conmutadores"]
[39121106,"Sistemas de control o vigilancia de potencia"]
[39121107,"Sistemas de control de iluminación"]
[39121108,"Accesorios del panel de control o distribución"]
[39121109,"Transformadores de transmisión"]
[39121201,"Escalerillas portacables"]
[39121202,"Canalización eléctrica"]
[39121203,"Conductos eléctricos"]
[39121204,"Cables aéreos"]
[39121205,"Canaletas para cables"]
[39121206,"Cerramientos de barras colectoras"]
[39121207,"Conductos para cables"]
[39121301,"Cerramientos del panel de control o distribución"]
[39121302,"Placas o cubiertas de cerramiento"]
[39121303,"Cajas eléctricas"]
[39121304,"Cubiertas de cajas eléctricas"]
[39121305,"Cajas a prueba de intemperie"]
[39121306,"Cajas de conmutadores"]
[39121307,"Cajas de suelo"]
[39121308,"Cajas de toma de corriente"]
[39121309,"Cajas eléctricas especiales"]
[39121310,"Cajas de uso general"]
[39121311,"Accesorios eléctricos"]
[39121312,"Bujes eléctricos"]
[39121313,"Bridas de techo"]
[39121402,"Enchufes eléctricos"]
[39121403,"Enchufe de bloqueo"]
[39121404,"Manguitos eléctricos"]
[39121405,"Terminales de cable o alambre"]
[39121406,"Receptáculos eléctricos"]
[39121407,"Strips de conexiones"]
[39121408,"Conexiones mecánicas"]
[39121409,"Conectores de cables eléctricos"]
[39121410,"Bloques de terminales"]
[39121411,"Cajas de Bornes para fusibles"]
[39121412,"Conectores de soporte posterior"]
[39121413,"Conectores circulares"]
[39121414,"Conectores coaxiales"]
[39121415,"Conectores planos"]
[39121416,"Tapas de conectores eléctricos"]
[39121419,"Conexiones flexibles"]
[39121420,"Conectores herméticos"]
[39121421,"Ensambles de conectores"]
[39121422,"Acoplamientos mecánicos"]
[39121423,"Conectores de mandíbula de resorte"]
[39121424,"Tapas del bloque de terminales"]
[39121425,"Separador de tablero de terminales"]
[39121426,"Puente de conexión"]
[39121427,"Bobinadoras de cable"]
[39121428,"Bobinadoras eléctricas"]
[39121429,"Conector de fibra óptica"]
[39121430,"Sujetafusibles"]
[39121431,"Conectores estancos de cables"]
[39121432,"Terminales eléctricos"]
[39121433,"Conectores de radiofrecuencia (rf)"]
[39121434,"Conectores de tubos metálicos eléctricos (emt)"]
[39121435,"Hilos o cables de conexión"]
[39121436,"Electrodos"]
[39121437,"Patines de toma de corriente"]
[39121501,"Interruptores de seguridad"]
[39121502,"Conmutadores reductores"]
[39121503,"Conmutadores de tambor"]
[39121504,"Interruptores de tiempos"]
[39121505,"Interruptores de resorte"]
[39121506,"Interruptores automáticos por caída de presión"]
[39121507,"Interruptores de volquete"]
[39121508,"Conmutadores de botón deslizante"]
[39121509,"Interruptores de límite"]
[39121510,"Interruptores de combinadores"]
[39121511,"Interruptores variables"]
[39121512,"Interruptores pulsadores"]
[39121513,"Conmutadores rotatorios"]
[39121514,"Relés de potencia"]
[39121515,"Relés universales"]
[39121516,"Relés de clavija bipolar"]
[39121517,"Relés de voltaje alterno"]
[39121518,"Relés de mercurio"]
[39121519,"Relés de acción diferida"]
[39121520,"Relés de sobrecarga"]
[39121521,"Controles de motor de arranque"]
[39121522,"Contactos eléctricos"]
[39121523,"Temporizadores"]
[39121524,"Fotocontroles"]
[39121525,"Interruptores infusibles"]
[39121527,"Encodificadores"]
[39121528,"Sensores fotoeléctricos"]
[39121529,"Contactores"]
[39121531,"Interruptores de flotador o de nivel"]
[39121532,"Interruptores de radiofrecuencia (RF)"]
[39121533,"Piezas de interruptor y accesorios"]
[39121534,"Luces indicadoras o indicadores luminosos"]
[39121535,"Relés de control"]
[39121536,"Relés de interrupción de fase"]
[39121537,"Conmutadores de pedal"]
[39121538,"Conmutadores de flujo"]
[39121539,"Conmutadores de llave"]
[39121540,"Interruptores de mercurio"]
[39121541,"Conmutadores basculantes"]
[39121542,"Relés de estado sólido"]
[39121543,"Módulo de relés múltiples o de placa de relés"]
[39121544,"Piezas de luces indicadoras o accesorios"]
[39121545,"Paradas de emergencia"]
[39121546,"Controles o conmutadores de palanca de control"]
[39121547,"Soportes o zócalos de relés"]
[39121548,"Conmutadores de vacío"]
[39121549,"Termostato"]
[39121550,"Conmutadores de proximidad"]
[39121551,"Piezas de reflector"]
[39121601,"Breakers de circuito"]
[39121602,"Breakers de circuito magnético"]
[39121603,"Micro disyuntores"]
[39121604,"Fusibles de retardo"]
[39121605,"Fusibles de tapón"]
[39121606,"Fusibles de cartucho"]
[39121607,"Fusibles de cuerpo de vidrio"]
[39121608,"Fusibles de clase"]
[39121609,"Microfusibles"]
[39121610,"Supresor de ondas"]
[39121611,"Fusibles de cerámicas"]
[39121612,"Fusibles de cuchilla"]
[39121613,"Conjuntos o dispositivos de polo a tierra"]
[39121614,"Disyuntores de pérdida a tierra"]
[39121615,"Breakers de circuito de aire"]
[39121616,"Breakers de circuito de caja moldeada"]
[39121617,"Piezas de fusible o accesorios"]
[39121618,"Alambre para fusible"]
[39121619,"Fusibles tipo botella"]
[39121701,"Soportes eléctricos"]
[39121702,"Clips para cables"]
[39121703,"Enlaces de cables"]
[39121704,"Placas de pared"]
[39121705,"Grapas para cables"]
[39121706,"Bujes de transformadores"]
[39121707,"Clavos de tabla de arneses"]
[39121708,"Riel din"]
[39121709,"Atadura de mango"]
[39121710,"Receptáculo multiplicador eléctrico"]
[39121711,"Entubación"]
[39121712,"Finales"]
[39121713,"Cubierta de la bobina"]
[39121714,"Encintado de los pasahilos"]
[39121715,"Tubos corrugados para cableado posterior"]
[39121716,"Manga trenzada extensible"]
[39121717,"Montaje de fijador de cable"]
[39121718,"Kits de empalme de cables"]
[39121719,"Protectores"]
[39121720,"Asas de transformadores"]
[39121721,"Aislantes eléctricos"]
[40101501,"Colectores de aire"]
[40101502,"Extractores de aire"]
[40101503,"Rejilla de ventilación"]
[40101504,"Compuertas de ventilación"]
[40101505,"Difusores de aire"]
[40101506,"Tubos de ventilación"]
[40101601,"Secadores"]
[40101602,"Circuladores de aire"]
[40101603,"Impulsores"]
[40101604,"Ventiladores"]
[40101605,"Protectores o sus accesorios para ventiladores"]
[40101701,"Aires acondicionados"]
[40101702,"Intercambiadores de enfriado"]
[40101703,"Enfriadores de evaporación"]
[40101704,"Unidades de condensación"]
[40101705,"Ensamblajes de tubos capilares"]
[40101706,"Obturadores de aire acondicionado"]
[40101707,"Accesorios para torres de enfriamiento"]
[40101801,"Radiadores"]
[40101802,"Intercambiadores de calor"]
[40101803,"Chimeneas de leña"]
[40101805,"Calefacción"]
[40101806,"Bombas de calor"]
[40101807,"Unidades de calefacción solar"]
[40101808,"Estufas de calefacción"]
[40101809,"Calentadores de circulación"]
[40101810,"Calentadores de conductos de bobina"]
[40101811,"Calentadores de convección"]
[40101812,"Intercambiadores divididos"]
[40101813,"Intercambiadores de doble división"]
[40101814,"Calentadores de aletas tubulares"]
[40101815,"Calentadores de inmersión"]
[40101816,"Intercambiadores de teteras"]
[40101817,"Intercambiadores de una vía"]
[40101818,"Calentadores de procesamiento de aire"]
[40101819,"Calentadores de espacio"]
[40101820,"Intercambiadores divididos"]
[40101821,"Calentadores de banda"]
[40101822,"Calentadores tubulares"]
[40101823,"Intercambiadores de dos vías"]
[40101824,"Calentador de cuarzo"]
[40101825,"Calentadores de agua para uso doméstico"]
[40101826,"Calentadores de agua comerciales"]
[40101827,"Calentadores de fibra cerámica"]
[40101828,"Calentadores de cartucho"]
[40101829,"Calentadores de tiro"]
[40101830,"Elementos de calefacción"]
[40101831,"Calentadores de inducción"]
[40101832,"Puertas para equipos de calefacción"]
[40101833,"Encendedor para calderas o calentadores"]
[40101834,"Quemadores (fogones)"]
[40101901,"Vaporizadores"]
[40101902,"Deshumidificadores"]
[40101903,"Humidificadores"]
[40102001,"Quemadores de tubo radiante"]
[40102002,"Quemadores de tubo de agua"]
[40102003,"Quemadores eléctricos"]
[40102004,"Quemadores operados con gas natural"]
[40102005,"Quemadores operados con gas propano"]
[40141602,"Válvulas de aguja"]
[40141603,"Válvulas neumáticas"]
[40141604,"Válvulas de seguridad"]
[40141605,"Válvulas solenoides"]
[40141606,"Válvulas de relevo"]
[40141607,"Válvulas de bola"]
[40141608,"Válvulas hidráulicas"]
[40141609,"Válvulas de control"]
[40141610,"Válvulas de flotación"]
[40141611,"Válvulas de globo"]
[40141612,"Válvulas de expansión"]
[40141613,"Válvulas de compuerta"]
[40141615,"Válvulas de lengüeta"]
[40141616,"Partes o accesorios para válvulas"]
[40141617,"Válvulas esféricas de ángulo"]
[40141618,"Válvulas de seguridad de bola"]
[40141619,"Válvulas de mariposa con diseño de casquillo"]
[40141620,"Válvulas de mariposa con diseño de disco"]
[40141621,"Válvulas de diafragma"]
[40141622,"Válvulas de seguridad en línea"]
[40141623,"Válvulas tipo compuerta"]
[40141624,"Válvulas con pistones lubricados"]
[40141625,"Válvulas purgadoras de sedimentos (barro o lodo)"]
[40141626,"Válvulas con pistón no lubricado"]
[40141627,"Válvulas de orificio"]
[40141628,"Válvulas piloto"]
[40141629,"Válvulas de pinzamiento"]
[40141630,"Válvulas de seguridad de pistón"]
[40141631,"Válvulas de bombeo"]
[40141632,"Válvulas de monitoreo"]
[40141633,"Válvulas deslizantes"]
[40141634,"Válvulas de control de rotación"]
[40141635,"Válvulas de turbina"]
[40141636,"Kits de válvulas"]
[40141637,"Válvulas de control de disco"]
[40141638,"Válvulas alternadoras"]
[40141701,"Desagües"]
[40141702,"Grifos"]
[40141703,"Boquillas de ducha"]
[40141704,"Espigas"]
[40141705,"Caños"]
[40141716,"Sifones en P"]
[40141719,"Adaptadores para plomería"]
[40141720,"Conectores para plomería"]
[40141725,"Ganchos (soportes) para plomería"]
[40141726,"Hidrantes"]
[40141727,"Plomería de ventilación"]
[40141731,"Boquillas"]
[40141732,"Centradores (arañas) para plomería"]
[40141734,"Conectores para mangueras"]
[40141735,"Embudos"]
[40141736,"Graseras (de lubricación)"]
[40141737,"Diafragmas"]
[40141738,"Tapones de drenaje (de aceite)"]
[40141739,"Tapas de desagüe"]
[40141740,"Llave de la gasolina"]
[40141741,"Orificios de ajuste"]
[40141742,"Atomizadores"]
[40141743,"Puntas o capas de boquillas"]
[40141744,"Cuencos de drenaje"]
[40141745,"Fusibles de alta temperatura"]
[40141746,"Mirillas (indicadores de nivel)"]
[40141901,"Conductos flexibles"]
[40141902,"Conductos rígidos"]
[40141903,"Conductos o red de conductos de manganeso"]
[40141904,"Conductos o red de conductos de aleación ferrosa"]
[40141905,"Conductos o red de conductos de titanio"]
[40141906,"Conductos o red de conductos de latón"]
[40141907,"Conductos o red de conductos de latón"]
[40141908,"Conductos o red de conductos de plomo"]
[40141909,"Conductos o red de conductos de bronce"]
[40141910,"Conductos o red de conductos de zinc"]
[40141911,"Conductos o red de conductos de acero"]
[40141912,"Conductos o red de conductos de hierro"]
[40141913,"Conductos o red de conductos de cemento"]
[40141914,"Conductos o red de conductos de plástico"]
[40141915,"Conductos o red de conductos de caucho"]
[40141916,"Conductos o red de conductos de vidrio"]
[40141917,"Conductos o red de conductos de piedra"]
[40141918,"Conductos o red de conductos de aleación no ferrosa"]
[40141919,"Conductos o red de conductos de aluminio"]
[40141920,"Conductos o red de conductos de acero inoxidable"]
[40141921,"Conductos o red de conductos de metales preciosos"]
[40141922,"Conductos o red de conductos de cobre"]
[40142001,"Mangueras de ácido"]
[40142002,"Mangueras de aire"]
[40142003,"Mangueras de perforación"]
[40142004,"Mangueras marítimas"]
[40142005,"Mangueras para manipular material"]
[40142006,"Mangueras de aceite"]
[40142007,"Mangueras especiales"]
[40142008,"Mangueras de agua"]
[40142009,"Mangueras multipropósito de aire, agua y gas"]
[40142010,"Mangueras recubiertas de fluoropolímero"]
[40142101,"Tubería de acero al carbono"]
[40142102,"Tubería de hierro dúctil"]
[40142103,"Tubería de aleación de níquel alto"]
[40142104,"Tubería de acero de alto rendimiento"]
[40142105,"Tubería de aleación ferrosa"]
[40142106,"Tubería de aluminio"]
[40142107,"Tubería de latón"]
[40142108,"Tubería de bronce"]
[40142109,"Tubería de hormigón"]
[40142110,"Tubería de cobre"]
[40142111,"Tubería de hierro fundido"]
[40142112,"Tubería de plomo"]
[40142113,"Tubería de magnesio"]
[40142114,"Tubería de no ferroso"]
[40142115,"Tubería de plástico"]
[40142116,"Tubería de goma"]
[40142117,"Tubería de acero inoxidable"]
[40142118,"Tubería de hojalata"]
[40142119,"Tubería de titanio"]
[40142120,"Tubería de zinc"]
[40142121,"Carretes de manguera"]
[40142122,"Tubo de vidrio"]
[40142201,"Reguladores de gas"]
[40142202,"Reguladores de fluido"]
[40142203,"Kits de reparación de reguladores de fluido"]
[40142301,"Anillos de recubrimiento de ángulo de tubería"]
[40142302,"Salidas de ramal de tubería"]
[40142303,"Laterales de tubería"]
[40142304,"Injertos de tubería"]
[40142305,"Reductores de tubería"]
[40142306,"Asientos de tubería"]
[40142307,"Extremos cortos de tubería para soldar"]
[40142308,"Y o horquillas de tubería"]
[40142309,"Curva de tubería"]
[40142310,"Tapa de tubería"]
[40142311,"Medio acoplamiento de tubería"]
[40142312,"Conexión de expansión de tubería"]
[40142313,"Tapón de tubería"]
[40142314,"Buje de tubería"]
[40142315,"Acoplamientos de tubería"]
[40142316,"Injerto doble de tubería"]
[40142317,"Codo de tubería"]
[40142318,"Niples de tubería"]
[40142319,"Injertos de tubería"]
[40142320,"Uniones de tubería"]
[40142321,"Acoplamientos de reducción de tubería"]
[40142322,"Mordazas para reparar tubería"]
[40142323,"Disco de ruptura"]
[40142324,"Cajas de conexiones de tuberías"]
[40142325,"Deflectores de tubería"]
[40142326,"Separadores de tuberías"]
[40142327,"Juntas de rótula de tuberías"]
[40142401,"Bridas de amoníaco"]
[40142402,"Bridas de retención"]
[40142403,"Bridas ciegas"]
[40142404,"Bridas de junta de solapa"]
[40142405,"Bridas de casquillo largo para soldar"]
[40142406,"Bridas de orificio"]
[40142407,"Bridas de plato"]
[40142408,"Bridas de corrediza"]
[40142409,"Bridas de boquilla para soldar"]
[40142410,"Bridas ciegas de lentes"]
[40142411,"Bridas roscadas"]
[40142412,"Bridas de casquillo para soldar"]
[40142413,"Bridas de remate"]
[40142414,"Bridas reductoras"]
[40142501,"Filtros (coladores) de líquido"]
[40142502,"Trampas de líquido"]
[40142503,"Trampas de vapor"]
[40142504,"Filtros (coladores) de vapor"]
[40142604,"Codos de tubo"]
[40142605,"Piezas en T de tubo"]
[40142606,"Conexiones de tubo"]
[40142607,"Tapas de tubo"]
[40142608,"Boquillas acopladoras de tubo"]
[40142609,"Tapones de tubo"]
[40142610,"Acoplamientos de tubo"]
[40142611,"Pasantes de tubo"]
[40142612,"Adaptadores de tubo"]
[40142613,"Conectores de tubo"]
[40142614,"Cruces de tubo"]
[40142615,"Reductores de tubo"]
[40151501,"Bombas de aire"]
[40151502,"Bombas de vacío"]
[40151503,"Bombas centrífugas"]
[40151504,"Bombas de circulación"]
[40151505,"Bombas dosificadoras"]
[40151506,"Bombas de mano"]
[40151507,"Bombas de irrigación"]
[40151508,"Bombas de barro"]
[40151509,"Bombas recíprocas"]
[40151510,"Bombas de agua"]
[40151511,"Bombas para pozos"]
[40151512,"Bombas para sumideros"]
[40151513,"Bombas sumergibles"]
[40151514,"Bombas de vapor"]
[40151515,"Bombas solenoides"]
[40151516,"Bombas de corte"]
[40151517,"Bombas de alcantarillado"]
[40151518,"Bombas no selladas"]
[40151519,"Bombas sanitarias"]
[40151520,"Bombas de muestreo"]
[40151521,"Bombas giratorias"]
[40151522,"Bombas de osmosis inversa"]
[40151523,"Bombas de desplazamiento positivo"]
[40151524,"Bombas de aceite"]
[40151525,"Bombas de lodo"]
[40151526,"Bombas de turbina"]
[40151527,"Bombas de émbolo"]
[40151528,"Bombas oscilantes"]
[40151529,"Bombas de tambor"]
[40151530,"Bombas de dragado"]
[40151531,"Bombas para remover agua"]
[40151532,"Bombas de combustible"]
[40151533,"Bombas hidráulicas"]
[40151534,"Bombas criogénicas"]
[40151546,"Bombas de partición axial"]
[40151547,"Bombas de pozo profundo"]
[40151548,"Bombas de diafragma"]
[40151549,"Bombas de doble diafragma"]
[40151550,"Bombas dúplex"]
[40151551,"Bombas de engranaje"]
[40151552,"Bombas de metraje o inyección o proporcionales"]
[40151553,"Bombas de cavidad progresiva"]
[40151554,"Bombas de pistón"]
[40151555,"Bombas de resalte rotatorias"]
[40151556,"Bombas de leva rotatorias"]
[40151557,"Bombas de pistón rotatorias"]
[40151558,"Bombas de tuerca"]
[40151559,"Bombas simplex"]
[40151560,"Bombas de paleta deslizante"]
[40151561,"Bombas triplex"]
[40151562,"Bombas de tornillo"]
[40151563,"Sets de bombas contra incendio"]
[40151564,"Bombas químicas"]
[40151601,"Compresores de aire"]
[40151602,"Compresores de flujo axiales"]
[40151603,"Compresores de diafragma"]
[40151604,"Compresores de gas"]
[40151605,"Compresores de motor"]
[40151606,"Compresores recíprocos"]
[40151607,"Compresores refrigerantes"]
[40151608,"Compresores rotativos"]
[40151609,"Compresores de tuerca"]
[40151610,"Piezas de compresor o accesorios"]
[40151611,"Compresores de barril"]
[40151612,"Compresores centrífugos"]
[40151613,"Compresores de combinación"]
[40151614,"Compresores semi radiales"]
[40151615,"Turbo compresores"]
[40151616,"Kits de compresores"]
[40151701,"Carcasas para bombas"]
[40151712,"Empaques para bombas"]
[40151713,"Revestimientos para bombas"]
[40151714,"Barriles para bombas"]
[40151715,"Poleas para bombas"]
[40151716,"Cabezas para bombas"]
[40151717,"Discos para bombas"]
[40151718,"Partes de repuesto para bombas de lodo"]
[40151719,"Partes de repuesto para bombas de alcantarillado"]
[40151720,"Partes de repuesto para bombas sumergibles"]
[40151721,"Partes de repuesto para bombas de agua"]
[40151722,"Partes de repuesto para bombas de pozo"]
[40151723,"Partes de repuesto para bombas de sumidero"]
[40151724,"Partes de repuesto para bombas dosificadoras"]
[40151725,"Partes de repuesto para bombas centrífugas"]
[40151726,"Partes de repuesto para bombas de circulación"]
[40151727,"Partes de repuesto para bombas rotatorias"]
[40151728,"Kits de reparación de bombas"]
[40161501,"Filtros al vacío"]
[40161502,"Filtros de agua"]
[40161503,"Recolectores de polvo"]
[40161504,"Filtros de aceite"]
[40161505,"Filtros de aire"]
[40161506,"Maquinaria de filtrado"]
[40161507,"Membranas de filtrado"]
[40161508,"Filtros de bolsa"]
[40161509,"Filtros de absorción"]
[40161511,"Filtros coalescentes"]
[40161512,"Filtros electrónicos"]
[40161513,"Filtros de combustible"]
[40161514,"Filtros para tuberías de gas"]
[40161515,"Filtros hidráulicos"]
[40161516,"Filtros en línea"]
[40161517,"Filtros de luz"]
[40161518,"Filtros de microfibra"]
[40161519,"Filtros de panel"]
[40161520,"Filtros de aletas radiales"]
[40161521,"Bases para filtros"]
[40161522,"Aletas para filtros"]
[40161524,"Filtros de pintura"]
[40161525,"Contenedores para filtros"]
[40161526,"Retenedores o accesorios para filtros"]
[40161527,"Kits de reparación de filtros"]
[40161601,"Neutralizador (depurador) de aire"]
[40161602,"Limpiadores de aire"]
[40161701,"Centrífugas"]
[40161702,"Lavador húmedo"]
[40161703,"Eliminadores de niebla"]
[40161704,"Hidrociclones"]
[40161801,"Medios de textiles metálicos"]
[40161802,"Fieltros prensados"]
[40161803,"Papeles filtrantes"]
[40161804,"Ayudas filtrantes"]
[40161805,"Paño filtrante"]
[40161806,"Malla filtrante"]
[41101502,"Bolsas “stomachers”"]
[41101503,"Rociadores de laboratorio"]
[41101504,"Homogeneizadores"]
[41101505,"Celdas de presión francesas"]
[41101515,"Latas medidoras de líquido"]
[41101516,"Homogeneizadores dobles"]
[41101518,"Mezcladores o emulsificadores de laboratorio"]
[41101701,"Molinos de laboratorio"]
[41101702,"Pilones y morteros"]
[41101703,"Moledoras de tejidos"]
[41101705,"Trituradoras o pulverizadoras de laboratorio"]
[41101706,"Desintegradores de laboratorio"]
[41101707,"Prensas de laboratorio"]
[41101801,"Pistolas de electrones"]
[41101802,"Generadores de rayos x"]
[41101803,"Coulómetros"]
[41101804,"Electroscopios"]
[41101805,"Flujómetros"]
[41101806,"Magnetómetros"]
[41101807,"Aparatos de difracción de electrones"]
[41101808,"Aparatos de difracción de neutrones"]
[41101809,"Aparatos de difracción óptica"]
[41101810,"Difractómetros"]
[41101901,"Fuentes de iones"]
[41101902,"Aparatos de intercambio de iones"]
[41101903,"Equipos de implantación de iones"]
[41102401,"Quemadores de gas"]
[41102402,"Quemadores de alcohol"]
[41102403,"Incineradores de laboratorio"]
[41102404,"Calentadores de laboratorio"]
[41102405,"Revestimientos o cintas calentadoras"]
[41102406,"Hornillas eléctricas de laboratorio"]
[41102407,"Gabinetes calentadores"]
[41102410,"Secadoras infrarrojas"]
[41102412,"Secadores de aire caliente"]
[41102421,"Cámaras de reciclaje de temperatura o recicladores térmicos"]
[41102422,"Baños secos o bloques calentadores"]
[41102423,"Hornillas eléctricas agitadoras"]
[41102424,"Calentadores de deslizamiento"]
[41102425,"Secadores de deslizamiento"]
[41102426,"Equipos o accesorios para calentar o secar"]
[41102501,"Contenedores de insectos para laboratorio"]
[41102502,"Instalaciones de crianza para entomología"]
[41102503,"Textiles o redes para entomología"]
[41102504,"Equipo de entomología para clavar especímenes"]
[41102505,"Materiales de ensamblaje para entomología"]
[41102506,"Bandejas de entomología"]
[41102507,"Equipo para recolectar especímenes de entomología"]
[41102508,"Aspiradoras para entomología"]
[41102509,"Cucharones para entomología"]
[41102510,"Mono copas para entomología"]
[41102511,"Trampas pegajosas para entomología"]
[41102512,"Kits de pruebas para insectos"]
[41102513,"Unidades de despliegue para entomología"]
[41102601,"Jaulas para animales pequeños para laboratorio"]
[41102602,"Equipo de acuarios"]
[41102603,"Suministros para identificación de animales"]
[41102604,"Dispositivos para atrapar animales"]
[41102605,"Sistemas de aireación de peces"]
[41102606,"Restricciones o arneses para animales para laboratorio"]
[41102607,"Agujas para alimentar animales"]
[41102608,"Equipos para pruebas de animales"]
[41102701,"Modelos de enrejados de cristal"]
[41102702,"Ensamblajes de cristales centellantes"]
[41102703,"Equipo de dispersión de luz"]
[41102704,"Equipo de difracción de rayos x"]
[41102705,"Cristalizadores"]
[41102706,"Equipo de crecimiento de cristal"]
[41102901,"Estaciones de incrustación de tejidos"]
[41102902,"Moldes de incrustación"]
[41102903,"Cápsulas de incrustación"]
[41102904,"Compuestos de incrustación"]
[41102905,"Aparatos de teñido histológico"]
[41102909,"Procesadores de tejidos"]
[41102910,"Aparatos de cultivo de tejidos"]
[41102911,"Cuchillos o sujeta cuchillos o cuchillas histológicos"]
[41102912,"Cuchillos marcadores de vidrio histológicos"]
[41102913,"Afiladores o correas o compuestos histológicos"]
[41102914,"Desintegradores ultrasónicos"]
[41102915,"Estaciones de muestreo y disección histológica"]
[41102916,"Micrótomos"]
[41102917,"Cuchillas para micrótomos"]
[41102918,"Forros deslizantes para laboratorio"]
[41102919,"Recicladores de solventes"]
[41102920,"Casetes para tejidos para histología"]
[41102921,"Parafina para histología"]
[41102922,"Equipo de forros deslizantes automatizado"]
[41103001,"Sondas planas enfriadoras refrigeradas"]
[41103003,"Criostatos"]
[41103004,"Hornos de circulación por ventilador"]
[41103005,"Gabinetes o congeladores ultra fríos o ultra bajos independientes"]
[41103006,"Congeladores criogénicos o de nitrógeno líquido"]
[41103007,"Unidades de enfriamiento o circuladores de agua fría"]
[41103008,"Módulos enfriadores refrigerados"]
[41103010,"Refrigeradores para bancos de sangre"]
[41103011,"Refrigeradores para propósitos generales o neveras congeladores"]
[41103012,"Refrigeradores o neveras congeladores para almacenar material inflamable"]
[41103013,"Refrigeradores o neveras congeladores a prueba de explosiones"]
[41103014,"Refrigeradores de cromatografía"]
[41103015,"Congeladores para bancos de sangre"]
[41103017,"Congeladores para almacenar material inflamable"]
[41103019,"Congeladores para almacenar plasma"]
[41103020,"Congeladores de cofre ultra fríos o ultra bajos"]
[41103021,"Congeladores planos para laboratorio"]
[41103022,"Transporte o almacenamiento frío"]
[41103023,"Enfriadores para laboratorio"]
[41103024,"Trampas frías"]
[41103025,"Accesorios para equipos enfriadores de laboratorio"]
[41103201,"Lavadoras de ingeniería química"]
[41103202,"Máquinas lavadoras para laboratorio"]
[41103203,"Lavadoras de pipetas"]
[41103205,"Estantes o accesorios para máquinas lavadoras"]
[41103206,"Detergentes de lavado para laboratorios"]
[41103207,"Lavadoras de micro placas"]
[41103208,"Lavadoras de celdas de bancos de sangre"]
[41103209,"Botellas de lavado de laboratorios"]
[41103210,"Esterilizadores uv ultravioleta para laboratorios"]
[41103301,"Contadores centellantes líquidos"]
[41103302,"Hidrómetros ácidos de batería"]
[41103303,"Densitómetros"]
[41103305,"Equipos de alto vacío"]
[41103306,"Equipos de vacío neumático"]
[41103307,"Equipos de vacío o vapor de mercurio"]
[41103308,"Aparatos de combustión de alto vacío"]
[41103309,"Equipos de análisis de inyección de flujo"]
[41103310,"Instrumentos para medir la concentración de gas o vapor"]
[41103311,"Manómetros"]
[41103312,"Viscosímetros"]
[41103313,"Indicadores de profundidad"]
[41103314,"Aparatos de estimación de estructura microscópica"]
[41103315,"Aparatos de estimación de fuerza de una solución"]
[41103316,"Picnómetros"]
[41103317,"Instrumentos para medir la tensión de la superficie"]
[41103318,"Densitómetro nuclear"]
[41103401,"Pantallas de control de contaminación"]
[41103403,"Equipos de control de aire microbiológico"]
[41103406,"Cajas de guantes de aislamiento"]
[41103407,"Cámara anaeróbica"]
[41103408,"Alcance refrigerado para cámaras ambientales o de cultivo"]
[41103409,"Alcance caliente para cámaras ambientales o de cultivo"]
[41103410,"Alcance refrigerado y caliente para cámaras ambientales y de cultivo"]
[41103411,"Camino refrigerado para cámaras ambientales o de cultivo"]
[41103412,"Camino caliente para cámaras ambientales o de cultivo"]
[41103413,"Camino refrigerado y caliente para cámaras ambientales o de cultivo"]
[41103414,"Accesorios para equipos acondicionadores de ambiente para laboratorios"]
[41103415,"Bancos limpios"]
[41103501,"Ebullómetro"]
[41103502,"Caperuzas o cajones para gases"]
[41103504,"Gabinetes o estaciones para flujo laminar"]
[41103506,"Cerramientos pcr"]
[41103507,"Cerramientos hepa filtrados"]
[41103508,"Cerramientos carbono filtrados"]
[41103509,"Estropajos para laboratorio"]
[41103510,"Secadores para laboratorio"]
[41103511,"Accesorios de cerramiento para laboratorio"]
[41103512,"Eliminadores de estática"]
[41103513,"Cerramientos para cultivo de tejidos"]
[41103701,"Baños de circulación"]
[41103702,"Baños termostáticos"]
[41103703,"Baños múltiples"]
[41103704,"Baños biológicos"]
[41103705,"Baños para órganos"]
[41103706,"Baños de agua"]
[41103707,"Baños de aceite"]
[41103708,"Baños de arena"]
[41103709,"Baños refrigerados"]
[41103710,"Baños de agua de agitación orbital"]
[41103711,"Baños de agua de agitación recíproca"]
[41103712,"Circuladores de inmersión"]
[41103713,"Baños de viscosidad"]
[41103714,"Baños de flotación de tejidos"]
[41103715,"Accesorios o suministros para baños de laboratorio"]
[41103801,"Mezcladores de laboratorio"]
[41103802,"Mezcladores de rodillo"]
[41103803,"Mesas para revolver"]
[41103804,"Equipo multi banco o de floculación"]
[41103805,"Vibradores para laboratorio"]
[41103806,"Agitador magnético"]
[41103807,"Mezcladores de toque para laboratorio"]
[41103808,"Mezcladores de plaqueta"]
[41103809,"Mezcladores químicos o de hematología"]
[41103810,"Agitadores de techo"]
[41103811,"Sacudidores orbitales"]
[41103812,"Sacudidores recíprocos"]
[41103813,"Sacudidores de rotación"]
[41103814,"Mezcladores de vértice"]
[41103815,"Rotadores de tubos"]
[41103816,"Accesorios o aditamentos para mezcladores o sacudidores"]
[41103901,"Micro centrífugas"]
[41103902,"Micro centrífugas refrigeradas"]
[41103903,"Centrífugas de mesa"]
[41103904,"Centrífugas de mesa refrigeradas"]
[41103905,"Centrífugas de piso"]
[41103906,"Centrífugas de piso refrigeradas"]
[41103907,"Ultra centrífugas"]
[41103908,"Centrífugas de vacío"]
[41103909,"Rotores de centrífugas"]
[41103910,"Baldes centrífugos"]
[41103911,"Adaptadores para centrífugas"]
[41103912,"Cepillos para centrífugas"]
[41103913,"Accesorios para centrífugas de laboratorio"]
[41104001,"Cambiadores de muestras"]
[41104002,"Oxidante de muestras"]
[41104003,"Línea de preparación de muestras"]
[41104004,"Bombas de preparación de muestras"]
[41104005,"Achicadores para laboratorio"]
[41104006,"Coliwasas (muestreadores de desechos líquidos de compostaje)"]
[41104007,"Muestreadores de agua"]
[41104008,"Muestreadores o colectores de aire"]
[41104009,"Bombas muestreadoras de aire"]
[41104010,"Kits de reactivos para usar con muestreadores de aire"]
[41104011,"Filtros u otras partes de repuesto para muestreadores"]
[41104012,"Recogedores o frascos para polvo"]
[41104013,"Muestreadores de dióxido de sulfuro o de humo"]
[41104014,"Aplicadores de muestras"]
[41104015,"Equipo de análisis de muestras de plantas"]
[41104016,"Muestreadores de polución de aire"]
[41104017,"Contenedores para muestras"]
[41104018,"Preparaciones para extracción de fase sólida"]
[41104019,"Colectores de muestras"]
[41104020,"Bandeja de flujo de elemento calcino"]
[41104101,"Sobres o empaques para especímenes o láminas de muestras"]
[41104102,"Lancetas"]
[41104103,"Calentadores de pivote"]
[41104104,"Torniquetes"]
[41104105,"Bolsas para recolectar o transportar especímenes"]
[41104106,"Bandejas o accesorios de flebotomía"]
[41104107,"Tubos de recolección o contenedores de sangre al vacío"]
[41104108,"Tubos de recolección o contenedores de sangre no al vacío"]
[41104109,"Bolsas de recolección de unidades de sangre"]
[41104110,"Botellas de cultivo de sangre"]
[41104111,"Kits o contenedores de recolección de citologías"]
[41104112,"Contenedores de recolección de orina"]
[41104114,"Contenedores de recolección frepp sepp"]
[41104115,"Contenedores de recolección de filtro de suero"]
[41104116,"Contenedores de recolección o transporte de frotis"]
[41104117,"Porta especímenes"]
[41104118,"Contenedor de recolección de especímenes"]
[41104119,"Contenedores de recolección de tejido óseo"]
[41104120,"Tubos de tasa de sedimentación"]
[41104121,"Contenedores con medio químico para recolección de heces"]
[41104122,"Contenedores sin medio químico para recolección de heces"]
[41104123,"Aparatos o contenedores para recolección de esputos"]
[41104124,"Bandejas de biopsia de médula de hueso para laboratorio"]
[41104201,"Reactivos de purificación del agua"]
[41104202,"Equipos de deionización o desmineralización"]
[41104203,"Equipos de intercambio de base"]
[41104204,"Equipos de ósmosis inversa"]
[41104205,"Unidades ultra violeta de purificación de agua"]
[41104206,"Sistemas de agua ultra pura"]
[41104207,"Sistemas de análisis de agua"]
[41104208,"Deshidratadores"]
[41104209,"Desoxidantes"]
[41104210,"Disolventes"]
[41104211,"Suavizantes"]
[41104212,"Cartuchos de filtración de agua"]
[41104301,"Unidades de fermentación estándar"]
[41104302,"Aparatos de cultivo continuo"]
[41104303,"Jarros o accesorios anaeróbicos"]
[41104304,"Sistemas digestivos"]
[41104305,"Condensadores (espesantes)"]
[41104306,"Equipos para cultivos in vitro"]
[41104307,"Equipos para fermentación microbiológica"]
[41104308,"Sistemas o suministros para cultivos ambientales anaeróbicos"]
[41104401,"Incubadoras para uso general de convección de gravedad"]
[41104402,"Incubadoras de uso general de aire forzado o convección mecánica"]
[41104403,"Incubadoras para cultivo de tejidos"]
[41104404,"Incubadoras de demanda de oxígeno biológico bod enfriadas"]
[41104405,"Incubadoras de agitación"]
[41104406,"Incubadoras planas"]
[41104407,"Incubadoras de cámara única de dióxido de carbono recubierta de agua"]
[41104408,"Incubadoras de cámara dual de dióxido de carbono recubierta de agua"]
[41104409,"Incubadoras de cámara única de dióxido de carbono recubierta de agua con control de humedad"]
[41104410,"Incubadoras de cámara dual de dióxido de carbono recubierta de agua con control de humedad"]
[41104411,"Incubadoras de cámara única de dióxido de carbono de pared seca"]
[41104412,"Incubadoras de cámara dual de dióxido de carbono de pared seca"]
[41104413,"Incubadoras de cámara única de dióxido de carbono de pared seca con control de humedad"]
[41104414,"Incubadoras de cámara dual de dióxido de carbono de pared seca con control de humedad"]
[41104415,"Incubadoras de cámara única de tres gases recubierta de agua"]
[41104416,"Incubadoras de cámara dual de tres gases recubierta de agua"]
[41104417,"Incubadoras de cámara única de tres gases recubierta de agua con control de humedad"]
[41104418,"Incubadoras de cámara dual de tres gases recubierta de agua con control de humedad"]
[41104419,"Incubadoras de cámara única de tres gases de pared seca"]
[41104420,"Incubadoras de cámara dual de tres gases de pared seca"]
[41104421,"Incubadoras de cámara única de tres gases de pared seca con control de humedad"]
[41104422,"Incubadoras de cámara dual de tres gases de pared seca con control de humedad"]
[41104423,"Incubadoras refrigeradas"]
[41104424,"Accesorios para incubadoras"]
[41104501,"Hornos de convección mecánica para laboratorio"]
[41104502,"Hornos de convección de gravedad"]
[41104503,"Hornos de envejecimiento"]
[41104504,"Hornos de limpieza de espacio"]
[41104505,"Recipientes de cuarzo para horno para laboratorio"]
[41104506,"Hornos de seguridad para laboratorios"]
[41104507,"Hornos microondas para laboratorio"]
[41104508,"Secadoras de inducción"]
[41104509,"Hornos al vacío"]
[41104510,"Hornos o gabinetes secadores"]
[41104511,"Hornos o incubadoras de hibridación"]
[41104512,"Accesorios para hornos de laboratorio"]
[41104601,"Hornos de caja para laboratorio"]
[41104602,"Hornos de caja programables"]
[41104603,"Hornos de tubo"]
[41104604,"Hornos de tubo programables"]
[41104605,"Hornos de crisol"]
[41104606,"Hornos de crisol programables"]
[41104607,"Consola de control de calderas"]
[41104608,"Consola de control de calderas programables"]
[41104609,"Hornos de seguridad para laboratorio"]
[41104610,"Crisoles para hornos de laboratorio"]
[41104611,"Aislamiento de repuesto para calderas de laboratorio"]
[41104612,"Accesorios para calderas de laboratorio"]
[41104701,"Secadores de congelación o liofolizantes"]
[41104702,"Cristalería para secadores de congelación"]
[41104703,"Secadores de bandeja"]
[41104704,"Accesorios para secadores de congelación o liofolizantes"]
[41104801,"Unidades de redomas o retortas"]
[41104802,"Unidades de bi destilación"]
[41104803,"Evaporadores para laboratorio"]
[41104804,"Evaporadores de vacío o rotatorios"]
[41104805,"Evaporadores de purga de nitrógeno"]
[41104806,"Equipo de extracción para laboratorios"]
[41104807,"Extractores de grasa"]
[41104808,"Extractores de fibra cruda"]
[41104809,"Unidad de análisis de sedimentación"]
[41104810,"Aparatos de fraccionamiento"]
[41104811,"Fraccionadores de densidad gradiente"]
[41104812,"Pipetas o columnas o accesorios de destilación"]
[41104813,"Componentes de reflujo"]
[41104814,"Condensadores intercambiadores de calor para laboratorio"]
[41104815,"Aparatos “kjeldahl” para la determinación de nitrógeno"]
[41104816,"Concentradores centrífugos o de vacío"]
[41104817,"Casquillos de extracción"]
[41104901,"Filtros de línea para laboratorio"]
[41104902,"Equipos de filtración de gel"]
[41104903,"Equipos de ultra filtración"]
[41104904,"Filtros de células aglomeradas"]
[41104905,"Equipos de filtración de canal angosto"]
[41104906,"Equipos de filtración de ósmosis inversa"]
[41104907,"Equipos de filtración molecular"]
[41104908,"Elementos de filtración de cartucho para laboratorios"]
[41104909,"Sujeta filtros o ciclones para laboratorios"]
[41104910,"Filtros multi hoja o de prensa para laboratorios"]
[41104911,"Sistemas de filtración de aire para laboratorios"]
[41104912,"Filtro de prensas de fluido"]
[41104913,"Filtros de bio separación"]
[41104914,"Tazas o botellas de filtración"]
[41104915,"Filtros de cápsulas"]
[41104916,"Filtros centrífugos"]
[41104917,"Filtros ambientales para laboratorio"]
[41104918,"Filtros de vidrio para laboratorio"]
[41104919,"Filtros hepa para laboratorio"]
[41104920,"Filtros de hibridación"]
[41104921,"Filtros de membrana para laboratorio"]
[41104922,"Filtros de jeringa"]
[41104923,"Filtros de plato multipocillo"]
[41104924,"Filtros de microbiología"]
[41104925,"Hardware de filtración o accesorios para laboratorio"]
[41104926,"Filtro de cama de sílice"]
[41104927,"Pantallas de soporte para filtros"]
[41104928,"Receptor de botellas para laboratorio"]
[41104929,"Papeles filtrantes para laboratorio"]
[41105001,"Separadores para laboratorio"]
[41105002,"Equipo de tamizaje para laboratorio"]
[41105003,"Cernidores de prueba"]
[41105101,"Bombas de vacío para laboratorio"]
[41105102,"Bombas peristálticas"]
[41105103,"Bombas centrífugas para laboratorio"]
[41105104,"Bombas de jeringa"]
[41105105,"Bombas de medición"]
[41105106,"Bombas de cromatografía"]
[41105107,"Bombas de tambor para laboratorio"]
[41105108,"Tubos de uso general para laboratorio"]
[41105109,"Bombas de aleta rotativa"]
[41105201,"Equipo para teñir muestras de histología o citología"]
[41105202,"Equipo para teñir muestras de hematología"]
[41105203,"Equipo para teñir muestras de microbiología"]
[41105204,"Accesorios para equipos para teñir muestras de laboratorio"]
[41105205,"Equipo para preparar micro muestras"]
[41105301,"Cajas de gel"]
[41105302,"Secadores de gel"]
[41105303,"Suministros para el sistema de energía de electroforesis"]
[41105304,"Transiluminadores"]
[41105305,"Accesorios para el sistema de electroforesis"]
[41105307,"Instrumental para electroforesis capilar"]
[41105308,"Capilares o cartuchos"]
[41105309,"Kits o reactivos para electroforesis capilar"]
[41105310,"Accesorios para bloquear o transferir"]
[41105311,"Aparatos para bloquear o transferir"]
[41105312,"Peinillas o platos o espaciadores o bandejas"]
[41105313,"Casetes de detección o accesorios relacionados"]
[41105314,"Sistemas de documentación de gel"]
[41105315,"Accesorios de documentación de gel"]
[41105316,"Entrecruzadores ultravioleta"]
[41105317,"Reactivos para preparar geles de agarosa"]
[41105318,"Geles de agarosa prefabricados"]
[41105319,"Reactivos para preparar gel poliacrilamida"]
[41105320,"Geles de poliacrilamida pre fabricados"]
[41105321,"Tintura para geles ácido nucleicos"]
[41105322,"Tintura para geles poliacrilamidas"]
[41105323,"Zonas o soluciones prefabricadas para electroforesis"]
[41105324,"Sondas para ácido desoxirribonucleico dna o ácido ribonucleico rna"]
[41105325,"Placas micropocillo para hibridación de ácido desoxirribonucleico dna o ácido ribonucleico rna"]
[41105326,"Agentes reactivos o zonas para hibridación"]
[41105327,"Nucleótidos u oligómeros conjugados"]
[41105328,"Northern blot o southern blot o western blot prefabricadas"]
[41105329,"Agentes bloqueadores"]
[41105330,"Proteínas de control o lisados celulares o lisados de tejidos"]
[41105331,"Reactivos o kits o sustratos de detección quimio fluorescente de proteínas"]
[41105332,"Reactivos o kits o sustratos de detección quimio luminiscente de proteínas"]
[41105333,"Reactivos o kits o sustratos de detección cromogénica de proteínas"]
[41105334,"Marcadores de cuantificación de ácido desoxirribonucleico dna"]
[41105335,"Marcadores de tamaño o estándares de ácido desoxirribonucleico dna"]
[41105336,"Marcadores de foco isoeléctrico ief"]
[41105337,"Marcadores de electroforesis de proteína"]
[41105338,"Marcadores o estándares de ácido ribonucleico rna"]
[41105339,"Membranas de transferencia por adsorción"]
[41105501,"Kits de extracción de gel o limpiadores de ácido desoxirribonucleico dna"]
[41105502,"Kits para extrae ácido desoxirribonucleico dna de alimentos"]
[41105503,"Sistemas de electro elución"]
[41105504,"Kits de purificación de ácido desoxirribonucleico dna genómico"]
[41105505,"Sistemas de selección de alto rendimiento hts en purificación de ácido nucleico"]
[41105506,"Kits para purificación de ácido ribonucleico mensajero mrna"]
[41105507,"Glóbulos magnéticos para aislar ácido nucleico"]
[41105508,"Co-precipitantes de ácidos nucleicos"]
[41105509,"Kits de cuantificación de ácidos nucleicos"]
[41105510,"Kits de purificación de fagos de ácido desoxirribonucleico dna"]
[41105511,"Kits para extracción de plásmidos de ácido desoxirribonucleico dna de la levadura"]
[41105512,"Kit de purificación de plásmidos o cósmidos o cromosomas bacterianos artificiales bac"]
[41105513,"Kits de purificación de ácido nucleico etiquetado"]
[41105514,"Reactivos para extracción o precipitación o re suspensión de ácido nucleico"]
[41105515,"Materiales de estabilización o limpieza de ácido ribonucleico"]
[41105516,"Kits de extracción de gel de ácido ribonucleico rna"]
[41105517,"Kits para extracción de ácido nucleico de células o tejidos de plantas"]
[41105518,"Kits de purificación de ácido ribonucleico rna total"]
[41105519,"Kits de purificación de ácido desoxirribonucleico dna viral"]
[41105520,"Kits de purificación de ácido ribonucleico viral"]
[41105601,"Kits o enzimas para secuenciación"]
[41105701,"Acido nucleico inmovilizado en membranas de vidrio o nylon"]
[41105801,"Conjugados o derivados oligoméricos"]
[41105802,"Ribonucleotidos"]
[41105803,"Sistemas o kits de transcripción o traducción"]
[41105804,"Accesorios de etiquetado de traducción"]
[41105901,"Tejidos animales o fluidos corporales"]
[41105902,"Muestrarios de ácido desoxirribonucleico dna complementario"]
[41105903,"Kits de síntesis de ácido desoxirribonucleico dna complementario"]
[41105904,"Muestrarios genómicos"]
[41105905,"Kits de construcción de muestrarios"]
[41105906,"Muestrarios de despliegue de proteínas o péptidos"]
[41105907,"Dos muestrarios o sistemas de dos híbridos"]
[41105908,"Kits de empaques virales"]
[41106001,"Materiales de detección de ácido nucleico quimio fluorescente"]
[41106002,"Materiales de detección de ácido nucleico quimio luminiscente"]
[41106003,"Materiales de detección nucleicos y cromogénicos"]
[41106004,"Kits de etiquetado no radiactivos de ácido nucleico"]
[41106005,"Kits de etiquetado radiactivos de ácido nucleico"]
[41106006,"Radio nucleótidos o nucleosidos"]
[41106101,"Kits citogenéticos"]
[41106102,"Kits de kits de exhibición o sustracción diferenciales"]
[41106103,"Kits de tipificación de ácido desoxirribonucleico dna"]
[41106104,"Pruebas de protección nucleasa"]
[41106201,"Antimicóticos"]
[41106202,"Celdas competentes de bacterias"]
[41106203,"Kits de transformación de bacterias"]
[41106204,"Medio agar embotellado o en bandas para bacterias"]
[41106205,"Mezclas de suplemento brent para levadura"]
[41106206,"Mezclas de suplemento completo para levadura"]
[41106207,"Medio discoide dictiostelium"]
[41106208,"Cubetas de electroporación"]
[41106209,"Mezclas de suplemento hollenberg para levaduras"]
[41106210,"Medios o suplementos para schizosaccharomyces pombe (levadura de fisión)"]
[41106211,"Ingredientes o aditivos de medio para schizosaccharomyces pombe"]
[41106212,"Ingredientes o aditivos de medio para bacterias"]
[41106213,"Medio seco premezclado"]
[41106214,"Reactivos para preparar bacterias competentes"]
[41106215,"Reactivos para preparar levadura competente"]
[41106216,"Medios ricos para levadura"]
[41106217,"Platos especiales para bacterias"]
[41106218,"Medio seco premezclado especializado"]
[41106219,"Mezclas suplementarias completas sintéticas para levadura"]
[41106220,"Medio sintético para levadura"]
[41106221,"Células competentes para levadura"]
[41106222,"Kits de transformación de levadura"]
[41106223,"Bases de nitrógeno para levadura ynb o variantes de bases de nitrógeno para levaduras ynb"]
[41106301,"Trifosfatos deoxinucleotidos dntps"]
[41106302,"Kits de reacción en cadena polimerasa específica para genes"]
[41106303,"Kits de purificación de reacción en cadena de polimerasa"]
[41106304,"Kits para cuantificación de ácido ribonucleico mensajero mrna mediante reacción en cadena de polimerasa pcr"]
[41106305,"Nucleótidos"]
[41106306,"Tapones para reacción en cadena de polimerasa pcr"]
[41106307,"Productos para optimizar la reacción en cadena de polimerasa pcr"]
[41106308,"Base para reacción en cadena de polimerasa pcr o reacción en cadena de polimerasa transcripta inversa rt pcr"]
[41106309,"Ácido desoxirribonucleico complementario cdna pre-preparado"]
[41106310,"Ácido desoxirribonucleico adn genómico purificado"]
[41106311,"Ácidos ribonucleicos rna purificados"]
[41106312,"Productos de tecnología de rápida amplificación o terminaciones de ácido desoxirribonucleico complementario race"]
[41106313,"Kits de reacción en cadena de polimerasa transcriptasa inversa rt pcr"]
[41106314,"Kits o polimerasas de ácido desoxirribonucleico dna termoestable"]
[41106401,"Adaptadores o enlazadores"]
[41106402,"Bases misceláneas"]
[41106403,"Bases de secuenciación"]
[41106501,"Kits de expresión bacteriana"]
[41106502,"Reactivos de transfección eucariótica"]
[41106503,"Inductores o reguladores"]
[41106504,"Células de insectos"]
[41106505,"Kits de expresión de insectos"]
[41106506,"Medio para insectos"]
[41106507,"Reactivos o suplementos para medio para insectos"]
[41106508,"Kits de expresión celular mamífera"]
[41106509,"Células mamíferas"]
[41106510,"Kits para extracción de proteína de células o tejidos de mamíferos"]
[41106511,"Kits para extracción de proteína de bacterias"]
[41106512,"Kits para extracción de proteína de levadura"]
[41106513,"Reportero de ensayo genético"]
[41106514,"Líneas celulares mamíferas estables"]
[41106515,"Kits de expresión de levadura"]
[41106601,"Vectores enfocados a cromosomas"]
[41106602,"Vectores enfocados a expresión bacteriana"]
[41106603,"Vectores de casete"]
[41106604,"Despliegue de mapas o secuencias vectoriales"]
[41106605,"Mapas o secuencias de reportero de vector enzimático"]
[41106606,"Vectores de expresión de ácido desoxirribonucleico complementario cdna"]
[41106607,"Mapas o secuencias de vectores proteínicos fluorescentes"]
[41106608,"Vectores de fusión"]
[41106609,"Vectores enfocados a genes"]
[41106610,"Vectores de clonación general"]
[41106611,"Vectores o kits de sistemas hídricos"]
[41106612,"Vectores de expresión de insectos"]
[41106613,"Vectores de construcción de muestrarios"]
[41106614,"Vectores de expresión celular de mamíferos"]
[41106615,"Kits o vectores de clonación de reacción en cadena de polimerasa pcr"]
[41106616,"Ácido desoxirribonucleico dna fágico o viral"]
[41106617,"Kits o vectores de muta génesis plásmida"]
[41106618,"Productos de expresión o clonación de recombinación mediada"]
[41106619,"Vectores de secuenciación"]
[41106620,"Mapas o secuencias de reporteros de vectores por señal de transducción"]
[41106621,"Kits o vectores de expresión de virus mediado"]
[41106622,"Vectores de expresión de levadura"]
[41111501,"Balanzas de carga superior electrónicos"]
[41111502,"Balanzas de laboratorio"]
[41111503,"Balanzas mecánicas"]
[41111504,"Balanzas de resorte tensor"]
[41111505,"Pesas de calibración o sets de pesas"]
[41111506,"Básculas para pesar animales"]
[41111507,"Básculas de mesa"]
[41111508,"Básculas para medir el peso corporal"]
[41111509,"Básculas de piso o de plataforma"]
[41111510,"Básculas postales"]
[41111511,"Básculas de camión o riel"]
[41111512,"Balanzas de triple haz"]
[41111513,"Balanzas de humedad"]
[41111515,"Contenedores o tazones o barcos o papeles para pesar"]
[41111516,"Accesorios para instrumentos de medición de peso"]
[41111517,"Balanzas analíticas"]
[41111601,"Micrómetros"]
[41111602,"Podómetros"]
[41111603,"Telémetros o buscadores de rango"]
[41111604,"Reglas"]
[41111605,"Medidoras de tensión"]
[41111606,"Telurómetros"]
[41111607,"Medidores o contadores de roscas"]
[41111613,"Metros de distancia"]
[41111614,"Medidores de altura"]
[41111615,"Sistemas láser de medición"]
[41111616,"Ruedas medidoras para distancias"]
[41111617,"Medidor de espesores"]
[41111618,"Set de bloques de patrón longitudinal"]
[41111619,"Calibrador go nogo"]
[41111620,"Cuña de etalón"]
[41111621,"Calibradores"]
[41111622,"Calibradores micrómetros"]
[41111623,"Dispositivos de medición de grosor"]
[41111701,"Microscopios iónicos"]
[41111702,"Microscopios monoculares"]
[41111703,"Microscopios de disección de luz o de estéreo"]
[41111704,"Iluminadores para microscopios"]
[41111705,"Objetivos para microscopios"]
[41111706,"Elementos de sujeción de fotos para microscopios"]
[41111707,"Proyectores de perfil"]
[41111708,"Elementos de sujeción de video para microscopios"]
[41111709,"Microscopios compuestos de luz binocular"]
[41111710,"Combinación de microscopios de luz y electrones"]
[41111711,"Microscopios de electrones"]
[41111712,"Microscopios invertidos"]
[41111713,"Magnificadores"]
[41111714,"Lupas"]
[41111715,"Telescopios"]
[41111716,"Equipos de inspección boroscópica"]
[41111717,"Binoculares"]
[41111718,"Microscopios metalúrgicos"]
[41111719,"Microscopios de campo oscuro"]
[41111720,"Microscopios de escáner de electrones"]
[41111721,"Microscopios de transmisión de electrones"]
[41111722,"Microscopios fluorescentes"]
[41111723,"Microscopios de escáner de luz, disco giratorio o escáner de láser"]
[41111724,"Microscopios de escáner de sonda"]
[41111725,"Microscopios de polarización"]
[41111726,"Microscopios acústicos"]
[41111727,"Microscopios de proyección"]
[41111728,"Microscopios de campo ancho"]
[41111729,"Microscopios oculares"]
[41111730,"Condensadores de microscopios"]
[41111731,"Colectores de microscopios"]
[41111733,"Tubos de microscopios"]
[41111734,"Microscopios de fases"]
[41111735,"Microscopios de fases automáticos"]
[41111736,"Cubiertas para microscopios"]
[41111737,"Videoscopios"]
[41111738,"Fibroscopios"]
[41111739,"Bombillos de repuesto para microscopios de laboratorio"]
[41111801,"Equipo de examen de corriente parásita"]
[41111802,"Equipo de examen de penetración líquida"]
[41111803,"Equipo de examen de partículas magnéticas"]
[41111804,"Equipo de examen ultrasónico"]
[41111805,"Equipo de examen de radiografía co 60"]
[41111806,"Equipo de examen de radiografía cs 137"]
[41111807,"Equipo de examen de radiografía ir 192"]
[41111808,"Equipo de examen de radiografía de rayos x"]
[41111809,"Equipo de prueba de goteo"]
[41111901,"Contadores"]
[41111902,"Contadores electrónicos"]
[41111903,"Detectores de metales"]
[41111904,"Columnas electrónicas"]
[41111905,"Sondas de medición electrónicas"]
[41111906,"Grabadoras de tablas"]
[41111907,"Grabadoras de lectura digital"]
[41111908,"Grabadoras gráficas"]
[41111909,"Grabadoras de cintas magnéticas"]
[41111910,"Grabadoras multifunción"]
[41111911,"Grabadoras oscilo gráficas"]
[41111912,"Grabadoras sicológicas"]
[41111913,"Grabadoras de punta de trazado"]
[41111914,"Servo grabadoras"]
[41111915,"Sensores bi metálicos"]
[41111916,"Sensores de no contacto"]
[41111917,"Probadores digitales"]
[41111918,"Instruments giroscópicos"]
[41111919,"Aparatos de detección para objetos no metálicos"]
[41111920,"Máquinas de medición de coordenadas cmm"]
[41111921,"Sensores de velocidad"]
[41111922,"Sensores de fallas de lámparas"]
[41111923,"Sensor de pistones pre-arranque"]
[41111924,"Sensores de oxígeno"]
[41111926,"Sensores de proximidad"]
[41111927,"Sensores de presión"]
[41111928,"Sensores de corriente"]
[41111929,"Detectores de radiación"]
[41111930,"Sensores de corriente eléctrica"]
[41111931,"Sensores de flujo"]
[41111932,"Detectores de escape de líquidos"]
[41111933,"Sensores de carga eléctrica"]
[41111934,"Sensores de fuerza o de torsión"]
[41111935,"Sensores de inclinación"]
[41111936,"Sensores de imagen de semiconductor de óxido de metal complementario cmos"]
[41111937,"Sensores giratorios de posición"]
[41111938,"Sensores o transmisores de nivel"]
[41111939,"Sensores acústicos"]
[41111940,"Sensores de color"]
[41111941,"Sensores olfativos"]
[41111942,"Sensores de opacidad o polvo o visibilidad"]
[41111943,"Sensores de resistencia o conductividad eléctrica"]
[41111944,"Sensores de admisión eléctricos"]
[41111945,"Sensores de posición linear"]
[41111946,"Sensores de inductancia eléctrica"]
[41111947,"Esferos de registro de tablas"]
[41111948,"Contadores de células diferenciales hematológicas manuales o electrónicos"]
[41112101,"Cristales piezoeléctricos"]
[41112103,"Sensores de fibra"]
[41112104,"Transductores de audio"]
[41112105,"Transmisores de temperatura"]
[41112106,"Transmisores de humedad"]
[41112107,"Transductores electro neumáticos"]
[41112108,"Celdas de carga"]
[41112201,"Calorímetros"]
[41112202,"Equipos de rastreo de calor"]
[41112203,"Grabadoras de punto de fusión"]
[41112204,"Pirómetros"]
[41112205,"Reguladores de temperatura"]
[41112206,"Termo cúpulas"]
[41112207,"Termógrafos"]
[41112209,"Termostatos"]
[41112210,"Termómetros de lectura remota"]
[41112211,"Termómetros de resistencia"]
[41112212,"Termómetros de superficie"]
[41112213,"Termómetros de mano"]
[41112214,"Controles de temperatura criogénicos"]
[41112215,"Controladores de temperatura humidificadores"]
[41112216,"Termopozos"]
[41112217,"Termo cabezas"]
[41112218,"Termistores"]
[41112219,"Sondas termopares"]
[41112220,"Termómetros de refrigerador o congelador de laboratorio"]
[41112221,"Termómetros de incubadora de laboratorio"]
[41112301,"Higrómetros"]
[41112302,"Sicrómetros"]
[41112303,"Probadores de humedad de temperatura"]
[41112304,"Medidores de rocío"]
[41112401,"Indicadores de profundidad"]
[41112402,"Manostatos"]
[41112403,"Indicadores de presión"]
[41112404,"Reguladores de presión"]
[41112405,"Grabadoras de presión o de vacío"]
[41112406,"Indicadores de vacío"]
[41112407,"Instrumentos o controles de nivel de líquido"]
[41112408,"Intensificadores de presión"]
[41112409,"Escáneres de presión"]
[41112410,"Transmisores de presión"]
[41112411,"Controladores de presión"]
[41112501,"Flujómetros"]
[41112502,"Reómetros"]
[41112503,"Rotámetros"]
[41112504,"Medidores de agua"]
[41112505,"Repuestos para medidores de agua"]
[41112506,"Venturis"]
[41112508,"Indicadores de gas"]
[41112509,"Monitores de temperatura y velocidad del aire"]
[41112510,"Indicadores visuales de flujo"]
[41112511,"Ventanas para visualizar el flujo"]
[41112512,"Computadores o totalizadores de flujo"]
[41112513,"Plato de orificio"]
[41112514,"Indicadores de aceite"]
[41112516,"Transmisores de flujo"]
[41112601,"Kits de prueba de frotis manual"]
[41112602,"Kits de prueba de frotis automático"]
[41112701,"Analizadores de grano"]
[41112702,"Contadores de semillas"]
[41112704,"Analizadores de alimentación"]
[41112801,"Velocímetros"]
[41112802,"Tacómetros"]
[41112803,"Discos para tacómetros"]
[41112901,"Compases para encontrar la dirección"]
[41112902,"Instrumentos de navegación por radio"]
[41112903,"Sextantes"]
[41112904,"Dispositivos de control complejo"]
[41113001,"Controladores de analizador digital"]
[41113002,"Analizadores de bioluminiscencia o quimioluminiscencia"]
[41113003,"Analizadores de electro gravimetría"]
[41113004,"Analizadores de ionización de la llama"]
[41113005,"Analizadores de iones"]
[41113006,"Analizadores de radiometría"]
[41113007,"Analizadores de acceso aleatorio"]
[41113008,"Analizadores de cintigrafía"]
[41113009,"Analizadores térmicos diferenciales"]
[41113010,"Analizadores térmicos de gravimetría"]
[41113023,"Equipo de partición de geles"]
[41113024,"Hidrómetros"]
[41113025,"Monocromadores"]
[41113026,"Nefelómetros"]
[41113027,"Osmómetros"]
[41113029,"Polarógrafos"]
[41113030,"Escáner radiocromatográfico"]
[41113031,"Sacarímetros"]
[41113033,"Volúmetros"]
[41113034,"Tiras o papeles para prueba de ph"]
[41113035,"Tiras o papeles para pruebas químicas"]
[41113036,"Micro placas"]
[41113037,"Lectores de micro placas"]
[41113101,"Analizadores de emisión exhaustiva de automóviles"]
[41113102,"Analizadores de combustión catalítica"]
[41113103,"Analizadores de absorción de gas químico"]
[41113104,"Explosímetros"]
[41113105,"Analizadores o detectores de hidrocarburos"]
[41113106,"Analizadores de absorción de infrarrojos o ultravioleta"]
[41113107,"Analizadores de gas nitrógeno"]
[41113108,"Analizadores de óxido de nitrógeno"]
[41113109,"Equipo orsat"]
[41113110,"Analizadores de gas de oxígeno"]
[41113111,"Analizadores de ozono"]
[41113112,"Analizadores de susceptibilidad paramagnética"]
[41113113,"Detectores o analizadores de dióxido de sulfuro"]
[41113114,"Analizadores de conductividad térmica"]
[41113115,"Detectores de radón"]
[41113116,"Tubos detectores de gas"]
[41113117,"Monitores simples de gas"]
[41113118,"Monitores múltiples de gas"]
[41113119,"Analizadores de dióxido de carbono disuelto"]
[41113301,"Analizadores ácidos o de base"]
[41113302,"Albuminómetros"]
[41113304,"Analizadores de bauxita"]
[41113305,"Analizadores de calcio"]
[41113306,"Analizadores de cloruro"]
[41113308,"Analizadores de electrolitos"]
[41113309,"Analizadores de enzimas"]
[41113310,"Analizadores de ácidos grasos"]
[41113311,"Lámpara detectora de haluro"]
[41113312,"Analizadores de lactato"]
[41113313,"Instrumentos de prueba de aceite mineral"]
[41113314,"Analizadores monitores de contenido de aceite"]
[41113315,"Analizadores de carbono orgánico"]
[41113316,"Equipo de prueba de petróleo"]
[41113318,"Analizadores de uranio"]
[41113319,"Analizadores de agua"]
[41113320,"Kit de prueba de aceite lubricante"]
[41113321,"Probador de pintura"]
[41113322,"Analizador de nitrógeno o nitrato o nitrito"]
[41113323,"Analizadores de azúcar"]
[41113401,"Contadores alfa"]
[41113402,"Contadores alfa beta"]
[41113403,"Contadores beta"]
[41113404,"Contadores beta gamma"]
[41113405,"Contadores gama"]
[41113406,"Medidores kvp"]
[41113407,"Micro analizadores de rayos x"]
[41113601,"Amperímetros"]
[41113602,"Medidores  de fase"]
[41113603,"Puentes de laboratorio"]
[41113604,"Medidores de capacitancia"]
[41113605,"Derivatógrafos de análisis térmico"]
[41113606,"Indicadores de monitoreo de congelamiento"]
[41113607,"Monitores de estrés de calor"]
[41113608,"Contadores de coincidencia o no coincidencia"]
[41113611,"Medidores de diafonía"]
[41113612,"Probadores de resistencia de la tierra"]
[41113613,"Grabadoras de valor eléctrico"]
[41113614,"Medidores de campo electromagnético"]
[41113615,"Electrómetros"]
[41113616,"Cargas electrónicas"]
[41113617,"Equipos de medición de la fuerza del campo"]
[41113618,"Instrumentos de medición de ganancia"]
[41113619,"Galvanómetros"]
[41113620,"Cable de detección de alto voltaje"]
[41113621,"Medidores de impedancia"]
[41113622,"Bobinas o cajas de inductancias calibradas"]
[41113623,"Medidores de resistencia al aislamiento"]
[41113624,"Medidores de aislamiento"]
[41113625,"Cámaras de ionización"]
[41113626,"Ionómetros"]
[41113627,"Medidores de circuito de línea a tierra"]
[41113628,"Megohmetros"]
[41113629,"Medidores de filtración de microondas"]
[41113630,"Multímetros"]
[41113631,"Ohmetros"]
[41113632,"Oscilógrafos"]
[41113633,"Potenciómetros"]
[41113634,"Medidores q"]
[41113635,"Equipo de medición de resistencia calibrada"]
[41113636,"Generadores de nivel"]
[41113637,"Medidores de voltaje o de corriente"]
[41113638,"Osciloscopios"]
[41113639,"Acelerómetros"]
[41113640,"Medidores de vatios"]
[41113641,"Probadores de circuitos gfi"]
[41113642,"Probador de circuitos"]
[41113643,"Medidores o registros de demanda"]
[41113644,"Trazador de circuitos"]
[41113645,"Dispositivos de filtración de tierra"]
[41113646,"Calibrador o simulador de temperatura"]
[41113647,"Calibrador o simulador de frecuencia"]
[41113648,"Voltiamperímetro empotrable"]
[41113701,"Probador de tubos de rayos catódicos"]
[41113702,"Comparadores"]
[41113703,"Acoplamiento direccional"]
[41113704,"Probadores de circuitos integrados"]
[41113705,"Probadores de estado lógico"]
[41113706,"Probadores de semiconductores"]
[41113707,"Probadores de circuitos de transistores"]
[41113708,"Medidores de energía"]
[41113709,"Medidores de modulación"]
[41113710,"Medidor de nivel"]
[41113711,"Analizadores de red"]
[41113712,"Probadores de cintas"]
[41113713,"Probadores de velocidad de la cinta"]
[41113714,"Diferenciador"]
[41113715,"Probadores de redes digitales de servicios integrados isdn"]
[41113716,"Localizadores de fallas de fibra óptica"]
[41113717,"Fuentes de prueba de fibra óptica"]
[41113718,"Analizadores de protocolo"]
[41113801,"Compases geológicos"]
[41113802,"Aparatos de prospección geológica"]
[41113803,"Instrumentos geofísicos electromagnéticos"]
[41113804,"Instrumentos geofísicos de gravedad"]
[41113805,"Instrumentos geofísicos de polarización inducida ip"]
[41113806,"Instrumentos geofísicos magnetómetros"]
[41113807,"Instrumentos geofísicos de resistividad"]
[41113808,"Gravímetros"]
[41113901,"Instrumentos de medición de perforación"]
[41113902,"Probadores de disolución o desintegración"]
[41113903,"Aparatos medidores del tamaño de partículas"]
[41113904,"Penetrómetros"]
[41113905,"Aparatos para probar permeabilidad"]
[41113906,"Aparatos para estimar permeabilidad o porosidad"]
[41113907,"Porosímetros"]
[41113908,"Aparatos para probar arena"]
[41113909,"Aparatos muestreadores del núcleo del suelo"]
[41113910,"Kits de probadores del suelo"]
[41114001,"Clinómetros"]
[41114102,"Simuladores de terremotos"]
[41114103,"Módulos de alarma sísmica"]
[41114104,"Amplificadores sísmicos"]
[41114105,"Aparatos sísmicos portátiles"]
[41114106,"Sismógrafos o grabadoras sísmicas"]
[41114107,"Sismómetros"]
[41114108,"Vibrómetros"]
[41114201,"Cintas medidoras"]
[41114202,"Varillas medidoras"]
[41114203,"Tablas medidoras"]
[41114204,"Teodolitos"]
[41114205,"Estacas de localización"]
[41114206,"Centro de localización"]
[41114301,"Medidores de corriente para corriente abierta"]
[41114302,"Instrumentos de acceso a pozos de agua"]
[41114303,"Grabadoras de nivel del agua en corrientes abiertas"]
[41114401,"Anemómetros"]
[41114402,"Barómetros"]
[41114403,"Grabadoras de precipitación o evaporación"]
[41114404,"Aparatos de radiosonda"]
[41114405,"Grabadoras de lluvia"]
[41114406,"Aparatos para observar la precipitación o evaporación en la superficie"]
[41114407,"Aparatos para observar la radiación solar en la superficie"]
[41114408,"Aparatos para observar la temperatura o humedad en la superficie"]
[41114409,"Aparatos para observar el viento en la superficie"]
[41114410,"Estaciones meteorológicas"]
[41114411,"Accesorios para instrumentos de meteorología"]
[41114501,"Dinamómetros"]
[41114502,"Elastómetros"]
[41114503,"Extensómetros"]
[41114504,"Instrumentos de medición de densidad"]
[41114505,"Instrumentos de prueba de redondez"]
[41114506,"Esferómetros"]
[41114507,"Maquinas de prueba de resortes"]
[41114508,"Probadores de superficie"]
[41114509,"Tensiómetros"]
[41114510,"Limitador de torsión"]
[41114601,"Probadores de abrasión"]
[41114602,"Probadores de compresión"]
[41114603,"Instrumentos para probar concreto o cemento"]
[41114604,"Probadores de corrosión"]
[41114605,"Detectores de grietas o corrosión"]
[41114606,"Probadores de fuga"]
[41114607,"Máquinas para probar ductilidad"]
[41114608,"Probadores de fatiga"]
[41114609,"Aparatos probadores de forja"]
[41114610,"Aparatos probadores de fundición"]
[41114611,"Probadores de dureza"]
[41114612,"Probadores de impacto"]
[41114613,"Marco de carga"]
[41114614,"Instrumentos para probar metales"]
[41114615,"Instrumentos probadores foto elásticos"]
[41114616,"Indicadores de resistencia al estrés"]
[41114617,"Probadores de relajación"]
[41114618,"Instrumentos de medición de rugosidad"]
[41114619,"Probadores de fuerza de corte"]
[41114620,"Aparatos para probar choque"]
[41114621,"Probadores de tensión"]
[41114622,"Probadores de torsión"]
[41114623,"Máquinas para pruebas de flexión o transversales"]
[41114624,"Probadores de vibración"]
[41114625,"Probadores de desgaste"]
[41114626,"Aparatos para probar soldaduras"]
[41114701,"Instrumentos de prueba de cartón"]
[41114702,"Probadores de resistencia de textiles"]
[41114703,"Instrumentos para probar cuero"]
[41114704,"Instrumentos para probar papel"]
[41114705,"Instrumentos para probar textiles"]
[41114706,"Instrumentos para probar madera"]
[41114801,"Instrumentos para probar cerámicas"]
[41114802,"Instrumentos para probar vidrio"]
[41114803,"Instrumentos para probar alfarería"]
[41115101,"Instrumentos para probar carbón"]
[41115201,"Sistemas de vigilancia basados en radar"]
[41115202,"Polarrotores (elementos centrales de la antena)"]
[41115301,"Medidores de absorción de luz"]
[41115302,"Cámaras anecóicas"]
[41115303,"Analizadores de frecuencia"]
[41115304,"Contadores o temporizadores o divisores de frecuencia"]
[41115305,"Medidores de frecuencia eléctrica"]
[41115306,"Interferómetros"]
[41115307,"Láseres"]
[41115308,"Medidores de luz"]
[41115309,"Luxómetros"]
[41115310,"Set de calibración óptica"]
[41115311,"Fotómetros"]
[41115312,"Polarímetros o refractómetros de mesa"]
[41115313,"Polarímetros o refractómetros manuales"]
[41115314,"Polarímetros"]
[41115315,"Polariscopios"]
[41115316,"Reflectómetros"]
[41115317,"Estroboscopios"]
[41115318,"Colorímetros"]
[41115319,"Lectores de tubo o disco"]
[41115320,"Generadores de señales"]
[41115321,"Imágenes infrarrojas"]
[41115322,"Analizadores de rayos láser"]
[41115401,"Espectrofluorímetros o fluorímetros"]
[41115402,"Espectrógrafos"]
[41115403,"Espectrómetros"]
[41115404,"Espectrómetros de masa"]
[41115405,"Espectrómetros de protón"]
[41115406,"Espectrofotómetros"]
[41115407,"Espectrómetros de absorción atómica aa"]
[41115408,"Espectrómetros infrarrojos"]
[41115409,"Espectrómetros de resonancia magnética nuclear nmr"]
[41115410,"Espectrómetros de resonancia magnética nuclear (NMR)"]
[41115411,"Espectrómetros de plasma acoplado inductivamente icp"]
[41115501,"Sonares"]
[41115502,"Sonómetros"]
[41115503,"Aparatos para medir el sonido o medidores de decibeles"]
[41115504,"Analizadores de velocidad del sonido"]
[41115505,"Cuartos para pruebas acústicas"]
[41115601,"Equipo de análisis volumétrico karl fischer"]
[41115602,"Equipo de análisis volumétrico"]
[41115603,"Medidores de ph"]
[41115604,"Electrodos de ph"]
[41115605,"Tiras para ensayos de pH"]
[41115606,"Medidores de electrodos selectivos de iones ise"]
[41115607,"Tiras de prueba de iones selectivos"]
[41115608,"Electrodos selectivos de iones"]
[41115609,"Medidores de conductividad"]
[41115610,"Celdas de conductividad"]
[41115611,"Medidores de oxígeno disuelto"]
[41115612,"Sondas de oxigeno disuelto"]
[41115613,"Medidor de salinidad"]
[41115614,"Transmisores de ph"]
[41115701,"Detectores cromatográficos"]
[41115702,"Escáneres cromatográficos"]
[41115703,"Gases cromatográficos"]
[41115704,"Iones cromatográficos"]
[41115705,"Cromatógrafos líquidos"]
[41115706,"Cromatógrafos de capa delgada"]
[41115707,"Cromatógrafos para cromatografía de líquido de alta presión"]
[41115708,"Cromatógrafos de capa delgada de alta presión tlc"]
[41115709,"Columnas para cromatografía líquida de alta presión hplc"]
[41115710,"Columnas para cromatografía de gas"]
[41115711,"Columnas para cromatografía líquida lc"]
[41115712,"Columnas para extracción de fase sólida spe"]
[41115713,"Tanques para cromatografía de capa delgada"]
[41115714,"Auto muestreadores"]
[41115715,"Inyectores"]
[41115716,"Accesorios para cromatografía líquida"]
[41115717,"Accesorios para cromatografía de gas"]
[41115718,"Inyector de paredes de membrana"]
[41115719,"Revestimientos para cromatografía de gas"]
[41115720,"Tubos para cromatografía"]
[41115801,"Analizadores de amino ácidos"]
[41115802,"Accesorios o suministros para analizadores de amino ácidos"]
[41115803,"Analizadores de bancos de sangre"]
[41115804,"Accesorios o suministros para analizadores de bancos de sangre"]
[41115805,"Analizadores de gas en la sangre"]
[41115806,"Accesorios o suministros para analizadores de gas en la sangre"]
[41115807,"Analizadores químicos"]
[41115808,"Accesorios o suministros para analizadores químico"]
[41115809,"Analizadores de coagulación"]
[41115810,"Accesorios o suministros para analizadores de coagulación"]
[41115811,"Analizadores de secuencia desoxirribonucleica"]
[41115812,"Accesorios o suministros para analizadores de secuencia desoxirribonucleica"]
[41115813,"Analizadores de toxicología"]
[41115814,"Accesorios o suministros para analizadores de toxicología"]
[41115815,"Analizadores de hematología"]
[41115816,"Accesorios o suministros para analizadores de hematología"]
[41115817,"Analizadores de histología"]
[41115818,"Accesorios o suministros para analizadores de histología"]
[41115819,"Analizadores de inmunología"]
[41115820,"Accesorios o suministros para analizadores de inmunología"]
[41115821,"Analizadores de microbiología"]
[41115822,"Accesorios o suministros para analizadores de microbiología"]
[41115823,"Analizadores de proteína"]
[41115824,"Accesorios o suministros para analizadores de proteína"]
[41115825,"Analizadores radio isotópicos"]
[41115826,"Accesorios o suministros para analizadores radio isotópicos"]
[41115827,"Analizadores de orina"]
[41115828,"Accesorios o suministros para analizadores de orina"]
[41115829,"Analizadores de productos cárnicos o lácteos"]
[41115830,"Analizadores de glucosa"]
[41116001,"Reactivos analizadores de amino ácidos"]
[41116002,"Reactivos analizadores de bancos de sangre"]
[41116003,"Reactivos analizadores de gas en la sangre"]
[41116004,"Reactivos analizadores de química"]
[41116005,"Reactivos analizadores de coagulación"]
[41116006,"Reactivos analizadores de secuencia de ácido desoxirribonucleico dna"]
[41116007,"Reactivos analizadores de toxicología"]
[41116008,"Reactivos analizadores de hematología"]
[41116009,"Reactivos analizadores de histología"]
[41116010,"Reactivos analizadores de inmunología"]
[41116011,"Reactivos analizadores de microbiología"]
[41116012,"Reactivos analizadores de proteínas"]
[41116013,"Reactivos analizadores radio isotópicos"]
[41116014,"Reactivos analizadores de análisis de orina"]
[41116015,"Reactivos o anticuerpos analizadores de citometría de flujo"]
[41116101,"Kits o suministros de prueba de bancos de sangre"]
[41116102,"Reactivos o soluciones de bancos de sangre"]
[41116103,"Controles de calidad o calibradores o estándares de bancos de sangre"]
[41116104,"Kits o suministros para pruebas químicas"]
[41116105,"Reactivos o soluciones químicas"]
[41116106,"Tiras de prueba o papel de prueba químico"]
[41116107,"Controles de calidad o calibradores o estándares químicos"]
[41116108,"Kits o suministros para pruebas de coagulación"]
[41116109,"Reactivos o soluciones de coagulación"]
[41116110,"Controles de calidad o calibradores o estándares de coagulación"]
[41116111,"Kits o suministros para pruebas de citología"]
[41116112,"Controles de calidad o calibradores o estándares de citología"]
[41116113,"Reactivos o soluciones o tinturas para citología"]
[41116116,"Kits o suministros para pruebas ambientales"]
[41116117,"Reactivos o soluciones o tinturas ambientales"]
[41116118,"Kits o suministros para pruebas de alimentos"]
[41116119,"Reactivos o soluciones o tinturas para kits de pruebas de alimentos"]
[41116120,"Kits o suministros para pruebas de hematología"]
[41116121,"Reactivos o soluciones o tinturas para hematología"]
[41116122,"Controles de calidad o calibradores o estándares para hematología"]
[41116123,"Kits o suministros para pruebas de histología"]
[41116124,"Reactivos o soluciones o tinturas para histología"]
[41116125,"Controles de calidad o calibradores o estándares para histología"]
[41116126,"Kits o suministros para pruebas de inmunología o serología"]
[41116127,"Reactivos o soluciones o tinturas para inmunología o serología"]
[41116128,"Controles de calidad o calibradores o estándares para inmunología o serología"]
[41116129,"Kits o suministros para pruebas de microbiología o bacteriología"]
[41116130,"Reactivos o soluciones o tinturas para microbiología o bacteriología"]
[41116131,"Discos o paneles de identificación o sensibilidad para microbiología o bacteriología"]
[41116132,"Controles de calidad o calibradores o estándares para microbiología o bacteriología"]
[41116133,"Kits o suministros para pruebas de biología molecular"]
[41116134,"Reactivos o soluciones o tinturas para biología molecular"]
[41116135,"Controles de calidad o calibradores o estándares para biología molecular"]
[41116136,"Kits o suministros para análisis de orina"]
[41116137,"Reactivos o soluciones o tinturas para análisis de orina"]
[41116138,"Tiras para análisis de orina"]
[41116139,"Controles de calidad o calibradores o estándares de análisis de orina"]
[41116140,"Kits o suministros para parasitología o micología"]
[41116141,"Reactivos o soluciones o tinturas para parasitología o micología"]
[41116142,"Medio para parasitología o micología"]
[41116143,"Controles de calidad o calibradores o estándares de parasitología o micología"]
[41116144,"Kits o suministros para pruebas de virología"]
[41116145,"Controles de calidad o calibradores o estándares para virología"]
[41116146,"Kits o suministros para pruebas de toxicología"]
[41116147,"Controles de calidad o calibradores o estándares para toxicología"]
[41116148,"Kits o suministros para pruebas de citometría de flujo"]
[41116201,"Monitores o medidores de glucosa"]
[41116202,"Monitores o medidores de colesterol"]
[41116203,"Accesorios para monitores o medidores"]
[41116205,"Kits de pruebas rápidas"]
[41116301,"Probadores de punto de inflamación"]
[41116401,"Martillos de impacto"]
[41116501,"Diales o kits de diales de medición"]
[41121501,"Sistemas de manipulación líquida automática o robótica"]
[41121502,"Diluidores de laboratorio"]
[41121503,"Pipeta de desplazamiento de aire multicanal manuales"]
[41121504,"Pipeta de desplazamiento de aire de un solo canal manuales"]
[41121505,"Pipeta de desplazamiento positivo de un solo canal manuales"]
[41121506,"Pipeta repetidoras de un solo canal manuales"]
[41121507,"Pipeta de un solo canal electrónicas"]
[41121508,"Pipeta multicanales electrónicas"]
[41121509,"Pipetas pasteur o de transferencia"]
[41121510,"Pipetas volumétricas"]
[41121511,"Pipetas serológicas"]
[41121513,"Pipetas de caída"]
[41121514,"Bombas de pipetas"]
[41121515,"Bombillos de pipetas"]
[41121516,"Dispensadores de tapas de botella"]
[41121517,"Insertos o accesorios para pipeteras"]
[41121601,"Filtro de boquilla de pipeta"]
[41121602,"Puntas de pipeta de barrera de aerosol"]
[41121603,"Puntas de pipeta de baja retención"]
[41121604,"Puntas de pipeta de referencia"]
[41121605,"Puntas de pipeta ultra micro"]
[41121606,"Puntas de pipeta de carga de gel"]
[41121607,"Puntas de pipeta universales"]
[41121608,"Puntas de pipeta robóticas"]
[41121609,"Puntas de pipeta de volumen variable"]
[41121701,"Tubos de ensayo general o multipropósito"]
[41121702,"Tubos micro centrífugos"]
[41121703,"Tubos centrífugos"]
[41121704,"Tubos criogénicos"]
[41121705,"Tubos de resonancia magnética nuclear nmr"]
[41121706,"Tubos de cultivo"]
[41121707,"Tubos de pruebas de separador"]
[41121708,"Tubos de pruebas de anti coagulación"]
[41121709,"Tubos capilares o hematocritos"]
[41121710,"Cierres o tapas para tubos de ensayo"]
[41121711,"Tubos o accesorios para pruebas de análisis de orina"]
[41121801,"Vasos de observación para laboratorio"]
[41121802,"Varillas para revolver para laboratorio"]
[41121803,"Vasos de precipitados para laboratorio"]
[41121804,"Redomas para laboratorio"]
[41121805,"Cilindros graduados para laboratorio"]
[41121806,"Frascos para laboratorio"]
[41121807,"Ampollas para laboratorio"]
[41121808,"Buretas para laboratorio"]
[41121809,"Embudos para laboratorio"]
[41121810,"Platos o frascos para tintura para laboratorio"]
[41121811,"Kits de micro química para laboratorio"]
[41121812,"Platos para laboratorio"]
[41121813,"Cubetas"]
[41121814,"Tapas o forros o forros deslizantes para laboratorio"]
[41121815,"Adaptadores o conectores o instalaciones para laboratorio"]
[41122001,"Jeringas de cromatografía"]
[41122002,"Agujas para jeringas de cromatografía"]
[41122003,"Adaptadores o accesorios para jeringa"]
[41122004,"Jeringas para muestras"]
[41122101,"Platos o placas petri"]
[41122102,"Platos multi pocillo"]
[41122103,"Espátulas de células"]
[41122104,"Frascos de cultivo de tejidos"]
[41122105,"Botellas de cultivo rotatorias"]
[41122106,"Dispositivos de inoculación"]
[41122107,"Platos o placas o insertos recubiertos para cultivo de tejidos"]
[41122108,"Presillos o agujas para inoculación microbiológica"]
[41122109,"Almohadilla de petri"]
[41122110,"Dispensador de almohadillas de petri"]
[41122201,"Crisoles de vidrio"]
[41122202,"Crisoles cerámicos"]
[41122203,"Crisoles de metal"]
[41122301,"Protectores o revestimientos de mesa de trabajo"]
[41122401,"Barras giratorias, barras para revolver o gotas para revolver magnéticas"]
[41122402,"Recuperadores magnéticos de barras giratorias o recuperadores de barras giratorias"]
[41122403,"Espátulas para laboratorio"]
[41122404,"Tenazas para laboratorio"]
[41122405,"Fórceps para laboratorio"]
[41122406,"Cuchillos para laboratorio"]
[41122407,"Escalpelos para laboratorio"]
[41122408,"Tijeras para laboratorio"]
[41122409,"Herramientas para laboratorio"]
[41122410,"Película sellante para laboratorio"]
[41122411,"Cronómetros o relojes para laboratorio"]
[41122412,"Sellantes de tubos para laboratorio"]
[41122413,"Pinzas para laboratorio"]
[41122501,"Corchos para laboratorio"]
[41122502,"Tapones para laboratorio"]
[41122503,"Porta corchos para laboratorio"]
[41122601,"Portaobjetos para microscopios"]
[41122602,"Portaobjetos de microscopio"]
[41122603,"Papel de lentes para microscopio"]
[41122604,"Hemocitómetros"]
[41122605,"Aceite de inmersión para microscopios"]
[41122606,"Dispensadores de portaobjetos para microscopio"]
[41122701,"Etiquetas para portaobjetos o especímenes"]
[41122702,"Cintas etiquetadoras"]
[41122703,"Cintas de seguridad"]
[41122704,"Cintas contra alteración"]
[41122801,"Estantes o soportes para pipetas"]
[41122802,"Estantes para portaobjetos de microscopios"]
[41122803,"Estantes o soportes para tubos para sedimentación"]
[41122804,"Estantes para tubos de ensayo"]
[41122805,"Estantes para secado"]
[41122806,"Estantes para unidades de criopreservación"]
[41122807,"Bandejas para disección"]
[41122808,"Bandejas para propósitos generales"]
[41122809,"Estantes para placas petri"]
[41123001,"Deshidratadores de frasco"]
[41123002,"Deshidratadores de gabinete"]
[41123003,"Desecantes"]
[41123004,"Deshidratadores de vacío"]
[41123101,"Tubos de diálisis"]
[41123102,"Pinzas de diálisis"]
[41123201,"Portaobjetos preparados preservados"]
[41123202,"Animales y organismos preservados"]
[41123302,"Cajas o folders para portaobjetos para microscopios"]
[41123303,"Gabinetes para portaobjetos para microscopios"]
[41123304,"Cajas de almacenamiento criogénicas"]
[41123305,"Gabinetes para casetes de tejidos o histología"]
[41123401,"Tazas dosificadoras"]
[41123402,"Cucharas dosificadoras"]
[41123403,"Goteros dosificadores"]
[42121501,"Probadores de presión sanguínea para uso veterinario"]
[42121502,"Probador quimiógrafo para uso veterinario"]
[42121503,"Probador pirogénico para uso veterinario"]
[42121504,"Equipo estereotóxico para uso veterinario"]
[42121505,"Electrocardiógrafo ecg para uso veterinario"]
[42121506,"Sets de instrumentos quirúrgicos para uso veterinario"]
[42121507,"Unidades o accesorios de inyección o succión para uso veterinario"]
[42121508,"Sets de botellas para uso veterinario"]
[42121509,"Termómetros clínicos para uso veterinario"]
[42121510,"Cajas de instrumentos o accesorios para uso veterinario"]
[42121511,"Estuches enrollables para instrumentos o accesorios de uso veterinario"]
[42121512,"Espéculos para uso veterinario"]
[42121513,"Instrumentos de castración para uso veterinario"]
[42121514,"Kits de fijación externa para uso veterinario"]
[42121515,"Limas o cortaúñas para uso veterinario"]
[42121601,"Productos gastrointestinales para uso veterinario"]
[42121602,"Productos para sangre o formación de sangre para uso veterinario"]
[42121603,"Productos para el sistema respiratorio para uso veterinario"]
[42121604,"Productos para el sistema musculo esquelético o nervioso para uso veterinario"]
[42121605,"Productos para el sistema cardiovascular para uso veterinario"]
[42121606,"Productos dermatológicos o anti protozoarios para uso veterinario"]
[42121607,"Productos para el sistema sexual genital urinario u hormonales para uso veterinario"]
[42121608,"Productos dentales para uso veterinario"]
[42121701,"Tablas quirúrgicas para uso veterinario"]
[42121702,"Armarios de almacenamiento para uso veterinario"]
[42131501,"Petos para pacientes"]
[42131502,"Gorras para pacientes"]
[42131503,"Capas de examen para pacientes"]
[42131504,"Batas para pacientes"]
[42131505,"Camisas o chalecos para pacientes bebés"]
[42131506,"Chaquetas para pacientes"]
[42131507,"Pantuflas para pacientes"]
[42131508,"Pijamas para pacientes"]
[42131509,"Batas de hospital"]
[42131510,"Pantalones para pacientes"]
[42131601,"Delantales o petos para personal médico"]
[42131602,"Cobertores de barba para personal médico"]
[42131603,"Blusas o blusones para personal médico"]
[42131604,"Gorro de quirófano para personal médico"]
[42131605,"Overoles para personal médico"]
[42131606,"Máscaras quirúrgicas o de aislamiento para personal médico"]
[42131607,"Chaquetas o batas para personal médico"]
[42131608,"Vestidos para cirugía para personal médico"]
[42131609,"Cubiertas para zapatos para personal médico"]
[42131610,"Protección de mangas para personal médico"]
[42131611,"Gorros o capuchas para cirujano"]
[42131612,"Batas de aislamiento para personal médico"]
[42131613,"Protectores de ojos o visores para personal médico"]
[42131701,"Cortinas de cirugía"]
[42131702,"Batas de cirugía"]
[42131703,"Packs quirúrgicos"]
[42131704,"Toallas de cirugía"]
[42131705,"Pantalones (“leggings”) de cirugía"]
[42131706,"Vestidos enteros de cirugía"]
[42131707,"Vestidos o cascos o máscaras faciales o accesorios de aislamiento de cirugía"]
[42132101,"Protectores de colchón o silla para hospital"]
[42132102,"Sábanas elásticas médicas"]
[42132103,"Cortinas de barrera para pacientes"]
[42132104,"Almohadas antimicrobianas para hospital"]
[42132105,"Sábanas para hospital"]
[42132106,"Colchas o cubrecamas para hospital"]
[42132107,"Cobijas para hospital"]
[42132108,"Fundas protectoras de almohada para hospital"]
[42132201,"Cajas o dispensadores de guantes médicos"]
[42132202,"Protector de caucho para dedos."]
[42132203,"Guantes de examen o para procedimientos no quirúrgicos"]
[42132204,"Recubrimientos interiores para guantes médicos"]
[42132205,"Guantes de cirugía"]
[42141501,"Bolas o fibra de algodón"]
[42141502,"Palitos (copitos) con punta de fibra"]
[42141503,"Toallitas de preparación de la piel"]
[42141504,"Aplicadores o absorbentes medicados"]
[42141601,"Kits de admisión para el cuidado del paciente"]
[42141602,"Patos (bacinillas) para uso general"]
[42141603,"Recipientes para emesis (vómito)"]
[42141604,"Bacinillas de cama para fracturas"]
[42141605,"Recipientes o cuencos para soluciones o mezclas médicas"]
[42141606,"Recipientes multipropósito para usos médicos"]
[42141607,"Orinales de uso general para pacientes"]
[42141701,"Sistemas de presión alterna"]
[42141702,"Marcos o elevadores de cobijas"]
[42141703,"Cunas para extremidades"]
[42141704,"Recubrimientos para colchones"]
[42141705,"Almohadones o almohadillas o almohadas para la posición del paciente"]
[42141801,"Unidades de combinación de electroterapia"]
[42141802,"Electrodos o accesorios para electroterapia"]
[42141803,"Cables o alambres de plomo para electroterapia"]
[42141804,"Simuladores galvánicos o farádicos"]
[42141805,"Estimuladores o kits neuromusculares"]
[42141806,"Unidades de diatermia de onda corta"]
[42141807,"Unidades de estimulación nerviosa eléctrica transcutánea"]
[42141808,"Electrodos de diatermia"]
[42141809,"Sets de estimulador muscular"]
[42141901,"Baldes para enema"]
[42141902,"Bolsas para enema"]
[42141903,"Kits o accesorios para enema"]
[42141904,"Tubos o tapas o pinzas para enema"]
[42141905,"Jabones para enema"]
[42142001,"Fórceps o homeostatos de bajo grado"]
[42142002,"Cuchillo de bajo grado"]
[42142003,"Manijas para cuchillo de bajo grado"]
[42142004,"Corta uñas de bajo grado"]
[42142005,"Sujeta agujas de bajo grado"]
[42142006,"Retractores de bajo grado"]
[42142007,"Tijeras de bajo grado"]
[42142101,"Cubiertas para productos para terapia de calor o frío"]
[42142102,"Unidades o accesorios de enfriamiento para almacenamiento frío para uso médico"]
[42142103,"Lámparas de calor o sus accesorios para uso médico"]
[42142104,"Hidro coladores o sus accesorios para uso médico"]
[42142105,"Unidades o sistemas de calentamiento o enfriamiento terapéutico"]
[42142106,"Cobijas o cortinas de calentamiento o enfriamiento terapéutico"]
[42142107,"Sistema y accesorios de terapia de compresión crio terapéutica"]
[42142108,"Almohadillas o compresas o bolsas de calentamiento o enfriamiento terapéutico"]
[42142109,"Guantes de terapia para terapia de calor o frío"]
[42142110,"Botellas para terapia de calor o frío"]
[42142111,"Bolsas o almohadas de hielo terapéuticas"]
[42142112,"Baños de parafina terapéuticos o sus accesorios"]
[42142113,"Máscaras para senos nasales terapéuticas"]
[42142114,"Pantalones terapéuticos para terapia fría o caliente"]
[42142119,"Aparatos de hipotermia"]
[42142201,"Baños o tanques de hidroterapia para las extremidades"]
[42142202,"Baños o tanques de hidroterapia para inmersión total del cuerpo"]
[42142203,"Accesorios para baños o tanques de hidroterapia"]
[42142204,"Asientos para baños de hidroterapia"]
[42142301,"Etiquetas médicas para uso general"]
[42142302,"Componentes o accesorios para sistemas de planillas médicas"]
[42142303,"Productos de identificación de pacientes"]
[42142401,"Solidificadores de fluidos para uso médico"]
[42142402,"Cánulas o tubos o accesorios de succión para uso médico"]
[42142403,"Contenedores de succión para uso médico"]
[42142404,"Aplicaciones al vacío o de succión para uso médico"]
[42142405,"Estuches para sets de instrumental médico o sus accesorios"]
[42142406,"Sets o kits de succión para uso médico"]
[42142407,"Estuches para cánulas de succión para uso médico"]
[42142501,"Agujas para amniocentesis"]
[42142502,"Agujas para anestesia"]
[42142503,"Agujas arteriales"]
[42142504,"Agujas para biopsia"]
[42142505,"Soportes para agujas de recolección de sangre"]
[42142506,"Agujas romas"]
[42142507,"Agujas mariposa"]
[42142509,"Bandejas o accesorios epidurales"]
[42142510,"Agujas de filtro"]
[42142511,"Tapas o dispositivos protectores o accesorios para agujas"]
[42142512,"Agujas de fístula"]
[42142513,"Agujas para procedimientos de radiología"]
[42142514,"Bandejas o agujas espinales"]
[42142515,"Agujas de tubo al vacío"]
[42142516,"Agujas de transferencia"]
[42142517,"Tubos de extensión"]
[42142518,"Productos o accesorios aspiradores para biopsia"]
[42142519,"Guías para agujas"]
[42142520,"Alfileres dispensadores"]
[42142521,"Agujas para recolección de sangre"]
[42142522,"Agujas quirúrgicas para oídos o narices o gargantas"]
[42142523,"Agujas hipodérmicas"]
[42142524,"Agujas o sets para grabar"]
[42142525,"Agujas de irrigación"]
[42142526,"Protectores de agujas"]
[42142527,"Alambres para limpiar agujas"]
[42142528,"Agujas o sets para punción del esternón"]
[42142529,"Bandejas para agujas o porta agujas"]
[42142530,"Agujas para procedimientos diagnósticos"]
[42142531,"Contenedores o carritos o accesorios para desecho de agujas o cuchillas u otros objetos afilados"]
[42142532,"Agujas o kits o accesorios para pericardiocentesis"]
[42142601,"Jeringas para aspiración o irrigación médica"]
[42142602,"Peras de caucho para usos médicos"]
[42142603,"Jeringas de cartucho para uso médico"]
[42142604,"Jeringas de punta de catéter para uso médico"]
[42142605,"Jeringas para oídos para uso médico"]
[42142606,"Jeringas de entrega medida para uso médico"]
[42142607,"Micro jeringas para uso médico"]
[42142608,"Jeringas sin agujas para uso médico"]
[42142609,"Jeringas con agujas para uso médico"]
[42142610,"Jeringas de medicación líquida oral"]
[42142611,"Jeringas de tuberculina"]
[42142612,"Sets de jeringas de irrigación"]
[42142613,"Pistolas de inyección"]
[42142614,"Aparatos o accesorios para inyección hipodérmica"]
[42142615,"Accesorios para jeringas"]
[42142616,"Jeringas de recolección de sangre"]
[42142617,"Jeringas de fuente"]
[42142618,"Kits de jeringas de análisis de gas en la sangre"]
[42142701,"Catéteres urinarios supra púbicos"]
[42142702,"Catéteres urinarios uretrales"]
[42142703,"Tapones o pinzas para catéteres urinarios"]
[42142704,"Bolsas o medidores para drenaje urinario"]
[42142705,"Tiras o sujetadores para bolsas de drenaje urinario"]
[42142706,"Bandejas o paquetes o kits para procedimientos urológicos"]
[42142707,"Tubos de irrigación urinaria"]
[42142708,"Adaptadores para instrumentos de urología"]
[42142709,"Accesorios o sets para nefrostomía"]
[42142710,"Tubos o accesorios para drenaje urinario"]
[42142711,"Sets de auscultación uretral"]
[42142712,"Sets o accesorios de remoción de cálculos"]
[42142713,"Cubiertas o sets urológicos"]
[42142714,"Percoladores urológicos"]
[42142715,"Kits o accesorios de cateterización urológica"]
[42142716,"Dispositivo pesario"]
[42142801,"Dispositivos o tubos para compresión secuencial vascular"]
[42142802,"Prendas o soporte para compresión o vasculares"]
[42142901,"Anteojos"]
[42142902,"Lentes para anteojos"]
[42142903,"Monturas para anteojos"]
[42142904,"Hardware para anteojos"]
[42142905,"Anteojos de sol"]
[42142906,"Estuches para anteojos"]
[42142907,"Pañitos para limpiar anteojos"]
[42142908,"Kits para limpiar anteojos"]
[42142909,"Retenedores de anteojos"]
[42142910,"Estuches para lentes de contacto"]
[42142911,"Insertores o removedores de lentes de contacto"]
[42142912,"Medidores de radio de lentes de contacto"]
[42142913,"Lentes de contacto"]
[42143101,"Catéteres o kits de cateterización intrauterina"]
[42143102,"Dispositivos o accesorios uterinos"]
[42143103,"Dispositivos o accesorios contraceptivos intrauterinos"]
[42143104,"Kits o accesorios para amniocentesis"]
[42143105,"Unidades o accesorios de extracción obstétrica"]
[42143106,"Kits o accesorios de drenaje ginecológico"]
[42143201,"Kits o accesorios de preparación de semen"]
[42143202,"Productos o kits o accesorios para el tratamiento de la impotencia"]
[42143301,"Sets o kits de administración de quimioterapia"]
[42143401,"Equipos o accesorios para el control del sudor"]
[42143501,"Ayudas para la limpieza de moldes auditivos"]
[42143502,"Dispositivos o accesorios para irrigación nasal"]
[42143503,"Dispositivos o bombas para el control de la hemorragia nasal"]
[42143504,"Moldes auditivos o sus accesorios"]
[42143505,"Kits de reparación de moldes auditivos"]
[42143506,"Sets filiformes para la trompa de eustaquio"]
[42143507,"Paquetes de medicación de oídos"]
[42143508,"Capuchas de viento para oídos"]
[42143509,"Pegantes o cementos para moldes auditivos"]
[42143510,"Pantallas protectoras de viento para oídos"]
[42143511,"Ganchos de cera de oídos"]
[42143512,"Mechas para oídos"]
[42143513,"Instrumentos o accesorios otológicos"]
[42143601,"Chalecos y chaquetas de fuerza (de restricción)"]
[42143602,"Elementos de restricción de cintura y torso"]
[42143603,"Elementos de restricción de extremidades"]
[42143604,"Elementos de restricción de cabeza no para ems"]
[42143605,"Correas o hebillas o accesorios o suministros de restricción"]
[42143606,"Elementos de restricción para todo el cuerpo"]
[42143607,"Sensores o alarmas o accesorios de movimiento de pacientes"]
[42143608,"Dispositivos o accesorios para estabilización o prevención de caídas de pacientes"]
[42151501,"Luces de curación o accesorios para odontología estética"]
[42151502,"Pozos mezcladores para odontología estética"]
[42151503,"Coronas o formas de coronas"]
[42151504,"Laca dental"]
[42151505,"Suministros de grabado de dientes"]
[42151506,"Suministros blanqueadores o decolorantes de dientes"]
[42151507,"Sombras dentales"]
[42151601,"Accesorios o partes de repuesto para instrumentos dentales"]
[42151602,"Bandas para matriz dental"]
[42151603,"Herramientas de colocación de hidróxido de calcio"]
[42151604,"Herramientas de colocación de compuestos"]
[42151605,"Removedores de coronas o puentes"]
[42151606,"Talladores de amalgamas dentales"]
[42151607,"Casetes para instrumentos dentales"]
[42151608,"Bandejas o cubetas para instrumentos dentales"]
[42151609,"Esterillas para instrumentos dentales"]
[42151610,"Alicates dentales"]
[42151611,"Cepillos operativos dentales"]
[42151612,"Retractores dentales"]
[42151613,"Pulidores dentales"]
[42151614,"Fresas dentales"]
[42151615,"Unidades crio quirúrgicas dentales"]
[42151616,"Medidores de profundidad dentales"]
[42151617,"Taladros o brocas dentales"]
[42151618,"Elevadores dentales"]
[42151619,"Excavadoras dentales"]
[42151620,"Limas o curetas dentales"]
[42151621,"Instrumentos para contorno de calzas dentales"]
[42151622,"Protectores de dedos para uso odontológico"]
[42151623,"Fórceps dentales"]
[42151624,"Piezas manuales o accesorios para uso odontológico"]
[42151625,"Instrumentos de higiene dental"]
[42151626,"Accesorios para afilar instrumentos dentales"]
[42151627,"Espejos o mangos de espejo para uso odontológico"]
[42151628,"Lozas mezcladoras para uso odontológico"]
[42151629,"Organizadores dentales"]
[42151630,"Instrumentos de colocación para uso odontológico"]
[42151631,"Sondas dentales"]
[42151632,"Escariadores dentales"]
[42151633,"Instrumentos de empaque de cordones de retracción para uso odontológico"]
[42151634,"Picos de punta de raíz para uso dental"]
[42151635,"Eyectores de saliva o dispositivos de succión oral o suministros dentales"]
[42151636,"Raspadores dentales o accesorios"]
[42151637,"Escalas dentales"]
[42151638,"Tijeras dentales"]
[42151639,"Espátulas dentales"]
[42151640,"Pinzas dentales"]
[42151641,"Grabadores de cera para uso odontológico"]
[42151642,"Cuchillos de gingivectomía"]
[42151643,"Cortadoras de margen dental"]
[42151644,"Soportes para la boca para uso odontológico"]
[42151645,"Kits o bandejas operativas reusables pre ensambladas para uso odontológico"]
[42151646,"Dispositivos protectores para dientes"]
[42151647,"Sujetadores absorbentes para uso odontológico"]
[42151648,"Calibradores para uso odontológico"]
[42151650,"Herramientas de detección de fracturas para uso odontológico"]
[42151651,"Separadores de dientes para uso odontológico"]
[42151652,"Introductor de espigas para uso odontológico"]
[42151653,"Doblador de espigas para uso odontológico"]
[42151654,"Guías para uso odontológico"]
[42151655,"Probadores de nervio o de vitalidad para uso odontológico"]
[42151656,"Esparcidores para uso odontológico"]
[42151657,"Tubos o accesorios para uso odontológico"]
[42151658,"Enhebradores de seda dental"]
[42151659,"Kit de extracción de partes de dientes"]
[42151660,"Aplicadores o absorbentes para uso odontológico"]
[42151661,"Estuches o bolsas para instrumentos dentales"]
[42151662,"Electrodos de anestesia o repuestos para uso odontológico"]
[42151663,"Cuñas o sets para uso odontológico"]
[42151664,"Discos cortadores o separadores para uso odontológico"]
[42151665,"Calibradores o accesorios para uso odontológico"]
[42151666,"Sujetadores bucales para uso odontológico"]
[42151667,"Matrices o sets para uso odontológico"]
[42151668,"Enrolladores de instrumentos para instrumentos o accesorios dentales"]
[42151669,"Deshidratadores para uso odontológico"]
[42151670,"Portadores de calor para uso odontológico"]
[42151671,"Calzas o kits de calzas para sistemas post dentales"]
[42151672,"Expansores para uso odontológico"]
[42151673,"Martillos para uso odontológico"]
[42151674,"Sujetadores de fresas para uso odontológico"]
[42151675,"Kits de restauración para uso odontológico"]
[42151676,"Cuchillos para uso odontológico"]
[42151677,"Kits indicadores de presión para uso odontológico"]
[42151678,"Sujetadores para almohadillas o láminas mezcladoras"]
[42151679,"Bolsas mezcladoras para uso odontológico"]
[42151680,"Topes o accesorios endodónticos"]
[42151681,"Sets o accesorios de anestesia para uso odontológico"]
[42151701,"Sillas para examen dental o partes relacionadas o accesorios"]
[42151702,"Taburetes para uso odontológico"]
[42151703,"Gabinetes para uso odontológico"]
[42151704,"Mesas o accesorios para uso odontológico"]
[42151705,"Sets de mobiliarios combinados para procedimientos dentales"]
[42151801,"Portadores de amalgamas"]
[42151802,"Obturadores o puntas o accesorios para uso odontológico"]
[42151803,"Cápsulas de amalgama para uso odontológico"]
[42151804,"Empaquetadores de cable para uso odontológico"]
[42151805,"Discos pulidores o de terminado para uso odontológico"]
[42151806,"Tiras pulidoras o de terminado para uso odontológico"]
[42151807,"Puntas pulidoras o de terminado para uso odontológico"]
[42151808,"Compuestos brilladores para uso odontológico"]
[42151809,"Paños comprimibles para uso odontológico"]
[42151810,"Kits pulidores o de terminado para uso odontológico"]
[42151811,"Copas o sets pulidores para uso odontológico"]
[42151812,"Resortes para abrasión o máquinas pulidoras para uso odontológico"]
[42151813,"Tubos de calzas para uso odontológico"]
[42151814,"Adaptadores de placas de sujeción para tallado o máquinas pulidoras para uso odontológico"]
[42151815,"Conos para tallado o máquinas pulidoras para uso odontológico"]
[42151816,"Portadores de lámina de oro"]
[42151901,"Cepillos para paladares o prótesis dentales"]
[42151902,"Kits de profilaxis para uso odontológico"]
[42151903,"Copas o contenedores para prótesis dentales"]
[42151904,"Soluciones o tabletas reveladoras"]
[42151905,"Geles o enjuagues de fluoruro"]
[42151906,"Tabletas o gotas de fluoruro"]
[42151907,"Tanques de profilaxis para uso odontológico"]
[42151908,"Frascos o sets para prótesis dentales"]
[42151909,"Pastas o kits de prevención dental"]
[42151910,"Dispositivos o accesorios para limpiar dientes"]
[42151911,"Sets acondicionadores de tejido dental"]
[42151912,"Aerosoles endodónticos"]
[42152001,"Sujetadores de aleta de mordida"]
[42152002,"Bloques o aletas o tabletas de mordida para uso odontológico"]
[42152003,"Procesadores de película para uso odontológico"]
[42152004,"Colgadores de película radiológica para uso odontológico"]
[42152005,"Sujetadores de película radiológica para uso odontológico"]
[42152006,"Monturas de película radiológica para uso odontológico"]
[42152007,"Duplicadores de rayos x para uso odontológico"]
[42152008,"Unidades de rayos x para uso odontológico"]
[42152009,"Visores o accesorios de rayos x para uso odontológico"]
[42152010,"Película radiológica para uso odontológico"]
[42152011,"Adaptadores de película de rayos x para uso odontológico"]
[42152012,"Partes o kits o accesorios para aparatos de rayos x para uso odontológico"]
[42152013,"Analizadores de película radiográfica para uso odontológico"]
[42152014,"Trazador radioactivo para uso odontológico"]
[42152101,"Anillos de molde o suministros relacionados para uso odontológico"]
[42152102,"Formadores para uso odontológico"]
[42152103,"Adhesivos para bandejas de impresión para uso odontológico"]
[42152104,"Limpiadores de bandejas de impresión para uso odontológico"]
[42152105,"Bandejas de impresión para uso odontológico"]
[42152106,"Cuchillos para yeso para uso odontológico"]
[42152107,"Instrumentos de encerado para uso odontológico"]
[42152108,"Jeringas de material de impresión o accesorios para uso odontológico"]
[42152109,"Baños de agua para material de impresión o accesorios para uso odontológico"]
[42152110,"Dispositivos para marcar dientes"]
[42152111,"Endurecedores de material de impresión para uso odontológico"]
[42152112,"Instrumentos de secado o accesorios para uso odontológico"]
[42152113,"Kits de formación de base para prótesis dentales"]
[42152114,"Kits de entrega de materiales de impresión para uso odontológico"]
[42152115,"Canastas de impresión para uso odontológico"]
[42152201,"Láminas dentales"]
[42152202,"Unidades de abrasión por aire de laboratorio dental"]
[42152203,"Quemadores o antorchas de laboratorio dental"]
[42152204,"Máquinas para enyesar, sus partes o accesorios de laboratorio dental"]
[42152205,"Unidades de curado de laboratorio dental"]
[42152206,"Tintes de laboratorio dental"]
[42152207,"Recolectores de polvo de laboratorio dental"]
[42152208,"Máquinas o accesorios de laboratorio dental"]
[42152209,"Hornos de uso odontológico para laboratorios"]
[42152210,"Chapas de oro de laboratorio dental"]
[42152211,"Tornos o accesorios de laboratorio dental"]
[42152212,"Bordeadoras de modelos de laboratorio dental"]
[42152213,"Modelos de laboratorio dentales"]
[42152214,"Trampas de yeso de laboratorio dental"]
[42152215,"Lijadoras de chorro de arena o suministros de laboratorio dental"]
[42152216,"Máquinas soldadoras o suministros de laboratorio dental"]
[42152217,"Unidades de vacío o suministros de laboratorio dental"]
[42152218,"Vibradores de uso odontológico para laboratorios"]
[42152219,"Unidades de encerado de laboratorio dental"]
[42152220,"Piedras dentales para laboratorios"]
[42152221,"Protectores de moldes o estuches de laboratorio dental"]
[42152222,"Crisoles para máquinas de fundición de uso odontológico"]
[42152223,"Unidades o accesorios de procesamiento de resinas de laboratorio dental"]
[42152224,"Cantimploras de laboratorio dental"]
[42152301,"Láseres de uso odontológico"]
[42152302,"Dentoscopios"]
[42152303,"Luces para uso odontológico general o sus accesorios"]
[42152304,"Luces intraorales"]
[42152305,"Trípodes de luces de operación para uso odontológico"]
[42152306,"Luces o accesorios de fibra óptica para uso odontológico"]
[42152307,"Sets de iluminación de operación para uso odontológico"]
[42152401,"Aleaciones para amalgamas de uso odontológico"]
[42152402,"Materiales protectores de la boca para atletas"]
[42152403,"Aleaciones de molibdeno cromo cobalto fundido para implantes dentales"]
[42152404,"Materiales de impresión hidrocoloides irreversibles reversibles combinados"]
[42152405,"Plásticos para coronas o puentes"]
[42152406,"Pastas abrasivas de uso odontológico"]
[42152407,"Polvos abrasivos de uso odontológico"]
[42152408,"Puntos absorbentes de uso odontológico"]
[42152409,"Materiales de impresión agar de uso odontológico"]
[42152410,"Materiales de impresión alginadas de uso odontológico"]
[42152411,"Aleaciones de fundición de metal de base de uso odontológico"]
[42152412,"Ceras de placa de base de uso odontológico"]
[42152413,"Aleaciones de soldadura fuerte de uso odontológico"]
[42152414,"Aleaciones de fundición de uso odontológico"]
[42152415,"Cerámicas de uso odontológico"]
[42152416,"Materiales de duplicación de uso odontológico"]
[42152417,"Inversiones de sílice etilo de uso odontológico"]
[42152418,"Productos de yeso de uso odontológico"]
[42152419,"Materiales de impresión de pasta de óxido de zinc eugenol de uso odontológico"]
[42152420,"Ceras de fundición para incrustaciones de uso odontológico"]
[42152421,"Mercurio de uso odontológico"]
[42152422,"Puntos obturadores de uso odontológico"]
[42152423,"Sellantes de huecos o fisuras de uso odontológico"]
[42152424,"Cementos de base de agua de uso odontológico"]
[42152425,"Resinas de base para prótesis dentales"]
[42152426,"Resinas de forrado temporales de base para prótesis dentales"]
[42152427,"Resinas de reparación de cura fría para prótesis dentales"]
[42152428,"Resinas de relleno directo"]
[42152429,"Materiales elastoméricos para impresiones dentales"]
[42152430,"Materiales de relleno endodóntico"]
[42152431,"Elastómeros de prótesis maxilofacial extra oral"]
[42152432,"Inversiones de fundición de yeso unido para aleaciones de oro"]
[42152433,"Película radiográfica dental intraoral"]
[42152434,"Amalgamantes para uso odontológico"]
[42152435,"Materiales elastómeros para ortodoncia"]
[42152436,"Inversiones unidas de fosfato"]
[42152437,"Dientes de porcelana"]
[42152438,"Materiales refractarios de tinte"]
[42152439,"Materiales resistentes de recubrimiento para prótesis dentales removibles"]
[42152440,"Inversiones de soldadura"]
[42152441,"Dientes de polímeros sintéticos"]
[42152442,"Titanio sin aleación para implantes dentales"]
[42152443,"Cementos de óxido de zinc eugenol y de no eugenol"]
[42152444,"Líquido de retracción gingival"]
[42152445,"Sets de partes anteriores o posteriores de dientes"]
[42152446,"Recubrimientos o materiales adelgazantes o sets para caries dentales"]
[42152447,"Tintes o suministros de uso odontológico"]
[42152449,"Catalizadores de material de impresión de uso odontológico"]
[42152450,"Compuestos limpiadores de instrumentos de uso odontológico"]
[42152451,"Compuestos indicadores de presión de uso odontológico"]
[42152452,"Kits o accesorios de aislamiento de pastas de uso odontológico"]
[42152453,"Compuestos restauradores de uso odontológico"]
[42152454,"Protectores de nervios dentales"]
[42152455,"Estantes o soportes para productos abrasivos de uso odontológico"]
[42152456,"Agentes enmascaradores de uso odontológico"]
[42152457,"Kits de cementación de uso odontológico"]
[42152458,"Espaciadores de tintes de uso odontológico"]
[42152459,"Kits post endodoncia"]
[42152460,"Compuestos de recubrimiento para prótesis dentales"]
[42152461,"Compuestos de recubrimiento para modelos dentales"]
[42152462,"Kits de revestimiento de prótesis dentales"]
[42152463,"Solventes de cera de uso odontológico"]
[42152464,"Kits para implantes dentales"]
[42152465,"Lubricantes dentales"]
[42152501,"Kits o bandejas desechables pre ensambladas de uso odontológico"]
[42152502,"Baberos de uso odontológico"]
[42152503,"Suministros hembra de uso odontológico"]
[42152504,"Recubrimientos de uso odontológico"]
[42152505,"Forros para el apoyacabezas de la silla de examen de uso odontológico"]
[42152506,"Bolitas absorbentes de uso odontológico"]
[42152507,"Rollos de uso odontológico"]
[42152508,"Jeringas o agujas o jeringas con agujas de uso odontológico"]
[42152509,"Cubiertas desechables para bandejas de uso odontológico"]
[42152510,"Estuches o cubiertas para instrumentos o sets de uso odontológico"]
[42152511,"Platos de uso odontológico"]
[42152512,"Pinzas de uso odontológico"]
[42152513,"Tazas medidoras de uso odontológico"]
[42152514,"Contenedores o accesorios de materiales de desecho de uso odontológico"]
[42152516,"Tazones mezcladores de uso odontológico"]
[42152517,"Sujetadores o dispensadores de servilletas de uso odontológico"]
[42152518,"Dispensadores de materiales de uso odontológico"]
[42152519,"Kits de accesorios para jeringas de uso odontológico"]
[42152520,"Escupideras de uso odontológico"]
[42152601,"Papeles articulados para operación o productos relacionados de uso odontológico"]
[42152602,"Barreras de control de infección para operaciones de uso odontológico"]
[42152603,"Tornillos de retención o productos relacionados para operaciones de uso odontológico"]
[42152604,"Cordones de retracción para operaciones de uso odontológico"]
[42152605,"Sets de sialografía de uso odontológico"]
[42152606,"Tablillas o sets de uso odontológico"]
[42152607,"Anillos para instrumentos de uso odontológico"]
[42152608,"Cartuchos de ligadura para ortodoncia"]
[42152701,"Articuladores o accesorios de uso odontológico"]
[42152702,"Soluciones hemostáticas de uso odontológico"]
[42152703,"Tornillos o fijadores o suministros relacionados de uso odontológico"]
[42152704,"Retenedores de uso odontológico"]
[42152705,"Pinzas de aplicación para ortodoncia"]
[42152706,"Frenillos \"brackets\" para ortodoncia"]
[42152707,"Tubos bucales para ortodoncia"]
[42152708,"Bobinas de resorte para ortodoncia"]
[42152709,"Elásticos para ortodoncia"]
[42152710,"Elastómeros para ortodoncia"]
[42152711,"Tornillos de expansión para ortodoncia"]
[42152712,"Bandas molares para ortodoncia"]
[42152713,"Alicates para ortodoncia"]
[42152714,"Estuches retenedores para ortodoncia"]
[42152715,"Bandas de colocación para ortodoncia"]
[42152716,"Topes o bloqueos para ortodoncia"]
[42152801,"Cinceles para periodoncia"]
[42152802,"Limas para periodoncia"]
[42152803,"Separadores para periodoncia"]
[42152804,"Instrumentos de prueba de implante periodontal a interface de hueso"]
[42152805,"Instrumentos de control para periodoncia"]
[42152806,"Disectores de tejido para periodoncia"]
[42152807,"Pastas protectoras para periodoncia"]
[42152808,"Curetas para periodoncia"]
[42152809,"Cuchillos para periodoncia"]
[42152810,"Membranas para periodoncia"]
[42161501,"Sets de transferencia de diálisis peritoneal ambulatoria continua capd"]
[42161502,"Calentadores de dialisato peritoneal"]
[42161503,"Sets de administración o cateterización de diálisis peritoneal"]
[42161504,"Adaptadores o pinzas o conectores de catéter para diálisis peritoneal"]
[42161505,"Bolsas o contenedores de drenaje de diálisis peritoneal"]
[42161506,"Derivaciones o catéteres o dispositivos de acceso permanente para diálisis peritoneal"]
[42161507,"Soluciones para diálisis peritoneal"]
[42161508,"Correas o arneses para unidades de diálisis peritoneal"]
[42161509,"Unidades de diálisis peritoneal"]
[42161510,"Kits de lavado para diálisis peritoneal"]
[42161601,"Kits o sets o accesorios de administración de hemodiálisis"]
[42161602,"Muestreadores de bolsas de sangre para hemodiálisis"]
[42161603,"Aparato de demanda de oxígeno en la sangre para hemodiálisis"]
[42161604,"Sillas para hemodiálisis"]
[42161605,"Medidores de conductividad de dialisato para hemodiálisis"]
[42161606,"Detectores de nivel de dialisato para hemodiálisis"]
[42161607,"Bombas de presión de dialisato para hemodiálisis"]
[42161608,"Soluciones de dialisato para hemodiálisis"]
[42161609,"Tanques de dialisato para hemodiálisis"]
[42161610,"Tubos de dialisato para hemodiálisis"]
[42161611,"Baños calentadores de dialisato para hemodiálisis"]
[42161612,"Filtros de celuloide de dializador para hemodiálisis"]
[42161613,"Filtros de colodión de dializador para hemodiálisis"]
[42161614,"Filtros de filamento hueco de dializador para hemodiálisis"]
[42161615,"Sistemas de reprocesamiento de dializador para hemodiálisis"]
[42161616,"Detectores de burbujas de aire o espuma o coágulos, o trampas o alarmas para unidades de hemodiálisis"]
[42161617,"Monitores de presión arterial para unidades de hemodiálisis"]
[42161618,"Pinzas de línea de sangre para unidades de hemodiálisis"]
[42161619,"Tapas para válvulas de sangre para unidades de hemodiálisis"]
[42161620,"Bombas de sangre para unidades de hemodiálisis"]
[42161621,"Tapas para válvulas de dialisato unidades de hemodiálisis"]
[42161622,"Desinfectantes o limpiadores para unidades de hemodiálisis"]
[42161623,"Bombas de infusión de heparina unidades de hemodiálisis"]
[42161624,"Controladores de agujas únicas para unidades de hemodiálisis"]
[42161625,"Convertidores de un solo paso para unidades de hemodiálisis"]
[42161626,"Estantes o soportes o carritos para unidades de hemodiálisis"]
[42161627,"Monitores de temperatura para unidades de hemodiálisis"]
[42161628,"Equipos de prueba para unidades de hemodiálisis"]
[42161629,"Filtros transductores para unidades de hemodiálisis"]
[42161630,"Protectores transductores para unidades de hemodiálisis"]
[42161631,"Sistemas de purificación del agua para unidades de hemodiálisis"]
[42161632,"Unidades de hemodiálisis"]
[42161633,"Membranas dializadoras para aparatos de hemodiálisis"]
[42161634,"Bandejas de procedimiento o accesorios para hemodiálisis"]
[42161635,"Cartuchos para aparatos de hemodiálisis"]
[42161701,"Hemofiltro"]
[42161702,"Bolsas de recolección de hemofiltración"]
[42161703,"Puertos de infusión para hemofiltración"]
[42161704,"Puertos de muestreo para hemofiltración"]
[42161801,"Unidades de diálisis arterio venosa continua cavhd o productos relacionados"]
[42161802,"Unidades de hemofiltración arterio venosa continua cavh o productos relacionados"]
[42161803,"Unidades de hemodiálisis o hemofiltración venosa continua o productos relacionados"]
[42161804,"Unidades de ultrafiltración continua lenta scuf o productos relacionados"]
[42171501,"Bolsas para cuerpos para desastres para servicios médicos de emergencia"]
[42171502,"Etiquetas de triage para servicios médicos de emergencia"]
[42171601,"Camillas o accesorios para evacuación aérea"]
[42171602,"Camillas o accesorios para ambulancias"]
[42171603,"Prendas anti choque"]
[42171604,"Camillas canasta o accesorios"]
[42171605,"Ojales de cable de rescate"]
[42171606,"Férulas inflables para servicios médicos de emergencia"]
[42171607,"Collares cervicales o de extracción de víctimas para servicios médicos de emergencia"]
[42171608,"Inmovilizadores de cabeza para servicios médicos de emergencia"]
[42171609,"Correas de retención o espinales para servicios médicos de emergencia"]
[42171610,"Inmovilizadores de torso para servicios médicos de emergencia"]
[42171611,"Literas o camillas o accesorios para respuesta de emergencia"]
[42171612,"Camillas o accesorios redondas"]
[42171613,"Tablas espinales"]
[42171614,"Tubos o contenedores para rescate en agua"]
[42171701,"Cobijas para emergencias o rescates"]
[42171702,"Cobijas para primeros auxilios"]
[42171703,"Cobertores o cobijas de protección contra el calor para servicios médicos de emergencia"]
[42171704,"Fajas para bebés o porta bebés para servicios médicos de emergencia"]
[42171801,"Kits de intubación o vía aérea oro faríngea para servicios médicos de emergencia"]
[42171802,"Kits de laringoscopia para servicios médicos de emergencia"]
[42171803,"Unidades o accesorios de succión para servicios médicos de emergencia"]
[42171804,"Kits de cricotiroidotomía o tubo traqueal para servicios médicos de emergencia"]
[42171805,"Desplegadores de mandíbula"]
[42171806,"Palos para convulsiones"]
[42171901,"Bolsas de manejo de vía aérea para servicios médicos de emergencia"]
[42171902,"Estuches de desfibriladores para servicios médicos de emergencia"]
[42171903,"Estuches de medicamentos para servicios médicos de emergencia"]
[42171904,"Estuches o bolsas de productos de extracción para servicios médicos de emergencia"]
[42171905,"Estuches intravenosos iv para servicios médicos de emergencia"]
[42171906,"Estuches de intubación para servicios médicos de emergencia"]
[42171907,"Bolsas de laringoscopia para servicios médicos de emergencia"]
[42171908,"Estuches de soporte de vida para servicios médicos de emergencia"]
[42171909,"Paquetes de trauma para respuesta de larga distancia ldr para servicios médicos de emergencia"]
[42171910,"Estuches paramédicos para servicios médicos de emergencia"]
[42171911,"Estuches de oxígeno portátil o resucitación para servicios médicos de emergencia"]
[42171912,"Estuches o bolsas de rescate para servicios médicos de emergencia"]
[42171913,"Estuches o bolsas de respuesta para servicios médicos de emergencia"]
[42171914,"Estuches o bolsas de trauma para servicios médicos de emergencia"]
[42171915,"Estuches o bolsas para técnicos médicos de emergencia emt"]
[42171916,"Estuches para transportar o almacenar sets de inmovilización para servicios médicos de emergencia"]
[42171917,"Estuches o bolsas o accesorios de primeros auxilios para servicios médicos de emergencia"]
[42171918,"Estuches de equipos de tratamiento de víctimas de gas para servicios médicos de emergencia"]
[42171919,"Bolsas o revestimientos de evacuación para servicios médicos de emergencia"]
[42171920,"Estuches o accesorios de ropa para servicios médicos de emergencia"]
[42172001,"Kits de primeros auxilios para servicios médicos de emergencia"]
[42172002,"Kits de primera respuesta para servicios médicos de emergencia"]
[42172003,"Kits intravenosos iv para servicios médicos de emergencia"]
[42172004,"Kits de soporte de vida para servicios médicos de emergencia"]
[42172005,"Kits de trauma de respuesta de larga distancia ldr para servicios médicos de emergencia"]
[42172006,"Kits obstétricos para servicios médicos de emergencia"]
[42172007,"Kits de oxígeno o resucitación para servicios médicos de emergencia"]
[42172008,"Kits de rapel para servicios médicos de emergencia"]
[42172009,"Kits de búsqueda y rescate para servicios médicos de emergencia"]
[42172010,"Kits de trauma para servicios médicos de emergencia"]
[42172011,"Kits para técnicos médicos de emergencia emt"]
[42172012,"Kits de ventriculostomía para servicios médicos de emergencia"]
[42172013,"Kits de evacuación para servicios médicos de emergencia"]
[42172014,"Kits o suministros de transporte de pacientes para servicios médicos de emergencia"]
[42172015,"Kits de tratamiento dental para servicios médicos de emergencia"]
[42172016,"Kits de fracturas para servicios médicos de emergencia"]
[42172017,"Kits de equipos médicos de laboratorio o de campo o productos relacionados"]
[42172101,"Desfibriladores externos automatizados aed o paletas duras"]
[42172102,"Escudos o máscaras protectoras para resucitación cardiopulmonar cpr"]
[42172103,"Kits aspiradores o resucitadores para emergencias"]
[42172201,"Pinzas o torniquetes para servicios médicos de emergencia"]
[42181501,"Depresores de lengua o cuchillos o baja lenguas"]
[42181502,"Transiluminadores para exámenes de uso médico"]
[42181503,"Lubricantes o gelatinas personales o para examen"]
[42181504,"Sets de hemacitómetros"]
[42181505,"Sets o accesorios de muestreadores de células endometriales"]
[42181506,"Kits de determinación de asalto sexual"]
[42181507,"Bandas para sujetar el espejo a la frente o accesorios para exámenes médicos"]
[42181508,"Pañitos limpiadores para equipo diagnóstico"]
[42181509,"Sets de examen físico para cirujanos de vuelo"]
[42181510,"Medidores de ictericia transcutáneos"]
[42181511,"Evaluadores de impotencia masculina"]
[42181512,"Cucharas para examen de portadores de tifoidea"]
[42181513,"Kits de irrigación de los senos nasales"]
[42181514,"Fotómetros de hemoglobina"]
[42181515,"Bandejas de procedimiento para exámenes"]
[42181516,"Unidades o accesorios de electromiografía emg"]
[42181517,"Unidades de electroencefalografía (EEG) o accesorios"]
[42181601,"Unidades de presión de sangre aneroides"]
[42181602,"Unidades de presión de sangre electrónicas"]
[42181603,"Unidades de presión de sangre de mercurio"]
[42181604,"Válvulas o peras inflables de liberación de presión del aire en la sangre"]
[42181605,"Mangas o vejigas de presión de la sangre"]
[42181606,"Mangueras de inflar o mangueras neumáticas o adaptadores de presión de sangre"]
[42181607,"Unidades de registro de presión de sangre"]
[42181608,"Accesorios para instrumentos de medición de presión de sangre"]
[42181609,"Kits de domo de monitoreo de presión de sangre"]
[42181610,"Kits de mangas de presión de sangre"]
[42181701,"Unidades de electrocardiografía ekg"]
[42181702,"Adaptadores o cables o conductores para electrocardiografía ekg"]
[42181703,"Probadores de cables o conductores o unidades de electrocardiografía ekg"]
[42181704,"Calibradores o reglas de electrocardiografía ekg"]
[42181705,"Registros gráficos de electrocardiografía ekg"]
[42181706,"Pantallas de monitor para electrocardiografía ekg"]
[42181707,"Electrodos de tira o anillo para electrocardiografía ekg neonatal"]
[42181708,"Electrodos de parche para electrocardiografía ekg"]
[42181709,"Papel de registro de electrocardiografía (ECG)"]
[42181710,"Probadores de superficie de electrodos para electrocardiografía ekg"]
[42181711,"Sistemas telefónicos receptores o transmisores para electrocardiografía ekg"]
[42181712,"Analizadores de unidad de electrocardiografía ekg"]
[42181713,"Sistemas de monitoreo de electrocardiografía ekg continua de larga duración o holter"]
[42181714,"Kits de accesorios de monitoreo para electrocardiografía ekg"]
[42181715,"Soluciones o cremas para electrodos"]
[42181716,"Accesorios para electrocardiografía ekg"]
[42181717,"Bombillos de electrodos para electrocardiografía ekg"]
[42181718,"Esferos para registro de electrocardiografía ekg"]
[42181719,"Transmisor o telemetría o accesorios para electrocardiografía ekg"]
[42181801,"Unidades para oxímetros de pulso"]
[42181802,"Cables para oxímetros de pulso"]
[42181803,"Sondas o sensores para oxímetros de pulso"]
[42181804,"Accesorios para sondas o sensores para oxímetros de pulso"]
[42181805,"Accesorios para unidades de oxímetros de pulso"]
[42181901,"Unidades o accesorios para cuidado intensivo fetal o monitoreo materno"]
[42181902,"Unidades o accesorios para monitoreo de presión intracraneal icp"]
[42181903,"Unidades o accesorios para monitoreo de salida cardiaca co"]
[42181904,"Unidades o accesorios para unidades de signos vitales multi parámetro"]
[42181905,"Cables para monitor transductor para uso médico"]
[42181906,"Catéteres para monitoreo de presión intrauterina"]
[42181907,"Aparatos para metabolismo basal"]
[42181908,"Sets o accesorios de monitoreo de presión intra compartimientos"]
[42181909,"Papel de registro de monitores fetales"]
[42181910,"Kits intrauterinos transcervicales"]
[42181911,"Electrodos para cuero cabelludo fetal"]
[42182001,"Espéculos para examen anal o rectal"]
[42182002,"Anoscopios o proctoscopios"]
[42182003,"Colposcopios o vaginoscopios o accesorios"]
[42182004,"Dermatoscopios"]
[42182005,"Oftalmoscopios u otoscopios o sets de escopios"]
[42182006,"Espéculos para examen de laringe o bucofaríngeo"]
[42182007,"Bombillos o lámparas de escopios para exámenes médicos"]
[42182008,"Manijas de escopios o cargadores de escopios para exámenes médicos"]
[42182009,"Puntas de espéculos para escopios o dispensadores de puntas de espéculos para uso médico"]
[42182010,"Sujetadores o soportes para espéculos para exámenes médicos"]
[42182011,"Espéculos o puntas de dilatación o dispensadores de puntas para exámenes médicos"]
[42182012,"Espéculos o dilatadores para exámenes nasales"]
[42182013,"Espéculos para examen vaginal"]
[42182014,"Accesorios para otoscopios u oftalmoscopios"]
[42182015,"Espéculos para otoscopia"]
[42182016,"Nasofaringoscopios o accesorios"]
[42182017,"Sets de espéculos para oído"]
[42182018,"Broncoscopios o accesorios"]
[42182019,"Kits de dilatación"]
[42182020,"Angioscopios o accesorios"]
[42182101,"Estetoscopios electrónicos o accesorios"]
[42182102,"Dopplers vasculares de mano o accesorios"]
[42182103,"Estetoscopio acústico para uso médico o accesorios"]
[42182104,"Estetoscopio de cabeza"]
[42182105,"Cubiertas para estetoscopios de cabeza"]
[42182106,"Fonocardiográfos estetoscópicos"]
[42182107,"Estetoscopios auriculares"]
[42182108,"Termorreguladores de pacientes"]
[42182201,"Termómetros electrónicos para uso médico"]
[42182202,"Termómetros de fibra óptica para uso médico"]
[42182203,"Estuches o forros para transportar termómetros para uso médico"]
[42182204,"Estantes para termómetros para uso médico"]
[42182205,"Fundas para puntas o sondas de termómetros para uso médico"]
[42182206,"Termómetros de mercurio para uso médico"]
[42182207,"Monitores de temperatura continua o de tendencia de temperatura del paciente"]
[42182208,"Bandas de temperatura del paciente"]
[42182209,"Sondas para termómetros"]
[42182301,"Molinillos de diagnóstico para uso médico"]
[42182302,"Martillos o martillos quirúrgicos para reflejos"]
[42182303,"Tarjetas de examen neurosiquiátrico"]
[42182304,"Sets o kits de pruebas de diagnóstico sicológico"]
[42182305,"Sets para procedimientos mielográficos"]
[42182306,"Discriminadores neurológicos"]
[42182307,"Alfileres neurológicos"]
[42182308,"Electroencefalógrafo eeg o accesorios"]
[42182309,"Papeles de registro para electroencefalógrafos"]
[42182310,"Electromiógrafos"]
[42182311,"Sensores neurológicos"]
[42182312,"Electrodos o sets para electromiógrafos"]
[42182313,"Sets para diagnóstico neurológico"]
[42182314,"Dispositivo de retroalimentación biológica"]
[42182401,"Audiómetros o accesorios"]
[42182402,"Vibradores de hueso audiométricos o analizadores de oído medio"]
[42182403,"Cabinas audiométricas o cámaras acústicas para pruebas de audición"]
[42182404,"Sets de calibración de unidades de evaluación de función auditiva"]
[42182405,"Unidades de evaluación de función auditiva"]
[42182406,"Grabadoras gráficas de pruebas auditivas"]
[42182407,"Fenestrómetros de oído"]
[42182408,"Electrococleógrafos"]
[42182409,"Analizadores de audífonos o sistemas de prueba"]
[42182410,"Estuches para diapasones para uso médico"]
[42182411,"Martillos para diapasones para uso médico"]
[42182412,"Diapasones para uso médico"]
[42182413,"Sets de diapasones para uso médico"]
[42182414,"Analizadores de tinnitus (acúfenos)"]
[42182415,"Tubos de toynbee para diagnóstico"]
[42182416,"Timpanómetros o sus accesorios"]
[42182417,"Cordones de audiometría"]
[42182418,"Guías para fenestrómetro"]
[42182419,"Aparatos para control de audición"]
[42182420,"Sondas aurales"]
[42182421,"Calibradores de tapones o accesorios"]
[42182422,"Bolsas inflables para oído"]
[42182501,"Olfatómetros"]
[42182502,"Medidores de flujo nasal o rinoanemómetros"]
[42182601,"Luces o lámparas de pie para exámenes médicos"]
[42182602,"Luces o lámparas instaladas para exámenes médicos"]
[42182603,"Luces de techo o lámparas de techo o accesorios para exámenes médicos"]
[42182604,"Linternas para exámenes médicos"]
[42182701,"Goniómetros"]
[42182702,"Cintas de medición para uso médico"]
[42182703,"Reglas de medición de altura de pacientes"]
[42182704,"Evaluadores de dobleces de piel"]
[42182801,"Básculas de pañales"]
[42182802,"Básculas de bebés"]
[42182803,"Básculas de mesa o cama para pacientes para uso general"]
[42182804,"Básculas de asiento para pacientes"]
[42182805,"Básculas de piso para pacientes"]
[42182806,"Básculas de eslinga para pacientes"]
[42182807,"Básculas de plataforma para sillas de ruedas"]
[42182808,"Forros o revestimientos para básculas de pesaje"]
[42182901,"Mesas de examen obstétrico o ginecológico"]
[42182902,"Mesas de examen con apoya pies para examen obstétrico o ginecológico"]
[42182903,"Mesas para examen pediátrico"]
[42182904,"Mesas de retención o sistemas de medición para examen pediátrico"]
[42183001,"Carteleras para examen de ojos o tarjetas de visión"]
[42183002,"Topógrafos corneales"]
[42183003,"Exoftalmómetros"]
[42183004,"Queratoscopios"]
[42183005,"Colorímetros oftálmicos"]
[42183006,"Distómetros oftálmicos"]
[42183007,"Tambores oftálmicos o sus accesorios"]
[42183008,"Eutiscopios oftálmicos"]
[42183009,"Lentes de prueba del ojo o sus accesorios para uso oftálmico"]
[42183010,"Lensómetros para uso oftálmico"]
[42183011,"Perímetros para uso oftálmico"]
[42183012,"Fotómetros para uso oftálmico"]
[42183013,"Prismas para uso oftálmico"]
[42183014,"Retinoscopios para uso oftálmico"]
[42183015,"Lámparas de hendidura para uso oftálmico"]
[42183016,"Espectrofotómetros para uso oftálmico"]
[42183017,"Espéculos para uso oftálmico"]
[42183018,"Tonómetros o accesorios para uso oftálmico"]
[42183019,"Transiluminadores para uso oftálmico"]
[42183020,"Trazadores de campo visual para uso oftálmico"]
[42183021,"Analizadores de función visual para uso oftálmico"]
[42183022,"Visiómetros para uso oftálmico"]
[42183023,"Oftalmómetros"]
[42183024,"Mesas para instrumentos o accesorios para uso oftálmico"]
[42183025,"Lentes de vitrectomía"]
[42183026,"Oftalmodinamómetros"]
[42183027,"Kits o accesorios de pruebas de monitoreo tangente"]
[42183028,"Accesorios para retinoscopio para uso oftálmico"]
[42183029,"Unidades de forópter"]
[42183030,"Oclusores de ojos"]
[42183031,"Sets o accesorios de placas pseudoisocromáticas"]
[42183032,"Taquistoscopio"]
[42183033,"Sets de ajuste de anteojos"]
[42183034,"Estereoscopios para probar la visión"]
[42183035,"Queratómetros refractores de combinación"]
[42183036,"Placas base para oftalmómetros"]
[42183037,"Proyectores de cuadros o accesorios"]
[42183038,"Almohadillas de uso oftálmico"]
[42183039,"Sujetadores de lentes oftálmicos"]
[42183040,"Herramientas o accesorios para optómetras"]
[42183041,"Linternas de pruebas de percepción del color"]
[42183042,"Aparatos de percepción de profundidad"]
[42183043,"Bombillos para oftalmómetros"]
[42183044,"Pantallas tangentes"]
[42183045,"Sistemas de electroretinograma"]
[42183046,"Sets o accesorios de prueba de visión binocular"]
[42183047,"Soportes miradores para pruebas de agudeza visual"]
[42183048,"Barras de fijación de niños para uso oftálmico"]
[42183101,"Gustómetros"]
[42183201,"Instrumentos o accesorios para detectar o probar alergias"]
[42183301,"Accesorios para espejos de examen de oído nariz garganta ent"]
[42191501,"Sistema de tubo neumático clínico"]
[42191502,"Bandejas o cubiertas para medicinas"]
[42191601,"Iluminación para habitaciones de pacientes o accesorios"]
[42191602,"Iluminación para salas de cirugía o accesorios"]
[42191603,"Paneles de instrumentos para equipos hospitalarios"]
[42191604,"Brazos de monitoreo clínico"]
[42191605,"Columnas para equipos eléctricos hospitalarios"]
[42191606,"Brazos de techo para instalaciones médicas"]
[42191607,"Cortinas de cubículo o pantallas o hardware de rieles de cortinas para pacientes"]
[42191608,"Controles de enfermería o monitores de salida"]
[42191609,"Sistemas de pared principal para uso clínico"]
[42191610,"Módulos de trabajo para uso clínico"]
[42191611,"Módulos o sistemas de comunicación de enfermería"]
[42191612,"Sistemas de intercomunicación hospitalaria"]
[42191701,"Pistas de servicio de electricidad o gas para uso médico"]
[42191702,"Columnas de entrega de gas para uso médico"]
[42191703,"Salidas de gas para uso médico"]
[42191704,"Sistemas de compresión de aire gas para uso médico"]
[42191705,"Alarmas de gas para uso médico"]
[42191706,"Colector de gas para uso medico"]
[42191707,"Sistemas de vacío para uso médico"]
[42191708,"Gabinetes de control de presión de aire para uso médico"]
[42191709,"Válvulas de cierre de gas o cajas de válvulas para uso médico"]
[42191710,"Carros o puestos o accesorios para cilindros de gas para uso médico"]
[42191711,"Tanques de aire comprimido o accesorios para uso quirúrgico"]
[42191801,"Mesas para encima de la cama o accesorios"]
[42191802,"Incubadoras o calentadores de bebés para uso clínico"]
[42191803,"Moisés o cunas o camas pediátricas o accesorios"]
[42191804,"Barandas para camas para uso médico o quirúrgico"]
[42191805,"Columnas suspendidas para uso médico"]
[42191806,"Barras de trapecio para uso clínico"]
[42191807,"Camas o accesorios de cuidado del paciente para uso general"]
[42191808,"Camas o accesorios de cuidado del paciente para cuidado especial"]
[42191809,"Almohadillas o bombas de presión alterna"]
[42191810,"Colchones o accesorios para el cuidado del paciente"]
[42191811,"Cunas de posicionamiento para bebés"]
[42191812,"Kits de suministros de incubadoras para bebés"]
[42191813,"Forros de catre para el cuidado del paciente"]
[42191814,"Accesorios para incubadora o calentadora de bebés para uso clínico"]
[42191901,"Gabinetes clínicos para junto a la cama o accesorios"]
[42191902,"Armarios para uso hospitalario"]
[42191903,"Gabinetes de monitoreo para uso médico"]
[42191904,"Gabinetes o cajas fuertes para narcóticos"]
[42191905,"Gabinetes de tratamiento para uso médico"]
[42191906,"Gabinetes calentadores de cobijas o soluciones"]
[42191907,"Gabinetes o muebles de almacenamiento de instrumentos para uso médico"]
[42192001,"Mesas de examen o procedimientos médicos para uso general"]
[42192002,"Accesorios para mesas de examen o procedimientos médicos para uso general excluyendo sábanas para cubrirlas"]
[42192101,"Asientos o accesorios para sacar sangre o flebotomía"]
[42192102,"Reclinadoras o accesorios para uso hospitalario"]
[42192103,"Asientos para pacientes"]
[42192104,"Taburetes médicos y accesorios"]
[42192106,"Asientos para visitantes de instalaciones médicas"]
[42192107,"Asientos de examen clínico o accesorios"]
[42192201,"Camillas con ruedas o accesorios para el transporte de pacientes"]
[42192202,"Elevadores de camillas o de tijeras"]
[42192203,"Asientos geriátricos o accesorios"]
[42192204,"Incubadoras para el transporte de pacientes o accesorios"]
[42192205,"Accesorios para carritos de pacientes"]
[42192206,"Carritos de pacientes"]
[42192207,"Camillas para pacientes o accesorios para camillas"]
[42192208,"Accesorios para sillas de ruedas"]
[42192209,"Rampas para sillas de ruedas"]
[42192210,"Sillas de ruedas"]
[42192211,"Tablas para mover pacientes o sus accesorios"]
[42192212,"Esterilla o sábana para transferencia de pacientes"]
[42192213,"Unidad de sistema de calefacción para mantener o evacuar pacientes o accesorios"]
[42192301,"Elevadores de pacientes o accesorios"]
[42192302,"Elevadores hidráulicos o accesorios para uso clínico"]
[42192303,"Asientos suspendidos o eslingas para pacientes"]
[42192304,"Montacargas de techo para pacientes"]
[42192305,"Eslingas para bebés o accesorios"]
[42192401,"Carritos de emergencia o resucitación"]
[42192402,"Carritos específicos para equipos de diagnóstico o monitoreo"]
[42192403,"Carritos de aislamiento para uso médico"]
[42192404,"Carritos o accesorios para uso médico"]
[42192405,"Puestos móviles de irrigación"]
[42192406,"Carritos para transportar orinales"]
[42192501,"Forros para equipos médicos"]
[42192502,"Bolsas para equipos médicos"]
[42192601,"Moldes de supositorios"]
[42192602,"Dispensadores de pastillas o medicamentos o accesorios"]
[42192603,"Tazas o botellas para administrar medicamentos o accesorios"]
[42192604,"Sistemas o accesorios para la entrega de drogas"]
[42192605,"Kits de encapsulamiento de aneurismas"]
[42201501,"Instalación de unidad estacionaria completa para tomografía computarizada ct o cat para uso médico"]
[42201502,"Unidades móviles o transportables o unidad de camión para tomografía computarizada ct o cat para uso médico"]
[42201503,"Componentes de sistema tridimensional para tomografía computarizada ct o cat para uso médico"]
[42201504,"Componentes de hueso de contenido mineral para tomografía computarizada ct o cat para uso médico"]
[42201505,"Consolas para tomografía computarizada ct o cat para uso médico"]
[42201506,"Inyectores de agentes de contraste de tomografía informatizada (TAC o CT) médica"]
[42201507,"Componentes de sistema helicoidal para tomografía computarizada ct o cat para uso médico"]
[42201508,"Monitores para tomografía computarizada ct o cat para uso médico"]
[42201509,"Acondicionadores de energía para tomografía computarizada ct o cat para uso médico"]
[42201510,"Simuladores o dispositivos de aseguramiento de calidad o de calibración para tomografía computarizada ct o cat para uso médico"]
[42201511,"Escáneres o tubos para tomografía computarizada ct o cat para uso médico"]
[42201512,"Mesas o puestos o asientos para tomografía computarizada ct o cat para uso médico"]
[42201513,"Componentes de sistema ultra rápido para tomografía computarizada ct o cat para uso médico"]
[42201601,"Instalación de unidad estacionaria completa de imágenes de resonancia magnética mri para uso médico"]
[42201602,"Sistemas móviles o transportables o de camión de imágenes de resonancia magnética mri para uso médico"]
[42201603,"Componentes de sistema tridimensional de imágenes de resonancia magnética mri para uso médico"]
[42201604,"Simuladores o dispositivos de aseguramiento de calidad o calibración de imágenes de resonancia magnética mri para uso médico"]
[42201605,"Bobinas de imágenes de resonancia magnética mri para uso médico"]
[42201606,"Inyectores de agentes de contraste de resonancia magnética (MRI) médica"]
[42201607,"Monitores de imágenes de resonancia magnética mri para uso médico"]
[42201608,"Consolas primarias o remotas o secundarias de imágenes de resonancia magnética mri para uso médico"]
[42201609,"Escáneres de imágenes de resonancia magnética mri para uso médico"]
[42201610,"Instrumentos quirúrgicos o sistemas de guía de imágenes de resonancia magnética mri para uso médico"]
[42201611,"Mesas de imágenes de resonancia magnética mri para uso médico"]
[42201701,"Ultrasonido cardiaco o doppler o unidades de eco o cardioscopios"]
[42201702,"Ultrasonido o unidades de eco fetales o ginecológicas"]
[42201703,"Ultrasonido o unidades de eco mamográficas"]
[42201704,"Densitómetros de hueso por ultrasonido para uso médico"]
[42201705,"Forros para ultrasonido o doppler o eco sonda para uso médico"]
[42201706,"Sondas para ultrasonido o doppler o eco para uso médico"]
[42201707,"Calentadores de gel para ultrasonido o doppler o eco para uso médico"]
[42201708,"Geles para ultrasonido o doppler o eco para uso médico"]
[42201709,"Monitores para ultrasonido o doppler o eco para uso médico"]
[42201710,"Impresoras para ultrasonido o doppler o eco para uso médico"]
[42201711,"Transductores o accesorios para ultrasonido o doppler o eco para uso médico"]
[42201712,"Unidades de ultrasonido o doppler o eco pulso o ecografía de diagnóstico general para uso médico"]
[42201713,"Componentes tridimensionales para ultrasonido o doppler o eco para uso médico"]
[42201714,"Tensiómetros"]
[42201715,"Sondas o accesorios para ultrasonido o eco vaginal"]
[42201716,"Unidades de ultrasonido vascular"]
[42201717,"Almohadillas de transmisión de ultrasonido para uso médico"]
[42201718,"Escáneres oftálmicos de ultrasonido para uso médico"]
[42201719,"Lociones de escáner por ultrasonido para uso médico"]
[42201801,"Películas de rayos x para cardiología"]
[42201802,"Equipos de rayos x para cardiología"]
[42201803,"Equipos de rayos x para mamografías"]
[42201804,"Unidades de brazo c de rayos x para uso médico"]
[42201805,"Equipo de cine fluoroscopio para uso médico"]
[42201806,"Equipo de radiología y fluoroscopia rf para uso médico"]
[42201807,"Escáneres de radioisótopos para uso médico"]
[42201808,"Rejillas móviles de rayos x para uso médico"]
[42201809,"Inyectores o accesorios de agentes de contraste para imágenes para uso médico"]
[42201810,"Casetes o película de rayos x de uso general para uso médico"]
[42201811,"Dispositivos de aseguramiento de calidad o calibración de rayos x para uso médico"]
[42201812,"Mesas o puestos o asientos o gabinetes o accesorios de rayos x para uso médico"]
[42201813,"Unidades de tomografía de rayos x para uso médico"]
[42201814,"Tubos de rayos x para uso médico"]
[42201815,"Unidades de rayos x de uso diagnóstico general para uso médico"]
[42201816,"Unidades de xerorradiografía para uso médico"]
[42201817,"Densitómetros de hueso de rayos x"]
[42201818,"Cuñas de pisada y trompos de combinación para equipo radiográfico"]
[42201819,"Colgadores o sus accesorios para películas de rayos x"]
[42201820,"Rejillas de equipo radiográfico para uso médico"]
[42201821,"Sujeta casetes de película radiográfica"]
[42201822,"Estuches o fundas o accesorios para equipos de rayos x para uso médico"]
[42201823,"Unidad de tubo y transformador de rayos x para uso médico"]
[42201824,"Sets de artrografía para uso médico"]
[42201825,"Insertos de tubo de aparatos de rayos x para uso médico"]
[42201826,"Kits de reparación de aparatos de rayos x para uso médico"]
[42201827,"Kits de reparación de carpa de cuarto oscuro de rayos x para uso médico"]
[42201828,"Filtros de aparatos de rayos x para uso médico"]
[42201829,"Localizadores radiográficos"]
[42201830,"Pantallas intensificadoras de rayos x para uso médico"]
[42201831,"Tapas de casetes o películas de rayos x para uso médico"]
[42201832,"Cubiertas de casetes o película radiográfica"]
[42201833,"Cambiadores de casetes o película radiográfica"]
[42201834,"Ensamblajes rectificadores de aparatos de rayos x radiográficos para uso médico"]
[42201835,"Ensamblajes de unidades de tubos de aparatos de rayos x para uso médico"]
[42201836,"Ensamblajes de bandas de compresión de aparatos de rayos x para uso médico"]
[42201837,"Enfriadores de agua de rayos x para uso médico"]
[42201838,"Catéteres o kits de catéteres de enteroclisis para uso médico"]
[42201839,"Bandejas de procedimientos de imágenes para uso médico"]
[42201840,"Dispositivos sellantes vasculares"]
[42201841,"Papeles de rayos x diagnósticos para uso médico"]
[42201901,"Luces de punto caliente de película de rayos x para uso médico"]
[42201902,"Sistemas de estanterías de despliegue largas de rayos x para uso médico"]
[42201903,"Cajas de despliegue de película de rayos x para uso médico"]
[42201904,"Ventanas o pantallas iluminadoras de película de rayos x para uso médico"]
[42201905,"Estuches de transferencia de película de rayos x para uso médico"]
[42201906,"Ganchos iluminadores de película de rayos x para uso médico"]
[42201907,"Estereoscopios de película de rayos x para uso médico"]
[42201908,"Viseras para monitores fluoroscopios para uso médico"]
[42202001,"Cámaras gamma de uso general para uso médico"]
[42202002,"Sistemas de navegación o accesorios para mapeo linfático"]
[42202003,"Sondas para mapeo linfático"]
[42202004,"Colimadores para mapeo linfático"]
[42202005,"Paquete de procedimiento para mapeo linfático"]
[42202101,"Contenedores o semillas de intra cavidad para braquiterapia"]
[42202102,"Catéteres o jeringas o insertores o aplicadores para braquiterapia"]
[42202103,"Contenedores de almacenamiento de semillas para braquiterapia"]
[42202104,"Kits de captura de semillas para braquiterapia"]
[42202105,"Unidades de braquiterapia"]
[42202201,"Colimadores o cascos de cuchillo gamma para radio cirugía"]
[42202202,"Unidades o centelladores de cuchillos gamma radio quirúrgicos"]
[42202203,"Sets de almohadillas para cascos de radio cirugía"]
[42202301,"Unidades bidimensionales de terapia de radiación de intensidad modulada de acelerador lineal imrt para uso médico"]
[42202302,"Unidades tridimensionales de terapia de radiación de intensidad modulada de acelerador lineal imrt para uso médico"]
[42202303,"Colimadores de terapia de radiación de intensidad modulada de acelerador lineal imrt para uso médico"]
[42202401,"Unidades de tomografía de emisión de positrones pet para uso médico"]
[42202501,"Unidades de tomografía de emisión computarizada de fotones únicos spect para uso médico"]
[42202601,"Suministros para terapia de irradiación de tiroides"]
[42202602,"Kits de pruebas para radio inmunoterapia"]
[42202701,"Equipo de cobalto 60 para teleterapia radioterapia"]
[42202702,"Aceleradores lineales para teleterapia radioterapia"]
[42202703,"Máquinas de rayos x de ortovoltaje para teleterapia radioterapia"]
[42202704,"Máquinas de rayos x superficiales para teleterapia radioterapia"]
[42202801,"Litotriptores de ultrasonido"]
[42202802,"Electrodos o sondas de litotripia"]
[42202901,"Unidades de rayos x de baja energía para uso médico"]
[42203001,"Aceleradores lineales móviles o transportables para uso médico"]
[42203101,"Micro dosímetros de efecto radio biológico"]
[42203201,"Simuladores de planeación de radioterapia rf de fluoroscopia y rayos x"]
[42203202,"Simuladores de radioterapia de tomografía computarizada ct o cat"]
[42203301,"Sistemas de terapia estereotáctica sin marco"]
[42203302,"Marcos para la cabeza para terapia estereotáctica"]
[42203303,"Sistemas de biopsia estereotáctica"]
[42203401,"Stents coronarios"]
[42203402,"Catéteres o sets de diagnóstico o intervención vascular"]
[42203403,"Introductores de catéteres o sets de diagnóstico o intervención vascular"]
[42203404,"Alambre guía para imágenes vasculares"]
[42203405,"Catéter inflable para angioplastia"]
[42203406,"Dispositivos de remoción de catéteres o sets de diagnóstico o intervención vascular"]
[42203407,"Sets de entrega de medios de contraste para angiografía"]
[42203408,"Kits de fundas cardiovasculares"]
[42203409,"Valvulotomos angioscópicos"]
[42203410,"Funda de catéter cardiovascular"]
[42203411,"Carritos para catéteres"]
[42203412,"Stents periféricos"]
[42203501,"Generador de marcapasos cardíaco o marcapasos de terapia de re sincronización cardíaca"]
[42203502,"Cables o electrodos o accesorios para marcapasos cardíacos"]
[42203503,"Introductores de cables o sets para marcapasos cardíacos"]
[42203504,"Grabadora cardíaca"]
[42203601,"Equipos de sistema de red de imágenes digitales de defensa din"]
[42203602,"Equipos de sistema estándar de comunicaciones de imágenes digitales en medicina dicom"]
[42203603,"Sistemas de computador para archivo de fotografías médicas pacs"]
[42203604,"Hardware de sistema de archivo de película de rayos x para usos médicos"]
[42203605,"Software de sistema de archivo de película de rayos x para usos médicos"]
[42203701,"Estampadores de luz del día para películas de rayos x o impresoras de identificación para uso médico"]
[42203702,"Procesadores para luz del día o cuarto oscuro de imágenes médicas"]
[42203703,"Cajas de paso de seguridad de rayos x para uso médico"]
[42203704,"Toners o desarrolladores para uso médico"]
[42203705,"Impresoras láser en seco para imágenes o reproductores de imágenes para uso médico"]
[42203706,"Kits de químicos para procesar películas de rayos x de uso médico"]
[42203707,"Equipos o suministros de cuarto oscuro de rayos x para uso médico"]
[42203708,"Fijadores para procesar película de rayos x para uso médico"]
[42203709,"Sets de calibradores para sistemas de combinación de desplegadores e impresoras de rayos x"]
[42203710,"Marcadores de películas de rayos x para uso médico"]
[42203801,"Ayudas de posicionamiento para tomografía computarizada ct o cat para uso médico"]
[42203802,"Ayudas de posicionamiento para imágenes de resonancia magnética mri para uso médico"]
[42203803,"Ayudas de posicionamiento para uso radiológico general para uso médico"]
[42203901,"Dosímetros de radiación para uso médico"]
[42203902,"Películas o brazaletes de radiación para uso médico"]
[42204001,"Estantes para delantales de protección radiológica para uso médico"]
[42204002,"Delantales o máscaras o cortinas de protección radiológica para uso médico"]
[42204003,"Contenedores portátiles de protección para materiales radiológicos radiactivos para uso médico"]
[42204004,"Auriculares de protección radiológica para uso médico"]
[42204005,"Guantes de protección radiológica para uso médico"]
[42204006,"Pantallas de pie o portátiles de protección radiológica para uso médico"]
[42204007,"Paneles instalados de piso o techo o pared de protección radiológica para uso médico"]
[42204008,"Cámaras o habitaciones o cajas fuertes de protección radiológica para uso médico"]
[42211501,"Bastones o accesorios para bastones"]
[42211502,"Muletas o accesorios para muletas"]
[42211503,"Dispositivos de posicionamiento"]
[42211504,"Levantadores o ayudas para ponerse de pie"]
[42211505,"Accesorios para caminadores o andadores"]
[42211506,"Caminadores o andadores"]
[42211507,"Dispositivos de cuerpo entero para deslizarse o voltearse"]
[42211508,"Dispositivos o accesorios de movilidad multifuncional"]
[42211509,"Cascos protectores de cabeza o cara o dispositivos o accesorios para los discapacitados físicamente"]
[42211601,"Tablas para bañarse para los discapacitados físicamente"]
[42211602,"Cepillos de baño o esponjas o estropajos para los discapacitados físicamente"]
[42211603,"Elevadores para baño o accesorios para los discapacitados físicamente"]
[42211604,"Guantes de baño para los discapacitados físicamente"]
[42211605,"Almohadas de baño para los discapacitados físicamente"]
[42211606,"Cómodas o accesorios para los discapacitados físicamente"]
[42211607,"Asientos de inodoro elevados para los discapacitados físicamente"]
[42211608,"Barras de sujeción o barandas para la tina para los discapacitados físicamente"]
[42211609,"Ducha de mano para personas con desafíos físicos"]
[42211610,"Asientos o sillas para la ducha o el baño para los discapacitados físicamente"]
[42211611,"Baños de asiento para los discapacitados físicamente"]
[42211612,"Soportes de brazos para el inodoro para los discapacitados físicamente"]
[42211613,"Marcos para el inodoro para los discapacitados físicamente"]
[42211614,"Asientos de inodoro para los discapacitados físicamente"]
[42211615,"Levantadores de asientos de inodoro para los discapacitados físicamente"]
[42211616,"Ayudas de higiene o estimulación de tocador para los discapacitados físicamente"]
[42211617,"Bancos de transferencia para los discapacitados físicamente"]
[42211618,"Alarma de pulso de mojada en la cama para los discapacitados físicamente"]
[42211701,"Interruptores de comunicación adaptativa para los discapacitados físicamente"]
[42211702,"Dispositivos braille para los discapacitados físicamente"]
[42211703,"Papel o plástico para escribir braille para los discapacitados físicamente"]
[42211704,"Señaladores de cabeza o palitos para la boca para los discapacitados físicamente"]
[42211705,"Ayudas auditivas para los discapacitados físicamente"]
[42211706,"Tableros de letras o símbolos para los discapacitados físicamente"]
[42211707,"Dispositivos de telecomunicación tdd o teletipos tty para los discapacitados físicamente"]
[42211708,"Ayudas telefónicas para los discapacitados físicamente"]
[42211709,"Ayudas de mecanografía para los discapacitados físicamente"]
[42211710,"Ayudas de escritura para los discapacitados físicamente"]
[42211711,"Sintetizadores de voz para los discapacitados físicamente"]
[42211712,"Estuches para ayudas auditivas"]
[42211801,"Ganchos para abotonarse para los discapacitados físicamente"]
[42211802,"Kits para vestirse para los discapacitados físicamente"]
[42211803,"Palos para vestirse para los discapacitados físicamente"]
[42211804,"Cepillos de pelo o peinillas para los discapacitados físicamente"]
[42211805,"Espejo de inspección para los discapacitados físicamente"]
[42211806,"Aplicadores de lociones para los discapacitados físicamente"]
[42211807,"Cuidado de la boca para los discapacitados físicamente"]
[42211808,"Cortaúñas o limas para los discapacitados físicamente"]
[42211809,"Ganchos para sujetarse los pantalones para los discapacitados físicamente"]
[42211810,"Calzadores para los discapacitados físicamente"]
[42211811,"Hormas de zapatos para los discapacitados físicamente"]
[42211812,"Media o ayudas para apilar para los discapacitados físicamente"]
[42211813,"Jaladores de cremalleras para los discapacitados físicamente"]
[42211901,"Materiales anti resbalón para los discapacitados físicamente"]
[42211902,"Dispositivos de ayuda para cocinar para los discapacitados físicamente"]
[42211903,"Abre latas para los físicamente discapacitados"]
[42211904,"Picadores para los discapacitados físicamente"]
[42211905,"Tazas o tazones (mugs) para los discapacitados físicamente"]
[42211906,"Sujetadores de cubiertos o de utensilios para los discapacitados físicamente"]
[42211907,"Cubiertos o utensilios para los discapacitados físicamente"]
[42211908,"Tablas para cortar o pelar para los discapacitados físicamente"]
[42211909,"Sujetadores de bebida para los discapacitados físicamente"]
[42211910,"Baberos o recogedores de comida para los discapacitados físicamente"]
[42211911,"Forros para comida para los discapacitados físicamente"]
[42211912,"Sujetadores para dispositivos de cocina para los discapacitados físicamente"]
[42211913,"Temporizadores digitales jumbo para los discapacitados físicamente"]
[42211914,"Ayudas para medir para los discapacitados físicamente"]
[42211915,"Auto alimentadores o accesorios para los discapacitados físicamente"]
[42211916,"Pitillos o sujeta pitillos para los discapacitados físicamente"]
[42211917,"Vajillas para los discapacitados físicamente"]
[42211918,"Balanzas de comida habladoras para los discapacitados físicamente"]
[42212001,"Abridores de puertas para los discapacitados físicamente"]
[42212002,"Dispositivos para echar llave o sujetadores para los discapacitados físicamente"]
[42212003,"Dispositivos para abrir puertas para los discapacitados físicamente"]
[42212004,"Extensiones de interruptores de luz para los discapacitados físicamente"]
[42212005,"Plumeros o cepillos de mango largo para los discapacitados físicamente"]
[42212006,"Tijeras que se abren solas para los discapacitados físicamente"]
[42212007,"Cepillos de succión para los discapacitados físicamente"]
[42212101,"Barajadores de naipe automáticos para los discapacitados físicamente"]
[42212102,"Juegos de mesa para los discapacitados físicamente"]
[42212103,"Sujetadores de libros para los discapacitados físicamente"]
[42212104,"Naipes de figuras grandes o braille para los discapacitados físicamente"]
[42212105,"Equipo de camping para los discapacitados físicamente"]
[42212106,"Ayudas de pesca o cacería para los discapacitados físicamente"]
[42212107,"Ayudas de flotación o natación para los discapacitados físicamente"]
[42212108,"Herramientas de jardinería para los discapacitados físicamente"]
[42212109,"Herramientas o materiales o equipos de manualidades para los discapacitados físicamente"]
[42212110,"Volteadores de páginas para los discapacitados físicamente"]
[42212111,"Sujetadores de naipes para los discapacitados físicamente"]
[42212112,"Ayudas de costura para los discapacitados físicamente"]
[42212113,"Ayudas para fumar para los discapacitados físicamente"]
[42212201,"Trituradores o partidores de píldoras para los discapacitados físicamente"]
[42212202,"Organizadores de píldoras para los discapacitados físicamente"]
[42212203,"Recordadores de píldoras para los discapacitados físicamente"]
[42212204,"Exprimidores de tubos para los discapacitados físicamente"]
[42212301,"Materiales o dispositivos de agarre para los discapacitados físicamente"]
[42212302,"Sujetadores para los discapacitados físicamente"]
[42212303,"Abridores de contenedores para los discapacitados físicamente"]
[42212304,"Alcanzadores para los discapacitados físicamente"]
[42221501,"Catéteres de línea arterial"]
[42221502,"Válvulas de descarga de catéteres arteriales de línea continua"]
[42221503,"Catéteres venosos centrales"]
[42221504,"Catéteres intravenosos periféricos para uso general"]
[42221505,"Catéteres pediátricos o intravenosos para venas del cuero cabelludo o arteriales"]
[42221506,"Catéteres umbilicales"]
[42221507,"Kits de arranque intravenoso o arterial sin catéter"]
[42221508,"Kits de cuidado de la piel para catéter arterial o intravenoso"]
[42221509,"Bandejas para catéteres intravenosos o arteriales"]
[42221512,"Cánulas intravenosas o arteriales y accesorios"]
[42221513,"Kits de cateterización cardiovascular"]
[42221601,"Detectores de burbujas de aire para administración arterial o intravenosa"]
[42221602,"Puertos o lugares de inyección o tapas o protectores para administración arterial o intravenosa"]
[42221603,"Tubos de extensión arteriales o intravenosos"]
[42221604,"Adaptadores o conectores o candados o tapas o protectores para tubos arteriales o intravenosos"]
[42221605,"Válvulas de chequeo de tubos arteriales o intravenosos"]
[42221606,"Pinzas de tubos intravenosos o arteriales"]
[42221607,"Filtros o pantallas para tubos arteriales o intravenosos de uso general"]
[42221608,"Etiquetas o cintas de identificación de tubos intravenosos o arteriales"]
[42221609,"Sets de administración de tubos intravenosos o arteriales"]
[42221610,"Puertos o tapas o protectores de entrada de espiga de tubos intravenosos"]
[42221611,"Espigas o tapas o protectores de tubos intravenosos"]
[42221612,"Puertos de inyección o llaves de paso o colectores sin aguja de tubos arteriales o intravenosos"]
[42221613,"Cierres o broches de extensión de transferencia de tubos intravenosos"]
[42221614,"Kits de administración de tubos intravenosos con catéter"]
[42221615,"Tubos intravenosos de medicación secundaria"]
[42221616,"Sets de extensión arterial o intravenosa"]
[42221617,"Calentadores de resistencia para agujas"]
[42221618,"Bandejas para procedimientos arteriales o intravenosos"]
[42221701,"Bolsas o contenedores de infusión arterial o intravenosa de único puerto"]
[42221702,"Bolsas o contenedores de transferencia de infusión arterial o intravenosa"]
[42221703,"Calentadores de fluido de infusión arterial o intravenosa"]
[42221704,"Bolsas de infusión de presión arterial o intravenosa"]
[42221705,"Ensamblajes de vial de infusión de analgésicos"]
[42221706,"Picos de bolsas o contenedores de transferencia de infusión arterial o intravenosa"]
[42221707,"Sets o kits de infusión de analgésicos"]
[42221801,"Forros para tablas de brazo arterial o intravenoso"]
[42221802,"Tablas de brazo arterial o intravenoso"]
[42221803,"Cintas o vendajes o correas o mangas para posicionamiento de catéter arterial o intravenoso"]
[42221901,"Flujómetros o reguladores intravenosos calibrados por dial"]
[42221902,"Contadores o reguladores de goteo intravenoso"]
[42221903,"Detectores ultrasónicos de flujo de sangre"]
[42222001,"Bombas de infusión intravenosa de uso general"]
[42222002,"Bombas de infusión de jeringa intravenosa"]
[42222003,"Bombas de infusión intravenosa multicanal"]
[42222004,"Bombas de infusión controlada de analgésicos para pacientes"]
[42222005,"Partes o accesorios de bombas intravenosas"]
[42222006,"Analizadores o sensores de bombas de infusión intravenosas"]
[42222007,"Transductores de bombas de infusión intravenosas"]
[42222008,"Kits o accesorios de bombas de infusión"]
[42222101,"Colgadores de equipos de línea arterial o intravenosa"]
[42222102,"Rieles o colgadores montados para sistemas de infusión intravenosa por gravedad"]
[42222103,"Postes de infusión intravenosa para sillas de ruedas"]
[42222104,"Postes o puestos de línea arterial o intravenosa"]
[42222201,"Sets de jeringas de inyección intravenosa sin aguja o cánula de inyección"]
[42222202,"Cánulas o adaptadores o decantadores para el retiro de vial o bolsa sin aguja"]
[42222301,"Kits de administración de transfusión de sangre"]
[42222302,"Filtros o accesorios o pantallas para transfusión de sangre"]
[42222303,"Sistemas de identificación para administración o transfusión de sangre"]
[42222304,"Tubos para administración o transfusión de sangre"]
[42222305,"Pinzas para tubos de administración o transfusión de sangre"]
[42222306,"Sistemas de recolección de desechos para administración o transfusión de sangre"]
[42222307,"Sistemas de calentamiento o transfusión de sangre"]
[42222308,"Bolsas o contenedores para administración o transfusión de sangre"]
[42222309,"Sistemas de conservación para administración o transfusión de sangre"]
[42231501,"Bombas de infusión para alimentación enteral"]
[42231502,"Sets de administración de alimentación enteral"]
[42231503,"Sets o bandejas de irrigación para alimentación enteral"]
[42231504,"Bolsas o contenedores para nutrición enteral"]
[42231505,"Adaptadores o conectores o extensiones para alimentación enteral"]
[42231506,"Dispositivos para asegurar tubos naso entéricos"]
[42231507,"Cepillos para limpiar tubos enterales"]
[42231508,"Válvulas de fijación de alimentación enteral"]
[42231509,"Cámaras de pesaje de nutrición enteral"]
[42231510,"Sets de tubos de bombeo de infusión para alimentación enteral"]
[42231601,"Tubos de gastrostomía para uso general"]
[42231602,"Tubos para gastrostomía endoscópica percutánea"]
[42231603,"Tubos para yeyunostomía"]
[42231604,"Botones de acceso gástrico"]
[42231605,"Sujetadores de tubos de gastrostomía o yeyunostomía"]
[42231606,"Kits de descompresión del colon"]
[42231608,"Sets de catéter y aguja para yeyunostomía"]
[42231609,"Kits de tubos de alimentación para gastrostomía"]
[42231701,"Tubos nasogástricos"]
[42231702,"Tubos nasoyeyunales"]
[42231703,"Tubos de descompresión gástrica"]
[42231704,"Tubos naso entéricos no clasificados en otra parte"]
[42231705,"Filtros nasogástricos"]
[42231801,"Fórmulas de suplementos para adultos de uso general"]
[42231802,"Fórmulas de suplementos pediátricos"]
[42231803,"Fórmulas de suplementos específicos para enfermedades de adultos"]
[42231804,"Fórmulas de suplementos específicos para enfermedades pediátricas"]
[42231805,"Barras nutricionales o pudín u otros suplementos"]
[42231806,"Espesantes de comidas o bebidas nutricionales para uso médico"]
[42231807,"Chupos de teteros"]
[42231901,"Bombas de seno o sus accesorios"]
[42231902,"Conchas o protectores de senos"]
[42231903,"Kits de bombas de senos"]
[42232001,"Pulverizadores de tabletas o accesorios"]
[42232002,"Dispensadores o accesorios de pulverizadores de tabletas"]
[42232003,"Cortadores de tabletas o accesorios"]
[42241501,"Zapatos de yeso"]
[42241502,"Materiales para acolchonar yesos o tablillas"]
[42241503,"Protectores de yesos o tablillas"]
[42241504,"Media o revestimientos para yeso o tablillas"]
[42241505,"Rollos o cintas para enyesar para uso ortopédico"]
[42241506,"Material de yeso para tablillas para uso ortopédico"]
[42241507,"Sistemas de tablillas ortopédicas"]
[42241509,"Componentes de ortesis termoplástica"]
[42241510,"Kits o materiales para tablillas termoplásticas"]
[42241511,"Sets de tablillas de tracción"]
[42241512,"Materiales de unión de yesos o tablillas"]
[42241513,"Estuches para transportar y almacenar tablillas o tablillas pre cortadas o sistemas de tablillas"]
[42241514,"Rollos de instrumentos para sets o accesorios de tablillas"]
[42241515,"Estuches para tablillas o accesorios"]
[42241601,"Carritos para yeso o tablillas"]
[42241602,"Cortadores o sierras para yeso"]
[42241603,"Sistemas de remoción de yeso"]
[42241604,"Vacíos de yeso"]
[42241606,"Bandejas de impresión de yeso"]
[42241607,"Puestos de yeso"]
[42241701,"Fieltros de recubrimiento ortopédico para tobillo o pie"]
[42241702,"Fieltros de recubrimiento ortopédico para cadera"]
[42241703,"Soportes de abrazaderas de rodilla o de abrazaderas de rodilla articuladas"]
[42241704,"Inmovilizadores o vendas artroscópicas para rodilla"]
[42241705,"Fieltros de recubrimiento ortopédico para pierna o accesorios"]
[42241706,"Productos ortóticos o para el cuidado de los pies"]
[42241707,"Abrazaderas para caminar"]
[42241708,"Almohadas para fractura del fémur"]
[42241801,"Fieltros de recubrimiento ortopédico para el brazo"]
[42241802,"Fieltros de recubrimiento ortopédico para la espalda o lumbares o para el sacro"]
[42241803,"Collares cervicales o abrazaderas para el cuello"]
[42241804,"Fieltros de recubrimiento ortopédico para la clavícula"]
[42241805,"Fieltros de recubrimiento ortopédico para el codo"]
[42241806,"Fieltros de recubrimiento ortopédico para el antebrazo o la muñeca o el pulgar"]
[42241807,"Fieltros de recubrimiento ortopédico para la mano o el dedo"]
[42241808,"Fieltros de recubrimiento ortopédico para las costillas o el abdomen"]
[42241809,"Fieltros de recubrimiento ortopédico para los hombros"]
[42241810,"Órtosis ortopédicas espinales"]
[42241811,"Faja para hernias"]
[42241901,"Kits de tablillas estabilizadoras"]
[42241902,"Partes o accesorios de tablillas estabilizadoras"]
[42242001,"Dispositivos prostéticos para las extremidades inferiores"]
[42242002,"Dispositivos prostéticos para las extremidades superiores"]
[42242003,"Dispositivos o accesorios de sujeción prostética"]
[42242004,"Media o forro prostético de muñón"]
[42242101,"Suministros de tracción de brazo"]
[42242102,"Suministros de tracción de mano o dedos"]
[42242103,"Suministros de tracción de cabeza o cuello"]
[42242104,"Suministros de tracción de piernas"]
[42242105,"Carritos móviles de tracción"]
[42242106,"Suministros de tracción de pelvis o espalda"]
[42242107,"Suministros de terapia de tracción de perno"]
[42242108,"Hardware o pesas de tracción ortopédica"]
[42242109,"Fieltros de recubrimiento de tracción ortopédica para uso general"]
[42242301,"Bombas de cicatriz ortopédica"]
[42242302,"Aplicaciones ortopédicas de miembro superior"]
[42251501,"Productos de enseñanza para vestirse"]
[42251502,"Productos para evaluación o pruebas cognitivas o de destreza o de percepción o sensoriales"]
[42251503,"Juegos terapéuticos"]
[42251504,"Tableros perforados o tableros de actividades de uso terapéutico"]
[42251505,"Rompecabezas de uso terapéutico"]
[42251506,"Cajas de decoración de uso terapéutico"]
[42251601,"Vigas de balance o de soporte o mecedoras para rehabilitación o terapia"]
[42251602,"Dispositivos para escalar para rehabilitación o terapia"]
[42251603,"Dispositivos o accesorios de moción pasiva continua cpm"]
[42251604,"Patines de ejercicio de extremidades para rehabilitación o terapia"]
[42251605,"Pedales de ejercicio para rehabilitación o terapia"]
[42251606,"Tablas para ejercicios sin gravedad para rehabilitación o terapia"]
[42251607,"Poleas o accesorios para rehabilitación o terapia"]
[42251608,"Bandas de ejercicio o masilla o tubos o accesorios para rehabilitación o terapia"]
[42251609,"Patinetas o patines de ocho figuras para rehabilitación o terapia"]
[42251610,"Pelotas o accesorios terapéuticos"]
[42251611,"Dispositivos de movimiento vestibular para rehabilitación o terapia"]
[42251612,"Pesas o sets o accesorios para rehabilitación o terapia"]
[42251613,"Bandas caminadoras ejercitadoras para rehabilitación o terapia"]
[42251614,"Bolsas de arena o sets de bolsas de arena para rehabilitación o terapia"]
[42251615,"Cinturones de pesas o kits para rehabilitación o terapia"]
[42251616,"Vibradores eléctricos para rehabilitación o terapia"]
[42251617,"Asientos acolchonados o accesorios terapéuticos"]
[42251618,"Ejercitadoras de muñecas para rehabilitación o terapia"]
[42251619,"Arcilla cerámica terapéutica o accesorios"]
[42251620,"Esterillas o plataformas para rehabilitación o terapia"]
[42251621,"Ejercitadoras de bota para rehabilitación o terapia"]
[42251622,"Ejercitadoras de pulmón para rehabilitación o terapia"]
[42251623,"Aparatos o suministros para terapia ultrasónica"]
[42251624,"Máquinas de pesas para rehabilitación o terapia"]
[42251701,"Cinturones de manera de caminar para rehabilitación o terapia"]
[42251702,"Rampas de entrenamiento para rehabilitación o terapia"]
[42251703,"Escaleras de entrenamiento para rehabilitación o terapia"]
[42251704,"Barras de manera de caminar para rehabilitación o terapia"]
[42251705,"Barras paralelas para rehabilitación o terapia"]
[42251706,"Caminadoras o bicicletas o ejercitadoras de manera de caminar"]
[42251801,"Tableros de salto o accesorios para rehabilitación o terapia"]
[42251802,"Cajas de levantar o accesorios para rehabilitación o terapia"]
[42251803,"Árboles de tubos o accesorios para rehabilitación o terapia"]
[42251804,"Carros de halar o empujar o accesorios para rehabilitación o terapia"]
[42251805,"Mesas o estaciones de trabajo o accesorios para rehabilitación o terapia"]
[42261501,"Tijeras para autopsias"]
[42261502,"Fórceps de disección de uso general para autopsias"]
[42261503,"Sondas de bala para autopsias"]
[42261504,"Jaladores de hilo o aguja para autopsias"]
[42261505,"Cuchillos o cuchillas para autopsias"]
[42261506,"Cinceles u osteotomos para autopsias"]
[42261507,"Hilo post mortem"]
[42261508,"Agujas post mortem"]
[42261509,"Kits de disección para autopsias"]
[42261510,"Ganchos de incisión post mortem"]
[42261511,"Directores de vena para autopsias"]
[42261512,"Sierras para autopsias"]
[42261513,"Cuchillas de sierra o accesorios para autopsias"]
[42261514,"Tablas o almohadillas de disección"]
[42261515,"Estuches para instrumentos o accesorios quirúrgicos post mortem"]
[42261516,"Rollos de instrumentos para instrumentos o accesorios quirúrgicos post mortem"]
[42261601,"Recolectores de polvo de huesos"]
[42261602,"Bolsa para cadáver de uso médico"]
[42261603,"Bolsas de transporte del cadáver"]
[42261604,"Apoya cabezas para autopsias"]
[42261605,"Tablas de cuerpo para autopsias"]
[42261606,"Balanzas colgantes para autopsias"]
[42261607,"Bolsas o contenedores para especímenes para autopsias"]
[42261608,"Kits de enfermedades infecciosas para autopsias"]
[42261609,"Cintas o brazaletes de identificación post mortem"]
[42261610,"Aspiradoras o tubos de vacío para recolección de fluidos para autopsias"]
[42261611,"Termómetros rectales post mortem"]
[42261612,"Dispositivos para enderezar dedos post mortem"]
[42261613,"Kits de construcción de tejidos de cadáveres"]
[42261701,"Estaciones de trabajo para autopsia macroscópica o accesorios"]
[42261702,"Lavaderos o accesorios para autopsias"]
[42261703,"Tablas o accesorios para autopsias"]
[42261704,"Tablas para necropsia o accesorios"]
[42261705,"Tablas o accesorios para disección de animales post mortem"]
[42261706,"Estaciones de trabajo para embalsamar o accesorios"]
[42261707,"Estaciones de trabajo para autopsias de drenaje o accesorios"]
[42261801,"Gabinetes de almacenamiento de cadáveres"]
[42261802,"Transportadores de cadáveres"]
[42261803,"Poleas de elevación de tijeras para cadáveres"]
[42261804,"Gabinetes refrigeradores para las morgues"]
[42261805,"Cuartos refrigeradores para la morgue"]
[42261806,"Congeladores para morgues"]
[42261807,"Carritos de autopsia"]
[42261808,"Bandejas para cadáveres"]
[42261809,"Dispositivos de elevación o transferencia de cadáveres"]
[42261810,"Contenedores para transporte de cuerpos"]
[42261901,"Materiales de huellas dactilares o impresión post mortem"]
[42261902,"Máscaras anti putrefacción"]
[42261903,"Kits o suministros de detección de sangre post mortem"]
[42261904,"Kits de recolección de evidencia biológica"]
[42262001,"Inyectores de cavidad para embalsamar"]
[42262002,"Tubos de drenaje de venas para embalsamar"]
[42262003,"Fluidos para embalsamar o tratamientos químicos"]
[42262004,"Tubos de inyección para embalsamar"]
[42262005,"Lavaderos o accesorios para embalsamar"]
[42262006,"Kits para embalsamar"]
[42262007,"Agujas inyectoras para embalsamar"]
[42262008,"Protectores de ojos"]
[42262101,"Trajes mortuorios"]
[42262102,"Paquetes mortuorios"]
[42262103,"Lienzos mortuorios"]
[42262104,"Aspiradoras mortuorias"]
[42262105,"Compuestos endurecedores mortuorios"]
[42271501,"Monitores de apnea o accesorios"]
[42271502,"Monitores de gas arterial o accesorios"]
[42271503,"Monitores de óxido de carbono exhalado o suministros"]
[42271504,"Estetoscopios esofágicos"]
[42271505,"Kits de monitoreo respiratorio o sus accesorios"]
[42271506,"Monitores de oxígeno o suministros"]
[42271601,"Pletismógrafos de cuerpo"]
[42271602,"Espirómetros o sus accesorios o suministros"]
[42271603,"Pantallas de función pulmonar para junto a la cama"]
[42271604,"Flujómetros de pico"]
[42271605,"Calculadoras de función pulmonar"]
[42271606,"Dispositivos de calibración pulmonar"]
[42271607,"Tubos de función pulmonar o accesorios"]
[42271608,"Productos de prueba de estrés pulmonar"]
[42271609,"Monitores de estudio de sueño o accesorios"]
[42271610,"Monitores transcutáneos o productos relacionados"]
[42271611,"Monitores de ventilación pulmonar"]
[42271612,"Analizadores o monitores de gas pulmonar"]
[42271613,"Monitores de presión pulmonar"]
[42271614,"Monitores de temperatura respiratoria"]
[42271615,"Neumotacos"]
[42271616,"Filtros de monitoreo de función pulmonar"]
[42271617,"Percusores de pecho"]
[42271618,"Estilógrafos grabadores para espirómetros"]
[42271701,"Cilindros de gas o dispositivos relacionados para uso médico"]
[42271702,"Concentradores de oxígeno"]
[42271703,"Mezcladores de aire de oxígeno"]
[42271704,"Temporizadores de oxígeno"]
[42271705,"Conectores o adaptadores de suministro de oxígeno"]
[42271706,"Compresores para terapia respiratoria"]
[42271707,"Sensores de flujo o reguladores o componentes"]
[42271708,"Máscaras de oxígeno o partes para uso médico"]
[42271709,"Cánulas nasales para uso médico"]
[42271710,"Catéteres nasales o kits de cateterización para uso médico"]
[42271711,"Capuchas para la cabeza para uso médico"]
[42271712,"Carpas de aerosol para uso médico"]
[42271713,"Cámaras hiperbáricas para uso médico"]
[42271714,"Incubadoras para uso médico"]
[42271715,"Tubos o conectores de oxígeno para uso médico"]
[42271716,"Estuches para insufladores nasales"]
[42271717,"Inhaladores o sets"]
[42271718,"Accesorios para productos de sistemas de entrega de oxígeno para terapia o sus suministros"]
[42271719,"Insuflador de oxígeno o sus accesorios"]
[42271720,"Convertidores de oxígeno líquido"]
[42271721,"Filtros de concentradores de oxígeno"]
[42271801,"Humidificadores o vaporizadores respiratorios"]
[42271802,"Nebulizadores o accesorios"]
[42271803,"Sets de transferencia para terapia respiratoria"]
[42271901,"Vías aéreas faríngeas"]
[42271902,"Tubos esofágicos"]
[42271903,"Tubos endotraqueales"]
[42271904,"Tubos de traqueotomía"]
[42271905,"Tubos endobronquiales"]
[42271906,"Kits de reparación de tubos endotraqueales o de traqueotomía"]
[42271907,"Productos de aspiradores respiratorios o accesorios"]
[42271908,"Sujetadores de vías aéreas artificiales"]
[42271909,"Accesorios de vías aéreas artificiales"]
[42271910,"Sets endotraqueales o de traqueotomía"]
[42271911,"Kits de manómetros respiratorios"]
[42271912,"Tubos nasofaríngeos"]
[42271913,"Vías aéreas faríngeas o kits de vías aéreas"]
[42271914,"Mordazas de presión de vías aéreas"]
[42271915,"Accesorios de traqueotomía"]
[42272001,"Laringoscopios o accesorios"]
[42272002,"Aerosoles laríngeos"]
[42272003,"Bloques de mordida"]
[42272004,"Estiletes de intubación"]
[42272005,"Fórceps de intubación"]
[42272006,"Introductores"]
[42272007,"Herramientas de doblado"]
[42272008,"Sondas o guías de intubación"]
[42272009,"Detectores de dióxido de carbono para pacientes"]
[42272010,"Bombas de succión"]
[42272011,"Catéteres de succión o sus accesorios"]
[42272012,"Tubos o tuberías de succión"]
[42272013,"Forros o cajitas pequeñas de succión"]
[42272014,"Adaptadores o conectores de succión"]
[42272015,"Kits de succión"]
[42272016,"Quillas laríngeas o accesorios"]
[42272017,"Componentes o accesorios de intubación"]
[42272101,"Pulmón de hierro"]
[42272102,"Productos de coraza de pecho"]
[42272201,"Máquinas respiradoras de presión positiva intermitente ippb"]
[42272202,"Máquinas de presión de aire positivo continuo no invasivo"]
[42272203,"Máquinas de doble nivel no invasivas"]
[42272204,"Ventiladores de transporte"]
[42272205,"Ventiladores para cuidados intensivos de adultos o pediátricos"]
[42272206,"Ventiladores para cuidado intensivo de bebés"]
[42272207,"Ventiladores de alta frecuencia"]
[42272208,"Ventiladores de cuidado en casa"]
[42272209,"Circuitos de ventiladores o de respiración"]
[42272210,"Bolsas de circuito de respiración"]
[42272211,"Productos de hiperventilación"]
[42272212,"Válvulas de presión de exhalación y positiva peep"]
[42272213,"Máscaras o correas de presión de vías aéreas positivas continuas cpap"]
[42272214,"Conectores o adaptadores o válvulas de circuitos"]
[42272215,"Suministros de chequeo de ventiladores"]
[42272216,"Termómetros de ventiladores"]
[42272217,"Trampas de agua para ventiladores"]
[42272218,"Puertos o líneas de muestreo de gas para ventiladores"]
[42272219,"Intercambiadores o filtros de calor o humedad para ventiladores"]
[42272220,"Accesorios para ventiladores"]
[42272221,"Productos de humidificación para ventiladores"]
[42272222,"Productos de retiro del tubo para ventiladores"]
[42272223,"Accesorios o suministros para respiradores"]
[42272224,"Kits de circuitos para ventiladores"]
[42272225,"Accesorios de presión para vías aéreas positivas de doble nivel bi pap"]
[42272301,"Resucitadores manuales"]
[42272302,"Resucitadores neumáticos"]
[42272303,"Máscaras o accesorios de resucitación"]
[42272304,"Componentes o accesorios de resucitación"]
[42272305,"Conectores de resucitación"]
[42272306,"Kits de resucitación"]
[42272307,"Estuches para aparatos o accesorios de resucitación"]
[42272401,"Agujas de toracentesis"]
[42272402,"Bandejas o juegos de toracentesis"]
[42272403,"Catéteres o kits de cateterización de toracentesis o accesorios"]
[42272404,"Unidad de drenaje de la cavidad pleural o accesorios"]
[42272501,"Aparatos de gas de anestesia"]
[42272502,"Unidades de absorción para aparatos de gas de anestesia"]
[42272503,"Inhaladores de anestesia o unidades de inhalación o accesorios"]
[42272504,"Sets o kits de anestesia"]
[42272505,"Tubos para aparatos de gas de anestesia o ensamblajes de tubos o ajustes de tubos o accesorios"]
[42272506,"Filtros de pantalla para aparatos de anestesia"]
[42272507,"Control de temperatura para aparatos de anestesia"]
[42272508,"Bomba intratecal"]
[42281501,"Esterilizadores químicos o de gas"]
[42281502,"Esterilizadores de aire seco o de aire caliente"]
[42281503,"Esterilizadores de filtro"]
[42281504,"Esterilizadores de bolas de vidrio"]
[42281505,"Manijas de elevación para contenedores o bandejas de esterilización"]
[42281506,"Dispositivos o accesorios eléctricos para limpieza de instrumentos"]
[42281507,"Esterilizadores de radiación"]
[42281508,"Autoclaves o esterilizadores de vapor"]
[42281509,"Contenedores o bandejas de esterilización"]
[42281510,"Ganchos o estantes o sujetadores para instrumentos de esterilización"]
[42281511,"Lámparas de esterilización"]
[42281512,"Tapas de esterilización"]
[42281513,"Placas de identificación de esterilización"]
[42281514,"Calentadores sanitarios o accesorios"]
[42281515,"Gabinetes de esterilización"]
[42281516,"Filtros de esterilización"]
[42281517,"Sistemas de recuperación de agua de esterilización"]
[42281518,"Barras para cánulas de esterilización"]
[42281519,"Esterilizadores de agujas"]
[42281520,"Packs de comprobación para esterilizadores de vapor"]
[42281521,"Sets de esterilización"]
[42281522,"Instrumentos de esterilización o insertos de estuches de esterilización"]
[42281523,"Mangas de filtro de esterilización"]
[42281524,"Adaptadores o ensamblajes de adaptadores de esterilización"]
[42281601,"Soluciones de decontaminación"]
[42281602,"Soluciones de glutaraldehida"]
[42281603,"Desinfectante o esterilizador de instrumentos"]
[42281604,"Desinfectantes de superficies para uso médico"]
[42281605,"Compuestos anti fijación para uso médico"]
[42281606,"Fumigadores de gas para uso médico"]
[42281701,"Limpiadores de cámara para autoclaves o esterilizadores"]
[42281702,"Baldes de remojo desinfectantes"]
[42281703,"Kits de cuidado de instrumentos"]
[42281704,"Limpiadores o detergentes para instrumentos"]
[42281705,"Equipo de lavado desinfectante para equipos e instrumentos de uso médico"]
[42281706,"Lubricantes o leche para instrumentos"]
[42281707,"Almohadillas para remover manchas de los instrumentos"]
[42281708,"Limpiadores de carros de esterilización"]
[42281709,"Cepillos de limpieza de esterilización"]
[42281710,"Desodorantes de esterilización"]
[42281711,"Desincrustadores de esterilización"]
[42281712,"Equipo de limpieza ultrasónica"]
[42281713,"Baldes de escurrido de esterilización"]
[42281801,"Tiras de prueba de desinfección"]
[42281802,"Etiquetas de esterilización"]
[42281803,"Kits biológicos de esterilización"]
[42281804,"Controles de esterilización"]
[42281805,"Registros indicadores de esterilización"]
[42281806,"Tiras indicadoras de esterilización"]
[42281807,"Cintas indicadoras de esterilización"]
[42281808,"Papeles u hojas de esterilización"]
[42281809,"Sobres de almacenamiento de registros de esterilización"]
[42281810,"Paquetes de prueba y accesorios de esterilización"]
[42281901,"Sujetadores o carritos para envoltorios o sobres de esterilización"]
[42281902,"Fundas o sobre fundas de esterilización"]
[42281903,"Cubiertas contra el polvo de esterilización"]
[42281904,"Bolsas de esterilización"]
[42281905,"Selladores en caliente de esterilización"]
[42281906,"Bandas de instrumentos de esterilización"]
[42281907,"Protectores de instrumentos de esterilización"]
[42281908,"Recubrimientos de bandejas de instrumentos de esterilización"]
[42281909,"Pistolas o cintas o esferos etiquetadores de esterilización"]
[42281912,"Toallas de esterilización"]
[42281913,"Tunos de esterilización"]
[42281914,"Contenedores desechables de esterilización"]
[42281915,"Rollos de esterilización"]
[42281916,"Talegos de esterilización"]
[42291501,"Molinos para biopsia de hueso para uso quirúrgico o productos relacionados"]
[42291502,"Trepanadores para biopsia de hueso para uso quirúrgico"]
[42291601,"Escalpelos o cuchillos o manijas de cuchillos láser para uso quirúrgico"]
[42291602,"Tornillos o cables o alfileres o instrumentos para cortar alambre para uso quirúrgico"]
[42291603,"Fórceps para cortar hueso para uso quirúrgico"]
[42291604,"Sierras de mano o sierras de alambre o manijas para sierras para huesos para uso quirúrgico"]
[42291605,"Brocas para uso quirúrgico"]
[42291606,"Cinceles o perforadoras para uso quirúrgico"]
[42291607,"Curetas o lanzaderas para uso quirúrgico"]
[42291608,"Bloques o tablas o plataformas de cortado para uso quirúrgico"]
[42291609,"Pinzas para uso quirúrgico"]
[42291610,"Planos para uso quirúrgico"]
[42291611,"Raspadores para uso quirúrgico"]
[42291612,"Tenazas para uso quirúrgico"]
[42291613,"Escalpelos o cuchillos o cuchillas o trepanadores o accesorios para uso quirúrgico"]
[42291614,"Tijeras para uso quirúrgico"]
[42291615,"Tijeras para uso quirúrgico"]
[42291616,"Pinzas o cables de pinzas para uso quirúrgico"]
[42291617,"Espitas para uso quirúrgico"]
[42291619,"Tomos (pinzas de resección) para uso quirúrgico"]
[42291620,"Trocadores quirúrgicos para uso general o accesorios"]
[42291621,"Removedores de anillos de los dedos"]
[42291622,"Adenotomos"]
[42291623,"Periosteotomos"]
[42291624,"Meniscotomos"]
[42291625,"Instrumentos de incisión del talón de los bebés"]
[42291701,"Brocas de mano o de torsión o kits de brocas o accesorios para uso quirúrgico"]
[42291702,"Escariadores o punzones de mano para uso quirúrgico"]
[42291703,"Perforadoras para uso quirúrgico"]
[42291704,"Punzones o sujeta punzones o accesorios para uso quirúrgico"]
[42291705,"Adaptadores de escariadores para uso quirúrgico"]
[42291706,"Fresas quirúrgicas o sus accesorios"]
[42291707,"Kits de craneotomía"]
[42291708,"Brocas o accesorios para uso quirúrgico"]
[42291709,"Cuchillas de sierra o accesorios para uso quirúrgico"]
[42291801,"Aplicadores de ligantes de bandas o bandas o productos relacionados para uso quirúrgico"]
[42291802,"Pinzas o ganchos o fórceps o accesorios para uso quirúrgico"]
[42291803,"Pinzas o fórceps láser para uso quirúrgico"]
[42291901,"Sujetadores o posicionadores de instrumentos quirúrgicos"]
[42291902,"Sujetadores o posicionadores de tubos para uso quirúrgico"]
[42292001,"Espejos de otolaringología o accesorios para uso quirúrgico"]
[42292101,"Insertores o kits de insertores para uso quirúrgico"]
[42292102,"Extractores para uso quirúrgico"]
[42292103,"Porta tubos o llaves para uso quirúrgico"]
[42292201,"Aproximadores para uso quirúrgico"]
[42292202,"Compresores para uso quirúrgico"]
[42292203,"Depresores para uso quirúrgico"]
[42292301,"Instrumentos para doblar para uso quirúrgico"]
[42292302,"Engarzadores para uso quirúrgico"]
[42292303,"Alicates para uso quirúrgico"]
[42292304,"Tensores para uso quirúrgico"]
[42292305,"Agarres para uso quirúrgico"]
[42292306,"Fórceps o tenazas de alambre para uso quirúrgico"]
[42292307,"Llaves para uso quirúrgico"]
[42292401,"Roscas para uso quirúrgico"]
[42292402,"Controladores o sus partes o accesorios para uso quirúrgico"]
[42292403,"Mangos de hachas para uso quirúrgico"]
[42292501,"Tapones para uso quirúrgico"]
[42292502,"Martillos o martillos quirúrgicos para uso quirúrgico"]
[42292503,"Impactadores o empacadores para uso quirúrgico"]
[42292504,"Prensas para uso quirúrgico"]
[42292505,"Martillos o cabezas de martillo para uso quirúrgico"]
[42292601,"Dilatadores o accesorios para uso quirúrgico"]
[42292602,"Muescas para uso quirúrgico"]
[42292603,"Sondas o directores para uso quirúrgico"]
[42292701,"Disectores para uso quirúrgico"]
[42292702,"Levantadores o niveladores para uso quirúrgico"]
[42292703,"Elevadores para uso quirúrgico"]
[42292704,"Picas para uso quirúrgico"]
[42292801,"Instrumentos de marcación oftálmica"]
[42292802,"Instrumentos de marcación quirúrgica para uso general"]
[42292901,"Instrumentos de cerclaje para uso quirúrgico"]
[42292902,"Sujetadores de aguja láser para uso quirúrgico"]
[42292903,"Sujetadores de agujas quirúrgicas para uso general"]
[42292904,"Suturas quirúrgicas o pasadores de alambre o productos relacionados"]
[42292907,"Sistemas para estirar la piel"]
[42292908,"Dispositivos de costura de bolsa para uso quirúrgico"]
[42293001,"Calibradores o reglas para uso quirúrgico"]
[42293002,"Sondas o varas de medición para uso quirúrgico"]
[42293003,"Instrumentos de medición de ganchos para uso quirúrgico"]
[42293004,"Instrumentos quirúrgicos de determinación de tamaño para uso general"]
[42293005,"Instrumentos de determinación de tamaño de válvula para uso quirúrgico"]
[42293006,"Cintas de medición para uso quirúrgico"]
[42293101,"Retractores láser para uso quirúrgico"]
[42293102,"Ganchos de retracción para uso quirúrgico"]
[42293103,"Retractores de fibra óptica iluminados para uso quirúrgico"]
[42293104,"Mordazas o accesorios para uso quirúrgico"]
[42293105,"Retractores de inclinación para uso quirúrgico"]
[42293106,"Sets de retractores para uso quirúrgico"]
[42293107,"Retractores quirúrgicos para uso general"]
[42293108,"Estabilizadores para uso quirúrgico"]
[42293109,"Protectores de tejidos para uso quirúrgico"]
[42293110,"Retractores ortopédicos"]
[42293111,"Retractores oftálmicos"]
[42293112,"Retractores torácicos o cardiovasculares"]
[42293113,"Retractores de vena"]
[42293114,"Retractores bucales"]
[42293115,"Retractores traqueales"]
[42293116,"Retractores rectales"]
[42293117,"Retractores gastrointestinales"]
[42293118,"Retractores uterinos"]
[42293119,"Retractores abdominales"]
[42293120,"Retractores de columna o nervios"]
[42293121,"Retractores de glándulas"]
[42293122,"Retractores de oído"]
[42293123,"Retractores para cirugía plástica"]
[42293124,"Retractores de nervios"]
[42293125,"Retractores de esternón"]
[42293126,"Retractores para amputación"]
[42293127,"Retractores de tejidos"]
[42293128,"Retractores de piel"]
[42293129,"Retractores para micro cirugía"]
[42293130,"Retractores de pulmón"]
[42293131,"Retractores de párpado"]
[42293132,"Retractores de dedos"]
[42293133,"Anillos de retracción para uso quirúrgico"]
[42293134,"Retractores cervicales"]
[42293135,"Retractores de labios"]
[42293136,"Adaptadores de retractores"]
[42293137,"Cuchillas retractoras ortopédicas"]
[42293138,"Retractores para urología o sus accesorios para uso quirúrgico"]
[42293139,"Accesorios para retractores"]
[42293201,"Destornilladores para miomas para uso quirúrgico"]
[42293301,"Distractores o accesorios para uso quirúrgico"]
[42293302,"Separadores para uso quirúrgico"]
[42293303,"Espéculos para uso quirúrgico"]
[42293304,"Extensores para uso quirúrgico"]
[42293401,"Guías para uso quirúrgico"]
[42293403,"Sujetadores de implantes para uso quirúrgico"]
[42293404,"Empujadores para uso quirúrgico"]
[42293405,"Instrumentos de manipulación para uso quirúrgico"]
[42293406,"Posicionadores de implantes para uso quirúrgico"]
[42293407,"Filiforme para dilatar el uréter o la uretra"]
[42293501,"Piezas de mano de irrigación o succión o cánulas o puntas o productos relacionados para uso quirúrgico"]
[42293502,"Cánulas o puntas de succión o irrigación láser o productos relacionados para uso quirúrgico"]
[42293503,"Dispositivos o curetas de extracción al vacío o productos relacionados para uso quirúrgico"]
[42293504,"Suministros o accesorios de irrigación o aspiración oftálmica"]
[42293505,"Sondas de drenaje de succión para uso quirúrgico"]
[42293506,"Bulbos de succión para uso quirúrgico"]
[42293507,"Reservorios de succión para uso quirúrgico"]
[42293508,"Suministros o accesorios de irrigación o aspiración de oído nariz y garganta ent"]
[42293509,"Sets o accesorios de irrigación para uso quirúrgico"]
[42293601,"Bujías para uso quirúrgico"]
[42293602,"Obturadores para uso quirúrgico"]
[42293603,"Sondas para uso quirúrgico"]
[42293701,"Trituradores para uso quirúrgico"]
[42293702,"Excavadoras para uso quirúrgico"]
[42293703,"Molinos de hueso para uso quirúrgico"]
[42293801,"Pasadores para uso quirúrgico"]
[42293802,"Buscadores para uso quirúrgico"]
[42293803,"Removedores para uso quirúrgico"]
[42293804,"Excavadoras o accesorios quirúrgicos."]
[42293901,"Anillos de laparoscopia para uso quirúrgico"]
[42293902,"Instrumentos para cubrir heridas para uso quirúrgico"]
[42294001,"Cucharas hondas para uso quirúrgico"]
[42294002,"Espátulas para uso quirúrgico"]
[42294003,"Cucharas para uso quirúrgico"]
[42294101,"Lazos de tracción o bucles de tracción o productos relacionados para uso quirúrgico"]
[42294102,"Dispositivos de tracción del cráneo para uso quirúrgico o productos relacionados"]
[42294103,"Collares de tracción para uso quirúrgico"]
[42294201,"Sets de instrumentos quirúrgicos torácicos o cardiovasculares"]
[42294202,"Sets o sistemas de instrumentos de fijación externa"]
[42294203,"Sets de instrumentos quirúrgicos generales"]
[42294204,"Sets de instrumentos para micro cirugía, cirugía plástica o cirugía delicada"]
[42294205,"Sets de instrumentos neuroquirúrgicos o espinales"]
[42294206,"Sets de instrumentos para cirugía oftálmica"]
[42294207,"Sets de instrumentos para cirugía maxilofacial"]
[42294208,"Sistemas de instrumentos para revisión ortopédica o completa de articulaciones"]
[42294209,"Sistemas de instrumentos para fijación de trauma ortopédico"]
[42294210,"Sets de instrumentos para cirugía otolaringológica"]
[42294211,"Bandejas de procedimientos o instrumentos especiales o a la medida para uso quirúrgico"]
[42294212,"Sets de instrumentos para cirugía urológica"]
[42294213,"Sets de instrumentos para cirugía por laparoscopia"]
[42294214,"Sets de instrumentos para cirugía de traqueotomía"]
[42294215,"Sets de instrumentos para cirugía de craneotomía"]
[42294216,"Sets de instrumentos para cirugía de angiografía"]
[42294217,"Sets de instrumentos para cirugía gastroscópica"]
[42294218,"Sets de instrumentos para cirugía de oído nariz y garganta ent"]
[42294219,"Sets de instrumentos para cirugía ortopédica"]
[42294220,"Sistemas de recuperación y entrega de sangre"]
[42294301,"Conductores o módulos de disparo o accesorios para biopsia de seno mínimamente invasiva"]
[42294302,"Unidades de carga premium para biopsia de seno mínimamente invasiva"]
[42294303,"Guías de aguja para biopsia de seno mínimamente invasiva"]
[42294304,"Instrumentos marcadores para biopsia de seno mínimamente invasiva"]
[42294305,"Unidades de vacío o accesorios para biopsia de seno mínimamente invasiva"]
[42294306,"Aguja de localización de seno"]
[42294401,"Sistemas de cosecha de venas"]
[42294402,"Sistemas de visualización coronaria"]
[42294501,"Conformadores o protectores para cirugía oftálmica"]
[42294502,"Pesas de párpados para cirugía oftálmica"]
[42294503,"Anillos de fijación para cirugía oftálmica"]
[42294504,"Instrumentos de membrana intraocular para cirugía oftálmica"]
[42294505,"Placas de párpado para cirugía oftálmica"]
[42294506,"Rotadores de núcleo para cirugía oftálmica"]
[42294507,"Fresas o manijas o removedores de anillos de óxido para uso oftálmico"]
[42294508,"Puntas de aguja de irrigación o aspiración para uso oftálmico"]
[42294509,"Agujas para cirugía oftálmica"]
[42294510,"Esponjas para cirugía oftálmica"]
[42294511,"Cuchillos o cuchillas o tijeras o accesorios para cirugía oftálmica"]
[42294512,"Protectores de ojos o sus accesorios"]
[42294513,"Kits de vitrectomía oftálmica"]
[42294514,"Sondas de borrado hemostático"]
[42294515,"Pulidores de lentes oftálmicos"]
[42294516,"Sujetadores de ojos o sus accesorios"]
[42294517,"Insertos ópticos"]
[42294518,"Sets de ajuste de insertos ópticos"]
[42294519,"Cucharas o curetas oftálmicas"]
[42294520,"Sujetadores de lentes o accesorios para uso oftálmico"]
[42294521,"Componentes de combado escleral"]
[42294522,"Sets de punctum de tapón para uso oftálmico"]
[42294523,"Suministros para cirugía plástica oftálmica o sus productos relacionados"]
[42294524,"Magnetos de ojos para cirugía oftálmica"]
[42294525,"Sets de instrumentos médicos oftálmicos"]
[42294526,"Dilatadores o sets de lagrimales"]
[42294601,"Bolsas de autotransfusión o transferencia de sangre"]
[42294602,"Kits de contenedores de autotransfusión o kits centrífugos"]
[42294603,"Unidades de autotransfusión"]
[42294604,"Filtros de autotransfusión"]
[42294605,"Reservorios o sus accesorios de autotransfusión"]
[42294606,"Sets o kits de tubos de autotransfusión"]
[42294607,"Válvulas de autotransfusión"]
[42294701,"Máquinas o accesorios de corazón y pulmones"]
[42294702,"Bombas y accesorios de balón intra aórtico"]
[42294703,"Dispositivos o accesorios de succión intra cardíaca"]
[42294704,"Filtros de perfusión o productos relacionados"]
[42294705,"Monitores de parámetros de sangre de perfusión o accesorios o productos relacionados"]
[42294706,"Trampas de burbujas de perfusión"]
[42294707,"Sets de cardioplegia de perfusión"]
[42294708,"Reservorios de cardiotomía de perfusión"]
[42294709,"Sistemas centrífugos de perfusión o accesorios"]
[42294710,"Equipos o accesorios calentadores o enfriadores o duales calentadores o enfriadores de perfusión"]
[42294711,"Hemoconcentradores de perfusión o accesorios"]
[42294712,"Monitores de saturación de oxígeno o hematocritos de perfusión o accesorios"]
[42294713,"Oxigenadores de perfusión o accesorios"]
[42294714,"Cabezas de bombas de perfusión"]
[42294715,"Tubos de empaque de bombas de perfusión"]
[42294716,"Reservorios venosos de perfusión"]
[42294717,"Dispositivos de asistencia ventricular"]
[42294718,"Bombas de perfusión"]
[42294719,"Reservorios cardiovasculares"]
[42294720,"Agujas de monitoreo de temperatura"]
[42294721,"Punzones aórticos"]
[42294722,"Sets de drenaje ventricular"]
[42294801,"Endoscopios rígidos o accesorios o productos relacionados"]
[42294802,"Endoscopios flexibles o accesorios o productos relacionados"]
[42294803,"Cistouretroscopios"]
[42294804,"Resectoscopios"]
[42294805,"Laparascopios o telescopios laparoscópicos"]
[42294806,"Cistoscopios"]
[42294807,"Esfinterómetros endoscópicos"]
[42294808,"Esofagoscopios o sus accesorios"]
[42294901,"Posicionadores o sujetadores de endoscopios o instrumentos"]
[42294902,"Aplicadores o elevadores de endoscopios"]
[42294903,"Agujas de aspiración o biopsia endoscópica"]
[42294904,"Bloques de mordida o correas endoscópicas"]
[42294905,"Cepillos de limpieza endoscópica o productos relacionados"]
[42294906,"Instrumentos de cortar para uso endoscópico"]
[42294907,"Cepillos de citología endoscópica o microbiología"]
[42294908,"Pinzas o disectores o agarraderas o fórceps o ligantes endoscópicos"]
[42294909,"Dilatadores o dispositivos inflables endoscópicos o productos relacionados"]
[42294910,"Electrodos o cables endoscópicos"]
[42294911,"Kits de fijación endoscópica"]
[42294912,"Sistemas o accesorios de manejo de fluido endoscópico"]
[42294913,"Balones hemostáticos o agujas o tubos o accesorios endoscópicos"]
[42294914,"Sets de instrumentos endoscópicos"]
[42294915,"Desplegadores de instrumentos endoscópicos"]
[42294916,"Filtros de insuflación endoscópica"]
[42294917,"Agujas de insuflación endoscópica"]
[42294918,"Tubos de insuflación endoscópica"]
[42294919,"Introductores o alambres guía o alambres de deslizamiento endoscópicos"]
[42294920,"Instrumentos o accesorios láser endoscópicos"]
[42294921,"Sistemas de empujadores de nudos o de entrega endoscópicos"]
[42294922,"Ligantes endoscópicos"]
[42294923,"Manipuladores endoscópicos"]
[42294924,"Instrumentos o accesorios manuales monopolares o bipolares para endoscopia o productos relacionados"]
[42294925,"Agujas o punzones para endoscopia"]
[42294926,"Sobre tubos para endoscopia"]
[42294927,"Paquetes o bandejas o kits de instrumentos para endoscopia"]
[42294928,"Sondas para endoscopia"]
[42294929,"Retractores para endoscopia"]
[42294930,"Pinzas o alambres de pinzas o accesorios para endoscopia"]
[42294931,"Fórceps o dispositivos de recuperación de especímenes para endoscopia"]
[42294932,"Tubos o estiradores endoscopicos"]
[42294933,"Puntas de irrigación o succión o sondas de coagulación o accesorios para endoscopia"]
[42294934,"Dispositivos de sutura para endoscopia"]
[42294935,"Trocar o funda u obturador o cánula para endoscopia"]
[42294936,"Elementos de trabajo o canales de trabajo para endoscopia"]
[42294937,"Dispositivos reductores de empañe para endoscopia o espejos"]
[42294938,"Tapas sellantes para endoscopia"]
[42294939,"Válvulas o accesorios para endoscopia"]
[42294940,"Convertidores para endoscopia"]
[42294941,"Sets de drenaje biliar para endoscopia"]
[42294942,"Sellos de instrumentos para endoscopia"]
[42294943,"Unidades de válvulas para endoscopia"]
[42294944,"Kits de accesorios para endoscopia"]
[42294945,"Esponjas para endoscopia"]
[42294946,"Mordazas para endoscopia"]
[42294947,"Diafragmas para endoscopia"]
[42294948,"Piezas bucales para endoscopia"]
[42294949,"Manijas de guía de alambre para endoscopia"]
[42294950,"Brocas o taladros para endoscopia"]
[42294951,"Sets de instrumentos para uniones pequeñas para endoscopia"]
[42294952,"Recuperadores o sets para endoscopia"]
[42294953,"Extractores para endoscopia"]
[42294954,"Dispositivos o accesorios para remover especímenes o tejidos para endoscopia"]
[42294955,"Ganchos o accesorios para endoscopia"]
[42294956,"Localizadores de guía de alambre para endoscopia"]
[42295001,"Unidades o accesorios de mantenimiento para endoscopia"]
[42295002,"Gabinetes de almacenamiento o accesorios para endoscopia"]
[42295003,"Colgadores de pared o accesorios para endoscopia"]
[42295004,"Carritos de equipos o procedimientos o accesorios para endoscopia"]
[42295005,"Sets de equipos endoscópicos"]
[42295006,"Unidades de sonda de calor o sondas de calor o accesorios para endoscopia"]
[42295007,"Sistemas de imágenes o accesorios para endoscopia"]
[42295008,"Unidades o accesorios de insuflación o distensión para endoscopia"]
[42295009,"Fuentes de luz quirúrgica o accesorios para endoscopia"]
[42295010,"Impresoras o accesorios para endoscopia"]
[42295011,"Video cámaras o grabadoras o adaptadores o accesorios para endoscopia"]
[42295012,"Botellas de agua o accesorios para endoscopia"]
[42295013,"Protectores o cubiertas de puntas de endoscopios"]
[42295014,"Estuches de instrumentos para endoscopia"]
[42295015,"Lentes endoscópicos"]
[42295101,"Puestos de lavamanos para uso quirúrgico"]
[42295102,"Equipos o accesorios para criocirugía"]
[42295103,"Mesas o accesorios para procedimientos de cesáreas o salas de partos o productos relacionados"]
[42295104,"Equipo electro quirúrgico o electro cauterizante"]
[42295105,"Mesas de instrumentos para uso quirúrgico u obstétrico o accesorios o productos relacionados"]
[42295106,"Bandejas mayo para el canto o puestos mayo para uso quirúrgico o sus accesorios"]
[42295107,"Carritos para estuches de salas de cirugía o carritos de procedimiento o gabinetes de pared o accesorios"]
[42295108,"Mesas de fractura de pacientes para salas de cirugía o mesas ortopédicas o accesorios o productos relacionados"]
[42295109,"Baldes para salas de cirugía o accesorios o productos relacionados"]
[42295110,"Iluminación de la sala de operación para campo quirúrgico o accesorios o productos relacionados"]
[42295111,"Dispositivos de posicionamiento de los pacientes para salas de cirugía o accesorios"]
[42295112,"Mesas de procedimientos para salas de cirugía o accesorios o productos relacionados"]
[42295113,"Equipo de irrigación o aspiración oftálmica o accesorios"]
[42295114,"Equipos de facoemulsificación o extrusión o accesorios para cirugía oftálmica"]
[42295115,"Taburetes de cirujanos o accesorios"]
[42295116,"Escalones para salas de cirugía o accesorios"]
[42295117,"Manta quirúrgica o armarios para calentar soluciones o accesorios"]
[42295118,"Equipos de bombas de irrigación para uso quirúrgico o lavado pulsado o accesorios con o sin succión"]
[42295119,"Láseres para uso quirúrgico o accesorios"]
[42295120,"Litotriptores o accesorios para uso quirúrgico"]
[42295121,"Microscopios o lupas o magnificadores o accesorios para uso quirúrgico"]
[42295122,"Torniquetes neumáticos o eléctricos o accesorios para uso quirúrgico"]
[42295123,"Máquinas de succión o extractores al vacío o aspiradores quirúrgicos ultrasónicos o reguladores o accesorios para uso quirúrgico"]
[42295124,"Evacuadores de humo o accesorios para uso quirúrgico"]
[42295125,"Mesas urológicas o accesorios para uso quirúrgico"]
[42295126,"Equipos de cirugía fragmatoma de retina vítrea para cirugía oftálmica"]
[42295127,"Equipos o accesorios de microcirugía"]
[42295128,"Instrumentos quirúrgicos maxilofaciales o accesorios"]
[42295129,"Dispensadores de medicamentos para salas de cirugía o productos relacionados"]
[42295130,"Tubos o accesorios de conexión de instrumentos quirúrgicos"]
[42295131,"Puestos o accesorios de equipos quirúrgicos"]
[42295132,"Estuches o accesorios para equipos quirúrgicos"]
[42295133,"Estantes de tornillos ortopédicos o accesorios"]
[42295134,"Sets o accesorios de suministro quirúrgico general"]
[42295135,"Dispositivos o accesorios de control ortopédico"]
[42295136,"Instrumentos de control para uso quirúrgico"]
[42295137,"Equipos o suministros o accesorios para gastroenterología"]
[42295138,"Dispositivos o accesorios de dilatación urológica para uso quirúrgico"]
[42295139,"Rollos de instrumentos para instrumentos quirúrgicos o accesorios"]
[42295140,"Gabinetes o muebles para instrumentos quirúrgicos"]
[42295201,"Dermotomos o aparatos para dermoabrasión o dermoreticulador para uso quirúrgico o accesorios"]
[42295202,"Sierras eléctricas o de pila o neumáticas o colocadores de tornillos o accesorios para uso quirúrgico"]
[42295203,"Sets o accesorios de equipos eléctricos para uso quirúrgico"]
[42295204,"Escariadores para uso quirúrgico"]
[42295205,"Equipos de afeitado o piezas de mano o cuchillas o accesorios para uso quirúrgico"]
[42295206,"Unidades de cirugía endoscópica"]
[42295301,"Sopladores o vaporizadores o accesorios de uso quirúrgico"]
[42295302,"Cánulas de perfusión de uso quirúrgico"]
[42295303,"Catéteres o conectores o accesorios de uso quirúrgico"]
[42295304,"Almohadillas para nervios frénicos o almohadas cardíacas de uso quirúrgico"]
[42295305,"Torniquetes u oclusores vasculares o ligantes o accesorios de uso quirúrgico"]
[42295306,"Lanzaderas de vasos o cintas de retracción de uso quirúrgico"]
[42295307,"Decapantes de arteria carótida o accesorios de uso quirúrgico"]
[42295308,"Sets de perfusión coronaria"]
[42295401,"Lápices de cauterización operados mediante pilas de uso quirúrgico"]
[42295402,"Esferos para marcar de uso quirúrgico"]
[42295403,"Dispositivos de fijación internos o externos, férulas de fijación intermaxilar o accesorios"]
[42295404,"Estiradores gastrointestinales"]
[42295405,"Introductores o ganchos de guía o guías de alambre o deslizadores de alambre para cirugía no endoscópica o procedimientos de corazón abierto"]
[42295406,"Esponja especial para laparotomía o detectable por rayos x o de uso quirúrgico"]
[42295407,"Máscaras para pacientes de uso quirúrgico"]
[42295408,"Cepillos para manos para cirujanos o soluciones o accesorios"]
[42295409,"Aplicadores de uso quirúrgico"]
[42295410,"Sets o paquetes de cuencas de uso quirúrgico"]
[42295411,"Sujetadores o interruptores de cuchilla de uso quirúrgico"]
[42295412,"Cemento quirúrgico de hueso o sistemas de mezclado o accesorios"]
[42295413,"Cepillos de canal de uso quirúrgico"]
[42295414,"Paquetes para procedimientos especiales o a la medida de uso quirúrgico"]
[42295415,"Fundas para equipos de uso quirúrgico"]
[42295416,"Evacuadores de uso quirúrgico"]
[42295417,"Fundas o manijas para luces de uso quirúrgico"]
[42295418,"Esterillas magnéticas de uso quirúrgico"]
[42295419,"Estimuladores de nervios o accesorios de uso quirúrgico"]
[42295420,"Catéteres endoscópicos o quirúrgicos o kits de cateterización o bolsas de drenaje"]
[42295421,"Lavado de preparación o soluciones de pintura para uso quirúrgico"]
[42295422,"Lavado o kits de preparación del paciente para uso quirúrgico"]
[42295423,"Mostradores de instrumentos afilados o esponjas para uso quirúrgico"]
[42295424,"Kits de afeitado o cuchillas de preparación o corta uñas para uso quirúrgico"]
[42295425,"Palitos o lápices o cristales de nitrato de plata para uso quirúrgico"]
[42295426,"Trampas o contenedores de recolección de especímenes para uso quirúrgico"]
[42295427,"Cepillos para instrumentos estériles o estiletes instrumentales o pañitos limpiadores de instrumentos para uso quirúrgico"]
[42295428,"Tubos o accesorios de irrigación o succión para uso quirúrgico"]
[42295429,"Botes de succión quirúrgicos o accesorios"]
[42295430,"Estiradores quirúrgicos tracheales"]
[42295431,"Cortinas transparentes de incisión o bolsas para instrumentos para uso quirúrgico"]
[42295432,"Estiradores urológicos"]
[42295433,"Catéteres urológicos o accesorios para uso quirúrgico"]
[42295434,"Espirales vaginales o uterinas"]
[42295435,"Protectores o escudos para oídos"]
[42295436,"Anillos de anastomosis"]
[42295437,"Sets de utensilios o gabinetes o accesorios para uso quirúrgico"]
[42295439,"Alisadores de hueso para uso ortopédico"]
[42295440,"Adaptadores de catéteres endoscópicos"]
[42295441,"Sets de recuperación para uso quirúrgico"]
[42295445,"Insertos de bandejas para aparatos quirúrgicos"]
[42295446,"Retenedores de órganos internos"]
[42295448,"Guardas de salpicaduras o accesorios para uso quirúrgico"]
[42295450,"Cargadores de baldes o accesorios para uso quirúrgico"]
[42295451,"Guantes de preparación para uso quirúrgico"]
[42295452,"Tazas de preparación para uso quirúrgico"]
[42295453,"Drenajes o sets o accesorios para uso quirúrgico"]
[42295454,"Protectores de mano para uso quirúrgico"]
[42295455,"Kits de resina para reparación craneal"]
[42295456,"Fieltros para uso quirúrgico"]
[42295457,"Lentes o capuchas de cascos para uso quirúrgico"]
[42295458,"Equipos para secar o empolvar guantes quirúrgicos"]
[42295459,"Dispositivos para decantar fluidos para uso quirúrgico"]
[42295460,"Capas protectoras para implantes ortopédicos"]
[42295461,"Pegamento para tejidos o sistemas o aplicadores o accesorios"]
[42295462,"Catéteres uro dinámicos o accesorios"]
[42295463,"Catéteres uretrales"]
[42295501,"Implantes cardiovasculares"]
[42295502,"Implantes de tejido humano"]
[42295503,"Puertos de infusión implantables o accesorios"]
[42295504,"Implantes neuroquirúrgicos"]
[42295505,"Implantes oftálmicos"]
[42295506,"Implantes maxilofaciales bucales o sets"]
[42295507,"Implantes ortopédicos o alambres quirúrgicos"]
[42295508,"Implantes para otolaringología o sets"]
[42295509,"Implantes plásticos o cosméticos o expansores de tejidos o sets"]
[42295510,"Barreras de adhesión para uso quirúrgico"]
[42295511,"Estimuladores de hueso para uso quirúrgico"]
[42295512,"Derivaciones implantables o extensores de derivaciones para uso quirúrgico"]
[42295513,"Productos de malla o de barreras de tejido para uso quirúrgico"]
[42295514,"Láminas de silicona"]
[42295515,"Implantes de tejidos sintéticos"]
[42295516,"Implantes urológicos o sets"]
[42295517,"Extensores cardiovasculares"]
[42295518,"Protectores de ganchos"]
[42301501,"Modelos humanos anatómicos para educación o entrenamiento médico"]
[42301502,"Maniquíes humanos anatómicos para educación o entrenamiento médico"]
[42301503,"Ayudas de entrenamiento para resucitación cardiopulmonar cpr"]
[42301504,"Kits para educación o entrenamiento médico"]
[42301505,"Portapapeles para enfermeras o médicos"]
[42301506,"Estetoscopios de doble audífono"]
[42301507,"Videos de entrenamiento para la educación del personal médico"]
[42301508,"Videos de operación o de instrucciones para equipos médicos"]
[42311501,"Clips para vendajes o compresas"]
[42311502,"Kits de inicio de vendajes o compresas"]
[42311503,"Enrolladores de vendajes"]
[42311504,"Vendajes o compresas para el cuidado de quemaduras"]
[42311505,"Vendajes o compresas para uso general"]
[42311506,"Vendas o compresas de compresión o presión"]
[42311507,"Esponjas de vendaje"]
[42311508,"Bandejas para compresas"]
[42311509,"Vendaje de lainilla"]
[42311510,"Vendajes de espuma"]
[42311511,"Vendajes de gasa"]
[42311512,"Esponjas de gasa"]
[42311513,"Compresas de gel"]
[42311514,"Vendajes germicidas"]
[42311515,"Vendajes hidrocoloides"]
[42311516,"Vendajes intravenosos"]
[42311517,"Adhesivos líquidos para vendajes o compresas"]
[42311518,"Parches o almohadillas para los ojos para uso médico"]
[42311519,"Tiras no adhesivas para uso médico"]
[42311520,"Cintas no adhesivas para uso médico"]
[42311521,"Compresas de presión negativa"]
[42311522,"Compresas oclusivas"]
[42311523,"Vendajes de pasta"]
[42311524,"Compresas de petrolato"]
[42311525,"Vendas de presión"]
[42311526,"Vendajes de"]
[42311527,"Compresas de película transparente"]
[42311528,"Sistemas de compresas húmedas"]
[42311531,"Cubiertas para compresas"]
[42311532,"Apósitos secos"]
[42311537,"Tijeras para vendajes o sus suministros"]
[42311538,"Kits de hiperalimentación"]
[42311539,"Aplicadores de vendajes"]
[42311601,"Esponjas de gelatina absorbible"]
[42311602,"Cera para huesos"]
[42311603,"Celulosa oxidada"]
[42311604,"Hemostáticos de colágeno micro fibrilar"]
[42311702,"Cintas umbilicales para bebés"]
[42311703,"Cintas médicas o quirúrgicas para pegar la piel"]
[42311704,"Dispensadores de cinta médica o quirúrgica"]
[42311705,"Removedores de cinta médica o quirúrgica"]
[42311707,"Cintas de tejido para uso quirúrgico"]
[42311708,"Cintas adherentes médicas o quirúrgicas para uso general"]
[42311901,"Accesorios de drenaje para uso médico"]
[42311902,"Bolsas o reservorios de drenaje de incisiones para uso médico"]
[42311903,"Drenajes de incisión para uso médico"]
[42312001,"Cierres de mariposa para piel"]
[42312002,"Clips para cierre de piel"]
[42312003,"Tiras de cierre para la piel o para heridas"]
[42312004,"Removedores de pegamento o adhesivo para uso médico"]
[42312005,"Adhesivos o pegamentos de cierre de piel para uso médico"]
[42312006,"Aplicadores de clip para uso interno para uso médico"]
[42312007,"Clips de uso interno para uso médico"]
[42312008,"Removedores de ganchos o clips para uso médico"]
[42312009,"Cosedoras para uso interno"]
[42312010,"Cosedoras para cierre de piel"]
[42312011,"Ganchos para uso interno"]
[42312012,"Ganchos para cierre de piel"]
[42312014,"Kits de cierre de tejidos o bandejas o paquetes o sets"]
[42312101,"Adhesivos para aplicación en ostomía"]
[42312102,"Aplicaciones para ostomía"]
[42312103,"Limpiadores o desodorantes para ostomía"]
[42312104,"Suministros de recolección para ostomía"]
[42312105,"Kits de barreras de piel o cuidado protector para ostomía"]
[42312106,"Insertos para ostomía"]
[42312107,"Obleas para ostomía"]
[42312108,"Bolsas de drenaje para ostomía"]
[42312109,"Anillos de bolsa para ostomía"]
[42312110,"Kits de inicio para ostomía"]
[42312111,"Fundas de bolsa para ostomía"]
[42312112,"Cinturón o accesorios para ostomía"]
[42312113,"Tapones de bolsa para ostomía"]
[42312114,"Kits de ventriculostomía"]
[42312115,"Mangas de irrigación para ostomía"]
[42312201,"Suturas"]
[42312202,"Kits o bandejas o paquetes o sets para sutura"]
[42312203,"Botones o puentes o accesorios relacionados para sutura"]
[42312204,"Botas y dispositivos de captura para sutura"]
[42312205,"Carritos o estantes para sutura"]
[42312206,"Agujas para sutura"]
[42312207,"Kits de remoción o bandejas o paquetes o sets para sutura"]
[42312208,"Removedores de suturas"]
[42312301,"Absorbentes para limpieza de heridas"]
[42312302,"Esponjas de debridación"]
[42312303,"Sistemas de lavado pulsado o accesorios relacionados para el tratamiento de heridas"]
[42312304,"Productos de debridación autolítica para uso médico"]
[42312305,"Productos de debridación enzimática para uso médico"]
[42312306,"Productos de debridación mecánica para uso médico"]
[42312307,"Productos de debridación quirúrgica para uso médico"]
[42312309,"Sistemas de irrigación de heridas"]
[42312310,"Botellas limpiadoras"]
[42312311,"Kits de desinfectantes"]
[42312312,"Bandejas de cuidado de heridas o de limpieza"]
[42312313,"Soluciones de limpieza de heridas"]
[42312401,"Relleno de alginato de calcio para heridas"]
[42312402,"Férulas o stents nasales"]
[42312403,"Tiras de relleno para cuidado de heridas"]
[42312501,"Ligaduras de soporte mamario"]
[42312502,"Ligaduras abdominales"]
[42312503,"Soportes para escroto"]
[43191501,"Teléfonos móviles"]
[43191502,"Busca personas"]
[43191503,"Teléfonos de pago"]
[43191504,"Teléfonos fijos"]
[43191505,"Máquinas contestadoras"]
[43191507,"Teléfonos para propósitos especiales"]
[43191508,"Teléfonos digitales"]
[43191509,"Teléfonos análogos"]
[43191510,"Radios de dos vías"]
[43191601,"Placas frontales de teléfonos móviles"]
[43191602,"Marcadores de teléfonos"]
[43191603,"Cables de extensión para teléfonos"]
[43191604,"Placas frontales de teléfonos"]
[43191605,"Cables para auriculares de teléfonos"]
[43191606,"Auriculares de teléfonos"]
[43191607,"Almohadillas para el oído o el parlante de los auriculares de teléfonos"]
[43191608,"Tubos de voz para los auriculares de teléfonos"]
[43191609,"Teléfonos de diadema"]
[43191610,"Soportes o sujetadores o puestos de comunicación personal"]
[43191611,"Protectores de líneas telefónicas"]
[43191612,"Descansa teléfonos"]
[43191614,"Convertidores de voz para teléfonos"]
[43191615,"Set telefónico manos libres para vehículos"]
[43191616,"Consola central para teléfonos"]
[43191618,"Unidades de grabación de conversaciones"]
[43191619,"Dispositivos de señalización para teléfonos"]
[43191621,"Adaptadores de auriculares"]
[43191622,"Módulos o accesorios de busca personas"]
[43191623,"Teléfono de pago con mecanismos"]
[43191624,"Recipientes de monedas para teléfonos de pago"]
[43191625,"Cajas de monedas para teléfonos de pago"]
[43191626,"Tolvas para teléfonos de pago"]
[43191627,"Puertas de seguridad para las cajas de monedas de teléfonos de pago"]
[43191628,"Protectores de micrófono para teléfonos de pago"]
[43191629,"Pieles o placas frontales para notebook o palm"]
[43191630,"Kits de iniciación para teléfonos móviles"]
[43201401,"Tarjetas aceleradoras de gráficas o video"]
[43201402,"Tarjetas de módulos de memoria"]
[43201403,"Tarjetas de módem"]
[43201404,"Tarjetas de interface de red"]
[43201405,"Tarjetas receptoras de red óptica"]
[43201406,"Tarjetas transmisoras de red óptica"]
[43201407,"Tarjetas periféricas controladoras"]
[43201408,"Tarjetas de puerto en serie"]
[43201409,"Tarjetas de interface de red inalámbrica"]
[43201410,"Tarjetas o puertos de interruptor"]
[43201501,"Tarjetas de interface de telecomunicaciones de modo de transferencia asincrónico atm"]
[43201502,"Tarjetas de aceleración de audio"]
[43201503,"Procesadores de unidad de procesamiento central cpu"]
[43201507,"Placas secundarias"]
[43201508,"Módulo de fibra de compensación de dispersión dcfm"]
[43201509,"Módulos de intercambio de comunicación de datos"]
[43201513,"Placa central de microordenador."]
[43201522,"Tarjetas de puertos paralelos"]
[43201531,"Tarjetas de captura de video"]
[43201533,"Interfaces de interface digital de instrumentos musicales midi"]
[43201534,"Interfaces de componentes de intercambio codec"]
[43201535,"Puertos seriales infrarrojos"]
[43201537,"Servidores de impresoras"]
[43201538,"Enfriadores de unidades de procesamiento central"]
[43201539,"Procesador central controlador de consola"]
[43201540,"Convertidor de canales"]
[43201541,"Procesador central de interface canal a canal"]
[43201542,"Unidad de control"]
[43201543,"Procesador central de instalación de acoplamientos"]
[43201544,"Convertidor o controlador de bus de interface"]
[43201545,"Tarjetas de fax"]
[43201546,"Tarjetas de audio conferencia"]
[43201547,"Tarjetas de voz"]
[43201549,"Interruptores de interface de bus"]
[43201550,"Dispositivo de sincronización de paquete de datos de red"]
[43201552,"Adaptadores para hardware o telefonía"]
[43201553,"Convertidores de transceptores y medios"]
[43201601,"Carcasas de computadoras"]
[43201602,"Carcasas de equipos de red"]
[43201603,"Componentes de apilamiento de carcasas"]
[43201604,"Bahías o canastas para equipos electrónicos"]
[43201605,"Expansores"]
[43201608,"Marcos de drive removibles"]
[43201609,"Bandejas o ensamblajes para almacenamiento de dispositivos"]
[43201610,"Placas traseras o paneles o ensamblajes"]
[43201611,"Bastidores (dispositivos de montaje) para computadores"]
[43201612,"Placas frontales para computadores"]
[43201614,"Extensores de consola"]
[43201615,"Kits de cubiertas para bahías de drives"]
[43201616,"Torres de arreglo de drives de discos duros"]
[43201801,"Unidades de disco flexible"]
[43201802,"Series de disco duro"]
[43201803,"Unidades de disco duro"]
[43201806,"Series de cintas"]
[43201807,"Unidades de cintas"]
[43201808,"Disco compacto cd de sólo lectura"]
[43201809,"Disco compacto cd de lectura y escritura"]
[43201810,"Disco versátil digital dvd de sólo lectura"]
[43201811,"Disco versátil digital dvd de lectura y escritura"]
[43201812,"Unidades de magneto óptico mo"]
[43201813,"Unidades de medios removibles de alta capacidad"]
[43201814,"Equipos electrónicos de duplicación de medios o información"]
[43201815,"Unidades de lectura y escritura de arquitectura de interconexión de componentes periféricos"]
[43201902,"Cambiadores de discos ópticos"]
[43201903,"Bibliotecas de unidades de cinta"]
[43202001,"Discos compactos cd"]
[43202002,"Cintas en blanco"]
[43202003,"Discos versátiles digitales dvd"]
[43202004,"Discos flexibles"]
[43202005,"Tarjeta flash de almacenamiento de memoria"]
[43202101,"Estuches para discos compactos"]
[43202102,"Estuches para discos flexibles"]
[43202103,"Sujetadores de almacenadores de multimedia"]
[43202104,"Almacenadores para video cintas de escáner de hélice vertical vhs o accesorios"]
[43202105,"Gabinetes para medios múltiples"]
[43202201,"Partes de piezas de teléfono"]
[43202202,"Generadores de timbres de teléfono"]
[43202204,"Timbres externos o sus partes"]
[43202205,"Teclas o teclados"]
[43202206,"Componentes de dispositivo de entrada o unidad de almacenamiento"]
[43202207,"Brazos y ensamblaje de cabezal"]
[43202208,"Ensamblajes de plomo"]
[43202209,"Ensamblajes de apilamiento de cabezales"]
[43202210,"Tope de protección anti choque"]
[43202211,"Platos o discos"]
[43202212,"Ensamblajes de cabezal de lectura y escritura"]
[43202213,"Unidades de disco de motor"]
[43202214,"Ensamblajes de regleta"]
[43211501,"Servidores de computador"]
[43211502,"Servidores de computador de gama alta"]
[43211503,"Computadores notebook"]
[43211504,"Asistentes personales digitales pda u organizadores"]
[43211505,"Terminal de punto de venta pos"]
[43211506,"Computadores de cliente ligero"]
[43211507,"Computadores de escritorio"]
[43211508,"Computadores personales"]
[43211509,"Computadores de tableta"]
[43211510,"Consola central o terminales básicos (no inteligentes)"]
[43211511,"Dispositivos de computación de vestir"]
[43211512,"Computadores centrales"]
[43211601,"Cajas de interruptores de computador"]
[43211602,"Estaciones de acoplamiento"]
[43211603,"Replicadores de puertos"]
[43211604,"Cajas de interruptores periféricos"]
[43211605,"Actualizaciones de procesadores de señales"]
[43211606,"Kits de multimedia"]
[43211607,"Parlantes de computador"]
[43211608,"Equipo codificador y decodificador"]
[43211609,"Concentrador de bus serial universal o conectores"]
[43211701,"Equipo de lectura de código de barras"]
[43211702,"Lectores y codificadores de banda magnética"]
[43211704,"Equipo de reconocimiento de billetes"]
[43211705,"Almohadillas o joy sticks de juegos"]
[43211706,"Teclados"]
[43211707,"Lápiz (stylus) para computador de luz"]
[43211708,"Mouse o bola de seguimiento para computador"]
[43211709,"Lápiz (stylus) de presión"]
[43211710,"Dispositivos de identificación de radio frecuencia"]
[43211711,"Escáneres"]
[43211712,"Tabletas de gráficos"]
[43211713,"Almohadillas (pads) táctil (touch)"]
[43211714,"Equipos de identificación biométrica"]
[43211715,"Terminales portátiles de ingreso de información"]
[43211717,"Sistemas de reconocimiento de caracteres ópticos"]
[43211718,"Sistemas de visión basados en cámaras para recolección automática de información"]
[43211719,"Micrófonos de voz para computadores"]
[43211720,"Terminales de pago para puntos de venta"]
[43211721,"Lectores de tarjetas perforadas"]
[43211801,"Forros de dispositivos de ingreso de datos al computador"]
[43211802,"Almohadillas (pads) para mouse"]
[43211803,"Pieles (películas transparentes) para teclados"]
[43211804,"Cajones o estantes para tableros"]
[43211805,"Dispositivos para almacenamiento de kits de servicio"]
[43211901,"Monitores para tubos de rayo catódico crt"]
[43211902,"Paneles o monitores de pantalla de cristal líquido lcd"]
[43211903,"Monitores de pantalla táctil (touch)"]
[43211904,"Paneles de pantalla de plasma pdp"]
[43211905,"Pantallas emisoras de luz orgánica"]
[43212001,"Protectores de brillo para pantallas de computador"]
[43212002,"Brazos o soportes para monitores"]
[43212101,"Impresoras de banda"]
[43212102,"Impresoras de matriz de puntos"]
[43212103,"Impresoras de sublimación de teñido"]
[43212104,"Impresoras de inyección de tinta"]
[43212105,"Impresoras láser"]
[43212106,"Impresoras de matriz de líneas"]
[43212107,"Impresoras de plotter"]
[43212108,"Impresoras de cinta térmica"]
[43212109,"Impresoras de etiquetas para bolsas"]
[43212110,"Impresoras de múltiples funciones"]
[43212111,"Impresoras de tiquetes aéreos o pases de abordaje atb"]
[43212112,"Impresoras de recibos para puntos de venta pos"]
[43212113,"Impresoras de discos compactos cd o de etiquetado"]
[43212114,"Impresoras de imágenes digitales"]
[43221501,"Sistemas de atención automatizada"]
[43221502,"Distribuidor automático de llamadas acd"]
[43221503,"Alto parlantes para telecomunicaciones"]
[43221504,"Central telefónica interna pbx"]
[43221505,"Identificador de llamadas telefónicas autónoma"]
[43221506,"Consola de teleconferencias"]
[43221507,"Auto marcadores"]
[43221508,"Campos de lámpara de teléfono ocupado"]
[43221509,"Sistemas de contabilización de llamadas telefónicas"]
[43221510,"Desviador o retransmisor de llamadas telefónicas"]
[43221513,"Secuenciadores de llamadas telefónicas"]
[43221514,"Unidades de respaldo de marcación telefónica"]
[43221515,"Dispositivos para compartir líneas telefónicas"]
[43221516,"Monitores de estado de líneas telefónicas"]
[43221517,"Unidades de observación de servicio de equipos de telefonía"]
[43221518,"Dispositivos para restringir llamadas para equipos de telefonía"]
[43221519,"Sistemas de correo de voz"]
[43221520,"Equipos interactivos de reconocimiento de voz"]
[43221521,"Unidades de acceso remoto de telecomunicaciones"]
[43221522,"Equipos de teleconferencia"]
[43221523,"Grabadora de música o mensaje en espera"]
[43221524,"Adaptador de música en espera"]
[43221525,"Sistemas de intercomunicación"]
[43221526,"Sistemas de entrada de teléfono"]
[43221601,"Separador de sistema de antiguo teléfono simple de empresa cautiva pots de circuito de subscriptor digital dsl"]
[43221602,"Estante para separador de empresa cautiva de circuito de subscriptor digital dsl"]
[43221603,"Separador de sistema de antiguo teléfono simple pots de equipo de premisa de cliente cpe de circuito de subscriptor digital dsl"]
[43221701,"Equipo central de televisión"]
[43221702,"Equipo de acceso de televisión"]
[43221703,"Antenas de televisión"]
[43221704,"Equipo central de radio"]
[43221705,"Equipo de radio acceso"]
[43221706,"Antenas de radio"]
[43221707,"Equipo central de microondas"]
[43221708,"Equipo de acceso de microondas"]
[43221709,"Antenas de microondas"]
[43221710,"Equipo central de satélite"]
[43221711,"Equipo de acceso de satélite"]
[43221712,"Antenas de satélite"]
[43221713,"Equipo central de onda corta"]
[43221714,"Equipo de acceso de onda corta"]
[43221715,"Antenas de onda corta"]
[43221716,"Equipo central de buscapersonas"]
[43221717,"Equipo de acceso de buscapersonas"]
[43221718,"Antenas de radar"]
[43221719,"Antenas de aeronaves"]
[43221720,"Antenas de automotores"]
[43221721,"Equipo de comunicación de información de radio frecuencia"]
[43221801,"Amplificadores ópticos"]
[43221802,"Filtros de redes o comunicaciones ópticas"]
[43221803,"Adaptadores ópticos"]
[43221804,"Láseres de red óptica"]
[43221805,"Equipo de red de modo de transferencia asincrónica atm"]
[43221806,"Equipos de red de red óptica sincrónica sonet"]
[43221807,"Filtros multiplexados de división de longitud de onda densa de telecomunicaciones dwdm"]
[43221808,"Equipos de telecomunicaciones jerárquicas digitales sincrónicas sdh"]
[43222501,"Equipo de seguridad de red cortafuegos (firewall)"]
[43222502,"Equipo de seguridad de redes vpn"]
[43222503,"Equipos de seguridad de evaluación de vulnerabilidad"]
[43222602,"Equipo de centro distribuidor de cables"]
[43222604,"Equipo de red de entrega de contenido"]
[43222605,"Puerta de acceso de redes"]
[43222606,"Kit de inicio de nodo de servicio de internet"]
[43222607,"Equipo de motor de caché"]
[43222608,"Repetidores de red"]
[43222609,"Enrutadores (routers) de red"]
[43222610,"Concentradores o hubs de servicio de red"]
[43222611,"Unidades de servicio de canales o información de red"]
[43222612,"Interruptores de red"]
[43222615,"Interruptor de área de almacenamiento de red san"]
[43222619,"Equipo de video de red"]
[43222620,"Interruptor multi servicios"]
[43222621,"Interruptor de contenido"]
[43222622,"Dispositivo para balancear la carga del servidor"]
[43222623,"Equipos de conexión cruzada digital dcx"]
[43222624,"Equipos de conexión cruzada óptica"]
[43222625,"Servidores de acceso"]
[43222626,"Módems de cable"]
[43222627,"Dispositivos de acceso de redes digitales de servicios integrados isdn"]
[43222628,"Módems"]
[43222629,"Bancos de módems"]
[43222630,"Unidades de acceso multi estaciones"]
[43222631,"Estaciones base de fidelidad inalámbricas"]
[43222632,"Agregadores de banda ancha"]
[43222701,"Teclas de telégrafo"]
[43222702,"Electro magnetos de telégrafo"]
[43222703,"Receptor acústico de telégrafo"]
[43222801,"Equipo de conexión cruzada digital dcx de banda estrecha o de banda ancha"]
[43222802,"Equipo de circuito de conmutador"]
[43222803,"Cargador de circuito digital dlc"]
[43222805,"Equipo de central telefónica privada pbx"]
[43222806,"Bloques de conexiones"]
[43222811,"Unidades de alarma de equipos de telefonía"]
[43222813,"Kits de partes de conmutadores telefónicos"]
[43222814,"Kits de instalación o modificación de equipos de telecomunicaciones"]
[43222815,"Unidades de terminales de telecomunicaciones"]
[43222816,"Operadores de introducción de datos de telefonía"]
[43222817,"Repetidores de telecomunicaciones"]
[43222818,"Estructura de terminal de distribución de teléfono"]
[43222819,"Paneles de conexión de puertos"]
[43222820,"Equipo electrónico para cancelar eco de voz"]
[43222821,"Panel de conexiones"]
[43222822,"Multiplexor de división de tiempo tdm"]
[43222823,"Multiplexor de división de onda wdm"]
[43222824,"Enrolladores de cables aéreos"]
[43222825,"Kits de modificación de teléfonos"]
[43222901,"Acondicionadores de línea"]
[43222902,"Secadores de aire para cables de telefonía"]
[43223001,"Dispositivos de entrada de teletipos"]
[43223101,"Equipos y componentes de red básica móvil gsm 2g"]
[43223102,"Equipos y componentes de red de acceso inalámbrica gsm 2g"]
[43223103,"Equipos y componentes de red básica móvil gprs 2.5g"]
[43223104,"Equipos y componentes de red de acceso inalámbrica gprs 2.5g"]
[43223105,"Equipos y componentes de red básica móvil umts 3g"]
[43223106,"Equipos y componentes de red de acceso inalámbrica 3g umts"]
[43223107,"Equipos y componentes de red básica móvil wlan"]
[43223108,"Equipos y componentes de acceso inalámbrico wlan"]
[43223109,"Equipo de interrupción ssp in"]
[43223110,"Equipo básico móvil in"]
[43223111,"Equipos y componentes de red básica móvil oss"]
[43223112,"Equipos y componentes de red de acceso inalámbrica oss"]
[43223113,"Antenas lan umt gsm"]
[43223201,"Portal de mensajes de voz"]
[43223202,"Centro de servicio de mensajes cortos"]
[43223203,"Centros de servicio multimedia"]
[43223204,"Plataforma de mensajes unificados"]
[43223205,"Plataforma de mensajes instantáneos"]
[43223206,"Puerta de enlace de internet inalámbrico"]
[43223207,"Sistema de flujo de video"]
[43223208,"Plataforma de juegos móvil o de mensajes"]
[43223209,"Plataforma de servicios de mensajes basados en locación"]
[43223210,"Sistemas de mensajes de micro pagos"]
[43223211,"Controladores de buscapersonas"]
[43223212,"Terminales de buscapersonas"]
[43231501,"Software de mesa de ayuda o centro de llamadas (call center)"]
[43231503,"Software de adquisiciones"]
[43231505,"Software de recursos humanos"]
[43231506,"Software de logística de planeación de requerimiento de materiales y cadena de suministros"]
[43231507,"Software de manejo de proyectos"]
[43231508,"Software de manejo de inventarios"]
[43231509,"Software de barras de códigos"]
[43231510,"Software para hacer etiquetas"]
[43231511,"Software de sistemas expertos"]
[43231512,"Software de manejo de licencias"]
[43231513,"Software para oficinas"]
[43231601,"Software de contabilidad"]
[43231602,"Software de planeación de recursos del negocio erp"]
[43231603,"Software de preparación tributaria"]
[43231604,"Software de análisis financiero"]
[43231605,"Software de contabilidad de tiempo"]
[43232001,"Juegos de acción"]
[43232002,"Juegos de aventuras"]
[43232003,"Juegos de deportes"]
[43232004,"Software familiar"]
[43232005,"Software de edición de música o sonido"]
[43232101,"Software de diseño de patrones"]
[43232102,"Software de imágenes gráficas o de fotografía"]
[43232103,"Software de creación y edición de video"]
[43232104,"Software de procesamiento de palabras"]
[43232105,"Software de gráficas"]
[43232106,"Software de presentación"]
[43232107,"Software de creación y edición de páginas web"]
[43232108,"Software de calendario y programación de citas"]
[43232110,"Software de hoja de cálculo"]
[43232111,"Software de lector de caracteres ópticos ocr o de escáner"]
[43232112,"Software de autoedición"]
[43232201,"Software de flujo de trabajo de contenido"]
[43232202,"Software de manejo de documentos"]
[43232203,"Software de versiones de archivo"]
[43232301,"Software de categorización o clasificación"]
[43232302,"Software de agrupamiento de recursos"]
[43232303,"Software de manejo de relaciones con el cliente crm"]
[43232304,"Software de sistemas de manejo de base datos"]
[43232305,"Software de reportes de bases de datos"]
[43232306,"Software de interface y preguntas de usuario de base de datos"]
[43232307,"Software de extracción de datos"]
[43232309,"Software de recuperación o búsqueda de información"]
[43232310,"Software de manejo de metadata"]
[43232311,"Software de manejo de base de datos orientada al objeto"]
[43232312,"Software de servidor de portales"]
[43232313,"Software de servidor de transacciones"]
[43232401,"Software de manejo de configuraciones"]
[43232402,"Software de entorno de desarrollo"]
[43232403,"Software de integración de aplicaciones de empresas"]
[43232404,"Software de desarrollo de interface de usuario gráfica"]
[43232405,"Software de desarrollo orientado a objetos o componentes"]
[43232406,"Software de pruebas de programas"]
[43232407,"Software de arquitectura de sistemas y análisis de requerimientos"]
[43232408,"Software de desarrollo de plataformas web"]
[43232409,"Software para compilar y descompilar"]
[43232501,"Software de idiomas extranjeros (traductores)"]
[43232502,"Software de entrenamiento basado en computadores"]
[43232503,"Correctores de ortografía"]
[43232504,"Software de navegación de rutas"]
[43232601,"Software de soporte de aviación en tierra"]
[43232602,"Software de pruebas de aviación"]
[43232603,"Software de manejo de instalaciones"]
[43232604,"Software de diseño asistido de computador cad"]
[43232605,"Software analítico o científico"]
[43232606,"Software de cumplimiento (compliance)"]
[43232607,"Software de control de vuelos"]
[43232608,"Software de control industrial"]
[43232609,"Software de bibliotecas"]
[43232610,"Software médico"]
[43232611,"Software de puntos de venta pos"]
[43232612,"Software de fabricación asistida por computador cam"]
[43232701,"Software de servidor de aplicaciones"]
[43232702,"Software de comunicaciones de escritorio"]
[43232703,"Software de respuesta de voz interactiva"]
[43232704,"Software de servicios de directorio por internet"]
[43232705,"Software de navegador de internet"]
[43232801,"Software de monitoreo de red"]
[43232802,"Software de optimización del sistema operativo de red"]
[43232803,"Software de manejo de red óptica"]
[43232804,"Software de administración"]
[43232901,"Software de acceso"]
[43232902,"Software de servidor de comunicaciones"]
[43232903,"Software de centro de contactos"]
[43232904,"Software de fax"]
[43232905,"Software de lan"]
[43232906,"Software de multiplexor"]
[43232907,"Software de almacenamiento de red"]
[43232908,"Software de interruptor o enrutador"]
[43232909,"Software y firmware de interruptor wan"]
[43232910,"Software inalámbrico"]
[43232911,"Software de emulación de terminal de conectividad de red"]
[43232912,"Software de puerta de acceso"]
[43232913,"Software de puente"]
[43232914,"Software de módem"]
[43232915,"Software de interconectividad de plataformas"]
[43233001,"Software de sistema de archivo"]
[43233002,"Software de sistema de operación de red"]
[43233004,"Software de sistema operativo"]
[43233201,"Software de servidor de autenticación"]
[43233203,"Software de manejo de seguridad de red o de redes privadas virtuales vpn"]
[43233204,"Software de equipos de seguridad de red y de redes privadas virtuales vpn"]
[43233205,"Software de seguridad de transacciones y de protección contra virus"]
[43233401,"Software de servidor de discos compactos cd"]
[43233402,"Software de conversión de información"]
[43233403,"Software de compresión de información"]
[43233404,"Software discos compactos cd o dvd o tarjetas de sonido"]
[43233405,"Software de controladores o sistemas de dispositivos"]
[43233406,"Software de controladores de ethernet"]
[43233407,"Software de controladores de tarjetas de gráficos"]
[43233410,"Software de controladores de impresoras"]
[43233411,"Software de protectores de pantalla"]
[43233413,"Software de reconocimiento de voz"]
[43233414,"Software de carga de almacenamiento de medios"]
[43233415,"Software de respaldo o archivo"]
[43233501,"Software de correo electrónico"]
[43233502,"Software de video conferencias"]
[43233503,"Software de conferencias de red"]
[43233504,"Software de mensajería instantánea"]
[43233505,"Software de música ambiental o publicidad para mensajería"]
[43233506,"Software de creación de mapas"]
[43233507,"Software estándar específico para operadores de móviles"]
[43233508,"Software de aplicación específica para operadores de móviles"]
[43233509,"Software de servicios de mensajería para móviles"]
[43233510,"Software de servicios de internet para móviles"]
[43233511,"Software de servicios basados en ubicación para móviles"]
[44101501,"Fotocopiadoras"]
[44101502,"Aparatos de fax"]
[44101503,"Máquinas multifuncionales"]
[44101504,"Emisores (senders) digitales"]
[44101505,"Duplicadores digitales"]
[44101506,"Máquinas de interruptor de fax"]
[44101601,"Máquinas cortadoras de papel o accesorios"]
[44101602,"Máquinas perforadoras o para unir papel"]
[44101603,"Máquinas trituradoras de papel o accesorios"]
[44101604,"Tablas de protección de base"]
[44101605,"Máquinas para emparejar papel"]
[44101606,"Máquinas para clasificar papel"]
[44101701,"Opciones de color o actualizaciones"]
[44101702,"Bandejas de impresión a doble cara"]
[44101703,"Unidades de impresión a doble cara"]
[44101704,"Terminales de facsímil"]
[44101705,"Bandejas o alimentadores de máquinas de oficina"]
[44101706,"Unidades de fotoconductores o imágenes"]
[44101707,"Unidades de grapadoras"]
[44101708,"Filtros de ozono"]
[44101709,"Ensamblajes de réplica"]
[44101710,"Ensamblajes magnéticos de recogida"]
[44101711,"Compresor de ensamblaje"]
[44101712,"Apiladores de buzón de correo"]
[44101713,"Contadores de copias"]
[44101714,"Unidades de facsímil para máquinas de oficina"]
[44101715,"Cubiertas de platinas"]
[44101716,"Unidades de perforación de orificios"]
[44101718,"Adaptadores infrarrojos"]
[44101719,"Accesorios de copiado o escaneado"]
[44101720,"Fuentes de lenguaje"]
[44101721,"Husos de medios"]
[44101722,"Actualizaciones de energía de buzón de correo multi recipientes"]
[44101723,"Buzones de correo multi recipientes"]
[44101724,"Actualizaciones de multi funciones"]
[44101725,"Gabinetes de impresora"]
[44101726,"Actualizaciones de emulación de impresoras"]
[44101727,"Puestos para impresoras"]
[44101728,"Alimentadores de rollos"]
[44101729,"Apiladores de salida"]
[44101801,"Calculadoras o accesorios"]
[44101802,"Máquinas sumadoras"]
[44101803,"Máquinas contabilizadoras"]
[44101804,"Cajas registradoras"]
[44101805,"Cintas para calculadoras"]
[44101806,"Cintas para cajas registradoras"]
[44101901,"Máquinas de endoso de cheques"]
[44101902,"Máquinas para escribir cheques"]
[44102001,"Película de laminación"]
[44102002,"Bolsas de laminadores"]
[44102003,"Láminas de transferencia"]
[44102004,"Láminas creativas"]
[44102101,"Máquinas de franqueo o estampillado"]
[44102102,"Máquinas para abrir correspondencia"]
[44102103,"Máquinas para sellar correspondencia"]
[44102104,"Máquinas para cancelar estampillas"]
[44102105,"Máquinas para direcciones"]
[44102106,"Dobladores de cartas"]
[44102107,"Colocadores de estampillas"]
[44102108,"Accesorios para máquinas de correo"]
[44102201,"Endosador"]
[44102202,"Alimentadores de documentos para escáneres"]
[44102203,"Adaptadores de transparencia para escáneres"]
[44102301,"Máquinas de agrupación"]
[44102302,"Máquinas para envolver paquetes"]
[44102303,"Prensas de sellamiento"]
[44102304,"Máquinas selladoras"]
[44102305,"Tensionadores o selladoras para zunchado"]
[44102306,"Máquinas para amarrar"]
[44102307,"Intercaladores"]
[44102402,"Máquinas para fechar o numerar"]
[44102403,"Máquinas de prensa de identificación id"]
[44102404,"Máquinas para aplicar de etiquetas"]
[44102405,"Máquinas para hacer etiquetas"]
[44102406,"Equipos para rotulado"]
[44102407,"Grabadora de relieve para cinta"]
[44102408,"Sistemas de etiquetado automático"]
[44102409,"Sistemas de etiquetado semiautomáticos"]
[44102411,"Dispensadores de etiquetas"]
[44102412,"Cartuchos de etiquetas adhesivas"]
[44102501,"Máquinas contadoras de dinero"]
[44102502,"Sorteadoras"]
[44102503,"Máquinas para envolver monedas"]
[44102602,"Máquinas de escribir"]
[44102603,"Ruedas de margarita para impresoras"]
[44102604,"Máquinas de estenotipio"]
[44102605,"Máquinas para dictado"]
[44102606,"Cinta de máquinas de escribir"]
[44102607,"Procesadores de palabras"]
[44102608,"Elementos de impresión para máquinas de escribir"]
[44102609,"Kits de accesorios o suministros para máquinas de escribir"]
[44102610,"Kits de inicio para máquinas de escribir"]
[44102801,"Laminadoras"]
[44102901,"Kits de viaje para máquinas de oficina"]
[44102902,"Accesorios de almacenamiento para máquinas de almacenamiento"]
[44102903,"Limpiadoras de cinta"]
[44102904,"Aerosol de aire comprimido"]
[44102905,"Pequeñas bolsas de papel de sales absorbentes húmedas"]
[44102906,"Kits de limpieza de computadores o equipos de oficina"]
[44102907,"Forros para equipos para protegerlos del polvo"]
[44102908,"Limpiadores de discos compactos o removedores de rayones"]
[44102909,"Limpiadores de unidades de discos compactos"]
[44102910,"Laminadora"]
[44102911,"Pañitos limpiadores para máquinas de oficina"]
[44102912,"Soluciones limpiadoras para equipos de oficina"]
[44102913,"Destructor de discos compactos"]
[44103001,"Almohadillas o filtros limpiadores de fusores"]
[44103002,"Aceite de fusores"]
[44103003,"Limpiador de fusores"]
[44103004,"Fusores"]
[44103005,"Lámparas o ensamblajes de fusores"]
[44103101,"Correas de impresoras, fax o fotocopiadoras"]
[44103103,"Tóner para impresoras o fax"]
[44103104,"Rollos de transferencia"]
[44103105,"Cartuchos de tinta"]
[44103106,"Barras de tinta"]
[44103107,"Suministros de limpieza de impresoras o faxes o fotocopiadoras"]
[44103108,"Reveladores para impresoras o fotocopiadoras"]
[44103109,"Tambores para impresoras o faxes o fotocopiadoras"]
[44103110,"Cabezales de impresión"]
[44103111,"Rollos de tinta"]
[44103112,"Cinta de impresora"]
[44103113,"Kits de correctores de fase o inyección de tinta"]
[44103114,"Kits de recubrimiento de inyección de tinta"]
[44103116,"Kit para impresora"]
[44103117,"Cintas de fax"]
[44103118,"Película de transparencia"]
[44103119,"Papel de transferencia en caliente para copiadoras"]
[44103120,"Recolectores de tóner"]
[44103121,"Guías de rollo para impresoras, faxes o fotocopiadoras"]
[44103122,"Bandas de impresión"]
[44103201,"Máquina de tarjetas de tiempo"]
[44103202,"Máquinas estampadoras de tiempo"]
[44103203,"Cinta de repuesto para máquinas de tarjetas de tiempo"]
[44103204,"Estantes para tarjetas de tiempo"]
[44103205,"Tarjetas u hojas de tiempo"]
[44103502,"Tapas de encuadernación"]
[44103503,"Lomos o cierres de encuadernación"]
[44103504,"Alambres o espirales de encuadernación"]
[44103505,"Peinillas o tiras de encuadernación"]
[44103506,"Cinta de encuadernación"]
[44103507,"Kits de encuadernación"]
[44103601,"Trituradores de casetes o cintas"]
[44111501,"Sujetadores o dispensadores de mensajes"]
[44111502,"Organizadores de cajones de escritorio"]
[44111503,"Organizadores o bandejas para el escritorio"]
[44111506,"Sujetadores o dispensadores de papeles o tacos"]
[44111507,"Sujeta libros"]
[44111509,"Sujetadores de esferos o lápices"]
[44111510,"Organizadores o accesorios de colgar"]
[44111511,"Sistemas de despliegue o sus accesorios"]
[44111512,"Estante de literatura"]
[44111513,"Soportes para diarios o calendarios"]
[44111514,"Estantes u organizadores para estampillas"]
[44111515,"Cajas u organizadores de almacenamiento de archivos"]
[44111516,"Organizadores personales"]
[44111517,"Puestos de estudio"]
[44111518,"Sujetadores de tarjetas de presentación"]
[44111519,"Repisas de distribución de documentos"]
[44111520,"Almohadillas o protectores de superficie"]
[44111521,"Sujetadores de copias"]
[44111601,"Bolsas para billetes o billeteras"]
[44111603,"Sorteadores de monedas"]
[44111604,"Envoltorios para monedas o cintas para billetes"]
[44111605,"Cajas para efectivo o tiquetes"]
[44111606,"Bandejas de cajas de efectivo"]
[44111607,"Archivos de cheques"]
[44111608,"Bancos de monedas"]
[44111609,"Detectores de billetes falsos o suministros"]
[44111610,"Bandejas de monedas"]
[44111611,"Clips para billetes"]
[44111612,"Sellos para bolsas de monedas"]
[44111613,"Sujetadores de tarjetas de crédito"]
[44111614,"Estantes de correas de billetes"]
[44111615,"Bolsas de depósito"]
[44111616,"Separadores de cheques"]
[44111801,"Ayudas para esténciles o textos"]
[44111802,"Película de dibujo"]
[44111803,"Compases"]
[44111804,"Papeles de dibujo"]
[44111805,"Curvas"]
[44111806,"Transportadores"]
[44111807,"Escalas"]
[44111808,"Reglas t"]
[44111809,"Plantillas"]
[44111810,"Triángulos"]
[44111812,"Kits o sets de dibujo"]
[44111813,"Puntos o cintas de dibujo"]
[44111814,"Forros de protección para superficies de trabajo"]
[44111815,"Forros para mesas de dibujo"]
[44111901,"Tableros de planeación o accesorios"]
[44111902,"Tableros electrónicos de copia o accesorios"]
[44111903,"Caballetes o accesorios"]
[44111904,"Tableros de cartas o accesorios"]
[44111905,"Tableros de borrado en seco o accesorios"]
[44111906,"Tableros de tiza o accesorios"]
[44111907,"Tableros de noticias o accesorios"]
[44111908,"Tableros magnéticos o accesorios"]
[44111909,"Kits o accesorios para limpieza de tableros"]
[44111910,"Rieles o sujetadores para colgar tableros"]
[44111911,"Tableros blancos interactivos o accesorios"]
[44112001,"Libretas de direcciones o repuestos"]
[44112002,"Calendarios"]
[44112004,"Planeadores de reuniones"]
[44112005,"Libretas de citas o repuestos"]
[44112006,"Diarios o repuestos"]
[44112007,"Cajas de sugerencias"]
[44112008,"Planeadores de pared o repuestos"]
[44121501,"Tubos de sobres"]
[44121503,"Sobres"]
[44121504,"Sobres de ventana"]
[44121505,"Sobres especiales"]
[44121506,"Sobres estándar"]
[44121507,"Sobres de catálogos o de gancho"]
[44121508,"Repositorios para mensajes"]
[44121509,"Bolsas para correo"]
[44121510,"Sellos para correo"]
[44121511,"Cajas para correo"]
[44121512,"Tapas de tubos para correo"]
[44121604,"Estampillas"]
[44121605,"Dispensadores de cinta"]
[44121611,"Punzones para papel u ojales"]
[44121612,"Cortadoras de papel o repuestos"]
[44121613,"Removedores de grapas (saca ganchos)"]
[44121614,"Campanas de llamada"]
[44121615,"Grapadoras"]
[44121617,"Abridor manual de cartas"]
[44121618,"Tijeras"]
[44121619,"Tajalápices manuales"]
[44121620,"Protector de plástico para dedos"]
[44121621,"Almohadillas para escritorio o sus accesorios"]
[44121622,"Humidificadores"]
[44121623,"Abridor de cartas mecánico"]
[44121624,"Herramientas de grabado en relieve"]
[44121625,"Pisa papeles"]
[44121626,"Removedor de adhesivo"]
[44121627,"Marcadores de libros"]
[44121628,"Contenedores o dispensadores de clips"]
[44121630,"Kit de cosedora"]
[44121631,"Dispensadores de goma o repuestos"]
[44121632,"Afilador de tijeras"]
[44121633,"Dispensadores de estampillas postales"]
[44121634,"Rollos adhesivos"]
[44121635,"Husos para cinta adhesiva"]
[44121701,"Bolígrafos"]
[44121702,"Sets de esferos o lápices"]
[44121703,"Estilógrafos"]
[44121704,"Esferos de punta redonda"]
[44121705,"Lápices mecánicos"]
[44121706,"Lápices de madera"]
[44121707,"Lápices de colores"]
[44121708,"Marcadores"]
[44121709,"Crayolas"]
[44121710,"Tiza para escribir o accesorios"]
[44121711,"Rotuladores"]
[44121712,"Repuestos de marcadores"]
[44121713,"Plumas de estilógrafos"]
[44121714,"Asideras para lápices o esferos"]
[44121715,"Combinaciones de esfero y lápiz"]
[44121716,"Resaltadores"]
[44121717,"Combinación de esfero y resaltador"]
[44121718,"Sets de esferos asegurados"]
[44121801,"Película o cinta de corrección"]
[44121802,"Fluido de corrección"]
[44121804,"Borradores"]
[44121805,"Esferos de corrección"]
[44121806,"Repuestos para esferos de corrección"]
[44121807,"Repuestos para borradores"]
[44121808,"Borradores eléctricos"]
[44121902,"Repuestos de minas"]
[44121904,"Repuestos de tinta"]
[44121905,"Almohadillas de tinta o estampillas"]
[44122001,"Archivos para tarjetas de índex"]
[44122002,"Protectores de hojas"]
[44122003,"Carpetas"]
[44122005,"Cubiertas para revistas o libros"]
[44122008,"Índices de fichas"]
[44122009,"Archivos para tarjetas rotativas o de presentación"]
[44122010,"Separadores"]
[44122011,"Folders"]
[44122012,"Portapapeles"]
[44122013,"Cubiertas para informes"]
[44122014,"Levantadores de hojas"]
[44122015,"Respaldos para archivos"]
[44122016,"Sujetador de documentos"]
[44122017,"Folders de colgar o accesorios"]
[44122018,"Insertos o pestañas para archivos"]
[44122019,"Bolsillos para archivos o accesorios"]
[44122020,"Bolsillos para tarjetas"]
[44122021,"Álbumes de estampillas"]
[44122022,"Accesorios de carpetas de folders"]
[44122023,"Tabletas gráficas para arquitectura"]
[44122024,"Manijas de carpetas"]
[44122025,"Bolsillos de carpetas o accesorios"]
[44122026,"Garras para papel"]
[44122027,"Folders de archivo expandibles"]
[44122028,"Canales para montar carpetas"]
[44122101,"Cauchos"]
[44122103,"Sujetadores de cierre"]
[44122104,"Clips para papel"]
[44122105,"Clips para carpetas o bulldog"]
[44122106,"Alfileres o taches"]
[44122107,"Grapas"]
[44122109,"Sujetador de aro y bucle"]
[44122110,"Monturas adhesivas"]
[44122111,"Refuerzos para orificios"]
[44122112,"Sujetadores de cabeza redonda"]
[44122113,"Sujetadores de etiquetas"]
[44122114,"Postes roscados"]
[44122115,"Esquinas adhesivas"]
[44122116,"Clips de bolsas"]
[44122117,"Anillos para libros"]
[44122118,"Sujetadores de pinza"]
[44122119,"Sujetadores auto adhesivos"]
[44122120,"Postes de carpetas"]
[44122121,"Clips de pared o tablero"]
[45101501,"Impresoras heliográficas"]
[45101502,"Prensas de impresión de offset"]
[45101503,"Equipos de impresión tipográfica"]
[45101504,"Equipos litográficos"]
[45101505,"Máquinas impresoras de fotograbados"]
[45101506,"Máquinas de serigrafía"]
[45101507,"Prensas impresoras"]
[45101508,"Máquinas perforadoras"]
[45101509,"Impresora rotativa ultravioleta uv"]
[45101510,"Impresora flexo gráfica"]
[45101511,"Impresora de inyección de tinta para aplicaciones de impresión comercial"]
[45101512,"Impresora de transferencia térmica para aplicaciones de impresión comercial"]
[45101513,"Impresora de estampado en caliente"]
[45101514,"Impresora de almohadillas"]
[45101515,"Impresora básica"]
[45101602,"Equipos de cuarto oscuro de offset"]
[45101603,"Consumibles de impresión de offset"]
[45101604,"Procesadores de platinas de impresión de offset"]
[45101606,"Procesadores de película de offset"]
[45101607,"Lámparas de arco de serigrafía"]
[45101608,"Pantallas de serigrafía"]
[45101609,"Bastidores de impresión de serigrafía"]
[45101610,"Armazones de impresión al vacío de serigrafía"]
[45101611,"Escobillas de serigrafía"]
[45101701,"Ensambladoras de impresión"]
[45101702,"Guillotinas de impresión"]
[45101703,"Intercaladores o desintercaladores de impresión"]
[45101704,"Cortadoras de impresión"]
[45101705,"Bordeadoras de impresión"]
[45101706,"Punzones de impresión"]
[45101707,"Platinas de impresión"]
[45101708,"Leznas de impresión"]
[45101801,"Máquinas para arrugas de los libros"]
[45101802,"Máquinas cortadoras de libros"]
[45101803,"Máquinas perforadoras de libros"]
[45101804,"Máquinas cosedoras de libros"]
[45101805,"Máquinas de emparejamiento de libros"]
[45101806,"Máquinas recogedoras de libros"]
[45101807,"Máquinas dobladoras de libros"]
[45101808,"Máquinas de encuadernado térmico de libros"]
[45101901,"Máquinas de anillado de libros"]
[45101902,"Clisadores"]
[45101903,"Máquinas de perforación de papel"]
[45101904,"Alargadores"]
[45101905,"Tableros de dibujo o retoque"]
[45102001,"Máquinas de composición de intertipos"]
[45102002,"Máquinas de composición de linotipos"]
[45102003,"Materiales de fotocomposición"]
[45102004,"Máquinas de composición de monotipos"]
[45102005,"Máquinas de configuración de fototipos"]
[45111501,"Atriles autónomos"]
[45111502,"Atriles de mesa"]
[45111503,"Mazos o bloques de sonido"]
[45111504,"Componentes de luz o energía o datos para atriles"]
[45111601,"Señaladores"]
[45111602,"Lámparas de proyección"]
[45111603,"Pantallas o desplegadores para proyección"]
[45111604,"Proyectores de filminas"]
[45111605,"Equipos de transparencias o suministros"]
[45111606,"Paneles de proyección de despliegue de cristal líquido"]
[45111607,"Proyectores de techo"]
[45111608,"Proyectores de películas"]
[45111609,"Proyectores multimedia"]
[45111610,"Epidiascopios"]
[45111612,"Controles de disolución"]
[45111613,"Proyectores de tubo de rayo catódico"]
[45111614,"Proyectores de despliegue de cristal líquido"]
[45111615,"Lentes de proyección"]
[45111616,"Proyectores de video"]
[45111617,"Proyector de techo o carritos de video"]
[45111618,"Cajas de luces de presentaciones"]
[45111620,"Copiadora de películas de filminas"]
[45111701,"Dispositivos de audición asistida"]
[45111702,"Cajas de conectores de audio"]
[45111703,"Centros de escucha"]
[45111704,"Consolas de mezclado de audio"]
[45111705,"Sistemas de comunicación pública"]
[45111801,"Sistemas de control de medios"]
[45111802,"Soportes para televisiones"]
[45111803,"Convertidores de barrido (scan)"]
[45111804,"Duplicadores de línea"]
[45111805,"Editores de video"]
[45111806,"Sistemas de aprendizaje a distancia"]
[45111807,"Interfaces"]
[45111808,"Controles de iluminación"]
[45111809,"Accesorios de soporte de televisiones"]
[45111810,"Presentadores visuales"]
[45111901,"Sistemas de audio conferencias"]
[45111902,"Sistemas de video conferencias"]
[45112001,"Dispositivos para ver micro fichas o micro cintas"]
[45112002,"Impresoras lectoras de micro fichas"]
[45112003,"Componentes o accesorios de micro fichas o micro cintas"]
[45112004,"Componentes o accesorios de impresoras lectoras de micro fichas"]
[45121501,"Cámaras fijas"]
[45121502,"Cámaras de impresión instantánea"]
[45121503,"Cámaras desechables"]
[45121504,"Cámaras digitales"]
[45121505,"Cámaras cinematográficas"]
[45121506,"Cámaras de video conferencia"]
[45121510,"Cámaras aéreas"]
[45121511,"Cámaras de alta velocidad"]
[45121512,"Cámaras para debajo del agua"]
[45121513,"Cámaras de offset"]
[45121514,"Cámara fotocopiadora"]
[45121515,"Cámaras grabadoras o video cámaras manuales"]
[45121516,"Cámaras grabadoras o video cámaras digitales"]
[45121517,"Cámaras para documentos"]
[45121518,"Kits de cámaras"]
[45121519,"Cámaras de baja luz"]
[45121520,"Cámaras de web"]
[45121601,"Flashes o iluminación para cámaras"]
[45121602,"Trípodes para cámaras"]
[45121603,"Lentes para cámaras"]
[45121604,"Oclusores para cámaras"]
[45121605,"Marcos de pantalla"]
[45121606,"Arneses para cámaras"]
[45121607,"Bloques o sujetadores para cámaras"]
[45121608,"Ensamblajes para cámaras"]
[45121609,"Abrazaderas para cámaras"]
[45121610,"Cables para cámaras"]
[45121611,"Cubiertas para lentes"]
[45121612,"Mesas para cámaras"]
[45121613,"Contenedores o forros para cámaras"]
[45121614,"Kits de reacondicionamiento"]
[45121615,"Anillos para cámaras"]
[45121616,"Cabezales panorámicos"]
[45121617,"Bolsas para cámaras"]
[45121618,"Adaptadores de lentes para cámaras"]
[45121619,"Billeteras para “picture card”"]
[45121620,"Adaptadores de electricidad para cámaras"]
[45121621,"Adaptadores para “picture card”"]
[45121622,"Limpiadores para lentes de cámara"]
[45121623,"Controladores de cámara"]
[45121701,"Secadores de película"]
[45121702,"Lavadores de película"]
[45121703,"Cortadores de película"]
[45121704,"Editores de película"]
[45121705,"Alargadores fotográficos"]
[45121706,"Cortadoras o bordeadoras de fotografías"]
[45121801,"Cámaras de micro filmado"]
[45121802,"Duplicadores de micro filmado"]
[45121803,"Filtros de cubierta de micro filmado"]
[45121804,"Procesadores de micro filmado"]
[45121805,"Componentes o accesorios de cámara de micro filmado"]
[45121806,"Componentes o accesorios de duplicador de micro filmado"]
[45121807,"Componentes o accesorios de filtro de cubierta de micro filmado"]
[45121808,"Componentes o accesorios de procesadores de micro filmado"]
[45121809,"Suministros de película de micro filmado"]
[45121810,"Componentes o accesorios diversos de micro filmado"]
[45131501,"Película de color"]
[45131502,"Película de blanco y negro"]
[45131503,"Película de fotografía instantánea"]
[45131505,"Película de rayos x"]
[45131601,"Película de cámara de películas animadas"]
[45131604,"Cintas de video en blanco"]
[45131701,"Bandejas u organizadores para filminas"]
[45141501,"Solución reveladora"]
[45141502,"Fijadores"]
[45141601,"Bandejas de revelado"]
[45141602,"Tanques de revelado"]
[45141603,"Pinzas de revelado"]
[46101501,"Ametralladoras"]
[46101502,"Escopetas para la policía p seguridad"]
[46101503,"Rifles militares"]
[46101504,"Pistolas"]
[46101505,"Rifles de aire o pistolas de aire"]
[46101506,"Partes de revólveres o pistolas"]
[46101601,"Municiones de defensa u orden público"]
[46101701,"Sistemas de manipulación de municiones de tanque"]
[46101702,"Sistemas de manipulación de municiones de aeronaves"]
[46101801,"Estuches para revólveres"]
[46111501,"Granadas"]
[46111502,"Minas"]
[46111503,"Bombas de mortero"]
[46111601,"Sistemas de cañón de cadena"]
[46111602,"Sistemas de ametralladora gatling"]
[46111701,"Enfriadores infrarrojos ir"]
[46111702,"Detectores infrarrojos ir"]
[46111801,"Torpedos"]
[46121501,"Misiles aire a aire"]
[46121502,"Misiles antiaéreos"]
[46121503,"Misiles antimisiles"]
[46121504,"Misiles anti barcos"]
[46121505,"Misiles antitanques"]
[46121506,"Misiles balísticos"]
[46121507,"Misiles de crucero"]
[46121508,"Misiles superficie a aire"]
[46121509,"Misiles antibalísticos"]
[46121510,"Misiles superficie a superficie"]
[46121511,"Misiles aire a superficie"]
[46121512,"Misiles de entrenamiento"]
[46121601,"Dispositivos electrónicos de seguridad o armado"]
[46121602,"Elevadores de misiles sólidos"]
[46121603,"Ojivas de misiles"]
[46121604,"Jaladores del pasador de seguridad"]
[46121605,"Ensamblajes de control de reacción de inyección"]
[46131501,"Cohetes multi etapas"]
[46131502,"Cohetes reutilizables"]
[46131503,"Cohetes de una sola etapa"]
[46131504,"Cohetes líquidos"]
[46131505,"Cohetes sólidos"]
[46131601,"Elevadores reutilizables"]
[46131602,"Elevadores sólidos"]
[46131603,"Elevadores multi etapa"]
[46131604,"Elevadores líquidos"]
[46141501,"Lanzadores de misiles"]
[46141502,"Lanzadores de cohetes"]
[46151501,"Barricadas"]
[46151502,"Cascos anti motines"]
[46151503,"Escudos anti motines"]
[46151504,"Armadura para el cuerpo"]
[46151505,"Barreras"]
[46151506,"Bastones anti motines"]
[46151507,"Sistema de control de filas"]
[46151601,"Esposas"]
[46151602,"Cachiporras"]
[46151604,"Analizadores de alcohol"]
[46151605,"Detectores de armas o explosivos y suministros"]
[46151606,"Kits de pruebas de narcóticos"]
[46151607,"Cabos de amarre de seguridad"]
[46151702,"Aplicadores o cepillos de huellas dactilares"]
[46151703,"Tinta de huellas dactilares"]
[46151704,"Removedores de tinta de huellas dactilares"]
[46151705,"Rodillos de tinta para huellas dactilares o de palma de la mano"]
[46151706,"Kit de impresión latente de huellas dactilares"]
[46151707,"Levantadores de huellas dactilares"]
[46151708,"Magnificadores para uso forense"]
[46151709,"Esferos de marcado de huellas dactilares"]
[46151710,"Polvos de huellas dactilares"]
[46151711,"Levantadores de huellas plantares"]
[46151712,"Estaciones de trabajo químico para uso forense"]
[46151713,"Químicos de impresiones latentes para uso forense"]
[46151714,"Gabinetes de secado de evidencia"]
[46151715,"Equipo de huellas dactilares"]
[46161501,"Sistemas de señalización para aeropuertos"]
[46161502,"Sistemas de señalización para ferrocarriles"]
[46161503,"Sistemas de señalización marinos"]
[46161504,"Señales de tráfico"]
[46161505,"Medidores de estacionamiento"]
[46161506,"Máquinas para derretir nieve o hielo"]
[46161507,"Cintas o cadenas de barrera"]
[46161508,"Conos o delineadores de tráfico"]
[46161509,"Paradas de velocidad"]
[46161510,"Sistemas de barrera para puertas"]
[46161601,"Líneas de flotadores"]
[46161602,"Salvavidas"]
[46161603,"Alarmas de piscina"]
[46161604,"Chalecos o protectores salvavidas"]
[46171501,"Candados"]
[46171502,"Candados de cable"]
[46171503,"Sets de candados"]
[46171504,"Candados de botón para oprimir"]
[46171505,"Llaves"]
[46171506,"Cajas fuertes"]
[46171507,"Barras de seguridad"]
[46171508,"Candados de números"]
[46171509,"Gabinetes u organizadores con llave"]
[46171510,"Candados de tiempo"]
[46171511,"Dispositivos de bloqueo"]
[46171512,"Candados de instrumentos"]
[46171513,"Levas de bloqueo"]
[46171514,"Cadenas de seguridad o accesorios"]
[46171515,"Cadenas de llaves o estuches de llaves"]
[46171516,"Guardas para puertas"]
[46171517,"Señales de chapa"]
[46171602,"Alarmas de seguridad"]
[46171603,"Temporizadores de reloj"]
[46171604,"Sistemas de alarma"]
[46171605,"Timbres de puerta"]
[46171606,"Sirenas"]
[46171607,"Timbres de zumbido"]
[46171608,"Detectores de movimiento"]
[46171609,"Espejos convexos de seguridad"]
[46171610,"Cámaras de seguridad"]
[46171611,"Sistemas de identificación de video"]
[46171612,"Monitores de video"]
[46171613,"Detectores de gas"]
[46171615,"Cámaras de optimización de luz o dispositivos de visión"]
[46171616,"Detectores de radar"]
[46171617,"Ojos (mirillas) para puertas"]
[46171618,"Campanas para puertas"]
[46171619,"Sistemas de seguridad o de control de acceso"]
[46171620,"Cortinas de luz de seguridad"]
[46171621,"Grabadoras de video o audio de vigilancia"]
[46181501,"Delantales protectores"]
[46181502,"Chalecos anti balas"]
[46181503,"Overoles de protección"]
[46181504,"Guantes de protección"]
[46181505,"Rodilleras de protección"]
[46181506,"Ponchos de protección"]
[46181507,"Chalecos de seguridad"]
[46181508,"Ropa para demorar el fuego"]
[46181509,"Ropa de protección contra materiales peligrosos"]
[46181512,"Ropa para cuartos de limpieza"]
[46181514,"Protectores de codos"]
[46181516,"Mangas de seguridad"]
[46181517,"Vestidos de aislamiento o de flotación"]
[46181518,"Ropa resistente al calor"]
[46181520,"Protectores de piernas"]
[46181522,"Capuchas de seguridad"]
[46181525,"Ropa impermeable protectora o ropa para ambiente húmedo"]
[46181526,"Camisas protectoras"]
[46181527,"Pantalones protectores"]
[46181528,"Vestido protector"]
[46181529,"Ropa aislante para entornos fríos"]
[46181530,"Forros protectores de dedos"]
[46181531,"Ropa reflectora o accesorios"]
[46181532,"Batas de laboratorio"]
[46181533,"Batas protectoras"]
[46181534,"Muñequeras protectoras"]
[46181535,"Medias o medias largas protectoras"]
[46181601,"Calzado para demorar el fuego"]
[46181602,"Calzado protector contra materiales peligrosos"]
[46181603,"Calzado para cuartos de limpieza"]
[46181604,"Botas de seguridad"]
[46181605,"Zapatos de seguridad"]
[46181606,"Forros para calzado"]
[46181701,"Cascos"]
[46181702,"Escudos faciales"]
[46181703,"Máscaras de soldadura"]
[46181704,"Cascos de seguridad"]
[46181705,"Cascos para motociclistas"]
[46181706,"Partes de cascos o accesorios"]
[46181707,"Partes de escudos faciales o accesorios"]
[46181801,"Sujetadores o estuches de anteojos"]
[46181802,"Anteojos de seguridad"]
[46181803,"Protectores de ojos"]
[46181804,"Gafas protectoras"]
[46181805,"Filtros de despliegue de video"]
[46181806,"Limpiadores de lentes"]
[46181808,"Cubiertas protectoras para gafas de seguridad"]
[46181809,"Ligas para protectores de ojos"]
[46181810,"Lavadores de ojos o estaciones para lavado de ojos"]
[46181811,"Lentes protectores"]
[46181901,"Tapones de oídos"]
[46181902,"Tapa oídos"]
[46181903,"Partes de repuesto o accesorios para tapa oídos"]
[46182001,"Máscaras o accesorios"]
[46182002,"Respiradores"]
[46182003,"Máscaras de gas"]
[46182004,"Aparatos respiratorios auto contenidos que suministran aire para respirar o accesorios"]
[46182005,"Filtros o accesorios para máscaras o respiradores"]
[46182006,"Películas protectoras"]
[46182007,"Sistema de respirador accionado purificador de aire papr o accesorios"]
[46182101,"Muñequeras antiestáticas"]
[46182102,"Correas de conexión a tierra para el talón"]
[46182103,"Hardware de conexión a tierra"]
[46182104,"Esterillas de piso antiestáticas"]
[46182105,"Esterillas de mesa de trabajo antiestáticas"]
[46182106,"Cinturones antiestáticos"]
[46182107,"Kits de mantenimiento antiestáticos"]
[46182108,"Correas antiestáticas para los dedos de los pies"]
[46182201,"Cinturones de soporte de la espalda"]
[46182202,"Soportes para codos"]
[46182203,"Descansos de soporte para la espalda"]
[46182204,"Férulas para la muñeca"]
[46182205,"Descansos para los pies"]
[46182206,"Descansos para las muñecas"]
[46182207,"Soportes para las pantorrillas"]
[46182208,"Plantillas para zapatos"]
[46182209,"Soportes para las rodillas"]
[46182301,"Salvavidas o equipo salvavidas"]
[46182302,"Acollador de protección contra caídas"]
[46182303,"Rebobinadores de arneses de seguridad"]
[46182304,"Conector de anclaje"]
[46182305,"Acollador de auto retracción"]
[46182306,"Arneses o cinturones de seguridad"]
[46182401,"Ducha de descontaminación"]
[46182402,"Unidades de lavado de seguridad"]
[46182501,"Repelentes para ataques caninos"]
[46191501,"Detectores de humo"]
[46191502,"Detectores de calor"]
[46191503,"Recubrimientos o plastilinas o sellantes resistentes al calor"]
[46191504,"Detectores de llama"]
[46191505,"Sistemas de alarma contra incendios"]
[46191601,"Extintores"]
[46191602,"Sistemas de rociado para incendio"]
[46191603,"Mangueras o boquillas para incendios"]
[46191604,"Cobijas para incendios"]
[46191605,"Herramientas manuales de supresión de incendios"]
[46191606,"Espuma de supresión de incendios o compuestos similares"]
[46191607,"Aparatos respiratorios para incendios"]
[46191608,"Sistema de supresión de incendios"]
[46191609,"Equipos de escape de incendios"]
[46191610,"Cabezales de rociadores de incendios"]
[47101501,"Equipo de carbón activado"]
[47101502,"Equipo de remoción de amoniaco"]
[47101503,"Equipo de filtración de carbón"]
[47101504,"Equipo de remoción de bacterias"]
[47101505,"Equipo de manejo de cloro"]
[47101506,"Equipo de control de corrosión"]
[47101507,"Cámaras de sílice"]
[47101508,"Equipos de desalinización"]
[47101509,"Equipos de fluorización"]
[47101510,"Equipos de remoción de hierro"]
[47101511,"Equipos de intercambio de hierro"]
[47101512,"Mezcladores o agitadores"]
[47101513,"Generadores de oxígeno"]
[47101514,"Equipos de purificación de agua"]
[47101516,"Medidores de turbiedad"]
[47101517,"Equipos de desinfección ultravioleta"]
[47101518,"Acondicionadores de agua"]
[47101519,"Accesorios para suavizar el agua"]
[47101521,"Equipos de ultra filtrado"]
[47101522,"Sistemas empacados de tratamiento de agua"]
[47101523,"Tanques de recolección"]
[47101524,"Equipos de compostaje de barro o algas"]
[47101525,"Equipo de desagüe"]
[47101526,"Máquinas de peletización de lodo"]
[47101527,"Trituradores de lodo"]
[47101528,"Secadores para tratamiento de agua"]
[47101529,"Incineradores"]
[47101530,"Equipo de control de olores"]
[47101531,"Tanques sépticos"]
[47101532,"Tanques de asentamiento"]
[47101533,"Estaciones de elevación"]
[47101534,"Distribuidores de aguas residuales"]
[47101535,"Equipo de disposición de lodo"]
[47101536,"Recolectores de lodo"]
[47101537,"Equipo acondicionador de lodo"]
[47101538,"Tanques digestores de lodo o aguas residuales"]
[47101539,"Equipo de remoción de lodo o aguas residuales"]
[47101601,"Alguicidas"]
[47101602,"Anti incrustante"]
[47101603,"Limpiadores anti calcáreos"]
[47101604,"Químicos de alimentación de calderas"]
[47101605,"Químicos de remoción bacteriana"]
[47101606,"Químicos de control de corrosión"]
[47101607,"Químicos de control de olor"]
[47101608,"Floculantes"]
[47101609,"Microbicidas"]
[47101610,"Compuestos para suavizar el agua"]
[47101611,"Demulsificantes"]
[47101612,"Polielectrolitos"]
[47101613,"Soluciones de neutralización"]
[47111501,"Máquinas lavadoras o secadoras combinadas tipo lavandería"]
[47111502,"Máquinas lavadoras tipo lavandería"]
[47111503,"Secadoras de ropa"]
[47111505,"Puestos para equipos de lavandería"]
[47111601,"Máquinas para planchar o prensas"]
[47111602,"Máquinas para doblar"]
[47111603,"Máquinas de vapor para planchar"]
[47111701,"Máquinas de lavado en seco"]
[47121501,"Carritos de portero"]
[47121502,"Accesorios de carrito de portero"]
[47121602,"Aspiradoras"]
[47121603,"Brilladoras de pisos"]
[47121604,"Aspiradoras de combinación secas o húmedas"]
[47121605,"Depuradores para pisos"]
[47121606,"Barredoras de alfombras"]
[47121607,"Suministros o accesorios de aspiradoras"]
[47121608,"Almohadillas de máquinas de piso"]
[47121609,"Equipo de limpieza de alfombras"]
[47121610,"Máquina para lavar pisos"]
[47121611,"Raspadores de pisos"]
[47121612,"Barredoras para pisos"]
[47121613,"Accesorios para brilladoras de pisos"]
[47121701,"Bolsas de basura"]
[47121702,"Contenedores de desperdicios o revestimientos rígidos"]
[47121703,"Urnas de incineración o accesorios"]
[47121704,"Tapas de contenedores de basura"]
[47121705,"Bolsas de arena para urnas de incineración"]
[47121706,"Ceniceros"]
[47121707,"Bolsas para mareo"]
[47121708,"Bolsas higiénicas"]
[47121801,"Plumeros para limpiar el polvo"]
[47121802,"Removedores de pelusa"]
[47121803,"Esponjas o esponjillas"]
[47121804,"Baldes para limpieza"]
[47121805,"Limpiadores de presión o de vapor"]
[47121806,"Escurridor de trapero"]
[47121807,"Émbolo del lavaplatos o inodoro"]
[47121808,"Equipo de limpieza de drenajes o tubos"]
[47121809,"Sartenes desengrasantes"]
[47121810,"Dispensador de trapos para limpiar"]
[47121811,"Máquinas para limpiar ductos"]
[47121812,"Raspadores de limpieza"]
[47121813,"Cuchillas de repuesto para raspadores"]
[47121901,"Cartucheras para esponjas o esponjillas"]
[47121902,"Accesorios para esponjas o esponjillas"]
[47121903,"Accesorios para limpiadores de vapor o presión"]
[47131501,"Trapos"]
[47131502,"Pañitos o toallas para limpiar"]
[47131503,"Gamuzas o cueros para lavar"]
[47131601,"Cepillos o recogedores para polvo"]
[47131602,"Almohadillas para restregar"]
[47131603,"Esponjas"]
[47131604,"Escobas"]
[47131605,"Cepillos de limpieza"]
[47131608,"Cepillos de baño"]
[47131609,"Manijas de escobas o traperos"]
[47131610,"Aplicador de terminado para pisos"]
[47131611,"Recogedor de basura"]
[47131612,"Cauchos de repuesto"]
[47131613,"Sujetador de traperos o escobas"]
[47131614,"Pinzas para equipos de limpieza"]
[47131615,"Cabezas de escoba"]
[47131616,"Sujetadores de pañitos de limpieza"]
[47131617,"Traperos para polvo"]
[47131618,"Traperos húmedos"]
[47131619,"Cabezas de traperos"]
[47131701,"Dispensadores de toallas de papel"]
[47131702,"Dispensadores de productos sanitarios"]
[47131703,"Receptáculos para residuos sanitarios"]
[47131704,"Dispensadores institucionales de jabón o loción"]
[47131705,"Accesorios para urinales o inodoros"]
[47131706,"Dispensadores de ambientadores"]
[47131707,"Secadores de manos institucionales"]
[47131708,"Dispensador de papel de seda del cuarto de baño"]
[47131709,"Dispensadores de pañuelos faciales"]
[47131710,"Dispensadores de papel higiénico"]
[47131711,"Dispensadores de limpiador"]
[47131801,"Limpiadores de pisos"]
[47131802,"Terminados o ceras para pisos"]
[47131803,"Desinfectantes para uso doméstico"]
[47131804,"Limpiadores de amoniaco"]
[47131805,"Limpiadores de propósito general"]
[47131806,"Pulidores o ceras para muebles"]
[47131807,"Blanqueadores"]
[47131808,"Germicida seco"]
[47131809,"Productos para limpiar o brillar zapatos"]
[47131810,"Productos para el lavaplatos"]
[47131811,"Productos de lavandería"]
[47131812,"Refrescador de aire"]
[47131813,"Limpiador de pantallas"]
[47131814,"Limpiadores o pulidores de metales"]
[47131815,"Limpiador de drenajes"]
[47131816,"Desodorantes"]
[47131817,"Protectores de uso doméstico o para automotores"]
[47131818,"Antiséptico de aire"]
[47131819,"Limpiadores cáusticos"]
[47131820,"Limpiadores derivados del petróleo"]
[47131821,"Compuestos desengrasantes"]
[47131822,"Compuestos para remover carbón"]
[47131823,"Descongelantes o deshieladores"]
[47131824,"Limpiadores de vidrio o ventanas"]
[47131825,"Limpiadores de superficie de contacto"]
[47131826,"Limpiadores de alfombras o tapizados"]
[47131827,"Limpiadores o removedores de manchas"]
[47131828,"Limpiadores de automotores"]
[47131829,"Limpiadores de baños"]
[47131830,"Limpiadores de muebles"]
[47131831,"Ácido muriático"]
[47131832,"Productos anti polvo"]
[47131833,"Antisépticos para uso en alimentos"]
[47131834,"Soluciones para limpiar joyas"]
[47131901,"Almohadillas absorbentes"]
[47131902,"Absorbentes granulares"]
[47131903,"Compuesto taponador"]
[47131904,"Medias absorbentes"]
[47131905,"Kits para derrames"]
[47131906,"Bandejas absorbentes"]
[47131907,"Escobas absorbentes"]
[47131908,"Almohadas absorbentes"]
[47131909,"Almohadillas o rollos absorbentes"]
[47132101,"Kits de limpieza industrial"]
[47132102,"Kits de limpieza para uso general"]
[48101501,"Baños maría para uso comercial"]
[48101502,"Hornos de barbecue para uso comercial"]
[48101503,"Asadores de uso comercial"]
[48101504,"Parrillas de carbón para uso comercial"]
[48101505,"Cafeteras o máquinas para hacer té helado de uso comercial"]
[48101506,"Calentadoras de café para uso comercial"]
[48101507,"Hornos de convección para uso comercial"]
[48101508,"Tostadoras sinfín para uso comercial"]
[48101509,"Freidoras para uso comercial"]
[48101510,"Calentadoras de comida para uso comercial"]
[48101511,"Planchas para uso comercial"]
[48101512,"Parrillas metálicas para uso comercial"]
[48101513,"Lámparas de calor para uso comercial"]
[48101514,"Ollas de vapor de alta presión para uso comercial"]
[48101515,"Parrillas para perros calientes para uso comercial"]
[48101516,"Hornos microondas para uso comercial"]
[48101517,"Hornos para uso comercial"]
[48101518,"Ollas para cocinar pasta para uso comercial"]
[48101519,"Hornos de pizza para uso comercial"]
[48101520,"Máquinas de maíz pira para uso comercial"]
[48101521,"Planchas de estufa para uso comercial"]
[48101522,"Asadores para uso comercial"]
[48101523,"Ahumadores u hornos para ahumar para uso comercial"]
[48101524,"Ollas de vapor para uso comercial"]
[48101525,"Tostadoras para uso comercial"]
[48101526,"Hierros para waffles para uso comercial"]
[48101527,"Barbecues"]
[48101528,"Máquinas de crepes para uso comercial"]
[48101529,"Ollas de presión o freidoras de presión"]
[48101530,"Ollas arroceras para uso comercial"]
[48101531,"Ollas o calderas para salmón para uso comercial"]
[48101532,"Máquinas o accesorios para algodón dulce para uso comercial"]
[48101601,"Mezcladores para uso comercial"]
[48101602,"Abrelatas eléctricos para uso comercial"]
[48101603,"Cortadores o cortadores en cubos o en dados para uso comercial"]
[48101604,"Moledoras de café para uso comercial"]
[48101605,"Moledoras de alimentos para uso comercial"]
[48101606,"Rallos para uso comercial"]
[48101607,"Exprimidores de jugo para uso comercial"]
[48101608,"Licuadoras para uso comercial"]
[48101609,"Máquinas de pasta para uso comercial"]
[48101610,"Peladores para uso comercial"]
[48101611,"Escalas para uso comercial"]
[48101612,"Procesadores de alimentos para uso comercial"]
[48101613,"Máquinas de amasar para uso comercial"]
[48101614,"Sets o bolsas para hielo para uso comercial"]
[48101615,"Lavadoras de platos para uso comercial"]
[48101616,"Tajadores de alimentos para uso comercial"]
[48101617,"Espátulas plásticas para uso comercial"]
[48101701,"Dispensador de bebidas carbonatadas"]
[48101702,"Dispensador de bebidas no carbonatadas"]
[48101703,"Dispensadores de leche"]
[48101704,"Bombas de melaza (syrup)"]
[48101705,"Máquinas de cappuccino o expreso"]
[48101706,"Máquinas de leche malteada"]
[48101707,"Máquinas de helados suaves"]
[48101708,"Máquinas de granizados"]
[48101709,"Dispensadores de hielo"]
[48101710,"Fuentes o contenedores de burbujeo de bebidas"]
[48101711,"Dispensadores de agua embotellada o accesorios"]
[48101712,"Dispensadores de tazas"]
[48101713,"Mezcladores de cócteles o accesorios"]
[48101714,"Dispensadores de agua caliente"]
[48101715,"Máquina ralladora de hielo"]
[48101801,"Cubiertos para uso comercial"]
[48101802,"Moldes para uso comercial"]
[48101803,"Cucharones para uso comercial"]
[48101804,"Tazas medidoras para uso comercial"]
[48101805,"Tazones para mezclar para uso comercial"]
[48101806,"Latas de ponqués o pies para uso comercial"]
[48101807,"Latas de pizza para uso comercial"]
[48101808,"Sartenes de salsa o para sofreír para uso comercial"]
[48101809,"Ollas para salsas o cocción para uso comercial"]
[48101810,"Tapas para sartenes u ollas para uso comercial"]
[48101811,"Rodillos de amasar para uso comercial"]
[48101812,"Coladeras para uso comercial"]
[48101813,"Batidoras manuales para uso comercial"]
[48101814,"Woks para uso comercial"]
[48101815,"Cucharas de servir para uso comercial"]
[48101816,"Bolsa para cubiertos para uso comercial"]
[48101817,"Equipos o moldes para decorar ponqués"]
[48101901,"Vajilla fina para servicio de comidas"]
[48101902,"Cubertería para servicio de comidas"]
[48101903,"Vasos para servicio de comidas"]
[48101904,"Copas para servicio de comidas"]
[48101905,"Tazas o tazones (mugs) para servicio de comidas"]
[48101906,"Canastas para servir para servicio de comidas"]
[48101907,"Jarras para servicio de comidas"]
[48101908,"Ollas para servicio de comidas"]
[48101909,"Teteras o cafeteras para servicio de comidas"]
[48101910,"Vasijas de barro para servicio de comidas"]
[48101911,"Baldes de hielo o baldes para enfriar el vino para servicio de comidas"]
[48101912,"Dispensadores de condimentos para servicio de comidas"]
[48101913,"Tazones de ponche para servicio de comidas"]
[48101914,"Botellones de vino para servicio de comidas"]
[48101915,"Bandejas para servicio de comidas"]
[48101916,"Dispensadores de servilletas para servicio de comidas"]
[48101917,"Aparatos de fondue para servicio de comidas"]
[48101918,"Rollos para cubrir la mesa para servicio de comidas"]
[48101919,"Vasos o tazas o tazones (mugs) o tapas de contenedores para servicio de comidas"]
[48101920,"Dispensadores de pitillos"]
[48102001,"Sillas para restaurantes"]
[48102002,"Cabinas para restaurantes"]
[48102003,"Barras de ensalada"]
[48102004,"Superficies de mesa"]
[48102005,"Taburetes de bar"]
[48102006,"Bares permanentes"]
[48102007,"Bares portátiles"]
[48102101,"Mostradores"]
[48102102,"Mostradores para mantener caliente la comida"]
[48102103,"Mostradores refrigerados"]
[48102104,"Mostradores para helados"]
[48102105,"Equipos para enfriar vasos"]
[48102106,"Contenedores fríos"]
[48102107,"Guantes para abastecimiento de comidas por encargo (catering) o dispensadores de guantes"]
[48111001,"Máquinas dispensadoras de porciones únicas con tazas"]
[48111002,"Maquinas dispensadoras de cantidades grandes"]
[48111101,"Máquinas expendedoras de botellas o latas"]
[48111102,"Máquinas de bolas de dulce o novedades para niños"]
[48111103,"Máquinas exhibidoras de snacks o productos en paquetes pequeños"]
[48111104,"Máquinas expendedoras de comidas a la carta"]
[48111105,"Máquinas de confitería helada"]
[48111106,"Dispensadores de ítems de acomodación personal"]
[48111107,"Máquinas de cigarrillos"]
[48111108,"Dispensadores de medicamentos"]
[48111201,"Máquinas expendedoras de papas a la francesa"]
[48111202,"Máquinas expendedoras de maíz pira"]
[48111301,"Máquinas expendedoras de boletas"]
[48111302,"Máquinas expendedoras de pólizas de seguros"]
[48111303,"Máquinas de estampillas"]
[48111401,"Máquinas de cajero automático atm"]
[48111402,"Máquinas para cambiar billetes en monedas"]
[48111403,"Máquinas para cambiar moneda extranjera"]
[48111404,"Equipos de transferencia electrónica de fondos para puntos de venta"]
[48111405,"Accesorios para máquinas de cajero automático"]
[48121101,"Máquinas de póker o tragamonedas"]
[48121201,"Ruedas de ruleta"]
[48121202,"Mesas de naipes"]
[48121301,"Sistemas de manejo de mesas de juego"]
[48121302,"Juegos de apuestas en red"]
[49101601,"Antigüedades"]
[49101602,"Recuerdos (souvenirs)"]
[49101603,"Colecciones de monedas"]
[49101604,"Colecciones de estampillas"]
[49101605,"Alfombras antiguas"]
[49101606,"Artículos excavados"]
[49101607,"Colecciones de historietas cómicas"]
[49101608,"Instrumentos musicales antiguos"]
[49101609,"Ornamentos o decoraciones"]
[49101611,"Amuletos"]
[49101612,"Hologramas"]
[49101613,"Cristales de vidrio"]
[49101701,"Medallas"]
[49101702,"Trofeos"]
[49101704,"Placas"]
[49101705,"Certificados"]
[49101706,"Premios de fotografía"]
[49101707,"Certificado de logro"]
[49101708,"Coronas"]
[49121502,"Almohadas para dormir para acampar"]
[49121503,"Carpas"]
[49121504,"Sleeping bags (bolsas para dormir)"]
[49121505,"Cajas de hielo"]
[49121506,"Kit de reparación de carpas"]
[49121507,"Colchones neumáticos"]
[49121508,"Mosquiteros"]
[49121509,"Estufas para acampar o para exteriores"]
[49121510,"Enfriadores de bebidas"]
[49121601,"Asientos o taburetes para acampar"]
[49121602,"Mesas para acampar"]
[49121603,"Catres para acampar"]
[49131501,"Cañas de pescar"]
[49131502,"Hilo de pesca"]
[49131503,"Carreteles de pesca"]
[49131504,"Cebos para pesca"]
[49131505,"Carnadas"]
[49131506,"Pesas para pesca"]
[49131601,"Llamadas de animales"]
[49131602,"Señuelos para deportes"]
[49131603,"Trampas para deportes"]
[49131604,"Escopetas para deportes"]
[49131605,"Rifles para deportes"]
[49131606,"Munición para deportes"]
[49131607,"Cañones de escopetas"]
[49141501,"Compensadores de flotación"]
[49141502,"Tanques de buceo"]
[49141503,"Reguladores para buceo"]
[49141504,"Instrumentos de buceo o accesorios"]
[49141505,"Máscaras o aletas o esnórqueles"]
[49141506,"Trajes isotérmicos"]
[49141507,"Trajes secos"]
[49141602,"Tablas de esquí acuático o tablas para arrodillarse o boogieboards"]
[49141603,"Esquís acuáticos o accesorios"]
[49141604,"Equipos de windsurfing"]
[49141605,"Tablas de surf"]
[49141606,"Anteojos de natación o aletas de natación"]
[49141607,"Equipo de paravelismo"]
[49151501,"Botas de esquí"]
[49151502,"Esquís"]
[49151503,"Varillas de esquí"]
[49151504,"Amarres"]
[49151505,"Tablas de esquí en nieve"]
[49151601,"Discos de hockey"]
[49151602,"Patines de hielo"]
[49151603,"Palos de hockey"]
[49161501,"Toboganes de bloqueo para futbol"]
[49161502,"Guantes de beisbol"]
[49161503,"Pelotas de beisbol"]
[49161504,"Balones de futbol"]
[49161505,"Balones de soccer"]
[49161506,"Bates de beisbol"]
[49161507,"Bases de beisbol"]
[49161508,"Máquinas para lanzar (pitching)"]
[49161509,"Balones de softbol"]
[49161510,"Muñecos para jugadas de futbol"]
[49161511,"Palos de lacrosse"]
[49161512,"Pelotas de lacrosse"]
[49161513,"Palos de hockey de campo"]
[49161514,"Bolas de hockey de campo"]
[49161515,"Pelotas de equipos de balonmano"]
[49161516,"Sets escolares de equipos de balonmano"]
[49161517,"Equipo protector para beisbol o softbol"]
[49161518,"Ayudas para batear en beisbol"]
[49161519,"Defensas traseras o cercas para beisbol"]
[49161520,"Bates de softbol"]
[49161521,"Guantes de softbol"]
[49161522,"Tees de patada para futbol"]
[49161523,"Equipo de futbol de bandera"]
[49161524,"Equipo de marcado de campo para soccer"]
[49161525,"Equipo protector para soccer"]
[49161526,"Ayudas de entrenamiento para soccer"]
[49161601,"Raquetas de racquetball"]
[49161602,"Raquetas de bádminton"]
[49161603,"Pelotas de básquetbol"]
[49161604,"Pelotas de tenis"]
[49161605,"Pelotas de racquet"]
[49161606,"Pelotas de squash"]
[49161607,"Raquetas de tenis"]
[49161608,"Balones de voleibol"]
[49161609,"Gallitos de bádminton"]
[49161610,"Raquetas de squash"]
[49161611,"Ayudas de entrenamiento para tenis"]
[49161612,"Equipo de cancha de tenis"]
[49161613,"Almacenamiento para balones o redes de voleibol"]
[49161614,"Estándares gimnásticos para voleibol"]
[49161615,"Sistemas de juego completo para basquetbol"]
[49161616,"Equipo protector para hockey de piso"]
[49161617,"Postes para red"]
[49161618,"Espiros"]
[49161619,"Cuerdas para raquetas"]
[49161620,"Agarres (“grips”) para raquetas"]
[49161701,"Jabalinas"]
[49161702,"Barras para saltar"]
[49161703,"Discos"]
[49161704,"Balas de lanzamiento"]
[49161705,"Garrochas"]
[49161706,"Obstáculos"]
[49161707,"Bastones"]
[49171501,"Barras o postes gimnásticos"]
[49171502,"Cuerdas o anillos o accesorios para trepar gimnásticos"]
[49171503,"Equipo de garrocha para uso gimnástico"]
[49171504,"Trampolines para uso gimnástico"]
[49171505,"Equipo de equilibrio"]
[49171601,"Rings para boxeo"]
[49171602,"Sacos de boxeo"]
[49171603,"Guantes de boxeo"]
[49181501,"Mesas de billar"]
[49181502,"Tacos de pool"]
[49181503,"Juegos de tejo"]
[49181504,"Juegos de pinball"]
[49181505,"Bolas de billar"]
[49181506,"Mesas para hockey aéreo o accesorios"]
[49181507,"Mesas de tenis (ping pong)"]
[49181508,"Raquetas de ping pong"]
[49181509,"Bolas de ping pong"]
[49181510,"Mesas de foosball"]
[49181511,"Bolas de foosball"]
[49181512,"Jugadores de repuesto para foosball"]
[49181513,"Puntas de tacos de billar"]
[49181514,"Tiza de billar"]
[49181515,"Estantes de billar"]
[49181601,"Objetivos para tiro con arco"]
[49181602,"Arcos"]
[49181603,"Flechas"]
[49181604,"Dardos"]
[49181605,"Tableros de dardos"]
[49181606,"Equipo de tiro al plato"]
[49181607,"Objetivos para lanzar"]
[49181608,"Cuerdas para arcos"]
[49181609,"Guantes para tiro con arco"]
[49181610,"Protectores de brazos para tiro con arco"]
[49181611,"Puestos de objetivos para tiro con arco"]
[49181612,"Defensas traseras para tiro con arco"]
[49201501,"Trotadoras"]
[49201502,"Escaladores de escaleras"]
[49201503,"Bicicletas estáticas"]
[49201504,"Máquinas de remos"]
[49201512,"Lazos para saltar"]
[49201513,"Trampolines para ejercicios"]
[49201514,"Pelotas para ejercicios"]
[49201515,"Equipos de paso para aeróbicos (“step”)"]
[49201516,"Bicicletas elípticas"]
[49201601,"Pesas"]
[49201602,"Pesas de 280 libras"]
[49201603,"Máquinas de resistencia para la parte inferior del cuerpo"]
[49201604,"Bancos o estantes para pesas"]
[49201605,"Máquinas de resistencia para la parte superior del cuerpo"]
[49201606,"Pesas de estado físico"]
[49201607,"Máquinas de pilates"]
[49201608,"Máquina para dar fuerza de agarre"]
[49201609,"Bandas de resistencia"]
[49201610,"Tubos de resistencia"]
[49201611,"Multi gimnasios"]
[49211601,"Talegas de golf"]
[49211602,"Bolas de golf"]
[49211603,"Tacos de golf"]
[49211604,"Tees de golf"]
[49211605,"Forros para las cabezas de los tacos de golf"]
[49211606,"Guantes de golf"]
[49211607,"Divot fijador"]
[49211608,"Golfscopios"]
[49211609,"Compañero de putting para golf"]
[49211701,"Equipo de bolos"]
[49211702,"Suministros de bolos"]
[49211703,"Accesorios de bolos"]
[49211801,"Equipo de paracaidismo"]
[49211802,"Aros de hula o equipos de hula"]
[49211803,"Equipos de orientación"]
[49211804,"Materiales o marcadores de identificación de equipos"]
[49211805,"Cuerdas"]
[49211806,"Almacenamiento de equipos de educación física"]
[49211807,"Herramientas de evaluación para educación física"]
[49221501,"Tableros de anotaciones para deportes"]
[49221502,"Porterías"]
[49221503,"Equipos de seguridad deportiva excepto para la cabeza"]
[49221504,"Artículos de seguridad para la cabeza para uso deportivo"]
[49221505,"Mallas o redes para deportes"]
[49221506,"Almohadillas o acolchado para deportes"]
[49221507,"Tableros de basquetbol"]
[49221508,"Aros de basquetbol"]
[49221509,"Patines o cuchillas de patines"]
[49221510,"Gorras deportivas"]
[49221511,"Bolsas para equipos deportivos"]
[49241501,"Columpios para patios de recreo"]
[49241502,"Aparatos de trepar para patios de recreo"]
[49241503,"Carruseles para patios de recreo"]
[49241504,"Rodaderos para patios de recreo"]
[49241505,"Balanzas para patios de recreo"]
[49241506,"Túneles para patios de recreo"]
[49241507,"Cajas de arena para patios de recreo"]
[49241508,"Graderías para patios de recreo"]
[49241509,"Equipo para escalar muros"]
[49241510,"Equipos para escalar lazos"]
[49241601,"Sets de croquet"]
[49241602,"Equipos de bolos de jardín"]
[49241603,"Equipos de pistas para lanzar herraduras"]
[49241604,"Dardos de jardín"]
[49241701,"Trampolines"]
[49241702,"Rodaderos de piscina"]
[49241703,"Soplador de spa"]
[49241704,"Kit o soluciones de prueba de agua"]
[49241705,"Limpiador automático de piscinas"]
[49241706,"Cobija solar"]
[49241707,"Caldera para piscinas o spa"]
[49241708,"Generador de ozono"]
[49241709,"Rieles para cortinas solares"]
[50101538,"Verduras frescas"]
[50101539,"Verduras congeladas"]
[50101540,"Verduras estables sin refrigerar"]
[50101541,"Setas u hongos"]
[50101542,"Harina vegetal"]
[50101543,"Judías secas"]
[50101544,"Judías en conserva o en lata"]
[50101545,"Verduras deshidratadas"]
[50101634,"Fruta fresca"]
[50101635,"Fruta congelada"]
[50101636,"Fruta estable sin refrigerar"]
[50101716,"Nueces y semillas enteras"]
[50101717,"Nueces y semillas sin cascara"]
[50111510,"Carne de ave o carne fresca"]
[50111511,"Carne de ave o carne congelada"]
[50111512,"Carne de ave o carne en conserva"]
[50112001,"Carnes procesadas y preparadas fresco"]
[50112002,"Carnes procesadas y preparadas congelado"]
[50112003,"Carnes procesadas y preparadas estable sin refrigerar"]
[50121537,"Pescado congelado"]
[50121538,"Pescado almacenado en repisa"]
[50121539,"Pescado fresco"]
[50121611,"Mariscos frescos"]
[50121612,"Mariscos congelados"]
[50121613,"Mariscos almacenados en repisa"]
[50121705,"Invertebrados acuáticos frescos"]
[50121706,"Invertebrados acuáticos congelados"]
[50121707,"Invertebrados acuáticos almacenado en repisa"]
[50121802,"Plantas acuáticas frescas"]
[50121803,"Plantas acuáticas congeladas"]
[50121804,"Plantas acuáticas almacenadas en repisa"]
[50131606,"Huevos frescos"]
[50131607,"Sustitutos de huevo"]
[50131608,"Claras y yemas de huevo"]
[50131609,"Huevos preparados"]
[50131610,"Huevos congelados"]
[50131611,"Huevos batidos"]
[50131701,"Productos de leche o mantequilla frescos"]
[50131702,"Productos de leche o mantequilla de estante"]
[50131703,"Productos de leche o mantequilla congelados"]
[50131801,"Queso natural"]
[50131802,"Queso procesado"]
[50131803,"Imitación de queso"]
[50151513,"Aceites vegetales o  de planta comestibles"]
[50151514,"Grasas saturadas de vegetales o plantas comestibles"]
[50151604,"Aceites animal comestibles"]
[50151605,"Grasa saturada animal comestibles"]
[50161509,"Azucares naturales o productos endulzantes"]
[50161510,"Endulzantes artificiales"]
[50161511,"Chocolate o sustituto de chocolate"]
[50161512,"Almíbar"]
[50161813,"Chocolate o sustituto de chocolate, confite"]
[50161814,"Azúcar o sustituto de azúcar, confite"]
[50161815,"Goma de mascar"]
[50171548,"Hierbas frescas"]
[50171549,"Hierbas secas"]
[50171550,"Especies o extractos"]
[50171551,"Sal de mesa"]
[50171552,"Mezcla para adobar"]
[50171707,"Vinagres"]
[50171708,"Vinos para cocinar"]
[50171830,"Salsas o condimentos o cremas de untar o marinados"]
[50171831,"Salsas para cocinar"]
[50171832,"Salsas para ensaladas o dips"]
[50171833,"Cremas de untar saladas o patés"]
[50171901,"Encurtidos"]
[50171902,"Condimento"]
[50171903,"Aceitunas"]
[50171904,"Conserva"]
[50181708,"Mezclas para hornear"]
[50181709,"Suministros para hornear"]
[50181901,"Pan fresco"]
[50181902,"Pan congelado"]
[50181903,"Galletas sencillas de sal"]
[50181904,"Pan seco o cascaras de pan o pan tostado (crotones)"]
[50181905,"Galletas de dulce"]
[50181906,"Pan de repisa"]
[50181907,"Maza congelada para galletas"]
[50181908,"Maza congelada para pan"]
[50181909,"Galletas de soda"]
[50182001,"Ponqués pasteles o biscochos frescos"]
[50182002,"Ponqués pasteles o biscochos congelados"]
[50182003,"Maza para pastelería congelada"]
[50182004,"Maza para galletas de soda congelada"]
[50191505,"Sopas o sudados preparados fresco"]
[50191506,"Sopas o sudados preparados congelados"]
[50191507,"Sopas o sudados preparados de repisa"]
[50192109,"Papas fritas de talego o mezclas"]
[50192110,"Nueces o fruta disecada"]
[50192111,"Carne seca o procesada"]
[50192112,"Maíz pira"]
[50192301,"Postres preparados"]
[50192302,"Complementos de postres"]
[50192303,"Helado de sabor o helado o postre de helado o yogurt congelado"]
[50192304,"Conos o copas de helado comestibles"]
[50192401,"Mermeladas o preservativos de fruta"]
[50192402,"Mantequilla de nueces o mixto"]
[50192403,"Miel"]
[50192404,"Cristales de gelatina o mermelada"]
[50192501,"Emparedados frescos"]
[50192502,"Emparedados congelados"]
[50192503,"Rellenos frescos para emparedados"]
[50192504,"Rellenos congelados para emparedados"]
[50192601,"Papas preparadas frescas o arroz o pasta o relleno"]
[50192602,"Papas preparadas y congeladas o arroz o pasta o relleno"]
[50192603,"Papas preparadas de repisa o arroz o pasta o relleno"]
[50192701,"Comidas combinadas frescas"]
[50192702,"Comidas combinadas congeladas"]
[50192703,"Comidas combinadas de repisa"]
[50192801,"Pasteles de sal frescos"]
[50192802,"Pasteles de sal congelados"]
[50192803,"Pasteles de sal de repisa"]
[50192901,"Pasta sencilla o fideos"]
[50192902,"Pasta o fideos de repisa"]
[50193001,"Comida para infante"]
[50193002,"Bebidas para infantes"]
[50193101,"Pasa bocas mezcla instantáneas"]
[50193102,"Mezcla  de postres"]
[50193103,"Mezcla de salsa"]
[50193104,"Base para sopas"]
[50193105,"Mezcla para rebosar o de pan"]
[50193201,"Ensalada fresca preparada"]
[50193202,"Ensalada preparada congelada"]
[50193203,"Ensalada fresca de repisa"]
[50201706,"Café"]
[50201707,"Sustituto de café"]
[50201708,"Bebida de café"]
[50201709,"Café instantáneo"]
[50201710,"Té de hoja"]
[50201711,"Té instantáneo"]
[50201712,"Bebidas de té"]
[50201713,"Bolsas de té"]
[50201714,"Cremas no lácteas"]
[50202201,"Cerveza"]
[50202202,"Cidra"]
[50202203,"Vino"]
[50202204,"Vino fortificado"]
[50202205,"Vino espumoso"]
[50202206,"Licor destilado"]
[50202207,"Cocteles de alcohol o bebidas mixtas"]
[50202301,"Agua"]
[50202302,"Hielo"]
[50202303,"Jugos congelados"]
[50202304,"Jugos de repisa"]
[50202305,"Jugo fresco"]
[50202306,"Refrescos"]
[50202307,"Bebida de chocolate o malta u otros"]
[50202308,"Cocteles libre de alcohol o mezcla de bebidas"]
[50202309,"Bebidas deportivas o de energía"]
[50202310,"Agua mineral"]
[50202311,"Bebida mixta de polvo"]
[50211502,"Cigarrillos o cigarros"]
[50211503,"Tabaco para pipa o tabaco de hoja"]
[50211504,"Tabaco para mascar"]
[50211505,"Cigarrillos herbales"]
[50211506,"Rapé"]
[50211607,"Papel para cigarrillos o filtros"]
[50211608,"Encendedores o mecha"]
[50211609,"Pipas para fumar"]
[50211610,"Limpiadores de tabaco para pipas"]
[50211611,"Juego de fumador"]
[50211612,"Encendedores para cigarrillos"]
[50221001,"Granos"]
[50221002,"Harina"]
[50221101,"Grano de cereal"]
[50221102,"Grano de harina"]
[50221201,"Listo para comer o cereal caliente"]
[50221202,"Barras de desayuno o de salud"]
[51101503,"Cloranfenicol"]
[51101504,"Clindamicina"]
[51101507,"Penicilina"]
[51101508,"Sulfonamidas antibióticas"]
[51101509,"Tetraciclina"]
[51101510,"Oxitetraciclina"]
[51101511,"Amoxicilina"]
[51101512,"Cloxacilina"]
[51101513,"Neomicina"]
[51101514,"Sulfato framicetina"]
[51101515,"Clorhidrato de lincomicina"]
[51101516,"Gramicidina"]
[51101518,"Ofloxacina"]
[51101519,"Tiamfenicol"]
[51101521,"Pristinamicina"]
[51101522,"Claritromicina"]
[51101523,"Clorquinaldol"]
[51101524,"Bacitracina zinc"]
[51101525,"Peróxido de benzoilo"]
[51101526,"Polimixinas"]
[51101527,"Colistina metansulfonato"]
[51101528,"Tirotricina"]
[51101530,"Trimetoprima"]
[51101531,"Estreptograminas"]
[51101532,"Teicoplanina"]
[51101533,"Rifamicina"]
[51101534,"Ceftibuten"]
[51101535,"Cefradina"]
[51101536,"Moxifloxacina clorhidrato"]
[51101537,"Lomefloxacina cloridrato"]
[51101538,"Levofloxacina"]
[51101539,"Grepafloxacina clorhidrato"]
[51101540,"Gatifloxacina"]
[51101541,"Enoxacina"]
[51101542,"Ciprofloxacina"]
[51101543,"Cefapirina"]
[51101544,"Loracarbef"]
[51101545,"Ceftizoxima"]
[51101546,"Norfloxacina"]
[51101547,"Cefprozil"]
[51101548,"Fosfomicina trometamol"]
[51101549,"Linezolida"]
[51101550,"Cefalexina"]
[51101551,"Ceftriaxona"]
[51101552,"Ceftazidima"]
[51101553,"Alatrofloxacina"]
[51101554,"Dicloxacilina sódica"]
[51101555,"Aztreonam"]
[51101556,"Minociclina"]
[51101557,"Doxiciclina"]
[51101558,"Demeclociclina"]
[51101559,"Clortetraciclina"]
[51101560,"Ticarcilina"]
[51101561,"Piperacilina"]
[51101562,"Oxacilina sódica"]
[51101563,"Mesilato de trovafloxacina"]
[51101564,"Mezlocilina"]
[51101565,"Cefpodoxima proxetil"]
[51101566,"Carbenicilina"]
[51101567,"Ampicilina"]
[51101568,"Troleandomicina"]
[51101569,"Roxitromicina"]
[51101570,"Eritromicina"]
[51101571,"Diritromicina"]
[51101572,"Azitromicina"]
[51101573,"Cefuroxima"]
[51101574,"Furazolidona"]
[51101575,"Nafcilina sódica"]
[51101576,"Cefalotina"]
[51101577,"Cefdinir"]
[51101578,"Cefazolina"]
[51101579,"Cefamandol"]
[51101580,"Cefadroxilo"]
[51101581,"Cefaclor"]
[51101582,"Tobramicina"]
[51101583,"Cefditoren"]
[51101584,"Gentamicina"]
[51101585,"Netilmicina"]
[51101586,"Amikacina"]
[51101587,"Kanamicina"]
[51101588,"Sparfloxacina"]
[51101589,"Carbapenémicos incluyendo tienamicinas"]
[51101590,"Quinupristina"]
[51101591,"Vancomicina"]
[51101592,"Cefoxitina"]
[51101593,"Cefotaxima"]
[51101594,"Cefepima"]
[51101595,"Cefotetan"]
[51101596,"Cefoperazona"]
[51101597,"Mupirocina"]
[51101598,"Cefonicida"]
[51101599,"Cefixima"]
[51101601,"Atovacuona"]
[51101602,"Clorhidrato de eflomitina"]
[51101603,"Metronidazol"]
[51101604,"Antimoniato de meglumina"]
[51101606,"Rifapentina"]
[51101607,"Óxido de calcio"]
[51101610,"Clorocresol"]
[51101611,"Meropenem"]
[51101612,"Polynoxylin"]
[51101613,"Isetionato de pentamidina"]
[51101614,"Furoato de diloxanida"]
[51101616,"Melarsoprol"]
[51101617,"Tinidazol"]
[51101618,"Taurolidina"]
[51101619,"Secnidazol"]
[51101620,"Iodoquinol"]
[51101624,"Clorhidrato de metronidazol"]
[51101625,"Sulfato de paromomicina"]
[51101629,"Glucuronato de trimetrexato"]
[51101630,"Isetionato de propamidina"]
[51101701,"Albendazol"]
[51101702,"Mebendazol"]
[51101703,"Oxamniquina"]
[51101704,"Citrato de piperazina"]
[51101705,"Praziquantel"]
[51101706,"Pamoato de pirantel"]
[51101707,"Tiabendazol"]
[51101708,"Sulfanilamida"]
[51101709,"Niclosamida"]
[51101710,"Piperazina"]
[51101711,"Citrato de dietilcarbamazina"]
[51101712,"Tiocianoacetato de isobornilo"]
[51101713,"Antiparasitario tópico malatión"]
[51101714,"Metilparabeno"]
[51101715,"Antiparasitario tópico permetrina"]
[51101716,"Tetracloroetileno"]
[51101717,"Ivermectina"]
[51101718,"Benzoato de bencilo"]
[51101719,"Butóxido de piperonilo"]
[51101720,"Lindano"]
[51101801,"Anfotericina b"]
[51101802,"Clorhidrato de butenafina"]
[51101803,"Nitrato de butoconazol"]
[51101804,"Ciclopiroxolamina"]
[51101805,"Clotrimazol"]
[51101806,"Nitrato de econazol"]
[51101807,"Fluconazol"]
[51101808,"Flucitosina"]
[51101809,"Griseofulvina"]
[51101810,"Itraconazol"]
[51101811,"Ketoconazol"]
[51101812,"Miconazol"]
[51101813,"Clorhidrato de naftifina"]
[51101814,"Natamicina"]
[51101815,"Nistatina"]
[51101816,"Nitrato de oxiconazol"]
[51101817,"Nitrato de sulconazol"]
[51101818,"Clorhidrato de terbinafina"]
[51101819,"Nitrato de terconazol"]
[51101820,"Tioconazol"]
[51101821,"Tolnaftato"]
[51101824,"Ácido undecilénico"]
[51101825,"Ciclopirox"]
[51101826,"Sulfato de estreptomicina"]
[51101827,"Isoconazol"]
[51101828,"Terconazol"]
[51101829,"Undecilenato de calcio"]
[51101830,"Ácido octanoico"]
[51101831,"Triacetina"]
[51101832,"Voriconazol"]
[51101834,"Nitrato de miconazol"]
[51101835,"Acetato de caspofungina"]
[51101836,"Propionato de sodio"]
[51101901,"Aminoquinolinas"]
[51101902,"Clorhidrato de mefloquina"]
[51101903,"Fosfato de primaquina"]
[51101904,"Sulfato de quinina"]
[51101905,"Cloroquina"]
[51101906,"Proguanil"]
[51101907,"Pirimetamina"]
[51101908,"Artemeter"]
[51101909,"Clorhidrato de cloroquina"]
[51101910,"Fosfato de cloroquina"]
[51101911,"Clorhidrato de halofantrina"]
[51101912,"Sulfato de hidroxicloroquina"]
[51102001,"Cicloserina"]
[51102002,"Clorhidrato de etambutol"]
[51102003,"Isoniazida"]
[51102004,"Rifubutina"]
[51102005,"Rifampicina"]
[51102006,"Guayacol"]
[51102007,"Tiacetazona"]
[51102008,"Pirazinamida"]
[51102009,"Sulfato de capreomicina"]
[51102101,"Clofazimina"]
[51102102,"Dapsona"]
[51102201,"Cinoxacina"]
[51102202,"Clorhidrato de flavoxato"]
[51102203,"Hipurato de metenamina"]
[51102204,"Mandelato de metenamina"]
[51102205,"Ácido nalidíxico"]
[51102206,"Nitrofurantoina"]
[51102207,"Cloruro de oxibutinina"]
[51102208,"Pentosano polisulfato sódico"]
[51102209,"Clorhidrato de fenazopiridina"]
[51102211,"Alfuzosina hidrocloruro"]
[51102212,"Ácido acetohidroxámico"]
[51102213,"Sulfato  de cefpiroma"]
[51102301,"Aciclovir"]
[51102302,"Clorhidrato de amantadina"]
[51102304,"Didanosina"]
[51102305,"Famciclovir"]
[51102306,"Foscarnet sódico"]
[51102307,"Ganciclovir sódico"]
[51102308,"Idoxuridina"]
[51102309,"Sulfato de indinavir"]
[51102310,"Lamivudina"]
[51102311,"Nevirapina"]
[51102312,"Ribavirina"]
[51102313,"Clorhidrato de rimantadina"]
[51102314,"Ritonavir"]
[51102315,"Mesilato de saquinavir"]
[51102316,"Estavidina"]
[51102317,"Trifluradina"]
[51102318,"Clorhidrato de valaciclovir"]
[51102319,"Vidarabina"]
[51102320,"Zalcitabina"]
[51102321,"Zidovudina"]
[51102322,"Sulfato de abacavir"]
[51102323,"Cidofovir"]
[51102324,"Mesilato de delavirdina"]
[51102325,"Docosanol"]
[51102326,"Efavirenz"]
[51102327,"Amprenavir"]
[51102328,"Fomivirsen sódico"]
[51102329,"Mesilato de nelfinavir"]
[51102330,"Penciclovir"]
[51102331,"Saquinavir"]
[51102332,"Fumarato de disoproxilo tenofovir"]
[51102333,"Hidrocloruro de valganciclovir"]
[51102334,"Zanamivir"]
[51102335,"Sodio de aciclovir"]
[51102336,"Moroxidina"]
[51102402,"Hipromelosa"]
[51102501,"Naftenato de cobre"]
[51102502,"Toltrazuril"]
[51102503,"Flumetrina"]
[51102505,"Triclorfon"]
[51102506,"Oxfendazol"]
[51102507,"Clorhidrato de piperidolato"]
[51102601,"Enrofloxacina"]
[51102701,"Clofoctol"]
[51102702,"Agua estéril para irrigación"]
[51102705,"Cetrimida"]
[51102706,"Ácido acético  antiséptico"]
[51102707,"Gluconato de clorhexidina"]
[51102708,"Formaldehído antiséptico"]
[51102709,"Peróxido de hidrógeno antiséptico"]
[51102710,"Antisépticos basados en alcohol o acetona"]
[51102711,"Oxiquinolina"]
[51102712,"Antisépticos fenólicos"]
[51102713,"Povidona yodada"]
[51102714,"Solución de cloruro sódico para irrigación"]
[51102715,"Clioquinol"]
[51102717,"Nitrofurazona"]
[51102718,"Nitrato de plata"]
[51102719,"Yodoformo"]
[51102720,"Cloroxilenol"]
[51102721,"Ictamol"]
[51102722,"Geles o soluciones tópicas de yodo"]
[51102723,"Merbromina"]
[51102724,"Cloruro de benzalconio"]
[51102725,"Hexilresorcinol"]
[51102726,"Peróxido de carbamida"]
[51102727,"Yoduro de timol"]
[51102728,"Perborato sódico"]
[51102729,"Cloruro de cetilpiridinio"]
[51102730,"Isetionato de hexamidina"]
[51111501,"Amifostina"]
[51111502,"Busulfán"]
[51111503,"Carboplatino"]
[51111504,"Carmustina"]
[51111505,"Clorambucil"]
[51111506,"Cisplatino"]
[51111507,"Ciclofosfamida"]
[51111508,"Dacarbazina"]
[51111509,"Ifosfamida"]
[51111510,"Lomustina"]
[51111511,"Clorhidrato de mecloretamina"]
[51111512,"Melfalán"]
[51111513,"Mesna"]
[51111514,"Pipobroman"]
[51111515,"Estreptozocina"]
[51111516,"Tiotepa"]
[51111517,"Mostaza de uracilo"]
[51111518,"Clorhidrato de melfalan"]
[51111519,"Temozolomida"]
[51111520,"Clorhidrato de procarbazina"]
[51111521,"Altretamina"]
[51111601,"Cladribina"]
[51111602,"Citarabina"]
[51111603,"Floxuridina"]
[51111604,"Fosfato de fludarabina"]
[51111605,"Fluorouracilo"]
[51111606,"Hidroxiurea"]
[51111609,"Mercaptopurina"]
[51111610,"Metotrexato"]
[51111611,"Tenipósido"]
[51111612,"Tioguanina"]
[51111613,"Lenograstim"]
[51111614,"Etopósido"]
[51111615,"Glutatión"]
[51111616,"Capecitabina"]
[51111617,"Clorhidrato de gemcitabina"]
[51111618,"Metotrexato de sodio"]
[51111701,"Sulfato de bleomicina"]
[51111702,"Dactinomicina"]
[51111703,"Daunorubicinas"]
[51111704,"Mitomicina"]
[51111705,"Mitotano"]
[51111706,"Clorhidrato de mitoxantrona"]
[51111707,"Pentostatina"]
[51111708,"Plicamicina"]
[51111709,"Sulfato de vincristina"]
[51111710,"Epirubicina"]
[51111711,"Clorhidrato de doxorubicina"]
[51111712,"Pirarubicina"]
[51111713,"Alemtuzumab"]
[51111714,"Clorhidrato de doxorrubicina liposomal"]
[51111715,"Epirubicina hidrocloruro"]
[51111716,"Rituximab"]
[51111717,"Trastuzumab"]
[51111718,"Valrubicina"]
[51111719,"Clorhidrato de idarrubicina"]
[51111801,"Anastrozol"]
[51111802,"Bicalutamida"]
[51111803,"Fosfato sódico de estramustina"]
[51111804,"Flutamida"]
[51111805,"Acetato de goserelina"]
[51111806,"Clorhidrato de irinotecan"]
[51111807,"Acetato de leuprolide"]
[51111808,"Nilutamida"]
[51111809,"Tamoxifeno"]
[51111810,"Testolactona"]
[51111811,"Clorhidrato de topotecan"]
[51111812,"Sulfato de vinblastina"]
[51111813,"Sulfato de vincristina"]
[51111814,"Tartrato de vinorelbina"]
[51111815,"Triptorelina"]
[51111816,"Buserelina"]
[51111817,"Citrato de toremifeno"]
[51111818,"Pamoato de triptorelina"]
[51111819,"Fulvestrant"]
[51111820,"Letrozol"]
[51111821,"Citrato de tamoxifeno"]
[51111901,"Asparaginasa"]
[51111902,"Docetaxel"]
[51111904,"Paclitaxel"]
[51111905,"Porfímero sódico"]
[51111906,"Pegaspargasa"]
[51111907,"Fenilbutirato de sodio"]
[51121501,"Adenosina"]
[51121502,"Digoxina"]
[51121503,"Gluconato de quinidina"]
[51121504,"Flecainida"]
[51121506,"Clorhidrato de sotalol"]
[51121507,"Clorhidrato de hidroquinidina"]
[51121509,"Propafenona"]
[51121510,"Disopiramida"]
[51121511,"Clorhidrato de amiodarona"]
[51121512,"Tosilato de bretilio"]
[51121513,"Fosfato de disopiramida"]
[51121514,"Dofetilida"]
[51121515,"Acetato de flecainida"]
[51121516,"Ibutilida fumarato"]
[51121517,"Clorhidrato de mexiletina"]
[51121518,"Clorhidrato de moricizina"]
[51121519,"Clorhidrato de procainamida"]
[51121520,"Clorhidrato de propafenona"]
[51121521,"Quinidina poligalacturonato"]
[51121522,"Clorhidrato de tocainida"]
[51121523,"Sulfato de quinidina"]
[51121601,"Nitrato de amilo"]
[51121602,"Dinitrato de isosorbida"]
[51121603,"Nitroglicerina"]
[51121604,"Tetranitrato de pentaeritrito"]
[51121607,"Nicorandi"]
[51121608,"Clorhidrato de nicardipina"]
[51121609,"Molsidomina"]
[51121610,"Pralidoxima"]
[51121611,"Trimetazidina"]
[51121614,"Mononitrato de isosorbida"]
[51121615,"Clorhidrato de bepridil"]
[51121616,"Clorhidrato de isoxsuprina"]
[51121701,"Diazóxido"]
[51121702,"Terazosina"]
[51121703,"Captopril"]
[51121704,"Lisinopril"]
[51121705,"Felodipino"]
[51121706,"Isradipina"]
[51121707,"Verapamilo"]
[51121708,"Metildopa"]
[51121709,"Carvedilol"]
[51121710,"Losartán potásico"]
[51121711,"Minoxidil"]
[51121713,"Clorhidrato de diltiazem"]
[51121714,"Vincamina"]
[51121715,"Enalapril"]
[51121716,"Piretanida"]
[51121717,"Mesilato de eprosartán"]
[51121718,"Clorhidrato de clonidina"]
[51121721,"Tartrato de metoprolol"]
[51121722,"Reserpina"]
[51121724,"Naftidrofurilo oxalato"]
[51121725,"Bisoprolol fumarato"]
[51121726,"Indapamida"]
[51121727,"Penbutolol"]
[51121728,"Prazosina"]
[51121729,"Celiprolol"]
[51121730,"Ramipril"]
[51121731,"Trandolapril"]
[51121732,"Combinación de trandolapril y clorhidrato de verapamilo"]
[51121733,"Valsartán"]
[51121734,"Nicotinato de xantinol"]
[51121735,"Candesartán cilexetilo"]
[51121737,"Clorhidrato de benazepril"]
[51121738,"Deserpidina"]
[51121739,"Clorhidrato de verapamilo"]
[51121740,"Nisoldipino"]
[51121741,"Diclorhidrato de mibefradil"]
[51121742,"Diltiazem malato"]
[51121743,"Besilato de amlodipina"]
[51121744,"Maleato de enalpril"]
[51121745,"Dihidrato de enalaprilato"]
[51121746,"Mesilato de fenoldopam"]
[51121747,"Fosinopril sódico"]
[51121748,"Acetato de guanabenz"]
[51121749,"Sulfato de guanadrel"]
[51121750,"Sulfato de guanetidina"]
[51121751,"Clorhidrato de guanfacina"]
[51121752,"Hidralazina hidrocloruro"]
[51121753,"Irbesartán"]
[51121754,"Clorhidrato de mecamilamina"]
[51121755,"Clorhidrato de metildopato"]
[51121756,"Metirosina"]
[51121757,"Clorhidrato de moexipril"]
[51121758,"Nitroprusiato de sodio"]
[51121759,"Olmesartán medoxomilo"]
[51121760,"Perindopril erbumina"]
[51121761,"Clorhidrato de quinapril"]
[51121762,"Rauwolfia serpentina"]
[51121763,"Telmisartán"]
[51121764,"Quinapril"]
[51121765,"Metoprolol"]
[51121801,"Fluvastatina sódica"]
[51121802,"Lovastatina"]
[51121803,"Simvastatina"]
[51121804,"Clofibrato"]
[51121805,"Gemfibrozilo"]
[51121806,"Pravastatina de sodio"]
[51121807,"Polidocanol"]
[51121808,"Probucol"]
[51121809,"Fenofibrato"]
[51121810,"Atorvastatina de calcio"]
[51121811,"Cerivastatina sódica"]
[51121812,"Colina"]
[51121813,"Bitartrato de colina"]
[51121814,"Inositol"]
[51121815,"Racemetionina"]
[51121816,"Fosfatidilcolina"]
[51121817,"Colestiramina"]
[51121818,"Atorvastatina"]
[51121819,"Ezetimiba"]
[51121820,"Sulfato de condroitina a"]
[51121901,"Lactato de inamrinona"]
[51121902,"Lactato de milrinona"]
[51121903,"Digitoxina"]
[51121904,"Nifedipina"]
[51121905,"Enoximona"]
[51121906,"Betaína"]
[51121907,"Nesiritida"]
[51121908,"Hoja de digital en polvo o preparados"]
[51122101,"Mesilato de dihidroergocristina"]
[51122102,"Clorhidrato de buflomedil"]
[51122103,"Clorhidrato de linsidomina"]
[51122104,"Papaverina"]
[51122105,"Pentifilina"]
[51122107,"Tartrato de ifenprodil"]
[51122108,"Mesilatos ergoloides"]
[51122109,"Clorhidrato de papaverina"]
[51122110,"Nimodipina"]
[51122111,"Nitrito de amilo"]
[51122112,"Alprostadil"]
[51122201,"Ornipresina"]
[51122301,"Solución de cardioplejia"]
[51131501,"Fumarato ferroso"]
[51131502,"Gluconato ferroso"]
[51131503,"Sulfato ferroso"]
[51131504,"Pidolato de magnesio"]
[51131505,"Oximetolona"]
[51131506,"Eritropoyetina"]
[51131507,"Darbepoetina alfa"]
[51131508,"Epoetina alfa"]
[51131509,"Citrato de amonio férrico"]
[51131510,"Polipéptido de hierro heme"]
[51131511,"Hierro polisacárido"]
[51131512,"Pirofosfato férrico"]
[51131513,"Cacodilato ferroso"]
[51131514,"Carbonilo de hierro"]
[51131515,"Hemina o hematina"]
[51131516,"Hierro sacarosa"]
[51131601,"Aprotinina"]
[51131602,"Heparina de calcio"]
[51131603,"Heparina sódica"]
[51131604,"Warfarina sódica"]
[51131605,"Citrato de sodio"]
[51131606,"Apolato de sodio"]
[51131607,"Enoxaparina sódica"]
[51131608,"Lepirudina"]
[51131609,"Desirudina"]
[51131610,"Ardeparina de sodio"]
[51131611,"Dalteparina sódica"]
[51131612,"Danaparoide sódico"]
[51131613,"Dicumarol"]
[51131614,"Anisindiona"]
[51131615,"Fondaparinux sódico"]
[51131616,"Tinzaparina sódica"]
[51131617,"Solución  anticoagulante citrato fosfato dextrosa"]
[51131701,"Abciximab"]
[51131702,"Alteplasa"]
[51131703,"Estreptoquinasa"]
[51131704,"Uroquinasa"]
[51131705,"Dipiridamol"]
[51131706,"Argatroban"]
[51131707,"Bivalirudina"]
[51131708,"Cilostazol"]
[51131709,"Bisulfato de clopidogrel"]
[51131710,"Eptifibatida"]
[51131711,"Tenecteplasa"]
[51131712,"Clorhidrato de ticlopidina"]
[51131713,"Monohidrato hidrocloruro  tirofibán"]
[51131714,"Anistreplasa"]
[51131715,"Clorhidrato de anagrelida"]
[51131716,"Reteplasa"]
[51131801,"Fibrinógeno"]
[51131802,"Factores antihemofílicos o globulinas"]
[51131803,"Trombina"]
[51131804,"Oprelvekina"]
[51131805,"Etamsilato"]
[51131806,"Subsulfato férrico"]
[51131807,"Morruato de sodio"]
[51131808,"Ácido aminocaproico"]
[51131809,"Dobesilato de calcio"]
[51131901,"Poligelina"]
[51131903,"Gelatina"]
[51131904,"Plasma sanguíneo humano"]
[51131905,"Dextrano"]
[51131906,"Pentastarch"]
[51131907,"Fracción de proteína de plasma humano"]
[51131908,"Hetastarch"]
[51131909,"Albúmina humana"]
[51131910,"Polividona o povidona"]
[51132001,"Pentoxifilina"]
[51141501,"Acetazolamida"]
[51141502,"Clonazepam"]
[51141503,"Felbamato"]
[51141504,"Lamotrigina"]
[51141505,"Fenobarbital"]
[51141506,"Fenobarbital sódico"]
[51141507,"Fenitoína"]
[51141508,"Etosuximida"]
[51141509,"Vigabatrina"]
[51141510,"Barbexaclona"]
[51141511,"Urbanyl"]
[51141512,"Clobazam"]
[51141513,"Carbamazepina"]
[51141514,"Zonisamida"]
[51141515,"Etotoína"]
[51141516,"Fosfenitoína sódica"]
[51141517,"Gabapentina"]
[51141518,"Levetiracetam"]
[51141519,"Mefenitoina"]
[51141520,"Mefobarbital"]
[51141521,"Metsuximida"]
[51141522,"Oxcarbazepina"]
[51141523,"Parametadiona"]
[51141524,"Fenacemida"]
[51141525,"Fenitoína sódica"]
[51141526,"Primidona"]
[51141527,"Clorhidrato de tiagabina"]
[51141528,"Topiramato"]
[51141529,"Trimetadiona"]
[51141530,"Valproato de sodio"]
[51141531,"Ácido valproico"]
[51141532,"Acetazolamida sódica"]
[51141533,"Divalproex sódico"]
[51141601,"Amitriptilina"]
[51141602,"Clorhidrato de doxepina"]
[51141603,"Pamoato de imipramina"]
[51141604,"Mirtazapina"]
[51141605,"Hidrocloruro de paroxetina"]
[51141606,"Clorhidrato de trazodona"]
[51141607,"Maleato de fluvoxamina"]
[51141608,"Amitriptilinoxida"]
[51141609,"Sulfato de tranilcipromina"]
[51141610,"Clorhidrato de desipramina"]
[51141611,"Trimipramina mesilato"]
[51141612,"Sibutramina"]
[51141613,"Clorhidrato de carpipramine"]
[51141614,"Clomipramina"]
[51141615,"Trimipramina"]
[51141616,"Clorhidrato de clomipramina"]
[51141617,"Bromhidrato de citalopram"]
[51141618,"Clorhidrato de fluoxetina"]
[51141619,"Hidrocloruro de sertralina"]
[51141620,"Mosto de st'john"]
[51141621,"Clorhidrato de imipramina"]
[51141622,"Isocarboxazida"]
[51141623,"Clorhidrato de caprotilina"]
[51141624,"Clorhidrato de nefazodona"]
[51141625,"Clorhidrato de nortriptilina"]
[51141626,"Clorhidrato de protriptilina"]
[51141627,"Maleato de trimipramina"]
[51141628,"Nortriptilina"]
[51141629,"Amoxapina"]
[51141630,"Tiroides"]
[51141631,"Hidrocloruro de bupropión"]
[51141632,"Sulfato de fenelzina"]
[51141633,"Oxalato de escitalopram"]
[51141701,"Fenotiazinas"]
[51141702,"Haloperidol"]
[51141703,"Olanzapina"]
[51141704,"Risperidona"]
[51141705,"Nicergolina"]
[51141706,"Citicolina"]
[51141707,"Clorhidrato de buspirona"]
[51141708,"Clordiazepóxido"]
[51141709,"Flufenazina"]
[51141710,"Periciazina"]
[51141711,"Levomepromazina"]
[51141712,"Zotepina"]
[51141713,"Palmitato de pipotiazina"]
[51141714,"Piracetam"]
[51141715,"Clozapina"]
[51141716,"Decanoato de haloperidol"]
[51141717,"Lactato de haloperidol"]
[51141718,"Clorhidrato de loxapina"]
[51141719,"Succinato de loxapina"]
[51141720,"Clorhidrato de molindona"]
[51141721,"Pimozida"]
[51141722,"Fumarato de quetiapina"]
[51141723,"Tiotixeno"]
[51141724,"Clorhidrato de tiotixeno"]
[51141725,"Clorhidrato de ziprasidona"]
[51141726,"Clorhidrato de triflupromazina"]
[51141727,"Mesilato de ziprasidona"]
[51141728,"Droperidol"]
[51141729,"Clorhidrato de tioridazina"]
[51141801,"Pentobarbital"]
[51141802,"Secobarbital sódico"]
[51141803,"Hidrato de cloral"]
[51141804,"Estazolam"]
[51141805,"Triazolam"]
[51141806,"Butobarbital"]
[51141807,"Flunitrazepam"]
[51141808,"Tartrato de zolpidem"]
[51141809,"Loprazolam mesilato"]
[51141810,"Zoplicona"]
[51141811,"Amobarbital sódico"]
[51141812,"Didrocloruro de dexmedetomidina"]
[51141813,"Etclorvinol"]
[51141814,"Clorhidrato de flurazepam"]
[51141815,"Glutetimida"]
[51141816,"Paraldehído"]
[51141817,"Quazepam"]
[51141818,"Triptófano"]
[51141819,"Zaleplon"]
[51141820,"Pentobarbital sódico"]
[51141821,"Doxilamina succinato"]
[51141822,"Butabarbital"]
[51141903,"Carbonato de litio"]
[51141904,"Citrato de litio"]
[51141907,"Sulpirida"]
[51141908,"Tiaprida"]
[51141910,"Bromazepam"]
[51141911,"Tofisopam"]
[51141912,"Hidrocloruro de chlordiazepoxide"]
[51141913,"Clormezanone"]
[51141914,"Clorazapato dipotásico"]
[51141915,"Halazepam"]
[51141916,"Lorazepam"]
[51141917,"Oxazepam"]
[51141918,"Meprobamato"]
[51141919,"Alprazolam"]
[51141920,"Diazepam"]
[51141921,"Clorhidrato de midazoloam"]
[51141922,"Temazepam"]
[51142001,"Acetaminofén"]
[51142002,"Ácido acetilsalicílico"]
[51142003,"Mesalamina"]
[51142004,"Meprobromato"]
[51142005,"Butetisalicilato de metilo"]
[51142006,"Oxaceprol"]
[51142009,"Metamizol sódico"]
[51142010,"Acetanilida"]
[51142011,"Salicilato de magnesio"]
[51142012,"Ácido mefenámico"]
[51142013,"Salicilamida"]
[51142014,"Tiosalicilato de sodio"]
[51142015,"Salicilato de trietanolamina"]
[51142016,"Solución de antipirina y benzocaína"]
[51142017,"Salsalato o ácido salicil salicílico"]
[51142018,"Inyección de alcohol deshidratado"]
[51142101,"Auranofin"]
[51142102,"Carpofen"]
[51142103,"Diclofenaco potásico"]
[51142104,"Diclofenaco sódico"]
[51142105,"Flurbiprofeno"]
[51142106,"Ibuprofeno"]
[51142107,"Indometacina"]
[51142108,"Ketoprofeno"]
[51142109,"Naproxeno"]
[51142110,"Naproxeno sódico"]
[51142111,"Oxaprozin"]
[51142112,"Sulindaco"]
[51142113,"Suprofeno"]
[51142114,"Clorhidrato de bencidamina"]
[51142116,"Salicilato de dietilamina"]
[51142117,"Dietilamina diclofenaco"]
[51142118,"Nimesulida"]
[51142119,"Benorilato"]
[51142120,"Serrapeptasa"]
[51142121,"Diclofenaco"]
[51142122,"Auriotomalato de sodio"]
[51142123,"Ketorolaco trometamol"]
[51142124,"Etodolac"]
[51142125,"Etofenamato"]
[51142126,"Floctafenina"]
[51142127,"Emorfazona"]
[51142128,"Piroxicam"]
[51142129,"Ácido tiaprofénico"]
[51142130,"Leflunomida"]
[51142131,"Celecoxib"]
[51142132,"Aurotioglucosa"]
[51142133,"Bromfenac sódico"]
[51142134,"Salicilato de colina"]
[51142135,"Fenoprofen cálcico"]
[51142136,"Flurbiprofen sódico"]
[51142137,"Indometacina trihidrato sódica"]
[51142138,"Ketorolac trometamina"]
[51142139,"Meclofenamato sódico"]
[51142140,"Meloxicam"]
[51142141,"Nabumetona"]
[51142142,"Rofecoxib"]
[51142143,"Tolmetin sódico"]
[51142144,"Valdecoxib"]
[51142145,"Adalimumab"]
[51142146,"Diflunisal"]
[51142147,"Anakinra"]
[51142148,"Hialuronato de sodio"]
[51142149,"Glucosamina"]
[51142201,"Butorfanol tartrato"]
[51142202,"Fosfato codeina"]
[51142203,"Sulfato codeina"]
[51142205,"Clorhidrato meperidina"]
[51142206,"Sulfato de morfina"]
[51142207,"Oxicodona"]
[51142208,"Citrato sufentanilo"]
[51142209,"Clorhidrato nefopam"]
[51142210,"Clorhidrato etilmorfina"]
[51142211,"Hidrocodona"]
[51142212,"Dihidrocodeina resinato"]
[51142213,"Napsilato de propoxifeno"]
[51142214,"Clorhidrato de alfentanil"]
[51142215,"Hidrocloruro de buprenorfina"]
[51142216,"Dezocina"]
[51142217,"Dihidrocodéina tartrato"]
[51142218,"Dihidrocodéina"]
[51142219,"Fentanilo"]
[51142220,"Citrato de fentanilo"]
[51142221,"Bitartrato de hidrocodona"]
[51142222,"Hidrocloruro de hidromorfona"]
[51142223,"Polistirex de hidrocodona"]
[51142224,"Clorhidrato de acetato de levometadil"]
[51142225,"Tartrato de levorfanol"]
[51142226,"Clorhidrato de metadona"]
[51142227,"Clorhidrato de oxicodona"]
[51142228,"Clorhidrato de oximorfona"]
[51142229,"Clorhidrato de pentazocina"]
[51142230,"Lactato de pentazocina"]
[51142231,"Clorhidrato de propoxifeno"]
[51142232,"Clorhidrato de remifentanilo"]
[51142233,"Codeína"]
[51142234,"Bitartrato de dihidrocodeína"]
[51142235,"Clorhidrato de tramadol"]
[51142236,"Opio"]
[51142237,"Dextropropoxifeno"]
[51142301,"Clorhidrato de nalmefeno"]
[51142302,"Hidrocloruro de naloxona"]
[51142303,"Naltrexona"]
[51142304,"Clorhidrato de nalbufina"]
[51142305,"Roxatidina"]
[51142401,"Maleato de metisergida"]
[51142402,"Succinato de sumatriptán"]
[51142403,"Tartrato de ergotamina"]
[51142404,"Dihidroergotamina"]
[51142405,"Combinación de ácido acetilsalicílico paracetamol"]
[51142406,"Almotriptán malato"]
[51142407,"Mesilato de dihidroergotamina"]
[51142408,"Succinato de frovatriptan"]
[51142409,"Isometepteno"]
[51142410,"Naratriptán hidrocloruro"]
[51142411,"Benzoato de rizatriptán"]
[51142412,"Bromhidrato de eletriptan"]
[51142413,"Zolmitriptán"]
[51142414,"Sumatriptán"]
[51142501,"Mesilato de bromocriptina"]
[51142502,"Carbidopa"]
[51142503,"Levodopa"]
[51142504,"Clorhidrato de selegilina"]
[51142505,"Biperideno"]
[51142506,"Clorhidrato de biperideno"]
[51142507,"Mesilato de pergolida"]
[51142508,"Dihidrocloruro de pramipexol"]
[51142509,"Clorhidrato de ropinirol"]
[51142510,"Tolcapone"]
[51142601,"Sulfato de anfetamina"]
[51142602,"Fenfluramina"]
[51142603,"Mazindol"]
[51142604,"Pemolina"]
[51142605,"Tartrato de fendimetrazina"]
[51142606,"Clorhidrato de pipradol"]
[51142607,"Fenproporex"]
[51142608,"Trimetilxantina"]
[51142609,"Clorhidrato de anfepramona"]
[51142610,"Cafeína"]
[51142611,"Clorhidrato de dexfenfluramina"]
[51142612,"Clorhidrato de dietilpropión"]
[51142613,"Clorhidrato de fenfluramina"]
[51142614,"Clorhidrato de benzfetamina"]
[51142615,"Clorhidrato de  fentermina"]
[51142616,"Fentermina de resina"]
[51142617,"Clorhidrato de sibutramina monohidratada"]
[51142618,"Clorhidrato de metilfenidato"]
[51142619,"Espíritu aromático de amoníaco"]
[51142701,"Fenilbutazona"]
[51142702,"Ácido meclofenámico"]
[51142801,"Riluzol"]
[51142901,"Cloroformo"]
[51142902,"Mezcla eutéctica de anestésicos locales"]
[51142903,"Ropivacaína"]
[51142904,"Lidocaína"]
[51142905,"Bupivacaína"]
[51142906,"Clorhidrato de ametocaína"]
[51142907,"Oxibuprocaína"]
[51142908,"Lignocaina"]
[51142909,"Benzocaína"]
[51142910,"Prilocaina"]
[51142911,"Clorhidrato de quinisocaina"]
[51142912,"Dibucaina"]
[51142913,"Halotano"]
[51142914,"Clorhidrato de amilocaína"]
[51142915,"Septocaina"]
[51142916,"Hialuronidasa"]
[51142917,"Mepivacaína"]
[51142918,"Articaína"]
[51142919,"Isoflurano"]
[51142920,"Procaina"]
[51142921,"Tiopental sódico"]
[51142922,"Clorhidrato de benoxinato"]
[51142923,"Butambeno"]
[51142924,"Clorobutanol"]
[51142925,"Clorhidrato de cloroprocaína"]
[51142926,"Clorhidrato de cocaína"]
[51142927,"Desflurano"]
[51142928,"Clorhidrato de diclonina"]
[51142929,"Enflurano"]
[51142930,"Éter"]
[51142931,"Cloruro de etilo"]
[51142932,"Clorhidrato de etidocaína"]
[51142933,"Etomidato"]
[51142934,"Clorhidrato de ketamina"]
[51142935,"Levobupivacaína hidrocloruro"]
[51142936,"Levonordefrina"]
[51142937,"Clorhidrato de lidocaína"]
[51142938,"Metohexital sódico"]
[51142939,"Clorhidrato de pramoxina"]
[51142940,"Clorhidrato de proparacaína"]
[51142941,"Propofol"]
[51142942,"Sevoflurano"]
[51142943,"Tetracaína"]
[51142944,"Clorhidrato de tetracaina"]
[51142945,"Clorhidrato de doxapram"]
[51142946,"Metoxiflurano"]
[51142947,"Clorhidrato de cincocaína"]
[51151501,"Cloruro de betanecol"]
[51151502,"Cloruro de edrofonio"]
[51151503,"Fisostigmina"]
[51151504,"Nitrato de pilocarpina"]
[51151505,"Clorhidrato de tropatepina"]
[51151506,"Inhibidor de la esterasa"]
[51151507,"Cloruro de ambenonio"]
[51151508,"Dexpantenol"]
[51151509,"Donepezilo clorhidrato"]
[51151510,"Bromhidrato de galantamina"]
[51151511,"Bromuro de mepenzolato"]
[51151512,"Metilsulfato de neostigmina"]
[51151513,"Bromuro de neostigmina"]
[51151514,"Bromuro de piridostigmina"]
[51151515,"Tartrato de rivastigmina"]
[51151516,"Clorhidrato de tacrina"]
[51151517,"Clorhidrato de cevimelina"]
[51151518,"Lecitina o fosfatidilcolina"]
[51151601,"Sulfato de atropina"]
[51151602,"Mesilato de benztropina"]
[51151603,"Clorhidrato de prociclidina"]
[51151604,"Clorhidrato de trihexifenidilo"]
[51151605,"Clorhidrato de ciclopentolato"]
[51151606,"Tropicamida"]
[51151607,"Bromuro de clidinio"]
[51151608,"Clorhidrato de diciclomina"]
[51151609,"Bromuro de propantelina"]
[51151610,"Alcaloides de belladona"]
[51151611,"Glicopirrolato"]
[51151612,"Sulfato de hiosciamina"]
[51151613,"Bromhidrato de escopolamina"]
[51151614,"Homatropina bromhidrato"]
[51151615,"Caramifeno"]
[51151616,"Atropina"]
[51151701,"Albuterol"]
[51151702,"Tartrato de brimonidina"]
[51151703,"Epinefrina"]
[51151704,"Borato de epinefrina"]
[51151705,"Clorhidrato de epinefrina"]
[51151706,"Isoproterenol"]
[51151707,"Sulfato de isoproterenol"]
[51151708,"Bitartrato de levarterenol"]
[51151709,"Fenilpropanolamina clorhidrato"]
[51151710,"Clorhidrato de fenilefrina"]
[51151711,"Sulfato de terbutalina"]
[51151712,"Clorhidrato de arbutamina"]
[51151713,"Clorhidrato de cinamedrina"]
[51151714,"Sulfato de d-anfetamina"]
[51151715,"Sulfato de efedrina"]
[51151716,"Clorhidrato de isoproterenol"]
[51151717,"Sulfato de mefentermina"]
[51151718,"Bitartrato de metaraminol"]
[51151719,"Pseudoefedrina"]
[51151720,"Xinafoato de salmeterol"]
[51151721,"Clorhidrato de midodrina"]
[51151722,"Clorhidrato de levalbuterol"]
[51151723,"Clorhidrato de tetrahidrozolina"]
[51151724,"Clorhidrato de nafazolina"]
[51151725,"Dipivefrina"]
[51151726,"Fenilpropanolamina"]
[51151727,"Norepinefrina bitartrato"]
[51151728,"Bromhidrato hidroxianfetamina"]
[51151729,"Clorhidrato de metanfetamina"]
[51151730,"Epinefrina bitartrato"]
[51151731,"Sulfato de metaproterenol"]
[51151732,"Clorhidrato de dobutamina"]
[51151733,"Clorhidrato de dipivefrina"]
[51151734,"Sulfato de albuterol"]
[51151735,"Aspartato de anfetamina"]
[51151736,"Mesilato de isoetarina"]
[51151737,"Clorhidrato de dopamina"]
[51151738,"Fumarato de formoterol"]
[51151739,"Clorhidrato de metoxamina"]
[51151740,"Clorhidrato de isoetarina"]
[51151741,"Efedrina"]
[51151742,"Fenilefrina"]
[51151743,"Clorhidrato de pseudoefedrina"]
[51151744,"Hidrocloruro de efedrina"]
[51151745,"Tanato de pseudoefedrina"]
[51151746,"Sulfato de pseudoefedrina"]
[51151747,"Hidrocloruro de racepinephrine"]
[51151748,"Nafazolina"]
[51151749,"Dextroanfetamina"]
[51151801,"Atenolol"]
[51151802,"Hidrocloruro de esmolol"]
[51151803,"Nadolol"]
[51151804,"Pindolol"]
[51151805,"Maleato de timolol"]
[51151810,"Mesilato de fentolamina"]
[51151811,"Hidrocloruro de yohimbina"]
[51151812,"Hidrocloruro de propranolol"]
[51151813,"Acebutolol"]
[51151814,"Hidrocloruro de betaxolol"]
[51151815,"Hidrocloruro de tolazolina"]
[51151816,"Hidrocloruro de prazosín"]
[51151817,"Hidrocloruro de tamsulosina"]
[51151818,"Hidrocloruro de carteolol"]
[51151819,"Hidrocloruro de terazosina"]
[51151820,"Hidrocloruro de fenoxibenzamina"]
[51151821,"Sulfato de penbutolol"]
[51151822,"Succinato de metoprolol"]
[51151823,"Hidrocloruro de labetalol"]
[51151824,"Mesilato de doxazosina"]
[51151825,"Hidrocloruro de dapiprazol"]
[51151901,"Baclofeno"]
[51151902,"Clorzoxazona"]
[51151903,"Dantroleno sódico"]
[51151904,"Metocarbamol"]
[51151905,"Carisoprodol"]
[51151906,"Isoxsuprina"]
[51151907,"Clorhidrato de ritodrina"]
[51151908,"Citrato de orfenadrina"]
[51151910,"Nonivamida"]
[51151911,"Suxametonio"]
[51151912,"Tiocolchicósido"]
[51151913,"Clorfenesina carbamato"]
[51151914,"Clorhidrato de ciclobenzaprina"]
[51151915,"Metaxalona"]
[51151916,"Cloruro de succinilcolina"]
[51151917,"Clorhidrato de tizanidina"]
[51152001,"Besilato de atracurio"]
[51152002,"Cloruro de mivacurio"]
[51152003,"Bromuro de rocuronio"]
[51152004,"Bromuro de vecuronio"]
[51152005,"Toxina botulínica"]
[51152006,"Cisatracurio"]
[51152007,"Cloruro de doxacurio"]
[51152008,"Yoduro de metocurina"]
[51152009,"Bromuro de pancuronio"]
[51152010,"Bromuro de rapacuronio"]
[51152011,"Cloruro de tubocurarina"]
[51152012,"Bromuro de pipecuronio"]
[51161501,"Mesilato de bitolterol"]
[51161502,"Nedocromil sódico"]
[51161503,"Acetato de pirbuterol"]
[51161504,"Aminofilina"]
[51161505,"Teofilina"]
[51161506,"Terbutalina"]
[51161507,"Formoterol"]
[51161508,"Sulfato de salbutamol"]
[51161510,"Teofilina"]
[51161511,"Cromoglicato de sodio"]
[51161513,"Difilina"]
[51161514,"Oxtrifilina"]
[51161515,"Montelukast sódico"]
[51161516,"Zafirlukast"]
[51161517,"Zileutón"]
[51161601,"Astemizol"]
[51161602,"Fumarato de clemastina"]
[51161603,"Maleato de dexclorfeniramina"]
[51161605,"Clorhidrato de levocabastina"]
[51161606,"Loratadina"]
[51161607,"Terfenadina"]
[51161608,"Clorhidrato de betahistina"]
[51161609,"Hidrocloruro de triprolidina"]
[51161610,"Prometazina"]
[51161611,"Oxomemazina"]
[51161612,"Ebastina"]
[51161613,"Mesilato de dihidroergotoxina"]
[51161614,"Clorhidrato de meclozina"]
[51161615,"Cetirizina"]
[51161616,"Betahistina"]
[51161617,"Clorhidrato de buclicina"]
[51161618,"Alimemazina"]
[51161619,"Mepiramina maleato"]
[51161620,"Difenhidramina"]
[51161621,"Clorhidrato de fexofenadina"]
[51161622,"Cromoglicato de sodio"]
[51161623,"Hidroxizina pamoato"]
[51161624,"Maleato de  azatadina"]
[51161625,"Azelastina hidrocloruro"]
[51161626,"Bosentán"]
[51161627,"Maleato de bromfeniramina"]
[51161628,"Maleato de carbinoxamina"]
[51161629,"Hidrocloruro de cetirizina"]
[51161630,"Maleato de clorfenamina"]
[51161631,"Tanato de clorfenamina"]
[51161632,"Clorhidrato de ciproheptadina"]
[51161633,"Desloratadina"]
[51161634,"Maleato de dexbromfeniramina"]
[51161635,"Clorhidrato de difenhidramina"]
[51161636,"Tanato de difenhidramina"]
[51161637,"Clorhidrato de hidroxizina"]
[51161638,"Fumarato de ketotifeno"]
[51161639,"Clorhidrato de olopatadina"]
[51161640,"Tartrato de fenindamina"]
[51161646,"Acrivastina"]
[51161647,"Bromfeniramina"]
[51161648,"Difumarato de emedastina"]
[51161649,"Lodoxamida trometamina"]
[51161650,"Clorhidrato de prometazina"]
[51161651,"Potasio de pemirolast"]
[51161701,"Acetilcisteína"]
[51161702,"Beractant"]
[51161703,"Budesonida"]
[51161704,"Palmitato de colfoscerilo"]
[51161705,"Bromuro de ipratropio"]
[51161706,"Sobrerol"]
[51161707,"Clorhidrato de bamifilina"]
[51161708,"Dornasa alfa"]
[51161709,"Poractant alfa"]
[51161710,"Calfactant"]
[51161801,"Benzonatato"]
[51161802,"Guaifenesina"]
[51161803,"Mentol"]
[51161805,"Carbocisteína"]
[51161806,"Cloruro de amonio"]
[51161808,"Dextrometorfano"]
[51161809,"Citrato de oxolamina"]
[51161810,"Folcodina"]
[51161811,"Bromhexina"]
[51161812,"Combinación de acetaminofen y clorfeniramina"]
[51161813,"Guayacolsulfonato de potasio"]
[51161814,"Bitartrato de fenilpropanolamina"]
[51161815,"Tanato de carbetapentano"]
[51161817,"Clorhidrato de dextrometorfano"]
[51161818,"Dextrometorfano polistirex"]
[51161819,"Tanato de dextrometorfano"]
[51161820,"Aceite de eucalipto o eucaliptol"]
[51161901,"Clorhidrato de oximetazolina"]
[51161903,"Clorhidrato de xilometazolina"]
[51171501,"Carbonato de calcio"]
[51171502,"Magaldrato"]
[51171503,"Hidróxido de magnesio"]
[51171504,"Antiácidos de bicarbonato de sodio"]
[51171505,"Simeticona"]
[51171507,"Hidrotalcita"]
[51171508,"Carbonato de magnesio"]
[51171509,"Clorhidrato de betaína"]
[51171510,"Trisilicato de magnesio"]
[51171511,"Hidróxido de aluminio"]
[51171513,"Dihidroxialuminio-carbonato de sodio"]
[51171601,"Cáscara sagrada"]
[51171602,"Docusato de calcio"]
[51171603,"Docusato potásico"]
[51171604,"Docusato de sodio"]
[51171605,"Lactulosa"]
[51171606,"Sulfato de magnesio"]
[51171607,"Mucílago hidrófilo del psilio"]
[51171608,"Glicerina"]
[51171609,"Ácido dehidrocólico"]
[51171610,"Sen o senósidos"]
[51171611,"Estimulante bisacodilo"]
[51171612,"Metilcelulosa"]
[51171613,"Aloína"]
[51171614,"Bisacodyl"]
[51171615,"Calcio policarbofilo"]
[51171616,"Casantranol"]
[51171617,"Aceite de ricino"]
[51171618,"Monohidrato de cisaprida"]
[51171619,"Supositorios de glicerina"]
[51171620,"Citrato de magnesio"]
[51171621,"Clorhidrato de metoclopramida"]
[51171622,"Fosfato de sodio"]
[51171623,"Fenolftaleína"]
[51171624,"Semilla de psyllium"]
[51171626,"Bitartrato de potasio"]
[51171627,"Tartrato de sodio y potasio"]
[51171628,"Fosfato de potasio"]
[51171629,"Sulfato de sodio"]
[51171630,"Aceite mineral"]
[51171631,"Polietilenglicol laxante"]
[51171632,"Cloruro de magnesio"]
[51171701,"Clorhidrato de difenoxina"]
[51171702,"Hidroclorato de loperamida"]
[51171703,"Paregorico"]
[51171704,"Nifuroxazida"]
[51171706,"Atapulgita"]
[51171707,"Subsalicilato de bismuto"]
[51171708,"Clorhidrato de difenoxilato"]
[51171709,"Saccharomyces boulardii"]
[51171710,"Clorhidrato de alosetrón"]
[51171711,"Caolín y pectina"]
[51171712,"Pectina  purificada con acidophilus"]
[51171801,"Dronabinol"]
[51171802,"Clorhidrato de granisetrón"]
[51171803,"Clorhidrato de meclizina"]
[51171804,"Clorhidrato de ondansetrón"]
[51171805,"Clorhidrato de trimetobenzamida"]
[51171806,"Metoclopramida"]
[51171807,"Cinarizina"]
[51171808,"Clorhidrato de difenidol"]
[51171809,"Ciclizina"]
[51171811,"Combinacion de dextrosa fructosa y ácido fosfórico"]
[51171812,"Proclorperazina"]
[51171813,"Metopimazina"]
[51171814,"Mesilato de dolasetrón"]
[51171815,"Clorhidrato de ciclizina"]
[51171816,"Ondansetrón"]
[51171817,"Edisilato de proclorperazina"]
[51171818,"Maleato de proclorperazina"]
[51171819,"Maleato de tietilperacina"]
[51171820,"Dimenhidrinato"]
[51171821,"Aprepitant"]
[51171822,"Clorhidrato de palonosetrón"]
[51171901,"Cimetidina"]
[51171902,"Famotidina"]
[51171903,"Nizatidina"]
[51171904,"Clorhidrato de ranitidina"]
[51171905,"Cisapride"]
[51171906,"Lansoprazol"]
[51171907,"Clordiazepóxido clorhidrato o combinación de bromuro clinidio"]
[51171908,"Misoprostol"]
[51171909,"Omeprazol"]
[51171910,"Pancreatina"]
[51171911,"Sucralfato"]
[51171912,"Clorhidrato de cimetidina"]
[51171913,"Esomeprazol magnesico  trihidrato"]
[51171914,"Pantoprazol sódico sesquihidratado"]
[51171915,"Pantoprazol sódico"]
[51171916,"Rabeprazol sódico"]
[51171917,"Citrato de bismuto ranitidina"]
[51171918,"Carbonato de aluminio"]
[51172001,"Quenodiol"]
[51172002,"Monoctanoina"]
[51172003,"Ursodiol"]
[51172004,"Dimetilsulfóxido"]
[51172101,"Clorhidrato de mebeverina"]
[51172102,"Clorhidrato de dicicloverina"]
[51172103,"Clorhidrato de pitofenona"]
[51172105,"Floroglucinol"]
[51172106,"Clorhidrato de oxibutinina"]
[51172107,"Butilbromuro de hioscina"]
[51172108,"Clorhidrato de viquidil"]
[51172109,"Trimebutina"]
[51172110,"Clorhidrato de prozapina"]
[51172111,"Alverina"]
[51181501,"Acarbosa"]
[51181502,"Acetohexamida"]
[51181503,"Clorpropamida"]
[51181504,"Glimepirida"]
[51181505,"Glipizida"]
[51181506,"Insulina"]
[51181508,"Glucagón"]
[51181509,"Gliclazida"]
[51181510,"Clorhidrato de fenformina"]
[51181511,"Buformina"]
[51181513,"Nateglinida"]
[51181514,"Extracto de páncreas"]
[51181515,"Tolbutamida"]
[51181516,"Glibenclamida o gliburida"]
[51181517,"Hidrocloruro de metformina"]
[51181519,"Miglitol"]
[51181520,"Clorhidrato de pioglitazona"]
[51181521,"Repaglinida"]
[51181522,"Maleato de rosiglitazona"]
[51181523,"Tolazamida"]
[51181524,"Troglitazona"]
[51181601,"Levotiroxina sódica"]
[51181602,"Liotironina sódica"]
[51181603,"Liotrix"]
[51181604,"Tirotropina"]
[51181605,"Metimazol"]
[51181606,"Propiltiouracilo"]
[51181607,"Yoduro de potasio"]
[51181608,"Levotiroxina"]
[51181609,"Yoduro de sodio"]
[51181701,"Betametasona"]
[51181702,"Corticotropina"]
[51181703,"Cosintropina"]
[51181704,"Dexametasona"]
[51181705,"Flunisolida"]
[51181706,"Hidrocortisona"]
[51181707,"Metilprednisolona"]
[51181708,"Prednisolona"]
[51181709,"Triamcinolona"]
[51181710,"Desoximetasona"]
[51181711,"Meprednisona"]
[51181712,"Ácido risedrónico"]
[51181713,"Prednisona"]
[51181714,"Prednicarbato"]
[51181715,"Cortisona"]
[51181716,"Cortivazol"]
[51181717,"Acetato de desoxicortona"]
[51181718,"Deflazacort"]
[51181719,"Acetónido de fluocinolona"]
[51181720,"Diacetato de diflorasona"]
[51181721,"Corticorelina ovina triflutato"]
[51181722,"Fluticasona"]
[51181723,"Acetato de hidrocortisona"]
[51181724,"Hidrocortisona buteprato"]
[51181725,"Butirato de hidrocortisona"]
[51181726,"Fosfato sódico de hidrocortisona"]
[51181727,"Valerato de hidrocortisona"]
[51181728,"Acetato de metilprednisolona"]
[51181729,"Succinato sódico de metilprednisolona"]
[51181730,"Acetato de prednisolona"]
[51181731,"Acetato de triamcinolona"]
[51181732,"Diacetato de triamcinolona"]
[51181733,"Hexacetonido de triamcinolona"]
[51181734,"Dipropionato de alclometasona"]
[51181735,"Propionato de halobetasol"]
[51181736,"Fluorometolona"]
[51181737,"Halcinonida"]
[51181738,"Acetato de fludrocortisona"]
[51181739,"Rimexolona"]
[51181740,"Fosfato sódico de dexametasona"]
[51181741,"Loteprednol etabonato"]
[51181742,"Propionato de clobetasol"]
[51181743,"Pivalato de clocortolona"]
[51181744,"Fluocinonida"]
[51181745,"Flurandrenolida"]
[51181746,"Amcinonida"]
[51181747,"Probutato de hidrocortisona"]
[51181748,"Medrisona"]
[51181749,"Furoato de mometasona"]
[51181750,"Desonida"]
[51181751,"Fosfato sódico de prednisolona"]
[51181752,"Dipropionato de beclometasona"]
[51181753,"Acetato de cortisona"]
[51181754,"Dipropionato de betametasona"]
[51181755,"Valerato de betametasona"]
[51181801,"Clorotrianiseno"]
[51181802,"Estrona"]
[51181803,"Estrógenos conjugados"]
[51181804,"Estropipato"]
[51181805,"Levonorgestrel"]
[51181806,"Acetato de megestrol"]
[51181807,"Etinilestradiol"]
[51181808,"Mestranol"]
[51181810,"Acetato de clormadinona"]
[51181811,"Desogestrel y etinilestradiol"]
[51181812,"Dienestrol"]
[51181813,"Estradiol"]
[51181814,"Etisterona"]
[51181815,"Estradiol y acetato de noretisterona"]
[51181816,"Hidroxiestrona diacetato"]
[51181817,"Promestrieno"]
[51181818,"Progesterona"]
[51181819,"Promegestona"]
[51181820,"Gestrinona"]
[51181821,"Cipionato de estradiol"]
[51181822,"Valerato de estradiol"]
[51181823,"Estrógenos esterificados"]
[51181824,"Diacetato de etinodiol"]
[51181825,"Dietilestilbestrol"]
[51181826,"Caproato de hidroxiprogesterona"]
[51181827,"Acetato de medroxiprogesterona"]
[51181828,"Noretindrona"]
[51181829,"Acetato de noretindrona"]
[51181830,"Norgestimato"]
[51181831,"Norgestrel"]
[51181832,"Etonogestrel y etinil estradiol"]
[51181833,"Etinil-estradiol y diacetato de etinodiol"]
[51181834,"Noretindrona y  etinil estradiol"]
[51181901,"Gonadotropina coriónica"]
[51181902,"Danazol"]
[51181903,"Acetato de gonadorelina"]
[51181904,"Acetato de histrelina"]
[51181905,"Menotropinas"]
[51181906,"Urofolitropina"]
[51181908,"Fosfestrol de sodio"]
[51181911,"Citrato de clomifeno"]
[51181912,"Folitropina"]
[51181913,"Clorhidrato de gonadorelina"]
[51182001,"Finasterida"]
[51182002,"Testosterona"]
[51182003,"Cipionato de testosterona"]
[51182004,"Enantato de testosterona"]
[51182005,"Propionato de testosterona"]
[51182006,"Acetato de trembolona"]
[51182007,"Metandriol"]
[51182008,"Fluoximesterona"]
[51182009,"Metiltestosterona"]
[51182010,"Decanoato de nandrolona"]
[51182011,"Fenilpropionato de nandrolona"]
[51182012,"Prasterona"]
[51182013,"Stanozolol"]
[51182014,"Dutasteride"]
[51182101,"Acetato de desmopresina"]
[51182102,"Vasopresina"]
[51182201,"Dinoprostona"]
[51182202,"Maleato de metilergonovina"]
[51182203,"Oxitocina"]
[51182204,"Maleato de ergonovina"]
[51182301,"Somatrem"]
[51182302,"Somatropina"]
[51182303,"Somatostatina"]
[51182304,"Acetato de octreotida"]
[51182401,"Cloruro de calcio"]
[51182403,"Gluconato de calcio"]
[51182404,"Lactato de calcio"]
[51182405,"Fosfato de calcio dibase"]
[51182406,"Alendronato sódico"]
[51182407,"Calcitonina"]
[51182408,"Fosfato  sódico de celulosa"]
[51182409,"Nitrato de galio"]
[51182410,"Etidronato disódico"]
[51182411,"Nandrolona"]
[51182412,"Fosfato calcio tribásico"]
[51182413,"Calcio fosfato de glicerol"]
[51182415,"Ácido zoledrónico"]
[51182416,"Pamidronato disódico"]
[51182417,"Risedronato de sodio"]
[51182418,"Acetato de calcio"]
[51182419,"Glucoheptonato de calcio  o gluceptato de calcio"]
[51182420,"Dihidrotaquisterol"]
[51191501,"Clorotiazida"]
[51191502,"Clortalidona"]
[51191503,"Metolazona"]
[51191504,"Bumetanida"]
[51191505,"Etacrinato de sodio"]
[51191506,"Clorhidrato de amilorida"]
[51191507,"Espironolactona"]
[51191508,"Triamtereno"]
[51191509,"Manitol"]
[51191510,"Furosemida"]
[51191511,"Canrenoato de potasio"]
[51191512,"Lasitone"]
[51191513,"Bendroflumetiazida"]
[51191514,"Ácido etacrínico"]
[51191515,"Hidroclorotiazida"]
[51191516,"Hidroflumetiazida"]
[51191517,"Isosorbide"]
[51191518,"Meticlotiazida"]
[51191519,"Pamabrom"]
[51191520,"Politiazida"]
[51191521,"Torasemida"]
[51191522,"Triclormetiazida"]
[51191523,"Diurético osmótico urea"]
[51191601,"Dextrosa"]
[51191602,"Electrolitos de cloruro de sodio"]
[51191603,"Alimentación parenteral total o soluciones apt nutricionales"]
[51191604,"Solución ringer lactato"]
[51191701,"Trometamina"]
[51191702,"Lactato de sodio"]
[51191703,"Acetato de sodio"]
[51191704,"Soluciones electrolíticas múltiples"]
[51191705,"Combinación de ácido cítrico y citrato de potasio"]
[51191706,"Combinación de ácido cítrico y citrato de sodio"]
[51191801,"Bicarbonato de potasio"]
[51191802,"Cloruro de potasio"]
[51191803,"Gluconato de potasio"]
[51191804,"Acetato de potasio"]
[51191805,"Suplemento de potasio"]
[51191901,"Residuo de germen de maíz"]
[51191902,"Suplementos de amino ácidos"]
[51191903,"Pentermina"]
[51191904,"Fosfolípidos"]
[51191905,"Suplementos vitamínicos"]
[51191906,"Solución de rehidratación oral"]
[51191907,"Amonio molibdato"]
[51201501,"Azatioprina"]
[51201502,"Ciclosporina"]
[51201503,"Mofetilo micofenolato"]
[51201504,"Tacrolimus"]
[51201505,"Antilinfocitos"]
[51201506,"Defibrotide"]
[51201507,"Aldesleukina"]
[51201508,"Basiliximab"]
[51201509,"Daclizumab"]
[51201510,"Imiquimod"]
[51201511,"Muromonab cd3"]
[51201512,"Clorhidrato de micofenolato de mofetilo"]
[51201513,"Peginterferón"]
[51201514,"Pimecrolimus"]
[51201515,"Sirolimus"]
[51201516,"Antilinfocito o inmunoglobulina linfocítica"]
[51201517,"Hidrocloruro de guanidina"]
[51201518,"Azatioprina sódica"]
[51201601,"Antígeno de ántrax"]
[51201602,"Antígeno brucélico"]
[51201603,"Vacuna contra el cólera"]
[51201604,"Difteria"]
[51201605,"Vacuna contra el virus de la encefalitis"]
[51201606,"Influenza hemofílica"]
[51201607,"Vacuna contra el virus de hepatitis b"]
[51201608,"Vacuna contra el virus de la influenza"]
[51201609,"Vacuna contra el virus del sarampión"]
[51201610,"Vacuna meningococo"]
[51201611,"Morbillivirus"]
[51201612,"Vacuna contra el virus de las paperas"]
[51201613,"Parotiditis"]
[51201614,"Vacuna contra la pertussis"]
[51201615,"Vacuna contra el neumococo"]
[51201616,"Vacuna contra el virus del polio"]
[51201617,"Vacuna contra la rabia"]
[51201618,"Rotavirus"]
[51201619,"Vacuna contra el virus de la rubeola"]
[51201620,"Viruela"]
[51201621,"Toxoide tetánico"]
[51201622,"Tuberculosis"]
[51201623,"Vacuna contra el tifo"]
[51201624,"Vacuna contra el virus de la varicela"]
[51201625,"Vacuna contra la fiebre amarilla"]
[51201626,"Hepatitis a"]
[51201627,"Vacuna contra la hemofilia b"]
[51201628,"Vacuna contra los virus del sarampión, paperas y rubeola"]
[51201629,"Difteria y toxoide tetánico adsorbido"]
[51201631,"Vacuna contra difteria y toxoide tetánico y pertussis acelular"]
[51201632,"Difteria y tétano y pertussis celular"]
[51201633,"Influenza b hemofílica con difteria y tétano y pertussis acelular"]
[51201634,"Influenza b hemofílica con difteria y tétano y pertussis celular conjugadas"]
[51201635,"Vacuna contra el virus de la hepatitis a"]
[51201636,"Vacuna contra la enfermedad de lyme (borreliosis)"]
[51201638,"Vacuna contra la plaga"]
[51201639,"Vacuna contra el estafilococo"]
[51201646,"Vacuna contra el virus del sarampión y la rubeola"]
[51201647,"Vacuna bcg"]
[51201648,"Vacuna contra el virus de la rubeola y las paperas"]
[51201701,"Hipocruposis"]
[51201702,"E coli"]
[51201703,"Gumboro"]
[51201704,"Bronquitis infecciosa aviar"]
[51201705,"Newcastle"]
[51201801,"Inmunoglobulinas bacterianas"]
[51201802,"Filgrastim"]
[51201803,"Pelfigrastim"]
[51201804,"Sargramostim"]
[51201805,"Inmunoglobulina rho d"]
[51201806,"Inmunoglobulina o gamma igg"]
[51201807,"Inmunoglobulinas virales"]
[51201808,"Clorhidrato levamisol"]
[51201809,"Interferon"]
[51201901,"Acetato de glatiramer"]
[51211501,"Alopurinol"]
[51211502,"Colchicina"]
[51211503,"Probenecid"]
[51211504,"Sulfinpirazona"]
[51211505,"Benzbromarona"]
[51211601,"Deferoxamina mesilato"]
[51211602,"Dexrazoxano"]
[51211603,"Digoxina inmune fab"]
[51211604,"Dimercaprol"]
[51211605,"Edetato disódico"]
[51211606,"Flumazenil"]
[51211607,"Ipecacuana"]
[51211608,"Penicilamina"]
[51211609,"Protamina sulfato"]
[51211610,"Sulfonato poliestireno sódico"]
[51211611,"Trientina"]
[51211612,"Leucovorina"]
[51211613,"Sorbitol"]
[51211615,"Azul de metileno"]
[51211616,"Anti venenos"]
[51211617,"Leucovorina cálcica"]
[51211618,"Antídoto de carbón activado"]
[51211619,"Edetato cálcico disódico"]
[51211620,"Fomepizol"]
[51211621,"Clorhidrato pralidoxima"]
[51211622,"Tiosulfato de sodio"]
[51211623,"Succimer"]
[51211624,"Sulfato de cobre"]
[51211625,"Exopeptidasa g2"]
[51211901,"Xilacina"]
[51212001,"Aceite etérico"]
[51212002,"Extracto de centella asiática"]
[51212003,"Extracto de ipecacuana"]
[51212004,"Aesculus"]
[51212005,"Aconitum napellus (acónito común)"]
[51212006,"Valeriana"]
[51212007,"Ajo"]
[51212008,"Celidonia mayor"]
[51212009,"Saponaria"]
[51212010,"Prímula"]
[51212011,"Pimpinella"]
[51212012,"Cilantro"]
[51212013,"Hedera hélix"]
[51212014,"Goma arábiga"]
[51212015,"Boneset"]
[51212016,"Echinacea"]
[51212017,"Acónito"]
[51212018,"Coccus cacti"]
[51212020,"Menta de gato"]
[51212021,"Ginseng"]
[51212022,"Asafétida"]
[51212023,"Arándano"]
[51212024,"Árnica"]
[51212025,"Bálsamo del perú"]
[51212026,"Eufrasia"]
[51212027,"Ginkgo biloba"]
[51212028,"Hydrastis"]
[51212029,"Gotu kola"]
[51212030,"Palma enana americana (saw palmetto)"]
[51212031,"Pygeum africano"]
[51212032,"Raíz de angélica"]
[51212033,"Violeta geneciana"]
[51212034,"Capsaicina"]
[51212035,"Leche de cardo"]
[51212036,"Cohosh negro"]
[51212101,"Floruro de sodio"]
[51212201,"Disulfiram"]
[51212202,"Nicotina"]
[51212203,"Nicotina polacrilina"]
[51212301,"Aminohipurato sódico"]
[51212302,"Aceite etiodizado"]
[51212303,"Sodio fluoresceína"]
[51212304,"Indigotindisulfonato sódico"]
[51212305,"Indocianina verde"]
[51212306,"Cloruro de metacolina"]
[51212307,"Metirapona"]
[51212308,"Sodio de rosa de bengala i 131"]
[51212309,"Loxaglato de meglumina"]
[51212401,"Sildenafil citrato"]
[51212402,"Clorhidrato de vardenafil"]
[51241001,"Dioctil sulfosuccinato de sodio"]
[51241002,"Oleato polipéptido de trietanolamina"]
[51241101,"Cloruro acetilcolina"]
[51241102,"Clorhidrato de apraclonidina"]
[51241103,"Bimatoprost"]
[51241104,"Brinzolamida"]
[51241105,"Carbachol"]
[51241106,"Demecario bromuro"]
[51241107,"Dorzolimato clorhidrato"]
[51241108,"Iodeto de ecotiofato"]
[51241109,"Borato de epinephryl"]
[51241110,"Latanoprost"]
[51241111,"Clorhidrato de levobunolol"]
[51241112,"Metipranolol"]
[51241113,"Sulfato fisostigmina"]
[51241114,"Clorhidrato de pilocarpina"]
[51241115,"Timolol"]
[51241116,"Travoprost"]
[51241117,"Isopropil unoprostone"]
[51241118,"Diclorfenamida"]
[51241119,"Metalzolamida"]
[51241120,"Lágrimas artificiales"]
[51241201,"Ácido salicílico"]
[51241202,"Ácido azelaico"]
[51241203,"Subcarbonato de bismuto"]
[51241204,"Ácido bórico"]
[51241205,"Calamina"]
[51241206,"Cloroxina"]
[51241207,"Preparaciones tópicas de brea de hulla"]
[51241208,"Cremas o ungüentos hidrofilacios"]
[51241209,"Hidroquinona"]
[51241210,"Salicilato de metilo"]
[51241211,"Minoxidil solución tópica"]
[51241212,"Papaina"]
[51241213,"Preparación tópica de brea de pino"]
[51241214,"Podofilox"]
[51241215,"Resina podofilina"]
[51241216,"Piritionato de zinc"]
[51241217,"Resorcinol"]
[51241218,"Sulfato de selenio"]
[51241219,"Tazaroteno"]
[51241220,"Tretinoina"]
[51241221,"Tripsina cristalizada"]
[51241222,"Dimeticona"]
[51241223,"Calcipotriene"]
[51241224,"Antralina o ditranol"]
[51241225,"Preparaciones tópicas de alcanfor"]
[51241226,"Preparaciones tópicas de urea"]
[51241227,"Preparaciones tópicas de aceite de turpentina"]
[51241228,"Ácido láctico"]
[51241229,"Solución sustituta de la saliva"]
[51241301,"Acetato de aluminio"]
[51241302,"Hamamelis o escoba de bruja"]
[51241303,"Acetato de zinc"]
[51241304,"Alumbre de amonio"]
[51241305,"Ácido tánico"]
[51251001,"Butafosfan"]
[52101501,"Alfombras orientales"]
[52101502,"Alfombras"]
[52101503,"Alfombras de lana"]
[52101504,"Alfombras de algodón"]
[52101505,"Alfombras sintéticas"]
[52101506,"Alfombras trenzadas"]
[52101507,"Tapetes de baño"]
[52101508,"Tapetes de entrada"]
[52101509,"Tapetes decorativos"]
[52101510,"Tapetes anti fatiga"]
[52101511,"Tapetes de caucho o vinilo"]
[52101512,"Esterillas para sillas"]
[52101513,"Protector de carpetas"]
[52121501,"Colchas"]
[52121502,"Edredones"]
[52121503,"Forros para edredones"]
[52121504,"Forros para colchones"]
[52121505,"Almohadas"]
[52121506,"Rellenos para colchones"]
[52121507,"Plumones"]
[52121508,"Cobijas"]
[52121509,"Sábanas"]
[52121510,"Volantes de cama"]
[52121511,"Fundas de edredón"]
[52121512,"Fundas de almohada"]
[52121513,"Cobertores"]
[52121601,"Limpiones"]
[52121602,"Servilletas"]
[52121603,"Tiras de mesa"]
[52121604,"Manteles"]
[52121605,"Guantes de horno o coge ollas para uso doméstico"]
[52121606,"Individuales de mesa"]
[52121607,"Faldas de mesa"]
[52121608,"Clips para faldas de mesa"]
[52121701,"Toallas de baño"]
[52121702,"Toallas playeras"]
[52121703,"Paños para lavar"]
[52121704,"Toallas de manos"]
[52131501,"Cortinas"]
[52131503,"Colgaduras"]
[52131601,"Persianas venecianas"]
[52131602,"Persianas enrollables"]
[52131603,"Postigos interiores"]
[52131604,"Persianas verticales"]
[52131701,"Cenefas"]
[52131702,"Varillas para cortinas"]
[52131703,"Remates para varillas"]
[52131704,"Anillos o ganchos para cortinas"]
[52141501,"Neveras para uso doméstico"]
[52141502,"Hornos microondas para uso doméstico"]
[52141503,"Trituradores de basura para uso doméstico"]
[52141504,"Fogones para uso doméstico"]
[52141505,"Lavadoras de platos para uso doméstico"]
[52141506,"Congeladores para uso doméstico"]
[52141507,"Congeladores verticales para uso doméstico"]
[52141508,"Congeladores horizontales para uso doméstico"]
[52141509,"Combinación de neveras y congeladores para uso doméstico"]
[52141510,"Aire acondicionado portátil para uso doméstico"]
[52141511,"Exprimidores de jugo para uso doméstico"]
[52141512,"Planchas para waffles para uso doméstico"]
[52141513,"Abrelatas eléctricos para uso doméstico"]
[52141514,"Procesadores de alimentos para uso doméstico"]
[52141515,"Compactadores de basura para uso doméstico"]
[52141516,"Freidoras para uso doméstico"]
[52141517,"Máquinas de maíz pira para uso doméstico"]
[52141518,"Máquinas para uso doméstico para hacer pan"]
[52141519,"Hornos convencionales para uso doméstico"]
[52141520,"Mezcladoras para uso doméstico"]
[52141521,"Hornos tostadores para uso doméstico"]
[52141522,"Tostadoras para uso doméstico"]
[52141523,"Teteras eléctricas para uso doméstico"]
[52141524,"Licuadoras para uso doméstico"]
[52141525,"Hornillas para uso doméstico"]
[52141526,"Cafeteras para uso doméstico"]
[52141527,"Cuchillos eléctricos para uso doméstico"]
[52141528,"Woks eléctricos para uso doméstico"]
[52141529,"Moledoras de café para uso doméstico"]
[52141530,"Partes de máquinas lavaplatos"]
[52141531,"Tajadores de alimentos para uso doméstico"]
[52141532,"Sartenes eléctricos para uso doméstico"]
[52141533,"Planchas eléctricas para uso doméstico"]
[52141534,"Sandwicheras eléctricas para uso doméstico"]
[52141535,"Parrillas eléctricas interiores para uso doméstico"]
[52141536,"Pizelles o máquinas para hacer galletas para uso doméstico"]
[52141537,"Olla de cocción lenta para uso doméstico"]
[52141538,"Calienta comidas para uso doméstico"]
[52141539,"Máquinas para hacer té para uso doméstico"]
[52141601,"Lavadoras de ropa para uso doméstico"]
[52141602,"Secadoras de ropa para uso doméstico"]
[52141603,"Planchas de ropa para uso doméstico"]
[52141604,"Secadoras de calzado"]
[52141605,"Canastas de ropa"]
[52141606,"Cestas de ropa"]
[52141607,"Compuestos para remover arrugas de los textiles"]
[52141608,"Plancha de vapor para ropa"]
[52141701,"Cepillos de dientes eléctricos para uso doméstico"]
[52141703,"Secadores de pelo para uso doméstico"]
[52141704,"Máquinas de afeitar eléctricas para uso doméstico"]
[52141705,"Partes de afeitadoras o removedores de vello"]
[52141706,"Secadores de uñas"]
[52141801,"Máquinas de coser para uso doméstico"]
[52141802,"Calentadores de espacios para uso doméstico"]
[52141803,"Cobijas eléctricas para uso doméstico"]
[52151501,"Utensilios de cocina desechables para uso doméstico"]
[52151502,"Platos desechables para uso doméstico"]
[52151503,"Cubiertos desechables para uso doméstico"]
[52151504,"Tazas o vasos o tapas desechables para uso doméstico"]
[52151505,"Agitadores desechables para uso doméstico"]
[52151506,"Contenedores de alimentos desechables para uso doméstico"]
[52151507,"Pitillos desechables para uso doméstico"]
[52151601,"Rodillos para uso doméstico"]
[52151602,"Tazones mezcladores para uso doméstico"]
[52151603,"Ralladores para uso doméstico"]
[52151604,"Coladores o coladeras para uso doméstico"]
[52151605,"Destapadores o abrelatas para uso doméstico"]
[52151606,"Tablas para cortar para uso doméstico"]
[52151607,"Tazas medidoras para uso doméstico"]
[52151608,"Brochas para rociar alimentos"]
[52151609,"Peladora de vegetales"]
[52151610,"Cortadores de galletas"]
[52151611,"Pinzas de cocina para uso doméstico"]
[52151612,"Batidoras de alambre de cocina para uso doméstico"]
[52151613,"Raspadores de comida para uso doméstico"]
[52151614,"Rejillas enfriadoras para uso doméstico"]
[52151615,"Cortadores de pizza para uso doméstico"]
[52151616,"Espátulas de cocina para uso doméstico"]
[52151617,"Cucharas de madera para uso doméstico"]
[52151618,"Paletas de madera para hornear para uso doméstico"]
[52151619,"Mezclador de masa para uso doméstico"]
[52151620,"Cernedor para uso doméstico"]
[52151621,"Estampador para galletas para uso doméstico"]
[52151622,"Pistola pastelera para uso doméstico"]
[52151623,"Prensa para galletas para uso doméstico"]
[52151624,"Afiladores de cuchillos para uso doméstico"]
[52151625,"Cortadores de galletas para uso doméstico"]
[52151626,"Mandolina para uso doméstico"]
[52151627,"Exprimidor de ajo para uso doméstico"]
[52151628,"Tajador de huevos para uso doméstico"]
[52151629,"Separador de huevos para uso doméstico"]
[52151630,"Tajadora de queso para uso doméstico"]
[52151631,"Molino de alimentos para uso doméstico"]
[52151632,"Embudos de cocina para uso doméstico"]
[52151633,"Herramientas para adobar para uso doméstico"]
[52151634,"Descorazonadores de manzanas para uso doméstico"]
[52151635,"Sacabocados para melón o mantequilla para uso doméstico"]
[52151636,"Palas o cucharas para alimentos para uso doméstico"]
[52151637,"Tallador de calabazas para uso doméstico"]
[52151638,"Cepillo para vegetales para uso doméstico"]
[52151639,"Batidora de huevos para uso doméstico"]
[52151640,"Estante para secar pasta para uso doméstico"]
[52151641,"Batidora de crema para uso doméstico"]
[52151642,"Prensa para masa para uso doméstico"]
[52151643,"Máquina para hacer ravioli para uso doméstico"]
[52151644,"Rociadores de rocío o de gatillo para uso doméstico"]
[52151645,"Pincel pastelero para uso doméstico"]
[52151646,"Pesas para cocina o dietas para uso doméstico"]
[52151647,"Relojes (temporizadores) de cocina para uso doméstico"]
[52151648,"Termómetros de alimentos o cocina para uso doméstico"]
[52151649,"Guía para tajar pan para uso doméstico"]
[52151650,"Escurridores para uso doméstico"]
[52151701,"Utensilios para servir para uso doméstico"]
[52151702,"Cuchillos para uso doméstico"]
[52151703,"Tenedores para uso doméstico"]
[52151704,"Cucharas para uso doméstico"]
[52151705,"Apoya cucharas"]
[52151706,"Palillos"]
[52151707,"Set de cuchillos para uso doméstico"]
[52151708,"Cuchillos para mantequilla"]
[52151709,"Set de cubiertos"]
[52151801,"Cacerolas de hierro fundido con tapa para uso doméstico"]
[52151802,"Sartenes para uso doméstico"]
[52151803,"Cacerolas para uso doméstico"]
[52151804,"Teteras para uso doméstico"]
[52151805,"Woks para uso doméstico"]
[52151806,"Vaporeras para uso doméstico"]
[52151807,"Ollas para uso doméstico"]
[52151808,"Ollas a presión para uso doméstico"]
[52151809,"Sartenes para sofreír para uso doméstico"]
[52151810,"Samovares para uso doméstico"]
[52151811,"Planchas para uso doméstico"]
[52151812,"Cacerolas para baño maría"]
[52151813,"Protector de salpicaduras para uso doméstico"]
[52151901,"Moldes para muffins para uso doméstico"]
[52151902,"Cacerola para hornear para uso doméstico"]
[52151903,"Moldes para ponqués o pies para uso doméstico"]
[52151904,"Moldes para asar para uso doméstico"]
[52151905,"Bandejas de horno para uso doméstico"]
[52151906,"Cacerolas para parrilla para uso doméstico"]
[52151907,"Moldes para hornear para uso doméstico"]
[52151908,"Cacerolas para pizza para uso doméstico"]
[52151909,"Cacerolas para hacer tortillas para uso doméstico"]
[52152001,"Jarras para uso doméstico"]
[52152002,"Contenedores para almacenar alimentos para uso doméstico"]
[52152003,"Tazones de ponche para uso doméstico"]
[52152004,"Platos para uso doméstico"]
[52152005,"Platos pequeños para uso doméstico"]
[52152006,"Bandejas o fuentes para uso doméstico"]
[52152007,"Tazones para servir para uso doméstico"]
[52152008,"Teteras o cafeteras para uso doméstico"]
[52152009,"Soperas o ensaladeras para uso doméstico"]
[52152010,"Frascos al vacío para uso doméstico"]
[52152011,"Partes internas de frascos al vacío"]
[52152012,"Cubetas para hielo"]
[52152013,"Saleros, pimenteros o especieros"]
[52152014,"Sets de garrafas"]
[52152015,"Plato para ponqués con tapa para uso doméstico"]
[52152016,"Set de servicio de mesa para uso doméstico"]
[52152101,"Tazas de café o té para uso doméstico"]
[52152102,"Vasos para beber para uso doméstico"]
[52152103,"Tazones (“mugs”) para uso doméstico"]
[52152104,"Copas para uso doméstico"]
[52152105,"Biberones o accesorios"]
[52152201,"Papel para forrar repisas"]
[52152202,"Escurridor de platos"]
[52152203,"Cepillo dispensador de jabón"]
[52161502,"Reproductor de casetes o grabadora"]
[52161505,"Televisores"]
[52161507,"Radios reloj"]
[52161508,"Reproductores de discos laser"]
[52161509,"Sistemas de estéreo portátiles"]
[52161510,"Sistemas de audio de alta fidelidad para el hogar"]
[52161511,"Radios"]
[52161512,"Altoparlantes"]
[52161513,"Combinación de televisor, vhs y grabadora dvd"]
[52161514,"Audífonos"]
[52161515,"Reproductores o grabadoras de discos compactos"]
[52161516,"Reproductores o grabadoras de video discos digitales"]
[52161517,"Ecualizadores"]
[52161518,"Receptores de sistemas de posicionamiento global"]
[52161520,"Micrófonos"]
[52161521,"Receptores de multimedia"]
[52161522,"Escáneres de radio frecuencia"]
[52161523,"Transmisores o receptores de radio frecuencia"]
[52161524,"Receptores de radio"]
[52161525,"Control remoto"]
[52161526,"Receptores de satélite"]
[52161527,"Altavoces activos “subwoofer””"]
[52161529,"Reproductores o grabadoras de video casetes"]
[52161531,"Radio fonógrafos"]
[52161532,"Sistemas de karaoke"]
[52161533,"Megáfonos"]
[52161534,"Grabadora de chip de circuito integrado ic"]
[52161535,"Grabadoras de voz digitales"]
[52161536,"Grabadoras o reproductores de mini discos"]
[52161537,"Borradores magnéticos de almacenamiento de medios"]
[52161538,"Aparatos para rebobinar video cintas"]
[52161539,"Combinación de reproductor de video disco digital dvd, disco video casete vcd, disco compacto cd"]
[52161540,"Mezcladores de video"]
[52161541,"Mezcladores de audio"]
[52161542,"Pantallas de plasma"]
[52161543,"Reproductores o grabadoras mp3"]
[52161544,"Borradores de casetes de audio o video"]
[52161601,"Almacenador de casetes"]
[52161602,"Limpiadores de cabezas de audio o video"]
[52161603,"Adaptador de video casetes compactos"]
[52161604,"Adaptadores de enchufes hembra de audífonos"]
[52171001,"Repisa u organizador colgante para elementos de aseo personal"]
[53101501,"Pantalones largos o cortos o pantalonetas para niño"]
[53101502,"Pantalones largos o cortos o pantalonetas para hombre"]
[53101503,"Pantalones largos o cortos o pantalonetas para niña"]
[53101504,"Pantalones largos o cortos o pantalonetas para mujer"]
[53101505,"Pantalones largos o cortos o pantalonetas para bebés"]
[53101601,"Camisas para niño"]
[53101602,"Camisas para hombre"]
[53101603,"Camisas o blusas para niña"]
[53101604,"Camisas o blusas para mujer"]
[53101605,"Camisas o blusas para bebé"]
[53101701,"Sweaters para niño"]
[53101702,"Sweaters para hombre"]
[53101703,"Sweaters para niña"]
[53101704,"Sweaters para mujer"]
[53101705,"Sweaters para bebé"]
[53101801,"Abrigos o chaquetas para niño"]
[53101802,"Abrigos o chaquetas para hombre"]
[53101803,"Abrigos o chaquetas para niña"]
[53101804,"Abrigos o chaquetas para mujer"]
[53101805,"Abrigos o chaquetas para bebé"]
[53101901,"Trajes para niño"]
[53101902,"Trajes para hombre"]
[53101903,"Trajes para niña"]
[53101904,"Trajes para mujer"]
[53101905,"Trajes para bebé"]
[53102001,"Vestidos o faldas o saris o kimonos para niña"]
[53102002,"Vestidos o faldas o saris o kimonos para para mujer"]
[53102003,"Vestidos o faldas o saris o kimonos para bebé"]
[53102101,"Overoles o monos para niño"]
[53102102,"Overoles o monos para hombre"]
[53102103,"Overoles o monos para niña"]
[53102104,"Overoles o monos para mujer"]
[53102105,"Overoles o monos para bebé"]
[53102201,"Vestidos folclóricos para niño"]
[53102202,"Vestidos folclóricos para hombre"]
[53102203,"Vestidos folclóricos para niña"]
[53102204,"Vestidos folclóricos para mujer"]
[53102205,"Vestidos folclóricos para bebé"]
[53102301,"Camisetas interiores"]
[53102302,"Combinaciones"]
[53102303,"Calzoncillos"]
[53102304,"Brassieres"]
[53102305,"Pañales para bebé"]
[53102306,"Pañales para adulto"]
[53102307,"Prendas para dar forma al cuerpo"]
[53102308,"Forros para pañales"]
[53102401,"Medias largas"]
[53102402,"Calcetines"]
[53102403,"Medias veladas"]
[53102404,"Medias veladas gruesas (“tights”)"]
[53102501,"Cinturones o tirantes"]
[53102502,"Corbatas o pañoletas o bufandas"]
[53102503,"Sombreros"]
[53102504,"Guantes o mitones"]
[53102505,"Sombrillas"]
[53102506,"Bandas para el sudor"]
[53102507,"Ganchos para colgar la ropa"]
[53102508,"Bandas para los brazos"]
[53102509,"Ligas"]
[53102510,"Borlas"]
[53102511,"Badanas"]
[53102512,"Pañuelos"]
[53102513,"Bandas para la cabeza"]
[53102514,"Protectores de bolsillos"]
[53102515,"Forros para botones"]
[53102516,"Gorras"]
[53102517,"Sujeta corbatas"]
[53102518,"Cheurones"]
[53102519,"Golas"]
[53102520,"Hombreras o charreteras"]
[53102601,"Pijamas o camisas de dormir o batas para niño"]
[53102602,"Pijamas o camisas de dormir o batas para hombre"]
[53102603,"Pijamas o camisas de dormir o batas para niña"]
[53102604,"Pijamas o camisas de dormir o batas para mujer"]
[53102605,"Pijamas o camisas de dormir o batas para bebé"]
[53102606,"Batas de baño"]
[53102701,"Uniformes militares"]
[53102702,"Uniformes de agentes de aduna"]
[53102703,"Uniformes de policías"]
[53102704,"Uniformes institucionales para preparación de alimentos o servicio"]
[53102705,"Uniformes de colegio"]
[53102706,"Uniformes de personal de seguridad"]
[53102707,"Batas de doctor"]
[53102708,"Uniformes de enfermera"]
[53102709,"Uniformes de personal de ambulancias"]
[53102710,"Uniformes corporativos"]
[53102711,"Batas para personal de peluquerías"]
[53102712,"Uniformes de paramédicos"]
[53102801,"Vestidos de baño para hombre"]
[53102802,"Vestidos de baño para mujer"]
[53102803,"Vestidos de baño para niño"]
[53102804,"Vestidos de baño para niña"]
[53102805,"Vestidos de baño para bebé"]
[53102901,"Ropa atlética para mujer"]
[53102902,"Ropa atlética para hombre"]
[53102903,"Ropa atlética para niño"]
[53102904,"Ropa atlética para niña"]
[53103001,"Camisetas (t-shirts) para hombre"]
[53103101,"Chalecos para hombre"]
[53111501,"Botas para hombre"]
[53111502,"Botas para mujer"]
[53111503,"Botas para niño"]
[53111504,"Botas para niña"]
[53111505,"Botas para bebé"]
[53111601,"Zapatos para hombre"]
[53111602,"Zapatos para mujer"]
[53111603,"Zapatos para niño"]
[53111604,"Zapatos para niña"]
[53111605,"Zapatos para bebé"]
[53111701,"Pantuflas para hombre"]
[53111702,"Pantuflas para mujer"]
[53111703,"Pantuflas para niño"]
[53111704,"Pantuflas para niña"]
[53111705,"Pantuflas para bebé"]
[53111801,"Sandalias para hombre"]
[53111802,"Sandalias para mujer"]
[53111803,"Sandalias para niño"]
[53111804,"Sandalias para niña"]
[53111805,"Sandalias para bebé"]
[53111901,"Calzado atlético para hombre"]
[53111902,"Calzado atlético para mujer"]
[53111903,"Calzado atlético para niño"]
[53111904,"Calzado atlético para niña"]
[53111905,"Calzado atlético para bebé"]
[53112001,"Calzadores"]
[53112002,"Cordones para zapatos"]
[53112003,"Almohadillas para talones"]
[53112004,"Estirador de calzado"]
[53112005,"Aparato para medir el pie"]
[53112101,"Zapatones para hombre"]
[53112102,"Zapatones para mujer"]
[53112103,"Zapatones para niño"]
[53112104,"Zapatones para niña"]
[53112105,"Zapatones para bebé"]
[53121501,"Porta trajes"]
[53121502,"Sets de maletas"]
[53121503,"Piezas individuales de maletas"]
[53121601,"Bolsos o carteras"]
[53121602,"Tulas"]
[53121603,"Morrales"]
[53121605,"Monederos"]
[53121606,"Estuches para labiales"]
[53121607,"Cigarrilleras"]
[53121608,"Bolsas para compras"]
[53121701,"Maletines"]
[53121702,"Maletines (“attaches”)"]
[53121704,"Portafolios"]
[53121705,"Estuches para equipos"]
[53121706,"Maletines para computador"]
[53121801,"Kits de viaje"]
[53121802,"Carritos de viaje"]
[53121803,"Cepillos de ropa"]
[53121804,"Estuches de maquillaje o manicure"]
[53131501,"Enjuague bucal"]
[53131502,"Dentífrico"]
[53131503,"Cepillos de dientes"]
[53131504,"Seda dental"]
[53131505,"Chupos o chupetes para bebé"]
[53131506,"Kits dentales"]
[53131507,"Palillos de dientes (mondadientes)"]
[53131508,"Tabletas para limpiar dentaduras postizas"]
[53131509,"Refrescadores de aliento"]
[53131601,"Gorros de baño"]
[53131602,"Artículos para el cuidado del cabello"]
[53131603,"Afeitadoras"]
[53131604,"Cepillos o peinillas para el cabello"]
[53131605,"Kits de tocador"]
[53131606,"Desodorantes"]
[53131607,"Lociones o aceites para manos o cuerpo"]
[53131608,"Jabones"]
[53131609,"Productos de protección solar"]
[53131610,"Artículos para el cuidado de los ojos"]
[53131611,"Cremas de afeitar"]
[53131612,"Geles de baño"]
[53131613,"Productos para el cuidado de la piel"]
[53131614,"Productos para el cuidado de los pies"]
[53131615,"Productos para la higiene femenina"]
[53131616,"Cremas o lociones para farmacéuticas"]
[53131617,"Implementos para la manicure"]
[53131618,"Implementos para la pedicura"]
[53131619,"Cosméticos"]
[53131620,"Perfumes o colonias o fragancias"]
[53131621,"Corta uñas"]
[53131622,"Condones"]
[53131623,"Productos depilatorios o para remover vello"]
[53131624,"Paños limpiadores desechables"]
[53131625,"Redecillas para el cabello o la barba"]
[53131626,"Desinfectante de manos"]
[53131627,"Limpiador de manos"]
[53131628,"Champús"]
[53131629,"Kits de maquillaje"]
[53131630,"Bálsamo labial"]
[53131631,"Tatuajes"]
[53131632,"Marrones calientes"]
[53131633,"Hebillas para el pelo"]
[53131634,"Productos químicos protectores"]
[53131635,"Brochas de afeitar"]
[53131636,"Agua de rosas"]
[53131637,"Almohadillas de lactancia"]
[53131638,"Esmalte para uñas"]
[53141501,"Alfileres rectos"]
[53141502,"Imperdibles"]
[53141503,"Cremalleras"]
[53141504,"Hebillas"]
[53141505,"Botones"]
[53141506,"Cierres"]
[53141507,"Broches"]
[53141508,"Remaches para ropa"]
[53141601,"Alfileteros"]
[53141602,"Kits de costura"]
[53141603,"Dedales"]
[53141604,"Patrones de costura"]
[53141605,"Agujas de costura"]
[53141606,"Bobinas o sujeta bobinas"]
[53141607,"Indicadores de costura"]
[53141608,"Aguja pasa cintas"]
[53141609,"Pasa presillas"]
[53141610,"Sujetadores de tiza para sastres o textiles"]
[53141611,"Marcadores de textiles o lápices para textiles o tiza para textiles"]
[53141612,"Rueda aserrada seguidora de patrones"]
[53141613,"Papel calcante"]
[53141614,"Agujas de bordado"]
[53141615,"Agujas de tejer"]
[53141616,"Lanzaderas para telares"]
[53141617,"Lanzaderas para tejidos de algodón"]
[53141618,"Lienzo para bordar"]
[53141619,"Varas magnéticas"]
[53141620,"Corta costuras"]
[53141621,"Enhebrador de agujas"]
[53141622,"Regla para sastrería"]
[53141623,"Refuerzo o cerrado líquido para hilo"]
[53141624,"Textiles o agujas para punto de cruz"]
[53141625,"Diseños para punto de cruz"]
[53141626,"Aro para bordado"]
[53141627,"Agujas de croché"]
[53141628,"Herramientas para hilvanar acolchados"]
[53141629,"Alfileres para acolchados"]
[53141630,"Tableros o almohadillas para cortar patrones"]
[54101501,"Cadenas de oro o plata o platino"]
[54101502,"Collares de joyería fina"]
[54101503,"Anillos de  joyería fina"]
[54101504,"Aretes de joyería fina"]
[54101505,"Joyas finas para el cuerpo"]
[54101506,"Brazaletes de joyería fina"]
[54101507,"Tiaras"]
[54101508,"Revestimientos de joyería fina para reducir el tamaño de un anillo"]
[54101509,"Mancornas de joyería fina"]
[54101510,"Mariposas para aretes de joyería fina"]
[54101511,"Prendedores de joyería fina"]
[54101512,"Aros de prendedores para pasar cadenas de joyería fina"]
[54101601,"Brazaletes"]
[54101602,"Collares"]
[54101603,"Anillos"]
[54101604,"Aretes"]
[54101605,"Joyas para el cuerpo"]
[54101701,"Compuestos conservantes"]
[54101702,"Bloques para producir hemisferios (“dapping punches”)"]
[54101703,"Molinos de alambre"]
[54101704,"Mandriles para joyería"]
[54101705,"Medidores de tamaño para anillos"]
[54101706,"Materiales o accesorios plásticos amigables maleables a bajas temperaturas"]
[54111501,"Relojes de pulso"]
[54111502,"Relojes de bolsillo"]
[54111601,"Relojes de pared"]
[54111602,"Relojes de mesa o repisa"]
[54111603,"Relojes verticales"]
[54111604,"Relojes de arena"]
[54111701,"Manecillas para reloj"]
[54111702,"Cristales para reloj"]
[54111703,"Placas o puentes para relojes"]
[54111704,"Correas o bandas o pulseras para relojes"]
[54111705,"Estuches para relojes"]
[54111706,"Sujetadores para relojes"]
[54111707,"Abre estuches para relojes"]
[54111708,"Péndulos para relojes"]
[54111709,"Kits para reparar relojes"]
[54121501,"Diamantes"]
[54121502,"Esmeraldas"]
[54121503,"Rubíes"]
[54121504,"Zafiros"]
[54121601,"Granates"]
[54121602,"Jades"]
[54121603,"Ópalos"]
[54121701,"Perlas cultivadas"]
[54121702,"Perlas naturales"]
[54121801,"Diamantes industriales"]
[54121802,"Granates industriales"]
[55101501,"Cartas de navegación o atlas o mapas"]
[55101502,"Directorios"]
[55101503,"Catálogos"]
[55101504,"Periódicos"]
[55101505,"Historietas cómicas"]
[55101506,"Revistas"]
[55101507,"Libros para pintar o colorear o ilustrar para niños"]
[55101509,"Textos educacionales o vocacionales"]
[55101510,"Libros para entretenimiento"]
[55101513,"Tarjetas para intercambiar"]
[55101514,"Partituras"]
[55101515,"Material promocional o reportes anuales"]
[55101516,"Manuales operativos o de instrucciones"]
[55101517,"Dibujos dimensionales o de tolerancia"]
[55101518,"Diagramas o dibujos técnicos"]
[55101519,"Publicaciones periódicas"]
[55101520,"Hojas o folletos de instrucciones"]
[55101521,"Manuales de propietario o usuario"]
[55101522,"Globos terrestres o celestes"]
[55101523,"Libros de ejercicios"]
[55101524,"Libros de referencia"]
[55101525,"Enciclopedias"]
[55101526,"Diccionarios"]
[55101527,"Cancioneros"]
[55101528,"Libros religiosos"]
[55111501,"Directorios electrónicos"]
[55111502,"Diccionarios electrónicos"]
[55111503,"Enciclopedias electrónicas"]
[55111504,"Catálogos electrónicos"]
[55111505,"Libros en cintas o en discos compactos"]
[55111506,"Revistas electrónicas"]
[55111507,"Periódicos electrónicos"]
[55111508,"Cartas de navegación o mapas o atlas electrónicos"]
[55111509,"Música de fondo"]
[55111510,"Películas de cine en celuloide"]
[55111511,"Películas de cine en video cinta"]
[55111512,"Música en cintas o discos compactos"]
[55111513,"Textos electrónicos educacionales o vocacionales"]
[55111514,"Películas de cine en discos de video digital dvd"]
[55111601,"Documentación de software o manuales de usuario electrónicos"]
[55121501,"Etiquetas para el equipaje"]
[55121502,"Etiquetas de seguridad"]
[55121503,"Etiquetas de identificación"]
[55121504,"Etiquetas para llaves"]
[55121505,"Porta etiquetas o accesorios"]
[55121506,"Etiquetas de precio"]
[55121601,"Kits para remover etiquetas"]
[55121602,"Etiquetas para ropa"]
[55121604,"Etiquetas para latas o botellas"]
[55121605,"Etiquetas de direcciones o de correo"]
[55121606,"Etiquetas auto adhesivas"]
[55121607,"Calcomanías"]
[55121608,"Etiquetas de códigos de barra"]
[55121609,"Etiquetas para paquetes"]
[55121610,"Etiquetas numeradas consecutivamente"]
[55121611,"Cintas para hacer etiquetas"]
[55121612,"Etiquetas para impresoras"]
[55121613,"Etiquetas de códigos de color"]
[55121614,"Etiquetas removibles"]
[55121615,"Puntos o flechas adhesivas"]
[55121616,"Banderas auto adhesivas"]
[55121617,"Protectores de etiquetas"]
[55121618,"Porta etiquetas"]
[55121619,"Etiquetas no adhesivas"]
[55121620,"Etiquetas multipropósito"]
[55121621,"Sellos notariales"]
[55121701,"Placas con inscripción metálicas"]
[55121702,"Placas con inscripción no metálicas"]
[55121703,"Señales iluminadas"]
[55121704,"Señales de seguridad"]
[55121705,"Señales auto adhesivas"]
[55121706,"Pancartas"]
[55121707,"Señales magnéticas"]
[55121708,"Señales de neón"]
[55121709,"Señales con mensajes móviles"]
[55121710,"Signos de tráfico"]
[55121711,"Vallas publicitarias"]
[55121712,"Señales direccionales"]
[55121713,"Señales de punto de venta"]
[55121714,"Pendones"]
[55121715,"Banderas o accesorios"]
[55121716,"Señales de madera"]
[55121717,"Placas de identificación de máquinas"]
[55121718,"Señales informativas"]
[55121719,"Componentes de señalización"]
[55121720,"Emblemas"]
[55121721,"Caracteres de señalización"]
[55121722,"Mástiles de bandera, piezas o accesorios"]
[55121723,"Bases o soportes para señales"]
[55121724,"Bases de banderas"]
[55121725,"Kits de señalización"]
[55121726,"Paneles de identificación"]
[55121727,"Letreros"]
[55121728,"Cubiertas de señales"]
[55121729,"Indicadores"]
[55121730,"Señales de accidente"]
[55121731,"Marcadores de identificación"]
[55121732,"Divisores de tamaño"]
[55121801,"Discos de impuestos de vehículos"]
[55121802,"Tarjetas o bandas de identificación o productos similares"]
[55121803,"Pasaportes"]
[55121804,"Gafetes o porta gafetes"]
[55121806,"Kits de bandas de identificación personal o accesorios"]
[55121807,"Porta productos de identificación o accesorios"]
[56101501,"Stands"]
[56101502,"Sofás"]
[56101503,"Armarios para abrigos"]
[56101504,"Asientos"]
[56101505,"Centros de entretenimiento"]
[56101506,"Futones"]
[56101507,"Bibliotecas"]
[56101508,"Colchones o sets para dormir"]
[56101509,"Vestidores o armarios"]
[56101510,"Divisiones"]
[56101513,"Cunas o accesorios"]
[56101514,"Taburetes"]
[56101515,"Camas"]
[56101516,"Cómodas"]
[56101518,"Estanterías de pared"]
[56101519,"Mesas"]
[56101520,"Casilleros (“lockers”)"]
[56101521,"Cabeceras o pies de cama"]
[56101522,"Sillas de brazos"]
[56101523,"Paragüeros o soportes para paraguas"]
[56101524,"Mesas de plancha"]
[56101525,"Forros para mesas de plancha"]
[56101526,"Bar refrigerador"]
[56101527,"Secadores de linos tipo hogar"]
[56101528,"Plantas artificiales"]
[56101529,"Revisteros"]
[56101530,"Gabinetes de almacenamiento"]
[56101531,"Zapateras"]
[56101532,"Set de muebles"]
[56101533,"Descansa brazos"]
[56101535,"Mesas de ruedas"]
[56101536,"Trípodes para instrumentos"]
[56101537,"Tocadores"]
[56101538,"Mesas o bufetes para el comedor"]
[56101539,"Armazones o partes o accesorios para camas"]
[56101540,"Solterones"]
[56101541,"Ventiladores de colchones"]
[56101601,"Paraguas para jardín"]
[56101602,"Sillas para jardín"]
[56101603,"Mesas para jardín o mesas para picnic"]
[56101604,"Columpios para jardín"]
[56101605,"Bancos para jardín"]
[56101606,"Materas"]
[56101607,"Secadora de ropa para exteriores"]
[56101608,"Estantes para bicicletas"]
[56101701,"Cajoneras o estanterías"]
[56101702,"Gabinetes de archivo o accesorios"]
[56101703,"Escritorios"]
[56101704,"Bases para mesas"]
[56101705,"Vitrinas"]
[56101706,"Mesas de conferencia"]
[56101707,"Mesas de dibujo"]
[56101708,"Archivadores móviles"]
[56101710,"Carritos o soportes para proyectores"]
[56101711,"Conectores de muebles modulares"]
[56101712,"Pedestales"]
[56101713,"Puestos (mesas) laterales de escritorios"]
[56101714,"Estantes para carpetas de información"]
[56101715,"Organizadores o clasificadores de correspondencia"]
[56101716,"Gavetas organizadoras para el escritorio"]
[56101717,"Eleva mesas"]
[56101803,"Coches de bebé"]
[56101804,"Cunas o corrales o accesorios"]
[56101805,"Asientos de bebé para el carro"]
[56101806,"Asientos de comer (para bebés) o accesorios"]
[56101807,"Asientos rebotadores para bebés"]
[56101808,"Columpios o rebotadores o accesorios"]
[56101809,"Micas o bacinillas"]
[56101810,"Bañeras o tinas para bebés"]
[56101811,"Cunas"]
[56101812,"Mesas para cambiar al bebé o accesorios"]
[56101813,"Asientos para el baño para bebés"]
[56101901,"Tapas de muebles o superficies de trabajo"]
[56101902,"Discos movibles para muebles"]
[56101903,"Protectores o almohadillas o copas para las patas de los muebles"]
[56101904,"Bases o patas o extensiones de patas para muebles"]
[56101905,"Ensamblajes o secciones de paneles"]
[56101906,"Tablas de extensión para mesas"]
[56101907,"Fundas para muebles"]
[56111501,"Paquetes de muebles de recepción para oficinas"]
[56111502,"Paquetes de muebles para ejecutivos no modulares"]
[56111503,"Paquetes de muebles para ejecutivos modulares"]
[56111504,"Paquetes de muebles de gerencia no modulares"]
[56111505,"Paquetes de muebles de gerencia modulares"]
[56111506,"Paquetes de muebles para personal no modulares"]
[56111507,"Paquetes de muebles para personal modulares"]
[56111508,"Paquetes de muebles para técnicos no modulares"]
[56111509,"Paquetes de muebles para técnicos modulares"]
[56111510,"Paquetes de muebles secretariales no modulares"]
[56111511,"Paquetes de muebles secretariales modulares"]
[56111512,"Paquetes de muebles para recepción no modulares"]
[56111513,"Paquetes de muebles de salas de juntas no modulares"]
[56111514,"Paquetes de muebles de mostrador modulares"]
[56111601,"Biombos (mamparas) para sistemas de paneles"]
[56111602,"Almacenamiento para sistemas de paneles"]
[56111603,"Organizadores para sistemas de paneles"]
[56111604,"Superficies de trabajo para sistemas de paneles"]
[56111605,"Iluminación o electricidad o componentes de información para sistemas de paneles"]
[56111606,"Partes o accesorios para sistemas de paneles"]
[56111701,"Escritorios no modulares"]
[56111702,"Cajoneras o estanterías no modulares"]
[56111703,"Almacenamiento no modular"]
[56111704,"Organizadores no modular"]
[56111705,"Iluminación o electricidad o componentes de información no modulares"]
[56111706,"Partes o accesorios no modulares"]
[56111707,"Repisas no modulares"]
[56111801,"Iluminación o electricidad o componentes de información de pie"]
[56111802,"Mesas individuales (sin apoyo)"]
[56111803,"Almacenamiento individual (sin apoyo)"]
[56111804,"Organizadores individual (sin apoyo)"]
[56111805,"Partes o accesorios individuales (sin apoyo)"]
[56111901,"Iluminación o electricidad o componentes de información industriales"]
[56111902,"Superficies de trabajo industriales"]
[56111903,"Unidades de almacenamiento industriales"]
[56111904,"Organizadores industriales"]
[56111905,"Partes o accesorios industriales"]
[56111906,"Gabinetes o cajones o estantes industriales"]
[56111907,"Carritos de herramientas industriales"]
[56112001,"Iluminación o electricidad o componentes de información de soporte para computadores"]
[56112002,"Superficies de trabajo de soporte para computadores"]
[56112003,"Accesorios de almacenamiento de soporte para computadores"]
[56112004,"Organizadores de soporte para computadores"]
[56112005,"Partes o accesorios de soporte para computadores"]
[56112101,"Silletería para auditorios o estadios o uso especiales"]
[56112102,"Sillas para grupos de trabajo"]
[56112103,"Sillas para visitantes"]
[56112104,"Sillas para ejecutivos"]
[56112105,"Sillas para descansar"]
[56112106,"Sillas altas (taburetes)"]
[56112107,"Partes o accesorios para sillas"]
[56112108,"Combinación de asiento con escritorio"]
[56112109,"Bancos"]
[56112110,"Sillas para músicos"]
[56121001,"Carritos para libros"]
[56121002,"Escritorios o componentes de circulación para bibliotecarios"]
[56121003,"Muebles para devolver libros"]
[56121004,"Unidades de catálogo de tarjetas"]
[56121005,"Estanterías para diccionarios"]
[56121006,"Bancas tapizadas"]
[56121007,"Tablas de acceso público"]
[56121008,"Unidades para ojear libros"]
[56121009,"Mesas de lectura inclinadas"]
[56121010,"Kioscos de libros"]
[56121011,"Exhibidores de discos compactos o de audio casetes para bibliotecas"]
[56121012,"Stands de islas giratorias"]
[56121014,"Bolsas o estantes para bolsas"]
[56121101,"Caballetes"]
[56121102,"Mesas de dibujo para estudiantes"]
[56121201,"Camilla de primeros auxilios"]
[56121301,"Escenarios pequeños (por ejemplo para un coro)"]
[56121302,"Carritos para mover mesas o asientos"]
[56121303,"Esteras de caucho para pisos"]
[56121304,"Mesas para planos"]
[56121401,"Mesas móviles para bancos"]
[56121402,"Mesas móviles para taburetes"]
[56121403,"Mesas móviles"]
[56121501,"Mesas para actividades"]
[56121502,"Asientos para aulas de clase"]
[56121503,"Bancos para aulas de clase"]
[56121504,"Taburetes para aulas de clase"]
[56121505,"Mesas para aulas de clase"]
[56121506,"Pupitres"]
[56121507,"Bancas cubículo (pupitres con bloqueo visual para evitar distracciones)"]
[56121508,"Pupitres de computador para estudiantes"]
[56121509,"Mesas de computador para estudiantes"]
[56121601,"Sets de sala de tamaño de niños"]
[56121602,"Sofás de tamaño de niños"]
[56121603,"Sillones de tamaño de niños"]
[56121604,"Pufs de tamaño de niños"]
[56121605,"Biombos de poca altura o paneles para jugar"]
[56121606,"Esterillas de descanso para niños"]
[56121607,"Estantes o percheros para esterillas de descanso para niños"]
[56121608,"Catres para niños"]
[56121609,"Cargadores de catres para niños"]
[56121610,"Centros de actividades para catres para niños"]
[56121701,"Unidades de almacenamiento general"]
[56121702,"Unidades de almacenamiento de libros"]
[56121703,"Cubos (modulares) para guardar juguetes"]
[56121704,"Gabinetes institucionales de almacenamiento"]
[56121801,"Gabinetes para almacenamiento de herramientas de educación técnico o gabinetes con herramientas"]
[56121802,"Gabinetes para almacenamiento de herramientas de taller general o gabinetes con herramientas"]
[56121803,"Gabinetes para almacenamiento de herramientas para trabajar en madera o gabinetes con herramientas"]
[56121804,"Escritorio técnico para instructores"]
[56121805,"Archivos planos"]
[56121901,"Mesas de demostración de máquinas de coser"]
[56122001,"Bancas de laboratorio"]
[56122002,"Unidades o accesorios de almacenamiento para laboratorios"]
[56122003,"Puestos de trabajo para laboratorios"]
[56122004,"Unidades de bases para lavamanos"]
[60101001,"Kits de matemáticas para sumar"]
[60101002,"Kits de matemáticas para dividir"]
[60101003,"Kits de matemáticas de fracciones"]
[60101004,"Kits de matemáticas para bachillerato básico"]
[60101005,"Kits de matemáticas para la primera infancia"]
[60101006,"Kits de matemáticas para mediciones"]
[60101007,"Kits de matemáticas para multiplicar"]
[60101008,"Kits de matemáticas para primaria"]
[60101009,"Kits de matemáticas para restar"]
[60101010,"Kits de matemáticas para bachillerato"]
[60101101,"Lectores electrónicos de tarjetas"]
[60101102,"Materiales de aprendizaje electrónico basados en el plan de estudios"]
[60101103,"Globos terráqueos electrónicos"]
[60101104,"Máquinas electrónicas de pruebas"]
[60101201,"Adhesivos de seguimiento basados en la biblia"]
[60101202,"Tablas de incentivo basados en la biblia"]
[60101203,"Adhesivos para pegar en las tablas de incentivo"]
[60101204,"Tablas de incentivo"]
[60101205,"Tarjetas perforadas de incentivo"]
[60101301,"Adhesivos basados en la biblia"]
[60101302,"Adhesivos gigantes"]
[60101304,"Adhesivos de fotos"]
[60101305,"Adhesivos de recompensa"]
[60101306,"Adhesivos perfumados"]
[60101307,"Adhesivos de formas"]
[60101308,"Adhesivos brillantes"]
[60101309,"Adhesivos de recompensa con forma de estrella"]
[60101310,"Surtidos de adhesivos"]
[60101311,"Libros de adhesivos"]
[60101312,"Cajas de adhesivos"]
[60101313,"Calcomanías para tatuaje"]
[60101314,"Tarjetas didácticas de sumas"]
[60101315,"Tarjetas didácticas de cultura general"]
[60101316,"Tarjetas didácticas en blanco"]
[60101317,"Tarjetas didácticas de divisiones"]
[60101318,"Tarjetas didácticas electrónicas"]
[60101319,"Tarjetas didácticas de equivalencias"]
[60101320,"Tarjetas didácticas de fracciones"]
[60101321,"Tarjetas didácticas de mayor que o menor que"]
[60101322,"Tarjetas didácticas de multiplicaciones"]
[60101323,"Tarjetas didácticas de restas"]
[60101324,"Tarjetas didácticas del alfabeto"]
[60101325,"Tarjetas didácticas de construcción de palabras"]
[60101326,"Tarjetas didácticas de fonética"]
[60101327,"Tarjetas didácticas de escritura o escritura a mano"]
[60101328,"Tarjetas didácticas de los números"]
[60101329,"Tarjetas didácticas del dinero"]
[60101330,"Tarjetas didácticas de la hora"]
[60101331,"Tarjetas de los estados (departamentos)"]
[60101401,"Insignias"]
[60101402,"Botones de premio"]
[60101403,"Coronas de celebración"]
[60101404,"Joyas de recompense"]
[60101405,"Cintas o escarapelas para el salón de clases"]
[60101601,"Certificados basados en la biblia"]
[60101602,"Certificados en blanco"]
[60101603,"Marcos para certificados"]
[60101604,"Soportes para certificados"]
[60101605,"Cintas para certificados"]
[60101606,"Diplomas"]
[60101607,"Certificados de idioma extranjero"]
[60101608,"Certificados de buena actitud"]
[60101609,"Certificados específicos de grado"]
[60101610,"Certificados específicos de asignatura"]
[60101701,"Libros de recursos para la evaluación"]
[60101702,"Calendarios o recortables"]
[60101703,"Materiales pedagógicos para la formación del carácter"]
[60101704,"Libros de actividades en clase"]
[60101705,"Materiales pedagógicos para el pensamiento crítico"]
[60101706,"Guías para planes de estudios integrados"]
[60101707,"Guías para el plan de estudios"]
[60101708,"Gráficos de tela"]
[60101709,"Materiales para flanelógrafos"]
[60101710,"Regalos del educador"]
[60101711,"Sellos para calificar"]
[60101712,"Pases (permisos) para salir al pasillo"]
[60101713,"Materiales pedagógicos para la educación en el hogar"]
[60101714,"Recursos para tareas en casa"]
[60101715,"Libros de ideas"]
[60101716,"Materiales para tableros magnéticos"]
[60101717,"Placas o etiquetas de identificación"]
[60101718,"Libros de planificación del profesor"]
[60101719,"Cartelera con bolsillos"]
[60101720,"Postales de comunicación del profesor"]
[60101721,"Libros de recursos profesionales para el profesor"]
[60101722,"Libros de calificaciones de la clase del profesor"]
[60101723,"Diagramas de asientos de los estudiantes en el salón de clases"]
[60101724,"Carpetas o formularios del profesor suplente"]
[60101725,"Libros de actividades o recursos tecnológicos"]
[60101726,"Guías de referencia sobre tecnología"]
[60101727,"Materiales pedagógicos  para hacer exámenes"]
[60101728,"Materiales de pedagógicos para unidades temáticas"]
[60101729,"Kits de enseñanza para bachillerato básico"]
[60101730,"Manuales de laboratorio"]
[60101731,"Rollos o tiras de frases"]
[60101732,"Punteros"]
[60101801,"Guías de referencia bíblica"]
[60101802,"Obras de teatro basadas en la biblia"]
[60101803,"Libros de actividades o recursos basados en la biblia"]
[60101804,"Libros de recursos para actividades en la escuela dominical"]
[60101805,"Recursos para escuelas bíblicas de vacaciones"]
[60101806,"Emblemas o símbolos sagrados"]
[60101807,"Rosarios"]
[60101808,"Ruedas de oración"]
[60101809,"Suministros o kits de productos religiosos"]
[60101810,"Patenas"]
[60101811,"Vestimentas"]
[60101901,"Libros de actividades del alfabeto"]
[60101902,"Cubos con el alfabeto"]
[60101903,"Cintas adhesivas de escritorio con el alfabeto"]
[60101904,"Kits del alfabeto"]
[60101905,"Fichas con letras del alfabeto"]
[60101906,"Postales con el alfabeto"]
[60101907,"Guías de referencia del alfabeto"]
[60101908,"Libros de recursos del alfabeto"]
[60101909,"Sellos del alfabeto"]
[60101910,"Tarjetas del alfabeto para murales"]
[60101911,"Alfabetos táctiles"]
[60102001,"Espejos para uso logopédico"]
[60102002,"Materiales pedagógicos para ortografía"]
[60102003,"Libros de actividades para construcción de palabras"]
[60102004,"Kits para construcción de palabras"]
[60102005,"Libros de recursos para construcción de palabras"]
[60102006,"Fichas para construcción de palabras"]
[60102007,"Murales de palabras"]
[60102101,"Libros de recursos de adjetivos"]
[60102102,"Libros de recursos de adverbios"]
[60102103,"Libros de recursos de gramática"]
[60102104,"Libros de recursos de sustantivos"]
[60102105,"Libros de recursos de puntuación"]
[60102106,"Libros de recursos de verbos"]
[60102201,"Libros de actividades de fonética"]
[60102202,"Tarjetas de ejercicios fonéticos de repetición"]
[60102203,"Kit de fonética"]
[60102204,"Tarjetas de imágenes de fonética"]
[60102205,"Libros de recursos de fonética"]
[60102206,"Fichas de fonética"]
[60102301,"Libros de actividades de lectura"]
[60102302,"Libros de lectura para principiantes"]
[60102303,"Libros de literatura infantil basados en la biblia"]
[60102304,"Libros de literatura infantil"]
[60102305,"Habilidades para la lectura crítica"]
[60102306,"Flanelógrafos"]
[60102307,"Libros de recursos de poesía"]
[60102308,"Materiales de comprensión de lectura"]
[60102309,"Kits o materiales de desarrollo de la lectura"]
[60102310,"Libros de recursos de lectura"]
[60102311,"Unidades temáticas de lectura"]
[60102312,"Libros de recursos o actividades de vocabulario."]
[60102401,"Abacos"]
[60102402,"Libros de recursos o actividades para trabajar con material didáctico manipulable de matemáticas temprana"]
[60102403,"Tarjetas de actividades para trabajar material didáctico manipulable de matemáticas temprana"]
[60102404,"Cuentas o sets de actividades con cuentas para matemáticas temprana"]
[60102405,"Contadores o sets de actividades con contadores para matemáticas temprana"]
[60102406,"Bandejas o boles para contar o clasificar para matemáticas tempranas"]
[60102407,"Cordones o sets de cordones para matemáticas temprana"]
[60102408,"Material didáctico manipulable de vinculación o sets de actividades de vinculación para matemáticas temprana"]
[60102409,"Fichas para juegos de matemáticas"]
[60102410,"Tarjetas con números"]
[60102411,"Modelos con formas de números o accesorios"]
[60102412,"Tableros perforados para matemáticas básicas"]
[60102413,"Ganchos para tablero perforado para matemáticas temprana"]
[60102414,"Material didácticos manipulativos de clasificación o sets de actividades de clasificación para matemáticas temprana"]
[60102501,"Libros de recursos o de actividades de la suma"]
[60102502,"Modelos de las operaciones básicas"]
[60102503,"Guías de referencia de las operaciones básicas"]
[60102504,"Libros de recursos o actividades de la división"]
[60102505,"Libros de recursos o actividades de la multiplicación"]
[60102506,"Libros de recursos o actividades de la resta"]
[60102507,"Cintas adhesivas de escritorio con los números"]
[60102508,"Tableros o gráficas del uno al cien"]
[60102509,"Fichas con números del uno al cien"]
[60102510,"Kits de números"]
[60102511,"Rectas numéricas"]
[60102512,"libros de recursos o actividades de numeración"]
[60102513,"Dominós"]
[60102601,"Fichas o contadores de dos caras"]
[60102602,"Pirinolas"]
[60102603,"Juegos de dados"]
[60102604,"Libros de recursos o actividades de probabilidades"]
[60102605,"Libros de recursos o actividades de lógica"]
[60102606,"Bloques de atributos"]
[60102607,"Tarjetas de actividades de bloques de atributos"]
[60102608,"Libros de recursos o actividades de atributos"]
[60102609,"Esterilla de representación gráfica"]
[60102610,"Libros de recursos o actividades de representación gráfica"]
[60102611,"Juegos de lógica"]
[60102612,"Kits o sets de atributos"]
[60102613,"Libros de recursos o actividades de resolución de problemas"]
[60102614,"Tarjetas de actividades de resolución de problemas"]
[60102701,"Libros de recursos o actividades de bloques geométricos o de bloques para patrones"]
[60102702,"Bloques para patrones"]
[60102703,"Tarjetas de patrones o actividades de bloques para patrones"]
[60102704,"Sets de actividades o juegos de bloques para patrones"]
[60102705,"Adhesivos de bloques para patrones"]
[60102706,"Espejo de bloques para patrones"]
[60102707,"Afiches o tablas de bloques para patrones"]
[60102708,"Bloques lógicos"]
[60102709,"Tarjetas de patrones o actividades de bloques lógicos"]
[60102710,"Sets de actividades de bloques lógicos"]
[60102711,"Libros de recursos o actividades del tangram"]
[60102712,"Tarjetas de patrones o actividades del tangram"]
[60102713,"Sets de actividades de rompecabezas tangram"]
[60102714,"Rompecabezas tangram"]
[60102715,"Libros de recursos y actividades de pentominós"]
[60102717,"Pentominós"]
[60102718,"Sets de actividades de pentominós"]
[60102801,"Bloques de base diez"]
[60102802,"Libros de recursos o actividades de base diez o valor posicional"]
[60102803,"Tarjetas de actividades de  base diez o valor posicional"]
[60102804,"Sellos de caucho de base diez"]
[60102805,"Cuadrículas de valor posicional"]
[60102806,"Sets de actividades o juegos de valor posicional"]
[60102807,"Modelos o accesorios de valor posicional"]
[60102901,"Libros de recursos o actividades sobre el dinero"]
[60102902,"Billetes de juego para la clase"]
[60102903,"Monedas de juego para la clase"]
[60102904,"Cubos o dados de monedas"]
[60102905,"Dinero magnético"]
[60102906,"Filminas de billetes"]
[60102907,"Filminas de monedas"]
[60102908,"Rompecabezas del dinero"]
[60102909,"Sellos de caucho del dinero"]
[60102910,"Alcancía de monedas"]
[60102911,"Kits o juegos del dinero"]
[60102912,"Cajas registradoras de juguete"]
[60102913,"Guías de referencia del dinero"]
[60102914,"Libros de recursos o actividades de la hora"]
[60102915,"Sellos de caucho de la hora"]
[60102916,"Kits de la hora"]
[60102917,"Guías de referencia de la hora"]
[60103001,"Círculos o cuadrados de fracciones"]
[60103002,"Cuadrados de decimales"]
[60103003,"Libros de actividades de fracciones"]
[60103004,"Barras de fracciones"]
[60103005,"Gráficos de fracciones"]
[60103006,"Dados de fracciones"]
[60103007,"Juegos de fracciones"]
[60103008,"Kits de fracciones"]
[60103009,"Fichas con fracciones"]
[60103010,"Discos con fracciones"]
[60103012,"Libro de actividades de pentominós"]
[60103013,"Tarjetas de patrones de pentominós"]
[60103101,"Libros de recursos o  actividades de geometría"]
[60103102,"Afiches o cuadros de geometría"]
[60103103,"Tableros geométricos"]
[60103104,"Sets de construcción de formas geométricas"]
[60103105,"Tableros geométricos de doble cara"]
[60103106,"Kits de actividades o juegos para tableros geométricos"]
[60103107,"Bandas elásticas para tableros geométricos"]
[60103108,"Tarjetas de actividades de tableros geométricos"]
[60103109,"Instrumentos de dibujo geométrico para la pizarra"]
[60103110,"Guías de referencia de geometría"]
[60103111,"Espejo geométrico"]
[60103112,"Modelos geométricos sólidos"]
[60103201,"Libros de recursos o de actividades de álgebra"]
[60103202,"Cubos de centímetro"]
[60103203,"Guías de referencia de preálgebra o álgebra"]
[60103204,"Modelos o accesorios de álgebra"]
[60103301,"Libros de recursos o actividades de cálculo"]
[60103302,"Guías de referencia de precálculo o cálculo"]
[60103303,"Libros de recursos o actividades de precálculo"]
[60103401,"Afiches o carteles de geografía"]
[60103402,"Libros de recursos o actividades de los continentes"]
[60103403,"Materiales de aprendizaje electrónico de ciencias sociales"]
[60103404,"Guías de referencia de geografía"]
[60103405,"Estantes para mapas"]
[60103406,"Kits de plantillas de mapas"]
[60103407,"Mapas murales portátiles"]
[60103408,"Libros de recursos o actividades de geografía"]
[60103409,"Medidores de mapas"]
[60103410,"Material didáctico para la enseñanza de mapas"]
[60103501,"Libros de recursos o actividades de economía"]
[60103502,"Libros de recursos o actividades del gobierno"]
[60103503,"Guías de referencia del gobierno"]
[60103504,"Unidades temáticas de los estados"]
[60103601,"Recursos de civilizaciones de la antigüedad"]
[60103602,"Recursos de tradiciones, rituales o costumbres"]
[60103603,"Recursos de diversidad étnica"]
[60103604,"Recursos de genealogía"]
[60103605,"Recursos para festivos multiculturales"]
[60103606,"Unidades temáticas multiculturales"]
[60103701,"Recursos para aprender a hablar español"]
[60103702,"Recursos para aprender a hablar francés"]
[60103703,"Recursos para aprender a hablar alemán"]
[60103704,"Recursos para aprender a hablar inglés"]
[60103705,"Recursos para aprender a hablar latín"]
[60103706,"Recursos para aprender a hablar italiano"]
[60103801,"Libros de recursos de historia africana"]
[60103802,"Afiches o cuadros de historia"]
[60103803,"Libros de recursos de historia europea"]
[60103804,"Mapas históricos"]
[60103805,"Unidades temáticas de historia"]
[60103806,"Tarjetas de fotos de historia"]
[60103807,"Libros de recursos de historia"]
[60103808,"Recursos de historia de la mujer"]
[60103809,"Recursos de historia mundial"]
[60103903,"Modelos de anfibios"]
[60103904,"Cultivos de hongos"]
[60103905,"Kits o materiales de cultivos"]
[60103906,"Cultivos de protozoos"]
[60103907,"Plantas de acuario"]
[60103908,"Plantas de terrario"]
[60103909,"Invertebrados vivos"]
[60103911,"Vertebrados vivos"]
[60103915,"Kits o materiales de disección"]
[60103916,"Embriones conservados"]
[60103918,"Biosferas"]
[60103919,"Kits o materiales para experimentos de biología"]
[60103920,"Kits o materiales para tinción"]
[60103921,"Especímenes de ciclo vital preservado"]
[60103922,"Guías de referencia de biología"]
[60103923,"Espécimen de esqueleto o hueso o concha"]
[60103924,"Libros de recursos o actividades de biología"]
[60103925,"Kits de estudio o actividades de biología"]
[60103926,"Afiches o cuadros de biología"]
[60103927,"Especímenes preservados de cuerpos u órganos de plantas"]
[60103928,"Tarjetas de fotos o actividades de biología"]
[60103929,"Especímenes del ciclo vital de plantas"]
[60103930,"Combinación de especímenes y organismos"]
[60103931,"Especímenes del cuerpo animal, partes u órganos"]
[60103932,"Exhibiciones de ecosistemas"]
[60103933,"Especímenes del cuerpo humano, partes u órganos"]
[60103934,"Cultivos de tejidos"]
[60103936,"Sets o diagramas de anatomía"]
[60104001,"Modelos de ácido desoxirribonucleico (adn)"]
[60104002,"Kits de experimentos de ácido desoxirribonucleico (adn)"]
[60104003,"Libros de genética"]
[60104004,"Kits de genética"]
[60104005,"Kits de enseñanza de bacterias"]
[60104006,"Materiales de prueba de bacterias"]
[60104007,"Kits o materiales de enzimología"]
[60104008,"Kits o materiales de prueba de proteínas"]
[60104101,"Modelos del cuerpo humano, partes u órganos"]
[60104102,"Modelos de células"]
[60104103,"Kits de enseñanza de células"]
[60104104,"Kits de enseñanza de los sistemas del cuerpo"]
[60104105,"Materiales de enseñanza de los sistemas del cuerpo"]
[60104106,"Modelos del cuerpo de plantas, partes u órganos"]
[60104107,"Modelos del cuerpo de animales, partes u órganos"]
[60104201,"Productos químicos de prueba del agua"]
[60104202,"Kits de muestreo y pruebas del agua"]
[60104203,"Modelos del agua"]
[60104204,"Materiales de ecología acuática"]
[60104301,"Modelos de astronomía"]
[60104302,"Diagramas de astronomía"]
[60104303,"Kits de estudio de astronomía"]
[60104401,"Sets de especímenes de roca"]
[60104402,"Especímenes de roca"]
[60104403,"Fósiles"]
[60104404,"Modelos de accidentes geográficos"]
[60104405,"Modelos de fósiles"]
[60104406,"Herramientas para geología de campo"]
[60104407,"Mesas de simulación de corrientes de agua"]
[60104408,"Kits de estudio de geología"]
[60104501,"Afiches o cuadros de la tabla periódica"]
[60104502,"Kits de análisis del consumidor"]
[60104503,"Kits para clase de química"]
[60104504,"Kits de demostración de química"]
[60104505,"Modelos atómicos"]
[60104506,"Modelos moleculares"]
[60104507,"Herramientas para demostración electroquímica"]
[60104508,"Kits de electroquímica"]
[60104509,"Pilas de combustible"]
[60104511,"Instrumentos de microquímica"]
[60104601,"Mesas de fuerzas"]
[60104602,"Modelos de gravedad o sets de modelos"]
[60104604,"Planos inclinados"]
[60104605,"Aparato de fricción"]
[60104606,"Carros de física"]
[60104607,"Equipo de péndulo"]
[60104608,"Equipo de torque"]
[60104609,"Aparato de movimiento de proyectiles"]
[60104610,"Mesas de aire"]
[60104611,"Equipos de aire"]
[60104612,"Aparato para luz o foto"]
[60104701,"Dispositivos de recolección solar"]
[60104702,"Kits solares"]
[60104703,"Kits de demostración de energía"]
[60104704,"Kits de clases de energía"]
[60104705,"Kits de demostración de materia"]
[60104706,"Kits de clases de materia"]
[60104707,"Manómetros"]
[60104708,"Aparato de difusión de gases"]
[60104801,"Generadores de ondas"]
[60104802,"Tanques de ondas"]
[60104803,"Fuentes de ondas"]
[60104804,"Sets de demostración de ondas"]
[60104805,"Diapasones"]
[60104806,"Demostradores del efecto doppler"]
[60104807,"Equipo de resonancia"]
[60104808,"Fonómetros"]
[60104809,"Aparato de ondas"]
[60104810,"Espectroscopios"]
[60104811,"Diagramas del espectro"]
[60104812,"Kits de demostración de la luz"]
[60104813,"Cartas o muestras de colores"]
[60104814,"Radiómetro"]
[60104815,"Equipo de refracción o reflexión"]
[60104816,"Sets o kits ópticos"]
[60104901,"Generadores de van de graff"]
[60104902,"Aparato de electrostática"]
[60104903,"Kits de electrostática"]
[60104904,"Kits de electricidad"]
[60104905,"Tableros de demostración de electricidad"]
[60104906,"Kits de baterías"]
[60104907,"Generadores portátiles"]
[60104908,"Aparato de electromagnetismo"]
[60104909,"Aparato de magnetismo"]
[60104910,"Electroimanes"]
[60104911,"Campanas eléctricas o accesorios"]
[60104912,"Alambres o cables eléctricos"]
[60105001,"Sets de radioactividad"]
[60105002,"Contadores geiger"]
[60105003,"Aparato de electrones"]
[60105004,"Señales de advertencia de radiación"]
[60105005,"Diapositivas de física nuclear"]
[60105006,"Diagramas de física nuclear"]
[60105101,"Sets de cohetes"]
[60105102,"Aparato de lanzamiento"]
[60105103,"Dispositivos para la medición de alturas"]
[60105104,"Kits de aviones"]
[60105201,"Materiales de enseñanza para desarrollar habilidades de escucha"]
[60105202,"Materiales de enseñanza de  habilidades de estudio"]
[60105203,"Materiales de enseñanza de preparación de exámenes"]
[60105301,"Materiales de enseñanza de habilidades para la educación o planificación o toma de decisiones para el trabajo"]
[60105302,"Materiales de enseñanza de  habilidades laborales básicas"]
[60105303,"Materiales de enseñanza de habilidades para la búsqueda de empleo"]
[60105304,"Materiales de enseñanza de habilidades para el manejo del tiempo"]
[60105305,"Materiales de enseñanza de habilidades para entrevistas"]
[60105306,"Materiales de enseñanza de habilidades para elaborar la hoja de vida"]
[60105307,"Materiales de enseñanza de formación de ética laboral o actitudes"]
[60105308,"Materiales de enseñanza para desarrollar habilidades de trabajo en equipo"]
[60105309,"Materiales de enseñanza de etiqueta empresarial"]
[60105401,"Materiales de enseñanza del manejo del dinero o de las finanzas personales"]
[60105402,"Materiales de enseñanza de habilidades de consumo y comparación de precios"]
[60105403,"Materiales de enseñanza de vida independiente"]
[60105404,"Materiales de enseñanza para la comprensión de los créditos o préstamos de consumo"]
[60105405,"Materiales de enseñanza de comparación o cobertura de seguros"]
[60105406,"Materiales de enseñanza para compra de casa"]
[60105407,"Materiales de enseñanza para alquiler de apartamento"]
[60105408,"Materiales de enseñanza para compra de carro"]
[60105409,"Materiales de enseñanza  de publicidad o comercialización de marcas"]
[60105410,"Materiales de enseñanza de habilidades para la vida en familia o para el establecimiento de relaciones"]
[60105411,"Materiales de enseñanza para el desarrollo de la autoestima y el autoconcepto"]
[60105412,"Materiales de enseñanza de prevención de la violencia o de educación para la evasión de la violencia"]
[60105413,"Materiales de enseñanza  de formación para el manejo de la ira"]
[60105414,"Materiales educativos para la enseñanza de la paciencia"]
[60105415,"Materiales de enseñanza de formación de la tolerancia"]
[60105416,"Materiales de enseñanza de seguridad personal"]
[60105417,"Materiales de enseñanza de resolución de conflictos personales"]
[60105418,"Guías de asesoramiento práctico para adolescentes"]
[60105419,"Materiales de enseñanza de desarrollo de aptitudes sociales"]
[60105420,"Materiales de enseñanza de modales o etiqueta o cortesía"]
[60105421,"Materiales de enseñanza para entender o tratar con la diversidad cultural"]
[60105422,"Materiales de enseñanza para interpretar el lenguaje corporal"]
[60105423,"Materiales de enseñanza para el desarrollo de la capacidad de adaptación"]
[60105424,"Materiales de enseñanza de comprensión del servicio a la comunidad"]
[60105425,"Materiales de enseñanza para el desarrollo de habilidades de negación"]
[60105426,"Materiales de enseñanza de habilidades de responsabilidad o toma de decisiones"]
[60105427,"Materiales de enseñanza de comprensión de los derechos legales de los adolescentes"]
[60105428,"Materiales de enseñanza de las repercusiones de la deserción escolar"]
[60105429,"Videos de las relaciones interraciales"]
[60105501,"Materiales de enseñanza de feng shui"]
[60105502,"Materiales de enseñanza para utilizar color o pintura para la decoración del hogar"]
[60105503,"Materiales de enseñanza  para la  planificación o diseño del hogar"]
[60105504,"Materiales de enseñanza de diseño de jardines"]
[60105505,"Materiales de enseñanza para la decoración o amueblamiento del hogar"]
[60105601,"Materiales de enseñanza de dietas balanceadas o pautas alimentarias"]
[60105602,"Materiales de enseñanza de habilidades de planificación de menús para planes de estudios de nutrición"]
[60105603,"Materiales de enseñanza de comprensión del etiquetado nutricional"]
[60105604,"Materiales de enseñanza de compra de alimentos"]
[60105605,"Módulos de demostración de opciones de alimentos saludables"]
[60105606,"Materiales de enseñanza de comprensión de los efectos de las grasas alimenticias"]
[60105607,"Materiales de enseñanza de comprensión del vegetarianismo"]
[60105608,"Libros de cocina o recetarios"]
[60105609,"Materiales de enseñanza de  educación acerca de los trastornos alimenticios"]
[60105610,"Materiales de enseñanza sobre el control de peso o el ejercicio"]
[60105611,"Materiales de enseñanza de la medición de sólidos o líquidos en la cocina"]
[60105612,"Materiales de enseñanza de equivalencias o matemáticas en la cocina"]
[60105613,"Materiales de enseñanza sobre los utensilios de cocina"]
[60105614,"Materiales de enseñanza sobre la higiene o la seguridad en la cocina"]
[60105615,"Materiales de enseñanza sobre la inocuidad de los alimentos"]
[60105616,"Materiales de enseñanza sobre actividades de la ciencia de los alimentos"]
[60105617,"Materiales de enseñanza de habilidades culinarias"]
[60105618,"Materiales de enseñanza de etiqueta o modales en la mesa"]
[60105619,"Materiales de enseñanza sobre cómo poner la mesa"]
[60105620,"Materiales de enseñanza de capacitación de los servicios de alimentación"]
[60105621,"Materiales de enseñanza de educación acerca del abuso de drogas o  tabaco o alcohol"]
[60105622,"Simuladores para fumar"]
[60105623,"Materiales de enseñanza de comprensión de las adicciones o cómo evitarlas"]
[60105624,"Materiales de enseñanza de los síntomas de depresión en adolescentes"]
[60105625,"Materiales de enseñanza de capacitación para evitar el suicidio de adolescentes"]
[60105626,"Materiales de enseñanza para lidiar con el estrés"]
[60105701,"Álbumes de recuerdos"]
[60105702,"Tornillos de extensión para álbumes de recuerdos"]
[60105703,"Papel para álbumes de recuerdos"]
[60105704,"Barras de pegante libres de ácido"]
[60105705,"Cinta pegante libre de ácido"]
[60105801,"Materiales de enseñanza de habilidades para la costura"]
[60105802,"Materiales para proyectos de costura"]
[60105803,"Materiales de enseñanza de comprensión de la confección o hechura de ropa"]
[60105804,"Materiales de enseñanza de diseño o modas de ropa"]
[60105805,"Materiales de enseñanza de análisis de colores personales"]
[60105806,"Materiales de enseñanza de los principios básicos de la comercialización de la moda o la venta al por  menor"]
[60105807,"Materiales de enseñanza de la ciencia de los tejidos o las fibras"]
[60105808,"Materiales de enseñanza del cuidado o mantenimiento o lavado de la ropa"]
[60105809,"Materiales para la enseñanza del arte del color en el diseño  de telas"]
[60105810,"Materiales de enseñanza sobre pinturas y tintes para telas"]
[60105811,"Materiales de enseñanza para proyectos de acolchado"]
[60105901,"Materiales de enseñanza de educación sexual o enfermedades de transmisión sexual"]
[60105902,"Materiales de enseñanza de recursos de nutrición prenatal o abuso fetal"]
[60105903,"Materiales de enseñanza de habilidades para la crianza de los hijos"]
[60105904,"Materiales de enseñanza sobre el desarrollo de niño"]
[60105905,"Materiales de enseñanza de comprensión de la violación en una cita o las habilidades para salir en cita o el acoso"]
[60105906,"Materiales de enseñanza de educación sobre el parto"]
[60105907,"Materiales de enseñanza sobre el embarazo, desde la concepción hasta el parto"]
[60105908,"Materiales de enseñanza de comprensión de los riesgos de defectos de nacimiento"]
[60105909,"Simuladores de embarazo"]
[60105910,"Simuladores de bebés y accesorios"]
[60105911,"Materiales de enseñanza de formación sobre puericultura"]
[60105912,"Materiales de enseñanza de comprensión del abuso infantil  físico o emocional"]
[60105913,"Materiales de enseñanza para padres sobre educación de habilidades para la disciplina"]
[60105914,"Materiales de enseñanza de seguridad del hogar o de protección para evitar usos indebidos por los niños"]
[60105915,"Materiales de enseñanza sobre resucitación cardiopulmonar o apoyo básico de vida"]
[60105916,"Materiales de enseñanza de comprensión de las enfermedades de la infancia"]
[60105917,"Materiales de enseñanza de comprensión del trastorno por déficit de atención con hiperactividad"]
[60105918,"Materiales de enseñanza para el cuidador de niños"]
[60105919,"Materiales de enseñanza para el cuidado de niños"]
[60106001,"Libros de ideas o recursos del plan de estudios de bachillerato básico"]
[60106002,"Libros de ideas o recursos del plan de estudios de bachillerato"]
[60106003,"Proyectos de estudio independiente de economía doméstica"]
[60106004,"Recursos o guías de proyectos o actividades de economía doméstica"]
[60106101,"Materiales didácticos sobre el automóvil"]
[60106102,"Materiales didácticos de construcción"]
[60106103,"Materiales didácticos de diseño o delineación"]
[60106104,"Materiales didácticos de electricidad o electrónica"]
[60106105,"Materiales didácticos de artes gráficas o fotografía"]
[60106106,"Materiales didácticos de  horticultura"]
[60106107,"Materiales didácticos de manufactura"]
[60106108,"Materiales didácticos de seguridad o peligro"]
[60106109,"Materiales didácticos de soldadura"]
[60106201,"Materiales didácticos de agricultura"]
[60106202,"Materiales didácticos de biotecnología"]
[60106203,"Materiales didácticos de comunicaciones"]
[60106204,"Materiales didácticos de informática"]
[60106205,"Materiales didácticos de energía o electricidad"]
[60106206,"Materiales didácticos del medio ambiente"]
[60106207,"Materiales didácticos de materiales"]
[60106208,"Materiales didácticos de medicina"]
[60106209,"Materiales didácticos de transporte"]
[60106210,"Materiales didácticos de sistemas de armas"]
[60106211,"Materiales didácticos del motor o sus partes"]
[60106212,"Materiales didácticos de instrumentos de navegación"]
[60106213,"Materiales didácticos de mecánica de fluidos o máquinas"]
[60106214,"Materiales didácticos de robótica"]
[60106215,"Materiales didácticos de sistemas de refrigeración"]
[60106301,"Kits de ciencias forenses"]
[60106302,"Materiales de enseñanza de ciencias forenses"]
[60106401,"Kits de electrónica"]
[60106402,"Suministros para la enseñanza de electrónica"]
[60111001,"Paquetes de gráficos"]
[60111002,"Gráficos para el salón de clase"]
[60111003,"Afiches o sets para el salón de clases"]
[60111004,"Afiches de creación  personal"]
[60111005,"Soportes de gráficos o accesorios"]
[60111101,"Sets de carteleras grandes"]
[60111102,"Sets de carteleras del calendario"]
[60111103,"Sets de carteleras para la primera infancia"]
[60111104,"Sets de carteleras de idiomas"]
[60111105,"Sets carteleras de matemáticas"]
[60111106,"Sets de carteleras multipropósito"]
[60111107,"Sets de carteleras de ciencias"]
[60111108,"Sets de carteleras de temporada"]
[60111109,"Sets de carteleras de ciencias sociales"]
[60111201,"Pendones para el salón de clase"]
[60111202,"Paquetes de bordes"]
[60111203,"Carteles para el salón de clase"]
[60111204,"Bordes o ribetes corrugados"]
[60111205,"Bordes o ribetes festoneados y troquelados con formas"]
[60111206,"Bordes o ribetes brillantes"]
[60111207,"Bordes o ribetes rectos"]
[60111208,"Almacenaje de bordes o ribetes"]
[60111301,"Bloques con letras o números"]
[60111302,"Letras o números sueltos"]
[60111303,"Letras o números en cursiva"]
[60111304,"Letras o números autoadhesivos"]
[60111305,"Letras o números brillantes"]
[60111306,"Letras o números para calcar"]
[60111401,"Kits de decoración para el salón de clase"]
[60111402,"Decoraciones para puertas"]
[60111403,"Móviles"]
[60111404,"Decoraciones de dos caras"]
[60111405,"Decoraciones para adherir a las ventanas"]
[60111407,"Sistemas decorativos de almacenaje"]
[60111408,"Cintas o cintas onduladas decorativas"]
[60111409,"Botones decorativos"]
[60111410,"Figuras o cuerdas decorativas"]
[60111411,"Aerosoles decorativos"]
[60121001,"Pinturas"]
[60121002,"Esculturas"]
[60121003,"Estatuas"]
[60121004,"Retratos"]
[60121005,"Dibujos"]
[60121006,"Cuadros"]
[60121007,"Litografías"]
[60121008,"Afiches"]
[60121009,"Vasija decorativa"]
[60121010,"Pergaminos"]
[60121011,"Fotografías"]
[60121012,"Adhesivos decorativos"]
[60121101,"Papel para dibujo de sulfito"]
[60121102,"Papel para dibujo de pasta de madera triturada"]
[60121103,"Papel para dibujo de calcar o pergamino"]
[60121104,"Papel bond para para dibujo"]
[60121105,"Papel de dibujo para carboncillo o pastel"]
[60121106,"Papel brístol para dibujo"]
[60121107,"Hojas de papel para acuarela"]
[60121108,"Cuadernos de papel para acuarela"]
[60121109,"Blocs de papel para acuarela"]
[60121110,"Papel para pintura dactilar"]
[60121111,"Cartulina de sulfito"]
[60121112,"Cartulina de pasta de madera triturada"]
[60121113,"Cartulina metalizada"]
[60121114,"Papeles para manualidades de origami"]
[60121115,"Confeti de plástico o de papel"]
[60121116,"Papel crepé para manualidades"]
[60121117,"Papel de seda para manualidades"]
[60121118,"Papel corrugado para manualidades"]
[60121119,"Papel con impresión de patrones para manualidades"]
[60121120,"Papel para manualidades autoadhesivo"]
[60121121,"Papel fluorescente"]
[60121123,"Papel hecho a mano"]
[60121124,"Papel kraft"]
[60121125,"Paneles de lienzo"]
[60121126,"Lienzo preestirado"]
[60121127,"Lienzo imprimado"]
[60121128,"Lienzo sin imprimar"]
[60121129,"Paneles de madera comprimida"]
[60121130,"Cuadernos de papel imitación lienzo"]
[60121131,"Papel japonés para grabado"]
[60121132,"Papel para grabado para huecograbado o litografía"]
[60121133,"Papel para grabado para impresión xilográfica"]
[60121134,"Papel metálico"]
[60121135,"Películas de acetato, vinilo o poliéster"]
[60121136,"Películas de celofán"]
[60121137,"Hojas de acrílico"]
[60121138,"Tableros de ilustración"]
[60121139,"Láminas de paspartú"]
[60121140,"Tablero de montaje"]
[60121141,"Tablero de montaje de núcleo de espuma"]
[60121142,"Cartón duro o cartón de colores de dos caras"]
[60121143,"Tablero para presentaciones"]
[60121144,"Papeles borrador para arte"]
[60121145,"Carteles borrador para arte"]
[60121146,"Accesorios borrador para arte"]
[60121147,"Papel brillante"]
[60121148,"Cartones de colores"]
[60121149,"Papel vegetal prensado"]
[60121150,"Papel de construcción"]
[60121151,"Accesorios o tableros para dibujo o bosquejo"]
[60121152,"Tablillas de escritura"]
[60121153,"Hojas de transferencia"]
[60121201,"Pintura témpera líquida tradicional"]
[60121202,"Pintura témpera líquida contemporánea"]
[60121203,"Pintura témpera en polvo"]
[60121204,"Pintura témpera lavable"]
[60121205,"Pastillas de témpera"]
[60121206,"Pintura líquida para cuerpo o cara"]
[60121207,"Pintura en pasta para cuerpo o cara"]
[60121208,"Pintura de marcador para cuerpo o cara"]
[60121209,"Pintura de tatuaje provisional"]
[60121210,"Pintura dactilar  lavable"]
[60121211,"Pintura acrílica estilo escolar"]
[60121212,"Pintura acrílica para aerógrafo"]
[60121213,"Pinturas o medios al oleo sintéticos tratados con calor"]
[60121214,"Pinturas o medios al óleo solubles en agua"]
[60121215,"Pintura removible de baja viscosidad para vidrio o cerámica"]
[60121216,"Pintura permanente de baja viscosidad para vidrio o cerámica"]
[60121217,"Pintura gel removible de alta viscosidad para vidrio o cerámica"]
[60121218,"Pintura gel permanente de alta viscosidad para vidrio o cerámica"]
[60121219,"Pintura para cerámica o vidrio horneado"]
[60121220,"Pintura para vidrio o cerámica de sistema de marcador"]
[60121221,"Pintura de acuarela de platillo"]
[60121222,"Pintura de acuarela en tubo"]
[60121223,"Pintura de acuarela líquida"]
[60121224,"Pintura de enmascarar para acuarela líquida"]
[60121225,"Medios para pintura de acuarela"]
[60121226,"Pinceles para acuarela"]
[60121227,"Pinceles orientales"]
[60121228,"Pinceles de utilidad"]
[60121229,"Pinceles especializados"]
[60121230,"Pinceles de caballete"]
[60121231,"Espátulas de paleta"]
[60121232,"Rodillos para impresión a mano"]
[60121233,"Sellos de esponja"]
[60121234,"Espátulas para aplicación de pintura"]
[60121235,"Pipetas para mezclar pinturas o tintes"]
[60121236,"Peinillas o utensilios para aplicación de pintura o tinta"]
[60121237,"Paletas para mezclar pintura o tinta"]
[60121238,"Vasijas para pintura o para mezclar o almacenar pintura"]
[60121239,"Botellas o tazas para pintura"]
[60121241,"Productos de limpieza de utensilios o pinceles"]
[60121242,"Delantales para pintar"]
[60121243,"Blusones para artistas"]
[60121244,"Tiras extensoras"]
[60121245,"Extensores de lienzo"]
[60121246,"Caballetes metálicos"]
[60121247,"Caballetes de madera"]
[60121248,"Caballetes de sobremesa"]
[60121249,"Caballetes de presentación"]
[60121250,"Portafolio para dibujos"]
[60121251,"Pintura al gouache"]
[60121252,"Bandejas para pinturas"]
[60121253,"Aerógrafos para arte"]
[60121301,"Guillotinas para cortar papel"]
[60121302,"Cortadora de paspartú"]
[60121303,"Cuchillas para paspartú"]
[60121304,"Espátulas de artista"]
[60121305,"Cortador rotativo de tela o papel"]
[60121306,"Cortadoras de papel en círculos u óvalos"]
[60121401,"Marcos de madera preensamblados"]
[60121402,"Marcos de secciones de madera"]
[60121403,"Marcos metálicos preensamblados"]
[60121404,"Marcos de secciones de metal"]
[60121405,"Marcos  ajustables"]
[60121406,"Marcos de plástico"]
[60121407,"Marcos en forma de cubo transparente"]
[60121408,"Clavadoras de puntillas o accesorios para marcos"]
[60121409,"Caja de ingletes"]
[60121410,"Dispositivos para colgar cuadros"]
[60121411,"Paneles acrílicos para marcos"]
[60121412,"Paneles de vidrio para marcos"]
[60121413,"Organizadores o álbumes para fotos"]
[60121414,"Monturas magnéticas para marcos"]
[60121415,"Kits de marcos"]
[60121501,"Marcadores a base de agua"]
[60121502,"Marcadores de base disolvente"]
[60121503,"Marcadores lavables"]
[60121504,"Marcadores para caligrafía"]
[60121505,"Marcadores de tela"]
[60121506,"Marcadores metálicos"]
[60121507,"Marcadores de témpera o tiza para ventanas"]
[60121508,"Marcadores de pintura"]
[60121509,"Crayones de cera"]
[60121510,"Crayones de base de soya"]
[60121511,"Crayones especializados"]
[60121512,"Crayones de acuarela"]
[60121513,"Pastel seco"]
[60121514,"Pastel de tiza"]
[60121515,"Pastel a base de aceite"]
[60121516,"Carboncillo"]
[60121517,"Carboncillo vine"]
[60121518,"Lápices de grafito"]
[60121519,"Lápices de colores para dibujar de base de cera"]
[60121520,"Carboncillos"]
[60121521,"Lápices de acuarela"]
[60121522,"Bolígrafos de base acuosa"]
[60121523,"Bolígrafos permanentes"]
[60121524,"Bolígrafos de gel"]
[60121525,"Rapidógrafos"]
[60121526,"Bolígrafos para caligrafía"]
[60121531,"Borradores de lápices color rosados"]
[60121532,"Borradores de goma moldeable"]
[60121533,"Borradores de vinilo"]
[60121534,"Borradores de plástico"]
[60121535,"Borradores de goma"]
[60121536,"Borrador de crayón"]
[60121537,"Plumillas o sus accesorios"]
[60121538,"Kits de caligrafía"]
[60121539,"Fijadores de dibujo"]
[60121540,"Telas de dibujo"]
[60121601,"Maniquíes de madera"]
[60121602,"Paneles o espejos de acrílico transparente"]
[60121603,"Placas de fricción de plástico"]
[60121604,"Accesorios para ayudas de estudio"]
[60121605,"Modelos anatómicos"]
[60121606,"Pantallas de fondo"]
[60121701,"Sellos de estampación de caucho"]
[60121702,"Almohadilla para sellos de estampación de caucho"]
[60121703,"Accesorios para estampación de caucho"]
[60121704,"Linóleo para impresión xilográfica"]
[60121705,"Bloques de madera para impresión"]
[60121706,"Bloques sintéticos para impresión"]
[60121707,"Accesorios para impresión xilográfica"]
[60121708,"Planchas de huecograbado o litografía"]
[60121709,"Mantillas para huecograbado o litografía"]
[60121710,"Limpiones para huecograbado o litografía"]
[60121711,"Planchas calientes para huecograbado o litografía"]
[60121712,"Prensas de impresión para huecograbado o litografía"]
[60121713,"Rodillos y aplanadoras de impresión"]
[60121714,"Utensilios de grabado para huecograbado"]
[60121715,"Estaciones de impresión o pantallas para serigrafía"]
[60121716,"Accesorios para serigrafía"]
[60121717,"Punzones para grabado"]
[60121718,"Extendedores de tinta de impresión"]
[60121801,"Tintas para afiches a base de agua"]
[60121802,"Tintas acrílicas a base de agua"]
[60121803,"Tintas para serigrafía a base de aceite"]
[60121804,"Tintas para textiles a base de agua"]
[60121805,"Tintas para textiles a base de aceite"]
[60121806,"Tintas de sublimación para grabado"]
[60121807,"Tintas para huecograbado o litografía a base de aceite"]
[60121808,"Tintas para monoimpresión a base de aceite"]
[60121809,"Tintas para monoimpresión a base de agua"]
[60121810,"Tintas para dibujar a base de agua"]
[60121811,"Tintas para dibujar de base solvente"]
[60121812,"Tintas para caligrafía"]
[60121813,"Tintas para serigrafía"]
[60121814,"Barnices litográficos"]
[60121901,"Muselina"]
[60121902,"Fieltro"]
[60121903,"Pieles para manualidades"]
[60121904,"Mezclas de algodón"]
[60121905,"Lienzos estampables"]
[60121906,"Estampables presensibilizados"]
[60121907,"Estampables de algodón"]
[60121908,"Estampables mezclados"]
[60121909,"Ceras para batik"]
[60121910,"Accesorios para batik"]
[60121911,"Tela para batik"]
[60121912,"Difuminadores"]
[60122002,"Accesorios para tejer"]
[60122003,"Agujas para coser a mano"]
[60122004,"Kits de manualidades con cuerda"]
[60122005,"Telares manuales"]
[60122006,"Telares de mesa"]
[60122007,"Telares de piso"]
[60122008,"Cordón plástico (rexlace)"]
[60122009,"Accesorios de encordado o acordonado"]
[60122101,"Mechas para la fabricación de velas"]
[60122102,"Moldes para la fabricación de velas"]
[60122103,"Accesorios para la fabricación de velas"]
[60122201,"Materiales para artesanías en madera"]
[60122202,"Materiales para acabados"]
[60122203,"Herramientas para quemado de madera"]
[60122204,"Herramientas para tallar"]
[60122301,"Juncos para cestería"]
[60122302,"Kits para proyectos de cestería"]
[60122401,"Fragmentos de vidrios de colores"]
[60122402,"Herramientas o accesorios para vidrios de colores"]
[60122501,"Utensilios para dar formas al papel"]
[60122502,"Marcos de papel"]
[60122503,"Platos o bandejas de papel"]
[60122504,"Filtros de papel"]
[60122505,"Formas de cartón ondulado"]
[60122506,"Blondas de papel"]
[60122507,"Bastidores o moldes para papel hecho a mano"]
[60122508,"Láminas absorbentes o fieltros para papel hecho a mano"]
[60122509,"Pulpa o materias primas para papel hecho a mano"]
[60122601,"Azulejos para mosaico"]
[60122602,"Moldes para mosaicos"]
[60122603,"Herramientas para mosaicos"]
[60122604,"Accesorios para mosaicos"]
[60122701,"Pinturas o medios para esmaltar"]
[60122702,"Formas de cobre"]
[60122703,"Accesorios para esmaltar"]
[60122704,"Hornos para esmaltar"]
[60122801,"Formas para hechura de máscaras"]
[60122901,"Cuentas pequeñas"]
[60122902,"Cuentas tipo “pony”"]
[60122903,"Cuentas de madera"]
[60122904,"Cuentas de paja"]
[60122905,"Cuentas de cerámica"]
[60122906,"Cuentas de vidrio"]
[60122907,"Cuentas surtidas o de decoración"]
[60122908,"Accesorios de cuentas"]
[60122909,"Cuentas de plástico"]
[60123001,"Formas de icopor"]
[60123002,"Utensilios para artesanía de espuma"]
[60123101,"Cañas de felpilla grandes"]
[60123102,"Cañas de felpilla de algodón"]
[60123103,"Cañas de felpilla abultadas"]
[60123201,"Lazos de papel"]
[60123202,"Cintas de seda"]
[60123203,"Cintas sintéticas"]
[60123204,"Cintas decorativas"]
[60123301,"Pompones acrílicos para manualidades"]
[60123302,"Pompones brillantes para manualidades"]
[60123303,"Cuentas de pompones para manualidades"]
[60123401,"Ojos móviles no autoadhesivos"]
[60123402,"Ojos móviles autoadhesivos"]
[60123403,"Ojos móviles decorativos"]
[60123501,"Materiales de cuero o de acordonados de cuero"]
[60123502,"Accesorios de cuero"]
[60123601,"Pegante de purpurina"]
[60123602,"Puntos de purpurina"]
[60123603,"Joyas de purpurina"]
[60123604,"Purpurina de plástico"]
[60123605,"Purpurina iridiscente"]
[60123606,"Purpurina metálica"]
[60123701,"Cordón de macramé"]
[60123702,"Cuentas para macramé"]
[60123703,"Accesorios para macramé"]
[60123801,"Tintas para veteado"]
[60123802,"Accesorios para veteado"]
[60123901,"Lentejuelas o ribetes decorativos"]
[60124001,"Planchas de corcho"]
[60124002,"Tapones de corcho o accesorios"]
[60124101,"Productos de pintura multicultural"]
[60124102,"Productos de artesanía multicultural"]
[60124201,"Esculturas de mylar"]
[60124301,"Arcilla húmeda cocida en horno"]
[60124302,"Arcilla seca cocida en horno"]
[60124303,"Mobiliario para hornos"]
[60124304,"Hornos para a cocción de cerámica"]
[60124305,"Accesorios de hornos para la cocción de cerámica"]
[60124306,"Tornos de alfarero para cerámicas hechas a mano"]
[60124307,"Extrusoras para materiales de modelado"]
[60124308,"Conos para hornos de cocción"]
[60124309,"Paletas de alfarería"]
[60124310,"Tornos de decoración para alfarería"]
[60124311,"Utensilios para arcilla o modelado"]
[60124312,"Azulejos de cerámica cocidos"]
[60124313,"Recipientes para almacenamiento de arcilla"]
[60124314,"Compuestos para modelado plastificados no endurecibles"]
[60124315,"Compuestos para modelado  no endurecibles a base de aceite"]
[60124316,"Compuestos para modelado o arcilla secados al aire"]
[60124317,"Masa para modelado"]
[60124318,"Papel maché"]
[60124319,"Compuestos para modelado especializados"]
[60124320,"Compuestos de yeso"]
[60124321,"Compuestos para modelado o arcilla de endurecimiento en horno"]
[60124322,"Compuestos para modelado de plástico"]
[60124323,"Moldes para dar forma a los compuestos para modelado"]
[60124324,"Kits para modelado de arcilla"]
[60124401,"Hoja fina de metal de cobre"]
[60124402,"Hoja fina de metal de  aluminio"]
[60124403,"Alambre de aluminio"]
[60124404,"Hoja fina de metal de latón"]
[60124405,"Alambre de latón"]
[60124406,"Placas o láminas de plata"]
[60124407,"Alambre de plata"]
[60124408,"Bolitas de peltre"]
[60124409,"Lingotes de peltre"]
[60124410,"Placas de láminas de bronce"]
[60124411,"Alambre de cobre \"nu gold\""]
[60124412,"Alambre suave galvanizado"]
[60124501,"Envoltura de yeso"]
[60124502,"Resinas para vaciado"]
[60124503,"Accesorios para esculturas"]
[60124504,"Repisas para rompecabezas"]
[60124505,"Ampollas o accesorios"]
[60124506,"Utensilios o moldes o juguetes de plástico para arena o agua"]
[60124507,"Arena para jugar"]
[60124508,"Centros de actividades o mesas de arena o agua"]
[60124509,"Sets de vehículos"]
[60124510,"Sets de vías de agua"]
[60124511,"Herramientas de juguete o kits de herramientas de juguete"]
[60124512,"Escúter"]
[60124513,"Bolsitas de fríjoles (beanbags)"]
[60124514,"Juguetes táctiles"]
[60124515,"Juguetes cognitivos"]
[60131001,"Pianos"]
[60131002,"Acordeones"]
[60131003,"Órganos musicales"]
[60131004,"Celestas"]
[60131101,"Trompetas"]
[60131102,"Trombones"]
[60131103,"Sousafones"]
[60131104,"Saxofones"]
[60131105,"Silbatos"]
[60131106,"Clarines"]
[60131107,"Saxhorno"]
[60131108,"Cornos franceses"]
[60131109,"Melófonos"]
[60131110,"Trompas alto"]
[60131111,"Bombardinos barítono"]
[60131112,"Fiscornos"]
[60131201,"Clarinetes"]
[60131202,"Oboes"]
[60131203,"Flautas musicales"]
[60131204,"Flautines"]
[60131205,"Cornetas musicales"]
[60131206,"Gaitas"]
[60131207,"Armónicas"]
[60131208,"Mirlitones"]
[60131209,"Cornos ingleses"]
[60131210,"Ocarinas"]
[60131301,"Clavecines"]
[60131302,"Clavicordios"]
[60131303,"Guitarras"]
[60131304,"Violines"]
[60131305,"Arpas"]
[60131306,"Banyos"]
[60131307,"Mandolinas"]
[60131308,"Violonchelos"]
[60131309,"Bajos"]
[60131401,"Platillos"]
[60131402,"Campanas"]
[60131403,"Panderetas"]
[60131404,"Castañuelas"]
[60131405,"Tambores"]
[60131406,"Xilófonos"]
[60131407,"Vibráfonos"]
[60131501,"Metrónomos"]
[60131502,"Lengüetas"]
[60131503,"Cuerdas o plectros para instrumentos"]
[60131504,"Clavijas de afinación"]
[60131505,"Bases o soportes de partituras para instrumentos musicales"]
[60131506,"Accesorios para instrumentos de cuerda"]
[60131507,"Accesorio para instrumentos de percusión"]
[60131508,"Cajas musicales o mecanismos"]
[60131509,"Boquillas"]
[60131510,"Fundas o estuches o accesorios para instrumentos musicales"]
[60131511,"Sordinas"]
[60131512,"Barras de afinación"]
[60131513,"Batutas"]
[60131514,"Almohadillas de flautín"]
[60131601,"Sets de grupos de acompañamiento"]
[60131701,"Tubos de percusión"]
[60131702,"Golpecitos de disco"]
[60131801,"Velos para danza"]
[60131802,"Palitos de ritmo"]
[60131803,"Aros o bastones de ritmo"]
[60141001,"Globos o pelotas de juguete"]
[60141002,"Muñecas"]
[60141003,"Casas de muñecas"]
[60141004,"Animales o títeres de peluche"]
[60141005,"Casas de juego"]
[60141006,"Bloques de construcción"]
[60141007,"Juguetes para montar"]
[60141008,"Juguetes para jalar"]
[60141009,"Kits de ciencias para niños"]
[60141010,"Vehículos de juguete"]
[60141011,"Trenes de juguete"]
[60141012,"Juguetes inflables"]
[60141013,"Partes o accesorios de muñecas"]
[60141014,"Yoyós"]
[60141015,"Cometas"]
[60141016,"Tazos"]
[60141017,"Caleidoscopios"]
[60141018,"Pompones"]
[60141019,"Piñatas"]
[60141020,"Bumeranes"]
[60141021,"Discos voladores"]
[60141022,"Baldes de juguete"]
[60141023,"Juguetes para el baño"]
[60141024,"Sonajeros"]
[60141025,"Armas de juguete"]
[60141026,"Trompos"]
[60141101,"Juegos educativos"]
[60141102,"Juegos de mesa"]
[60141103,"Naipes"]
[60141104,"Juegos de video"]
[60141105,"Rompecabezas"]
[60141106,"Dados"]
[60141107,"Bingo"]
[60141108,"Juegos clásicos"]
[60141109,"Juegos colaborativos"]
[60141110,"Juegos de estrategia"]
[60141111,"Accesorios para juegos"]
[60141112,"Libros de juegos"]
[60141113,"Juegos de lotería"]
[60141114,"Juegos de memoria"]
[60141115,"Kits de juegos"]
[60141201,"equipo para motricidad gruesa o equilibrio"]
[60141202,"Piscinas de pelotas y accesorios"]
[60141203,"Casitas de juego"]
[60141204,"Triciclos o carretillas"]
[60141205,"zonas acolchadas de juego"]
[60141302,"Sets de construcción"]
[60141303,"Esteras para juegos"]
[60141304,"Sistemas de trenes o accesorios"]
[60141305,"Bloques de unidades"]
[60141306,"Vehículos de juego"]
[60141307,"Animales de juguete"]
[60141401,"Disfraces o accesorios"]
[60141402,"Centros para vestirse"]
[60141403,"Unidades o accesorios para el cuidado de la casa"]
[60141404,"Platos de comida de  juguete o accesorios"]
[60141405,"Kits o materiales para juegos de simulación"]
[70101501,"Operaciones de pesca comercial"]
[70101502,"Servicios de puerto para la flota pesquera"]
[70101503,"Instalaciones pesqueras en tierra"]
[70101504,"Operaciones de pesca de altura"]
[70101505,"Pesca por sonar"]
[70101506,"Pesca de ballenas"]
[70101507,"Pesca de arrastre"]
[70101508,"Pesca con sedal y anzuelo"]
[70101509,"Pesca con redes barrederas"]
[70101510,"Redes de pesca"]
[70101601,"Servicios de información o documentación de la industria pesquera"]
[70101602,"Servicios de investigación o experimentación de la industria pesquera"]
[70101603,"Recopilación o distribución de datos de la industria pesquera"]
[70101604,"Explotación comercial de los recursos pesqueros"]
[70101605,"Administración de la flota pesquera"]
[70101606,"Cooperativas de pesca"]
[70101607,"Conservación o protección de los recursos pesqueros"]
[70101701,"Servicios tecnológicos de pesca"]
[70101702,"Servicios de producción de los subproductos de la pesca"]
[70101703,"Producción pesquera"]
[70101704,"Almacenamiento de pescados"]
[70101801,"Recursos de la pesca en aguas interiores"]
[70101802,"Recursos de estanques piscícolas"]
[70101803,"Criadero de peces"]
[70101804,"Fincas piscícolas"]
[70101805,"Recursos de subproductos de la pesca"]
[70101806,"Evaluación de los recursos de las pesquerías"]
[70101901,"Maricultura"]
[70101902,"Ostricultura"]
[70101903,"Cría de mariscos"]
[70101904,"Cultivo de camarones"]
[70101905,"Piscicultura"]
[70111501,"Servicios de siembra de árboles, arbustos o plantas ornamentales"]
[70111502,"Servicios de poda de arbustos o plantas ornamentales"]
[70111503,"Servicios de poda de árboles"]
[70111504,"Servicios de apuntalamiento"]
[70111505,"Servicios de cirugía arbórea"]
[70111506,"Servicios de arbolistas"]
[70111507,"Servicios de traslado de árboles, arbustos o plantas ornamentales"]
[70111508,"Servicios de fumigación  de plantas o árboles ornamentales"]
[70111601,"Servicios de plantación"]
[70111602,"Servicios de vivero"]
[70111603,"Servicios de floricultura"]
[70111701,"Servicio de administración o mantenimiento de huertos"]
[70111702,"Servicios de administración o mantenimiento de viñedos"]
[70111703,"Servicios de plantación o mantenimiento de jardines"]
[70111704,"Servicios de asesoría en horticultura"]
[70111705,"Servicios de mantenimiento de cementerios"]
[70111706,"Servicios de mantenimiento del césped"]
[70111707,"Servicio de mantenimiento del césped en las carreteras"]
[70111708,"Servicios de acolchado orgánico"]
[70111709,"Servicios de siembra"]
[70111710,"Servicios de corte de césped"]
[70111711,"Servicios de siembra de ramitas"]
[70111712,"Servicios de fumigación  de parques o jardines"]
[70111713,"Servicios de administración o mantenimiento de parques"]
[70121501,"Administración de hatos lecheros"]
[70121502,"Fomento de la industria láctea"]
[70121503,"Tecnología lechera"]
[70121504,"Servicios de laboratorio de lácteos"]
[70121505,"Elaboración propia de fincas  lecheras"]
[70121601,"Cría de ganado"]
[70121602,"Servicios de genética ganadera"]
[70121603,"Sericultura"]
[70121604,"Explotación ganadera"]
[70121605,"Sistemas de cría en fincas"]
[70121606,"Servicios de producción de aves de corral"]
[70121607,"Servicios de reproducción de ganado menor"]
[70121608,"Servicios de producción bovina"]
[70121610,"Apicultura"]
[70121701,"Selección ganadera"]
[70121702,"Servicios de exhibición de ganado"]
[70121703,"Servicios de sacrificio de ganado"]
[70121704,"Administración de hatos"]
[70121705,"Servicios de cría y cuidado del ganado"]
[70121801,"Servicios de cría de animales domésticos"]
[70121802,"Servicios de cuidado de animales domésticos"]
[70121803,"Servicios de residencia canina"]
[70121901,"Mejoramiento de pastizales"]
[70121902,"Manejo de pasturas"]
[70121903,"Investigación de tierras de pastoreo"]
[70122001,"Nutrición animal"]
[70122002,"Control de enfermedades animales"]
[70122003,"Tripanosomiasis animal"]
[70122004,"Servicios de control de patas y boca"]
[70122005,"Servicios de medicación preventiva de salud animal"]
[70122006,"Servicios de vacunación animal"]
[70122007,"Administración veterinaria"]
[70122008,"Tecnología para laboratorio veterinario"]
[70122009,"Servicios hospitalarios para animales"]
[70122010,"Servicios de información de salud animal"]
[70131501,"Servicios de control o evaluación de la desertificación"]
[70131502,"Servicios de conservación o protección del suelo"]
[70131503,"Servicios de control de la erosión"]
[70131504,"Fijación de dunas"]
[70131505,"Acondicionamiento del suelo"]
[70131506,"Mejoramiento del suelo"]
[70131601,"Servicios de aplicación de fertilizantes"]
[70131602,"Servicios de esparcido de cal"]
[70131603,"Servicios de arado"]
[70131604,"Servicios de preparación de semilleros"]
[70131605,"Servicios de tratamiento químico del suelo"]
[70131701,"Planificación de tierras"]
[70131702,"Evaluación de tierras"]
[70131703,"Recuperación de tierras"]
[70131704,"Planificación o valoración de zonas agroecológicas"]
[70131705,"Clasificación del suelo"]
[70131706,"Ordenación de las cuencas hidrográficas"]
[70131707,"Análisis de fertilidad del suelo"]
[70131708,"Pedología"]
[70141501,"Servicios de multiplicación de semillas"]
[70141502,"Hidroponía"]
[70141503,"Producción de hierba o forraje"]
[70141504,"Producción de plantas aromáticas"]
[70141505,"Producción de productos agrícolas para elaboración de bebidas"]
[70141506,"Producción de cacao"]
[70141507,"Producción de remolacha azucarera o caña de azúcar"]
[70141508,"Producción de nueces"]
[70141509,"Producción de cultivos productores de aceites esenciales"]
[70141510,"Producción de plantas textiles"]
[70141511,"Producción de fruta"]
[70141512,"Producción de granos o legumbres"]
[70141513,"Producción de plantas insecticidas"]
[70141514,"Producción de plantas medicinales"]
[70141515,"Producción de raíces o tubérculos"]
[70141516,"Producción de cereales"]
[70141517,"Producción de plantas de caucho"]
[70141518,"Producción de cultivos de especias"]
[70141519,"Producción de cultivos de tabaco"]
[70141520,"Producción de hortalizas"]
[70141601,"Servicios de fumigación de cultivos"]
[70141602,"Servicios de control biológico"]
[70141603,"Servicios de control de las malas hierbas"]
[70141604,"Servicios de herbicidas"]
[70141605,"Servicios de manejo integrado de plagas"]
[70141606,"Fitopatología"]
[70141607,"Control de langostas"]
[70141701,"Servicios de invernaderos"]
[70141702,"Servicios de fertilizantes"]
[70141703,"Administración de cultivos"]
[70141704,"Sustitución de cultivos"]
[70141705,"Servicios de extensión"]
[70141706,"Especialización de cultivos"]
[70141707,"Gestión de sistemas de explotación agrícola de cultivo"]
[70141708,"Servicios de asesoría en la rotación o diversificación de cultivos"]
[70141709,"Servicios de taxonomía de plantas"]
[70141710,"Entomología de cultivos extensivos"]
[70141801,"Servicios de siembra de árboles de huerta o viñedos"]
[70141802,"Servicios de brotes o ramitas"]
[70141803,"Servicios de cultivos agrícolas"]
[70141804,"Servicios de siembra de cultivos"]
[70141901,"Servicios de cosecha de granos comerciales"]
[70141902,"Servicios de cosecha de frutales o nueces"]
[70141903,"Servicios de cosecha de cultivos extensivos"]
[70141904,"Servicios de cosecha de semillas"]
[70142001,"Servicios relativos a silos"]
[70142002,"Servicios de secado de granos"]
[70142003,"Servicios de procesamiento de la cosecha"]
[70142004,"Servicios de preparación del mercado para cultivos extensivos"]
[70142005,"Servicios de preparación del mercado para cultivos comerciales de granos"]
[70142006,"Servicios de preparación del mercado para productos hortenses"]
[70142007,"Servicios de preparación del mercado para productos frutales"]
[70142008,"Servicios de preparación del mercado para nueces"]
[70142009,"Servicios de desmotado"]
[70142010,"Servicios de limpieza de cultivos"]
[70142011,"Servicios de enfriamiento o refrigeración"]
[70151501,"Servicios de gestión de recursos forestales"]
[70151502,"Control de plagas forestales"]
[70151503,"Organizaciones, asociaciones o cooperativas forestales"]
[70151504,"Servicios de administración forestal"]
[70151505,"Inventario forestal"]
[70151506,"Seguimiento o evaluación forestal"]
[70151507,"Servicios de forestación"]
[70151508,"Servicios de asistencia forestal"]
[70151509,"Gestión de viveros forestales"]
[70151510,"Planificación sectorial forestal"]
[70151601,"Servicios de producción no maderera"]
[70151602,"Producción de aceites esenciales"]
[70151603,"Servicios de producción maderera"]
[70151604,"Producción de colorantes"]
[70151605,"Producción forestal comestible"]
[70151606,"Servicios de prueba de madera"]
[70151701,"Corte o tala de troncos"]
[70151702,"Cosecha forestal de zonas montañosas"]
[70151703,"Operaciones especializadas para la cosecha forestal"]
[70151704,"Cosecha de plantaciones"]
[70151705,"Cosecha forestal de pantanos o manglares"]
[70151706,"Cosecha de bosques de zonas templadas"]
[70151707,"Cosecha de bosques altos tropicales"]
[70151801,"Conservación de recursos genéticos forestales"]
[70151802,"Servicios de protección forestal"]
[70151803,"Rehabilitación de tierras forestales áridas"]
[70151804,"Rompevientos o barreras naturales de protección forestal"]
[70151805,"Servicios de conservación de parques o reservas forestales"]
[70151806,"Ordenación de las cuencas hidrográficas forestales"]
[70151807,"Control de las torrentes forestales"]
[70151901,"Desarrollo de los recursos forestales"]
[70151902,"Recursos agrosilvícolas"]
[70151903,"Recursos de madera combustible"]
[70151904,"Silvicultura"]
[70151905,"Recursos de plantaciones áridas con agua de lluvia"]
[70151906,"Recursos de plantaciones de hoja ancha"]
[70151907,"Plantaciones de coníferas"]
[70151909,"Plantaciones de bosques tropicales húmedos"]
[70151910,"Recursos de manglares"]
[70161501,"Protección de la fauna"]
[70161601,"Protección de la flora"]
[70161701,"Servicios de ecodesarrollo"]
[70161702,"Servicios de administración del ecosistema marino"]
[70161703,"Servicios de administración del ecosistema terrestre"]
[70161704,"Servicios de protección de los ecosistemas"]
[70171501,"Servicios de evaluación de la calidad del agua"]
[70171502,"Servicios de planificación de los recursos hidráulicos"]
[70171503,"Inspección de aguas subterráneas o superficiales"]
[70171504,"Servicios de cartografía de los recursos hidráulicos"]
[70171505,"Aprovechamiento de los ríos"]
[70171506,"Servicios para modelado de aguas subterráneas o superficiales"]
[70171601,"Gestión de la calidad del agua"]
[70171602,"Servicios de pruebas de agua"]
[70171603,"Manejo de suelos inundables"]
[70171604,"Servicios de asesoría en conservación del agua"]
[70171605,"Servicios de asesoría en derechos de agua"]
[70171606,"Servicios de recuperación de recursos hidráulicos"]
[70171607,"Servicios de tasación del agua"]
[70171701,"Servicios de  mantenimiento o administración de canales"]
[70171702,"Servicios de mantenimiento o administración de represas"]
[70171703,"Servicios de  mantenimiento o administración de embalses"]
[70171704,"Servicios de  mantenimiento o administración de estaciones de bombeo"]
[70171705,"Servicios de  mantenimiento o administración de canalizaciones"]
[70171706,"Servicios de  mantenimiento o administración de malecones o diques"]
[70171707,"Servicios de  mantenimiento o administración de pozos de agua"]
[70171708,"Servicios de asesoría en riego"]
[70171709,"Servicios de administración de sistemas de riego"]
[70171801,"Servicios de drenaje de tierras"]
[70171802,"Drenaje de agua pluviales"]
[70171803,"Servicios de protección contra inundaciones o de control de inundaciones"]
[71101501,"Desarrollos mineros"]
[71101502,"Sondeos de exploración o extracción de testigos"]
[71101601,"Profundización de pozos de mina"]
[71101602,"Servicios de voladura de minas"]
[71101701,"Servicios de minería de pozos"]
[71101702,"Servicios de minería  a cielo abierto"]
[71101703,"Servicios de explotación a cielo abierto"]
[71101704,"Servicios de lixiviación sobre el terreno"]
[71101705,"Bombeo o drenaje"]
[71101706,"Eliminación de cobertura de rocas"]
[71101707,"Servicios de embalsamiento o almacenamiento de aguas"]
[71101708,"Servicios de baldeo de la tierra"]
[71101709,"Servicios de relleno de minas"]
[71112001,"Servicios de pruebas de muestras de formación de pozos entubados"]
[71112002,"Servicios de medición del espesor del revestimiento"]
[71112003,"Servicios de cortadoras químicas"]
[71112004,"Servicios de recuperación de tubería electromagnética"]
[71112005,"Servicios de medición del flujo del pozo"]
[71112006,"Servicios de medición  de la densidad del fluido del pozo"]
[71112007,"Servicios de medición de la temperatura del fluido del pozo"]
[71112008,"Servicios de herramientas de punto libre"]
[71112009,"Servicios de rayos gamma"]
[71112010,"Servicios de cortadora a  chorro"]
[71112011,"Servicios de medición durante la perforación"]
[71112012,"Servicios de porosidad por neutrón"]
[71112013,"Servicios de espectroscopia nuclear"]
[71112014,"Servicios de obturación de pozos"]
[71112015,"Servicios de recuperación permanente de tuberías magnéticas"]
[71112017,"Servicios de control de medición de la presión del pozo"]
[71112018,"Servicios de medición del fluido de perforación para registros de producción"]
[71112019,"Servicios de medición de la densidad para registros de producción"]
[71112020,"Servicios de video en fondo de pozo para registros de producción"]
[71112021,"Servicios de medición de flujo para registros de producción"]
[71112022,"Servicios de medición de presión para registros de producción"]
[71112023,"Otros servicios para registros de producción"]
[71112024,"Servicios de medición de temperatura para registros de producción"]
[71112025,"Servicios de colisión y separación"]
[71112026,"Servicios acústicos para registros  del pozo"]
[71112027,"Servicios de herramienta para puntos de atascamiento"]
[71112028,"Servicios de registro de pozos de descomposición térmica"]
[71112029,"Servicios de evaluación de la corrosión de tubos del pozo"]
[71112030,"Servicios de rendimiento del pozo"]
[71112031,"Servicios de tubos para pozos"]
[71112101,"Servicios de registro acústicos digital"]
[71112102,"Servicios de registro de la geometría de la perforación"]
[71112103,"Servicios de registro nuclear de litología y densidad"]
[71112104,"Servicios de registración del contador de inmersión"]
[71112105,"Servicios de registro acústico dipolar"]
[71112106,"Servicios de registro de desviaciones"]
[71112107,"Servicios de planimetría direccional"]
[71112108,"Servicios de registro de propagación electromagnética"]
[71112109,"Servicios de muestreo de pruebas de formación"]
[71112110,"Servicios de registro de identificación de fracturas"]
[71112111,"Servicios de registro por rayos gamma"]
[71112112,"Servicios de registro espectroscópico por rayos gamma"]
[71112113,"Servicios de registro nuclear geoquímico"]
[71112114,"Servicios de generación de imágenes del pozo"]
[71112115,"Servicios de registro por resonancia magnética"]
[71112116,"Servicios de registro de micro resistencia"]
[71112117,"Servicios de registro de porosidad por neutrón"]
[71112119,"Servicios de registro de resistencia"]
[71112120,"Servicios de registro acústico de acceso angosto"]
[71112121,"Servicios de registro acústico de la relación de adherencia del cemento"]
[71112122,"Servicios de generación de imágenes acústicas del pozo"]
[71112202,"Registro durante servicios de perforación"]
[71112203,"Servicios de registro durante la pesca"]
[71112204,"Servicios de registro  durante la perforación"]
[71112205,"Servicios de tubería de perforación transportadas para pozos"]
[71112206,"Servicios generales de registro de pozos"]
[71112301,"Servicios de adquisición de datos sísmicos de tierras de 2d/ 3d/ 4d"]
[71112302,"Servicios de adquisición de datos sísmicos marinos de 2d/ 3d/ 4d"]
[71112303,"Servicios de procesamiento de datos sísmicos de 2d/ 3d/ 4d"]
[71112304,"Servicios de adquisición sísmica de tierra tridimensional"]
[71112305,"Servicios de adquisición sísmica marina tridimensional"]
[71112306,"Servicios de procesar datos tridimensionales"]
[71112307,"Servicios de adquisición sísmica de tierra cuatro dimensional"]
[71112308,"Servicios de adquisición sísmica marina cuatro dimensional"]
[71112309,"Servicios de procesar datos cuatro dimensiónales"]
[71112310,"Servicios sísmicos de tiro de control"]
[71112311,"Servicios sísmicos de pozo cruzado"]
[71112312,"Servicios sísmicos de pozo desviado"]
[71112313,"Servicios sísmicos de geofísica"]
[71112314,"Servicios sísmicos de desplazamiento horizontal"]
[71112315,"Servicios sísmicos de tiro rápido"]
[71112316,"Servicios de adquisición de datos sísmicos mientras taladra"]
[71112317,"Servicios sísmicos de hoyo pequeño"]
[71112318,"Servicios de diseño o evaluación de topografía sísmica"]
[71112319,"Servicios sísmicos verticales"]
[71112320,"Servicios sísmicos de pasarela"]
[71112321,"Servicios geológicos"]
[71121001,"Servicios de hardware de tuberías de revestimiento para campos petroleros"]
[71121002,"Servicios de pruebas de laboratorios de cemento para campos petroleros"]
[71121003,"Servicios de herramientas del hoyo de bajada de campo petrolero"]
[71121004,"Servicios de filtrar de campo petrolero"]
[71121005,"Servicios de cementar con espuma"]
[71121006,"Servicios de cementar geo térmico de pozo"]
[71121007,"Servicios de cementar el revestidor"]
[71121008,"Servicios de circulación perdida del pozo petrolero"]
[71121009,"Servicios de eliminación de lodo  del  campo petrolero"]
[71121010,"Servicios de cementación de tapones"]
[71121011,"Servicios de bombeo a presión del pozo en el emplazamiento"]
[71121012,"Servicios de prueba de presión del campo petrolero"]
[71121013,"Servicios de cementar envoltura de superficie"]
[71121014,"Servicios de cementar envoltura intermediaria"]
[71121015,"Servicios de cementar cadena de producción"]
[71121016,"Servicios de cementación del pozo con forzamiento de inyección"]
[71121017,"Servicios de control de agua del pozo"]
[71121018,"Servicios de evaluación de la cementación del pozo"]
[71121019,"Servicios de enlechar cemento de pozo"]
[71121020,"Servicios de aditivos de cementar el pozo"]
[71121021,"Servicios de diseño de cementar el pozo"]
[71121022,"Servicios de limpieza del pozo"]
[71121023,"Servicios de reparación del pozo"]
[71121101,"Servicios de acidización mediante tubería flexible contínua"]
[71121102,"Servicios de instalación de cables  mediante tubería  flexible contínua"]
[71121103,"Servicios de cementación mediante tubería flexible contínua"]
[71121104,"Servicios de corte químico mediante tubería flexible contínua"]
[71121105,"Servicios de limpieza mediante tubería flexible contínua"]
[71121106,"Servicios de terminación mediante tubería flexible contínua"]
[71121107,"Servicios de transporte de inflables  mediante tubería flexible contínua"]
[71121108,"Servicios de extracción de testigos mediante tubería flexible contínua"]
[71121109,"Servicios de alcance extendido del pozo"]
[71121110,"Servicios de pesca mediante tubería flexible contínua"]
[71121111,"Servicios de fracturación mediante tubería flexible contínua"]
[71121112,"Servicios de presión alta mediante tubería flexible contínua"]
[71121113,"Servicios de aislamiento horizontal del campo petrolífero"]
[71121114,"Servicios de registro mediante tubería flexible contínua"]
[71121115,"Servicios de fresado mediante tubería flexible contínua"]
[71121116,"Aplicaciones relacionadas con nitrógeno mediante tubería flexible continua"]
[71121117,"Servicios de perforación mediante tubería flexible contínua"]
[71121118,"Servicios de tendido de conductos o tuberías de producción"]
[71121119,"Servicios de intervención en los conductos"]
[71121120,"Servicios de control de arena mediante tubería flexible contínua"]
[71121121,"Servicios abrasivos de limpieza tubular"]
[71121122,"Servicios de matar el pozo (well kil)l mediante tubería flexible contínua"]
[71121123,"Servicios de salida de tubería mediante tubería flexible contínua"]
[71121201,"Servicios convencionales de extracción de testigos"]
[71121202,"Servicios de aislamiento de testigos"]
[71121203,"Servicios de conservación de testigos"]
[71121204,"Servicios de extracción horizontal de testigos"]
[71121205,"Servicios de extracción de testigos orientada"]
[71121206,"Servicios de análisis de testigos (\"Core analysis service \")"]
[71121207,"Servicios de extracción de testigos con esponja"]
[71121208,"Servicios de extracción de testigos mediante cable conductor recuperable"]
[71121301,"Servicios de control de la vibración de perforación en el fondo del pozo"]
[71121302,"Servicios de ensanchamiento de la perforación en el fondo del pozo"]
[71121303,"Servicios de protección del ensanche y calibración de la perforación en el fondo del pozo"]
[71121304,"Servicios de reducción del arrastre o torque en la perforación en el fondo del pozo"]
[71121305,"Servicios de alivio de atascamiento de los tubos en la perforación en el fondo del pozo"]
[71121401,"Servicios de diseño de brocas de perforación del campo petrolero"]
[71121402,"Servicios de optimización hidráulica de las brocas de perforación del campo petrolero"]
[71121403,"Servicios de planificación de las brocas de perforación del campo petrolero"]
[71121404,"Servicios de registro de las brocas de perforación del campo petrolero"]
[71121405,"Servicios de reparación de brocas de perforación del campo petrolero"]
[71121406,"Contratos de longitud excavada de las brocas de perforación del campo petrolero"]
[71121407,"Servicio de asistencia para la optimización de la perforación en el emplazamiento del pozo"]
[71121501,"Servicios de medición acústica durante la perforación"]
[71121502,"Servicios de telemetría acústica durante la perforación"]
[71121503,"Servicios de medición de calibre durante la perforación"]
[71121504,"Servicios de medición de la densidad durante la perforación"]
[71121505,"Servicios del rendimiento de la perforación del campo  petrolero"]
[71121506,"Servicios de telemetría electromagnética durante la perforación"]
[71121507,"Servicios de medición de la inclinación de formación durante la perforación"]
[71121508,"Servicios de medición de la presión de formación durante la perforación"]
[71121509,"Pozos dirigidos geológicamente"]
[71121510,"Servicios de geoparada"]
[71121511,"Servicios de registro de lodo"]
[71121512,"Servicios de resonancia magnética nuclear"]
[71121513,"Servicios de medición de la porosidad durante la perforación"]
[71121514,"Servicios de medición de la resistividad durante la perforación"]
[71121515,"Servicios de gestión de levantamiento de planos  del pozo"]
[71121516,"Servicios de inspección de los cables conductores"]
[71121601,"Servicios de personal para revestimiento de tuberías del pozo"]
[71121602,"Servicios de planificación para el revestimiento de tuberías del pozo"]
[71121603,"Servicios de fresado para el revestimiento de tuberías del pozo"]
[71121604,"Servicios de perforación con tubería flexible continua"]
[71121605,"Servicios de planificación de la terminación del pozo"]
[71121606,"Servicios de perforación direccional de pozo convencional"]
[71121607,"Servicios de perforación direccional de pozos"]
[71121608,"Servicios de desarrollo de contratos  para perforación de pozos"]
[71121609,"Servicios de perforación de pozo"]
[71121610,"Servicios de ingeniería para perforación de pozos"]
[71121611,"Servicios de fluido o lodo para perforación de pozos"]
[71121612,"Servicios de perforación de pozos  para entrada de agua"]
[71121613,"Servicios de monitoreo de la torre de perforación del pozo"]
[71121614,"Control de sólidos durante perforación de pozos"]
[71121615,"Servicios de apertura de hoyos o estabilización de la perforación de pozos"]
[71121616,"Supervisión de perforación de pozos"]
[71121617,"Servicios de control de perforación de pozos"]
[71121618,"Otros servicios generales para perforación de pozos"]
[71121619,"Servicios de perforación direccional de alcance extendido de pozos"]
[71121620,"Servicios de perforación direccional multilateral de pozos"]
[71121621,"Servicios de pruebas  o modificaciones de tubos para pozos de petróleo"]
[71121622,"Servicio de almacenamiento transitorio o recogida de tubos para perforación de pozos"]
[71121623,"Almacenamiento de tubería de perforación de pozo"]
[71121624,"Enroscado de tubería de perforación de pozos"]
[71121625,"Servicio de perforación de los orificio de conexión o ratonera"]
[71121626,"Servicios de perforación direccional de pozos de radio corto"]
[71121627,"Servicios de ampliación dirigible de paredes por debajo de la tubería de revestimiento durante la perforación del pozo"]
[71121628,"Servicios de perforación direccional de pozos de radio ultracorto"]
[71121629,"Servicios de perforación desbalanceada de pozos"]
[71121630,"Servicios de planificación del pozos"]
[71121631,"Servicios de reperforación o retrabajo"]
[71121632,"Control de desviaciones  en la perforación del pozo"]
[71121633,"Servicios de empacado de grava del campo petrolero"]
[71121634,"Servicios de sistemas de cascos  del campo petrolero"]
[71121635,"Servicios de personal para arrastre de aparejos del pozo"]
[71121636,"Servicios de equipo de la cabeza del pozo"]
[71121637,"Servicios de desviación con aparato para cambiar el trazo de perforación"]
[71121701,"Servicios de diseño del servicio de pesca en el campo petrolífero"]
[71121702,"Servicios de evaluación económica del servicio de pesca en el campo petrolífero"]
[71121703,"Servicios de operación del servicio de pesca en el campo petrolífero"]
[71121704,"Servicios de recuperación de desechos en el campo petrolífero"]
[71121705,"Servicios de recuperación de tubería en el campo petrolífero"]
[71121706,"Servicios de perforación o pesca en el campo petrolífero"]
[71121801,"Servicios de elevación por presión de gas de tubería adujada"]
[71121802,"Servicios de prueba o de fijar la elevación por presión de gas"]
[71121803,"Servicios de kickover de elevación por presión de gas"]
[71121804,"Servicios de contener la arena con elevación por presión de gas"]
[71121901,"Servicios de evaluación de fluidos en el fondo del pozo"]
[71121902,"Servicios de laboratorio de fluidos de fondo del pozo"]
[71121903,"Servicios de muestreo de fluidos de fondo de pozo"]
[71122001,"Servicios de perforación de pozos con tubería flexible continua"]
[71122002,"Servicios de perforación de pozos con alambre (slickline)"]
[71122003,"Servicios de perforación de pozos con  tubo directo"]
[71122004,"Servicios de perforación de pozos con  tubo transportado"]
[71122005,"Servicios de perforación de pozos con cables conductores"]
[71122006,"Servicios de perforación de tuberías de pozos"]
[71122101,"Servicios de bombeo de control de arena ácida"]
[71122102,"Servicios de mezclado de control de arena"]
[71122103,"Servicios de control de arena en el fluido de limpieza"]
[71122104,"Servicios de control de arena en el fluido de terminación"]
[71122105,"Servicios de consolidación de pozos"]
[71122107,"Servicios de control de arena en el fluido de fracturación"]
[71122108,"Servicios de pruebas de diseño de fracturación o pre fracturación"]
[71122109,"Servicios generales/misceláneos  de control de arena"]
[71122110,"Servicios de control de arena en el fluido transportador de grava"]
[71122111,"Servicios de pruebas de laboratorio para el control de arena"]
[71122112,"Servicios de control de arena multizonal"]
[71122113,"Servicios de monitoreo del control de arena"]
[71122114,"Servicios de aislamiento temporal del control de arena"]
[71122115,"Servicios de reacondicionamiento de herramientas del pozo"]
[71122116,"Servicios de bombeo para control de arena de no fracturación"]
[71122201,"Servicios de pesca con alambre (slickline)"]
[71122202,"Servicios de elevación con alambre (slickline)"]
[71122203,"Servicios de manipulación con alambre (slickline)"]
[71122301,"Servicios de buceo en pozos submarinos"]
[71122302,"Servicios de vehículos operados a control remoto (rov) para pozos submarinos"]
[71122303,"Servicios de equipo de pruebas o accesorios de pozos submarinos"]
[71122304,"Servicios de terminación o intervención de pozos submarinos submarino"]
[71122305,"Servicios de estructura jerárquica (tree) de las pruebas de seguridad de pozos submarinos"]
[71122306,"Servicios de mantenimiento de equipo del pozo submarino"]
[71122401,"Servicio de contador para el flujo de la varilla de barrena"]
[71122402,"Servicio de pruebas del superficie de la varilla de barrena"]
[71122403,"Servicio de tapador de pruebas de la varilla de barrena"]
[71122404,"Servicio de pruebas de control de la presión de ensayo de la varilla de barrena"]
[71122405,"Servicio de pruebas operadas en la varilla de barrena"]
[71122406,"Servicio de pruebas de la varilla de barrena para ambientes de temperatura alta presión ultra alta"]
[71122407,"Servicios de pruebas de rellenos de perforación"]
[71122408,"Servicio de pruebas periódicas del pozo"]
[71122409,"Servicios de pruebas de superficie del pozo"]
[71122410,"Servicio de pruebas desbalanceadas durante la perforación"]
[71122501,"Servicios de diseño del control de gas o agua"]
[71122502,"Servicios de evaluación del control de gas o agua"]
[71122503,"Servicios de aislamiento del control de gas o agua"]
[71122504,"Servicios de pruebas del control de gas o agua"]
[71122505,"Servicios de pruebas de gas o agua"]
[71122601,"Servicios de terminación de pozos de agujero revestido"]
[71122602,"Servicios de fluidos de terminación del pozo"]
[71122603,"Servicios de terminación del pozo de elevación de gas"]
[71122604,"Servicios del hoyo encerrado horizontal"]
[71122605,"Servicio de terminación de la elevación de gas del pozo"]
[71122606,"Servicios de terminación de pozos inteligentes"]
[71122607,"Servicios de terminación del revestidor del pozo"]
[71122608,"Servicios de terminación multilateral de pozos"]
[71122609,"Servicios de terminación del pozo permanente"]
[71122610,"Servicios de terminación del control de arena del pozo"]
[71122611,"Servicios de terminación del control de las pruebas del vástago de taladro temporáneo"]
[71122612,"Servicios de terminación tubería pozo"]
[71122613,"Servicios de terminación pozo con equilibrio inferior"]
[71122701,"Servicios de mantenimiento de la plataforma de pozos petroleros"]
[71122702,"Servicios de mantenimiento de la unidad de bombeo del campo petrolero"]
[71122703,"Servicios de reparación de bomba de vástago del campo petrolero"]
[71122704,"Servicios de socavación del campo petrolero"]
[71122705,"Servicios de mantenimiento vástago de succión del campo petrolero"]
[71122706,"Servicios de achique de pozos"]
[71122707,"Servicios de anclaje de tubería del campo petrolero"]
[71122708,"Servicios mecánicos para bombas del campo petrolero"]
[71122801,"Servicios de grabación en el fondo del pozo"]
[71122802,"Servicios de monitoreo del flujo del pozo"]
[71122803,"Servicios de monitoreo del flujo del pozo petrolero o de gas"]
[71122804,"Servicios de monitoreo de las fases en el emplazamiento  del pozo"]
[71122805,"Servicios de monitoreo de las bombas en el emplazamiento del pozo"]
[71122806,"Servicios de adquisición de datos de la superficie en el emplazamiento del pozo"]
[71122807,"Servicios de lectura de la superficie en el emplazamiento del pozo"]
[71122808,"Servicios de grabación de la superficie en el emplazamiento del pozo"]
[71122810,"Servicios de pruebas de la superficie inferior del pozo"]
[71122901,"Servicios de aparejos del campo petrolero en aguas profundas"]
[71122902,"Servicios de plataformas  petroleras autoelevables (jackup)"]
[71122903,"Servicios de plataformas petroleras en barcazas"]
[71122904,"Servicios de plataforma petroleras en tierra"]
[71122905,"Servicios de plataformas petroleras"]
[71131001,"Servicios de fracturación del pozo con fluido a base de ácido"]
[71131002,"Servicios de fracturación del pozo con fluido a base de emulsión"]
[71131003,"Servicios de fracturación del pozo con fluido a base de espuma"]
[71131004,"Servicios de fracturación  del pozo de petróleo"]
[71131005,"Servicios de control de la báscula del pozo de petróleo"]
[71131006,"Servicios de pruebas de fracturación del pozo"]
[71131007,"Servicios de evaluación de la fracturación del pozo en el fondo del pozo"]
[71131008,"Servicios de control de la altura de la fracturación del pozo"]
[71131009,"Servicios de monitoreo de la fracturación del pozo"]
[71131010,"Servicios de diseño del servicio de fracturación del pozo"]
[71131011,"Servicios de evaluación del servicio de fracturación del pozo"]
[71131012,"Servicios de evaluación de superficie de la fracturación del pozo"]
[71131013,"Servicios de control de calidad del tratamiento de la fracturación del pozo"]
[71131014,"Servicios de fracturación  del pozo con fluidos a base de aceite"]
[71131015,"Otros servicios de fracturación de pozos"]
[71131016,"Servicios de manejo del esfuerzo de fracturación del pozo"]
[71131017,"Servicios de fracturar del pozo con fluido con base de agua"]
[71131101,"Servicios de estimulación de la matriz  a base de ácido"]
[71131102,"Servicios de estimulación de la matriz de sellamiento de la formación"]
[71131103,"Servicios de limpieza total orgánica de la matriz"]
[71131104,"Servicios de inhibición orgánica de la matriz"]
[71131105,"Servicios de limpieza general de la balanza de la matriz"]
[71131106,"Servicios de inhibición de la balanza de la matriz"]
[71131107,"Servicios de diseño del tratamiento de la matriz"]
[71131108,"Servicios de desviación del tratamiento de la matriz"]
[71131109,"Servicios de evaluación del tratamiento de la matriz"]
[71131110,"Servicios del control de calidad del tratamiento de la matriz"]
[71131111,"Servicios de estimulación de la matriz de base no ácida"]
[71131201,"Servicios de nitrógeno para el pozo"]
[71131301,"Servicios de bombeo del campo petrolero con bocatoma de fondo"]
[71131302,"Servicios de bombeo del campo petrolero utilizando cables"]
[71131303,"Servicios de bombeo del campo petrolero con co2"]
[71131304,"Servicios de bombeo del campo petrolero utilizando tubería flexible continua"]
[71131305,"Servicios de bombeo en el fondo del pozo"]
[71131306,"Servicios de terminación dual del pozo"]
[71131307,"Servicios de bombeo horizontal del pozo"]
[71131308,"Servicios de operación o arrastre de la instalación de bombeo del campo petrolífero"]
[71131309,"Servicios de modificación del perfil del pozo"]
[71131310,"Servicios de bobinado del campo petrolífero"]
[71131401,"Servicios del sistema de llamarada del campo petrolífero"]
[71131402,"Servicio de aceite o agua caliente para el campo petrolero"]
[71131403,"Servicio de vapor del campo petrolero"]
[71141001,"Servicios de control de la presión del pozo"]
[71141002,"Servicios de tapado del pozo"]
[71141003,"Servicios de lucha contra incendios en el pozo"]
[71141004,"Servicios de control de pozos descontrolados"]
[71141101,"Servicios de abandono de pozos"]
[71141102,"Servicios de taponamiento de pozos"]
[71141201,"Servicios de limpieza o achique del pozo"]
[71141202,"Servicios de restauración del emplazamiento del pozo"]
[71151001,"Servicios de transmisión de mensajes y datos del campo petrolero"]
[71151002,"Servicios de transmisión de gráficas del campo petrolero"]
[71151003,"Servicios de monitoreo en tiempo real de datos del pozo en el campo petrolero"]
[71151004,"Servicios de transmisión satelital de datos del pozo en el campo petrolero"]
[71151005,"Servicios de transmisión de datos del pozo en el campo petrolero"]
[71151101,"Servicios de administración de datos de los activos del campo petrolero"]
[71151102,"Servicios de minería de datos del campo petrolero"]
[71151103,"Servicios de gestión  de datos de registro del campo petrolero"]
[71151104,"Servicios de gestión de datos cartográficos del campo petrolero"]
[71151105,"Servicios de gestión de datos sísmicos"]
[71151201,"Servicios de preparación del presupuesto del campo petrolero"]
[71151202,"Servicios de planificación del capital del campo petrolero"]
[71151203,"Servicios de estructura jerárquica (tree) de las decisiones del campo petrolero"]
[71151301,"Servicios de mapas de burbujas del campo petrolero"]
[71151302,"Estudios de casos del campo petrolero"]
[71151303,"Análisis del decaimiento del campo petrolero"]
[71151304,"Estudios de campo del campo petrolero"]
[71151305,"Servicios de interpretación de la fracturación del campo petrolero"]
[71151306,"Servicios de geología"]
[71151307,"Servicios de geofísica"]
[71151308,"Servicios de interpretación del empaque con grava"]
[71151309,"Servicios de cartografía de cuadrícula del campo petrolero"]
[71151310,"Servicios de visualización o cartografía del campo petrolero"]
[71151311,"Servicios de petrofísica"]
[71151312,"Servicios de ingeniería del depósito"]
[71151313,"Servicios de modelar del depósito"]
[71151314,"Servicios de simulación del depósito"]
[71151315,"Servicios de mecánica de rocas"]
[71151401,"Servicios de diseño de las tareas de cementación del pozo"]
[71151402,"Servicios de diseño de las tareas con tubería flexible continua"]
[71151403,"Servicios de diseño de la tarea de perforar el pozo"]
[71151404,"Servicios de diseño de las tareas de fracturación del pozo"]
[71151405,"Servicios de diseño de la tareas de estimulación de la matriz"]
[71151406,"Servicios de diseño de las tareas para el control de arena del pozo"]
[71161001,"Modelos de terminación  del campo petrolero"]
[71161002,"Modelos de perforación del campo petrolero"]
[71161003,"Modelos económicos del campo petrolero"]
[71161004,"Modelos del desarrollo del campo del campo petrolero"]
[71161005,"Modelos de producción del campo petrolero"]
[71161006,"Servicios de gestión de riesgo del campo petrolero"]
[71161101,"Servicios de elevadores artificiales del campo petrolero"]
[71161102,"Servicios de recuperación aumentada del petróleo"]
[71161103,"Servicios de inyección del pozo"]
[71161104,"Servicios de análisis del sistema de producción del campo petrolero"]
[71161105,"Servicios de perforación de pozos"]
[71161106,"Servicios de química de la producción del campo petrolero"]
[71161107,"Servicios de monitoreo de la producción del campo  petrolero"]
[71161109,"Servicios de estimulación  del pozo"]
[71161110,"Servicios de almacenamiento subterráneo de gas"]
[71161111,"Servicios de administración del agua del campo petrolífero"]
[71161201,"Servicios de lubricación en caliente del campo petrolero"]
[71161202,"Servicios de operaciones de arriendo"]
[71161203,"Servicios de registro del campo petrolero"]
[71161204,"Servicios de corte de parafina en el campo petrolero"]
[71161205,"Servicios de planificación de campos petroleros"]
[71161206,"Servicios de procesamiento de campos petroleros"]
[71161301,"Servicios de inspección o auditoría de campos petroleros"]
[71161302,"Servicios de planificación de respuesta de emergencia del campo petrolero"]
[71161303,"Servicios de desarrollo de campos petroleros"]
[71161304,"Servicios de monitoreo del rendimiento del campo petrolero"]
[71161305,"Servicios de presentación informes del campo petrolero"]
[71161306,"Servicios de entrega (handover) o plan de sucesión del campo petrolero"]
[71161307,"Servicios de matriz de entrenamiento del campo petrolero"]
[71161308,"Servicios de aprovisionamiento o logística del emplazamiento del pozo"]
[71161402,"Servicios de ingeniería para la terminación del pozo"]
[71161403,"Servicios de anclaje (deadman)"]
[71161405,"Servicios de revestimiento de pozos en su emplazamiento"]
[71161407,"Servicios de unidad  jaladora para el pozo"]
[71161408,"Servicios en la costa"]
[71161409,"Servicios de revestimiento de pozos de exploración"]
[71161410,"Servicios de camiones de vacío en el emplazamiento del pozo"]
[71161411,"Servicios de ingeniería de aplicaciones desbalanceadas"]
[71161412,"Servicios de trabajar sobre el pozo (workover)"]
[71161413,"Servicios de construcción o fabricación de pozos"]
[71161501,"Servicios de instrumentación o eléctricos del lugar del pozo"]
[71161502,"Servicios de grúas o equipo pesado del lugar del pozo"]
[71161503,"Servicios de pruebas de equipo o inspección del emplazamiento del pozo"]
[71161504,"Servicios de medición o instrumentos de pozo"]
[71161505,"Servicios de componente de válvula o válvula del lugar del pozo"]
[72101501,"Servicios de todero"]
[72101502,"Servicios de andamiaje"]
[72101503,"Servicios de cordelería"]
[72101504,"Servicios de verificación de desastres o contingencias"]
[72101505,"Servicios de cerrajería"]
[72101506,"Servicios de mantenimiento de ascensores"]
[72101601,"Instalación o reparación de techos"]
[72101602,"Instalación de claraboyas"]
[72101603,"Servicios de canalones y tubos de bajada"]
[72101604,"Metalistería de arquitectura"]
[72101605,"Levantamiento o reparación de techos"]
[72101606,"Instalación de conductos"]
[72101607,"Instalación o reparación de paredes"]
[72101701,"Servicios de hormigón o estuco para exteriores"]
[72101702,"Servicios de lechada de cemento"]
[72101703,"Construcción de aceras o bordillos"]
[72101704,"Cimentación, enlosado"]
[72101801,"Limpieza con chorro de arena"]
[72101802,"Hidroaspiración a alta presión"]
[72101803,"Limpieza a vapor"]
[72101901,"Diseño o decoración de interiores"]
[72101902,"Enyesado o pirca"]
[72101903,"Carpintería o chapistería de acabados"]
[72102001,"Calafateo"]
[72102002,"Revestimientos o recubrimientos plásticos de materias estructurales"]
[72102003,"Recubrimiento o satinado de materias estructurales de metal, madera u hormigón"]
[72102004,"Impermeabilización"]
[72102005,"Ignifugación de edificios"]
[72102006,"Envoltura de tuberías"]
[72102101,"Servicios de verificación de presencia de aves"]
[72102102,"Servicios de control de termitas"]
[72102103,"Servicios de exterminación o fumigación"]
[72102104,"Control estructural de plagas"]
[72102105,"Captura de animales"]
[72102106,"Control de roedores"]
[72102201,"Instalación o servicio de sistemas de energía eléctrica"]
[72102202,"Instalación de controles electrónicos"]
[72102203,"Instalación de equipos de comunicaciones"]
[72102204,"Instalación de sistemas de seguridad"]
[72102205,"Asistencia o mantenimiento de servicio de telecomunicaciones"]
[72102206,"Ingeniería subterránea para equipo de comunicaciones"]
[72102207,"Ingeniería aérea para equipo de comunicaciones"]
[72102208,"Tendido de cables"]
[72102209,"Arrastre de cables"]
[72102301,"Supervisión de instalación, ajuste o mantenimiento de calderas"]
[72102302,"Instalación, reparación o mantenimiento de sistemas de calefacción"]
[72102303,"Construcción de sistemas de fontanería"]
[72102304,"Mantenimiento o reparación de sistemas de fontanería"]
[72102305,"Servicios de reparación, mantenimiento o reparación de aire acondicionado"]
[72102401,"Servicios de pintura de exteriores"]
[72102402,"Servicios de pintura de interiores"]
[72102403,"Servicios de revestimientos de muros"]
[72102404,"Aplicación de pintura industrial o especializada (aviones, barcos, puentes)"]
[72102405,"Servicios de marcado de pavimentos"]
[72102501,"Mampostería de ladrillo"]
[72102502,"Construcción o mantenimiento de chimeneas"]
[72102503,"Instalación de mármol, piedra o azulejos"]
[72102504,"Construcción de muros de contención"]
[72102505,"Frescos"]
[72102506,"Acústica"]
[72102507,"Instalación de material aislante"]
[72102508,"Restauración de albañilería, mampostería o azulejos"]
[72102601,"Carpintería rústica"]
[72102602,"Instalación de ventanas, puertas o dispositivos"]
[72102701,"Entarimado, instalación o acabado de suelos"]
[72102702,"Revestimiento, instalación o mantenimiento de suelos"]
[72102703,"Servicios de limpieza de suelos"]
[72102801,"Renovación de edificios, mojones y monumentos"]
[72102802,"Restauración de edificios, mojones o monumentos"]
[72102901,"Servicios de retirar la Nieve"]
[72102902,"Servicios de paisajismo"]
[72102903,"Servicios de eliminación de nieve"]
[72102904,"Servicios de barrido de carreteras o aparcamientos"]
[72102905,"Mantenimiento de terrenos exteriores"]
[72103001,"Servicios de desmonte de terrenos"]
[72103002,"Servicios de nivelado de terrenos"]
[72103003,"Servicios de demolición"]
[72103004,"Servicios de excavación"]
[72131501,"Construcción de apartamentos"]
[72131502,"Construcción casera uni-familiar"]
[72131601,"Construcción de centrales eléctricas"]
[72131701,"Pavimentar o hacer la superficie de carreteras o caminos"]
[72131702,"Construcción de puentes"]
[73101501,"Servicios de refinación de petróleo"]
[73101502,"Servicios de producción de gas natural"]
[73101503,"Servicios de producción de aceites o grasas"]
[73101504,"Servicios de producción de carbón"]
[73101505,"Servicios de fabricación de plásticos, resinas o fibras"]
[73101601,"Servicios de producción de químicos inorgánicos"]
[73101602,"Servicios de producción de sosa, cloro o soda cáustica"]
[73101603,"Servicios de producción de ácidos inorgánicos"]
[73101604,"Servicios de producción de químicos orgánicos"]
[73101605,"Servicios de producción de acetileno o derivados"]
[73101606,"Servicios de producción de etileno o derivados"]
[73101607,"Servicios de producción de etileno o metanol o derivados"]
[73101608,"Servicios de producción de fertilizantes"]
[73101609,"Servicios de minería o transformación de potasa"]
[73101610,"Servicios de producción de pesticidas"]
[73101611,"Servicios de producción de pinturas, barnices o lacas"]
[73101612,"Servicios de producción de jabones o preparaciones para limpieza o perfumes o cosméticos"]
[73101613,"Servicios de producción de disolventes, glicoles o detergentes"]
[73101614,"Servicios de fermentos o enzimas"]
[73101701,"Servicios de producción de medicamentos o medicinas"]
[73101702,"Servicios de producción de vacunas, sueros o antibióticos"]
[73101703,"Servicios de producción de productos farmacéuticos"]
[73101801,"Servicios de producción de biomasa"]
[73101802,"Servicios de producción de bioproteínas"]
[73101901,"Servicios de moledura de caucho"]
[73101902,"Servicios de producción de neumáticos o tubos de caucho"]
[73101903,"Servicios de producción de calzado de caucho o plástico"]
[73111501,"Servicios de aserradero"]
[73111502,"Servicios de producción de chapas"]
[73111503,"Servicios de fabricación de paneles de base de madera"]
[73111504,"Servicios de fabricación de envases de madera"]
[73111505,"Servicios de fabricación de muebles"]
[73111506,"Servicios de fabricación de productos de corcho"]
[73111507,"Servicios de elaboración de bejuco o mimbre"]
[73111601,"Servicios de producción de pulpa"]
[73111602,"Servicios de producción de papel o cartón"]
[73111603,"Servicios de producción de tabla de madera dura o de fibra"]
[73111604,"Servicios de producción o reciclaje de papel"]
[73121501,"Servicios de producción de aleaciones ferrosas"]
[73121502,"Servicios de procesos de combinación de metales básicos"]
[73121503,"Servicios de refracción para la producción de hierro o acero"]
[73121504,"Servicios de fabricación de hierro o acero"]
[73121505,"Servicios de forja de  hierro o acero"]
[73121506,"Servicios de procesos de preacabado de hierro o acero"]
[73121507,"Servicios de  acabado en la transformación de metales"]
[73121508,"Servicios de fundición de metales"]
[73121509,"Servicios de purificación de metales"]
[73121601,"Servicios de corte de metales"]
[73121602,"Servicios de herrería"]
[73121603,"Servicios de calentamiento de metales"]
[73121606,"Servicios de forja de metales"]
[73121607,"Servicios de extracción de metales"]
[73121608,"Servicios de extrusión de metales"]
[73121610,"Servicios de herrería"]
[73121611,"Servicios de hojalatería"]
[73121612,"Servicios de revestimiento con metal antifricción"]
[73121613,"Servicios de fundición de metales"]
[73121801,"Servicios de fabricación de cerámica o porcelana o loza de barro"]
[73121802,"Servicios de fabricación vidrio o productos de vidrio"]
[73121803,"Servicios de fabricación de productos de arcilla estructural"]
[73121804,"Servicios de fabricación de cemento o cal o yeso"]
[73121805,"Servicios de fabricación de productos de concreto o agregados o piedra"]
[73121806,"Servicios de fabricación de abrasivos"]
[73121807,"Servicios de fabricación de productos de asbesto"]
[73131501,"Servicios de destilación o mezcla de licores"]
[73131502,"Servicios de elaboración del vino"]
[73131503,"Servicios de elaboración de la cerveza"]
[73131504,"Servicios de elaboración de bebidas de frutas no alcohólicas"]
[73131505,"Servicios de elaboración de bebidas de agua"]
[73131506,"Servicios de elaboración de bebidas de infusión"]
[73131507,"Servicios de elaboración del café"]
[73131508,"Servicios de elaboración del té"]
[73131601,"Servicios de elaboración de productos cárnicos o derivados"]
[73131602,"Servicios de procesamiento de pescado o productos de pescado"]
[73131603,"Servicios de procesamiento de aves de corral"]
[73131604,"Servicios de inspección o higiene de la carne"]
[73131605,"Servicios de operación o administración de plantas cárnicas"]
[73131606,"Servicios de matadero"]
[73131607,"Servicios de carnicería"]
[73131608,"Servicios de conservación en cámara frigorífica"]
[73131701,"Servicios de limpieza de frutas o verduras"]
[73131702,"Servicios de rociado de frutas o verduras"]
[73131703,"Servicios de empaque de frutas o verduras"]
[73131801,"Servicios de elaboración de la leche"]
[73131802,"Servicios de la elaboración  de huevos"]
[73131803,"Servicios de elaboración de quesos"]
[73131804,"Servicios de elaboración de mantequilla o crema de leche"]
[73131902,"Servicios de elaboración de productos a base de cereal"]
[73131903,"Servicios de elaboración de azúcar o productos de azúcar"]
[73131904,"Servicios de elaboración de aceites o grasas vegetales"]
[73131905,"Servicios de elaboración de especias"]
[73131906,"Servicios de elaboración de productos de panadería"]
[73141501,"Servicios de fabricación de fibra de rayón o acetato"]
[73141502,"Servicios de fabricación de fibra de vidrio"]
[73141503,"Servicios de fabricación de fibra de seda"]
[73141504,"Servicios de fabricación de fibra de algodón"]
[73141505,"Servicios de fabricación de fibra de lana"]
[73141506,"Servicios de fabricación de fibra de poliéster"]
[73141507,"Servicios de fabricación de fibra de poliamida"]
[73141508,"Servicios de fabricación de fibra acrílica"]
[73141601,"Servicios de elaboración de hilo"]
[73141602,"Servicios de elaboración de hilado"]
[73141701,"Servicios de fabricación de géneros de tejido ancho"]
[73141702,"Servicios de fabricación de géneros de tejido angosto"]
[73141703,"Servicios de fabricación de tejidos de punto"]
[73141704,"Servicios de fabricación de tapetes o alfombras"]
[73141705,"Servicios de fabricación de sogas, cuerdas o cordeles"]
[73141706,"Servicios de teñido o impresión y acabado"]
[73141707,"Servicios de fabricación de   trajes o chaquetas o abrigos tejidos"]
[73141708,"Servicios de fabricación de prendas exteriores tejidas"]
[73141709,"Servicios de curtido o teñido de pieles"]
[73141710,"Servicios de fabricación de calzado de cuero"]
[73141711,"Servicios de fabricación de maletas o bolsos de cuero"]
[73141712,"Servicios de fabricación de curtidos o acabados de cuero"]
[73141713,"Servicios de géneros telas no tejidas"]
[73141714,"Servicios de hilo o tejido trenzado"]
[73141715,"Servicios de costura industrial"]
[73151501,"Servicios de cadena de montaje"]
[73151502,"Servicios de sellamiento de uniones"]
[73151601,"Servicios de plantas de conservas"]
[73151602,"Servicios de empacado de subproductos agrícolas"]
[73151603,"Servicios de empacado de productos no alimenticios"]
[73151604,"Servicios de empacado de productos farmacéuticos"]
[73151605,"Servicios de empacado para exhibición en el punto de venta"]
[73151606,"Servicios de empacado a mano"]
[73151607,"Servicios de empacado mecanizado"]
[73151701,"Servicios de tratamiento de materiales  de impermeabilización"]
[73151702,"Servicios de tratamiento de materiales de protección contra incendios"]
[73151703,"Servicios de tratamiento de materiales anticorrosivos"]
[73151801,"Servicios de enchapes"]
[73151802,"Servicios de corte en tiras"]
[73151803,"Servicios de corte a troquel"]
[73151804,"Servicios de plegado"]
[73151805,"Servicios de laminación"]
[73151901,"Servicios de impresión industrial flexográfica"]
[73151902,"Servicios de impresión industrial a roto grabado"]
[73151903,"Servicios de impresión industrial  a pantalla"]
[73151904,"Servicios de impresión industrial offset"]
[73151905,"Servicios de impresión industrial digital"]
[73151906,"Servicios de impresión industrial de transferencia térmica"]
[73151907,"Servicios de impresión y duplicación de discos compactos dc"]
[73152001,"Servicios de llenado con líquido"]
[73152002,"Servicios de llenado con aerosol"]
[73152003,"Servicios de llenado con pasta"]
[73152004,"Servicios de llenado con  polvo"]
[73152101,"Servicio de mantenimiento de equipo industrial"]
[73152102,"Servicio de reparación de equipo industrial"]
[73161501,"Servicios de fabricación de motores o  turbinas"]
[73161502,"Servicios de fabricación de maquinaria o equipos agrícolas"]
[73161503,"Servicios de fabricación de máquinas herramienta, labrado de metales o madera"]
[73161504,"Servicios de fabricación de maquinaria o plantas industriales especiales"]
[73161505,"Servicios de fabricación de maquinaria o equipos para construcción"]
[73161506,"Servicios de fabricación de maquinaria o equipos para minería"]
[73161507,"Servicios de fabricación de maquinaria o equipo para productos alimenticios"]
[73161508,"Servicios de fabricación de maquinaria o equipos para impresión de papel"]
[73161509,"Servicios de fabricación de maquinaria o equipos metalúrgicos"]
[73161510,"Servicios de fabricación de maquinaria o equipos para productos químicos o farmacéuticos"]
[73161511,"Servicios de fabricación de maquinaria o equipo para fábricas de cemento"]
[73161512,"Servicios de fabricación de maquinaria o equipo textil"]
[73161513,"Servicios de fabricación de calderas para centrales eléctricas"]
[73161514,"Servicios de fabricación de hornos"]
[73161515,"Servicios de fabricación de maquinaria o equipo de oficina"]
[73161516,"Servicios de fabricación de equipo de elevación, elevación o transporte"]
[73161517,"Servicios de fabricación de equipos de aire acondicionado, ventilación o refrigeración"]
[73161518,"Servicios de fabricación de electrodomésticos o máquinas de uso doméstico excepto eléctricas"]
[73161519,"Servicios de fabricación de bombas o compresores"]
[73161601,"Servicios de construcción de barcos o botes de pesca"]
[73161602,"Servicios de fabricación de material rodante para ferrocarriles"]
[73161603,"Servicios de fabricación de locomotoras"]
[73161604,"Servicios de fabricación de vehículos de motor"]
[73161605,"Servicios de fabricación de partes y accesorios de vehículos de motor"]
[73161606,"Servicios de fabricación de motocicletas o bicicletas"]
[73161607,"Servicios de fabricación de aeronaves o naves espaciales"]
[73171501,"Servicios de fabricación de equipo de generación, transmisión o distribución de energía"]
[73171502,"Servicios de fabricación de pilas secas o acumuladores"]
[73171503,"Servicios de fabricación de herramientas eléctricas"]
[73171504,"Servicios de fabricación de instrumentos de pruebas o de mediciones"]
[73171505,"Servicios de fabricación de aparatos de radio o televisión"]
[73171506,"Servicios de fabricación de equipos de comunicaciones"]
[73171507,"Servicios de fabricación de aparatos electrodomésticos"]
[73171508,"Servicios de fabricación de alambre o cable aislado"]
[73171510,"Servicios de fabricación de accesorios o material eléctricos"]
[73171511,"Servicios de fabricación de equipos electrónicos"]
[73171512,"Servicios de fabricación de computadores electrónicos o equipos de procesamiento de datos"]
[73171601,"Servicios de fabricación de instrumentos científicos o equipos de medición"]
[73171602,"Servicios de fabricación de equipo médico o dental"]
[73171603,"Servicios de fabricación de equipo óptico o fotográfico"]
[73171604,"Servicios de fabricación de relojes o relojes de pulsera"]
[73171605,"Servicios de fabricación de equipos de laboratorio"]
[73181001,"Servicios de tornería"]
[73181002,"Servicios de maquinado por electrodescarga edm"]
[73181003,"Servicios de maquinado electroquímico ecm"]
[73181004,"Servicios de fresado químico"]
[73181005,"Servicios de troquelado"]
[73181006,"Servicios de estampación"]
[73181007,"Servicios de taladrado"]
[73181008,"Servicios de perforación"]
[73181009,"Servicios de tarraja con macho"]
[73181010,"Servicios de láser"]
[73181011,"Servicios de doblado"]
[73181012,"Servicios de fresado"]
[73181013,"Servicios de limpieza con chorro de perdigones"]
[73181014,"Servicios de pulida"]
[73181015,"Servicios de corte con llama de gas"]
[73181016,"Servicios de corte con láser"]
[73181017,"Servicios de corte con plasma"]
[73181018,"Servicios de corte con chorro de agua"]
[73181019,"Servicios de rodamiento"]
[73181020,"Servicios de tratamiento de superficies"]
[73181021,"Servicios de fresado"]
[73181022,"Servicios de  pulverización"]
[73181023,"Servicio de afilado"]
[73181101,"Servicios de electro revestimiento"]
[73181102,"Servicios de bañado"]
[73181103,"Servicios de envoltura"]
[73181104,"Servicios de pintura"]
[73181105,"Servicios de recubrimiento rollo a rollo (web)"]
[73181106,"Servicios de enchapado"]
[73181201,"Servicios de  formación por extracción"]
[73181202,"Servicios de hidro conformado"]
[73181203,"Servicios de conformación por enrollado"]
[73181204,"Servicios de conformación  por estirado"]
[73181205,"Servicios de conformación porgiro"]
[73181206,"Servicios de formación con explosivos"]
[73181301,"servicios de temple y enfriamiento"]
[73181302,"Servicios de recocido"]
[73181303,"Servicios de normalización"]
[73181304,"Servicios de  envejecimiento o estabilización"]
[73181901,"Servicios de soldadura de arco"]
[73181902,"Servicios de soldadura con gas metal inerte mig"]
[73181903,"Servicios de soldadura con tungsteno a gas inerte (tig)"]
[73181904,"Servicios de soldadura con láser"]
[73181905,"Servicios de soldadura  por puntos"]
[73181906,"Servicios de soldadura con proyección"]
[73181907,"Servicios de soldadura fuerte con latón"]
[73181908,"Servicios de soldadura"]
[76101501,"Servicios de higienización de lavabos"]
[76101502,"Servicios de limpieza de baños"]
[76101503,"Servicios de desinfección o desodorización"]
[76101601,"Servicios de descontaminación radiactiva"]
[76101602,"Encapsulación  o eliminación de asbesto"]
[76111501,"Servicios de limpieza de edificios"]
[76111503,"Servicios de mantenimiento del alumbrado"]
[76111504,"Servicios de limpieza de ventanas o persianas"]
[76111505,"Servicios de limpieza de telas y muebles"]
[76111601,"Servicios de limpieza de baldosas o cielorraso acústicos"]
[76111602,"Limpieza de conductos de aire"]
[76111603,"Limpieza de chimeneas"]
[76111604,"Encerado de pisos y limpieza de tapetes"]
[76111605,"Limpieza de campanas o ventiladores extractores de humo"]
[76111701,"Servicios de limpieza de terrenos en obras"]
[76111702,"Servicios de retirada de materiales de zonas en obras"]
[76111801,"Limpieza de carros o barcos"]
[76121501,"Recolección o destrucción o transformación o eliminación de basuras"]
[76121502,"Recolección o transformación o eliminación de residuos líquidos"]
[76121503,"Servicios de limpieza de calles"]
[76121601,"Vertedero de basuras"]
[76121602,"Operaciones de relleno sanitario"]
[76121603,"Eliminación de fangos cloacales"]
[76121604,"Servicios de disposición de animales muertos"]
[76121701,"Servicios de tratamiento de aguas negras"]
[76121702,"Servicios de tratamiento químico"]
[76121801,"Servicios de reciclaje"]
[76121901,"Eliminación de residuos médicos"]
[76121902,"Recolección o eliminación de residuos ácidos"]
[76121903,"Destoxificación química"]
[76131501,"tratamiento de desechos radioactivos"]
[76131502,"Servicios de confinación de material  radioactivo"]
[76131601,"Confinación de vertidos tóxicos"]
[76131602,"Limpieza total de derramamiento de sustancias tóxicas"]
[76131701,"Servicios de eliminación o control de residuos petroleros"]
[76131702,"Servicios de tratamiento de derramamiento  de petróleo"]
[77101501,"Evaluación riesgos o peligros"]
[77101502,"Estándares ambientales"]
[77101503,"Análisis de indicadores ambientales"]
[77101504,"Servicios de evaluación de impacto ambiental (eia)"]
[77101505,"Monitoreo ambiental"]
[77101601,"Planificación del desarrollo ambiental urbano"]
[77101602,"Planificación de la estrategia de conservación forestal"]
[77101603,"Planificación de la estrategia de conservación marítima"]
[77101604,"Servicios de planificación de la estrategia de gestión o conservación de recursos naturales"]
[77101605,"Creación o planificación de instituciones ambientales"]
[77101701,"Servicios de asesoramiento sobre ciencias ambientales"]
[77101702,"Servicios de asesoramiento sobre química ambiental"]
[77101703,"Servicios de asesoramiento sobre ética ambiental"]
[77101704,"Servicios de asesoramiento sobre tecnología ambiental"]
[77101705,"Servicios de  asesoramiento sobre economía ambiental"]
[77101706,"Servicios de asesoramiento sobre derecho ambiental"]
[77101707,"Servicios de asesoramiento sobre ecología"]
[77101801,"Sistemas de información ambiental"]
[77101802,"Servicios de auditoria ambiental de empresas"]
[77101803,"Servicios de auditoria ambiental sectoriales"]
[77101804,"Servicios de auditoria ambiental de actividades específicas"]
[77101805,"Servicios de control de la calidad ambiental"]
[77101806,"Servicios de control de seguridad ambiental"]
[77101901,"Estudio de emplazamientos industriales"]
[77101902,"Estudio de vertederos de desechos industriales"]
[77101903,"Estudio de emplazamientos de fábricas de gas"]
[77101904,"Estudios de emplazamientos  de vertederos de desechos de fábricas de productos químicos o refinerías de petróleo"]
[77101905,"Estudio de emplazamientos de plantas de tratamiento  de la madera"]
[77101906,"Estudios de emplazamientos de depósitos o terminales de petroleros"]
[77101907,"Estudio de emplazamientos de plantas de limpieza en seco"]
[77101908,"Estudio de emplazamientos de fundición"]
[77101909,"Estudios de emplazamientos de planta de reciclado"]
[77101910,"Estudio de plantas de transformación de alimentos en el sitio"]
[77111501,"Servicios de protección del paisaje"]
[77111502,"Servicios de protección de la capa de ozono"]
[77111503,"Servicios de protección contra la contaminación de alimentos o pienso"]
[77111504,"Servicios de protección recursos genéticos"]
[77111505,"Servicios de protección de sustancias tóxicas"]
[77111506,"Servicios de protección contra la radiación"]
[77111507,"Servicios de protección de las especies en peligro de extinción"]
[77111508,"Servicios de protección contra riesgos o peligros naturales"]
[77111601,"Rehabilitación en emplazamientos industriales"]
[77111602,"Servicios de descontaminación ambiental"]
[77111603,"Servicios de recuperación de tierras"]
[77121501,"Gestión de la calidad del aire"]
[77121502,"Servicios transfronterizos de gestión o control de la contaminación del aire"]
[77121503,"Servicios de protección contra la contaminación del aire"]
[77121504,"Servicios de monitoreo o medición de la contaminación del aire"]
[77121505,"Servicios de detección de gases tóxicos"]
[77121506,"Control del metano"]
[77121507,"Servicios de monitoreo del dióxido de carbono"]
[77121508,"Monitoreo de partículas en el aire"]
[77121509,"Servicios de monitoreo de la reducción de la capa de ozono"]
[77121601,"Servicios de protección contra la contaminación del suelo"]
[77121602,"Servicios de eliminación de suelos contaminados"]
[77121603,"Tratamiento o rehabilitación de suelos contaminados"]
[77121604,"Servicios de asesorías sobre la contaminación del suelo"]
[77121605,"Cartografía de la contaminación del suelo"]
[77121606,"Medición o monitoreo de la contaminación del suelo"]
[77121607,"Evaluación de la contaminación por fertilizantes orgánicos"]
[77121608,"Evaluación de la contaminación por pesticidas"]
[77121609,"Evaluación de la contaminación por nitratos"]
[77121610,"Evaluación de la contaminación por fosfatos"]
[77121701,"Servicio de monitoreo o control de la contaminación de las aguas de superficie"]
[77121702,"Servicios de rehabilitación de las aguas de superficie"]
[77121703,"Servicios de protección contra la polución de las aguas de superficie"]
[77121704,"Servicios de tratamiento de las aguas de superficie"]
[77121705,"Servicios de drenaje de la contaminación de las aguas de superficie"]
[77121706,"Servicios transfronterizos de gestión o control de la contaminación de las agua"]
[77121707,"Servicios de monitoreo o control de la contaminación de las aguas subterráneas"]
[77121708,"Servicios de drenaje de la contaminación de las aguas subterráneas"]
[77121709,"Tratamiento o rehabilitación de la contaminación de las aguas subterráneas"]
[77131501,"Servicios de monitoreo del derrame de petróleo"]
[77131502,"Servicios de control del derrame de petróleo"]
[77131503,"Servicios de rehabilitación por el derrame de petróleo"]
[77131601,"Servicios de control del ruido"]
[77131602,"Servicios de protección contra la contaminación acústica"]
[77131603,"Servicios de monitoreo de la contaminación acústica"]
[77131604,"Servicios de asesoría sobre la contaminación acústica"]
[77131701,"Servicios de monitoreo de sustancias tóxicas"]
[77131702,"Servicios de rehabilitación por sustancias tóxicas"]
[78101501,"Transporte nacional aéreo de carga"]
[78101502,"Transporte internacional aéreo de carga"]
[78101503,"Transporte aéreo blindado"]
[78101601,"Servicios de transporte en furgones"]
[78101602,"Servicios de transporte ferroviario de carga a granel"]
[78101603,"Transporte de ganado por ferrocarril"]
[78101604,"Vehículos de servicios de transporte"]
[78101701,"Servicios de transporte nacional por buque"]
[78101702,"Servicios de transporte internacional por buque"]
[78101703,"Servicios de transporte nacional por barcazas"]
[78101704,"Servicios de transporte internacional por barcazas"]
[78101705,"Transporte marítimo blindado"]
[78101801,"Servicios de transporte de carga por carretera (en camión) en área local"]
[78101802,"Servicios transporte de carga por carretera (en camión) a nivel regional y nacional"]
[78101803,"Servicios de transporte de vehículos"]
[78101804,"Servicios de reubicación"]
[78101901,"Transporte aéreo a marítimo"]
[78101902,"Transporte marítimo a ferroviario"]
[78101903,"Transporte marino a carretera (por camión)"]
[78101904,"Transporte aéreo a carretera (por camión)"]
[78101905,"Transporte por vagones de ferrocarril"]
[78102001,"Servicios de lanzamiento de satélites"]
[78102002,"Servicios de carga explosiva experimental"]
[78102101,"Transporte de productos derivados del petróleo"]
[78102102,"Transporte de agua"]
[78102201,"Servicios de entrega postal nacional"]
[78102202,"Servicios de apartado postal"]
[78102203,"Servicios de envío, recogida o entrega de correo"]
[78102204,"Servicios de entrega a nivel mundial de cartas o paquetes pequeños"]
[78102205,"Servicios de entrega local de cartas o paquetes pequeños"]
[78102206,"Servicios de mensajería en bicicleta o motocicleta"]
[78111501,"Servicios de helicópteros"]
[78111502,"Viajes en aviones comerciales"]
[78111503,"Viajes en aviones fletados"]
[78111601,"Servicios de transporte en vehículos de tren ligero lrv"]
[78111602,"Transporte en metro"]
[78111603,"Servicios ferroviarios continentales o intercontinentales"]
[78111701,"Taxis acuáticos"]
[78111702,"Cruceros nocturnos"]
[78111703,"Excursiones de recorrido turístico en barco"]
[78111802,"Servicios de buses con horarios programados"]
[78111803,"Servicios de buses contratados"]
[78111804,"Servicios de taxi"]
[78111807,"Tarifas del parqueadero"]
[78111808,"Alquiler de vehículos"]
[78111809,"Leasing de vehículos sedán, cupé o camioneta"]
[78111901,"Misiones experimentales o educativas"]
[78121501,"Contenedorización de mercancías"]
[78121502,"Servicios de embalaje"]
[78121601,"Carga y descarga de mercancías"]
[78121602,"Servicios de pesaje"]
[78131501,"Servicios de silos"]
[78131502,"Servicios de elevadores de granos"]
[78131601,"Almacenaje de mercancías embandejadas"]
[78131602,"Almacenaje de archivos de carpetas"]
[78131603,"Almacenaje de muebles"]
[78131701,"Servicios de almacenaje en tierra"]
[78131801,"Almacenaje refrigerado"]
[78131802,"Servicios de almacenaje bajo control aduanero"]
[78131803,"Almacenaje de materiales peligrosos"]
[78131804,"Servicios de almacenaje de documentos"]
[78131805,"Almacenaje de cajeros automáticos"]
[78141501,"Servicios de expedidores de fletes"]
[78141502,"Servicios de agentes aduaneros"]
[78141503,"Servicios de comparación de tarifas de la industria del transporte o de auditoria de fletes"]
[78141601,"Servicios de inspección del empaquetado"]
[78141602,"Servicios de vigilancia de la carga"]
[78141603,"Inspecciones de control de plagas"]
[78141701,"Servicios de remolcadores"]
[78141702,"Operaciones de puentes levadizos"]
[78141703,"Servicios de comunicaciones o de navegación marítima"]
[78141801,"Servicios de estiba"]
[78141802,"Servicios de atraque de buques"]
[78141803,"Servicios de tiendas en buques"]
[78180101,"Servicios de reparar o pintar la carrocería de vehículos"]
[78180102,"Reparación de Transmisión"]
[78180103,"Servicios de cambio de fluidos de aceite o de la transmisión"]
[78180104,"Reparación del tren de aterrizaje"]
[78180201,"Servicios de pulsación de panel"]
[78180301,"Aprovisionar vehículos de combustible"]
[78180302,"Almacenamientos de transportes"]
[78180303,"Servicios de aparcacoches"]
[80101501,"Servicios de asesoramiento sobre la puesta en marcha de empresas nuevas"]
[80101502,"Servicios de asesoramiento sobre fusiones de empresas"]
[80101503,"Servicios de asesoramiento sobre liquidaciones o ventas de empresas"]
[80101504,"Servicios de asesoramiento sobre planificación estratégica"]
[80101505,"Desarrollo de políticas u objetivos empresariales"]
[80101506,"Asesoramiento en estructuras organizacionales"]
[80101507,"Servicios de asesoramiento sobre tecnologías de la información"]
[80101508,"Servicios de asesoramiento sobre  inteligencia empresarial"]
[80101601,"Estudios de factibilidad o selección de ideas de proyectos"]
[80101602,"Estudios regionales o locales para proyectos"]
[80101603,"Evaluación económica o financiera de proyectos"]
[80101604,"Planificación o administración de proyectos"]
[80101701,"Servicios de gestión de fábricas"]
[80101702,"Estudios o implementación de productividad y eficacia"]
[80101703,"Servicios de estandarización de especificaciones"]
[80101704,"Análisis de cadenas de suministro o servicios de reingeniería"]
[80101705,"Servicios de cooperativas o consorcios"]
[80101706,"Servicios profesionales de adquisiciones"]
[80101707,"Servicios de cabildeo"]
[80111501,"Perfeccionamiento de la función de gestión"]
[80111502,"Planificación de compensaciones o beneficios"]
[80111503,"Relaciones laborales o con los sindicatos"]
[80111504,"Formación o desarrollo laboral"]
[80111505,"Auditorías de productividad de los recursos humanos"]
[80111506,"Reubicación de personal"]
[80111507,"Servicios de empleo en otros organismos"]
[80111508,"Programas de reconocimiento de servicios"]
[80111601,"Asistencia de oficina o administrativa temporal"]
[80111602,"Necesidades de personal de mercadeo temporal"]
[80111603,"Necesidades de dotación de personal de producción temporal"]
[80111604,"Necesidades de dotación de personal técnico temporal"]
[80111605,"Necesidades de dotación de personal financiero temporal"]
[80111606,"Necesidades de dotación de personal medico temporal"]
[80111607,"Necesidades de dotación de personal jurídico temporal"]
[80111608,"Desarrolladores temporales de software de tecnologías de la información"]
[80111609,"Administradores temporales de bases de datos o de sistemas de tecnologías de la información"]
[80111610,"Especialistas en interconexión de tecnologías de la información temporales"]
[80111611,"Personal  temporal  de almacén"]
[80111612,"Conductores temporales"]
[80111613,"Trabajadores manuales temporales"]
[80111614,"Servicios temporales de ingeniería"]
[80111615,"Personal maquinista temporal"]
[80111616,"Personal temporal de servicio al cliente"]
[80111617,"Servicios temporales de arquitectura"]
[80111618,"Servicios temporales de construcción"]
[80111619,"Servicios creativos temporales"]
[80111701,"Servicios de contratación de personal"]
[80111702,"Servicios de comprobación de referencias o antecedentes"]
[80111703,"Servicios de preselección  de hojas de vida o currículum vitae"]
[80111704,"Necesidades de personal de mercadeo permanente"]
[80111705,"Personal maquinista permanente"]
[80111706,"Asistencia administrativa o de oficina permanente"]
[80111707,"Necesidades de dotación de personal técnico permanente"]
[80111708,"Necesidades de dotación personal  financiero permanente"]
[80111709,"Necesidades de personal médico permanente"]
[80111710,"Necesidades de dotación de personal jurídico permanente"]
[80111711,"Desarrolladores de software de tecnologías de la información permanentes"]
[80111712,"Especialistas en redes de tecnologías de la información permanentes"]
[80111713,"Administradores permanentes de bases de datos o de sistemas de tecnologías de la información"]
[80111714,"Conductores permanentes"]
[80111715,"Personal profesional permanente"]
[80111716,"Necesidades de dotación de personal de tecnologías de la información permanente"]
[80111801,"Contratistas de tecnología informática temporero"]
[80121501,"Servicios legales de justicia juvenil o de adolescentes"]
[80121502,"Servicios para procesos de apelación"]
[80121503,"Servicios para defensa o de derecho penal"]
[80121601,"Servicios legales sobre competencia o regulaciones gubernamentales"]
[80121602,"Servicios legales de quiebra"]
[80121603,"Derecho societario"]
[80121604,"Derecho de patentes, marcas o derechos de autor"]
[80121605,"Derecho sobre liquidación (de sociedades)"]
[80121606,"Derecho inmobiliario"]
[80121607,"Derecho tributario"]
[80121608,"Derecho de fusiones o adquisiciones"]
[80121609,"Servicios de investigación legal"]
[80121610,"Servicios legales de cobro de deudas o cartera."]
[80121611,"Derecho de reclamación por tratamiento médico."]
[80121701,"Servicios legales de malpraxis o negligencia profesional"]
[80121702,"Servicios legales sobre daños a personas"]
[80121703,"Servicios legales de sobre la  propiedad"]
[80121704,"Servicios legales sobre contratos"]
[80121705,"Servicios legales sobre beneficios de los empleados"]
[80121706,"Servicios legales sobre derecho laboral"]
[80121707,"Servicios legales para disputas laborales"]
[80121801,"Servicios sobre derecho de divorcio"]
[80121802,"Servicios legales para adopción"]
[80121803,"Derecho migratorio o de naturalización"]
[80121804,"Servicios legales para tutorías o de custodia"]
[80131501,"Arrendamiento de residencias"]
[80131502,"Arrendamiento de instalaciones comerciales o industriales"]
[80131503,"Arrendamientos de tierras"]
[80131601,"Corredores o agentes inmobiliarios"]
[80131602,"Subasta inmobiliaria"]
[80131603,"Venta de tierras residenciales"]
[80131604,"Venta de tierras comerciales o industriales"]
[80131605,"Venta de edificio comercial"]
[80131701,"Servicios para la restitución de títulos de propiedad"]
[80131702,"Servicios de estudio de títulos"]
[80131703,"Servicios de cuenta de depósito en garantía"]
[80131801,"Administración de propiedades"]
[80131802,"Servicios de avalúo de inmuebles"]
[80131803,"Servicios de listado de inmuebles"]
[80141501,"Análisis de mercados"]
[80141502,"Estadísticas comerciales de distribución o de servicios"]
[80141503,"Previsión de precios de las mercancías"]
[80141504,"Preparación de estudios de mercado de mercancías"]
[80141505,"Planes de comercialización"]
[80141506,"Investigación de mercado s basada en internet"]
[80141507,"Investigaciones  o clínicas o grupos focales basados en el consumidor"]
[80141508,"Estudios de predicciones sindicados o privados"]
[80141509,"Análisis competitivo o de inteligencia del mercado"]
[80141510,"Encuestas telefónicas para investigaciones de mercado"]
[80141511,"Encuestas impresas para investigaciones de mercado"]
[80141512,"Encuestas para investigaciones de mercados en el lugar"]
[80141513,"Entrevistas personales para investigaciones de mercado"]
[80141514,"Encuestas por correo electrónico para la investigación de mercados"]
[80141601,"Servicios de promoción de ventas"]
[80141602,"Servicios de relaciones públicas"]
[80141603,"Telemercadeo"]
[80141604,"Servicios de posicionamiento del  nombre de los productos"]
[80141605,"Mercancía promocional"]
[80141606,"Cumplimiento del mercadeo directo"]
[80141607,"Gestión de eventos"]
[80141609,"Patrocinio de eventos o de celebridades"]
[80141610,"Liquidaciones"]
[80141611,"Servicios de personalización de obsequios o productos"]
[80141612,"Programas de venta o de mercadeo"]
[80141613,"Programas posventas"]
[80141614,"Servicios o programas de relaciones públicas"]
[80141615,"Vehículo usado, de alquiler o de exposición"]
[80141616,"Materiales en puntos de venta, excluido el material impreso"]
[80141617,"Capacitación en iniciativas estratégicas en los concesionarios"]
[80141618,"Agencias de mercadeo  de venta, incluido el material impreso"]
[80141619,"Servicios de administración del centro de relaciones con el consumidor (crc)"]
[80141620,"Soporte de iniciativas estratégicas en los concesionarios"]
[80141621,"Automovilismo"]
[80141622,"Servicios de talleres postales"]
[80141701,"Servicios de venta directa"]
[80141702,"Servicios de distribución mayorista"]
[80141703,"Servicios de distribución minorista"]
[80141704,"Operaciones de franquicias"]
[80141705,"Servicios de subastas"]
[80141801,"Servicios de recopilación de listas de direcciones"]
[80141802,"Servicio de administración de listas de direcciones"]
[80141803,"Servicio de escritura de direcciones"]
[80141901,"Ferias de automóviles u otras exposiciones"]
[80141902,"Reuniones y eventos"]
[80141903,"Talento o entretenimiento"]
[80151501,"Servicios de proyeción o políticas de productos básicos"]
[80151502,"Expansión comercial"]
[80151503,"Servicios de información comercial"]
[80151504,"Servicios de promoción comercial"]
[80151505,"Empresas multinacionales de comercialización"]
[80151601,"Desarrollo de las exportaciones"]
[80151602,"Planificación de las importaciones"]
[80151603,"Proyecciones de las exportaciones"]
[80151604,"Servicios de adquisición de importaciones"]
[80161501,"Servicios secretariales o de administración de oficinas"]
[80161502,"Servicios de planificación de reuniones"]
[80161503,"Servicios de entrada por teclado"]
[80161504,"Servicios de oficina"]
[80161505,"Servicios de administración de flotas"]
[80161506,"Servicios de archivo de datos"]
[80161507,"Servicios audiovisuales"]
[80161508,"Servicios de destrucción de documentos"]
[80161601,"Servicios de administración de la propiedad"]
[80161602,"Servicios de recepción o inventariado"]
[80161603,"Gestión o administración de proyectos de mobiliario"]
[81101501,"Ingeniería de pozos"]
[81101502,"Dibujo técnico"]
[81101503,"Ingeniería de puertos"]
[81101505,"Ingeniería estructural"]
[81101506,"Arquitectura naval"]
[81101507,"Ingeniería de represas"]
[81101508,"Ingeniería arquitectónica"]
[81101509,"Ingeniería aeroportuaria"]
[81101510,"Ingeniería de carreteras"]
[81101511,"Ingeniería ferroviaria"]
[81101512,"Servicios de sistemas de información geográfica (sig)"]
[81101513,"Gestión de construcción de edificios"]
[81101601,"Dibujo mecánico"]
[81101602,"Diseño de envolturas de productos mecánicos"]
[81101603,"Diseño de máquinas herramientas"]
[81101604,"Diseño de transmisión de potencia"]
[81101605,"Servicios electromecánicos"]
[81101701,"Servicios de ingeniería eléctrica"]
[81101702,"Diseño de circuitos electrónicos"]
[81101703,"Servicios de pruebas técnicas"]
[81101801,"Ingeniería de plásticos"]
[81101902,"Ingeniería de producción para petróleo o gas"]
[81102001,"Minería hidráulica"]
[81102101,"Ingeniería de costas"]
[81102201,"Ingeniería de tráfico"]
[81102202,"red de transporte urbano"]
[81102203,"Vías de navegación interior"]
[81102301,"Diseño de aviónica"]
[81111501,"Diseño de aplicaciones de software de la unidad central"]
[81111502,"Diseños de aplicaciones para computadores personales (pc)"]
[81111503,"Diseño de integración de sistemas"]
[81111504,"Servicios de programación de aplicaciones"]
[81111505,"Servicios de programación de sistemas operativos"]
[81111506,"Servicios de programación para clientes o servidores"]
[81111507,"Servicios de programación de aplicaciones de bases de datos (erp)"]
[81111508,"Servicios de implementación de aplicaciones"]
[81111509,"Servicios de desarrollo de aplicaciones para clientes de internet / intranet"]
[81111510,"Servicios de desarrollo de aplicaciones para servidores de internet / intranet"]
[81111601,"Programación para visual basic"]
[81111602,"Programación para java"]
[81111603,"Programación para html"]
[81111604,"Programación para algol"]
[81111605,"Programación para assembler"]
[81111606,"Programación para basic"]
[81111607,"Programación para c, c++"]
[81111608,"Programación para cobol"]
[81111609,"Programación para fortran"]
[81111610,"Programación para pascal"]
[81111611,"Programación para pl/1"]
[81111612,"Lenguajes de programación o de marca patentada"]
[81111613,"Programación para perl"]
[81111701,"Diseño de comunicaciones por redes de cobertura amplia"]
[81111702,"Diseño de comunicaciones por redes de área local"]
[81111703,"Diseño del intercambio electrónico de datos (ied)"]
[81111704,"Diseño de bases de datos"]
[81111705,"Arquitectura de sistemas"]
[81111801,"Seguridad de los computadores, redes o internet"]
[81111802,"Servicios de administración de la unidad central"]
[81111803,"Mantenimiento o soporte de redes de área local (lan)"]
[81111804,"Mantenimiento o soporte de redes de cobertura amplia (wan)"]
[81111805,"Mantenimiento o soporte de sistemas patentados o autorizados"]
[81111806,"Servicio de análisis de bases de datos"]
[81111807,"Almacenamiento de datos"]
[81111808,"Servicio de análisis de sistemas"]
[81111809,"Servicio de instalación de sistemas"]
[81111810,"Servicios de codificación de software"]
[81111811,"Servicios de soporte técnico o de mesa de ayuda"]
[81111812,"Servicio de mantenimiento o soporte del hardware del computador"]
[81111814,"Servicio de colocación"]
[81111818,"Garantía de terceros"]
[81111901,"Recuperación de información de las bases de datos"]
[81111902,"Servicio de recuperación de información de las bases de datos en línea"]
[81112001,"Servicio de procesamiento de datos en línea"]
[81112002,"Servicios de procesamiento o preparación de datos"]
[81112003,"Servicios de centros de datos"]
[81112004,"Servicios de recuperación de desastres"]
[81112005,"Servicio de escaneo de documentos"]
[81112006,"servicios de almacenamiento de datos"]
[81112007,"Servicios de estandarización de datos o contenidos"]
[81112008,"Servicios de generación de originales de cd-rom"]
[81112009,"Servicios de clasificación de datos o contenidos"]
[81112010,"Servicio de conversión de datos"]
[81112101,"Proveedores de servicio de internet (psi)"]
[81112102,"Proveedor de servicio de correo electrónico"]
[81112103,"Servicios de diseño de sitios web www"]
[81112104,"Proveedores de motores de búsqueda en la web"]
[81112105,"Servicios de hospedaje de operación de sitios web"]
[81112106,"Proveedores de servicios de aplicación"]
[81112107,"Nombres de los dominio de internet"]
[81112201,"Tarifas de soporte o mantenimiento"]
[81112202,"Actualizaciones o parches de software"]
[81121501,"Análisis macroeconómico"]
[81121502,"Análisis microeconómico"]
[81121503,"Econometría"]
[81121504,"Proyecciones económicas"]
[81121601,"Política monetaria"]
[81121602,"Sistemas monetarios"]
[81121603,"Análisis monetario"]
[81121604,"Liquidez monetaria"]
[81121605,"Reservas de metales preciosos"]
[81121606,"Control de cambio de divisas"]
[81121607,"Mercados cambio de divisas"]
[81131501,"Análisis de factores"]
[81131502,"Análisis multivariate"]
[81131503,"Análisis de regresión"]
[81131504,"Encuestas por muestreo"]
[81131505,"Análisis de series temporales"]
[81141501,"Ensayo de materiales"]
[81141502,"Síntesis de materiales"]
[81141503,"Inspección de materiales o productos"]
[81141504,"Reparación o calibración de pruebas de equipo"]
[81141505,"Desarrollo de estándares de producción"]
[81141506,"Ensayo de productos"]
[81141601,"Logística"]
[81141602,"Análisis de tránsito"]
[81141603,"Economía o finanzas del transporte"]
[81141604,"Facilitación del transporte"]
[81141605,"Infraestructura del transporte"]
[81141606,"Planificación del transporte"]
[81141701,"Planificación de la producción"]
[81141702,"Control de la producción"]
[81141703,"Programación de la producción"]
[81141704,"Servicios de análisis o recopilación de estadísticas de producción"]
[81141801,"Análisis de riesgo o seguridad"]
[81141802,"Higiene o ventilación industrial"]
[81141803,"Control del ruido o de la acústica"]
[81141804,"Servicio de inspección de equipos"]
[81141805,"Servicio de inspección de edificios"]
[81141806,"Servicios de inspección de líneas de energía eléctrica"]
[81141807,"Servicios de inspección de plomería o alcantarillado"]
[81151501,"Climatología"]
[81151502,"Servicios meteorológicos"]
[81151503,"Hidrometeorología"]
[81151601,"Cartografía"]
[81151602,"Producción de mapas"]
[81151603,"Fotogrametría"]
[81151604,"Agrimensura"]
[81151701,"Fotogeología"]
[81151702,"Geología estratigráfica"]
[81151703,"Estudios geológicos"]
[81151704,"Exploración geológica"]
[81151705,"Servicios arqueológicos"]
[81151801,"Estudio oceanográfico"]
[81151802,"Oceanografía estuarina"]
[81151803,"Oceanografía física"]
[81151804,"Estudios hidrológicos"]
[81151805,"Estudios batimétricos"]
[81151806,"Exploración submarina"]
[81151901,"Estudios geofísicos"]
[81151902,"Exploración geofísica"]
[81151903,"Interpretación de fotografía geofísica"]
[81151904,"Geofísica aeromagnética"]
[82101501,"Publicidad en vallas"]
[82101502,"Publicidad en afiches"]
[82101503,"Publicidad en revistas"]
[82101504,"Publicidad en periódicos"]
[82101505,"Publicidad en volantes o cupones"]
[82101506,"Servicios de publicidad en transporte público"]
[82101507,"Servicios de distribución o de publicidad o de boletines de sobre compras"]
[82101508,"Publicidad en páginas amarillas o en directorios comerciales o de servicios"]
[82101601,"Publicidad en radio"]
[82101602,"Publicidad en televisión"]
[82101603,"Publicidad en internet"]
[82101604,"Publicidad en los cines"]
[82101701,"Servicios de publicidad en pancartas"]
[82101702,"Servicios de publicidad aérea"]
[82101801,"Servicios de campañas publicitarias"]
[82101901,"Inserción en radio"]
[82101902,"Inserción en televisión"]
[82101903,"Inserción en internet"]
[82101904,"Inserción en cines"]
[82101905,"Inserción en medios impresos"]
[82111501,"Servicios de redacción  de instrucciones"]
[82111502,"Servicios de redacción de manuales"]
[82111503,"Redacción de artículos académicos o científicos"]
[82111601,"Servicios de redacción de cartas"]
[82111602,"Servicios de redacción del currículum vítae"]
[82111603,"Servicios de informes de tribunales"]
[82111604,"Servicios de transcripción"]
[82111701,"Servicios de escritores de artículos"]
[82111702,"Servicios de autores de libros"]
[82111703,"Servicios de autores de poesía"]
[82111704,"Escritura de textos publicitarios"]
[82111705,"Escritura de discursos"]
[82111801,"Servicios de edición"]
[82111802,"Servicios de comprobación de hechos"]
[82111803,"Servicios de corrección de pruebas"]
[82111804,"Servicios de traducción escrita"]
[82111901,"Servicios de comunicados de prensa"]
[82111902,"Servicios de boletines informativos de interés especial"]
[82111903,"Servicios telegráficos de agencias de noticias"]
[82111904,"Servicios de entrega de periódicos o material publicitario"]
[82121501,"Planificación  y trazados de producciones gráficas"]
[82121502,"Tipografía"]
[82121503,"Impresión digital"]
[82121504,"Impresión tipográfica o por serigrafía"]
[82121505,"Impresión promocional o publicitaria"]
[82121506,"Impresión de publicaciones"]
[82121507,"Impresión de papelería o formularios comerciales"]
[82121508,"Impresión de envolturas, etiquetas, sellos o bolsas"]
[82121509,"Impresión de valores o instrumentos financieros"]
[82121510,"Impresión textil"]
[82121511,"Impresión de hoja de instrucciones o manual técnico"]
[82121512,"Impresión en relieve"]
[82121601,"Grabado de monedas"]
[82121602,"Impresión de rollo grabado"]
[82121603,"Grabado de planchas metálicas"]
[82121701,"Servicios de copias en blanco y negro o de cotejo"]
[82121702,"Servicios de copias a color o de cotejo"]
[82121801,"Publicación de libros de texto o de investigación"]
[82121802,"Servicios de publicaciones financiadas por el autor"]
[82121901,"Encuadernación en rústica"]
[82121902,"Encuadernación espiral"]
[82121903,"Encuadernación con pegante"]
[82121904,"Encuadernación por carda o grapa"]
[82121905,"Restauración o reparación de encuadernaciones"]
[82121906,"Bronceado o dorado o ribeteado o bordeado"]
[82121907,"Servicios de encuadernación en vitela"]
[82121908,"Servicios de fabricación de maletas"]
[82131501,"Elaboración o reproducción de película fija"]
[82131502,"Elaboración o reproducción de películas de cine"]
[82131503,"Servicios de microficha"]
[82131504,"Separación de colores"]
[82131601,"Servicios de fotografía aérea"]
[82131602,"Cinematografía"]
[82131603,"Servicios de producción de vídeos"]
[82131604,"Servicios de estudio fotográfico  o fotos fijas"]
[82141501,"Servicios de redacción de gráficas y planes y trazados"]
[82141502,"Diseño o gráficos artísticos"]
[82141503,"Fotocomposición"]
[82141504,"Servicios de diseño de gráficos o gráficas"]
[82141505,"Servicios de diseño por computador"]
[82141506,"Servicios de diseño de empaques"]
[82141507,"Servicios de diseño de serigrafía"]
[82141601,"Servicios fotográficos, de montaje o enmarcado"]
[82141602,"Montaje de exposición de artículos"]
[82151501,"Servicios de pintores"]
[82151502,"Servicios de litógrafos"]
[82151503,"Servicios de caricaturistas"]
[82151504,"Servicios de escultores"]
[82151505,"Servicios de fabricantes de cerámica"]
[82151506,"Servicios de sopladores de vidrio"]
[82151507,"Servicios de hiladoras, telares o tejedoras"]
[82151508,"Servicios de taxidermia"]
[82151601,"Servicios de entrenadores de animales"]
[82151602,"Servicios de acróbatas"]
[82151603,"Servicios de magos"]
[82151604,"Servicios de payasos"]
[82151701,"Servicios de actuación"]
[82151702,"Servicios de comediantes"]
[82151703,"Servicios de bailarines"]
[82151704,"Servicios de músicos"]
[82151705,"Servicios de vocalistas"]
[82151706,"Servicios coreográficos"]
[83101501,"Abastecimiento de agua"]
[83101502,"Gestión de recursos hidráulicos"]
[83101503,"Gestión de control de la calidad del agua"]
[83101504,"Gestión de distribución del agua"]
[83101505,"Servicios de asesoramiento de política hidráulica"]
[83101506,"Servicios de tratamiento de aguas"]
[83101507,"Servicios de desalinización"]
[83101508,"Agua para la ciudad"]
[83101509,"Agua para servicios"]
[83101510,"Agua fría"]
[83101601,"Suministro de gas natural"]
[83101602,"Suministro de fuel-oil"]
[83101603,"Servicios de oleoductos"]
[83101604,"Servicios de gasoductos"]
[83101605,"Carga de las instalaciones de gas"]
[83101801,"Suministro de electricidad monofásica"]
[83101802,"Suministro de electricidad bifásica"]
[83101803,"Suministro de electricidad  trifásica"]
[83101804,"Servicios de transmisión de energía eléctrica"]
[83101805,"Distribución de energía eléctrica industrial"]
[83101806,"Distribución de energía eléctrica rural"]
[83101807,"Distribución de energía eléctrica municipal"]
[83101808,"Monitoreo de la calidad de la energía"]
[83101901,"Programas de conservación de energía"]
[83101902,"Medidas de reducción de utilización de la energía"]
[83101903,"Calefacción del distrito"]
[83102001,"Sepulturar"]
[83111501,"Servicio de telefonía local"]
[83111502,"Servicios telefónicos de larga distancia"]
[83111503,"Servicios de proveedores de teléfonos con pago"]
[83111504,"Servicios de tarjetas telefónicas prepagadas"]
[83111505,"Servicios de asistencia telefónica"]
[83111506,"Servicios de conferencia telefónica"]
[83111507,"Servicios de buró de central de llamadas (\"call center\")"]
[83111508,"Servicios de llamar sin pago (hacia el interior)"]
[83111510,"Servicio de respuesta de voz interactiva"]
[83111511,"Servicio de telecomunicaciones de retransmisión en trama"]
[83111601,"Servicios en la red para mejorar las señales de telecomunicaciones"]
[83111602,"Servicios de sistemas de comunicación por satélite o terrestre"]
[83111603,"Servicios de telefonía celular"]
[83111604,"Servicios de radiobúsqueda"]
[83111605,"Leasing de segmentos de espacio"]
[83111701,"Servicios de transmisión por fax"]
[83111702,"Servicios de transmisión telegráfica"]
[83111703,"Servicios de transmisión por telex"]
[83111801,"Servicios de televisión por cable"]
[83111802,"Servicios de televisión por circuito cerrado"]
[83111803,"Servicios de construcción o alquiler de antenas de televisión"]
[83111804,"Administración de emisoras de televisión"]
[83111901,"Administración de emisoras de radio"]
[83111902,"Servicios o redes de radioaficionados"]
[83111903,"Sistemas de radio de corto alcance"]
[83111904,"Servicios de estudios o equipos radiofónicos"]
[83111905,"Servicios bilaterales internacionales y líneas privadas internacionales arrendadas"]
[83112201,"Servicios de red en modo de transferencia asíncrona (atm)"]
[83112202,"Servicios de redes públicas de retransmisión de tramas"]
[83112203,"Servicios de redes gestionadas por redes virtuales privadas (vpn)"]
[83112204,"Servicios de redes manejadas  x75"]
[83112205,"Servicios de redes manejadas x25"]
[83112301,"Fibra oscura"]
[83112302,"Multiplexado de división de la longitud de onda densa (dwdm)"]
[83112303,"Multiplexado de división de onda (wdm)"]
[83112304,"Servicios de transmisión óptica (ocx)"]
[83112401,"Servicios de circuitos de conmutación automática de alta velocidad"]
[83112402,"Servicios de redes digitales de servicios integrados (isdn)"]
[83112403,"Circuitos de telecomunicaciones digitales punto a punto"]
[83112404,"Circuitos de telecomunicaciones analógicas multipunto"]
[83112405,"Circuitos de telecomunicaciones analógicas punto a punto"]
[83112406,"Línea digital de abonado (dsl)"]
[83112501,"Capacidad del cable submarino y capacidad pop a pop del cable submarino"]
[83112502,"Capacidades de eje troncal terrestre"]
[83112503,"Derechos de paso para el tránsito por sistemas de semicircuitos, procesamiento de datos distribuidos (ddp) y alquiler administrativo"]
[83112504,"Derechos no defendibles (iru) de utilización de sistemas de cables submarinos o terrestres"]
[83112505,"Funcionalidad de interconexión"]
[83112601,"Capacidades de bucle local"]
[83112602,"Líneas domésticas alquiladas"]
[83112603,"Líneas de acceso internacional"]
[83112604,"Servicios de acceso de discado"]
[83112605,"Líneas internacionales externas"]
[83121501,"Bibliotecas municipales para uso del público en general"]
[83121502,"Bibliotecas de universidades o colleges"]
[83121503,"Bibliotecas privadas"]
[83121504,"Bibliotecas gubernamentales o militares nacionales"]
[83121601,"Cámaras de comercio"]
[83121602,"Servicios de juntas de turismo"]
[83121603,"Sistemas de recuperación de la información computarizada"]
[83121604,"Sistemas de recuperación de la información de la base de datos en línea"]
[83121605,"Servicios de recuperación de información de la base de datos a distancia"]
[83121606,"Localización de saltos"]
[83121701,"Servicios relacionados con la televisión"]
[83121702,"Servicios relacionados con la radio"]
[83121703,"Servicios relacionados con el internet"]
[83121704,"Sistemas de alerta ciudadana"]
[84101501,"Asistencia financiera"]
[84101502,"Programas de movilización de ahorros"]
[84101503,"Acuerdos de garantía"]
[84101601,"Cofinanciación"]
[84101602,"Ayuda bilateral o multilateral"]
[84101603,"Ayuda no gubernamental"]
[84101604,"Ayuda gubernamental"]
[84101701,"Negociación de la deuda"]
[84101702,"Reorganización de la deuda"]
[84101703,"Amortización de la deuda"]
[84101704,"Servicios de cobro de la deuda"]
[84101705,"Servicios de recuperación"]
[84111501,"Servicio de contabilidad de costos"]
[84111502,"Servicio de contabilidad financiera"]
[84111503,"Servicio de contabilidad fiscal"]
[84111504,"Servicios de  teneduría de libros"]
[84111505,"Servicios de contabilidad de sueldos y salarios"]
[84111506,"Servicios de facturación"]
[84111507,"Servicio de contabilidad de inventario"]
[84111601,"Auditorias de cierre del ejercicio"]
[84111602,"Revisiones trimestrales"]
[84111603,"Auditorias internas"]
[84111701,"Servicios de tesorería"]
[84111702,"Servicios o programas de relaciones de inversionistas"]
[84111703,"Servicios de preparación o revisión de presupuestos"]
[84111801,"Gestores fiscales"]
[84111802,"Servicios de asesoría  fiscal"]
[84121501,"Bancos privados"]
[84121502,"Bancos públicos"]
[84121503,"Cooperativas de crédito"]
[84121504,"Instituciones financieras de fomento"]
[84121601,"Servicios de compensación de fondos"]
[84121602,"Servicios de cartas de crédito"]
[84121603,"Servicios de cambio de divisas"]
[84121604,"Servicios de transacción de divisas al contado"]
[84121605,"Servicios de conversión de moneda"]
[84121606,"Servicios de procesamiento de remesas"]
[84121607,"Servicio financiero de alquiler de operaciones"]
[84121701,"Asesores de inversiones"]
[84121702,"Política de inversiones"]
[84121703,"Análisis de inversiones"]
[84121704,"Acuerdos de inversiones"]
[84121705,"Datos del mercado"]
[84121801,"Servicios de contratación bursátil"]
[84121802,"Servicios de mercados de productos básicos o de futuros"]
[84121803,"Bonos del estado"]
[84121804,"Bonos emitidos por el sector privado"]
[84121805,"Servicios de mercado de metales preciosos"]
[84121806,"Servicios de custodia de valores"]
[84121901,"Financiación de vivienda"]
[84121902,"Servicios de refinanciación"]
[84121903,"Financiación de hipotecas comerciales"]
[84122001,"Servicios de verificación de depósitos"]
[84131501,"Seguros de edificios o del contenido de edificios"]
[84131502,"Seguros de propietarios de casa o rentistas"]
[84131503,"Seguro de automóviles o camiones"]
[84131504,"Seguros de carga"]
[84131505,"Seguros marítimos"]
[84131506,"Servicios de reaseguros"]
[84131507,"Seguro de interrupción de los procesos de negocios"]
[84131508,"Seguro de aportación de dinero durante el viaje"]
[84131509,"Seguro completo de proyectos"]
[84131510,"Seguro a todo riesgo para contratistas"]
[84131511,"Seguro de deterioro de valores"]
[84131512,"Seguro de equipos electrónicos"]
[84131513,"Seguro a todo riesgo de levantamientos"]
[84131514,"Seguro de garantía de fidelidad"]
[84131515,"Seguro colectivo de joyeros"]
[84131516,"Seguro de indemnización profesional"]
[84131517,"Seguro de viaje"]
[84131601,"Seguros de vida"]
[84131602,"Seguros de asistencia médica y hospitalización"]
[84131603,"Seguros de daños personales por accidente"]
[84131604,"Seguro de invalidez"]
[84131605,"Seguro de accidentes de trabajo"]
[84131606,"Seguros de desempleo"]
[84131607,"Seguro de responsabilidad civil"]
[84131608,"Administración y revisión de reclamos médicos"]
[84131609,"Programas de asistencia a empleados"]
[84131610,"Cuentas de gasto flexible (fsa)"]
[84131701,"Fondos de pensiones administrados por el empleador"]
[84131702,"Fondos de pensiones administrados por sindicatos o gremios"]
[84131801,"Fondos de pensiones autodirigidos o patrocinados por el empleador"]
[84131802,"Planes de jubilación autodirigidos o de iniciativa propia"]
[84141501,"Servicios de crédito agrícola"]
[84141502,"Entidades de préstamos para la pequeña empresa"]
[84141503,"Programas empresariales de propiedad minoritaria"]
[84141601,"Servicios de recopilación o reporte de información para créditos al consumidor"]
[84141602,"Proveedores de servicios de tarjetas de crédito"]
[84141701,"Servicios de recopilación de información  o reporte para créditos empresariales"]
[84141702,"Servicios de red de valor agregado (van)"]
[85101501,"Servicios hospitalarios de emergencia o quirúrgicos"]
[85101502,"Servicios clínicos especializados privados"]
[85101503,"Servicios de consultorios médicos"]
[85101504,"Servicios de hospitales siquiátricos"]
[85101505,"Servicios respiratorios hospitalarios"]
[85101506,"Servicios hospitalarios para el abuso de sustancias"]
[85101507,"Centros asistenciales de urgencia"]
[85101508,"Centros o servicios móviles de atención de salud"]
[85101509,"Servicios hospitalarios ginecológicos u obstétricos"]
[85101601,"Servicios de enfermería"]
[85101602,"Servicios de obstetricia o de preparación para el parto"]
[85101603,"Servicios de cuidados personal en instituciones especializadas"]
[85101604,"Servicios de asistencia de personal médico"]
[85101605,"Auxiliares de salud a domicilio"]
[85101701,"Política de salud"]
[85101702,"Legislación o regulaciones sobre salud"]
[85101703,"Planificación de servicios médicos"]
[85101704,"Economía de la salud"]
[85101705,"Administración de salud pública"]
[85101706,"Servicios tradicionales de la atención de salud"]
[85101707,"Servicios de evaluación de sistemas de salud"]
[85111501,"Servicios de prevención o control del sida"]
[85111502,"Servicios de prevención o control de enfermedades parasitarias"]
[85111503,"Servicios de prevención o control de enfermedades causadas por hongos"]
[85111504,"Servicios de prevención o control de la tuberculosis"]
[85111505,"Servicios de prevención o control de la lepra"]
[85111506,"Servicios de prevención o control de enfermedades bacterianas"]
[85111507,"Servicios de prevención o control de enfermedades de transmisión sexual"]
[85111508,"Servicios de prevención o control de enfermedades virales"]
[85111509,"Servicios de prevención o control de enfermedades zoonóticas"]
[85111510,"Servicios de vacunación"]
[85111511,"Servicios de cuarentena"]
[85111512,"Servicios de inmunización"]
[85111513,"Servicios de desinsectación"]
[85111514,"Servicios de prevención o control de epidemias"]
[85111601,"Servicios de prevención o control de enfermedades óseas"]
[85111602,"Servicios de prevención o control de cáncer o leucemia"]
[85111603,"Servicios de prevención o control de enfermedades endocrinas"]
[85111604,"Servicios de prevención o control de enfermedades cardiovasculares"]
[85111605,"Servicios de prevención o control inmunológico"]
[85111606,"Servicios de prevención o control de alergias"]
[85111607,"Servicios de prevención o control de trastornos neurológicos"]
[85111608,"Servicios de prevención o control de enfermedades nutricionales"]
[85111609,"Servicios de prevención o control de la enfermedad por radiación"]
[85111610,"Servicios de prevención o control de enfermedades del sistema digestivo"]
[85111611,"Servicios de prevención o control de enfermedades oculares"]
[85111612,"Servicios de prevención o control de enfermedades respiratorias"]
[85111613,"Servicios de prevención o control de enfermedades tropicales"]
[85111614,"Servicios de prevención o control de enfermedades de la niñez"]
[85111615,"Servicios de prevención o control de enfermedades diarreicas"]
[85111616,"Servicios de prevención o control del alcoholismo"]
[85111617,"Servicios de prevención o control de la drogadicción"]
[85111701,"Servicios de manejo o control de garrapatas"]
[85111702,"Servicios de manejo o control de la mosca tsé- tsé"]
[85111703,"Servicios de manejo o control de bacterias"]
[85111704,"Servicios de manejo o control de mosquitos"]
[85121501,"Servicios de atención domiciliaria por médicos de atención primaria"]
[85121502,"Servicios de consulta de médicos de atención primaria"]
[85121503,"Servicios de control de médicos de atención primaria"]
[85121504,"Servicios médicos de emergencia de médicos de atención primaria"]
[85121601,"Servicios de ginecología y obstetricia"]
[85121602,"Servicios de nefrología"]
[85121603,"Servicios de cardiología"]
[85121604,"Servicios de especialistas pulmonares"]
[85121605,"Servicios de gastroenterólogos"]
[85121606,"Servicios geriátricos"]
[85121607,"Servicios de siquiatras"]
[85121608,"Servicios de psicología"]
[85121609,"Servicios de  cirugía"]
[85121610,"Servicios de oftalmólogos"]
[85121611,"Servicios de dermatología"]
[85121612,"Servicios de ortopedia"]
[85121613,"Servicios pediátricos"]
[85121614,"Servicios de especialista del sistema nervioso"]
[85121701,"Servicios de psicoterapeutas"]
[85121702,"Servicios de optómetras"]
[85121703,"Servicios de podiatras"]
[85121704,"Servicios de logopedas"]
[85121705,"Servicios de acupuntura"]
[85121706,"Servicios quiroprácticos"]
[85121801,"Servicios de laboratorios de análisis de sangre"]
[85121802,"Servicios de laboratorios bacteriológicos"]
[85121803,"Servicios de laboratorios biológicos"]
[85121804,"Servicios de laboratorios patológicos"]
[85121805,"Servicios de laboratorios de análisis de orina"]
[85121806,"Servicios de laboratorios neurológicos"]
[85121807,"Servicios de laboratorios de ultrasonido"]
[85121808,"Servicios de laboratorios de rayos x"]
[85121809,"Servicios de bancos de sangre, esperma u órganos de trasplante"]
[85121810,"Detección de drogas o alcohol"]
[85121901,"Servicios de preparación farmacéutica"]
[85121902,"Servicios farmacéuticos comerciales"]
[85122001,"Servicios de odontólogos"]
[85122002,"Servicios de higienistas dentales"]
[85122003,"Servicios de personal de apoyo odontológico"]
[85122004,"Servicios de cirujanos orales"]
[85122005,"Servicios de ortodoncia"]
[85122101,"Servicios de fisioterapia"]
[85122102,"Servicios de terapia ocupacional"]
[85122103,"Servicios de rehabilitación para el abuso de sustancias"]
[85122104,"Servicios de rehabilitación deportiva"]
[85122105,"Servicios de trastornos alimenticios"]
[85122106,"Servicios de lesiones cerebrales o de la médula espinal"]
[85122107,"Servicios de rehabilitación para personas invidentes o con problemas de vista"]
[85122108,"Terapia del habla o del lenguaje"]
[85122109,"Servicios de rehabilitación para personas con discapacidades crónicas"]
[85122201,"Valoración del estado de salud individual"]
[85131501,"Servicios de trasplante de órganos"]
[85131502,"Ensayos clínicos de medicamentos de uso humano"]
[85131503,"Experimentación con animales"]
[85131504,"Experimentación con humanos"]
[85131505,"Experimentación espacial"]
[85131601,"Temas relacionados con la eutanasia"]
[85131602,"Código de conducta médica"]
[85131603,"Sociedades médicas"]
[85131604,"Servicios internacionales de monitoreo de medicamentos"]
[85131701,"Servicios de investigación farmacéutica"]
[85131702,"Servicios de investigación bacteriológica"]
[85131703,"Servicios de investigación biomédica"]
[85131704,"Servicios de investigación cardiológica"]
[85131705,"Servicios de investigación anatómica"]
[85131706,"Servicios de investigaciones patológicas"]
[85131707,"Servicios de investigación embriológica"]
[85131708,"Servicios de investigación epidemiológica"]
[85131709,"Servicios de investigación genética"]
[85131710,"Servicios de investigación inmunológica"]
[85131711,"Servicios de investigación fisiológica"]
[85131712,"Servicios de investigación toxicológica"]
[85131713,"Servicios de investigación neurológica"]
[85141501,"Servicios de hechiceros o vudús"]
[85141502,"Servicios de curanderos"]
[85141503,"Chamanes"]
[85141504,"Trabajo con la energía"]
[85141601,"Servicios de medicina herbolaria  o de herbolarios"]
[85141602,"Curas médicas con algas o algas marinas"]
[85141603,"Servicios de curas con fuentes termales"]
[85141701,"Valoración del diagnóstico inicial"]
[85141702,"Consultas de remedios"]
[85151501,"Servicios de control de la higiene de los alimentos"]
[85151502,"Servicios de control de la contaminación de alimentos"]
[85151503,"Servicios de gestión o control de la conservación de los alimentos"]
[85151504,"Servicios de asesoría o control en la preparación de alimentos"]
[85151505,"Servicios de investigación alimentaria"]
[85151506,"Estudios sobre alimentos o hábitos alimentarios"]
[85151507,"Servicios de estándares de calidad o aditivos alimentarios"]
[85151508,"Servicios de análisis de alimentos"]
[85151509,"Servicios de legislación alimentaria"]
[85151601,"Servicios de programación de la nutrición"]
[85151602,"Política de lactancia materna  o alimentación con biberón"]
[85151603,"Servicios de rehabilitación nutricional"]
[85151604,"Evaluación de proyectos de nutrición"]
[85151605,"Estrategias de desarrollo alimentario o nutricional"]
[85151606,"Programas de control de deficiencias de la nutrición"]
[85151607,"Control o programas de dietas"]
[85151701,"Normas alimentarias"]
[85151702,"Servicios de sistemas de información de ayuda alimentaria global o alerta anticipada"]
[85151703,"Evaluación de las necesidades de alimentos de emergencia"]
[85151704,"Política o programas nacionales de intervención alimentaria"]
[85151705,"Evaluación del impacto nutricional de la ayuda alimentaria"]
[86101501,"Formación profesional para la agroindustria"]
[86101502,"Formación profesional para la industria láctea"]
[86101503,"Formación profesional para la industria cárnica"]
[86101504,"Servicios de formación profesional agrícola"]
[86101505,"Servicios de formación profesional para jóvenes rurales o granjeros"]
[86101506,"Servicios de formación profesional forestal"]
[86101507,"Servicios de formación profesional pesquera"]
[86101508,"Servicios de formación profesional ambiental"]
[86101509,"Servicios de formación profesional en recursos naturales"]
[86101601,"Servicios de formación profesional en informática"]
[86101602,"Servicios de formación profesional relacionada con la energía"]
[86101603,"Servicios de formación  profesional  en química"]
[86101604,"Servicios de formación  profesional en biología"]
[86101605,"Servicios de formación  profesional médica"]
[86101606,"Servicios de formación profesional en electrónica"]
[86101607,"Servicios de formación profesional en telecomunicaciones"]
[86101608,"Servicios de formación profesional en hidráulica"]
[86101609,"Servicios de formación profesional industrial"]
[86101610,"Servicios de formación profesional en ingeniería"]
[86101701,"Servicios de formación profesional en comunicaciones"]
[86101702,"Capacitación relacionada con el turismo"]
[86101703,"Capacitación sobre bibliotecas o documentación"]
[86101704,"Capacitación sobre cadenas de aprovisionamiento o suministro"]
[86101705,"Capacitación administrativa"]
[86101706,"Servicios de formación profesional en asistencia sanitaria"]
[86101707,"Servicios de formación profesional sobre cuidado personal"]
[86101708,"Servicios de alfabetización"]
[86101709,"Servicios de capacitación en seguridad"]
[86101710,"Servicios de formación pedagógica"]
[86101711,"Servicios de capacitación sobre la lucha contra incendios"]
[86101712,"Servicios de formación profesional en artesanías"]
[86101713,"Servicios de formación profesional en derecho"]
[86101714,"Servicios de formación profesional  en ejecución de la ley"]
[86101715,"Servicios de formación profesional en transporte por carretera o ferrocarril"]
[86101716,"Servicios de formación profesional en transporte marítimo"]
[86101801,"Formación de recursos humanos para el sector bancario o financiero"]
[86101802,"Servicios de capacitación en readiestramiento o repaso"]
[86101803,"Servicios de rehabilitación vocacional"]
[86101804,"Formación de recursos humanos para el sector  comercial"]
[86101805,"Formación de recursos humanos para el sector  industrial"]
[86101806,"Formación de recursos humanos para el sector de la salud"]
[86101807,"Formación de recursos humanos para el sector de gestión"]
[86101808,"Servicios de formación de recursos humanos para el sector  público"]
[86101809,"Servicios de formación profesional de la marina mercante"]
[86111501,"Servicios de orientación para el aprendizaje a distancia"]
[86111502,"Servicios de enseñanza a distancia"]
[86111503,"Servicios de aprendizaje diplomado a distancia"]
[86111504,"Servicios de aprendizaje no diplomado a distancia"]
[86111505,"Servicios de evaluación del aprendizaje a distancia"]
[86111601,"Cursos nocturnos"]
[86111602,"Servicios de educación de tiempo parcial para adultos"]
[86111603,"Educación para padres"]
[86111604,"Educación para empleados"]
[86111701,"Enseñanza de idiomas extranjeros basada en la conversación"]
[86111702,"Enseñanza de idiomas extranjeros por inmersión"]
[86111801,"Intercambios educativos entre universidades"]
[86111802,"Intercambios educativos entre escuelas"]
[86121501,"Servicios educativos preescolares"]
[86121502,"Escuelas religiosas de educación primaria o secundaria"]
[86121503,"Escuelas privadas de educación primaria o secundaria"]
[86121504,"Escuelas públicas de educación primaria o secundaria"]
[86121601,"Universidades (colleges) comunitarias de dos años"]
[86121602,"Institutos técnicos"]
[86121701,"Programas de pregrado"]
[86121702,"Programas de posgrado"]
[86121802,"Seminarios teológicos"]
[86121803,"Escuelas profesionales técnicas"]
[86121804,"Escuelas profesionales no técnicas"]
[86131501,"Estudios de teatro"]
[86131502,"Pintura"]
[86131503,"Esculturas"]
[86131504,"Estudios de medios de comunicación"]
[86131601,"Escuelas de música"]
[86131602,"Educación en baile"]
[86131603,"Estudios de arte dramático"]
[86131701,"Servicios de escuelas de enseñanza automovilística"]
[86131702,"Servicios de escuelas de aviación"]
[86131703,"Servicios de escuelas náuticas de yates y veleros"]
[86131801,"Academias de servicio"]
[86131802,"Escuelas de pilotos"]
[86131803,"Formación de policía militar"]
[86131804,"Escuela de guerra"]
[86131901,"Servicios de escolarización primaria para personas discapacitadas"]
[86131902,"Servicios de escolarización secundaria para personas discapacitadas"]
[86131903,"Escuelas especializadas para personas discapacitadas"]
[86131904,"Servicios de rehabilitación especializados para personas discapacitadas"]
[86141501,"Servicios de asesorías educativas"]
[86141502,"Servicios de orientación para la cooperación universitaria"]
[86141503,"Servicios de asesoría para estudios en el extranjero"]
[86141504,"Programas de reembolso de matrículas"]
[86141601,"Clubes de ocio para estudiantes"]
[86141602,"Sindicatos de estudiantes"]
[86141603,"Organizaciones para viajes de estudiantes"]
[86141701,"Laboratorios de idiomas"]
[86141702,"Tecnología audiovisual"]
[86141703,"Instrucción programada asistida por computador"]
[86141704,"Servicios de biblioteca o documentación"]
[90101501,"Restaurantes"]
[90101502,"Bares"]
[90101503,"Establecimientos de comida rápida"]
[90101504,"Vendedores callejeros de alimentos"]
[90101601,"Instalaciones para banquetes"]
[90101602,"Servicios de carpas para fiestas"]
[90101603,"Servicios de cáterin"]
[90101604,"Servicios de cáterin en la obra o lugar de trabajo"]
[90101701,"Administración de cafeterías al pie de obra"]
[90101801,"Comidas para llevar preparadas profesionalmente"]
[90101802,"Servicios de comidas a domicilio"]
[90111501,"Hoteles"]
[90111502,"Posadas o centros turísticos"]
[90111503,"Hospedajes de cama y desayuno"]
[90111504,"Servicios de alquiler de cabañas"]
[90111601,"Centros de conferencias"]
[90111602,"Instalaciones para videoconferencias"]
[90111603,"Salas de reuniones o banquetes"]
[90111604,"Marquesinas"]
[90111701,"Campin"]
[90111702,"Parques nacionales"]
[90111703,"Instalaciones de campin para vehículos recreativos"]
[90111801,"Habitación sencilla"]
[90111802,"Habitación doble"]
[90111803,"Suite"]
[90121501,"Servicios de organización de excursiones"]
[90121502,"Agencias de viajes"]
[90121503,"Servicios de fletamento"]
[90121601,"Servicios de pasaportes"]
[90121602,"Servicios de visas o de documentos complementarios"]
[90121701,"Guías locales o de excursiones"]
[90121702,"Intérpretes"]
[90131501,"Actuaciones u obras teatrales"]
[90131502,"Actuaciones de danza"]
[90131503,"Ópera"]
[90131504,"Conciertos"]
[90131601,"Películas cinematográficas"]
[90131602,"Entretenimiento grabado en video"]
[90141501,"Juego de liga"]
[90141502,"Eventos competitivos"]
[90141503,"Exposiciones"]
[90141601,"Eventos deportivos profesionales patrocinados por empresas"]
[90141602,"Eventos deportivos aficionados patrocinados por empresas"]
[90141603,"Servicios de promoción de eventos deportivos"]
[90141701,"Ligas deportivas juveniles de competencias"]
[90141702,"Ligas deportivas de adultos"]
[90141703,"Deportes juveniles"]
[90151501,"Museos"]
[90151502,"Lugares históricos o culturales"]
[90151503,"Parques zoológicos"]
[90151601,"Circos"]
[90151602,"Empresas de excursiones turísticas"]
[90151603,"Exposiciones de arte"]
[90151701,"Parques temáticos"]
[90151702,"Parques acuáticos"]
[90151703,"Campos de minigolf"]
[90151801,"Carnavales ambulantes"]
[90151802,"Servicios de organización o administración de ferias"]
[90151803,"Construcción o creación de pabellones de feria"]
[90151901,"Casinos"]
[90151902,"Clubes de cartas"]
[90151903,"Hipódromos"]
[90152001,"Clubes nocturnos"]
[90152002,"Salones de baile"]
[90152101,"Servicios de asistencia personal"]
[91101501,"Gimnasios o centros de salud"]
[91101502,"Spas"]
[91101503,"Servicios de masajes"]
[91101504,"Clases de aeróbicos o ejercicios"]
[91101505,"Baños turcos o de vapor o rituales"]
[91101601,"Tratamientos faciales o corporales"]
[91101602,"Consulta de maquillaje"]
[91101603,"Servicios de tatuajes"]
[91101604,"Servicios de pirsin corporal"]
[91101605,"Electrólisis"]
[91101701,"Servicios de corte y tinte de pelo"]
[91101702,"Servicios de extensiones o reemplazo de cabello"]
[91101801,"Alquiler de esmóquines o trajes de etiqueta"]
[91101802,"Alquiler de vestidos o  trajes de noche o de novia"]
[91101803,"Alquiler de disfraces"]
[91101901,"Asesor de colores"]
[91101902,"Estilista de moda"]
[91101903,"Asesor de vestuario"]
[91111501,"Alquiler de uniformes"]
[91111502,"Servicios de lavandería"]
[91111503,"Lavado en seco"]
[91111504,"Lavandería de autoservicio operadas con monedas"]
[91111601,"Servicios de ama de llaves"]
[91111602,"Servicios de cuidado de patios o piscinas"]
[91111603,"Servicios de cocina o preparación de comidas"]
[91111701,"Servicios de envío de ropa usada"]
[91111702,"Clubes o consorcios de trueque"]
[91111703,"Servicios de compra de vestuario"]
[91111801,"Servicios de valet"]
[91111802,"Concesiones de guardarropía"]
[91111803,"Alquiler de casilleros"]
[91111804,"Almacenamiento de pieles"]
[91111901,"Servicios de guardería para niños o bebés"]
[91111902,"Servicios de niñera o cuidado de niños"]
[91111903,"Servicios asistenciales diurnos para  ancianos"]
[91111904,"Servicios de vivienda asistida"]
[92101501,"Servicios de vigilancia"]
[92101502,"Equipos de armas y tácticas especiales swat o equipos antidisturbios"]
[92101503,"Programas de ayuda a la comunidad"]
[92101504,"Programas para la disuasión de delitos"]
[92101601,"Servicios contra incendios municipales o nacionales"]
[92101602,"Servicios de cuerpos de bomberos voluntarios"]
[92101603,"Servicios para la  prevención de incendios"]
[92101604,"Servicios contra incendios en bosques o tierras vírgenes"]
[92101701,"Servicios de cárcel o prisión o penitenciaría"]
[92101702,"Servicios de campamentos o instalaciones para jóvenes"]
[92101703,"Servicios de casas de paso"]
[92101704,"Instalaciones penales para discapacitados mentales"]
[92101801,"Servicios de comisario de policía"]
[92101802,"Acuerdos de reducción de pena"]
[92101803,"Costas o costos de procesos civiles"]
[92101804,"Multas u honorarios de procesos penales"]
[92101805,"Trámites de apelación o revisión judicial"]
[92101901,"Equipos de búsqueda y salvamento"]
[92101902,"Servicios de ambulancia"]
[92101903,"Servicios de helicópteros de salvamento"]
[92101904,"Servicios de salvavidas para piscina o playa"]
[92111501,"Mediación o conciliación o negociación o resolución de disputas"]
[92111502,"Operaciones de mantenimiento de la paz"]
[92111503,"Acuerdos de cese del fuego o supervisión de treguas"]
[92111504,"Misiones de investigación"]
[92111505,"Estrategias de prevención de la guerra"]
[92111506,"Contraterrorismo"]
[92111507,"Embargos"]
[92111601,"Limitación  de armamentos"]
[92111602,"Desarme de armas convencionales"]
[92111603,"Moratoria o desarme nuclear"]
[92111604,"Destrucción de armas"]
[92111605,"Negociaciones o acuerdos de desarme"]
[92111606,"Reducción de fuerza mutua o equilibrada."]
[92111701,"Historia militar"]
[92111702,"Uso de armas convencionales"]
[92111703,"Uso de armas químicas"]
[92111704,"Guerra de guerrillas"]
[92111705,"Estrategia militar"]
[92111706,"Maniobras aéreas"]
[92111707,"Maniobras navales o submarinas"]
[92111708,"Maniobras terrestres"]
[92111801,"Defensa civil"]
[92111802,"Servicio militar obligatorio"]
[92111803,"Servicio militar voluntario"]
[92111804,"Reservistas militares"]
[92111805,"Guerrillas"]
[92111806,"Mercenarios"]
[92111807,"Veteranos de guerra"]
[92111808,"Tribunales militares"]
[92111809,"Delitos militares"]
[92111810,"Personal militar"]
[92111901,"Seguridad nacional"]
[92111902,"Contratos de defensa"]
[92111903,"Política de no primer uso"]
[92111904,"Carrera armamentista"]
[92111905,"Relaciones militares"]
[92112001,"Zonas desmilitarizadas"]
[92112002,"Zonas libres de armas nucleares o químicas"]
[92112003,"Zonas de paz"]
[92112004,"Zonas de exclusión aérea"]
[92112101,"Salvaguardias nucleares"]
[92112102,"Ensayos de armas nucleares"]
[92112103,"No proliferación nuclear"]
[92112201,"Despliegue de armas"]
[92112202,"Reconocimiento militar"]
[92112203,"Transferencias de armamento"]
[92112204,"Asistencia militar"]
[92112205,"Retiradas de tropas"]
[92112206,"Fuerzas de despliegue rápido"]
[92112207,"Guerra ambiental"]
[92112301,"Bases militares nacionales"]
[92112302,"Bases militares extranjeras"]
[92112303,"Bases navales"]
[92112401,"Incidentes fronterizos"]
[92112402,"Guerra limitada"]
[92112403,"Guerra nuclear"]
[92112404,"Guerra basada en el espacio"]
[92112405,"Respuesta a ataques terroristas"]
[92121501,"Servicios de coches blindados"]
[92121502,"Servicios de protección contra robos"]
[92121503,"Alquiler de perros guardianes"]
[92121504,"Servicios de guardas de seguridad"]
[92121601,"Agencias de detectives"]
[92121602,"Servicios de huellas dactilares"]
[92121603,"Servicios de detección de mentiras"]
[92121604,"Servicios de investigación privada"]
[92121701,"Vigilancia o mantenimiento o monitoreo de alarmas"]
[92121702,"Mantenimiento o monitoreo de alarmas contra incendios"]
[92121703,"Servicios antirrobo para  tiendas o empresas"]
[92121704,"Mantenimiento o monitoreo de sistemas de vigilancia de confinamiento"]
[93101501,"Servicios de representación de partidos políticos"]
[93101502,"Servicios de recaudación de fondos de partidos políticos"]
[93101503,"Servicios de aparición pública de partidos políticos"]
[93101504,"Servicios de legislatura política"]
[93101505,"Poder judicial político o servicios"]
[93101506,"Poder ejecutivo político o servicios"]
[93101601,"Servicios de funcionarios del gabinete"]
[93101602,"Servicios de gobernadores"]
[93101603,"Servicios de jefes de estado"]
[93101604,"Servicios presidenciales"]
[93101605,"Servicios de primeros ministros"]
[93101606,"Servicios de monarcas"]
[93101607,"Servicios de estadistas"]
[93101608,"Servicios de miembros del parlamento"]
[93101701,"Servicios del consejo nacional"]
[93101702,"Estados corporativos"]
[93101703,"Servicios de redacción de proyectos de ley"]
[93101704,"Servicios de audiencias legislativas"]
[93101705,"Servicios de inteligencia"]
[93101706,"Servicios de legisladores"]
[93101707,"Servicios de práctica parlamentaria"]
[93111501,"Movimientos extremistas"]
[93111502,"Movimientos pacifistas"]
[93111503,"Movimientos de protesta"]
[93111504,"Movimientos clandestinos"]
[93111505,"Movimientos estudiantiles"]
[93111506,"Movimientos campesinos"]
[93111507,"Movimientos de oposición"]
[93111601,"Representación política"]
[93111602,"Participación política"]
[93111603,"Representación proporcional"]
[93111604,"Servicios de captación de votos"]
[93111605,"Servicios de registro de votantes o conteo o análisis o escrutinio"]
[93111606,"Servicios de participación o representación de grupos de presión"]
[93111607,"Servicios de análisis de elecciones"]
[93111608,"Servicios de organización de elecciones"]
[93121501,"Servicios diplomáticos"]
[93121502,"Servicios consulares"]
[93121503,"Servicios de seguridad para diplomáticos"]
[93121504,"Servicios de privilegios o inmunidad diplomática"]
[93121505,"Servicios de inmunidad estatal"]
[93121506,"Servicios de embajadas o embajadores"]
[93121507,"Servicios de organización de visitas de estado"]
[93121508,"Servicios de prescripción del derecho internacional"]
[93121509,"Servicios de promoción o reconocimiento del derecho internacional"]
[93121601,"Servicios de cooperación multilateral"]
[93121602,"Servicios de cooperación militar"]
[93121603,"Servicios de cooperación política"]
[93121604,"Servicios de cooperación económica internacional"]
[93121605,"Servicios de cooperación norte-sur"]
[93121606,"Servicios de cooperación este-oeste"]
[93121607,"Servicios de cooperación internacional"]
[93121608,"Servicio de enlace con organizaciones no gubernamentales"]
[93121609,"Cooperación de países no alineados"]
[93121610,"Cooperación de países alineados"]
[93121611,"Servicios de cooperación sobre delitos políticos"]
[93121612,"Cooperación sobre tratados de paz"]
[93121613,"Servicios de firma o adhesión o rectificación de tratados"]
[93121614,"Servicios de cooperación internacional sobre cursos de agua"]
[93121615,"Servicios de terceros de negociaciones o reclamaciones territoriales"]
[93121701,"Servicios del sistema de las organizaciones"]
[93121702,"Servicios del consejo de seguridad"]
[93121703,"Servicios del consejo económico y social"]
[93121704,"Servicios de la secretaría"]
[93121705,"Servicios del consejo de administración fiduciaria"]
[93121706,"Servicios de la asamblea general"]
[93121707,"Servicios de la corte internacional de justicia"]
[93121708,"Servicios de organizaciones políticas internacionales"]
[93121709,"Servicios de organizaciones internacionales de beneficencia"]
[93121710,"Servicios de organizaciones internacional de ayuda humanitaria"]
[93121711,"Servicios de organizaciones internacionales de salud"]
[93131501,"Servicios de protección de los derechos humanos"]
[93131502,"Servicios de promoción de los derechos humanos"]
[93131503,"Servicios de educación o divulgación de información sobre derechos humanos"]
[93131504,"Servicios de asistencia de emergencia a refugiados"]
[93131505,"Servicios de campos de refugiados"]
[93131506,"Servicios de reasentamientos o repatriación de refugiados"]
[93131507,"Servicios de asistencia a desplazados"]
[93131601,"Programas de erradicación del hambre"]
[93131602,"Servicios de suministro de alimentos de emergencia"]
[93131603,"Servicios del programa mundial de alimentos"]
[93131604,"Servicios de la organización para la alimentación y la agricultura"]
[93131605,"Servicios del fondo común para los  productos básicos"]
[93131606,"Servicios del fondo internacional para el desarrollo agrícola"]
[93131607,"Servicios de distribución de alimentos"]
[93131608,"Servicios de suministro de alimentos"]
[93131609,"Políticas o programas de ayuda alimentaría"]
[93131610,"Servicios de planificación de alimentos"]
[93131611,"Servicios de seguridad alimentaria"]
[93131612,"Administración de reservas alimentarias"]
[93131613,"Servicios de control o  administración de excedentes o escasez de alimentos"]
[93131701,"Campañas contra el tabaco"]
[93131702,"Programas de sanidad"]
[93131703,"Programas de investigación"]
[93131704,"Servicios de prevención o control de enfermedades"]
[93131705,"Programas de prevención o control de abuso de drogas"]
[93131801,"Servicios de prevención de desastres"]
[93131802,"Servicios de respuesta contra desastres"]
[93131803,"Servicios de viviendas de emergencia"]
[93141501,"Servicios de política social"]
[93141502,"Servicios de legislación de seguridad social"]
[93141503,"Servicios de planificación social"]
[93141504,"Servicios de cuidado en hogares adoptivos u orfanatos"]
[93141505,"Servicios de adopción"]
[93141506,"Servicios de bienestar social"]
[93141507,"Servicios de administración del trabajo social"]
[93141508,"Gestión de servicios de voluntariado"]
[93141509,"Servicios de análisis o gestión de problemas sociales"]
[93141510,"Estudios de estructura sociales o servicios relacionados"]
[93141511,"Estudios de grupos sociales o servicios relacionados"]
[93141512,"Servicios de organizaciones o movimientos juveniles"]
[93141513,"Servicios de legislación o justicia social"]
[93141514,"Servicios socioculturales"]
[93141601,"Servicios de censo de la población"]
[93141602,"Servicios de estudios de muestras de población"]
[93141603,"Servicios de notificación de nacimientos o control de natalidad"]
[93141604,"Servicios de control de la población"]
[93141605,"Servicios de tendencias o proyecciones de la población"]
[93141606,"Servicios de estadísticas de natalidad"]
[93141607,"Servicios de investigación o estadística matrimonial"]
[93141608,"Servicios de distribución o análisis de la población"]
[93141609,"Servicios de análisis de la composición de la población"]
[93141610,"Estudios demográficos"]
[93141611,"Análisis o servicios de inmigración"]
[93141612,"Programas o servicios de planificación familiar"]
[93141613,"Análisis de reproducción humana"]
[93141701,"Organizaciones de eventos culturales"]
[93141702,"Servicios de promoción cultural"]
[93141703,"Servicios relacionados con el arte"]
[93141704,"Servicios de composición de canciones"]
[93141705,"Servicios de redacción literaria"]
[93141706,"Servicios de protección de minorías"]
[93141707,"Servicios de preservación o  promoción del patrimonio cultural"]
[93141708,"Servicios de museos"]
[93141709,"Servicios de política cultural"]
[93141710,"Servicios de lenguas arcaicas o indígenas"]
[93141711,"Servicios de promoción de artesanías tradicionales"]
[93141712,"Servicios de protección de la propiedad intelectual o cultural"]
[93141713,"Servicios de protección de sitios históricos o monumentos"]
[93141714,"Mitología"]
[93141801,"Servicios de promoción o planificación del empleo"]
[93141802,"Servicios de reclutamiento"]
[93141803,"Servicios de estándares laborales internacionales"]
[93141804,"Servicios de registros laborales internacionales"]
[93141805,"Servicios de desempleo"]
[93141806,"Servicios de estadísticas o predicciones del empleo"]
[93141807,"Acuerdos sobre horarios laborales"]
[93141808,"Servicios de seguridad o salud ocupacional"]
[93141810,"Servicios de perspectivas de desarrollo profesional"]
[93141811,"Servicios de promoción"]
[93141812,"Servicios de inspección laboral"]
[93141813,"Servicios del consejo del trabajo"]
[93141814,"Servicios laborales internacionales"]
[93141901,"Servicios bancarios comerciales agrícolas"]
[93141902,"Servicios de inversión rural"]
[93141903,"Servicios de organización o gestión de instituciones agrícolas"]
[93141904,"Servicios de cooperativas agrícolas o rurales"]
[93141905,"Servicios de investigación agrícola"]
[93141906,"Servicios de organizaciones de agricultores o campesinos"]
[93141907,"Servicios de mujeres en la producción agrícola o desarrollo rural"]
[93141908,"Servicios de reforma agraria o colonización"]
[93141909,"Servicios de administración de la tierra"]
[93141910,"Servicios para el desarrollo insular"]
[93142001,"Servicios de planificación de la ordenación urbana"]
[93142002,"Servicios de administración de tierras urbanas"]
[93142003,"Servicios de programación de inversiones urbanas"]
[93142004,"Servicios de reestructuración de  barrios marginales"]
[93142005,"Servicios de alumbrado urbano"]
[93142006,"Servicios de control o regulación del desarrollo urbano"]
[93142007,"Servicios de estándares o regulación de edificios urbanos"]
[93142008,"Servicios comunitarios urbanos"]
[93142009,"Servicios de administración o gestión de proyectos o programas urbanos"]
[93142101,"Servicios de planificación de desarrollo regional"]
[93142102,"Servicios de cooperación económica"]
[93142103,"Servicios de cooperación técnica"]
[93142104,"Servicios de planificación sectorial"]
[93151501,"Servicios financieros o de  gestión administrativa de empresas  públicas"]
[93151502,"Servicios de sistemas de información o control de empresas públicas"]
[93151503,"Programas de privatización"]
[93151504,"Servicios de reforma administrativa"]
[93151505,"Servicios de organismos administrativos"]
[93151506,"Servicios de consejos económicos administrativos"]
[93151507,"Procedimientos o servicios administrativos"]
[93151508,"Servicios de departamentos gubernamentales"]
[93151509,"Servicios gubernamentales de información"]
[93151510,"Servicios recaudación de  impuestos o tasas administrativas"]
[93151511,"Servicios de ratificación o implementación de leyes administrativas"]
[93151512,"Servicios de instituciones públicas"]
[93151513,"Servicios de sociedades anónimas públicas multinacionales"]
[93151514,"Servicios de defensoría del pueblo (ombudsman)"]
[93151515,"Servicios de planificación  nacional"]
[93151601,"Servicios de preparación del presupuesto de programas"]
[93151602,"Servicios gubernamentales de preparación del presupuesto"]
[93151603,"Gestión presupuestal o de inversiones públicas"]
[93151604,"Servicios de preparación del presupuesto de gastos militares"]
[93151605,"Servicios financieros gubernamentales"]
[93151606,"Servicios gubernamentales de contabilidad"]
[93151607,"Servicios gubernamentales de auditoría"]
[93151608,"Servicios bancarios gubernamentales o centrales"]
[93151609,"Servicios de loterías"]
[93151610,"Servicios de recaudación de impuestos"]
[93151611,"Subsidios"]
[93151701,"Monedas o acuñación"]
[93151702,"Billetes nacionales"]
[93161501,"Impuesto nacional sobre la renta"]
[93161502,"Impuesto municipal sobre la renta"]
[93161503,"Impuesto sobre el incremento de capital"]
[93161504,"Impuesto sobre beneficios extraordinarios"]
[93161601,"Impuesto sobre los bienes"]
[93161602,"Impuesto sobre la tierra"]
[93161603,"Impuesto al valor agregado (iva)"]
[93161604,"Impuesto sobre nóminas"]
[93161605,"Impuesto sobre las ventas"]
[93161606,"Impuesto de seguridad social"]
[93161607,"Impuesto a la sucesión o sobre transferencia de propiedad"]
[93161701,"Recaudación de impuestos"]
[93161702,"Incentivos tributarios"]
[93161703,"Sistemas tributarios"]
[93161704,"Administración de ingresos tributarios"]
[93161801,"Reforma tributaria"]
[93161802,"Política fiscal"]
[93161803,"Investigación tributaria"]
[93161804,"Crédito fiscal de inversión"]
[93161805,"Deducciones tributarias"]
[93161806,"Evasión fiscal"]
[93161807,"Refugios o paraísos fiscales"]
[93161808,"Declaración de renta"]
[93171501,"Acuerdos comerciales"]
[93171502,"Negociaciones comerciales"]
[93171503,"Formulación de políticas nacionales de productos básicos"]
[93171504,"Desarrollo de pequeñas industrias"]
[93171601,"Acuerdos internacionales sobre productos básicos"]
[93171602,"Política de exportación"]
[93171603,"Políticas o procedimientos de comercio mundial"]
[93171604,"Acuerdos comerciales bilaterales"]
[93171701,"Convenciones aduaneras"]
[93171702,"Trámites aduaneros"]
[93171703,"Delitos aduaneros"]
[93171801,"Proyecciones comerciales"]
[93171802,"Proyecciones de la balanza comercial"]
[93171803,"Estadísticas comerciales"]
[94101501,"Asociaciones de la industria agrícola"]
[94101502,"Asociaciones reguladoras"]
[94101503,"Asociaciones empresariales sectoriales"]
[94101504,"Asociaciones empresariales internacionales"]
[94101505,"Asociaciones de empleadores"]
[94101601,"Asociaciones de odontólogos"]
[94101602,"Asociaciones de médicos"]
[94101603,"Asociaciones de enfermeras"]
[94101604,"Asociaciones de contadores"]
[94101605,"Asociaciones de arquitectos"]
[94101606,"Colegios de abogados"]
[94101607,"Asociaciones educativas o de profesores"]
[94101608,"Asociaciones de ingenieros"]
[94101609,"Asociaciones científicas"]
[94101610,"Juntas de revisión de estándares profesionales"]
[94101701,"Clubes de ocio del personal"]
[94101702,"Asociaciones deportivas del personal"]
[94101703,"Asociaciones de personal femenino"]
[94101704,"Asociaciones de personal pensionado"]
[94101705,"Asociaciones de personal administrativo"]
[94101801,"Sindicatos de obreros o trabajadores generales"]
[94101802,"Servicios de activistas sindicales"]
[94101803,"Servicios sindicales de información"]
[94101804,"Sindicatos de transportadores"]
[94101805,"Sindicatos de profesores"]
[94101806,"Sindicatos de personal médico"]
[94101807,"Sindicatos de empleadores"]
[94101808,"Sindicatos de funcionarios"]
[94101809,"Sindicatos de servicios de asistencia personal"]
[94101810,"Sindicatos de aviación"]
[94111701,"Residencias religiosas privadas"]
[94111702,"Residencias de comunidades religiosas"]
[94111703,"Residencias para retiros religiosos"]
[94111704,"Residencias religiosas temporales"]
[94111801,"Organizaciones o servicios de peregrinaje a la meca"]
[94111802,"Organizaciones o servicios de peregrinaje al vaticano"]
[94111803,"Servicios de asistencia para viajes de peregrinaje"]
[94111804,"Servicios de operadores turísticos de peregrinaje"]
[94111901,"Servicios de órdenes religiosas"]
[94111902,"Servicios de misioneros evangélicos"]
[94111903,"Servicios misioneros educativos"]
[94112001,"Servicios relacionados con el hinduismo"]
[94112002,"Servicios relacionados con el budismo"]
[94112003,"Servicios relacionados con el cristianismo"]
[94112004,"Servicios relacionados con el islamismo"]
[94112005,"Servicios relacionados con el judaísmo"]
[94121501,"Clubes de deportes en hielo"]
[94121502,"Clubes deportivos de vela o natación"]
[94121503,"Clubes deportivos de caza o tiro"]
[94121504,"Clubes deportivos de campos al aire libre"]
[94121505,"Clubes deportivos de canchas cubiertas o al aire libre"]
[94121506,"Clubes deportivos de invierno"]
[94121507,"Clubes deportivos de playa o acuáticos"]
[94121508,"Clubes deportivos de ciclismo"]
[94121509,"Clubes deportivos de montañismo"]
[94121510,"Clubes deportivos de carreras"]
[94121511,"Clubes deportivos de vuelo"]
[94121512,"Clubes deportivos profesionales o semiprofesionales"]
[94121513,"Servicios de operadores de eventos en estadios"]
[94121514,"Servicios de promotores o directores técnicos de clubes deportivos"]
[94121601,"Clubes de aficionados a los juegos de cartas"]
[94121602,"Clubes de artesanías"]
[94121603,"Clubes de aficionados a la poesía o la literatura"]
[94121604,"Clubes de aficionados a la cocina"]
[94121605,"Clubes de aficionados a la jardinería"]
[94121606,"Club de aficionados al coleccionismo"]
[94121607,"Club de exploradores (scouts)"]
[94121701,"Clubes o servicios para aficionados al teatro"]
[94121702,"Clubes o servicios para aficionados a la música"]
[94121703,"Clubes o servicios para aficionados al baile a la danza"]
[94121704,"Clubes o servicios para aficionados a las bellas artes"]
[94121801,"Clubes juveniles"]
[94121802,"Clubes para la tercera edad"]
[94121803,"Clubes para reuniones sociales"]
[94121804,"Clubes sociales para personas discapacitadas"]
[94121805,"Clubes sociales para veteranos de guerra"]
[94131501,"Servicios ambientales no gubernamentales"]
[94131502,"Servicios no gubernamentales de ayuda de emergencia"]
[94131503,"Servicios no gubernamentales de asistencia técnica"]
[94131504,"Servicios no gubernamentales de ayuda al desarrollo"]
[94131601,"Servicios de albergue de organizaciones de beneficencia"]
[94131602,"Servicios de socorro alimentario"]
[94131603,"Servicios de asistencia legal"]
[94131604,"Servicios de movilización de recursos"]
[94131605,"Servicios de asistencia de ayuda internacional"]
[94131606,"Servicios de orfanatos o adopción"]
[94131607,"Organizaciones de asistencia a los adultos mayores"]
[94131608,"Organizaciones de asistencia a presos"]
[94131701,"Asociaciones ecologistas radicales"]
[94131702,"Asociaciones ecofeministas"]
[94131703,"Organizaciones políticas ecológicas"]
[94131704,"Movimientos o servicios de activistas ecológicos"]
[94131801,"Movimientos de homosexuales, lesbianas, bisexuales o transexuales"]
[94131802,"Movimientos antirracistas"]
[94131803,"Movimientos para la  liberación femenina"]
[94131804,"Asociaciones fraternales"]
[94131805,"Servicios de preservación cultural de las minorías étnicas"]
[94131901,"Movimientos para la liberación de animales"]
[94131902,"Asociaciones para la protección de las especies en peligro de extinción"]
[94131903,"Asociaciones para la protección de animales amenazados"]
[94132001,"Servicios de defensa de los derechos de los niños"]
[94132002,"Servicios de defensa de los presos"]
[94132003,"Asociaciones para la defensa de la tortura física o mental"]
[94132004,"Asociaciones para la defensa de la libertad de expresión"]
[94132005,"Asociaciones de defensa del derecho de voto"]

{"sheet":"ProcedureTemplate","index":4,"n_rows":10,"n_cols":10,"rows_kept":10,"hidden":true,"merged":[[2,0,5,0],[2,3,5,3]]}
["NOMBRE O REFERENCIA DE CONTRATACIÓN","FINALIDAD DE LA CONTRATACIÓN","OBJETO DE CONTRATACIÓN","PROCEDIMIENTO DE SELECCIÓN","DESTINADO A MIPYMES","CÓDIGO SNIP"]
[]
["FECHA DE NECESSIDAD","FECHA INICIO PROCESO DE COMPRA",null,"LUGAR DE EJECUCIÓN / ENTREGA","Región"]
[null,"TRIMESTRE",{"$f":"IF(C3=\"\",\"\",IF(AND(MONTH(C3)>=1,MONTH(C3)<=3),1,IF(AND(MONTH(C3)>=4,MONTH(C3)<=6),2,IF(AND(MONTH(C3)>=7,MONTH(C3)<=9),3,4))))","v":""},null,"Provincia"]
[null,"FECHA PREVISTA ADJUDICACIÓN",null,null,"Municipio"]
[null,"TRIMESTRE",{"$f":"IF(C5=\"\",\"\",IF(AND(MONTH(C5)>=1,MONTH(C5)<=3),1,IF(AND(MONTH(C5)>=4,MONTH(C5)<=6),2,IF(AND(MONTH(C5)>=7,MONTH(C5)<=9),3,4))))","v":""},null,"Distrito Municipal"]
[]
["CÓDIGO CATÁLOGO","ARTÍCULO","UNIDAD DE MEDIDA","CANTIDAD TOTAL ESTIMADA","PRECIO UNITARIO ESTIMADO","MONTO TOTAL ESTIMADO"]
[null,{"$f":"IFERROR(INDEX(UNSPSCDes,MATCH(INDIRECT(ADDRESS(ROW(),COLUMN()-1,4)),UNSPSCCode,0)),\"\")","v":""},{"$nulls":3},{"$f":"INDIRECT(ADDRESS(ROW(),COLUMN()-2,4))*INDIRECT(ADDRESS(ROW(),COLUMN()-1,4))","v":0}]
[{"$nulls":4},"TOTAL COMPRA ESTIMADA",{"$f":"SUM(Table3[MONTO TOTAL ESTIMADO])","v":0},null,{"$f":"C2","v":0},{"$f":"E2","v":0},{"$f":"D2","v":0}]